{"text_format":"3","workbook":"xlsx","n_sheets":1,"sheets":["Sheet1"],"not_rendered":{"defined_names":1},"read":"whole","date_system":"1900"}

{"sheet":"Sheet1","index":0,"n_rows":15567,"n_cols":8,"rows_kept":4500,"cut":true,"merged":[[0,0,0,7],[1,0,1,7],[2,2,2,3],[2,4,2,5],[3,0,3,7]],"bounds":{"rows_first":2000,"rows_last":500,"rows_between":2000,"halvings":0}}
["DIRECCION DE LOGISTICA"]
["GERENCIA DE ALMACEN"]
[]
["Relación de inventario a MARZO 31 2025"]
[]
[]
["Material","Texto breve de material","Centro","Central","Unidad medida base","Cantidad","Precio Unidad","Valor libre util."]
["10001497","CABLE DE 24 HILOS X 1.50MM TRANZADO","2008","HATILLO","UN",1,{"$f":"+H8/F8","v":125},{"v":125,"d":"125.00"}]
["10001502","FUSIBLE 500V 10AMP","2005","MONCION","UN",9,{"$f":"+H9/F9","v":0},{"v":0,"d":"0.00"}]
["10001503","FUSIBLE 500V 63AMP SJSB 50X20MM","2008","HATILLO","UN",20,{"$f":"+H10/F10","v":63.15},{"v":1263,"d":"1,263.00"}]
["10001505","FUSIBLE 500V 80AMP NHOO ETERM","2008","HATILLO","UN",3,{"$f":"+H11/F11","v":204.79999999999998},{"v":614.4,"d":"614.40"}]
["10001507","FUSIBLE CARTUCHO 500V 4A C63211 14X51 CM","2021","SABANETA","UN",61,{"$f":"+H12/F12","v":0},{"v":0,"d":"0.00"}]
["10001509","FUSIBLE 500V 400AMP TIPO A50 P400-4","2008","HATILLO","UN",18,{"$f":"+H13/F13","v":29.900000000000002},{"v":538.2,"d":"538.20"}]
["10001512","VALVULA CHECK EN BRONCE 2 PLG","2015","JIGüEY","UN",2,{"$f":"+H14/F14","v":0},{"v":0,"d":"0.00"}]
["10001515","JUNTA DE CARBON","2008","HATILLO","UN",36,{"$f":"+H15/F15","v":0},{"v":0,"d":"0.00"}]
["10001525","JUNTA NO. 2152-850-2","2008","HATILLO","UN",6,{"$f":"+H16/F16","v":140.15},{"v":840.9,"d":"840.90"}]
["10001530","JUNTA 2152-038-889","2008","HATILLO","UN",3,{"$f":"+H17/F17","v":65.14999999999999},195.45]
["10001531","JUNTA DE CORCHO REF. 1638015-3","2008","HATILLO","UN",3,{"$f":"+H18/F18","v":137.09},411.27]
["10001533","BIELETA PARA LA TURBINA REF.320","2008","HATILLO","UN",35,{"$f":"+H19/F19","v":32.15},{"v":1125.25,"d":"1,125.25"}]
["10001534","RESORTES P/REGULADOR TURBINA","2028","BRAZO DERECHO","UN",3,{"$f":"+H20/F20","v":1},{"v":3,"d":"3.00"}]
["10001542","FUSIBLE TIPO CARTUCHO 60AMP-250V","2010","JIMENOA","UN",6,{"$f":"+H21/F21","v":0.01},0.06]
["10001565","CORREA TIPO 8L4526 PARA PLANTA DIESEL","2008","HATILLO","UN",7,{"$f":"+H22/F22","v":400},{"v":2800,"d":"2,800.00"}]
["10001569","FUSIBLE DE 30 AMP. A 600 VOLT.","2008","HATILLO","UN",8,{"$f":"+H23/F23","v":30},{"v":240,"d":"240.00"}]
["10001570","TUBO FLUORESCENTE DE 40W 120V","2015","JIGüEY","UN",64,{"$f":"+H24/F24","v":0},{"v":0,"d":"0.00"}]
["10001570","TUBO FLUORESCENTE DE 40W 120V","2020","SABANA YEGUA","UN",77,{"$f":"+H25/F25","v":0},{"v":0,"d":"0.00"}]
["10001572","FILTRO DE ACEITE P/ SISTEMA REGULACION","2008","HATILLO","UN",86,{"$f":"+H26/F26","v":0},{"v":0,"d":"0.00"}]
["10001572","FILTRO DE ACEITE P/ SISTEMA REGULACION","2021","SABANETA","UN",3,{"$f":"+H27/F27","v":0.01},0.03]
["10001573","PINTURA VERDE TILO","2024","MAGUEYAL","UN",4,{"$f":"+H28/F28","v":0.01},0.04]
["10001574","VALVULA DE SEGURIDAD 1 1/8 PLG","2008","HATILLO","UN",1,{"$f":"+H29/F29","v":0},{"v":0,"d":"0.00"}]
["10001575","CURVA MT DE 1/2\"","2017","VALDESIA","UN",4,{"$f":"+H30/F30","v":90},{"v":360,"d":"360.00"}]
["10001582","MASCARILLAS PARA GASES CON DOBLE FILTRO","2000","SUMINISTRO HIDRO","UN",2,{"$f":"+H31/F31","v":0.01},0.02]
["10001582","MASCARILLAS PARA GASES CON DOBLE FILTRO","2004","BAIGUAQUE","UN",1,{"$f":"+H32/F32","v":0.01},0.01]
["10001582","MASCARILLAS PARA GASES CON DOBLE FILTRO","2015","JIGüEY","UN",2,{"$f":"+H33/F33","v":0.01},0.02]
["10001582","MASCARILLAS PARA GASES CON DOBLE FILTRO","2022","DOMINGO RODRIGUEZ","UN",2,{"$f":"+H34/F34","v":0.01},0.02]
["10001582","MASCARILLAS PARA GASES CON DOBLE FILTRO","2024","MAGUEYAL","UN",7,{"$f":"+H35/F35","v":0.01},0.07]
["10001588","ACEITE 68","2003","ANGOSTURA","UN",110,{"$f":"+H36/F36","v":0},{"v":0,"d":"0.00"}]
["10001589","GUANTES PARA OBREROS CORTO","2000","SUMINISTRO HIDRO","UN",60,{"$f":"+H37/F37","v":173.46},{"v":10407.6,"d":"10,407.60"}]
["10001589","GUANTES PARA OBREROS CORTO","2004","BAIGUAQUE","UN",10,{"$f":"+H38/F38","v":0},{"v":0,"d":"0.00"}]
["10001589","GUANTES PARA OBREROS CORTO","2005","MONCION","UN",2,{"$f":"+H39/F39","v":0},{"v":0,"d":"0.00"}]
["10001591","CINTURONES D/SEGURIDAD","2008","HATILLO","UN",2,{"$f":"+H40/F40","v":0},{"v":0,"d":"0.00"}]
["10001598","CODO 1 1/4 X 90 HIERRO NEGRO #150","2001","C.CONTROL HIDRO","UN",1,{"$f":"+H41/F41","v":0},{"v":0,"d":"0.00"}]
["10001606","TUBO HIERRO NEGRO 2\"","2022","DOMINGO RODRIGUEZ","UN",36,{"$f":"+H42/F42","v":0.01},0.36]
["10001610","CORREA 9325- 12.5 x 13MM x 835MM","2008","HATILLO","UN",1,{"$f":"+H43/F43","v":1},{"v":1,"d":"1.00"}]
["10001612","TEE DE HIERRO DE 1\"","2021","SABANETA","UN",4,{"$f":"+H44/F44","v":0},{"v":0,"d":"0.00"}]
["10001613","TEE DE HIERRO DE 3/4 PLG","2008","HATILLO","UN",14,{"$f":"+H45/F45","v":1},{"v":14,"d":"14.00"}]
["10001613","TEE DE HIERRO DE 3/4 PLG","2024","MAGUEYAL","UN",18,{"$f":"+H46/F46","v":0},{"v":0,"d":"0.00"}]
["10001614","\"TEE DE HIERRO DE 1/2\"\"\"","2005","MONCION","UN",3,{"$f":"+H47/F47","v":0},{"v":0,"d":"0.00"}]
["10001615","\"TEE DE HIERRO DE 1 1/2\"\"\"","2025","LAS DAMAS","UN",1,{"$f":"+H48/F48","v":0},{"v":0,"d":"0.00"}]
["10001617","CURVA HG 3/4\"","2027","PALOMINO","UN",5,{"$f":"+H49/F49","v":1},{"v":5,"d":"5.00"}]
["10001657","UNION UNIVERSAL 1'' GALVANIZADO","2020","SABANA YEGUA","UN",7,{"$f":"+H50/F50","v":1},{"v":7,"d":"7.00"}]
["10001658","UNION UNIVERSAL HG 1 1/2\"","2020","SABANA YEGUA","UN",5,{"$f":"+H51/F51","v":1},{"v":5,"d":"5.00"}]
["10001658","UNION UNIVERSAL HG 1 1/2\"","2021","SABANETA","UN",9,{"$f":"+H52/F52","v":0},{"v":0,"d":"0.00"}]
["10001658","UNION UNIVERSAL HG 1 1/2\"","2024","MAGUEYAL","UN",1,{"$f":"+H53/F53","v":0.01},0.01]
["10001659","UNION UNIVERSAL HG 1 1/4''","2005","MONCION","UN",1,{"$f":"+H54/F54","v":0},{"v":0,"d":"0.00"}]
["10001659","UNION UNIVERSAL HG 1 1/4''","2007","RINCON","UN",12,{"$f":"+H55/F55","v":0},{"v":0,"d":"0.00"}]
["10001659","UNION UNIVERSAL HG 1 1/4''","2020","SABANA YEGUA","UN",7,{"$f":"+H56/F56","v":1},{"v":7,"d":"7.00"}]
["10001659","UNION UNIVERSAL HG 1 1/4''","2021","SABANETA","UN",1,{"$f":"+H57/F57","v":0},{"v":0,"d":"0.00"}]
["10001660","UNION UNIVERSAL D/3/4'' ACERO (NEGRO)","2015","JIGüEY","UN",20,{"$f":"+H58/F58","v":0.01},{"v":0.2,"d":"0.20"}]
["10001663","NIPLE HG 1 PLG","2010","JIMENOA","UN",1,{"$f":"+H59/F59","v":0.01},0.01]
["10001669","RELE D/CONTROL  A 208V AC 60HZ 20<2A","2009","RIO BLANCO","UN",6,{"$f":"+H60/F60","v":1},{"v":6,"d":"6.00"}]
["10001671","AISLADORES BOUELITAS CIRCULARES","2008","HATILLO","UN",6,{"$f":"+H61/F61","v":1},{"v":6,"d":"6.00"}]
["10001682","CODO PVC SCH-40 1/2 PLG","2008","HATILLO","UN",17,{"$f":"+H62/F62","v":1},{"v":17,"d":"17.00"}]
["10001682","CODO PVC SCH-40 1/2 PLG","2010","JIMENOA","UN",2,{"$f":"+H63/F63","v":0.01},0.02]
["10001682","CODO PVC SCH-40 1/2 PLG","2023","LOS TOROS","UN",4,{"$f":"+H64/F64","v":0},{"v":0,"d":"0.00"}]
["10001683","CODO DE 3/4 PLG A 45º","2010","JIMENOA","UN",1,{"$f":"+H65/F65","v":1},{"v":1,"d":"1.00"}]
["10001684","FILTRO DE GASOLINA FRAM P1104","2008","HATILLO","UN",1,{"$f":"+H66/F66","v":1},{"v":1,"d":"1.00"}]
["10001688","VALVULA DE GALLETA 2 PLG/150W","2005","MONCION","UN",1,{"$f":"+H67/F67","v":0},{"v":0,"d":"0.00"}]
["10001688","VALVULA DE GALLETA 2 PLG/150W","2011","PINALITO","UN",1,{"$f":"+H68/F68","v":0},{"v":0,"d":"0.00"}]
["10001690","NIPLE ACERO INOXI 1/2\"","2009","RIO BLANCO","UN",2,{"$f":"+H69/F69","v":0},{"v":0,"d":"0.00"}]
["10001690","NIPLE ACERO INOXI 1/2\"","2025","LAS DAMAS","UN",1,{"$f":"+H70/F70","v":0},{"v":0,"d":"0.00"}]
["10001692","CONTACTOR  110V/60HZ","2008","HATILLO","UN",1,{"$f":"+H71/F71","v":0},{"v":0,"d":"0.00"}]
["10001694","ESCOBILLA PARA GENERADOR 32X25X50","2008","HATILLO","UN",23,{"$f":"+H72/F72","v":12024.15},{"v":276555.45,"d":"276,555.45"}]
["10001704","CASQUILLO DE PARA BIELETA","2008","HATILLO","UN",69,{"$f":"+H73/F73","v":450},{"v":31050,"d":"31,050.00"}]
["10001707","CASQUILLO DE BRONCE DE 100X86X84 PARTE","2008","HATILLO","UN",38,{"$f":"+H74/F74","v":42.15},{"v":1601.7,"d":"1,601.70"}]
["10001708","CASQUILLO DE BRONCE DE 100X86X70 PART","2008","HATILLO","UN",40,{"$f":"+H75/F75","v":53.94},{"v":2157.6,"d":"2,157.60"}]
["10001709","COJINETE GUIA DE LA TURBINA","2015","JIGüEY","UN",4,{"$f":"+H76/F76","v":0},{"v":0,"d":"0.00"}]
["10001711","MANOMETRO DEPRESIÓN DE 0 A 10 BAR","2016","AGUACATE","UN",1,{"$f":"+H77/F77","v":0},{"v":0,"d":"0.00"}]
["10001711","MANOMETRO DEPRESIÓN DE 0 A 10 BAR","2027","PALOMINO","UN",1,{"$f":"+H78/F78","v":1},{"v":1,"d":"1.00"}]
["10001719","CONTACTO NO.2658-982-B","2008","HATILLO","UN",18,{"$f":"+H79/F79","v":63.150000000000006},{"v":1136.7,"d":"1,136.70"}]
["10001726","PIÑON 400 MM P/GRUA 25 TONELADA","2008","HATILLO","UN",2,{"$f":"+H80/F80","v":10800},{"v":21600,"d":"21,600.00"}]
["10001741","RODAMIENTO NO.6308","2025","LAS DAMAS","UN",1,{"$f":"+H81/F81","v":0},{"v":0,"d":"0.00"}]
["10001743","RODAMIENTO NO.6201","2005","MONCION","UN",1,{"$f":"+H82/F82","v":0},{"v":0,"d":"0.00"}]
["10001745","UNION EN TEE ACERO INOXI 3/4\"","2015","JIGüEY","UN",13,{"$f":"+H83/F83","v":0},{"v":0,"d":"0.00"}]
["10001746","TEE PVC 3/4 PLG","2008","HATILLO","UN",4,{"$f":"+H84/F84","v":48.95},{"v":195.8,"d":"195.80"}]
["10001746","TEE PVC 3/4 PLG","2010","JIMENOA","UN",3,{"$f":"+H85/F85","v":0},{"v":0,"d":"0.00"}]
["10001747","JUNTA DE GOMA P/BRIDA 6 PLG","2007","RINCON","UN",5,{"$f":"+H86/F86","v":0},{"v":0,"d":"0.00"}]
["10001747","JUNTA DE GOMA P/BRIDA 6 PLG","2021","SABANETA","UN",2,{"$f":"+H87/F87","v":0},{"v":0,"d":"0.00"}]
["10001747","JUNTA DE GOMA P/BRIDA 6 PLG","2022","DOMINGO RODRIGUEZ","UN",1,{"$f":"+H88/F88","v":0},{"v":0,"d":"0.00"}]
["10001750","TERMINAL DE OJO AMARILLO 12-10","2015","JIGüEY","UN",15,{"$f":"+H89/F89","v":0},{"v":0,"d":"0.00"}]
["10001754","ANTORCHA P/EQUIPO DE ACETILENO","2011","PINALITO","UN",1,{"$f":"+H90/F90","v":0},{"v":0,"d":"0.00"}]
["10001756","DETECTOR DE FLUJO DE AGUA SCAI","2007","RINCON","UN",1,{"$f":"+H91/F91","v":0},{"v":0,"d":"0.00"}]
["10001764","CONTACTO 3TA22","2008","HATILLO","UN",2,{"$f":"+H92/F92","v":398.15},{"v":796.3,"d":"796.30"}]
["10001768","CONTACTOR DE EXITACION (31G)","2007","RINCON","UN",2,{"$f":"+H93/F93","v":0},{"v":0,"d":"0.00"}]
["10001795","VALVULA DE GALLETA 3/4","2003","ANGOSTURA","UN",1,{"$f":"+H94/F94","v":0},{"v":0,"d":"0.00"}]
["10001795","VALVULA DE GALLETA 3/4","2005","MONCION","UN",1,{"$f":"+H95/F95","v":0},{"v":0,"d":"0.00"}]
["10001797","FILTRO P/ TRAMPA DE AGUA MICO","2015","JIGüEY","UN",1,{"$f":"+H96/F96","v":0.01},0.01]
["10001799","\"VALVULA DE 3\"\"\"","2005","MONCION","UN",1,{"$f":"+H97/F97","v":0},{"v":0,"d":"0.00"}]
["10001804","TERMINAL P/BARRA REGULADOR DE LA TURBINA","2023","LOS TOROS","UN",2,{"$f":"+H98/F98","v":0},{"v":0,"d":"0.00"}]
["10001804","TERMINAL P/BARRA REGULADOR DE LA TURBINA","2028","BRAZO DERECHO","UN",12,{"$f":"+H99/F99","v":0},{"v":0,"d":"0.00"}]
["10001806","SEÑALIZADOR DE ENCENDIDO L001 (PILOTO)","2027","PALOMINO","UN",3,{"$f":"+H100/F100","v":0},{"v":0,"d":"0.00"}]
["10001808","VOLTIMETRO 0-15KV 12.5/0.12KV ESFERA 3","2007","RINCON","UN",1,{"$f":"+H101/F101","v":0},{"v":0,"d":"0.00"}]
["10001809","VOLTIMETRO DE 0-600V","2003","ANGOSTURA","UN",1,{"$f":"+H102/F102","v":0},{"v":0,"d":"0.00"}]
["10001812","CONTROL DE VOLTAJE 125VDC - 500VDC","2025","LAS DAMAS","UN",1,{"$f":"+H103/F103","v":0},{"v":0,"d":"0.00"}]
["10001821","BLOQUE RECTIFICADOR CEBADO KGBK","2008","HATILLO","UN",1,{"$f":"+H104/F104","v":1},{"v":1,"d":"1.00"}]
["10001822","RELE ARTECHE RF4D1 125V CC+2 BASE","2008","HATILLO","UN",44,{"$f":"+H105/F105","v":1},{"v":44,"d":"44.00"}]
["10001822","RELE ARTECHE RF4D1 125V CC+2 BASE","2020","SABANA YEGUA","UN",1,{"$f":"+H106/F106","v":0},{"v":0,"d":"0.00"}]
["10001826","BOBINA 3RTI944-5BG41","2002","TAVERA","UN",14,{"$f":"+H107/F107","v":0.01},0.14]
["10001828","RELE ARTECHE TF2","2007","RINCON","UN",2,{"$f":"+H108/F108","v":0},{"v":0,"d":"0.00"}]
["10001828","RELE ARTECHE TF2","2008","HATILLO","UN",1,{"$f":"+H109/F109","v":1},{"v":1,"d":"1.00"}]
["10001848","ADAPTADOR MACHO PVC 4\"","2004","BAIGUAQUE","UN",445,{"$f":"+H110/F110","v":0},{"v":0,"d":"0.00"}]
["10001848","ADAPTADOR MACHO PVC 4\"","2008","HATILLO","UN",1,{"$f":"+H111/F111","v":1},{"v":1,"d":"1.00"}]
["10001848","ADAPTADOR MACHO PVC 4\"","2032","LAS DOS BOCAS","UN",7,{"$f":"+H112/F112","v":0},{"v":0,"d":"0.00"}]
["10001851","TAPON PARA BATERIA EXIDE: EX2568 CB-4110","2009","RIO BLANCO","UN",56,{"$f":"+H113/F113","v":0},{"v":0,"d":"0.00"}]
["10001866","COUPLING DE 1 1/2 GALVANIZADO","2001","C.CONTROL HIDRO","UN",1,{"$f":"+H114/F114","v":0},{"v":0,"d":"0.00"}]
["10001866","COUPLING DE 1 1/2 GALVANIZADO","2010","JIMENOA","UN",18,{"$f":"+H115/F115","v":0},{"v":0,"d":"0.00"}]
["10001871","ADAPTADOR ACERO INOX. 1\"","2016","AGUACATE","C/U",10,{"$f":"+H116/F116","v":0},{"v":0,"d":"0.00"}]
["10001872","ADAPTADOR MACHO DE 3/4\"\" PVC","2007","RINCON","C/U",25,{"$f":"+H117/F117","v":0.01},0.25]
["10001872","ADAPTADOR MACHO DE 3/4\"\" PVC","2024","MAGUEYAL","C/U",3,{"$f":"+H118/F118","v":0},{"v":0,"d":"0.00"}]
["10001878","TAPON HEMBRA DE 2\" PVC","2008","HATILLO","C/U",3,{"$f":"+H119/F119","v":0.01},0.03]
["10001878","TAPON HEMBRA DE 2\" PVC","2027","PALOMINO","C/U",1,{"$f":"+H120/F120","v":0},{"v":0,"d":"0.00"}]
["10001900","TAPE DE GOMA 3M SCOTCH 3/4 PLG/30FT","2010","JIMENOA","C/U",1,{"$f":"+H121/F121","v":0},{"v":0,"d":"0.00"}]
["10001904","SENSOR DE TEMPERATURA  REF. TN2531","2007","RINCON","C/U",2,{"$f":"+H122/F122","v":0},{"v":0,"d":"0.00"}]
["10001904","SENSOR DE TEMPERATURA  REF. TN2531","2027","PALOMINO","C/U",1,{"$f":"+H123/F123","v":0},{"v":0,"d":"0.00"}]
["10001905","RELOJ COMPARADOR CON BASE","2004","BAIGUAQUE","C/U",1,{"$f":"+H124/F124","v":0},{"v":0,"d":"0.00"}]
["10001907","SENSOR DE PRESION HIDAC","2011","PINALITO","C/U",1,{"$f":"+H125/F125","v":0},{"v":0,"d":"0.00"}]
["10001908","PROTECTOR DE OIDO","2003","ANGOSTURA","C/U",397,{"$f":"+H126/F126","v":0},{"v":0,"d":"0.00"}]
["10001908","PROTECTOR DE OIDO","2013","ROSA JULIA-BOBA","C/U",8,{"$f":"+H127/F127","v":0},{"v":0,"d":"0.00"}]
["10001912","FILTRO DE AIRE HIDAC","2007","RINCON","C/U",9,{"$f":"+H128/F128","v":0},{"v":0,"d":"0.00"}]
["10001913","RELE FINDER CON BASE 7A 250V","2027","PALOMINO","C/U",4,{"$f":"+H129/F129","v":0.01},0.04]
["10001914","SENSOR DE NIVEL DE ACEITE HIDAC","2004","BAIGUAQUE","C/U",1,{"$f":"+H130/F130","v":0},{"v":0,"d":"0.00"}]
["10001914","SENSOR DE NIVEL DE ACEITE HIDAC","2028","BRAZO DERECHO","C/U",1,{"$f":"+H131/F131","v":1},{"v":1,"d":"1.00"}]
["10001919","LIMA PLANA 10\"","2000","SUMINISTRO HIDRO","C/U",15,{"$f":"+H132/F132","v":0.01},0.15]
["10001919","LIMA PLANA 10\"","2005","MONCION","C/U",32,{"$f":"+H133/F133","v":0},{"v":0,"d":"0.00"}]
["10001919","LIMA PLANA 10\"","2010","JIMENOA","C/U",7,{"$f":"+H134/F134","v":0.01},0.07]
["10001922","ESCURRIDOR SIMPLE (SACA AGUA)","2010","JIMENOA","C/U",1,{"$f":"+H135/F135","v":1},{"v":1,"d":"1.00"}]
["10001923","GUANTE PARA OBRERO","2023","LOS TOROS","C/U",24,{"$f":"+H136/F136","v":0},{"v":0,"d":"0.00"}]
["10001933","RADIAL HINGE BEARING","2024","MAGUEYAL","C/U",2,{"$f":"+H137/F137","v":0},{"v":0,"d":"0.00"}]
["10001935","DISPLACEMENT TRANCDUCER BALLUFF","2021","SABANETA","C/U",2,{"$f":"+H138/F138","v":0},{"v":0,"d":"0.00"}]
["10001938","ORING 5.3 MM -40","2007","RINCON","C/U",20,{"$f":"+H139/F139","v":0},{"v":0,"d":"0.00"}]
["10001946","DISCO DE CORTE 115 x 5 x 1.6 MM","2007","RINCON","UN",1,{"$f":"+H140/F140","v":0},{"v":0,"d":"0.00"}]
["10001947","HACHA 3.5 LBS","2000","SUMINISTRO HIDRO","C/U",36,{"$f":"+H141/F141","v":0.01},0.36]
["10001947","HACHA 3.5 LBS","2008","HATILLO","C/U",5,{"$f":"+H142/F142","v":1},{"v":5,"d":"5.00"}]
["10001947","HACHA 3.5 LBS","2010","JIMENOA","C/U",7,{"$f":"+H143/F143","v":0},{"v":0,"d":"0.00"}]
["10001947","HACHA 3.5 LBS","2011","PINALITO","C/U",1,{"$f":"+H144/F144","v":0},{"v":0,"d":"0.00"}]
["10001947","HACHA 3.5 LBS","2020","SABANA YEGUA","C/U",1,{"$f":"+H145/F145","v":0},{"v":0,"d":"0.00"}]
["10001947","HACHA 3.5 LBS","2021","SABANETA","C/U",5,{"$f":"+H146/F146","v":0},{"v":0,"d":"0.00"}]
["10001947","HACHA 3.5 LBS","2024","MAGUEYAL","C/U",4,{"$f":"+H147/F147","v":0},{"v":0,"d":"0.00"}]
["10001952","\"ABRAZADERA UNITRUS 3\"\"\"","2010","JIMENOA","C/U",30,{"$f":"+H148/F148","v":0},{"v":0,"d":"0.00"}]
["10001953","\"LETRA PARA TUBO EMT      2\"\"      \"\"T\"\"","2010","JIMENOA","C/U",10,{"$f":"+H149/F149","v":0},{"v":0,"d":"0.00"}]
["10001953","\"LETRA PARA TUBO EMT      2\"\"      \"\"T\"\"","2024","MAGUEYAL","C/U",1,{"$f":"+H150/F150","v":0},{"v":0,"d":"0.00"}]
["10001954","BOTAS SEGURIDAD NO. 37","2000","SUMINISTRO HIDRO","C/U",2,{"$f":"+H151/F151","v":0.01},0.02]
["10001955","CAPA PARA LLUVIA","2000","SUMINISTRO HIDRO","C/U",28,{"$f":"+H152/F152","v":1067.9},{"v":29901.2,"d":"29,901.20"}]
["10001955","CAPA PARA LLUVIA","2023","LOS TOROS","C/U",7,{"$f":"+H153/F153","v":0},{"v":0,"d":"0.00"}]
["10001956","LONA PLASTICA  24*30","2005","MONCION","C/U",3,{"$f":"+H154/F154","v":0},{"v":0,"d":"0.00"}]
["10001967","LAMPARA TIPO COBRA 240 Vac","2024","MAGUEYAL","C/U",1,{"$f":"+H155/F155","v":0},{"v":0,"d":"0.00"}]
["10001969","CAJA DE BREACKER TLM812FCU","2008","HATILLO","C/U",1,{"$f":"+H156/F156","v":1},{"v":1,"d":"1.00"}]
["10001979","PINTURA GRIS PERLA 56","2003","ANGOSTURA","C/U",24,{"$f":"+H157/F157","v":0},{"v":0,"d":"0.00"}]
["10001979","PINTURA GRIS PERLA 56","2004","BAIGUAQUE","C/U",15,{"$f":"+H158/F158","v":0},{"v":0,"d":"0.00"}]
["10001981","PINTURA AMARILLO TRAFICO","2015","JIGüEY","C/U",4,{"$f":"+H159/F159","v":0},{"v":0,"d":"0.00"}]
["10001993","ALABE DE TURBINA","2023","LOS TOROS","C/U",16,{"$f":"+H160/F160","v":0},{"v":0,"d":"0.00"}]
["10001993","ALABE DE TURBINA","2024","MAGUEYAL","C/U",2,{"$f":"+H161/F161","v":0},{"v":0,"d":"0.00"}]
["10001995","DIFERENCIAL DE 5 TONELADAS","2009","RIO BLANCO","C/U",1,{"$f":"+H162/F162","v":0},{"v":0,"d":"0.00"}]
["10002002","ENGRASADORA MANUAL","2010","JIMENOA","C/U",1,{"$f":"+H163/F163","v":0},{"v":0,"d":"0.00"}]
["10002002","ENGRASADORA MANUAL","2013","ROSA JULIA-BOBA","C/U",1,{"$f":"+H164/F164","v":0},{"v":0,"d":"0.00"}]
["10002004","CEPILLO DE ALAMBRE ACERO 3x17","2013","ROSA JULIA-BOBA","C/U",1,{"$f":"+H165/F165","v":0},{"v":0,"d":"0.00"}]
["10002004","CEPILLO DE ALAMBRE ACERO 3x17","2015","JIGüEY","C/U",4,{"$f":"+H166/F166","v":0},{"v":0,"d":"0.00"}]
["10002004","CEPILLO DE ALAMBRE ACERO 3x17","2021","SABANETA","C/U",26,{"$f":"+H167/F167","v":0.01},0.26]
["10002004","CEPILLO DE ALAMBRE ACERO 3x17","2024","MAGUEYAL","C/U",6,{"$f":"+H168/F168","v":0},{"v":0,"d":"0.00"}]
["10002004","CEPILLO DE ALAMBRE ACERO 3x17","2025","LAS DAMAS","C/U",1,{"$f":"+H169/F169","v":1},{"v":1,"d":"1.00"}]
["10002012","MARTILLO PARA CARPINTERO TRUPER","2007","RINCON","C/U",2,{"$f":"+H170/F170","v":0},{"v":0,"d":"0.00"}]
["10002012","MARTILLO PARA CARPINTERO TRUPER","2027","PALOMINO","C/U",5,{"$f":"+H171/F171","v":611.24},{"v":3056.2,"d":"3,056.20"}]
["10002014","DISCO DE CORTE 180*1.6*22.23MM","2025","LAS DAMAS","C/U",1,{"$f":"+H172/F172","v":0},{"v":0,"d":"0.00"}]
["10002022","LLAVE DE CHORRO DE 3/4PULG.","2008","HATILLO","C/U",1,{"$f":"+H173/F173","v":0},{"v":0,"d":"0.00"}]
["10002032","PINTURA OXIDO NEGRO","2010","JIMENOA","C/U",10,{"$f":"+H174/F174","v":0},{"v":0,"d":"0.00"}]
["10002039","THINER","2021","SABANETA","C/U",7,{"$f":"+H175/F175","v":0.01},0.07]
["10002041","PISTOLA PARA PINTAR","2007","RINCON","C/U",1,{"$f":"+H176/F176","v":0},{"v":0,"d":"0.00"}]
["10002044","CALIBRADOR ACHCROTF","2011","PINALITO","C/U",1,{"$f":"+H177/F177","v":0.01},0.01]
["10002047","GOMA DE MOTOR 110/90/19","2007","RINCON","C/U",1,{"$f":"+H178/F178","v":0},{"v":0,"d":"0.00"}]
["10002049","GUANTE ALTA TENSION","2021","SABANETA","C/U",2,{"$f":"+H179/F179","v":0.01},0.02]
["10002068","ZAFACONES DE BAÑO","2021","SABANETA","C/U",2,{"$f":"+H180/F180","v":0.01},0.02]
["10002068","ZAFACONES DE BAÑO","2024","MAGUEYAL","C/U",3,{"$f":"+H181/F181","v":0},{"v":0,"d":"0.00"}]
["10002087","BOTIQUIN PARA MEDICAMENTOS","2000","SUMINISTRO HIDRO","C/U",3,{"$f":"+H182/F182","v":1770},{"v":5310,"d":"5,310.00"}]
["10002087","BOTIQUIN PARA MEDICAMENTOS","2003","ANGOSTURA","C/U",3,{"$f":"+H183/F183","v":1770},{"v":5310,"d":"5,310.00"}]
["10002105","TUBO PVC SEMI PRESION 3\"","2015","JIGüEY","C/U",1,{"$f":"+H184/F184","v":0.01},0.01]
["10002105","TUBO PVC SEMI PRESION 3\"","2022","DOMINGO RODRIGUEZ","C/U",8,{"$f":"+H185/F185","v":0.01},0.08]
["10002106","TUBO PVC 2\"","2004","BAIGUAQUE","C/U",34,{"$f":"+H186/F186","v":0.01},0.34]
["10002109","TUBO FLORECENTE DE 10 WATTS.","2002","TAVERA","UN",4,{"$f":"+H187/F187","v":0},{"v":0,"d":"0.00"}]
["10002121","AISLADOR BUSHING 69KV/400AMP","2027","PALOMINO","UN",1,{"$f":"+H188/F188","v":1},{"v":1,"d":"1.00"}]
["10002143","MANGUERA DE PRESION DE AIRE DIN 8541CF","2025","LAS DAMAS","UN",1,{"$f":"+H189/F189","v":508},{"v":508,"d":"508.00"}]
["10002154","AISLADOR ANILLO COLECTOR R P/GENERA","2005","MONCION","UN",2,{"$f":"+H190/F190","v":0},{"v":0,"d":"0.00"}]
["10002178","SILICON GRIS","2031","REPUESTOS VEHICULOS","UN",7,{"$f":"+H191/F191","v":362.28428571428566},{"v":2535.99,"d":"2,535.99"}]
["10002179","SENSOR COMINGS C450-0007","2011","PINALITO","UN",1,{"$f":"+H192/F192","v":0},{"v":0,"d":"0.00"}]
["10002197","CONECTOR RECTO LIQUID TIGHT 1/2'' AZUL","2002","TAVERA","UN",4,{"$f":"+H193/F193","v":0.01},0.04]
["10002200","ELECTRODO PARA SOLDAR 1/8 X 14'' LB","2002","TAVERA","UN",130,{"$f":"+H194/F194","v":0},{"v":0,"d":"0.00"}]
["10002200","ELECTRODO PARA SOLDAR 1/8 X 14'' LB","2008","HATILLO","UN",10,{"$f":"+H195/F195","v":0.01},{"v":0.1,"d":"0.10"}]
["10002200","ELECTRODO PARA SOLDAR 1/8 X 14'' LB","2022","DOMINGO RODRIGUEZ","UN",170,{"$f":"+H196/F196","v":0.01},{"v":1.7,"d":"1.70"}]
["10002233","TUBO CONDUIT DE 3/4","2002","TAVERA","UN",1,{"$f":"+H197/F197","v":0},{"v":0,"d":"0.00"}]
["10002233","TUBO CONDUIT DE 3/4","2008","HATILLO","UN",1,{"$f":"+H198/F198","v":0},{"v":0,"d":"0.00"}]
["10002234","TUBO CONDUIT DE 1/2","2002","TAVERA","UN",2,{"$f":"+H199/F199","v":0},{"v":0,"d":"0.00"}]
["10002246","ARANDELA DE FIBRA DE 4 3/4 X 2 11/16","2025","LAS DAMAS","UN",8,{"$f":"+H200/F200","v":43.15},{"v":345.2,"d":"345.20"}]
["10002262","VENTILADOR DEL EXITADOR PRINCIP 230V50HZ","2020","SABANA YEGUA","UN",1,{"$f":"+H201/F201","v":1},{"v":1,"d":"1.00"}]
["10002263","SWITCH DE PRESION REF.GAW65B","2025","LAS DAMAS","UN",3,{"$f":"+H202/F202","v":2400},{"v":7200,"d":"7,200.00"}]
["10002264","BOMBA FUMIGADORA MANUAL","2007","RINCON","UN",1,{"$f":"+H203/F203","v":0},{"v":0,"d":"0.00"}]
["10002277","TORNILLO CAB. HEXAGONAL DE 1/2\" X 1 1/2\"","2027","PALOMINO","C/U",787,{"$f":"+H204/F204","v":1},{"v":787,"d":"787.00"}]
["10002284","TUBO HG 4 PLG x 10 FT","2010","JIMENOA","C/U",6,{"$f":"+H205/F205","v":0},{"v":0,"d":"0.00"}]
["10002287","TUBO PVC DE 1\"","2021","SABANETA","C/U",30,{"$f":"+H206/F206","v":1},{"v":30,"d":"30.00"}]
["10002288","TUBO PVC 3/4'' X 20'","2015","JIGüEY","C/U",10,{"$f":"+H207/F207","v":0},{"v":0,"d":"0.00"}]
["10002288","TUBO PVC 3/4'' X 20'","2021","SABANETA","C/U",28,{"$f":"+H208/F208","v":0},{"v":0,"d":"0.00"}]
["10002290","TUBO PVC 2'' X 20'","2015","JIGüEY","C/U",4,{"$f":"+H209/F209","v":0},{"v":0,"d":"0.00"}]
["10002292","\"CINTURON CUERPO COMP. MSA, LINEA DE VID","2004","BAIGUAQUE","UN",6,{"$f":"+H210/F210","v":0},{"v":0,"d":"0.00"}]
["10002292","\"CINTURON CUERPO COMP. MSA, LINEA DE VID","2021","SABANETA","UN",1,{"$f":"+H211/F211","v":0},{"v":0,"d":"0.00"}]
["10002310","\"ABRAZADERA DE 2\"\" P/TUBOS MT\"","2008","HATILLO","UN",24,{"$f":"+H212/F212","v":0},{"v":0,"d":"0.00"}]
["10002312","ABRAZADERA P/CABLE DE TIERRA","2015","JIGüEY","UN",18,{"$f":"+H213/F213","v":0},{"v":0,"d":"0.00"}]
["10002313","ABRAZADERA DE 1 1/2 EMT","2005","MONCION","UN",4,{"$f":"+H214/F214","v":0},{"v":0,"d":"0.00"}]
["10002313","ABRAZADERA DE 1 1/2 EMT","2008","HATILLO","UN",19,{"$f":"+H215/F215","v":1},{"v":19,"d":"19.00"}]
["10002319","ABRAZADERA DE 3/8","2002","TAVERA","UN",20,{"$f":"+H216/F216","v":0},{"v":0,"d":"0.00"}]
["10002320","\"ABRAZADERA DE 1\"","2008","HATILLO","UN",1,{"$f":"+H217/F217","v":0},{"v":0,"d":"0.00"}]
["10002320","\"ABRAZADERA DE 1\"","2015","JIGüEY","UN",10,{"$f":"+H218/F218","v":0},{"v":0,"d":"0.00"}]
["10002320","\"ABRAZADERA DE 1\"","2027","PALOMINO","UN",10,{"$f":"+H219/F219","v":0},{"v":0,"d":"0.00"}]
["10002325","TARUGO DE PLOMO DE 3/8 X 5/8","2028","BRAZO DERECHO","UN",12,{"$f":"+H220/F220","v":1},{"v":12,"d":"12.00"}]
["10002328","\"TAPA METALICA P/CONECTOR DE 2\"\"\"","2008","HATILLO","UN",1,{"$f":"+H221/F221","v":0},{"v":0,"d":"0.00"}]
["10002378","JUNTA DE AMIANTO 23 X 16MM","2005","MONCION","UN",11,{"$f":"+H222/F222","v":0},{"v":0,"d":"0.00"}]
["10002379","JUNTA DE AMIANTO 22 X 16 MM","2005","MONCION","UN",10,{"$f":"+H223/F223","v":0},{"v":0,"d":"0.00"}]
["10002394","ESCOBILLA P/ SIST. EXITACION 26 x7x 3/4","2007","RINCON","UN",194,{"$f":"+H224/F224","v":0},{"v":0,"d":"0.00"}]
["10002394","ESCOBILLA P/ SIST. EXITACION 26 x7x 3/4","2015","JIGüEY","UN",1,{"$f":"+H225/F225","v":0},{"v":0,"d":"0.00"}]
["10002401","TENSOR 116X5MM","2020","SABANA YEGUA","UN",1,{"$f":"+H226/F226","v":85},{"v":85,"d":"85.00"}]
["10002408","PUENTE P/BATERIA PSY","2009","RIO BLANCO","UN",120,{"$f":"+H227/F227","v":0},{"v":0,"d":"0.00"}]
["10002414","LETRA LB DE 3 PLG","2010","JIMENOA","UN",10,{"$f":"+H228/F228","v":1},{"v":10,"d":"10.00"}]
["10002414","LETRA LB DE 3 PLG","2025","LAS DAMAS","UN",5,{"$f":"+H229/F229","v":0.01},0.05]
["10002422","\"RACORD DE 3/4\"\" A 90 GRADOS\"","2015","JIGüEY","UN",22,{"$f":"+H230/F230","v":0},{"v":0,"d":"0.00"}]
["10002441","CONECTOR 3/4 DE COBRE","2005","MONCION","UN",8,{"$f":"+H231/F231","v":0},{"v":0,"d":"0.00"}]
["10002455","CONECTOR DE COBRE ROSCADO","2022","DOMINGO RODRIGUEZ","UN",3,{"$f":"+H232/F232","v":1},{"v":3,"d":"3.00"}]
["10002457","CONECTOR P/TUBERIA 4 PLG","2011","PINALITO","UN",2,{"$f":"+H233/F233","v":0},{"v":0,"d":"0.00"}]
["10002458","\"CONECTOR DE 3/4\"\"\"","2010","JIMENOA","UN",10,{"$f":"+H234/F234","v":0},{"v":0,"d":"0.00"}]
["10002458","\"CONECTOR DE 3/4\"\"\"","2015","JIGüEY","UN",6,{"$f":"+H235/F235","v":0},{"v":0,"d":"0.00"}]
["10002469","COUPLING CON ROSCA INOX 2\"","2021","SABANETA","UN",4,{"$f":"+H236/F236","v":0},{"v":0,"d":"0.00"}]
["10002471","COUPLING PVC 1 3/4\"","2027","PALOMINO","UN",3,{"$f":"+H237/F237","v":1},{"v":3,"d":"3.00"}]
["10002474","COUPLING PVC 1/2 PLG","2010","JIMENOA","UN",7,{"$f":"+H238/F238","v":0.01},0.07]
["10002474","COUPLING PVC 1/2 PLG","2020","SABANA YEGUA","UN",1,{"$f":"+H239/F239","v":26.42},26.42]
["10002476","COUPLING RECTO MT 1 1/2\"","2020","SABANA YEGUA","UN",1,{"$f":"+H240/F240","v":14.65},14.65]
["10002499","\"BRIDA  PVC DE 4\"\"-721-111\"","2032","LAS DOS BOCAS","UN",6,{"$f":"+H241/F241","v":1},{"v":6,"d":"6.00"}]
["10002502","BRIDA  DE 4 1/2\" X 9\" DE 8 AGUJEROS","2015","JIGüEY","UN",3,{"$f":"+H242/F242","v":0},{"v":0,"d":"0.00"}]
["10002505","CAJA CUADRADA DE 4X4X12","2020","SABANA YEGUA","UN",51,{"$f":"+H243/F243","v":9},{"v":459,"d":"459.00"}]
["10002506","CAJA DE BREAKER C/CONTACTOR 3FASES 480VA","2020","SABANA YEGUA","UN",2,{"$f":"+H244/F244","v":100},{"v":200,"d":"200.00"}]
["10002509","CAJA DE BREAKER C/CONTACTOR 480/600VAC 1","2020","SABANA YEGUA","UN",1,{"$f":"+H245/F245","v":300},{"v":300,"d":"300.00"}]
["10002511","\"CAJA DE BREAKER CON CONTADOR 480/600VAC","2010","JIMENOA","UN",1,{"$f":"+H246/F246","v":0},{"v":0,"d":"0.00"}]
["10002514","CAJA DE BREAKER DE 230/480 VAC 85A","2020","SABANA YEGUA","UN",3,{"$f":"+H247/F247","v":250},{"v":750,"d":"750.00"}]
["10002515","CAJA DE BREAKER CON CONTADOR 480/600VAC","2020","SABANA YEGUA","UN",1,{"$f":"+H248/F248","v":6000},{"v":6000,"d":"6,000.00"}]
["10002516","CAJA DE BREAKER C/CONTADOR 380/440 VAC 1","2020","SABANA YEGUA","UN",1,{"$f":"+H249/F249","v":250},{"v":250,"d":"250.00"}]
["10002519","CAJA DE BREAKER C/CONTACTOR 230/480/600V","2020","SABANA YEGUA","UN",1,{"$f":"+H250/F250","v":700},{"v":700,"d":"700.00"}]
["10002524","UNION UNIVERSAL DE 1/2\"","2032","LAS DOS BOCAS","UN",3,{"$f":"+H251/F251","v":0.01},0.03]
["10002529","\"TEE D/HIERRO D/8\"\"\"","2005","MONCION","UN",1,{"$f":"+H252/F252","v":0},{"v":0,"d":"0.00"}]
["10002540","EMPALME D/BANDEJA DE 5 1/2","2020","SABANA YEGUA","UN",1,{"$f":"+H253/F253","v":6},{"v":6,"d":"6.00"}]
["10002544","\"CURVA DE 12\"\" P/BANDEJA\"","2020","SABANA YEGUA","UN",1,{"$f":"+H254/F254","v":9},{"v":9,"d":"9.00"}]
["10002546","\"CURVA DE 4 \"\" P/BANDEJA\"","2009","RIO BLANCO","UN",1,{"$f":"+H255/F255","v":0},{"v":0,"d":"0.00"}]
["10002553","RACORD DE 3/4 REF.PHSY","2015","JIGüEY","UN",3,{"$f":"+H256/F256","v":0},{"v":0,"d":"0.00"}]
["10002556","RACORD D/ACOPLAMIENTO 1/2 PLG","2020","SABANA YEGUA","UN",19,{"$f":"+H257/F257","v":40},{"v":760,"d":"760.00"}]
["10002558","CODO RACORD P/SISTEMA HIDRAULICO 1 PLG","2011","PINALITO","UN",9,{"$f":"+H258/F258","v":0},{"v":0,"d":"0.00"}]
["10002571","TENSOR DE JUNTA DE CARBON","2002","TAVERA","UN",4,{"$f":"+H259/F259","v":0},{"v":0,"d":"0.00"}]
["10002574","LETRA LB DE 1 1/2\"","2005","MONCION","UN",5,{"$f":"+H260/F260","v":0},{"v":0,"d":"0.00"}]
["10002574","LETRA LB DE 1 1/2\"","2010","JIMENOA","UN",21,{"$f":"+H261/F261","v":1},{"v":21,"d":"21.00"}]
["10002574","LETRA LB DE 1 1/2\"","2028","BRAZO DERECHO","UN",4,{"$f":"+H262/F262","v":1},{"v":4,"d":"4.00"}]
["10002577","LETRA LR DE 3/4 PLG","2005","MONCION","UN",15,{"$f":"+H263/F263","v":0},{"v":0,"d":"0.00"}]
["10002577","LETRA LR DE 3/4 PLG","2008","HATILLO","UN",3,{"$f":"+H264/F264","v":1},{"v":3,"d":"3.00"}]
["10002578","LETRA LL DE 1/2","2005","MONCION","UN",8,{"$f":"+H265/F265","v":0},{"v":0,"d":"0.00"}]
["10002580","LETRA LL DE 1 PLG","2005","MONCION","UN",10,{"$f":"+H266/F266","v":0},{"v":0,"d":"0.00"}]
["10002580","LETRA LL DE 1 PLG","2028","BRAZO DERECHO","UN",4,{"$f":"+H267/F267","v":0.01},0.04]
["10002581","\"LETRA TIPO T DE 1/2\"\"\"","2003","ANGOSTURA","UN",8,{"$f":"+H268/F268","v":0.01},0.08]
["10002582","CABLE DE COBRE 2/0 AWG (PIE)","2003","ANGOSTURA","UN",1,{"$f":"+H269/F269","v":0},{"v":0,"d":"0.00"}]
["10002590","TUBO PVC 2\" SDR-21","2032","LAS DOS BOCAS","UN",22,{"$f":"+H270/F270","v":183},{"v":4026,"d":"4,026.00"}]
["10002592","TUBO DE ALUMINIO DE 3/4\"","2027","PALOMINO","UN",2,{"$f":"+H271/F271","v":1},{"v":2,"d":"2.00"}]
["10002615","\"CODO D/6\"\"+90 GRADOS\"","2032","LAS DOS BOCAS","UN",89,{"$f":"+H272/F272","v":0.01},0.89]
["10002617","\"CODO DE 4\"\" X 45 GRADOS\"","2025","LAS DAMAS","UN",1,{"$f":"+H273/F273","v":0.01},0.01]
["10002643","RESISTENCIA DER W.5A-150MV","2015","JIGüEY","UN",1,{"$f":"+H274/F274","v":0},{"v":0,"d":"0.00"}]
["10002669","TORNILLO CABEZA ALLEN DE 19X75 MM","2005","MONCION","UN",50,{"$f":"+H275/F275","v":0},{"v":0,"d":"0.00"}]
["10002707","TUERCA DE 1/2 PLG","2011","PINALITO","UN",24,{"$f":"+H276/F276","v":0},{"v":0,"d":"0.00"}]
["10002718","TORNILLO 5/8 X3 ROSCA GRUESA GALVANIZADA","2027","PALOMINO","UN",2,{"$f":"+H277/F277","v":0},{"v":0,"d":"0.00"}]
["10002722","TORNILLO HIERRO NEGRO 3/8 x 1 1/2 PLG","2010","JIMENOA","UN",44,{"$f":"+H278/F278","v":0.01},0.44]
["10002723","TORNILLO ALLEN DE 8 MM","2008","HATILLO","UN",12,{"$f":"+H279/F279","v":1},{"v":12,"d":"12.00"}]
["10002724","TORNILLO DE 1/2 X 1 1/2","2009","RIO BLANCO","UN",78,{"$f":"+H280/F280","v":0},{"v":0,"d":"0.00"}]
["10002726","TORNILLO 3/4 X 1 R.G","2023","LOS TOROS","UN",1,{"$f":"+H281/F281","v":0},{"v":0,"d":"0.00"}]
["10002732","TORNILLO TIRAFONDO RM","2020","SABANA YEGUA","UN",23,{"$f":"+H282/F282","v":9.5},{"v":218.5,"d":"218.50"}]
["10002741","TORNILLO DE 2 1/2 X 3/4 R.G","2023","LOS TOROS","UN",17,{"$f":"+H283/F283","v":0},{"v":0,"d":"0.00"}]
["10002751","TORNILLO DE 17 X 30MM","2015","JIGüEY","UN",24,{"$f":"+H284/F284","v":0},{"v":0,"d":"0.00"}]
["10002770","ARANDELA DE PRESION 5/8\"","2021","SABANETA","UN",202,{"$f":"+H285/F285","v":0},{"v":0,"d":"0.00"}]
["10002775","ARANDELA PLANA DE 1/2 PLG","2011","PINALITO","UN",4,{"$f":"+H286/F286","v":0},{"v":0,"d":"0.00"}]
["10002775","ARANDELA PLANA DE 1/2 PLG","2027","PALOMINO","UN",868,{"$f":"+H287/F287","v":1},{"v":868,"d":"868.00"}]
["10002776","ARANDELA PLANA DE 17/32","2002","TAVERA","UN",9,{"$f":"+H288/F288","v":0.01},0.09]
["10002777","ARANDELA ACERO INOXI 1/2 PLG","2011","PINALITO","UN",19,{"$f":"+H289/F289","v":0},{"v":0,"d":"0.00"}]
["10002784","ARANDELA PLANA 1/8 PLG","2011","PINALITO","UN",5,{"$f":"+H290/F290","v":0},{"v":0,"d":"0.00"}]
["10002786","ARANDELA PLANA REDONDA DE HIERRO M28MM","2015","JIGüEY","UN",5,{"$f":"+H291/F291","v":1},{"v":5,"d":"5.00"}]
["10002788","ARANDELA PLANA GALV.DE 26MM","2010","JIMENOA","UN",16,{"$f":"+H292/F292","v":0},{"v":0,"d":"0.00"}]
["10002792","ARANDELA DE PRESION DE 16MM","2005","MONCION","UN",245,{"$f":"+H293/F293","v":0},{"v":0,"d":"0.00"}]
["10002793","TUERCA HEX. HG 1 3/8 PLG","2011","PINALITO","UN",122,{"$f":"+H294/F294","v":0},{"v":0,"d":"0.00"}]
["10002802","TUERCA DE 22 MM","2017","VALDESIA","UN",3,{"$f":"+H295/F295","v":0},{"v":0,"d":"0.00"}]
["10002806","TUERCA DE 14 MM","2009","RIO BLANCO","UN",6,{"$f":"+H296/F296","v":0},{"v":0,"d":"0.00"}]
["10002818","CANDADO DE SEGURIDAD TIPO ARANDELA DE 25","2015","JIGüEY","UN",14,{"$f":"+H297/F297","v":0},{"v":0,"d":"0.00"}]
["10002830","TORNILLO DE ACERO INOX 5/8X4\"","2021","SABANETA","UN",8,{"$f":"+H298/F298","v":0},{"v":0,"d":"0.00"}]
["10002831","CONECTOR RECTO LIQUID TIGHT DE 1'' AZUL","2002","TAVERA","UN",2,{"$f":"+H299/F299","v":0.01},0.02]
["10002833","ARANDELA DE PRESION DE 1/2","2022","DOMINGO RODRIGUEZ","UN",324,{"$f":"+H300/F300","v":0},{"v":0,"d":"0.00"}]
["10002833","ARANDELA DE PRESION DE 1/2","2027","PALOMINO","UN",69,{"$f":"+H301/F301","v":0},{"v":0,"d":"0.00"}]
["10002836","BOBINA CONCENTRICA DEL ESTATOR GENERADOR","2003","ANGOSTURA","UN",1,{"$f":"+H302/F302","v":636},{"v":636,"d":"636.00"}]
["10002837","Junta vaquelita del generador","2003","ANGOSTURA","UN",2,{"$f":"+H303/F303","v":2.5},{"v":5,"d":"5.00"}]
["10002838","FILTRO DE ASPIRACION P/BOMBA REGULACION","2003","ANGOSTURA","UN",1,{"$f":"+H304/F304","v":0},{"v":0,"d":"0.00"}]
["10002839","FILTRO DIESEL  1902138 P/ DIESEL DE EMER","2003","ANGOSTURA","UN",5,{"$f":"+H305/F305","v":195.85999999999999},{"v":979.3,"d":"979.30"}]
["10002845","DIODO RSK-2001","2010","JIMENOA","UN",5,{"$f":"+H306/F306","v":43},{"v":215,"d":"215.00"}]
["10002847","DIODO 250VDC REF. FPTN72769R0001","2010","JIMENOA","UN",3,{"$f":"+H307/F307","v":71.33333333333333},{"v":214,"d":"214.00"}]
["10002849","CONECTOR DIN67984510006","2010","JIMENOA","UN",1,{"$f":"+H308/F308","v":1067.5},{"v":1067.5,"d":"1,067.50"}]
["10002852","SENSOR HAMLIN REF:59025-0200103","2010","JIMENOA","UN",2,{"$f":"+H309/F309","v":222.75},{"v":445.5,"d":"445.50"}]
["10002856","INTERRUPTOR HD4/W-17-12-25","2010","JIMENOA","UN",1,{"$f":"+H310/F310","v":1745.5},{"v":1745.5,"d":"1,745.50"}]
["10002861","TARJETA DE EXITACION  DIESEL REF0002460","2010","JIMENOA","UN",1,{"$f":"+H311/F311","v":11080.5},{"v":11080.5,"d":"11,080.50"}]
["10002862","FILTRO DE COOLANT REF:WF2073","2010","JIMENOA","UN",1,{"$f":"+H312/F312","v":255},{"v":255,"d":"255.00"}]
["10002863","TRANDUCTOR PMP131-A1B01A73","2010","JIMENOA","UN",1,{"$f":"+H313/F313","v":6329},{"v":6329,"d":"6,329.00"}]
["10002864","BOLNERA WTL613","2010","JIMENOA","UN",74,{"$f":"+H314/F314","v":1.8889189189189188},139.78]
["10002865","CAPACITOR MN 640V / 900V","2010","JIMENOA","UN",1,{"$f":"+H315/F315","v":1881.5},{"v":1881.5,"d":"1,881.50"}]
["10002866","BASE DE FUSIBLE ZFP-EZ-25A","2011","PINALITO","UN",20,{"$f":"+H316/F316","v":0},{"v":0,"d":"0.00"}]
["10002868","TARJETA DE CONTROL TM-8","2010","JIMENOA","UN",2,{"$f":"+H317/F317","v":1469.675},{"v":2939.35,"d":"2,939.35"}]
["10002869","FILTRO PEQ. P/TURBINA DE PRE-ENFRIAMIENT","2010","JIMENOA","UN",1,{"$f":"+H318/F318","v":172.75},172.75]
["10002872","CONTACTO AUXILIAR 0013005A","2010","JIMENOA","UN",1,{"$f":"+H319/F319","v":299.17},299.17]
["10002874","BOTONERA DE MARCHA REF:10662468699867","2010","JIMENOA","UN",1,{"$f":"+H320/F320","v":77},{"v":77,"d":"77.00"}]
["10002875","FILTRO DE ACEITE FLEETGUARD LF670","2010","JIMENOA","UN",1,{"$f":"+H321/F321","v":180.25},180.25]
["10002878","JUEGO DE EMBRAGUE DE MOTOR Y GRUA","2010","JIMENOA","UN",1,{"$f":"+H322/F322","v":501.5},{"v":501.5,"d":"501.50"}]
["10002879","CONTACTOR LC140008","2010","JIMENOA","UN",1,{"$f":"+H323/F323","v":2095.5},{"v":2095.5,"d":"2,095.50"}]
["10002880","CONTACTOR LC1 D8011","2010","JIMENOA","UN",1,{"$f":"+H324/F324","v":1825.5},{"v":1825.5,"d":"1,825.50"}]
["10002881","COTACTOR TELEMECANIQUE LC1 D12004","2007","RINCON","UN",1,{"$f":"+H325/F325","v":0.01},0.01]
["10002881","COTACTOR TELEMECANIQUE LC1 D12004","2010","JIMENOA","UN",1,{"$f":"+H326/F326","v":3466.5},{"v":3466.5,"d":"3,466.50"}]
["10002882","MEDIDOR DE POTENCIA DE 0 A 120V","2010","JIMENOA","UN",1,{"$f":"+H327/F327","v":4011.5},{"v":4011.5,"d":"4,011.50"}]
["10002883","VOLTIMETRO DE 0 A 150V","2003","ANGOSTURA","UN",1,{"$f":"+H328/F328","v":0},{"v":0,"d":"0.00"}]
["10002883","VOLTIMETRO DE 0 A 150V","2010","JIMENOA","UN",3,{"$f":"+H329/F329","v":752.5},{"v":2257.5,"d":"2,257.50"}]
["10002884","MEDIDOR DE CORRIENTE DE 0 A 800V","2010","JIMENOA","UN",1,{"$f":"+H330/F330","v":316},{"v":316,"d":"316.00"}]
["10002885","MEDIDOR DE VOLTAJE DE 0 A 300V","2010","JIMENOA","UN",1,{"$f":"+H331/F331","v":56.33},56.33]
["10002886","MEDIDOR DE CORRIENTE DE 0 A 100V","2010","JIMENOA","UN",1,{"$f":"+H332/F332","v":140.5},{"v":140.5,"d":"140.50"}]
["10002887","MEDIDOR DE VOLTAJE DE 0 A 30V","2010","JIMENOA","UN",1,{"$f":"+H333/F333","v":415.5},{"v":415.5,"d":"415.50"}]
["10002888","INDICADOR DE TEMPERATURA 0 A 150ºC","2008","HATILLO","UN",1,{"$f":"+H334/F334","v":1},{"v":1,"d":"1.00"}]
["10002888","INDICADOR DE TEMPERATURA 0 A 150ºC","2010","JIMENOA","UN",1,{"$f":"+H335/F335","v":4651.5},{"v":4651.5,"d":"4,651.50"}]
["10002889","MEDIDOR  DE POTENCIA REACTIVA EQ2207","2010","JIMENOA","UN",1,{"$f":"+H336/F336","v":305},{"v":305,"d":"305.00"}]
["10002891","INDICADOR ANALOGICO DE 0 A 15.625KV","2010","JIMENOA","UN",1,{"$f":"+H337/F337","v":9673.5},{"v":9673.5,"d":"9,673.50"}]
["10002893","INDICADOR DE POTENCIA DE 0 A 12V","2010","JIMENOA","UN",1,{"$f":"+H338/F338","v":1362.5},{"v":1362.5,"d":"1,362.50"}]
["10002894","INDICADOR DE POTENCIA DE 0 A 12KV","2010","JIMENOA","UN",1,{"$f":"+H339/F339","v":1362.5},{"v":1362.5,"d":"1,362.50"}]
["10002895","CONTADOR NQ0217","2010","JIMENOA","UN",1,{"$f":"+H340/F340","v":5722.5},{"v":5722.5,"d":"5,722.50"}]
["10002896","TRANSDUCTOR DE VOLTAJE AC 120V-5AMP","2009","RIO BLANCO","UN",28,{"$f":"+H341/F341","v":25116.8},{"v":703270.4,"d":"703,270.40"}]
["10002896","TRANSDUCTOR DE VOLTAJE AC 120V-5AMP","2010","JIMENOA","UN",1,{"$f":"+H342/F342","v":6184},{"v":6184,"d":"6,184.00"}]
["10002897","TRANSDUCTOR DE FRECUENCIA 65Hz","2010","JIMENOA","UN",1,{"$f":"+H343/F343","v":5904},{"v":5904,"d":"5,904.00"}]
["10002897","TRANSDUCTOR DE FRECUENCIA 65Hz","2015","JIGüEY","UN",1,{"$f":"+H344/F344","v":0},{"v":0,"d":"0.00"}]
["10002898","TRANSDUCTOR DE POTENCIA CORRIENTE M1","2010","JIMENOA","UN",1,{"$f":"+H345/F345","v":3680.75},{"v":3680.75,"d":"3,680.75"}]
["10002900","CONTACTO AUXILIAR DE RELAY M09-10E","2010","JIMENOA","UN",1,{"$f":"+H346/F346","v":4487},{"v":4487,"d":"4,487.00"}]
["10002902","CONECTOR DE CABLE TRIPOLAR 1SDA013652R1","2010","JIMENOA","UN",1,{"$f":"+H347/F347","v":4339.5},{"v":4339.5,"d":"4,339.50"}]
["10002903","CONECTOR D/CABLE  ABB 1SNA013761R1","2010","JIMENOA","UN",6,{"$f":"+H348/F348","v":2389.5},{"v":14337,"d":"14,337.00"}]
["10002904","RELAY PROTECCION DE TEMPERATURA T154","2005","MONCION","UN",2,{"$f":"+H349/F349","v":88500},{"v":177000,"d":"177,000.00"}]
["10002905","CONMUTADOR BRETER LE2-20","2010","JIMENOA","UN",1,{"$f":"+H350/F350","v":0},{"v":0,"d":"0.00"}]
["10002906","CONTADOR ABB CA5-10","2010","JIMENOA","UN",2,{"$f":"+H351/F351","v":0},{"v":0,"d":"0.00"}]
["10002909","PULSADOR 800P-F4 ALLEN BRADLEY","2010","JIMENOA","UN",1,{"$f":"+H352/F352","v":11733.5},{"v":11733.5,"d":"11,733.50"}]
["10002910","PULSADOR VERDE ZBE-102","2028","BRAZO DERECHO","UN",4,{"$f":"+H353/F353","v":1},{"v":4,"d":"4.00"}]
["10002911","RELAY TEMPORIZADOR A1953N","2010","JIMENOA","UN",1,{"$f":"+H354/F354","v":13883},{"v":13883,"d":"13,883.00"}]
["10002912","BOBINA DE CONTACTOR ABB-BC25-30-10","2010","JIMENOA","UN",2,{"$f":"+H355/F355","v":3750.5},{"v":7501,"d":"7,501.00"}]
["10002913","MEDIDOR DE PRESION MOD-2046S","2011","PINALITO","UN",1,{"$f":"+H356/F356","v":0.01},0.01]
["10002914","VOLTIMETRO M90113150","2011","PINALITO","UN",1,{"$f":"+H357/F357","v":0.01},0.01]
["10002915","TORNILLO HEXAGONAL 10 x 21 MM","2005","MONCION","UN",72,{"$f":"+H358/F358","v":0},{"v":0,"d":"0.00"}]
["10002916","RODAMIENTO FBJ 22217 CAK/W33 C3","2005","MONCION","UN",2,{"$f":"+H359/F359","v":0},{"v":0,"d":"0.00"}]
["10002916","RODAMIENTO FBJ 22217 CAK/W33 C3","2020","SABANA YEGUA","UN",5,{"$f":"+H360/F360","v":1},{"v":5,"d":"5.00"}]
["10002917","FILTRO DE ACEITE BALDWIN  PT9226","2022","DOMINGO RODRIGUEZ","UN",3,{"$f":"+H361/F361","v":0},{"v":0,"d":"0.00"}]
["10002919","COUPLING ACERO INOX 1/2\" X 3\"","2022","DOMINGO RODRIGUEZ","UN",7,{"$f":"+H362/F362","v":0},{"v":0,"d":"0.00"}]
["10002921","VAVULA REGULADORA DE FLUJO HIDRAULICO","2022","DOMINGO RODRIGUEZ","UN",1,{"$f":"+H363/F363","v":0},{"v":0,"d":"0.00"}]
["10002922","ESPARRAGO CON TUERCA 245 X 22MM","2015","JIGüEY","UN",8,{"$f":"+H364/F364","v":0},{"v":0,"d":"0.00"}]
["10002923","brida acero inox 3 A 4 hoyo","2021","SABANETA","UN",2,{"$f":"+H365/F365","v":0},{"v":0,"d":"0.00"}]
["10002924","\"TORNILLOS 5/8\"\"X2\"\"\"","2022","DOMINGO RODRIGUEZ","UN",2,{"$f":"+H366/F366","v":1},{"v":2,"d":"2.00"}]
["10002927","TRANSFORMADOR DE ATTAS 40VA/TIPO TL","2005","MONCION","UN",1,{"$f":"+H367/F367","v":0},{"v":0,"d":"0.00"}]
["10002928","FUSIBLE DE CRISTAL 1A","2022","DOMINGO RODRIGUEZ","UN",30,{"$f":"+H368/F368","v":0},{"v":0,"d":"0.00"}]
["10002929","JUNTA P/ INTERCAMBIADOR DE CALOR","2016","AGUACATE","UN",32,{"$f":"+H369/F369","v":1},{"v":32,"d":"32.00"}]
["10002930","RODAMIENTO UN 308 ECJ","2015","JIGüEY","UN",3,{"$f":"+H370/F370","v":0},{"v":0,"d":"0.00"}]
["10002931","BOTON DE COMANDO 3SB3 ROJO","2016","AGUACATE","UN",6,{"$f":"+H371/F371","v":0.01},0.06]
["10002932","RELE SEL-311","2016","AGUACATE","UN",1,{"$f":"+H372/F372","v":0.01},0.01]
["10002933","INTERRUP.MANUAL P/TABLERO DE PROCTC.","2016","AGUACATE","UN",2,{"$f":"+H373/F373","v":0.01},0.02]
["10002934","BOTON DE COMANDO 3SB3 NEGRO","2016","AGUACATE","UN",1,{"$f":"+H374/F374","v":0.01},0.01]
["10002936","BOMBILLA DE 75W 120V P/SIST ILUMINACION","2003","ANGOSTURA","UN",5,{"$f":"+H375/F375","v":0},{"v":0,"d":"0.00"}]
["10002938","CARTONES D/FILTRO PRENSA","2021","SABANETA","UN",70,{"$f":"+H376/F376","v":0},{"v":0,"d":"0.00"}]
["10002939","FUSIBLE BBC TIPO CEF 25A UN 17.5KV 13/3X","2003","ANGOSTURA","UN",3,{"$f":"+H377/F377","v":38.15},114.45]
["10002941","FUSIBLE SIBA 500V 4A NH 00C GL","2003","ANGOSTURA","UN",3,{"$f":"+H378/F378","v":39.9},{"v":119.7,"d":"119.70"}]
["10002942","FUSIBLE SIBA 80A 500V NH00-GL","2003","ANGOSTURA","UN",11,{"$f":"+H379/F379","v":0},{"v":0,"d":"0.00"}]
["10002943","FUSIBLE MICAF MH-00 80A GL 500V","2003","ANGOSTURA","UN",3,{"$f":"+H380/F380","v":0},{"v":0,"d":"0.00"}]
["10002945","FUSIBLE VERLUSTARM 500V 63A No. 24585.24","2003","ANGOSTURA","UN",3,{"$f":"+H381/F381","v":190.20000000000002},{"v":570.6,"d":"570.60"}]
["10002946","BOBINAS TELEMECANIQUE TIPO LX4-DIZ 110VC","2003","ANGOSTURA","UN",25,{"$f":"+H382/F382","v":0},{"v":0,"d":"0.00"}]
["10002947","BOBINA 110V DC No.A-110 31/1W 11000-0.01","2003","ANGOSTURA","UN",4,{"$f":"+H383/F383","v":0},{"v":0,"d":"0.00"}]
["10002947","BOBINA 110V DC No.A-110 31/1W 11000-0.01","2005","MONCION","UN",3,{"$f":"+H384/F384","v":0},{"v":0,"d":"0.00"}]
["10002949","BOBINA 240V/60Hz LX1 FF200","2003","ANGOSTURA","UN",2,{"$f":"+H385/F385","v":55.41},110.82]
["10002950","BOBINA PARA RELE AUXILIAR 110V/60Hz BBC","2003","ANGOSTURA","UN",2,{"$f":"+H386/F386","v":0},{"v":0,"d":"0.00"}]
["10002950","BOBINA PARA RELE AUXILIAR 110V/60Hz BBC","2008","HATILLO","UN",2,{"$f":"+H387/F387","v":1},{"v":2,"d":"2.00"}]
["10002951","JUNTA TWINSET 115/140 X 32","2003","ANGOSTURA","UN",8,{"$f":"+H388/F388","v":63.15},{"v":505.2,"d":"505.20"}]
["10002952","JUNTA TWINSET 110/135 X 32 MM","2003","ANGOSTURA","UN",9,{"$f":"+H389/F389","v":71.43},642.87]
["10002954","JUNTA ORING DIAM 7#51 P/TURBINA","2003","ANGOSTURA","UN",25,{"$f":"+H390/F390","v":0},{"v":0,"d":"0.00"}]
["10002955","JUNTA ORING DIAM 7 #63 REF-F43 P/TURBINA","2003","ANGOSTURA","UN",91,{"$f":"+H391/F391","v":2.15},195.65]
["10002957","JUNTA ORING 5.33 #44 F11 P/TURBINA","2003","ANGOSTURA","UN",2,{"$f":"+H392/F392","v":7.15},{"v":14.3,"d":"14.30"}]
["10002957","JUNTA ORING 5.33 #44 F11 P/TURBINA","2005","MONCION","UN",1,{"$f":"+H393/F393","v":0},{"v":0,"d":"0.00"}]
["10002958","JUNTA ORING 5.33 #47 REF-F12 P/TURBINA","2003","ANGOSTURA","UN",2,{"$f":"+H394/F394","v":7.15},{"v":14.3,"d":"14.30"}]
["10002960","JUNTA ORING 3.6 #26 REF-F22 P/TURBINA","2003","ANGOSTURA","UN",4,{"$f":"+H395/F395","v":2.14},8.56]
["10002961","JUNTA ORING DIAM 7#6 REF-F23 P/TURBINA","2003","ANGOSTURA","UN",2,{"$f":"+H396/F396","v":0},{"v":0,"d":"0.00"}]
["10002962","JUNTA ESTANQUEIDA 240/290 X 25 REF-V14","2003","ANGOSTURA","UN",2,{"$f":"+H397/F397","v":22.8},{"v":45.6,"d":"45.60"}]
["10002967","JUNTA ORING 2.7 #6 REF-F26 P/TURBINA","2003","ANGOSTURA","UN",7,{"$f":"+H398/F398","v":0},{"v":0,"d":"0.00"}]
["10002968","JUNTA ORING 3.6 #16 REF-F27 P/TURBINA","2003","ANGOSTURA","UN",1,{"$f":"+H399/F399","v":3.1},{"v":3.1,"d":"3.10"}]
["10002971","JUNTA TWINSET 80/100/24 REF-F1 P/TURBINA","2003","ANGOSTURA","UN",8,{"$f":"+H400/F400","v":0},{"v":0,"d":"0.00"}]
["10002972","JUNTA ORING 5.3 #43 REF-F34 P/TURBINA","2003","ANGOSTURA","UN",82,{"$f":"+H401/F401","v":3.1500000000000004},{"v":258.3,"d":"258.30"}]
["10002973","JUNTA ORING #17 F-42 P/E/R","2003","ANGOSTURA","UN",3,{"$f":"+H402/F402","v":2.02},6.06]
["10002974","JUNTA ORING #10 REF-F39 P/E/R","2003","ANGOSTURA","UN",26,{"$f":"+H403/F403","v":3.17},82.42]
["10002975","JUNTA ORING #7 RE-F40 P/E/R","2003","ANGOSTURA","UN",110,{"$f":"+H404/F404","v":129.01454545454547},{"v":14191.6,"d":"14,191.60"}]
["10002976","JUNTA DIAM 16/22 X 1.5 F41 P/E/R","2003","ANGOSTURA","UN",6,{"$f":"+H405/F405","v":3.1999999999999997},{"v":19.2,"d":"19.20"}]
["10002977","JUNTA DIAM 30/38 X 2 REF-F43 P/E/R","2003","ANGOSTURA","UN",4,{"$f":"+H406/F406","v":5.15},{"v":20.6,"d":"20.60"}]
["10002978","JUNTA METALOP 11/16 X 2 P/E/R","2003","ANGOSTURA","UN",3,{"$f":"+H407/F407","v":16.400000000000002},{"v":49.2,"d":"49.20"}]
["10002979","JUNTA20X26X1.5","2003","ANGOSTURA","UN",5,{"$f":"+H408/F408","v":14.209999999999999},71.05]
["10002980","JUNTA DIVERSAS P/E/R","2003","ANGOSTURA","UN",2,{"$f":"+H409/F409","v":190.15},{"v":380.3,"d":"380.30"}]
["10002981","JUNTA ORING #38 F-15 P/E/R","2003","ANGOSTURA","UN",2,{"$f":"+H410/F410","v":0},{"v":0,"d":"0.00"}]
["10002982","JUNTA ORING #46 REF-F16 P/E/R","2003","ANGOSTURA","UN",2,{"$f":"+H411/F411","v":16.4},{"v":32.8,"d":"32.80"}]
["10002983","JUNTA ORING #37 ERF-F17 P/E/R","2003","ANGOSTURA","UN",2,{"$f":"+H412/F412","v":9.31},18.62]
["10002984","JUNTA ORING #34 REF-F11 P/E/R","2003","ANGOSTURA","UN",2,{"$f":"+H413/F413","v":3.25},{"v":6.5,"d":"6.50"}]
["10002985","JUNTA ORING #36 F-13 P/E/R","2003","ANGOSTURA","UN",62,{"$f":"+H414/F414","v":4.1},{"v":254.2,"d":"254.20"}]
["10002987","JUNTA DIAM 14/19 X 1.5 REF-F19 P/E/R","2003","ANGOSTURA","UN",6,{"$f":"+H415/F415","v":13.12},78.72]
["10002989","JUNTA DIAM 33/42 X 2 P/E/R","2003","ANGOSTURA","UN",2,{"$f":"+H416/F416","v":2.05},{"v":4.1,"d":"4.10"}]
["10002990","JUNTA DIAM 22/30 X 2 F12 P/E/R","2003","ANGOSTURA","UN",1,{"$f":"+H417/F417","v":1.2},{"v":1.2,"d":"1.20"}]
["10002991","JUNTA DIAM 27 X 2 F-2 P/E/R","2003","ANGOSTURA","UN",1,{"$f":"+H418/F418","v":3.15},3.15]
["10002992","JUNTA ORING #40 REF-F15 P/E/R","2003","ANGOSTURA","UN",2,{"$f":"+H419/F419","v":2.58},5.16]
["10002993","JUNTA ORING #20 F10 P/E/R","2003","ANGOSTURA","UN",2,{"$f":"+H420/F420","v":2.13},4.26]
["10002994","JUNTA 30/38 X 2 F1 P/E/R","2003","ANGOSTURA","UN",4,{"$f":"+H421/F421","v":1.4},{"v":5.6,"d":"5.60"}]
["10002995","JUNTA TWINSET 22/12/11 F-31 P/E/R","2003","ANGOSTURA","UN",4,{"$f":"+H422/F422","v":31.26},125.04]
["10002996","JUNTA ORING #43 F13 F26 P/E/R","2003","ANGOSTURA","UN",15,{"$f":"+H423/F423","v":32.14},{"v":482.1,"d":"482.10"}]
["10002997","JUNTA DE COBRE 13/18 REF-F23 P/E/R","2003","ANGOSTURA","UN",2,{"$f":"+H424/F424","v":48.59},97.18]
["10002998","JUNTA ORING #17 REF-F37 P/E/R","2003","ANGOSTURA","UN",4,{"$f":"+H425/F425","v":23.15},{"v":92.6,"d":"92.60"}]
["10003000","JUNTA ORING #25 F-38 P/E/R","2003","ANGOSTURA","UN",28,{"$f":"+H426/F426","v":0},{"v":0,"d":"0.00"}]
["10003001","JUNTA ORING #7 F33 F100 P/E/R","2003","ANGOSTURA","UN",74,{"$f":"+H427/F427","v":1.4},{"v":103.6,"d":"103.60"}]
["10003002","JUNTA ORING #13 REF-F10 P/E/R","2003","ANGOSTURA","UN",6,{"$f":"+H428/F428","v":2.4},{"v":14.4,"d":"14.40"}]
["10003003","JUNTA D/AMIANTO 116 X 35 X 2MM P/G","2003","ANGOSTURA","UN",8,{"$f":"+H429/F429","v":41.4},{"v":331.2,"d":"331.20"}]
["10003004","JUNTA DE AMIANTO 142 X 90.2MM P/G","2003","ANGOSTURA","UN",24,{"$f":"+H430/F430","v":0},{"v":0,"d":"0.00"}]
["10003006","JUNTA P/DIESEL","2003","ANGOSTURA","UN",2,{"$f":"+H431/F431","v":0},{"v":0,"d":"0.00"}]
["10003007","JUNTA ORING 134.5 X 3MM","2003","ANGOSTURA","UN",4,{"$f":"+H432/F432","v":6.45},{"v":25.8,"d":"25.80"}]
["10003008","JUNTA ORING 94.5 X 3MM","2003","ANGOSTURA","UN",1,{"$f":"+H433/F433","v":3.91},3.91]
["10003009","JUNTA DE ASBESTO DE 50 X 435 X 2 MM","2003","ANGOSTURA","UN",1,{"$f":"+H434/F434","v":65.11},65.11]
["10003010","JUNTA 270 X 230 X 1.5","2003","ANGOSTURA","UN",3,{"$f":"+H435/F435","v":65.14999999999999},195.45]
["10003011","JUNTA ASBESTO P/VALVULA DE 2","2003","ANGOSTURA","UN",2,{"$f":"+H436/F436","v":38.4},{"v":76.8,"d":"76.80"}]
["10003012","JUNTA P/VALVULA ASBESTO DE 1 1/4","2003","ANGOSTURA","UN",2,{"$f":"+H437/F437","v":40.725},81.45]
["10003013","JUNTA DE ASBESTO DE 65M","2003","ANGOSTURA","UN",2,{"$f":"+H438/F438","v":31.4},{"v":62.8,"d":"62.80"}]
["10003016","JUNTA DE GOMA 10MM3","2003","ANGOSTURA","UN",5,{"$f":"+H439/F439","v":0},{"v":0,"d":"0.00"}]
["10003016","JUNTA DE GOMA 10MM3","2004","BAIGUAQUE","UN",1,{"$f":"+H440/F440","v":0},{"v":0,"d":"0.00"}]
["10003017","JUNTA DE GOMA 12MM","2003","ANGOSTURA","UN",3,{"$f":"+H441/F441","v":0},{"v":0,"d":"0.00"}]
["10003019","JUNTAB DE GOMA 7MM","2003","ANGOSTURA","UN",3,{"$f":"+H442/F442","v":19.400000000000002},{"v":58.2,"d":"58.20"}]
["10003019","JUNTAB DE GOMA 7MM","2017","VALDESIA","UN",8,{"$f":"+H443/F443","v":0},{"v":0,"d":"0.00"}]
["10003020","JUNTA DE GOMA 3.5MM","2003","ANGOSTURA","UN",8,{"$f":"+H444/F444","v":0},{"v":0,"d":"0.00"}]
["10003021","JUNTA TORICA P/TURBINA","2003","ANGOSTURA","UN",24,{"$f":"+H445/F445","v":0},{"v":0,"d":"0.00"}]
["10003022","JUNTA DE GOMA P/PANEL DE ACHIQUE","2003","ANGOSTURA","UN",3,{"$f":"+H446/F446","v":0},{"v":0,"d":"0.00"}]
["10003023","JUNTA DE GOMA 190 X 137 X 7","2003","ANGOSTURA","UN",8,{"$f":"+H447/F447","v":23.15},{"v":185.2,"d":"185.20"}]
["10003025","JUNTA D/GOMA 133 X 120 X 7MM","2003","ANGOSTURA","UN",1,{"$f":"+H448/F448","v":18.23},18.23]
["10003026","JUNTA D/GOMA 113 X 103 X 5","2003","ANGOSTURA","UN",2,{"$f":"+H449/F449","v":21.4},{"v":42.8,"d":"42.80"}]
["10003028","JUNTA 168 X 164 X 7MM","2003","ANGOSTURA","UN",4,{"$f":"+H450/F450","v":31.4},{"v":125.6,"d":"125.60"}]
["10003030","JUNTA D/GOMA 40X33X3.5","2003","ANGOSTURA","UN",3,{"$f":"+H451/F451","v":16.41},49.23]
["10003031","JUNTA 41 X 33 X 3.5 MM","2003","ANGOSTURA","UN",9,{"$f":"+H452/F452","v":11.41},102.69]
["10003032","JUNTA DE GOMA 43 X 37 X 3.5","2003","ANGOSTURA","UN",26,{"$f":"+H453/F453","v":21.4},{"v":556.4,"d":"556.40"}]
["10003033","JUNTA DE GOMA 44 X 38 X 3.5","2003","ANGOSTURA","UN",3,{"$f":"+H454/F454","v":22.150000000000002},66.45]
["10003034","JUNTA DE GOMA 160 X 145 X 7MM","2003","ANGOSTURA","UN",21,{"$f":"+H455/F455","v":3.1399999999999997},65.94]
["10003035","JUNTA DE GOMA 175 X 165 X 5MM","2003","ANGOSTURA","UN",2,{"$f":"+H456/F456","v":2.95},{"v":5.9,"d":"5.90"}]
["10003036","JUNTA DE GOMA 119X 110 X 5.5","2003","ANGOSTURA","UN",4,{"$f":"+H457/F457","v":6.4},{"v":25.6,"d":"25.60"}]
["10003037","JUNTA DE GOMA 33 X 26 X 3.5","2003","ANGOSTURA","UN",7,{"$f":"+H458/F458","v":2.9},{"v":20.3,"d":"20.30"}]
["10003038","JUNTA DE GOMA 19 X 14 X 1.5","2003","ANGOSTURA","UN",79,{"$f":"+H459/F459","v":1.9549367088607594},154.44]
["10003039","JUNTA DE GOMA 18 X 12 X 2.5","2003","ANGOSTURA","UN",73,{"$f":"+H460/F460","v":1.48},108.04]
["10003040","JUNTA DE GOMA 173 X 158 X 7","2003","ANGOSTURA","UN",21,{"$f":"+H461/F461","v":3},{"v":63,"d":"63.00"}]
["10003041","JUNTA DE GOMA 22 X 17 X 2.5MM","2003","ANGOSTURA","UN",68,{"$f":"+H462/F462","v":2.0500000000000003},{"v":139.4,"d":"139.40"}]
["10003042","JUNTA DE GOMA 75 X 64 X 5","2003","ANGOSTURA","UN",5,{"$f":"+H463/F463","v":3.2},{"v":16,"d":"16.00"}]
["10003045","JUNTA DE GOMA 30 X 22 X 2","2003","ANGOSTURA","UN",45,{"$f":"+H464/F464","v":0},{"v":0,"d":"0.00"}]
["10003046","JUNTA DE GOMA 240.7 X 6.99 MM","2003","ANGOSTURA","UN",57,{"$f":"+H465/F465","v":1.31},74.67]
["10003046","JUNTA DE GOMA 240.7 X 6.99 MM","2028","BRAZO DERECHO","UN",2,{"$f":"+H466/F466","v":0},{"v":0,"d":"0.00"}]
["10003047","JUNTA DE GOMA NO. 68","2003","ANGOSTURA","UN",95,{"$f":"+H467/F467","v":1.45},137.75]
["10003048","JUNTA DE GOMA 304.17 X 6.99","2003","ANGOSTURA","UN",6,{"$f":"+H468/F468","v":1.4000000000000001},{"v":8.4,"d":"8.40"}]
["10003058","CORDON DIAM. 20 REF. F15 P/TURBINA","2003","ANGOSTURA","UN",{"v":21.6,"d":"21.600"},{"$f":"+H469/F469","v":0},{"v":0,"d":"0.00"}]
["10003065","JUNTA DE ONZ # 32 REF. 20","2003","ANGOSTURA","UN",3,{"$f":"+H470/F470","v":100},{"v":300,"d":"300.00"}]
["10003066","JUNTA DE O'SING 7 # 1","2003","ANGOSTURA","UN",2,{"$f":"+H471/F471","v":30},{"v":60,"d":"60.00"}]
["10003069","EMPAQUETADURA 123 X 124","2003","ANGOSTURA","UN",2,{"$f":"+H472/F472","v":31.5},{"v":63,"d":"63.00"}]
["10003070","EMPAQUETADURA 48 X 32MM","2003","ANGOSTURA","UN",2,{"$f":"+H473/F473","v":31.4},{"v":62.8,"d":"62.80"}]
["10003071","EMPAQUETADURA 32 X 19MM","2003","ANGOSTURA","UN",30,{"$f":"+H474/F474","v":28.3},{"v":849,"d":"849.00"}]
["10003072","EMPAQUETADURA 35 X 22.5","2003","ANGOSTURA","UN",3,{"$f":"+H475/F475","v":31.5},{"v":94.5,"d":"94.50"}]
["10003073","EMPAQUETADURA 38.5 X 25.5","2003","ANGOSTURA","UN",27,{"$f":"+H476/F476","v":32.4},{"v":874.8,"d":"874.80"}]
["10003077","JUNTA DE GOMA 28 X 21 X 3.5","2003","ANGOSTURA","UN",50,{"$f":"+H477/F477","v":1.21},{"v":60.5,"d":"60.50"}]
["10003078","JUNTA DE GOMA 55 X 44 X 5","2003","ANGOSTURA","UN",34,{"$f":"+H478/F478","v":2.04},69.36]
["10003079","JUNTA DE GOMA 77 X 67 X 5","2003","ANGOSTURA","UN",45,{"$f":"+H479/F479","v":2.05},92.25]
["10003080","JUNTA DE GOMA 188X 175 X 7MM","2003","ANGOSTURA","UN",8,{"$f":"+H480/F480","v":11.4},{"v":91.2,"d":"91.20"}]
["10003081","JUNTA DE GOMA 165 X 149 X 7","2003","ANGOSTURA","UN",1,{"$f":"+H481/F481","v":8.7},{"v":8.7,"d":"8.70"}]
["10003082","JUNTA DE GOMA 17 X 13.5 X 3MM","2003","ANGOSTURA","UN",2,{"$f":"+H482/F482","v":2.04},4.08]
["10003084","JUNTA DE GOMA 52 X 41 X 2","2003","ANGOSTURA","UN",22,{"$f":"+H483/F483","v":2.1},{"v":46.2,"d":"46.20"}]
["10003085","JUNTA DE GOMA 48 X 59 X 2","2003","ANGOSTURA","UN",8,{"$f":"+H484/F484","v":3.04},24.32]
["10003088","JUNTA DE GOMA 18 X 24 X 1.5","2003","ANGOSTURA","UN",30,{"$f":"+H485/F485","v":1.3099999999999998},{"v":39.3,"d":"39.30"}]
["10003089","JUNTA DE GOMA 33 X 42 X 2MM","2003","ANGOSTURA","UN",2,{"$f":"+H486/F486","v":1.18},2.36]
["10003090","JUNTA DE GOMA DE 27 X 35 X 2","2003","ANGOSTURA","UN",2,{"$f":"+H487/F487","v":1.1},{"v":2.2,"d":"2.20"}]
["10003091","JUNTA DE GOMA 80 X 68 X 3","2003","ANGOSTURA","UN",1,{"$f":"+H488/F488","v":1.9},{"v":1.9,"d":"1.90"}]
["10003092","JUNTA DE GOMA P/BOMBA D/ACHIQUE 18MW","2003","ANGOSTURA","UN",2,{"$f":"+H489/F489","v":0},{"v":0,"d":"0.00"}]
["10003093","JUNTA DE GOMA REF. 3A64","2003","ANGOSTURA","UN",1,{"$f":"+H490/F490","v":98.4},{"v":98.4,"d":"98.40"}]
["10003094","JUNTA DE GOMA P/ATERRIZAJE D/GATO","2003","ANGOSTURA","UN",1,{"$f":"+H491/F491","v":87.95},87.95]
["10003096","JUNTA 160  X 190","2003","ANGOSTURA","UN",5,{"$f":"+H492/F492","v":131.31},656.55]
["10003097","JUNTA 135 X 160","2003","ANGOSTURA","UN",5,{"$f":"+H493/F493","v":121.00999999999999},605.05]
["10003100","JUNTA 10 X 3 P/TURBINA REF. 3B3","2003","ANGOSTURA","UN",1,{"$f":"+H494/F494","v":0},{"v":0,"d":"0.00"}]
["10003102","JUNTA Y RETENEDORA P/SERVEMOTOR PUENTE G","2003","ANGOSTURA","UN",1,{"$f":"+H495/F495","v":0},{"v":0,"d":"0.00"}]
["10003102","JUNTA Y RETENEDORA P/SERVEMOTOR PUENTE G","2027","PALOMINO","UN",4,{"$f":"+H496/F496","v":0},{"v":0,"d":"0.00"}]
["10003103","JUNTAS 19 X 14 X15MM GOMA","2003","ANGOSTURA","UN",14,{"$f":"+H497/F497","v":8.9},{"v":124.6,"d":"124.60"}]
["10003107","JUNTA P/BOMBA DE ACHIQUE 14 X 19 X 15MM","2003","ANGOSTURA","UN",2,{"$f":"+H498/F498","v":0},{"v":0,"d":"0.00"}]
["10003108","JUNTA ASBESTO 400 X320MM","2003","ANGOSTURA","UN",4,{"$f":"+H499/F499","v":10.15},{"v":40.6,"d":"40.60"}]
["10003109","\"JUNTA ASBESTO [CORREA] 2\"\" X 59\"\"\"","2003","ANGOSTURA","UN",11,{"$f":"+H500/F500","v":10.15},111.65]
["10003110","BANDA 97 X 38 X 1.5 F-12 P/TURBINA","2003","ANGOSTURA","UN",9,{"$f":"+H501/F501","v":0},{"v":0,"d":"0.00"}]
["10003111","BANDA 163 X 397 X 1.5 F-1 P/TURBINA","2003","ANGOSTURA","UN",15,{"$f":"+H502/F502","v":28},{"v":420,"d":"420.00"}]
["10003112","BANDA 115 X 365 X 16.5 D/TEFLON","2003","ANGOSTURA","UN",46,{"$f":"+H503/F503","v":0},{"v":0,"d":"0.00"}]
["10003113","BANDA 60 X 365  X 1.5","2003","ANGOSTURA","UN",7,{"$f":"+H504/F504","v":0},{"v":0,"d":"0.00"}]
["10003114","BANDA 20 X 3 F-18 P/E/R","2003","ANGOSTURA","UN",6,{"$f":"+H505/F505","v":0},{"v":0,"d":"0.00"}]
["10003115","UNION DESLIZ. DIAM 6 P/VAINA REF-F41","2003","ANGOSTURA","UN",4,{"$f":"+H506/F506","v":0},{"v":0,"d":"0.00"}]
["10003116","UNION DE FRENANDO DE LA GRUA","2003","ANGOSTURA","UN",2,{"$f":"+H507/F507","v":69.25},{"v":138.5,"d":"138.50"}]
["10003117","FILTRO DE AIRE P/DIESEL DE EMERGENCIA","2003","ANGOSTURA","UN",2,{"$f":"+H508/F508","v":285},{"v":570,"d":"570.00"}]
["10003118","FILTRO DE ACEITE P/DIESEL DE EMERGENCIA","2003","ANGOSTURA","UN",11,{"$f":"+H509/F509","v":0},{"v":0,"d":"0.00"}]
["10003120","CARTUCHO FILTRANTE 79 MICRAS P/FITRO E/R","2017","VALDESIA","UN",1,{"$f":"+H510/F510","v":0},{"v":0,"d":"0.00"}]
["10003121","RESORTE REF/F52 P/E/R","2003","ANGOSTURA","UN",6,{"$f":"+H511/F511","v":145},{"v":870,"d":"870.00"}]
["10003122","RESORTE TOSION DERECHA FER. CH-5030","2003","ANGOSTURA","UN",4,{"$f":"+H512/F512","v":78.45},{"v":313.8,"d":"313.80"}]
["10003123","RESORTE TORSION IZQUIERDA REF-CH-5030","2003","ANGOSTURA","UN",2,{"$f":"+H513/F513","v":78.45},{"v":156.9,"d":"156.90"}]
["10003124","RESORTE REF-3B3","2003","ANGOSTURA","UN",2,{"$f":"+H514/F514","v":95},{"v":190,"d":"190.00"}]
["10003125","SEGURO 65 REF.EMG 000535 P/GENER.","2003","ANGOSTURA","UN",35,{"$f":"+H515/F515","v":3.9954285714285716},139.84]
["10003126","CONECCION FLEXIBLE EMG 20156 F3 P/GENER.","2003","ANGOSTURA","UN",4,{"$f":"+H516/F516","v":128.9},{"v":515.6,"d":"515.60"}]
["10003127","MANGUERA DE REFRIGERACION P/DIESEL","2003","ANGOSTURA","UN",2,{"$f":"+H517/F517","v":245},{"v":490,"d":"490.00"}]
["10003130","CORREA 10X6X1400","2003","ANGOSTURA","UN",1,{"$f":"+H518/F518","v":255.5},{"v":255.5,"d":"255.50"}]
["10003131","CONJUNTO D/PARTES P/EQUIPO REGULACION","2003","ANGOSTURA","UN",1,{"$f":"+H519/F519","v":3700},{"v":3700,"d":"3,700.00"}]
["10003132","CONJUNTO DE SUSPENCION PALO","2003","ANGOSTURA","UN",2,{"$f":"+H520/F520","v":2300},{"v":4600,"d":"4,600.00"}]
["10003133","TAPON PULGA 20X60 MM","2003","ANGOSTURA","UN",1,{"$f":"+H521/F521","v":0},{"v":0,"d":"0.00"}]
["10003134","TAPON PULGA DE 3/4","2003","ANGOSTURA","UN",2,{"$f":"+H522/F522","v":84.15},{"v":168.3,"d":"168.30"}]
["10003135","TOPE DE GOMA  REF.547593","2003","ANGOSTURA","UN",24,{"$f":"+H523/F523","v":425},{"v":10200,"d":"10,200.00"}]
["10003136","ZAPATA C/FERODO P/FRENO GENESA GEBH/200","2003","ANGOSTURA","UN",2,{"$f":"+H524/F524","v":495},{"v":990,"d":"990.00"}]
["10003136","ZAPATA C/FERODO P/FRENO GENESA GEBH/200","2007","RINCON","UN",8,{"$f":"+H525/F525","v":0},{"v":0,"d":"0.00"}]
["10003137","ZAPATA C/FERODO P/FRENO GENESA GEB-315/7","2003","ANGOSTURA","UN",2,{"$f":"+H526/F526","v":495},{"v":990,"d":"990.00"}]
["10003140","CALIBRADOR DE PRESION SERIE 621606","2003","ANGOSTURA","UN",2,{"$f":"+H527/F527","v":4219},{"v":8438,"d":"8,438.00"}]
["10003141","CANCAMO 18MM P/TURBINA","2003","ANGOSTURA","UN",3,{"$f":"+H528/F528","v":215},{"v":645,"d":"645.00"}]
["10003142","CANCAMO 30MM P/TURBINA","2003","ANGOSTURA","UN",4,{"$f":"+H529/F529","v":390},{"v":1560,"d":"1,560.00"}]
["10003143","CANCAMO 24MM P/TURB","2003","ANGOSTURA","UN",5,{"$f":"+H530/F530","v":380},{"v":1900,"d":"1,900.00"}]
["10003144","CANCAMO D/G","2003","ANGOSTURA","UN",4,{"$f":"+H531/F531","v":38.45},{"v":153.8,"d":"153.80"}]
["10003147","CANCAMO DE 3/8 P/TURBINA","2003","ANGOSTURA","UN",2,{"$f":"+H532/F532","v":25},{"v":50,"d":"50.00"}]
["10003150","CANCAMO 9X85 TURB","2003","ANGOSTURA","UN",3,{"$f":"+H533/F533","v":16.94},50.82]
["10003151","CANDADO 10X150MM P/TURB","2003","ANGOSTURA","UN",3,{"$f":"+H534/F534","v":23.400000000000002},{"v":70.2,"d":"70.20"}]
["10003152","CANDADO ARANDELA P/TURBINA","2003","ANGOSTURA","UN",456,{"$f":"+H535/F535","v":45},{"v":20520,"d":"20,520.00"}]
["10003154","CASQUILLO 115X23.5MM","2003","ANGOSTURA","UN",2,{"$f":"+H536/F536","v":115},{"v":230,"d":"230.00"}]
["10003155","CASQUILLO 140X25MM","2003","ANGOSTURA","UN",2,{"$f":"+H537/F537","v":145},{"v":290,"d":"290.00"}]
["10003156","CASQUILLO SEPARADOR 17X12X9","2003","ANGOSTURA","UN",33,{"$f":"+H538/F538","v":68.39999999999999},{"v":2257.2,"d":"2,257.20"}]
["10003157","FORROS P/FRENO","2003","ANGOSTURA","UN",4,{"$f":"+H539/F539","v":295},{"v":1180,"d":"1,180.00"}]
["10003158","LAMINA DE 2 ORIFICIO DE 10MM","2003","ANGOSTURA","UN",11,{"$f":"+H540/F540","v":37.5},{"v":412.5,"d":"412.50"}]
["10003159","NOTA MICA 15X105MM","2003","ANGOSTURA","UN",4,{"$f":"+H541/F541","v":345},{"v":1380,"d":"1,380.00"}]
["10003163","PALETA P/TURBINA","2005","MONCION","UN",3,{"$f":"+H542/F542","v":0},{"v":0,"d":"0.00"}]
["10003165","DISCO P/SUSPENSION DEL ROTOR","2003","ANGOSTURA","UN",1,{"$f":"+H543/F543","v":1375},{"v":1375,"d":"1,375.00"}]
["10003169","JALON SUPERIOR P/DESMONTAJE D/TURBINA","2003","ANGOSTURA","UN",4,{"$f":"+H544/F544","v":120},{"v":480,"d":"480.00"}]
["10003170","JALON P/EJE INTERMEDIO DE TURBINA","2003","ANGOSTURA","UN",1,{"$f":"+H545/F545","v":115},{"v":115,"d":"115.00"}]
["10003172","PIEZA P/CENTRADO D/TURBINA","2003","ANGOSTURA","UN",1,{"$f":"+H546/F546","v":0},{"v":0,"d":"0.00"}]
["10003183","CONTACTO MOVIL CPL REF-175732","2003","ANGOSTURA","UN",20,{"$f":"+H547/F547","v":315},{"v":6300,"d":"6,300.00"}]
["10003185","CONTACTO REF.V1-1 P/RELE CSI","2003","ANGOSTURA","UN",1,{"$f":"+H548/F548","v":214},{"v":214,"d":"214.00"}]
["10003186","CONTACTO P/SISTEMA CO2 500V 10A","2003","ANGOSTURA","UN",2,{"$f":"+H549/F549","v":319},{"v":638,"d":"638.00"}]
["10003187","CONTACTO P/SECCIONADOR 138KV","2003","ANGOSTURA","UN",12,{"$f":"+H550/F550","v":173},{"v":2076,"d":"2,076.00"}]
["10003188","CONTACTO MOVIL P/SECCIONADOR 138KV","2003","ANGOSTURA","UN",6,{"$f":"+H551/F551","v":280},{"v":1680,"d":"1,680.00"}]
["10003193","O'RING D/GOMA 455.80 P1 P/PRENSA HIDROEL","2003","ANGOSTURA","UN",1,{"$f":"+H552/F552","v":645},{"v":645,"d":"645.00"}]
["10003196","FUSIBLE XN20 4A 500V","2003","ANGOSTURA","UN",20,{"$f":"+H553/F553","v":0},{"v":0,"d":"0.00"}]
["10003197","FUSIBLE XD20 2A 500V","2003","ANGOSTURA","UN",3,{"$f":"+H554/F554","v":17.5},{"v":52.5,"d":"52.50"}]
["10003199","FUSIBLE XM20 16A 500V","2003","ANGOSTURA","UN",15,{"$f":"+H555/F555","v":23.15},347.25]
["10003200","FUSIBLE XM20 10A 500V","2003","ANGOSTURA","UN",10,{"$f":"+H556/F556","v":23.2},{"v":232,"d":"232.00"}]
["10003201","\"FUSIBLE P/TIRISTOR 600VAC 1,250AMPS\"","2003","ANGOSTURA","UN",6,{"$f":"+H557/F557","v":137.4},{"v":824.4,"d":"824.40"}]
["10003202","FUSIBLE 22X58 500V 80A","2003","ANGOSTURA","UN",10,{"$f":"+H558/F558","v":38.15},{"v":381.5,"d":"381.50"}]
["10003203","FUSIBLE 103X38 10A 500V","2003","ANGOSTURA","UN",1,{"$f":"+H559/F559","v":33.4},{"v":33.4,"d":"33.40"}]
["10003204","FUSIBLE 103 X 38 16A 500V","2003","ANGOSTURA","UN",1,{"$f":"+H560/F560","v":63.2},{"v":63.2,"d":"63.20"}]
["10003205","FUSIBLE KLK 6A 500V","2003","ANGOSTURA","UN",1,{"$f":"+H561/F561","v":17.15},17.15]
["10003206","FUSIBLE KLK 10A 500V","2002","TAVERA","UN",20,{"$f":"+H562/F562","v":0.01},{"v":0.2,"d":"0.20"}]
["10003206","FUSIBLE KLK 10A 500V","2003","ANGOSTURA","UN",4,{"$f":"+H563/F563","v":0},{"v":0,"d":"0.00"}]
["10003207","FUSIBLE TIPO BOTELLA 10A 500V","2002","TAVERA","UN",5,{"$f":"+H564/F564","v":0},{"v":0,"d":"0.00"}]
["10003207","FUSIBLE TIPO BOTELLA 10A 500V","2003","ANGOSTURA","UN",13,{"$f":"+H565/F565","v":23.169999999999998},301.21]
["10003208","FUSIBLE TIPO BOTELLA 4A 500V","2002","TAVERA","UN",13,{"$f":"+H566/F566","v":0.01},0.13]
["10003209","FUSIBLE TIPO BOTELLA 63A 500V","2002","TAVERA","UN",25,{"$f":"+H567/F567","v":0},{"v":0,"d":"0.00"}]
["10003209","FUSIBLE TIPO BOTELLA 63A 500V","2003","ANGOSTURA","UN",9,{"$f":"+H568/F568","v":38.150000000000006},343.35]
["10003210","FUSIBLE TIPO BOTELLA 25A 500V","2002","TAVERA","UN",7,{"$f":"+H569/F569","v":0.01},0.07]
["10003210","FUSIBLE TIPO BOTELLA 25A 500V","2003","ANGOSTURA","UN",3,{"$f":"+H570/F570","v":27.5},{"v":82.5,"d":"82.50"}]
["10003210","FUSIBLE TIPO BOTELLA 25A 500V","2016","AGUACATE","UN",13,{"$f":"+H571/F571","v":0},{"v":0,"d":"0.00"}]
["10003211","FUSIBLE TIPO BOTELLA 35A 500V","2002","TAVERA","UN",9,{"$f":"+H572/F572","v":0},{"v":0,"d":"0.00"}]
["10003211","FUSIBLE TIPO BOTELLA 35A 500V","2003","ANGOSTURA","UN",15,{"$f":"+H573/F573","v":28.3},{"v":424.5,"d":"424.50"}]
["10003211","FUSIBLE TIPO BOTELLA 35A 500V","2016","AGUACATE","UN",6,{"$f":"+H574/F574","v":0},{"v":0,"d":"0.00"}]
["10003212","FUSIBLE TIPO BOTELLA 6A 500V","2003","ANGOSTURA","UN",4,{"$f":"+H575/F575","v":23.14},92.56]
["10003212","FUSIBLE TIPO BOTELLA 6A 500V","2016","AGUACATE","UN",2,{"$f":"+H576/F576","v":0},{"v":0,"d":"0.00"}]
["10003213","FUSIBLE VERLUSTAN 500V 50A","2003","ANGOSTURA","UN",3,{"$f":"+H577/F577","v":61.199999999999996},{"v":183.6,"d":"183.60"}]
["10003214","FUSIBLE VERLUSTAN 35A 500V","2003","ANGOSTURA","UN",1,{"$f":"+H578/F578","v":58.4},{"v":58.4,"d":"58.40"}]
["10003216","FUSIBLE VERLUSTAN 125A 500V","2003","ANGOSTURA","UN",8,{"$f":"+H579/F579","v":89.15},{"v":713.2,"d":"713.20"}]
["10003217","FUSIBLE NH-SICMG 160A 500V","2003","ANGOSTURA","UN",2,{"$f":"+H580/F580","v":109.4},{"v":218.8,"d":"218.80"}]
["10003218","FUSIBLE LEGRAN 160A 500V","2003","ANGOSTURA","UN",6,{"$f":"+H581/F581","v":79.89},479.34]
["10003219","FUSIBLE JEAN MULLER 80A 500V","2003","ANGOSTURA","UN",3,{"$f":"+H582/F582","v":105.39999999999999},{"v":316.2,"d":"316.20"}]
["10003220","FUSIBLE VERLUSTARN 100A 500 V","2003","ANGOSTURA","UN",3,{"$f":"+H583/F583","v":220},{"v":660,"d":"660.00"}]
["10003221","FUSIBLE NHSCHMG 500V 100A","2003","ANGOSTURA","UN",10,{"$f":"+H584/F584","v":108.4},{"v":1084,"d":"1,084.00"}]
["10003222","FUSIBLE LIDNER 16 AMPS P/DIESEL EMERG.","2003","ANGOSTURA","UN",12,{"$f":"+H585/F585","v":16.400000000000002},{"v":196.8,"d":"196.80"}]
["10003225","BOMBILO 24V 5W","2003","ANGOSTURA","UN",22,{"$f":"+H586/F586","v":6.45},{"v":141.9,"d":"141.90"}]
["10003226","BOMBILLO 24-30V 1W","2003","ANGOSTURA","UN",2,{"$f":"+H587/F587","v":0},{"v":0,"d":"0.00"}]
["10003227","BOMBILLO 48-60B 4W","2003","ANGOSTURA","UN",49,{"$f":"+H588/F588","v":7.4},{"v":362.6,"d":"362.60"}]
["10003229","BOMBILLO B80-80MA","2003","ANGOSTURA","UN",70,{"$f":"+H589/F589","v":4.15},{"v":290.5,"d":"290.50"}]
["10003230","BOMBILLO 48-B5MA","2003","ANGOSTURA","UN",80,{"$f":"+H590/F590","v":0},{"v":0,"d":"0.00"}]
["10003231","BOMBILLO 60B-30MA","2003","ANGOSTURA","UN",54,{"$f":"+H591/F591","v":0},{"v":0,"d":"0.00"}]
["10003232","BOMBILLO DE 24V 60W","2003","ANGOSTURA","UN",3,{"$f":"+H592/F592","v":8.5},{"v":25.5,"d":"25.50"}]
["10003234","BOMBILLO BULBO REF.NAV-T100W","2005","MONCION","UN",3,{"$f":"+H593/F593","v":0},{"v":0,"d":"0.00"}]
["10003235","BOMBILLO 24V 80MA REF.3115/3-44","2003","ANGOSTURA","UN",40,{"$f":"+H594/F594","v":0},{"v":0,"d":"0.00"}]
["10003237","LAMPARA DE ALOJENO TIPO V1400-03.2H6 220","2003","ANGOSTURA","UN",1,{"$f":"+H595/F595","v":590},{"v":590,"d":"590.00"}]
["10003239","LAMPARA TUBULAR 24V 5W","2003","ANGOSTURA","UN",24,{"$f":"+H596/F596","v":49.4},{"v":1185.6,"d":"1,185.60"}]
["10003240","LAMPARA P/RELE DE ASCENSOR","2003","ANGOSTURA","UN",3,{"$f":"+H597/F597","v":68.45},205.35]
["10003241","LAMPARA FLUORECENTE 2/40W APRUEBA EXPLOC","2003","ANGOSTURA","UN",1,{"$f":"+H598/F598","v":270},{"v":270,"d":"270.00"}]
["10003242","LAMPARA FLUORECENTE 240W P/SIT ILUMINAC","2003","ANGOSTURA","UN",8,{"$f":"+H599/F599","v":0},{"v":0,"d":"0.00"}]
["10003243","LAMPARA BAJA TENSION","2003","ANGOSTURA","UN",8,{"$f":"+H600/F600","v":49.75},{"v":398,"d":"398.00"}]
["10003244","LAMPARA P/ALARMA CO2","2003","ANGOSTURA","UN",31,{"$f":"+H601/F601","v":21.700000000000003},{"v":672.7,"d":"672.70"}]
["10003245","LAMPARA 03-061 60V-1.2W","2003","ANGOSTURA","UN",21,{"$f":"+H602/F602","v":0},{"v":0,"d":"0.00"}]
["10003248","MICRO RUPTOR 250V 10AMP P/ACUMULADOR","2003","ANGOSTURA","UN",5,{"$f":"+H603/F603","v":1380},{"v":6900,"d":"6,900.00"}]
["10003249","ENFUCHE 30A 347/600V","2003","ANGOSTURA","UN",1,{"$f":"+H604/F604","v":45.04},45.04]
["10003250","ENCHUFE 30AMPS. 600VAC R/ACP3044BC","2003","ANGOSTURA","UN",1,{"$f":"+H605/F605","v":0},{"v":0,"d":"0.00"}]
["10003251","ENCHUFE 60AMPS 600VAC R/APC6044BC","2003","ANGOSTURA","UN",11,{"$f":"+H606/F606","v":145},{"v":1595,"d":"1,595.00"}]
["10003253","ACOPLE EN T P/CABLE SIN RESINA","2003","ANGOSTURA","UN",5,{"$f":"+H607/F607","v":71.5},{"v":357.5,"d":"357.50"}]
["10003254","ABRAZADERA P/CONDULET 53-61","2003","ANGOSTURA","UN",20,{"$f":"+H608/F608","v":17.16},{"v":343.2,"d":"343.20"}]
["10003255","RELE OMRON M14","2003","ANGOSTURA","UN",1,{"$f":"+H609/F609","v":506.25},506.25]
["10003255","RELE OMRON M14","2011","PINALITO","UN",1,{"$f":"+H610/F610","v":0},{"v":0,"d":"0.00"}]
["10003256","ABRAZADERA PARA TUBERIA DE 5''","2002","TAVERA","UN",3,{"$f":"+H611/F611","v":0.01},0.03]
["10003257","ABRAZADERA P/TUBO CONDUIT 30-38","2003","ANGOSTURA","UN",26,{"$f":"+H612/F612","v":21.48},558.48]
["10003258","ABRAZADERA P/CABLE TIERRA 6-12","2003","ANGOSTURA","UN",93,{"$f":"+H613/F613","v":0},{"v":0,"d":"0.00"}]
["10003259","ABRAZADERA P/CABLE TIERRA 10-17","2003","ANGOSTURA","UN",90,{"$f":"+H614/F614","v":0},{"v":0,"d":"0.00"}]
["10003260","ABRAZADERA P/CABLE ENCIMA DE PERFILES","2003","ANGOSTURA","UN",198,{"$f":"+H615/F615","v":1.25},{"v":247.5,"d":"247.50"}]
["10003263","ABRAZADERA TIPO T P/RAYO 80MCM","2003","ANGOSTURA","UN",2,{"$f":"+H616/F616","v":0},{"v":0,"d":"0.00"}]
["10003264","ABRAZADERA DE COBRE DESNUDA APARARRAYO","2003","ANGOSTURA","UN",5,{"$f":"+H617/F617","v":0},{"v":0,"d":"0.00"}]
["10003266","LLAVE MAESTRO P/CANADADO SUB-ESTACION","2003","ANGOSTURA","UN",2,{"$f":"+H618/F618","v":35},{"v":70,"d":"70.00"}]
["10003268","LLAVE D/DISCREPACIA P/CONTROL VIGILANCIA","2003","ANGOSTURA","UN",6,{"$f":"+H619/F619","v":65},{"v":390,"d":"390.00"}]
["10003269","LLAVE ESPECIAL REF.HAGT 447320 P/DISYUNT","2003","ANGOSTURA","UN",1,{"$f":"+H620/F620","v":71.4},{"v":71.4,"d":"71.40"}]
["10003270","LLAVE P/CAMBIAR VALVULA DE DRENAJE","2003","ANGOSTURA","UN",1,{"$f":"+H621/F621","v":91.1},{"v":91.1,"d":"91.10"}]
["10003274","TERMINALES16mm","2003","ANGOSTURA","UN",2,{"$f":"+H622/F622","v":4},{"v":8,"d":"8.00"}]
["10003275","TERMINALES 25MM","2008","HATILLO","UN",3,{"$f":"+H623/F623","v":0},{"v":0,"d":"0.00"}]
["10003276","TERMINALES 35MM","2003","ANGOSTURA","UN",5,{"$f":"+H624/F624","v":4.83},24.15]
["10003277","TERMINALES 20MM","2003","ANGOSTURA","UN",11,{"$f":"+H625/F625","v":11.15},122.65]
["10003278","TERMINAL 50MM","2003","ANGOSTURA","UN",11,{"$f":"+H626/F626","v":16.02},176.22]
["10003278","TERMINAL 50MM","2011","PINALITO","UN",8,{"$f":"+H627/F627","v":0},{"v":0,"d":"0.00"}]
["10003279","TERMINAL COBRE 95MM","2003","ANGOSTURA","UN",6,{"$f":"+H628/F628","v":21.099999999999998},{"v":126.6,"d":"126.60"}]
["10003280","TERMINAL 150MM","2003","ANGOSTURA","UN",3,{"$f":"+H629/F629","v":21.900000000000002},{"v":65.7,"d":"65.70"}]
["10003281","TERMINAL 20X","2003","ANGOSTURA","UN",1,{"$f":"+H630/F630","v":1.43},1.43]
["10003282","TERMINAL 240MM","2003","ANGOSTURA","UN",3,{"$f":"+H631/F631","v":22.150000000000002},66.45]
["10003283","ABRAZADERA PARA TUBERIA DE PRESION 1/2\"","2003","ANGOSTURA","UN",5,{"$f":"+H632/F632","v":6.709999999999999},33.55]
["10003283","ABRAZADERA PARA TUBERIA DE PRESION 1/2\"","2020","SABANA YEGUA","UN",20,{"$f":"+H633/F633","v":0},{"v":0,"d":"0.00"}]
["10003284","TERMINALES 95MM SIN AGUJEROS","2003","ANGOSTURA","UN",3,{"$f":"+H634/F634","v":0},{"v":0,"d":"0.00"}]
["10003285","TERMINAL PARA CABLE 95MM","2003","ANGOSTURA","UN",5,{"$f":"+H635/F635","v":1.3199999999999998},{"v":6.6,"d":"6.60"}]
["10003286","TERMINAL 25MM","2003","ANGOSTURA","UN",4,{"$f":"+H636/F636","v":2.15},{"v":8.6,"d":"8.60"}]
["10003287","TERMINAL 70MM","2003","ANGOSTURA","UN",2,{"$f":"+H637/F637","v":18.7},{"v":37.4,"d":"37.40"}]
["10003289","TERMINAL 95MM","2003","ANGOSTURA","UN",3,{"$f":"+H638/F638","v":0},{"v":0,"d":"0.00"}]
["10003290","TERMINAL 12 X 68MM","2003","ANGOSTURA","UN",1,{"$f":"+H639/F639","v":24.1},{"v":24.1,"d":"24.10"}]
["10003292","TERMINAL PARA BORNERA EB10-16","2003","ANGOSTURA","UN",16,{"$f":"+H640/F640","v":0},{"v":0,"d":"0.00"}]
["10003293","CONECCION FLEXIBLE P/SECCIONADOR 138KV","2003","ANGOSTURA","UN",3,{"$f":"+H641/F641","v":0},{"v":0,"d":"0.00"}]
["10003294","FINAL DE CARRERA PARA PUENTE GRUA","2010","JIMENOA","UN",1,{"$f":"+H642/F642","v":0.01},0.01]
["10003295","MINI RELE 48VCC","2003","ANGOSTURA","UN",2,{"$f":"+H643/F643","v":110.15},{"v":220.3,"d":"220.30"}]
["10003296","ARMADURA ADOLF","2003","ANGOSTURA","UN",3,{"$f":"+H644/F644","v":245},{"v":735,"d":"735.00"}]
["10003300","FLECHA BLANCA P/ ASCENSOR","2003","ANGOSTURA","UN",3,{"$f":"+H645/F645","v":6.3999999999999995},{"v":19.2,"d":"19.20"}]
["10003301","RESISTENCIA CON DIODO IA-100V","2003","ANGOSTURA","UN",2,{"$f":"+H646/F646","v":204},{"v":408,"d":"408.00"}]
["10003302","RESISTENCIA CON DIODO 1.2A-1300V","2003","ANGOSTURA","UN",3,{"$f":"+H647/F647","v":200.25},600.75]
["10003303","RESISTENCIA 25R-100W","2003","ANGOSTURA","UN",2,{"$f":"+H648/F648","v":64.04},128.08]
["10003304","RESISTENCIA 100R-100W P/PUERTA ELECTRICA","2003","ANGOSTURA","UN",7,{"$f":"+H649/F649","v":74},{"v":518,"d":"518.00"}]
["10003305","RESISTENCIA 33R-9W P/RELE CONTROL ASC","2003","ANGOSTURA","UN",1,{"$f":"+H650/F650","v":148},{"v":148,"d":"148.00"}]
["10003306","RESITENCIA A 2.2 1W P/CONTROL ASCENSOR","2003","ANGOSTURA","UN",2,{"$f":"+H651/F651","v":128.14},256.28]
["10003307","RESISTENCIA 10R P/SIST MEDICION TEMP","2003","ANGOSTURA","UN",15,{"$f":"+H652/F652","v":68.4},{"v":1026,"d":"1,026.00"}]
["10003308","RESISTENCIA D/CALEFACCION 380V P/SIST D.","2003","ANGOSTURA","UN",1,{"$f":"+H653/F653","v":345},{"v":345,"d":"345.00"}]
["10003309","RESISTENCIA KKA51K0HM","2003","ANGOSTURA","UN",30,{"$f":"+H654/F654","v":28.45},{"v":853.5,"d":"853.50"}]
["10003310","RESISTENCIA WKS 3.9 KOGHM","2003","ANGOSTURA","UN",10,{"$f":"+H655/F655","v":65.03999999999999},{"v":650.4,"d":"650.40"}]
["10003311","RESISTENCIA MBE 0414VW 100-0HM","2003","ANGOSTURA","UN",10,{"$f":"+H656/F656","v":66.5},{"v":665,"d":"665.00"}]
["10003312","RESISTENCIA UTM 208-8 1KO-10%","2003","ANGOSTURA","UN",8,{"$f":"+H657/F657","v":63.4},{"v":507.2,"d":"507.20"}]
["10003313","DIODO CONTADOR MG7 P/ASCENSOR","2003","ANGOSTURA","UN",2,{"$f":"+H658/F658","v":140},{"v":280,"d":"280.00"}]
["10003314","DIODO 1.2A/A 1600V","2003","ANGOSTURA","UN",11,{"$f":"+H659/F659","v":51.4},{"v":565.4,"d":"565.40"}]
["10003315","DIODO 1TT-1MA005","2003","ANGOSTURA","UN",36,{"$f":"+H660/F660","v":35.400000000000006},{"v":1274.4,"d":"1,274.40"}]
["10003315","DIODO 1TT-1MA005","2010","JIMENOA","UN",18,{"$f":"+H661/F661","v":0},{"v":0,"d":"0.00"}]
["10003316","DIODO DS2-1AA","2003","ANGOSTURA","UN",29,{"$f":"+H662/F662","v":31.400000000000002},{"v":910.6,"d":"910.60"}]
["10003318","FORRO DE INAILON P/OKSG","2003","ANGOSTURA","UN",8,{"$f":"+H663/F663","v":64},{"v":512,"d":"512.00"}]
["10003320","VARISTOR C1 21L 9026","2003","ANGOSTURA","UN",1,{"$f":"+H664/F664","v":0},{"v":0,"d":"0.00"}]
["10003320","VARISTOR C1 21L 9026","2015","JIGüEY","UN",1,{"$f":"+H665/F665","v":0},{"v":0,"d":"0.00"}]
["10003321","BOBINA 80VDC","2003","ANGOSTURA","UN",4,{"$f":"+H666/F666","v":81.47},325.88]
["10003322","BOBINA 12SUCC P/RELE AUXILIAR","2003","ANGOSTURA","UN",1,{"$f":"+H667/F667","v":154},{"v":154,"d":"154.00"}]
["10003325","ESCOBILLA P/MEDIR TESION ROTOR","2003","ANGOSTURA","UN",2,{"$f":"+H668/F668","v":233},{"v":466,"d":"466.00"}]
["10003326","ESCOBILLA REF. 138/115","2003","ANGOSTURA","UN",38,{"$f":"+H669/F669","v":68},{"v":2584,"d":"2,584.00"}]
["10003328","CORDON D/VIDRIO P/AMARRE BOBINA EXTATOR","2003","ANGOSTURA","UN",1,{"$f":"+H670/F670","v":750},{"v":750,"d":"750.00"}]
["10003330","RECLETA DE SOLDAR DIODO","2003","ANGOSTURA","UN",1,{"$f":"+H671/F671","v":234},{"v":234,"d":"234.00"}]
["10003331","RECLETA P/SOLDAR RESISTENCIA","2003","ANGOSTURA","UN",1,{"$f":"+H672/F672","v":249.5},{"v":249.5,"d":"249.50"}]
["10003332","BORNERA ATP-UK","2003","ANGOSTURA","UN",41,{"$f":"+H673/F673","v":164},{"v":6724,"d":"6,724.00"}]
["10003334","BORNERA GRUESA DRTK","2003","ANGOSTURA","UN",7,{"$f":"+H674/F674","v":64},{"v":448,"d":"448.00"}]
["10003335","BORNERA FINA D-STK","2003","ANGOSTURA","UN",22,{"$f":"+H675/F675","v":16},{"v":352,"d":"352.00"}]
["10003336","BORNERA DS-K","2003","ANGOSTURA","UN",10,{"$f":"+H676/F676","v":0},{"v":0,"d":"0.00"}]
["10003338","BORNERA ENTRELEC 5 X 70 MM","2003","ANGOSTURA","UN",5,{"$f":"+H677/F677","v":28.4},{"v":142,"d":"142.00"}]
["10003339","BORNE D/ATERRIZAJE","2003","ANGOSTURA","UN",10,{"$f":"+H678/F678","v":10},{"v":100,"d":"100.00"}]
["10003341","BORNERA PHONEIX P/BAJA TENSION","2003","ANGOSTURA","UN",50,{"$f":"+H679/F679","v":11.05},{"v":552.5,"d":"552.50"}]
["10003341","BORNERA PHONEIX P/BAJA TENSION","2020","SABANA YEGUA","UN",4,{"$f":"+H680/F680","v":0},{"v":0,"d":"0.00"}]
["10003344","BORNERA FONIX UK16","2003","ANGOSTURA","UN",4,{"$f":"+H681/F681","v":14},{"v":56,"d":"56.00"}]
["10003347","BORNERA PHORNIZ UK-5","2003","ANGOSTURA","UN",202,{"$f":"+H682/F682","v":60},{"v":12120,"d":"12,120.00"}]
["10003348","PUENTE P/BORNERA FB10-RT K/S","2003","ANGOSTURA","UN",5,{"$f":"+H683/F683","v":75},{"v":375,"d":"375.00"}]
["10003349","PUENTE EB10-6","2003","ANGOSTURA","UN",1,{"$f":"+H684/F684","v":84},{"v":84,"d":"84.00"}]
["10003350","PUENTE P/BORNERA EB10-8","2003","ANGOSTURA","UN",2,{"$f":"+H685/F685","v":63},{"v":126,"d":"126.00"}]
["10003352","PROTECTOR P/RESPIRADOR","2003","ANGOSTURA","UN",1,{"$f":"+H686/F686","v":274},{"v":274,"d":"274.00"}]
["10003353","VIDRIO P/INSTALACION DE MEDIDA 90 X 90MM","2003","ANGOSTURA","UN",9,{"$f":"+H687/F687","v":140},{"v":1260,"d":"1,260.00"}]
["10003354","VIDRIO P/INSTALACION DE MEDIDA 92 X 44MM","2003","ANGOSTURA","UN",8,{"$f":"+H688/F688","v":185.9},{"v":1487.2,"d":"1,487.20"}]
["10003355","VIDRIO ANTIREFLEJANTE","2003","ANGOSTURA","UN",10,{"$f":"+H689/F689","v":93.05},{"v":930.5,"d":"930.50"}]
["10003356","ESTA¥O AL 50%","2003","ANGOSTURA","UN",136,{"$f":"+H690/F690","v":42.15},{"v":5732.4,"d":"5,732.40"}]
["10003360","HERRAMIENTA ESPECIAL REF-MAGT 449166 R","2003","ANGOSTURA","UN",1,{"$f":"+H691/F691","v":635},{"v":635,"d":"635.00"}]
["10003361","HERRAMIENTA ESPECIAL REF-HAGT 447488 R1","2003","ANGOSTURA","UN",2,{"$f":"+H692/F692","v":520},{"v":1040,"d":"1,040.00"}]
["10003365","TAPON PVC 1 PLG","2003","ANGOSTURA","UN",6,{"$f":"+H693/F693","v":69.45},{"v":416.7,"d":"416.70"}]
["10003365","TAPON PVC 1 PLG","2010","JIMENOA","UN",1,{"$f":"+H694/F694","v":0.01},0.01]
["10003366","PALO D/ATERRIZAJE 13.8KV","2003","ANGOSTURA","UN",1,{"$f":"+H695/F695","v":385.4},{"v":385.4,"d":"385.40"}]
["10003367","JUNTA CABLE 13.8 KV","2003","ANGOSTURA","UN",3,{"$f":"+H696/F696","v":241},{"v":723,"d":"723.00"}]
["10003368","JUNTA CUADRADA D/GOMA R/9-523-0455-P-3","2003","ANGOSTURA","UN",2,{"$f":"+H697/F697","v":146.11},292.22]
["10003369","JUNTA CUADRADA D/GOMA R/9-523-045-P-4","2003","ANGOSTURA","UN",2,{"$f":"+H698/F698","v":146.11},292.22]
["10003370","JUNTA CUADRADA D/GOMA R/9-523-045-P-10","2003","ANGOSTURA","UN",2,{"$f":"+H699/F699","v":29},{"v":58,"d":"58.00"}]
["10003371","JUNTA D/GOMA GMTZ REF. 005381-P-3","2003","ANGOSTURA","UN",2,{"$f":"+H700/F700","v":45},{"v":90,"d":"90.00"}]
["10003372","JUNTA D/GOMA 136.5 X 22 X 4MM","2003","ANGOSTURA","UN",6,{"$f":"+H701/F701","v":21},{"v":126,"d":"126.00"}]
["10003373","JUNTA REF. 9-554-053-P-1","2003","ANGOSTURA","UN",10,{"$f":"+H702/F702","v":8},{"v":80,"d":"80.00"}]
["10003374","JUNTA D/ASBESTO REF. 9-554-009-P-18","2003","ANGOSTURA","UN",18,{"$f":"+H703/F703","v":0},{"v":0,"d":"0.00"}]
["10003376","JUNTA D/AMIANTO REF. 9-554-050-P-8","2003","ANGOSTURA","UN",43,{"$f":"+H704/F704","v":125},{"v":5375,"d":"5,375.00"}]
["10003377","JUNTA D/AMIANTO REF. 9-554-050-P-S","2003","ANGOSTURA","UN",4,{"$f":"+H705/F705","v":125},{"v":500,"d":"500.00"}]
["10003378","JUNTA DE AMIANTO REF. 9-554-042-P-42","2003","ANGOSTURA","UN",4,{"$f":"+H706/F706","v":100},{"v":400,"d":"400.00"}]
["10003379","JUNTA D/AMIANTO REF. 9-523-045-P-1","2003","ANGOSTURA","UN",4,{"$f":"+H707/F707","v":122},{"v":488,"d":"488.00"}]
["10003380","JUNTA DE TEFLON REF. 9-554-043-P-1","2003","ANGOSTURA","UN",8,{"$f":"+H708/F708","v":17},{"v":136,"d":"136.00"}]
["10003380","JUNTA DE TEFLON REF. 9-554-043-P-1","2005","MONCION","UN",2,{"$f":"+H709/F709","v":0},{"v":0,"d":"0.00"}]
["10003381","JUNTA DE TEFLON REF. 9-554-043-P-5","2003","ANGOSTURA","UN",20,{"$f":"+H710/F710","v":9.4},{"v":188,"d":"188.00"}]
["10003382","JUNTA DE TEFLON REF. 9-554-043-P-4","2003","ANGOSTURA","UN",22,{"$f":"+H711/F711","v":6},{"v":132,"d":"132.00"}]
["10003383","JUNTA DE TEFLON REF. 9-554-043-P-12","2003","ANGOSTURA","UN",4,{"$f":"+H712/F712","v":22},{"v":88,"d":"88.00"}]
["10003385","JUNTA DE AMIANTO 61 X 164 MM","2003","ANGOSTURA","UN",9,{"$f":"+H713/F713","v":90},{"v":810,"d":"810.00"}]
["10003386","JUNTA DE AMIANTO 90 X 141.5 MM","2003","ANGOSTURA","UN",22,{"$f":"+H714/F714","v":19.49},428.78]
["10003387","JUNTA DE AMIANTO REF.  ANGOSTURA","2003","ANGOSTURA","UN",8,{"$f":"+H715/F715","v":0},{"v":0,"d":"0.00"}]
["10003388","JUNTA DE GOMA REF. 954053-P44","2003","ANGOSTURA","UN",2,{"$f":"+H716/F716","v":31},{"v":62,"d":"62.00"}]
["10003389","JUNTA DE GOMA REF. GMTZ005381-P-4","2003","ANGOSTURA","UN",8,{"$f":"+H717/F717","v":24},{"v":192,"d":"192.00"}]
["10003390","JUNTA DE AMIANTO REF. GMT 9-554-050-P-3","2003","ANGOSTURA","UN",18,{"$f":"+H718/F718","v":45.599999999999994},{"v":820.8,"d":"820.80"}]
["10003391","EXTRACTOR DE FUSIBLE 1000V","2003","ANGOSTURA","UN",3,{"$f":"+H719/F719","v":415},{"v":1245,"d":"1,245.00"}]
["10003394","REACTANCIA REF. OSRAM SE 600 VT","2003","ANGOSTURA","UN",14,{"$f":"+H720/F720","v":125},{"v":1750,"d":"1,750.00"}]
["10003395","ESPARRAGO DIAM 33.M33 REF-V23","2003","ANGOSTURA","UN",6,{"$f":"+H721/F721","v":45},{"v":270,"d":"270.00"}]
["10003397","ESPARRAGO M6X20 F12 P/TURBINA","2003","ANGOSTURA","UN",2,{"$f":"+H722/F722","v":11.91},23.82]
["10003398","ESPARRAGO M20 X 55/30 REF-V5 P/TURBINA","2003","ANGOSTURA","UN",2,{"$f":"+H723/F723","v":29},{"v":58,"d":"58.00"}]
["10003401","ESPARRAGO DIAM 27X105/60 REF-V14 P/TURB","2003","ANGOSTURA","UN",2,{"$f":"+H724/F724","v":32},{"v":64,"d":"64.00"}]
["10003402","ESPARRAGO M36X100/60 REF-V13 P/TURN","2003","ANGOSTURA","UN",1,{"$f":"+H725/F725","v":0},{"v":0,"d":"0.00"}]
["10003403","ESPARRAGO AJUSTADO DIAM 40X205 REF-V8 P/","2003","ANGOSTURA","UN",2,{"$f":"+H726/F726","v":59},{"v":118,"d":"118.00"}]
["10003404","ESPARRAGO M20X180 REF-V23 P/TURBINA","2003","ANGOSTURA","UN",2,{"$f":"+H727/F727","v":36},{"v":72,"d":"72.00"}]
["10003404","ESPARRAGO M20X180 REF-V23 P/TURBINA","2011","PINALITO","UN",2,{"$f":"+H728/F728","v":0},{"v":0,"d":"0.00"}]
["10003405","ESPARRAGO AJUSTADO 20X100 REF-V31 P/TURB","2003","ANGOSTURA","UN",2,{"$f":"+H729/F729","v":32},{"v":64,"d":"64.00"}]
["10003406","ESPARRAGO M16X114 REF-V26 P/TURBINA","2003","ANGOSTURA","UN",2,{"$f":"+H730/F730","v":32},{"v":64,"d":"64.00"}]
["10003408","ESPARRAGO M12X80 REF-V27 P/T","2003","ANGOSTURA","UN",1,{"$f":"+H731/F731","v":19.99},19.99]
["10003409","ESPARRAGO M39 X160 REF-V12 P/TURBINA","2003","ANGOSTURA","UN",6,{"$f":"+H732/F732","v":69},{"v":414,"d":"414.00"}]
["10003410","ESPARRAGO M39X120 CON TUERCA REF-V13 P/T","2003","ANGOSTURA","UN",3,{"$f":"+H733/F733","v":61},{"v":183,"d":"183.00"}]
["10003412","ESPARRAGO M16X40/25 REF-F16 P/E/R","2003","ANGOSTURA","UN",2,{"$f":"+H734/F734","v":0},{"v":0,"d":"0.00"}]
["10003415","ESPARRAGO 18X100MM","2003","ANGOSTURA","UN",2,{"$f":"+H735/F735","v":29},{"v":58,"d":"58.00"}]
["10003416","ESPARRAGO 20X110M","2003","ANGOSTURA","UN",5,{"$f":"+H736/F736","v":37},{"v":185,"d":"185.00"}]
["10003417","ESPARRAGO 16X90MM.","2003","ANGOSTURA","UN",2,{"$f":"+H737/F737","v":31.5},{"v":63,"d":"63.00"}]
["10003418","ESPARRAGO 20 X 75MM","2005","MONCION","UN",9,{"$f":"+H738/F738","v":0},{"v":0,"d":"0.00"}]
["10003419","ESPARRAGO 20X135MM","2003","ANGOSTURA","UN",7,{"$f":"+H739/F739","v":39.949999999999996},279.65]
["10003420","ESPARRAGO 24X140MM","2003","ANGOSTURA","UN",4,{"$f":"+H740/F740","v":25.6},{"v":102.4,"d":"102.40"}]
["10003421","ESPARRAGO 39X200","2003","ANGOSTURA","UN",8,{"$f":"+H741/F741","v":62},{"v":496,"d":"496.00"}]
["10003422","ESPARRAGO 6X30 MM","2003","ANGOSTURA","UN",3,{"$f":"+H742/F742","v":6.5},{"v":19.5,"d":"19.50"}]
["10003423","ESPARRAGO 39X190MM","2003","ANGOSTURA","UN",1,{"$f":"+H743/F743","v":61.9},{"v":61.9,"d":"61.90"}]
["10003424","ESPARRAGO 20X90MM","2003","ANGOSTURA","UN",3,{"$f":"+H744/F744","v":0},{"v":0,"d":"0.00"}]
["10003424","ESPARRAGO 20X90MM","2005","MONCION","UN",2,{"$f":"+H745/F745","v":0},{"v":0,"d":"0.00"}]
["10003424","ESPARRAGO 20X90MM","2015","JIGüEY","UN",4,{"$f":"+H746/F746","v":0},{"v":0,"d":"0.00"}]
["10003425","ESPARRAGO 15.5X81","2003","ANGOSTURA","UN",4,{"$f":"+H747/F747","v":30},{"v":120,"d":"120.00"}]
["10003426","ESPARRAGO DE22X160MM","2003","ANGOSTURA","UN",1,{"$f":"+H748/F748","v":72},{"v":72,"d":"72.00"}]
["10003427","ESPARRAGO C/ROSCA","2003","ANGOSTURA","UN",1,{"$f":"+H749/F749","v":16.9},{"v":16.9,"d":"16.90"}]
["10003429","GRAPA ZIPO PARA CABLE A TIERRA","2003","ANGOSTURA","UN",2,{"$f":"+H750/F750","v":16.5},{"v":33,"d":"33.00"}]
["10003430","GRAPA 30KP-95 PARA CABLE A TIERRA","2003","ANGOSTURA","UN",1,{"$f":"+H751/F751","v":18},{"v":18,"d":"18.00"}]
["10003431","GRAPA 22PKP 50/50","2003","ANGOSTURA","UN",21,{"$f":"+H752/F752","v":46},{"v":966,"d":"966.00"}]
["10003432","GRAPA 39MM P/DESMONTAJE TURBINA","2003","ANGOSTURA","UN",4,{"$f":"+H753/F753","v":16},{"v":64,"d":"64.00"}]
["10003434","PASADOR 14 X 150MM P/TURB.","2003","ANGOSTURA","UN",3,{"$f":"+H754/F754","v":26.150000000000002},78.45]
["10003435","DISCO P/PULIDORA REF.180 X 4 X 22.2","2003","ANGOSTURA","UN",3,{"$f":"+H755/F755","v":0},{"v":0,"d":"0.00"}]
["10003437","CINTA PLASTICA DE AMARRE","2003","ANGOSTURA","UN",30,{"$f":"+H756/F756","v":0},{"v":0,"d":"0.00"}]
["10003438","RELLENO DE ALUMINIO P/CABLE 70NCM","2003","ANGOSTURA","UN",11,{"$f":"+H757/F757","v":88},{"v":968,"d":"968.00"}]
["10003439","RELLENO DE ALUMINIO P/TUBO DE 8MM","2003","ANGOSTURA","UN",7,{"$f":"+H758/F758","v":31},{"v":217,"d":"217.00"}]
["10003441","ARANDELA PLASTICA 15 / 24 MM","2003","ANGOSTURA","UN",12,{"$f":"+H759/F759","v":0},{"v":0,"d":"0.00"}]
["10003442","RETENEDORA P/SERVO MOTOR.","2003","ANGOSTURA","UN",2,{"$f":"+H760/F760","v":0},{"v":0,"d":"0.00"}]
["10003442","RETENEDORA P/SERVO MOTOR.","2027","PALOMINO","UN",1,{"$f":"+H761/F761","v":0},{"v":0,"d":"0.00"}]
["10003450","PINTURA OXIDO ROJO","2003","ANGOSTURA","UN",10,{"$f":"+H762/F762","v":0},{"v":0,"d":"0.00"}]
["10003450","PINTURA OXIDO ROJO","2009","RIO BLANCO","UN",5,{"$f":"+H763/F763","v":0},{"v":0,"d":"0.00"}]
["10003450","PINTURA OXIDO ROJO","2025","LAS DAMAS","UN",9,{"$f":"+H764/F764","v":0.01},0.09]
["10003452","SILLA PLASTICA CON BRAZOS","2013","ROSA JULIA-BOBA","UN",10,{"$f":"+H765/F765","v":745.76},{"v":7457.6,"d":"7,457.60"}]
["10003453","ACEITE TERESSTIC 68 GL","2003","ANGOSTURA","UN",330,{"$f":"+H766/F766","v":0},{"v":0,"d":"0.00"}]
["10003459","TORNILLO ALLEN HIERRO NEGRO 12 x 32 MM","2003","ANGOSTURA","UN",8,{"$f":"+H767/F767","v":0},{"v":0,"d":"0.00"}]
["10003459","TORNILLO ALLEN HIERRO NEGRO 12 x 32 MM","2009","RIO BLANCO","UN",4,{"$f":"+H768/F768","v":0},{"v":0,"d":"0.00"}]
["10003459","TORNILLO ALLEN HIERRO NEGRO 12 x 32 MM","2013","ROSA JULIA-BOBA","UN",9,{"$f":"+H769/F769","v":0},{"v":0,"d":"0.00"}]
["10003462","PINTURA AMARILLO GAL","2003","ANGOSTURA","UN",2,{"$f":"+H770/F770","v":0},{"v":0,"d":"0.00"}]
["10003465","CONDENSADOR DE 2800V","2003","ANGOSTURA","UN",1,{"$f":"+H771/F771","v":6230},{"v":6230,"d":"6,230.00"}]
["10003466","ENCUADERNADORA","2003","ANGOSTURA","UN",11,{"$f":"+H772/F772","v":0},{"v":0,"d":"0.00"}]
["10003469","PERFORADORA DE DOS HOYOS","2000","SUMINISTRO HIDRO","UN",24,{"$f":"+H773/F773","v":311.33666666666664},{"v":7472.08,"d":"7,472.08"}]
["10003469","PERFORADORA DE DOS HOYOS","2029","SUMINISTRO MATERIAL","UN",48,{"$f":"+H774/F774","v":369.179375},{"v":17720.61,"d":"17,720.61"}]
["10003469","PERFORADORA DE DOS HOYOS","2030","OFICINA Y LIMPIEZA","UN",30,{"$f":"+H775/F775","v":227.175},{"v":6815.25,"d":"6,815.25"}]
["10003481","PINTURA GRIS PERLA B56 GL","2020","SABANA YEGUA","UN",2,{"$f":"+H776/F776","v":1},{"v":2,"d":"2.00"}]
["10003490","NIPLE DE HIERRO 4\"","2008","HATILLO","UN",3,{"$f":"+H777/F777","v":0},{"v":0,"d":"0.00"}]
["10003492","ROCETA DE PORCELANA","2020","SABANA YEGUA","UN",1,{"$f":"+H778/F778","v":1},{"v":1,"d":"1.00"}]
["10003492","ROCETA DE PORCELANA","2028","BRAZO DERECHO","UN",4,{"$f":"+H779/F779","v":1},{"v":4,"d":"4.00"}]
["10003494","GOMA 205-70-168 R15C8PR","2010","JIMENOA","UN",4,{"$f":"+H780/F780","v":0.01},0.04]
["10003501","PINTURA AZUL CELESTE GL","2003","ANGOSTURA","UN",5,{"$f":"+H781/F781","v":0},{"v":0,"d":"0.00"}]
["10003502","LIMPIADOR DE CONTACTO 3 EN 1","2002","TAVERA","UN",5,{"$f":"+H782/F782","v":0},{"v":0,"d":"0.00"}]
["10003502","LIMPIADOR DE CONTACTO 3 EN 1","2011","PINALITO","UN",4,{"$f":"+H783/F783","v":0.01},0.04]
["10003503","PINTURA ESMALTE VERDE CLARO GL","2003","ANGOSTURA","UN",4,{"$f":"+H784/F784","v":0},{"v":0,"d":"0.00"}]
["10003504","DESGRASANTE","2003","ANGOSTURA","LB",9,{"$f":"+H785/F785","v":0},{"v":0,"d":"0.00"}]
["10003504","DESGRASANTE","2021","SABANETA","LB",5,{"$f":"+H786/F786","v":0.01},0.05]
["10003510","PINTURA NARANJA (RAL 2000) GL","2008","HATILLO","UN",22,{"$f":"+H787/F787","v":0},{"v":0,"d":"0.00"}]
["10003511","PINTURA ALUMINIO 11 GL","2003","ANGOSTURA","UN",8,{"$f":"+H788/F788","v":0},{"v":0,"d":"0.00"}]
["10003511","PINTURA ALUMINIO 11 GL","2021","SABANETA","UN",2,{"$f":"+H789/F789","v":0.01},0.02]
["10003519","CODO PVC 1 PLG","2005","MONCION","UN",4,{"$f":"+H790/F790","v":0.01},0.04]
["10003519","CODO PVC 1 PLG","2010","JIMENOA","UN",8,{"$f":"+H791/F791","v":0.01},0.08]
["10003519","CODO PVC 1 PLG","2022","DOMINGO RODRIGUEZ","UN",1,{"$f":"+H792/F792","v":0.01},0.01]
["10003526","ELECTRODO P/ SOLDAR ACERO INOX.3.2X350MM","2011","PINALITO","UN",12,{"$f":"+H793/F793","v":0.01},0.12]
["10003526","ELECTRODO P/ SOLDAR ACERO INOX.3.2X350MM","2020","SABANA YEGUA","UN",30,{"$f":"+H794/F794","v":175},{"v":5250,"d":"5,250.00"}]
["10003535","BORNERA INTERFASE PLC-BSC-125DC/21","2011","PINALITO","UN",5,{"$f":"+H795/F795","v":0},{"v":0,"d":"0.00"}]
["10003537","FUSIBLE TIPO K 65A-38KV","2008","HATILLO","UN",12,{"$f":"+H796/F796","v":1},{"v":12,"d":"12.00"}]
["10003537","FUSIBLE TIPO K 65A-38KV","2010","JIMENOA","UN",6,{"$f":"+H797/F797","v":0.01},0.06]
["10003538","FUSIBLE TIPO K 40A-38KV","2010","JIMENOA","UN",3,{"$f":"+H798/F798","v":0.01},0.03]
["10003539","CONVERTIDOR DC005R-12-24S","2011","PINALITO","UN",4,{"$f":"+H799/F799","v":0},{"v":0,"d":"0.00"}]
["10003540","INTERRUPTOR NS160N","2011","PINALITO","UN",5,{"$f":"+H800/F800","v":0},{"v":0,"d":"0.00"}]
["10003541","CONECTOR DGXZ","2011","PINALITO","UN",2,{"$f":"+H801/F801","v":0},{"v":0,"d":"0.00"}]
["10003544","TORNILLO M30 X 60MM","2015","JIGüEY","UN",15,{"$f":"+H802/F802","v":0},{"v":0,"d":"0.00"}]
["10003545","TRANSTECTOR ALPU","2011","PINALITO","UN",1,{"$f":"+H803/F803","v":0},{"v":0,"d":"0.00"}]
["10003546","DISYUNTOR ALLEN-BRADLEY 1492-SP2B060","2010","JIMENOA","UN",2,{"$f":"+H804/F804","v":1},{"v":2,"d":"2.00"}]
["10003546","DISYUNTOR ALLEN-BRADLEY 1492-SP2B060","2011","PINALITO","UN",3,{"$f":"+H805/F805","v":0},{"v":0,"d":"0.00"}]
["10003547","DISYUNTOR SIEMENS 3RV10-11","2011","PINALITO","UN",1,{"$f":"+H806/F806","v":0},{"v":0,"d":"0.00"}]
["10003548","REGULADOR DE PRESION NGKA RO6-221","2011","PINALITO","UN",1,{"$f":"+H807/F807","v":0},{"v":0,"d":"0.00"}]
["10003549","VENTILADOR DEL SIST.  DE ENFRIAMIENTO","2011","PINALITO","UN",1,{"$f":"+H808/F808","v":0},{"v":0,"d":"0.00"}]
["10003550","DISYUNTOR ALLEN-BRADLEY 1492-SP2B160","2011","PINALITO","UN",7,{"$f":"+H809/F809","v":0},{"v":0,"d":"0.00"}]
["10003551","SEPARADORES DE 3 HOYOS","2008","HATILLO","UN",20,{"$f":"+H810/F810","v":1},{"v":20,"d":"20.00"}]
["10003554","ZAPATA C/FERODO P/FRENO GENESA GEBH/200","2003","ANGOSTURA","UN",1,{"$f":"+H811/F811","v":0},{"v":0,"d":"0.00"}]
["10003559","CONTACTOR LC1- K0601G7","2011","PINALITO","UN",2,{"$f":"+H812/F812","v":0},{"v":0,"d":"0.00"}]
["10003560","CONTACTOR SIEMENS 3RT1045-1A","2011","PINALITO","UN",1,{"$f":"+H813/F813","v":0},{"v":0,"d":"0.00"}]
["10003561","INTERRUPTOR SIEMENS 63A","2011","PINALITO","UN",1,{"$f":"+H814/F814","v":0},{"v":0,"d":"0.00"}]
["10003564","FUSIBLE VERLIENTON 32A  500V","2003","ANGOSTURA","UN",3,{"$f":"+H815/F815","v":0},{"v":0,"d":"0.00"}]
["10003567","ELEMENTO FILTRANTE 16150","2003","ANGOSTURA","UN",1,{"$f":"+H816/F816","v":0},{"v":0,"d":"0.00"}]
["10003567","ELEMENTO FILTRANTE 16150","2011","PINALITO","UN",8,{"$f":"+H817/F817","v":0},{"v":0,"d":"0.00"}]
["10003568","JUNTA DE EXTINGUIDOR REDONDO","2003","ANGOSTURA","UN",1,{"$f":"+H818/F818","v":1},{"v":1,"d":"1.00"}]
["10003569","REGLETAS CON 5 BORNERAS","2003","ANGOSTURA","UN",2,{"$f":"+H819/F819","v":0},{"v":0,"d":"0.00"}]
["10003571","CASQUILLO DE HIERRO 5 X 10 X10 MM","2003","ANGOSTURA","UN",8,{"$f":"+H820/F820","v":1},{"v":8,"d":"8.00"}]
["10003572","RESISTENCIA CORTA 150W-120V","2005","MONCION","UN",54,{"$f":"+H821/F821","v":0},{"v":0,"d":"0.00"}]
["10003577","PORTA FUSIBLE DE 32 A  MS10","2003","ANGOSTURA","UN",2,{"$f":"+H822/F822","v":0},{"v":0,"d":"0.00"}]
["10003577","PORTA FUSIBLE DE 32 A  MS10","2009","RIO BLANCO","UN",5,{"$f":"+H823/F823","v":1},{"v":5,"d":"5.00"}]
["10003579","BANDA DE 1 X 3 REF. F17 P/E/R","2003","ANGOSTURA","UN",18,{"$f":"+H824/F824","v":0},{"v":0,"d":"0.00"}]
["10003580","EMPAQUETADURA PARA USO TRANSF. 23 MVA","2003","ANGOSTURA","UN",16,{"$f":"+H825/F825","v":0},{"v":0,"d":"0.00"}]
["10003581","ESCUADRA DE NOTA MUSICAL DE 230X230X445","2003","ANGOSTURA","UN",2,{"$f":"+H826/F826","v":1},{"v":2,"d":"2.00"}]
["10003582","NOTA DE MUSICA DE 44.5 X 101 X 3460","2003","ANGOSTURA","UN",2,{"$f":"+H827/F827","v":1},{"v":2,"d":"2.00"}]
["10003584","FUSIBLE 50 AMP 400V CARTUCHO 51MM X 15MM","2003","ANGOSTURA","UN",2,{"$f":"+H828/F828","v":0.335},0.67]
["10003585","BOTONERA 300MM X 80MM 500V","2004","BAIGUAQUE","UN",1,{"$f":"+H829/F829","v":0},{"v":0,"d":"0.00"}]
["10003588","PLACAS DE GENERADOR 200X60","2003","ANGOSTURA","UN",4,{"$f":"+H830/F830","v":1},{"v":4,"d":"4.00"}]
["10003590","BOMBILLA SEÑALIZACION 30V / 2W","2003","ANGOSTURA","UN",14,{"$f":"+H831/F831","v":0},{"v":0,"d":"0.00"}]
["10003591","BOMBILLA SEÑALIZACION 120V / 130W","2003","ANGOSTURA","UN",3,{"$f":"+H832/F832","v":0},{"v":0,"d":"0.00"}]
["10003591","BOMBILLA SEÑALIZACION 120V / 130W","2011","PINALITO","UN",104,{"$f":"+H833/F833","v":0},{"v":0,"d":"0.00"}]
["10003592","RELAY VELOCIDAD 02-60V","2003","ANGOSTURA","UN",4,{"$f":"+H834/F834","v":1},{"v":4,"d":"4.00"}]
["10003593","RELAY DE TENSION AC 110V  REF. AI936","2003","ANGOSTURA","UN",4,{"$f":"+H835/F835","v":1},{"v":4,"d":"4.00"}]
["10003594","BOBINA 40V - 130V DC NEF73220","2003","ANGOSTURA","UN",1,{"$f":"+H836/F836","v":1},{"v":1,"d":"1.00"}]
["10003595","BOBINA 40V - 130V DC NEF77990","2003","ANGOSTURA","UN",3,{"$f":"+H837/F837","v":0},{"v":0,"d":"0.00"}]
["10003596","FUENTE DE ALIMENTACION IC695PSD040L","2003","ANGOSTURA","UN",1,{"$f":"+H838/F838","v":1},{"v":1,"d":"1.00"}]
["10003596","FUENTE DE ALIMENTACION IC695PSD040L","2007","RINCON","UN",2,{"$f":"+H839/F839","v":0},{"v":0,"d":"0.00"}]
["10003596","FUENTE DE ALIMENTACION IC695PSD040L","2027","PALOMINO","UN",2,{"$f":"+H840/F840","v":1},{"v":2,"d":"2.00"}]
["10003599","RELAY DE CONTROL BF3 48V","2003","ANGOSTURA","UN",1,{"$f":"+H841/F841","v":1},{"v":1,"d":"1.00"}]
["10003599","RELAY DE CONTROL BF3 48V","2005","MONCION","UN",2,{"$f":"+H842/F842","v":0},{"v":0,"d":"0.00"}]
["10003600","RELAY DE CONTROL RFA4 48V","2003","ANGOSTURA","UN",1,{"$f":"+H843/F843","v":1},{"v":1,"d":"1.00"}]
["10003601","ESPARRAGO M39 X 365","2003","ANGOSTURA","UN",2,{"$f":"+H844/F844","v":0},{"v":0,"d":"0.00"}]
["10003602","TUERCA EXAGONAL 11MM","2003","ANGOSTURA","UN",15,{"$f":"+H845/F845","v":0},{"v":0,"d":"0.00"}]
["10003604","\"CUÑA 3/8\"\" X 3/4\"\" X 2/4\"\"\"","2003","ANGOSTURA","UN",8,{"$f":"+H846/F846","v":1},{"v":8,"d":"8.00"}]
["10003607","RELAY DE VELOCIDAD 02-60V","2003","ANGOSTURA","UN",2,{"$f":"+H847/F847","v":0},{"v":0,"d":"0.00"}]
["10003610","RODAMIENTO D/BOLA 6205 25X52X15 2Z","2003","ANGOSTURA","UN",2,{"$f":"+H848/F848","v":0},{"v":0,"d":"0.00"}]
["10003612","CONTACTOR 40AMPS 640VS P/SUBESTACION 138","2013","ROSA JULIA-BOBA","UN",1,{"$f":"+H849/F849","v":0},{"v":0,"d":"0.00"}]
["10003613","TUERCA HEXAGONAL DE 1/2 X 3/4 DE BRONCE","2002","TAVERA","UN",86,{"$f":"+H850/F850","v":2.0500000000000003},{"v":176.3,"d":"176.30"}]
["10003614","ARANDELA D/HIERRO T/RESORTE 28 X 14 X 1M","2002","TAVERA","UN",9,{"$f":"+H851/F851","v":9.05},81.45]
["10003616","MANOMETRO 144X144MMS REF. F35 DE 0-10KG/","2003","ANGOSTURA","UN",5,{"$f":"+H852/F852","v":0},{"v":0,"d":"0.00"}]
["10003617","BREAKER MONOPOLAR 6A 220/380V BBC S-211","2003","ANGOSTURA","UN",1,{"$f":"+H853/F853","v":145},{"v":145,"d":"145.00"}]
["10003618","BREAKER TRIPOLAR S-213 Z 3A BBC 380V","2003","ANGOSTURA","UN",1,{"$f":"+H854/F854","v":210},{"v":210,"d":"210.00"}]
["10003620","BREAKER MONOPOLAR S-211 L16A 220/380 BBC","2003","ANGOSTURA","UN",1,{"$f":"+H855/F855","v":168.45},168.45]
["10003622","BREAKER TRIPOLAR S-503 L10 NR 15 BBC 380","2003","ANGOSTURA","UN",2,{"$f":"+H856/F856","v":380},{"v":760,"d":"760.00"}]
["10003625","PORTA ESCOBILLA 50X32.3X 25.3MMS TIPO OK","2003","ANGOSTURA","UN",29,{"$f":"+H857/F857","v":195},{"v":5655,"d":"5,655.00"}]
["10003626","FINAL DE CARRERA PARA VALVULA MARIPOSA C","2003","ANGOSTURA","UN",2,{"$f":"+H858/F858","v":545},{"v":1090,"d":"1,090.00"}]
["10003628","RODETE P/BOMBA ACHIQUE","2003","ANGOSTURA","UN",1,{"$f":"+H859/F859","v":3400},{"v":3400,"d":"3,400.00"}]
["10003629","RODAMIENTO REF-F53 P/E/R","2003","ANGOSTURA","UN",4,{"$f":"+H860/F860","v":215},{"v":860,"d":"860.00"}]
["10003630","RODAMIENTO P/E/R REF-P/ANGOSTURA","2003","ANGOSTURA","UN",6,{"$f":"+H861/F861","v":6500},{"v":39000,"d":"39,000.00"}]
["10003632","RODAMIENTO AIG-K71 P/E/R","2003","ANGOSTURA","UN",7,{"$f":"+H862/F862","v":402},{"v":2814,"d":"2,814.00"}]
["10003633","RODAMIENTO 1984-10 P/E/R","2003","ANGOSTURA","UN",2,{"$f":"+H863/F863","v":402},{"v":804,"d":"804.00"}]
["10003634","RODAMIENTO 511 00-V9","2003","ANGOSTURA","UN",3,{"$f":"+H864/F864","v":340},{"v":1020,"d":"1,020.00"}]
["10003635","RODAMIENTO 1985-03 P/E/R","2003","ANGOSTURA","UN",2,{"$f":"+H865/F865","v":205.09},410.18]
["10003637","RODAMIENTO 1205 GTN9","2003","ANGOSTURA","UN",3,{"$f":"+H866/F866","v":0},{"v":0,"d":"0.00"}]
["10003638","RODAMIENTO TIPO F0222 G354","2003","ANGOSTURA","UN",16,{"$f":"+H867/F867","v":65},{"v":1040,"d":"1,040.00"}]
["10003639","RODILLO D/NYLON C/RODAMIENTO D/BOLAS","2003","ANGOSTURA","UN",1,{"$f":"+H868/F868","v":240},{"v":240,"d":"240.00"}]
["10003640","RODILLO GUIA REF-CTLO KSC","2003","ANGOSTURA","UN",10,{"$f":"+H869/F869","v":74.01},{"v":740.1,"d":"740.10"}]
["10003645","VALVULA D/COMPUERTA DE 8' 150 LBS WCB","2003","ANGOSTURA","UN",3,{"$f":"+H870/F870","v":4675},{"v":14025,"d":"14,025.00"}]
["10003646","VALVULA D/COMPUERTA DE 8' 200ASA 150 LBS","2003","ANGOSTURA","UN",2,{"$f":"+H871/F871","v":9600},{"v":19200,"d":"19,200.00"}]
["10003647","VALVULA D/GALLETA DE 6' 150 ASA 150 LBS","2003","ANGOSTURA","UN",3,{"$f":"+H872/F872","v":3648},{"v":10944,"d":"10,944.00"}]
["10003651","VALVULA D/RETENCION DE 1-1/4","2003","ANGOSTURA","UN",2,{"$f":"+H873/F873","v":675},{"v":1350,"d":"1,350.00"}]
["10003652","VALVULA REDUCTORA BRAVKMANN 1 1/2 A 21/S","2003","ANGOSTURA","UN",1,{"$f":"+H874/F874","v":0},{"v":0,"d":"0.00"}]
["10003653","VALVULA D/GALLETA DE 1-3/4 450","2003","ANGOSTURA","UN",1,{"$f":"+H875/F875","v":1700},{"v":1700,"d":"1,700.00"}]
["10003654","VALVULA D/GALLETA DE 1-1/2 A 300","2003","ANGOSTURA","UN",2,{"$f":"+H876/F876","v":675},{"v":1350,"d":"1,350.00"}]
["10003654","VALVULA D/GALLETA DE 1-1/2 A 300","2005","MONCION","UN",1,{"$f":"+H877/F877","v":0},{"v":0,"d":"0.00"}]
["10003654","VALVULA D/GALLETA DE 1-1/2 A 300","2022","DOMINGO RODRIGUEZ","UN",1,{"$f":"+H878/F878","v":0},{"v":0,"d":"0.00"}]
["10003655","CHAPA D/SEGURIDAD M12 EMG201516 R/F6 P/G","2003","ANGOSTURA","UN",8,{"$f":"+H879/F879","v":0},{"v":0,"d":"0.00"}]
["10003656","CHAVETA P/EXTRACION DE POLO","2003","ANGOSTURA","UN",2,{"$f":"+H880/F880","v":1140},{"v":2280,"d":"2,280.00"}]
["10003657","CHAVETA P/COJINETE INFERIOR","2003","ANGOSTURA","UN",8,{"$f":"+H881/F881","v":145},{"v":1160,"d":"1,160.00"}]
["10003658","CHAVETA P/COJINETE INFERIOR D/9-3/4","2003","ANGOSTURA","UN",4,{"$f":"+H882/F882","v":145},{"v":580,"d":"580.00"}]
["10003660","RACORD  CON DOBLE TUERCA  3/4\"","2003","ANGOSTURA","UN",11,{"$f":"+H883/F883","v":85},{"v":935,"d":"935.00"}]
["10003660","RACORD  CON DOBLE TUERCA  3/4\"","2020","SABANA YEGUA","UN",1,{"$f":"+H884/F884","v":1},{"v":1,"d":"1.00"}]
["10003662","SOPORTE D/1/2 PULG","2003","ANGOSTURA","UN",8,{"$f":"+H885/F885","v":31.5},{"v":252,"d":"252.00"}]
["10003663","SOPORTE P/CENTRADO DE TURB","2003","ANGOSTURA","UN",4,{"$f":"+H886/F886","v":208.4},{"v":833.6,"d":"833.60"}]
["10003665","SOPORTE DE BASE 140X50","2003","ANGOSTURA","UN",2,{"$f":"+H887/F887","v":181},{"v":362,"d":"362.00"}]
["10003666","SOPORTE EN L REF.01145 6A","2003","ANGOSTURA","UN",4,{"$f":"+H888/F888","v":85.5},{"v":342,"d":"342.00"}]
["10003667","SOPORTE EN L REF.01145 9A","2003","ANGOSTURA","UN",2,{"$f":"+H889/F889","v":90.45},{"v":180.9,"d":"180.90"}]
["10003669","SOPORTE P/DESMONTAJE D/TURBINA","2003","ANGOSTURA","UN",4,{"$f":"+H890/F890","v":145},{"v":580,"d":"580.00"}]
["10003673","ACOPLAMIENTO D/TEFLON","2003","ANGOSTURA","UN",1,{"$f":"+H891/F891","v":0},{"v":0,"d":"0.00"}]
["10003674","ACOPLAMIENTO PARA REGULADOR REF. 3A4","2003","ANGOSTURA","UN",1,{"$f":"+H892/F892","v":0},{"v":0,"d":"0.00"}]
["10003675","ACTUADOR ACOPLADOR REF. QK59","2003","ANGOSTURA","UN",1,{"$f":"+H893/F893","v":325.4},{"v":325.4,"d":"325.40"}]
["10003677","SEGMENTO PATIN P/PIVOTE R/EMG101254","2003","ANGOSTURA","UN",28,{"$f":"+H894/F894","v":169},{"v":4732,"d":"4,732.00"}]
["10003678","TRANS. D/NIVEL CON CAIDA MOD-810","2003","ANGOSTURA","UN",6,{"$f":"+H895/F895","v":645},{"v":3870,"d":"3,870.00"}]
["10003678","TRANS. D/NIVEL CON CAIDA MOD-810","2016","AGUACATE","UN",1,{"$f":"+H896/F896","v":0},{"v":0,"d":"0.00"}]
["10003683","PLACA 0 40MM","2003","ANGOSTURA","UN",8,{"$f":"+H897/F897","v":43.4},{"v":347.2,"d":"347.20"}]
["10003684","PLACA P/DESMONTAJE DE TURB","2003","ANGOSTURA","UN",1,{"$f":"+H898/F898","v":545},{"v":545,"d":"545.00"}]
["10003685","PALANCA DERECHA P/CAM REF.T-RT/Z/ZT","2003","ANGOSTURA","UN",8,{"$f":"+H899/F899","v":345.5},{"v":2764,"d":"2,764.00"}]
["10003686","PALANCA IZQUIERDA P/CAM REF.Z/ZT","2003","ANGOSTURA","UN",8,{"$f":"+H900/F900","v":345},{"v":2760,"d":"2,760.00"}]
["10003689","SELLO REF.DOS65090 12 WOL","2003","ANGOSTURA","UN",1,{"$f":"+H901/F901","v":149.95},149.95]
["10003690","SELLO D/TEFLON 18.1X 16.2","2003","ANGOSTURA","UN",4,{"$f":"+H902/F902","v":89.4},{"v":357.6,"d":"357.60"}]
["10003691","SELLO RETEN DIAM. 45 X 55 X 7MM","2003","ANGOSTURA","UN",8,{"$f":"+H903/F903","v":89.4},{"v":715.2,"d":"715.20"}]
["10003692","GUIA CUERO 19'9","2003","ANGOSTURA","UN",8,{"$f":"+H904/F904","v":79.45},{"v":635.6,"d":"635.60"}]
["10003693","VIGA SOPORTE P/ELEVADOR","2003","ANGOSTURA","UN",1,{"$f":"+H905/F905","v":0},{"v":0,"d":"0.00"}]
["10003694","ANCLAJE BASE FINA DE LA TURB","2003","ANGOSTURA","UN",2,{"$f":"+H906/F906","v":119},{"v":238,"d":"238.00"}]
["10003695","ANCLAJE CON TUERCA P/TURB","2003","ANGOSTURA","UN",12,{"$f":"+H907/F907","v":98.39999999999999},{"v":1180.8,"d":"1,180.80"}]
["10003696","TORRE PALANCA P/TURBINA","2003","ANGOSTURA","UN",2,{"$f":"+H908/F908","v":405},{"v":810,"d":"810.00"}]
["10003697","BOCA P/LLENA DE ACEITE COJINETE SUPERIOR","2003","ANGOSTURA","UN",1,{"$f":"+H909/F909","v":69.7},{"v":69.7,"d":"69.70"}]
["10003700","CONTACTOR TELEME. 125V CA2 DN2319 a 65","2003","ANGOSTURA","UN",2,{"$f":"+H910/F910","v":285},{"v":570,"d":"570.00"}]
["10003703","CONTACTOR TELEMECANICO CA2-DN240 A 65","2003","ANGOSTURA","UN",2,{"$f":"+H911/F911","v":190},{"v":380,"d":"380.00"}]
["10003706","CONTACTOR TELEMECANICO  LSC1-FF43","2003","ANGOSTURA","UN",3,{"$f":"+H912/F912","v":1575},{"v":4725,"d":"4,725.00"}]
["10003707","CONTACTOR AUXILIAR 220-240V REF-K22E","2003","ANGOSTURA","UN",1,{"$f":"+H913/F913","v":931},{"v":931,"d":"931.00"}]
["10003712","CONTACTOR TERMICO P/DISYUNTOR SACE 400-5","2003","ANGOSTURA","UN",1,{"$f":"+H914/F914","v":635},{"v":635,"d":"635.00"}]
["10003714","CUCHILLA  DE 19.9KV","2003","ANGOSTURA","UN",8,{"$f":"+H915/F915","v":940},{"v":7520,"d":"7,520.00"}]
["10003715","PORTA FUSIBLE 25AMPS 600V 3 CONTACTO","2003","ANGOSTURA","UN",2,{"$f":"+H916/F916","v":135},{"v":270,"d":"270.00"}]
["10003717","portafusible  15a  660v","2003","ANGOSTURA","UN",1,{"$f":"+H917/F917","v":195},{"v":195,"d":"195.00"}]
["10003718","BASE DE LAMPARA FLORECENTE 40W","2003","ANGOSTURA","UN",4,{"$f":"+H918/F918","v":0},{"v":0,"d":"0.00"}]
["10003718","BASE DE LAMPARA FLORECENTE 40W","2011","PINALITO","UN",3,{"$f":"+H919/F919","v":0},{"v":0,"d":"0.00"}]
["10003718","BASE DE LAMPARA FLORECENTE 40W","2016","AGUACATE","UN",230,{"$f":"+H920/F920","v":0},{"v":0,"d":"0.00"}]
["10003720","PORTA LAMPARA OLTEN 02-082","2003","ANGOSTURA","UN",3,{"$f":"+H921/F921","v":153},{"v":459,"d":"459.00"}]
["10003721","PORTA LAMPARA RAFI 1.60509 P/DIESEL EMER","2003","ANGOSTURA","UN",2,{"$f":"+H922/F922","v":125.5},{"v":251,"d":"251.00"}]
["10003722","REGULADOR D/NIVEL P/ACHIQUE CAJA DE MAQU","2003","ANGOSTURA","UN",3,{"$f":"+H923/F923","v":0},{"v":0,"d":"0.00"}]
["10003723","DETECTOR 250RPM REF. C1-P8-ETR","2003","ANGOSTURA","UN",1,{"$f":"+H924/F924","v":3045},{"v":3045,"d":"3,045.00"}]
["10003726","INTERRUPTOR D/NIVEL UNIMEX REF. F5","2003","ANGOSTURA","UN",1,{"$f":"+H925/F925","v":740},{"v":740,"d":"740.00"}]
["10003730","PRESOSTATO MODELO 604DI","2003","ANGOSTURA","UN",13,{"$f":"+H926/F926","v":5400},{"v":70200,"d":"70,200.00"}]
["10003732","PRESOSTATO DIFERENCIAL TIPO 95750100018","2003","ANGOSTURA","UN",1,{"$f":"+H927/F927","v":4051},{"v":4051,"d":"4,051.00"}]
["10003733","PRESOSTATO TIPO XM10 DE 0.4 A 3.5KG/CM2","2003","ANGOSTURA","UN",1,{"$f":"+H928/F928","v":1985},{"v":1985,"d":"1,985.00"}]
["10003734","PRESOSTATO DIFERENCIAL 0.7 A 1.5BAR","2003","ANGOSTURA","UN",1,{"$f":"+H929/F929","v":1645},{"v":1645,"d":"1,645.00"}]
["10003735","HIDROSTATO P/CONTROL CALEFACCION D/PANEL","2003","ANGOSTURA","UN",1,{"$f":"+H930/F930","v":4225},{"v":4225,"d":"4,225.00"}]
["10003739","CONECTOR FIJO 90 P/CONECCION DISYUNTOR","2003","ANGOSTURA","UN",1,{"$f":"+H931/F931","v":0},{"v":0,"d":"0.00"}]
["10003741","CONECTOR FIJO 45 GRADOS 75MM","2003","ANGOSTURA","UN",1,{"$f":"+H932/F932","v":0},{"v":0,"d":"0.00"}]
["10003745","RELE TERMICO 30-40A","2003","ANGOSTURA","UN",1,{"$f":"+H933/F933","v":0},{"v":0,"d":"0.00"}]
["10003746","RELE AGUI 1.6-2.4","2003","ANGOSTURA","UN",1,{"$f":"+H934/F934","v":72.45},72.45]
["10003750","RELE TELEMECANICO DN-122A60","2003","ANGOSTURA","UN",1,{"$f":"+H935/F935","v":0},{"v":0,"d":"0.00"}]
["10003751","RELE TEMPORIZADO 0.1 A 305","2003","ANGOSTURA","UN",2,{"$f":"+H936/F936","v":1245},{"v":2490,"d":"2,490.00"}]
["10003756","RELE TIPO MRG 626E 80VDV","2003","ANGOSTURA","UN",4,{"$f":"+H937/F937","v":85},{"v":340,"d":"340.00"}]
["10003758","RELE TERMICO 0.1 A 0.2A","2003","ANGOSTURA","UN",2,{"$f":"+H938/F938","v":379},{"v":758,"d":"758.00"}]
["10003759","RELE TRIFASICO 220V P/CONTROL L/P","2003","ANGOSTURA","UN",1,{"$f":"+H939/F939","v":1050},{"v":1050,"d":"1,050.00"}]
["10003760","RELE TERMICO MONOFASICO  0.2A-250V-28VDC","2003","ANGOSTURA","UN",1,{"$f":"+H940/F940","v":2490},{"v":2490,"d":"2,490.00"}]
["10003761","RELE DE PROTECCION DE TRANSFORMADOR","2006","C.EMBALSE MONCION","UN",3,{"$f":"+H941/F941","v":590000},{"v":1770000,"d":"1,770,000.00"}]
["10003761","RELE DE PROTECCION DE TRANSFORMADOR","2021","SABANETA","UN",3,{"$f":"+H942/F942","v":0.01},0.03]
["10003762","RELE DE IMPULSO 24-60V","2003","ANGOSTURA","UN",2,{"$f":"+H943/F943","v":38.5},{"v":77,"d":"77.00"}]
["10003763","RELE IMPULSO 15-300S 5A","2005","MONCION","UN",18,{"$f":"+H944/F944","v":0},{"v":0,"d":"0.00"}]
["10003765","RELE DE MANDO P/SECCIONADOR 138KV","2003","ANGOSTURA","UN",1,{"$f":"+H945/F945","v":1995},{"v":1995,"d":"1,995.00"}]
["10003768","RELE SUPERVISION TRIFASICA P/SIST CONTRO","2003","ANGOSTURA","UN",2,{"$f":"+H946/F946","v":0},{"v":0,"d":"0.00"}]
["10003769","RELE TELEMECANICO P/SIST SESAGUE 30 A 40","2003","ANGOSTURA","UN",2,{"$f":"+H947/F947","v":243},{"v":486,"d":"486.00"}]
["10003770","RELE TERMICO K7-0.7 A 1.1 A P/SIST REFRI","2003","ANGOSTURA","UN",1,{"$f":"+H948/F948","v":636},{"v":636,"d":"636.00"}]
["10003771","RELE TEMPORIZADO DE 0 A 10 SEGUNDOS","2007","RINCON","UN",1,{"$f":"+H949/F949","v":0},{"v":0,"d":"0.00"}]
["10003773","RELAY SEGURIDAD TIPO TMA 1164","2003","ANGOSTURA","UN",2,{"$f":"+H950/F950","v":636},{"v":1272,"d":"1,272.00"}]
["10003774","RELAY TERMICO 220V 60HZ P/ALUMBRADO","2003","ANGOSTURA","UN",1,{"$f":"+H951/F951","v":430.05},430.05]
["10003775","BASE P/MINI RELE","2003","ANGOSTURA","UN",1,{"$f":"+H952/F952","v":148},{"v":148,"d":"148.00"}]
["10003776","CAMARA ROMPE ALCO P/CONTACTOR PRINC. ACE","2003","ANGOSTURA","UN",4,{"$f":"+H953/F953","v":345},{"v":1380,"d":"1,380.00"}]
["10003777","CAMARA DE RUPTURA D/INSTRUPTOR CAMPO","2003","ANGOSTURA","UN",1,{"$f":"+H954/F954","v":645},{"v":645,"d":"645.00"}]
["10003780","MODULO P/CONTACTOR MG-7226","2003","ANGOSTURA","UN",1,{"$f":"+H955/F955","v":0},{"v":0,"d":"0.00"}]
["10003781","MODULO ELECTRONICO BELSTV","2003","ANGOSTURA","UN",1,{"$f":"+H956/F956","v":10104},{"v":10104,"d":"10,104.00"}]
["10003782","MODULO D/SENALIZACION MB1+23 125VCC","2003","ANGOSTURA","UN",1,{"$f":"+H957/F957","v":9405},{"v":9405,"d":"9,405.00"}]
["10003783","MODULO ELECTRONICO VR2/2 125VCC","2003","ANGOSTURA","UN",1,{"$f":"+H958/F958","v":9405},{"v":9405,"d":"9,405.00"}]
["10003786","MODULO PARA INTERUPTOR NSA 250 IEC 250V","2015","JIGüEY","UN",2,{"$f":"+H959/F959","v":0},{"v":0,"d":"0.00"}]
["10003792","indicador d  psicon  bbc","2003","ANGOSTURA","UN",1,{"$f":"+H960/F960","v":6600},{"v":6600,"d":"6,600.00"}]
["10003793","INDICADOR DE ALTA TENSION KP HASTA 20KV","2003","ANGOSTURA","UN",1,{"$f":"+H961/F961","v":3040},{"v":3040,"d":"3,040.00"}]
["10003798","PULSADOR P/DIESEL EMERG.","2003","ANGOSTURA","UN",1,{"$f":"+H962/F962","v":208},{"v":208,"d":"208.00"}]
["10003799","PULSADOR RAFI 110101 P/EQUIPO AUX EMERG.","2003","ANGOSTURA","UN",2,{"$f":"+H963/F963","v":225},{"v":450,"d":"450.00"}]
["10003800","CONMUTADOR P/MEDICACION VOLTAJE","2003","ANGOSTURA","UN",2,{"$f":"+H964/F964","v":3900},{"v":7800,"d":"7,800.00"}]
["10003802","DISPENSOR DE LAMPARA SIMPLE","2003","ANGOSTURA","UN",10,{"$f":"+H965/F965","v":0},{"v":0,"d":"0.00"}]
["10003803","CONTROL TEMPERATURA 0 - 399ºC","2008","HATILLO","UN",1,{"$f":"+H966/F966","v":0.01},0.01]
["10003803","CONTROL TEMPERATURA 0 - 399ºC","2032","LAS DOS BOCAS","UN",6,{"$f":"+H967/F967","v":0.01},0.06]
["10003804","MEDIDOR DE  FRECUENCIA DE 0-100 H7","2003","ANGOSTURA","UN",1,{"$f":"+H968/F968","v":2600},{"v":2600,"d":"2,600.00"}]
["10003804","MEDIDOR DE  FRECUENCIA DE 0-100 H7","2013","ROSA JULIA-BOBA","UN",1,{"$f":"+H969/F969","v":0},{"v":0,"d":"0.00"}]
["10003804","MEDIDOR DE  FRECUENCIA DE 0-100 H7","2021","SABANETA","UN",2,{"$f":"+H970/F970","v":0},{"v":0,"d":"0.00"}]
["10003805","MEDIDOR DE TEMPERATURA DE 0 - 60°C","2016","AGUACATE","UN",1,{"$f":"+H971/F971","v":0},{"v":0,"d":"0.00"}]
["10003805","MEDIDOR DE TEMPERATURA DE 0 - 60°C","2022","DOMINGO RODRIGUEZ","UN",1,{"$f":"+H972/F972","v":0.01},0.01]
["10003806","SENSOR D/TEMP.D/SIST EXTRAC. INSENDIO","2003","ANGOSTURA","UN",6,{"$f":"+H973/F973","v":2054},{"v":12324,"d":"12,324.00"}]
["10003807","SEPARADOR CON RENURA DEL GENERADOR","2003","ANGOSTURA","UN",1,{"$f":"+H974/F974","v":684},{"v":684,"d":"684.00"}]
["10003808","SEPARADOR L=995 REF. EMERG. 201516","2003","ANGOSTURA","UN",30,{"$f":"+H975/F975","v":74.75},{"v":2242.5,"d":"2,242.50"}]
["10003809","SECCIONADOR MONOPOLAR 10 X 38","2003","ANGOSTURA","UN",1,{"$f":"+H976/F976","v":0},{"v":0,"d":"0.00"}]
["10003810","CUÑA PARA MOTOR BOMBA ACHIQE","2003","ANGOSTURA","UN",1,{"$f":"+H977/F977","v":145},{"v":145,"d":"145.00"}]
["10003811","CUÑA RANURADA P/GEN. 138 X 21.5 X 5MM","2003","ANGOSTURA","UN",66,{"$f":"+H978/F978","v":178},{"v":11748,"d":"11,748.00"}]
["10003812","CUÑA RANURADA #3","2003","ANGOSTURA","UN",66,{"$f":"+H979/F979","v":0},{"v":0,"d":"0.00"}]
["10003813","CUÑA RANURADA 220 X 215 X 5","2003","ANGOSTURA","UN",33,{"$f":"+H980/F980","v":89.95},{"v":2968.35,"d":"2,968.35"}]
["10003814","CUÑA RANURADA EMERG. 160.7 X 21.5 X 5","2003","ANGOSTURA","UN",33,{"$f":"+H981/F981","v":63.14999999999999},{"v":2083.95,"d":"2,083.95"}]
["10003815","CUÑA CONICA 39.2 X 5","2003","ANGOSTURA","UN",70,{"$f":"+H982/F982","v":35},{"v":2450,"d":"2,450.00"}]
["10003818","REGISTRO P/CABLE PILOTO","2003","ANGOSTURA","UN",1,{"$f":"+H983/F983","v":190},{"v":190,"d":"190.00"}]
["10003819","CAPERUZA AISLANTE DEL GENERADOR","2003","ANGOSTURA","UN",9,{"$f":"+H984/F984","v":95},{"v":855,"d":"855.00"}]
["10003821","BARRA EXAG HAGT 447 155P1","2003","ANGOSTURA","UN",1,{"$f":"+H985/F985","v":2345},{"v":2345,"d":"2,345.00"}]
["10003822","TOMA CORRIENTE 30AMPS 600VAC R/ADR3044","2003","ANGOSTURA","UN",2,{"$f":"+H986/F986","v":68.45},{"v":136.9,"d":"136.90"}]
["10003832","AISLADOR RECT. 30 X 140 X 70MM","2003","ANGOSTURA","UN",58,{"$f":"+H987/F987","v":0},{"v":0,"d":"0.00"}]
["10003840","TORNILLO ALLEN CHE M8X16 REF-F-19 P/TURB","2003","ANGOSTURA","UN",2,{"$f":"+H988/F988","v":24.15},{"v":48.3,"d":"48.30"}]
["10003842","TORNILLO EXAG.M8X16 REF.F13 P/TURBINA","2003","ANGOSTURA","UN",2,{"$f":"+H989/F989","v":11.4},{"v":22.8,"d":"22.80"}]
["10003843","TORNILLO ALLEN M6X20 F-18 P/TURB","2003","ANGOSTURA","UN",2,{"$f":"+H990/F990","v":0},{"v":0,"d":"0.00"}]
["10003844","TORNILLO ALLEN CHE M10X25 REF/F22 P/TURB","2003","ANGOSTURA","UN",15,{"$f":"+H991/F991","v":38.14},{"v":572.1,"d":"572.10"}]
["10003845","TORNILLO ALLEN CHE M14X75 REF.F23 P/TURB","2003","ANGOSTURA","UN",4,{"$f":"+H992/F992","v":38.4},{"v":153.6,"d":"153.60"}]
["10003846","TORNILLO EXAG.M18X100 REF.F17 P/TURB","2003","ANGOSTURA","UN",1,{"$f":"+H993/F993","v":21},{"v":21,"d":"21.00"}]
["10003849","TORNILLO ALLEN SIN CABEZA M14X20 F25 P/T","2003","ANGOSTURA","UN",2,{"$f":"+H994/F994","v":0},{"v":0,"d":"0.00"}]
["10003850","TORNILLO EXAG.HM12X25 REF.F6 P/TURBINA","2003","ANGOSTURA","UN",2,{"$f":"+H995/F995","v":12.12},24.24]
["10003851","TORNILLO EXAG.HM12X30 F7 P/TURBINA","2003","ANGOSTURA","UN",1,{"$f":"+H996/F996","v":12.75},12.75]
["10003854","TORNILLO EXAG.HM16X70 F11 P/TURB","2003","ANGOSTURA","UN",2,{"$f":"+H997/F997","v":12},{"v":24,"d":"24.00"}]
["10003855","TORNILLO EXAG.HM10X25 F5 P/TURBINA","2003","ANGOSTURA","UN",1,{"$f":"+H998/F998","v":13.5},{"v":13.5,"d":"13.50"}]
["10003858","TORNILLO HEXAG.M22X70 REF.F2 P/TURBINA","2003","ANGOSTURA","UN",2,{"$f":"+H999/F999","v":12.1},{"v":24.2,"d":"24.20"}]
["10003861","TORNILLO EXAG.HM8X16 REF.F2 P/TURBINA","2003","ANGOSTURA","UN",2,{"$f":"+H1000/F1000","v":7.1},{"v":14.2,"d":"14.20"}]
["10003863","TORNILLO CABEZA CILINDRICA M20X50 REF.F6","2003","ANGOSTURA","UN",1,{"$f":"+H1001/F1001","v":12.45},12.45]
["10003864","TORNILLO EXAG.HM10X40 REF.F3 P/TURBINA","2003","ANGOSTURA","UN",1,{"$f":"+H1002/F1002","v":6.4},{"v":6.4,"d":"6.40"}]
["10003866","TORNILLO EXAG.HM 20X60 REF-F9 P/T","2003","ANGOSTURA","UN",2,{"$f":"+H1003/F1003","v":0},{"v":0,"d":"0.00"}]
["10003868","TORNILLO CABEZA EXAG.M18X65 F-3 P/TURB","2003","ANGOSTURA","UN",2,{"$f":"+H1004/F1004","v":11.4},{"v":22.8,"d":"22.80"}]
["10003875","TORNILLO EXAG.M8X25 REF-F10  P/TURBINA","2003","ANGOSTURA","UN",46,{"$f":"+H1005/F1005","v":14.75},{"v":678.5,"d":"678.50"}]
["10003878","TORNILLO EXAGONAL HM16X25 F7 P/TURRBINA","2003","ANGOSTURA","UN",2,{"$f":"+H1006/F1006","v":11},{"v":22,"d":"22.00"}]
["10003879","TORNILLO EXAGONAL HM20X45 F6 P/TURBINA","2003","ANGOSTURA","UN",2,{"$f":"+H1007/F1007","v":12.4},{"v":24.8,"d":"24.80"}]
["10003880","TORNILLO EXAGONAL HM10X70 REF-F8 P/TURB","2003","ANGOSTURA","UN",1,{"$f":"+H1008/F1008","v":9.4},{"v":9.4,"d":"9.40"}]
["10003880","TORNILLO EXAGONAL HM10X70 REF-F8 P/TURB","2005","MONCION","UN",2,{"$f":"+H1009/F1009","v":0},{"v":0,"d":"0.00"}]
["10003881","TORNILLO EXAGONAL HN20X70 REF-F-5 P/TURN","2003","ANGOSTURA","UN",2,{"$f":"+H1010/F1010","v":0},{"v":0,"d":"0.00"}]
["10003882","TORNILLO EXAGONAL HM16X35 REF-F25 P/E/R","2003","ANGOSTURA","UN",2,{"$f":"+H1011/F1011","v":2.565},5.13]
["10003883","TORNILLO ALLEN M12X25 REF-F4 P/E/R","2003","ANGOSTURA","UN",3,{"$f":"+H1012/F1012","v":0},{"v":0,"d":"0.00"}]
["10003884","TORNILLO ALLEN M12X35 F5 P/E/REG","2003","ANGOSTURA","UN",2,{"$f":"+H1013/F1013","v":6},{"v":12,"d":"12.00"}]
["10003885","TORNILLO ALLEN M10X40 REF-F45 P/E/R","2003","ANGOSTURA","UN",1,{"$f":"+H1014/F1014","v":4.6},{"v":4.6,"d":"4.60"}]
["10003886","TORNILLO M6X10 SIN CAB REF-F51 P/E/R","2003","ANGOSTURA","UN",2,{"$f":"+H1015/F1015","v":9.15},{"v":18.3,"d":"18.30"}]
["10003889","TORNILLO EXAG.HM4X10 F5 P/E/R","2003","ANGOSTURA","UN",2,{"$f":"+H1016/F1016","v":3.15},{"v":6.3,"d":"6.30"}]
["10003891","TORNILLO EXAG.HM6X30 REF.F17 P/E/R","2003","ANGOSTURA","UN",2,{"$f":"+H1017/F1017","v":11.2},{"v":22.4,"d":"22.40"}]
["10003893","TORNILLO EXAG.HM14X65 F5 P/E/R","2003","ANGOSTURA","UN",2,{"$f":"+H1018/F1018","v":5.45},{"v":10.9,"d":"10.90"}]
["10003894","TORNILLO EXAG.HM8X45 F3 P/E/R","2003","ANGOSTURA","UN",2,{"$f":"+H1019/F1019","v":6.1},{"v":12.2,"d":"12.20"}]
["10003895","TORNILLO EXAG.HM6X16 F43 P/E/R","2003","ANGOSTURA","UN",2,{"$f":"+H1020/F1020","v":4.15},{"v":8.3,"d":"8.30"}]
["10003896","TORNILLO EXAG.HM12X20 F47 P/E/R","2003","ANGOSTURA","UN",1,{"$f":"+H1021/F1021","v":3.14},3.14]
["10003896","TORNILLO EXAG.HM12X20 F47 P/E/R","2015","JIGüEY","UN",9,{"$f":"+H1022/F1022","v":0},{"v":0,"d":"0.00"}]
["10003897","TORNILLO EXAG.HM5X30 F-2 P/E/R","2003","ANGOSTURA","UN",2,{"$f":"+H1023/F1023","v":5.5},{"v":11,"d":"11.00"}]
["10003898","TORNILLO ALLEN M8X20 F4 P/E/R","2003","ANGOSTURA","UN",8,{"$f":"+H1024/F1024","v":23.14},185.12]
["10003899","TORNILLO EXAG.HM5X10 F/12 P/E/R","2003","ANGOSTURA","UN",2,{"$f":"+H1025/F1025","v":6.4},{"v":12.8,"d":"12.80"}]
["10003900","TORNILLO EXAG.HM6 X 10 F/13 P/E/R","2003","ANGOSTURA","UN",2,{"$f":"+H1026/F1026","v":0},{"v":0,"d":"0.00"}]
["10003901","TORNILLO EXAG.M16X130 P/GEN","2003","ANGOSTURA","UN",6,{"$f":"+H1027/F1027","v":5.3999999999999995},{"v":32.4,"d":"32.40"}]
["10003902","TORNILLO EXAG 20X50MM P/GEN","2003","ANGOSTURA","UN",2,{"$f":"+H1028/F1028","v":42},{"v":84,"d":"84.00"}]
["10003903","TORNILLO EXAG 20X40MM P/GALV","2003","ANGOSTURA","UN",20,{"$f":"+H1029/F1029","v":2.5},{"v":50,"d":"50.00"}]
["10003904","TORNILLO EXAG 24 X 70MM","2003","ANGOSTURA","UN",22,{"$f":"+H1030/F1030","v":22},{"v":484,"d":"484.00"}]
["10003905","TORNILLO EXAG 24X60MM P/GENB","2003","ANGOSTURA","UN",60,{"$f":"+H1031/F1031","v":71.1},{"v":4266,"d":"4,266.00"}]
["10003906","TORNILLO EXAG 24X80MM P/GGN","2003","ANGOSTURA","UN",2,{"$f":"+H1032/F1032","v":11.4},{"v":22.8,"d":"22.80"}]
["10003907","TORNILLO EXAG 24X80MM P/GGN ESPECIAL","2003","ANGOSTURA","UN",6,{"$f":"+H1033/F1033","v":11.4},{"v":68.4,"d":"68.40"}]
["10003908","TORNILLO EXAG 24X40MM P/GN","2003","ANGOSTURA","UN",22,{"$f":"+H1034/F1034","v":10.94},240.68]
["10003908","TORNILLO EXAG 24X40MM P/GN","2015","JIGüEY","UN",5,{"$f":"+H1035/F1035","v":0},{"v":0,"d":"0.00"}]
["10003909","TORNILLO HEX. 20X60 P/GEN. ROCA CORRIDA","2003","ANGOSTURA","UN",1,{"$f":"+H1036/F1036","v":6.75},6.75]
["10003910","TORNILLO EXAG 16X45MM P/GGN","2003","ANGOSTURA","UN",25,{"$f":"+H1037/F1037","v":6.75},168.75]
["10003911","TORNILLO EXAG 20X60 P/GEN","2003","ANGOSTURA","UN",13,{"$f":"+H1038/F1038","v":5.9},{"v":76.7,"d":"76.70"}]
["10003912","TORNILLO EXAG 16X25 P/GEN","2003","ANGOSTURA","UN",2,{"$f":"+H1039/F1039","v":0},{"v":0,"d":"0.00"}]
["10003913","TORNILLO EXAG 8X20MM P/GGN","2003","ANGOSTURA","UN",35,{"$f":"+H1040/F1040","v":3.9099999999999997},136.85]
["10003914","TORNILLO EXAG 12X40MM P/GGN","2003","ANGOSTURA","UN",2,{"$f":"+H1041/F1041","v":4.05},{"v":8.1,"d":"8.10"}]
["10003915","TORNILLO EXAG 8X25MM P/GEN COBRE","2003","ANGOSTURA","UN",7,{"$f":"+H1042/F1042","v":8.15},57.05]
["10003916","TORNILLO EXAG MM P/GEN","2003","ANGOSTURA","UN",8,{"$f":"+H1043/F1043","v":3.41},27.28]
["10003917","TORNILLO EXAG 10X35MM P/GEN","2003","ANGOSTURA","UN",2,{"$f":"+H1044/F1044","v":4.91},9.82]
["10003918","TORNILLO AVELLANADO 12X20MM P/GEN","2003","ANGOSTURA","UN",33,{"$f":"+H1045/F1045","v":5},{"v":165,"d":"165.00"}]
["10003919","TORNILLO EXAG 8X40MM P/GEN","2003","ANGOSTURA","UN",4,{"$f":"+H1046/F1046","v":4.91},19.64]
["10003920","TORNILLO EXAG 8X25MM P/GEN ACERO NEGRO","2003","ANGOSTURA","UN",2,{"$f":"+H1047/F1047","v":4.25},{"v":8.5,"d":"8.50"}]
["10003921","TORNILLO EXAG 10X30MM P/GEN","2003","ANGOSTURA","UN",20,{"$f":"+H1048/F1048","v":2.2199999999999998},{"v":44.4,"d":"44.40"}]
["10003923","TORNILLO ALLEN 16X50MM P/GEN","2003","ANGOSTURA","UN",1,{"$f":"+H1049/F1049","v":43.5},{"v":43.5,"d":"43.50"}]
["10003924","TORNILLO ALLEN 12X35MM P/GEN","2003","ANGOSTURA","UN",2,{"$f":"+H1050/F1050","v":22.455},44.91]
["10003925","TORNILLO EXAG 12X15MM P/GEN","2003","ANGOSTURA","UN",20,{"$f":"+H1051/F1051","v":3.35},{"v":67,"d":"67.00"}]
["10003926","TORNILLO EXAG 16X50MM P/GERN","2003","ANGOSTURA","UN",4,{"$f":"+H1052/F1052","v":4.09},16.36]
["10003927","TORNILLO EXAG 12X20MM P/GEN","2003","ANGOSTURA","UN",55,{"$f":"+H1053/F1053","v":8.129999999999999},447.15]
["10003929","TORNILLO HEXAG.16X44X23.5M P/GEN","2003","ANGOSTURA","UN",55,{"$f":"+H1054/F1054","v":29.8},{"v":1639,"d":"1,639.00"}]
["10003930","TORNILLO HEX. 42 X 155MM ESPECIAL","2003","ANGOSTURA","UN",1,{"$f":"+H1055/F1055","v":60},{"v":60,"d":"60.00"}]
["10003931","TORNILLO HEX.36X110MM P/DESMONTAJE TURB.","2003","ANGOSTURA","UN",2,{"$f":"+H1056/F1056","v":53.8},{"v":107.6,"d":"107.60"}]
["10003935","TORNILLO HEX. 10 X 35MM P/RF","2003","ANGOSTURA","UN",4,{"$f":"+H1057/F1057","v":20},{"v":80,"d":"80.00"}]
["10003936","TORNILLO HEX. 12 X 20MM P/R","2003","ANGOSTURA","UN",5,{"$f":"+H1058/F1058","v":23.1},{"v":115.5,"d":"115.50"}]
["10003937","TORNILLO HEX. 10 X 20MM P/RF","2003","ANGOSTURA","UN",17,{"$f":"+H1059/F1059","v":20},{"v":340,"d":"340.00"}]
["10003939","TORNILLO HEX. 8 X 25MM P/RF","2003","ANGOSTURA","UN",1,{"$f":"+H1060/F1060","v":16.05},16.05]
["10003940","TORNILLO HEX. 20 X 70 CON TUERCA","2003","ANGOSTURA","UN",2,{"$f":"+H1061/F1061","v":38},{"v":76,"d":"76.00"}]
["10003942","TORNILLO HEX. 12 X 25MM ACERONIQUEL","2003","ANGOSTURA","UN",6,{"$f":"+H1062/F1062","v":23.849999999999998},{"v":143.1,"d":"143.10"}]
["10003943","TORNILLO HEX. 12 X 40MM P/RF","2003","ANGOSTURA","UN",2,{"$f":"+H1063/F1063","v":26},{"v":52,"d":"52.00"}]
["10003944","TORNILLO HEX. 12 X 50MM P/RF","2003","ANGOSTURA","UN",2,{"$f":"+H1064/F1064","v":23.9},{"v":47.8,"d":"47.80"}]
["10003945","TORNILLO HEX. 12 X 55MM P/R","2003","ANGOSTURA","UN",2,{"$f":"+H1065/F1065","v":24.18},48.36]
["10003947","TORNILLO HEX. 12 X 61MM","2003","ANGOSTURA","UN",2,{"$f":"+H1066/F1066","v":26},{"v":52,"d":"52.00"}]
["10003949","TORNILLO HEX. M20X80MM P/RF","2003","ANGOSTURA","UN",17,{"$f":"+H1067/F1067","v":38.050000000000004},646.85]
["10003955","TORNILLO HEX. 16 X 65MM P/RF","2003","ANGOSTURA","UN",2,{"$f":"+H1068/F1068","v":29.6},{"v":59.2,"d":"59.20"}]
["10003956","TORNILLO HEX. 8 X 10MM P/R","2003","ANGOSTURA","UN",4,{"$f":"+H1069/F1069","v":11.3},{"v":45.2,"d":"45.20"}]
["10003957","TORNILLO HEXAG.12X55MM P/RF","2003","ANGOSTURA","UN",4,{"$f":"+H1070/F1070","v":24.18},96.72]
["10003958","TORNILLO HEXAGONAL 10X25MM P/R","2003","ANGOSTURA","UN",1,{"$f":"+H1071/F1071","v":3.1},{"v":3.1,"d":"3.10"}]
["10003959","TORNILLO ALLEN 8X15MM","2015","JIGüEY","UN",1,{"$f":"+H1072/F1072","v":0},{"v":0,"d":"0.00"}]
["10003961","TORNILLO ALLEN 10X25MM P/RF","2003","ANGOSTURA","UN",1,{"$f":"+H1073/F1073","v":28.45},28.45]
["10003962","TORNILLO ALLEN 12X35 MM P/RF","2002","TAVERA","UN",4,{"$f":"+H1074/F1074","v":0},{"v":0,"d":"0.00"}]
["10003964","TORNILLO ALLEN 14X75MM P/RF","2003","ANGOSTURA","UN",26,{"$f":"+H1075/F1075","v":39.45},{"v":1025.7,"d":"1,025.70"}]
["10003965","TORNILLO ALLEN 20X80MM P/R","2009","RIO BLANCO","UN",2,{"$f":"+H1076/F1076","v":0},{"v":0,"d":"0.00"}]
["10003965","TORNILLO ALLEN 20X80MM P/R","2011","PINALITO","UN",16,{"$f":"+H1077/F1077","v":0},{"v":0,"d":"0.00"}]
["10003967","TORNILLO AVELLANADO 6X10MM","2003","ANGOSTURA","UN",2,{"$f":"+H1078/F1078","v":4.08},8.16]
["10003969","TORNILLO ACERO NIQUEL 16X65MM","2003","ANGOSTURA","UN",6,{"$f":"+H1079/F1079","v":0},{"v":0,"d":"0.00"}]
["10003970","TORNILLO HEXAGONAL 16X60 ACERO NIQUEL","2003","ANGOSTURA","UN",2,{"$f":"+H1080/F1080","v":32.5},{"v":65,"d":"65.00"}]
["10003971","TORNILLO HEXAG.8X10MM P/REGULACION","2003","ANGOSTURA","UN",2,{"$f":"+H1081/F1081","v":6.4},{"v":12.8,"d":"12.80"}]
["10003974","TORNILLO HEXAG.10X16MM P/REGULACION","2003","ANGOSTURA","UN",1,{"$f":"+H1082/F1082","v":8.03},8.03]
["10003976","TORNILLO USBR2-7 P/BORNERA","2003","ANGOSTURA","UN",1,{"$f":"+H1083/F1083","v":175.86},175.86]
["10003977","TORNILLO 30 X 10MM EXAG.","2003","ANGOSTURA","UN",2,{"$f":"+H1084/F1084","v":6.75},{"v":13.5,"d":"13.50"}]
["10003978","TORNILLO EXAG. 6X16MM","2003","ANGOSTURA","UN",2,{"$f":"+H1085/F1085","v":16},{"v":32,"d":"32.00"}]
["10003979","TORNILLO C/PL 8X 20MM","2003","ANGOSTURA","UN",1,{"$f":"+H1086/F1086","v":9},{"v":9,"d":"9.00"}]
["10003980","ARANDELA PLANA M12 EMG 2011516 F7 P/G","2005","MONCION","UN",5,{"$f":"+H1087/F1087","v":0},{"v":0,"d":"0.00"}]
["10003982","ARANDELA DE PRESION 20MM P/G","2003","ANGOSTURA","UN",38,{"$f":"+H1088/F1088","v":2.0500000000000003},{"v":77.9,"d":"77.90"}]
["10003982","ARANDELA DE PRESION 20MM P/G","2015","JIGüEY","UN",35,{"$f":"+H1089/F1089","v":0},{"v":0,"d":"0.00"}]
["10003983","ARANDELA PRESION 12MM P/G","2003","ANGOSTURA","UN",114,{"$f":"+H1090/F1090","v":0},{"v":0,"d":"0.00"}]
["10003984","ARANDELA PRESION 16MM P/G","2003","ANGOSTURA","UN",212,{"$f":"+H1091/F1091","v":8.03},{"v":1702.36,"d":"1,702.36"}]
["10003985","ARANDELA PLANA 8MM P/G","2003","ANGOSTURA","UN",50,{"$f":"+H1092/F1092","v":1.04},{"v":52,"d":"52.00"}]
["10003986","ARANDELA PLANA 17MM P/G","2003","ANGOSTURA","UN",8,{"$f":"+H1093/F1093","v":9},{"v":72,"d":"72.00"}]
["10003987","ARANDELA PLANA 10MM P/G","2003","ANGOSTURA","UN",5,{"$f":"+H1094/F1094","v":7},{"v":35,"d":"35.00"}]
["10003989","ARANDELA DE 17 X 125MM P/DESM TURBERIA","2015","JIGüEY","UN",12,{"$f":"+H1095/F1095","v":0},{"v":0,"d":"0.00"}]
["10003990","ARANDELA DE PRESION 5/8 X 1/8 X 1/16","2003","ANGOSTURA","UN",5,{"$f":"+H1096/F1096","v":0},{"v":0,"d":"0.00"}]
["10003991","ARANDELA OVALADAS 3/8 X 1/8 METAL","2003","ANGOSTURA","UN",42,{"$f":"+H1097/F1097","v":13.479999999999999},566.16]
["10003992","ARANDELA PLANA 1/2 X 7/8 METAL","2008","HATILLO","UN",7,{"$f":"+H1098/F1098","v":0},{"v":0,"d":"0.00"}]
["10003993","ARANDELA PLANA37 X 19 MM","2003","ANGOSTURA","UN",41,{"$f":"+H1099/F1099","v":13.479999999999999},552.68]
["10003993","ARANDELA PLANA37 X 19 MM","2027","PALOMINO","UN",131,{"$f":"+H1100/F1100","v":1},{"v":131,"d":"131.00"}]
["10003994","ARANDELA PLASTICA P/TRANSF. ALTA TENS. 3","2003","ANGOSTURA","UN",8,{"$f":"+H1101/F1101","v":13.48},107.84]
["10003995","TUERCA HEXAGONAL H-M22 REF-F28 P/TURBINA","2003","ANGOSTURA","UN",1,{"$f":"+H1102/F1102","v":0},{"v":0,"d":"0.00"}]
["10003996","TUERCA HEXAG.M30 REF-F-30 P/TURBINA","2011","PINALITO","UN",2,{"$f":"+H1103/F1103","v":0},{"v":0,"d":"0.00"}]
["10003997","TUERCA HEXAG M36 REF-F-38 P/TURB","2003","ANGOSTURA","UN",38,{"$f":"+H1104/F1104","v":13},{"v":494,"d":"494.00"}]
["10004000","TUERCA HM6 F-13 P/TURBINA","2003","ANGOSTURA","UN",1,{"$f":"+H1105/F1105","v":5.18},5.18]
["10004002","TUERCA HEXAGONAL HM20 F2 P/TURBINA","2003","ANGOSTURA","UN",4,{"$f":"+H1106/F1106","v":10.2},{"v":40.8,"d":"40.80"}]
["10004004","TUERCA DIAM-M80/45 REF-V4 P/TURB","2003","ANGOSTURA","UN",2,{"$f":"+H1107/F1107","v":32},{"v":64,"d":"64.00"}]
["10004006","TUERCA HEXAGONAL HM36 REF-F11 P/TURB","2003","ANGOSTURA","UN",4,{"$f":"+H1108/F1108","v":16.06},64.24]
["10004007","TUERCA HEXAGONAL HM12 REF-F32 P/TURBINA","2003","ANGOSTURA","UN",1,{"$f":"+H1109/F1109","v":0},{"v":0,"d":"0.00"}]
["10004009","TUERCA HEXAGONAL HM27 REF=F10 P/TURBINA","2003","ANGOSTURA","UN",2,{"$f":"+H1110/F1110","v":12.45},{"v":24.9,"d":"24.90"}]
["10004010","TUERCA HEXAG HM10 REF-F5 P/TURB","2003","ANGOSTURA","UN",1,{"$f":"+H1111/F1111","v":8.6},{"v":8.6,"d":"8.60"}]
["10004012","TUERCA HEXAG HM18 REF=14 P/TURBINA","2003","ANGOSTURA","UN",2,{"$f":"+H1112/F1112","v":10.65},{"v":21.3,"d":"21.30"}]
["10004013","TUERCA HEXAGONAL HM16 REF-F13 P/TURBINA","2003","ANGOSTURA","UN",2,{"$f":"+H1113/F1113","v":10.03},20.06]
["10004014","TUERCA HEXAGONAL HM20 REF-15 P/TURBINA","2003","ANGOSTURA","UN",2,{"$f":"+H1114/F1114","v":0},{"v":0,"d":"0.00"}]
["10004015","TUERCA HEXAG HM18 F-5 P/TURBINA","2003","ANGOSTURA","UN",2,{"$f":"+H1115/F1115","v":10.65},{"v":21.3,"d":"21.30"}]
["10004017","TUERCA HEXAGOANL HM6 REF-F8 P/TUBERIA","2003","ANGOSTURA","UN",2,{"$f":"+H1116/F1116","v":5.8},{"v":11.6,"d":"11.60"}]
["10004018","TUERCA HEXAGONAL HM10 REF-F10 P/TURB","2003","ANGOSTURA","UN",1,{"$f":"+H1117/F1117","v":8.6},{"v":8.6,"d":"8.60"}]
["10004018","TUERCA HEXAGONAL HM10 REF-F10 P/TURB","2009","RIO BLANCO","UN",18,{"$f":"+H1118/F1118","v":0},{"v":0,"d":"0.00"}]
["10004019","TUERCA HEXAG HM10 REF-F46 P/E/R","2003","ANGOSTURA","UN",2,{"$f":"+H1119/F1119","v":8.6},{"v":17.2,"d":"17.20"}]
["10004022","TUERCA HEXAG HM12 F13 P/E/R","2003","ANGOSTURA","UN",1,{"$f":"+H1120/F1120","v":1.83},1.83]
["10004023","TUERCA HEXAGONAL  32MM P/G","2003","ANGOSTURA","UN",2,{"$f":"+H1121/F1121","v":0},{"v":0,"d":"0.00"}]
["10004026","TUERCA HEXAG 14MM HIERRO NEGRO","2003","ANGOSTURA","UN",2,{"$f":"+H1122/F1122","v":0},{"v":0,"d":"0.00"}]
["10004027","TUERCA ACERO NIQUEL 46 MM","2003","ANGOSTURA","UN",19,{"$f":"+H1123/F1123","v":32},{"v":608,"d":"608.00"}]
["10004028","TUERCA HEXAGONAL M20 P/S/REF.","2003","ANGOSTURA","UN",16,{"$f":"+H1124/F1124","v":11.89},190.24]
["10004030","TUERCA HEXAGONAL  HIERRO NEGRO","2003","ANGOSTURA","UN",1,{"$f":"+H1125/F1125","v":9.8},{"v":9.8,"d":"9.80"}]
["10004031","ACCESORIO P/CABLE 13.8KV","2003","ANGOSTURA","UN",25,{"$f":"+H1126/F1126","v":346.18},{"v":8654.5,"d":"8,654.50"}]
["10004035","CABLE MYN-J 5X10","2003","ANGOSTURA","UN",120,{"$f":"+H1127/F1127","v":0},{"v":0,"d":"0.00"}]
["10004040","GRAMPA P/CABLE PILOTO","2003","ANGOSTURA","UN",1,{"$f":"+H1128/F1128","v":0},{"v":0,"d":"0.00"}]
["10004041","\"PASADOR EN L\"\" PARA TURBINA\"","2003","ANGOSTURA","UN",2,{"$f":"+H1129/F1129","v":26.15},{"v":52.3,"d":"52.30"}]
["10004042","PASADOR P/DESMONTAJE D/TURBINA","2003","ANGOSTURA","UN",4,{"$f":"+H1130/F1130","v":26.15},{"v":104.6,"d":"104.60"}]
["10004048","PORTA FUSIBLE 25A 500V ACENSOR WEBER","2003","ANGOSTURA","UN",1,{"$f":"+H1131/F1131","v":175},{"v":175,"d":"175.00"}]
["10004049","MODULO ELECTRONICO SWDIO ID NR 590 291","2003","ANGOSTURA","UN",1,{"$f":"+H1132/F1132","v":10240},{"v":10240,"d":"10,240.00"}]
["10004051","TAPA FUSIBLE 25/500V PANEL ACENSOR","2003","ANGOSTURA","UN",18,{"$f":"+H1133/F1133","v":28.4},{"v":511.2,"d":"511.20"}]
["10004054","MODULO LIMITADOR  ANGULO CARGA UN1043 B-","2003","ANGOSTURA","UN",1,{"$f":"+H1134/F1134","v":13990},{"v":13990,"d":"13,990.00"}]
["10004060","INDICADOR DE POSICION BBC NR 651086 110V","2003","ANGOSTURA","UN",4,{"$f":"+H1135/F1135","v":4200},{"v":16800,"d":"16,800.00"}]
["10004066","CORREA  A-31 DONGI","2003","ANGOSTURA","UN",1,{"$f":"+H1136/F1136","v":0},{"v":0,"d":"0.00"}]
["10004067","RODAMIENTO REF F-53 P/E/R","2003","ANGOSTURA","UN",4,{"$f":"+H1137/F1137","v":0},{"v":0,"d":"0.00"}]
["10004071","CABLE MYN-J 5X10","2003","ANGOSTURA","UN",300,{"$f":"+H1138/F1138","v":0},{"v":0,"d":"0.00"}]
["10004072","ROTOR P/MOTOBOMBA SISTEMA DE DESAGUE","2003","ANGOSTURA","UN",1,{"$f":"+H1139/F1139","v":1},{"v":1,"d":"1.00"}]
["10004074","TUERCA HEXAGONAL HG 5/8","2003","ANGOSTURA","UN",1,{"$f":"+H1140/F1140","v":0},{"v":0,"d":"0.00"}]
["10004076","SELLO REF.DOS65090 12 WOL","2003","ANGOSTURA","UN",4,{"$f":"+H1141/F1141","v":0},{"v":0,"d":"0.00"}]
["10004079","RELE TEMPORIZADOR COMAT 24-48V","2003","ANGOSTURA","UN",1,{"$f":"+H1142/F1142","v":1},{"v":1,"d":"1.00"}]
["10004080","TUERCA HEXAGONAL HM 5","2003","ANGOSTURA","UN",2,{"$f":"+H1143/F1143","v":0},{"v":0,"d":"0.00"}]
["10004081","CONTADOR GENERAL LC1D50 E7","2003","ANGOSTURA","UN",1,{"$f":"+H1144/F1144","v":0},{"v":0,"d":"0.00"}]
["10004082","CONTADOR DE ELEVACION LC1D32 E7","2003","ANGOSTURA","UN",1,{"$f":"+H1145/F1145","v":1},{"v":1,"d":"1.00"}]
["10004083","RELE A2 421-08-7","2003","ANGOSTURA","UN",4,{"$f":"+H1146/F1146","v":1},{"v":4,"d":"4.00"}]
["10004084","MANOMETRO 144 X 144MM","2003","ANGOSTURA","UN",1,{"$f":"+H1147/F1147","v":1},{"v":1,"d":"1.00"}]
["10004084","MANOMETRO 144 X 144MM","2021","SABANETA","UN",2,{"$f":"+H1148/F1148","v":0},{"v":0,"d":"0.00"}]
["10004085","PLACA DE 200 X 60 X 60","2003","ANGOSTURA","UN",13,{"$f":"+H1149/F1149","v":0},{"v":0,"d":"0.00"}]
["10004086","BIELATA P/URBINA 410MM X 200 MM FRANCIS","2003","ANGOSTURA","UN",2,{"$f":"+H1150/F1150","v":0},{"v":0,"d":"0.00"}]
["10004087","CAMARA D/DOBLE IMPULSO XEN G119 52 X 30","2003","ANGOSTURA","UN",2,{"$f":"+H1151/F1151","v":1},{"v":2,"d":"2.00"}]
["10004088","CAMARA D/EMERGENCIA ZB-BE 102 29 X 25 MM","2003","ANGOSTURA","UN",1,{"$f":"+H1152/F1152","v":1},{"v":1,"d":"1.00"}]
["10004089","PULSADOR D/GOMA P/BOTONERA 22MM X 28MM","2003","ANGOSTURA","UN",2,{"$f":"+H1153/F1153","v":1},{"v":2,"d":"2.00"}]
["10004091","ARANDELA COJINETE SUP D.E=503MM;DI=337MM","2003","ANGOSTURA","UN",2,{"$f":"+H1154/F1154","v":0},{"v":0,"d":"0.00"}]
["10004094","MODULO BBCM61","2003","ANGOSTURA","UN",1,{"$f":"+H1155/F1155","v":0},{"v":0,"d":"0.00"}]
["10004095","MODULOBBC 630 D 6600 63A","2003","ANGOSTURA","UN",1,{"$f":"+H1156/F1156","v":0},{"v":0,"d":"0.00"}]
["10004097","BREYKER16AP BBC","2003","ANGOSTURA","UN",3,{"$f":"+H1157/F1157","v":0},{"v":0,"d":"0.00"}]
["10004098","CASQUILLO DE COBRE","2003","ANGOSTURA","UN",12,{"$f":"+H1158/F1158","v":0},{"v":0,"d":"0.00"}]
["10004098","CASQUILLO DE COBRE","2009","RIO BLANCO","UN",41,{"$f":"+H1159/F1159","v":0.01},0.41]
["10004098","CASQUILLO DE COBRE","2022","DOMINGO RODRIGUEZ","UN",80,{"$f":"+H1160/F1160","v":1},{"v":80,"d":"80.00"}]
["10004099","TAPA PARA ENCHUFE","2010","JIMENOA","UN",10,{"$f":"+H1161/F1161","v":0.01},{"v":0.1,"d":"0.10"}]
["10004102","RELE BBC-PSU14/125V","2002","TAVERA","UN",2,{"$f":"+H1162/F1162","v":0.01},0.02]
["10004102","RELE BBC-PSU14/125V","2003","ANGOSTURA","UN",1,{"$f":"+H1163/F1163","v":0},{"v":0,"d":"0.00"}]
["10004103","RELE  DETECTOR DE INTENSIDAD","2003","ANGOSTURA","UN",1,{"$f":"+H1164/F1164","v":0},{"v":0,"d":"0.00"}]
["10004104","RELE TELEMECANICO","2003","ANGOSTURA","UN",1,{"$f":"+H1165/F1165","v":0},{"v":0,"d":"0.00"}]
["10004105","CONTACTOR 127V","2003","ANGOSTURA","UN",1,{"$f":"+H1166/F1166","v":0},{"v":0,"d":"0.00"}]
["10004106","CONTACTOR AUXI. MODELO CA2KN22G7","2011","PINALITO","UN",31,{"$f":"+H1167/F1167","v":0},{"v":0,"d":"0.00"}]
["10004107","CONTACTOR TELEME. GV1-MO6/660V","2007","RINCON","UN",1,{"$f":"+H1168/F1168","v":0},{"v":0,"d":"0.00"}]
["10004109","RELE  BBC HSC 44E6 6AP  220V","2003","ANGOSTURA","UN",1,{"$f":"+H1169/F1169","v":0},{"v":0,"d":"0.00"}]
["10004110","ACESORI O   DE ENCHUFE DE INTERUCTOR","2003","ANGOSTURA","UN",2,{"$f":"+H1170/F1170","v":0},{"v":0,"d":"0.00"}]
["10004111","RELE DE SUSPENSION","2003","ANGOSTURA","UN",4,{"$f":"+H1171/F1171","v":0},{"v":0,"d":"0.00"}]
["10004111","RELE DE SUSPENSION","2005","MONCION","UN",2,{"$f":"+H1172/F1172","v":0},{"v":0,"d":"0.00"}]
["10004112","JUNTA DE ASBESTO TIPO ESCUADRA","2003","ANGOSTURA","UN",8,{"$f":"+H1173/F1173","v":0},{"v":0,"d":"0.00"}]
["10004113","FILTRO DE ACEITE REGULADOR","2003","ANGOSTURA","UN",6,{"$f":"+H1174/F1174","v":0},{"v":0,"d":"0.00"}]
["10004114","MANOMETROWILKA D 0.10KGXCM2","2003","ANGOSTURA","UN",1,{"$f":"+H1175/F1175","v":0},{"v":0,"d":"0.00"}]
["10004116","TAPA PARA LAMPARA  FLOURESENTE","2003","ANGOSTURA","UN",4,{"$f":"+H1176/F1176","v":0},{"v":0,"d":"0.00"}]
["10004117","ORING3X36MM","2003","ANGOSTURA","UN",5,{"$f":"+H1177/F1177","v":0},{"v":0,"d":"0.00"}]
["10004118","ORING0.78MM","2003","ANGOSTURA","UN",2,{"$f":"+H1178/F1178","v":0},{"v":0,"d":"0.00"}]
["10004119","ORING3X25MM","2003","ANGOSTURA","UN",4,{"$f":"+H1179/F1179","v":0},{"v":0,"d":"0.00"}]
["10004120","ORING5X106MM","2003","ANGOSTURA","UN",3,{"$f":"+H1180/F1180","v":0},{"v":0,"d":"0.00"}]
["10004121","ORING5X90MM","2003","ANGOSTURA","UN",25,{"$f":"+H1181/F1181","v":0},{"v":0,"d":"0.00"}]
["10004123","TRANSF D LAMPARA FLOURESENTE","2003","ANGOSTURA","UN",1,{"$f":"+H1182/F1182","v":0},{"v":0,"d":"0.00"}]
["10004126","CONO DE ALIVIO SENCILLO REF.AEK-KAB61","2002","TAVERA","UN",4,{"$f":"+H1183/F1183","v":78.45},{"v":313.8,"d":"313.80"}]
["10004127","ELECTRO VALVULA 510.43 MAX. 315 BAR","2002","TAVERA","UN",1,{"$f":"+H1184/F1184","v":2040},{"v":2040,"d":"2,040.00"}]
["10004129","ELECTRO VALVULA DE SEGURIDAD DE CIERRE","2007","RINCON","UN",1,{"$f":"+H1185/F1185","v":0},{"v":0,"d":"0.00"}]
["10004130","VALVULA MANUAL TIPO GLOBO DE 2 PLG","2010","JIMENOA","UN",6,{"$f":"+H1186/F1186","v":0.01},0.06]
["10004131","CHUMACERA DE 90X77 PARA LA VALVULA","2002","TAVERA","UN",6,{"$f":"+H1187/F1187","v":2645},{"v":15870,"d":"15,870.00"}]
["10004135","CONTACTOR AEG C/1000V 180A","2002","TAVERA","UN",1,{"$f":"+H1188/F1188","v":1240},{"v":1240,"d":"1,240.00"}]
["10004138","ORING DE 7 MM","2006","C.EMBALSE MONCION","UN",9,{"$f":"+H1189/F1189","v":1},{"v":9,"d":"9.00"}]
["10004138","ORING DE 7 MM","2007","RINCON","UN",25,{"$f":"+H1190/F1190","v":0},{"v":0,"d":"0.00"}]
["10004138","ORING DE 7 MM","2015","JIGüEY","UN",16,{"$f":"+H1191/F1191","v":68.15},{"v":1090.4,"d":"1,090.40"}]
["10004142","TAPON PVC 2 PLG","2002","TAVERA","C/U",1,{"$f":"+H1192/F1192","v":0},{"v":0,"d":"0.00"}]
["10004142","TAPON PVC 2 PLG","2005","MONCION","C/U",2,{"$f":"+H1193/F1193","v":0.01},0.02]
["10004142","TAPON PVC 2 PLG","2028","BRAZO DERECHO","C/U",1,{"$f":"+H1194/F1194","v":1},{"v":1,"d":"1.00"}]
["10004144","BOBINA ABB GENERADOR CONTRAEMBALSE","2005","MONCION","C/U",1,{"$f":"+H1195/F1195","v":0},{"v":0,"d":"0.00"}]
["10004155","TERMOMETRO WEC DE 0-150° C","2006","C.EMBALSE MONCION","C/U",1,{"$f":"+H1196/F1196","v":1},{"v":1,"d":"1.00"}]
["10004157","FILTRO DE COMBUSTIIBLE WIX 33358","2005","MONCION","C/U",1,{"$f":"+H1197/F1197","v":0},{"v":0,"d":"0.00"}]
["10004160","\"ACOPLAMIENTO MOTOBOMBA P/REGULADOR DE T","2007","RINCON","C/U",2,{"$f":"+H1198/F1198","v":0},{"v":0,"d":"0.00"}]
["10004175","\"BOBINA ELECTROVALVULA  VICKERS, H507848","2005","MONCION","C/U",1,{"$f":"+H1199/F1199","v":0},{"v":0,"d":"0.00"}]
["10004176","\"BOBINA ELECTROVALVULA  WANDFLUH, SIN60V","2005","MONCION","C/U",1,{"$f":"+H1200/F1200","v":0},{"v":0,"d":"0.00"}]
["10004190","CONTACTOR 110V/50HZ/60HZ","2011","PINALITO","C/U",1,{"$f":"+H1201/F1201","v":0},{"v":0,"d":"0.00"}]
["10004209","NIPLE 3/8 INOXIDABLE","2025","LAS DAMAS","C/U",3,{"$f":"+H1202/F1202","v":0},{"v":0,"d":"0.00"}]
["10004225","ROCIADOR DE AGUA GIRATORIO P/JARDIN 1238","2005","MONCION","C/U",2,{"$f":"+H1203/F1203","v":0},{"v":0,"d":"0.00"}]
["10004245","\"TUERCA M16,PASO 2.00, METAL\"","2027","PALOMINO","C/U",3,{"$f":"+H1204/F1204","v":1},{"v":3,"d":"3.00"}]
["10004250","VALVULA DE BOLA 1/2 PLG","2005","MONCION","C/U",1,{"$f":"+H1205/F1205","v":0},{"v":0,"d":"0.00"}]
["10004250","VALVULA DE BOLA 1/2 PLG","2007","RINCON","C/U",2,{"$f":"+H1206/F1206","v":0.01},0.02]
["10004250","VALVULA DE BOLA 1/2 PLG","2010","JIMENOA","C/U",1,{"$f":"+H1207/F1207","v":0.01},0.01]
["10004253","CODO DE 2\" A 45 GALV. P/PROSCAR","2008","HATILLO","UN",4,{"$f":"+H1208/F1208","v":0},{"v":0,"d":"0.00"}]
["10004254","ARRANCADOR REV. TELEMECANIQUE LC2","2007","RINCON","UN",1,{"$f":"+H1209/F1209","v":3055.5},{"v":3055.5,"d":"3,055.50"}]
["10004258","CODO DE 4 A 45","2004","BAIGUAQUE","UN",17,{"$f":"+H1210/F1210","v":0.01},0.17]
["10004258","CODO DE 4 A 45","2032","LAS DOS BOCAS","UN",33,{"$f":"+H1211/F1211","v":0.01},0.33]
["10004261","COPILLA DE ENGRASE","2008","HATILLO","UN",3,{"$f":"+H1212/F1212","v":1},{"v":3,"d":"3.00"}]
["10004262","COUPLING PVC 3PLG","2004","BAIGUAQUE","UN",2,{"$f":"+H1213/F1213","v":0.01},0.02]
["10004262","COUPLING PVC 3PLG","2007","RINCON","UN",1,{"$f":"+H1214/F1214","v":0},{"v":0,"d":"0.00"}]
["10004262","COUPLING PVC 3PLG","2010","JIMENOA","UN",1,{"$f":"+H1215/F1215","v":1},{"v":1,"d":"1.00"}]
["10004262","COUPLING PVC 3PLG","2015","JIGüEY","UN",2,{"$f":"+H1216/F1216","v":0.01},0.02]
["10004267","PALA","2023","LOS TOROS","UN",3,{"$f":"+H1217/F1217","v":0},{"v":0,"d":"0.00"}]
["10004268","ESCOBILLA EXITADOR EG-98B-F3.1 60MM","2007","RINCON","UN",4,{"$f":"+H1218/F1218","v":165},{"v":660,"d":"660.00"}]
["10004269","PICO SIN PALO","2004","BAIGUAQUE","UN",6,{"$f":"+H1219/F1219","v":0},{"v":0,"d":"0.00"}]
["10004269","PICO SIN PALO","2007","RINCON","UN",10,{"$f":"+H1220/F1220","v":52.15},{"v":521.5,"d":"521.50"}]
["10004269","PICO SIN PALO","2010","JIMENOA","UN",4,{"$f":"+H1221/F1221","v":0.01},0.04]
["10004269","PICO SIN PALO","2016","AGUACATE","UN",3,{"$f":"+H1222/F1222","v":0},{"v":0,"d":"0.00"}]
["10004269","PICO SIN PALO","2020","SABANA YEGUA","UN",7,{"$f":"+H1223/F1223","v":1},{"v":7,"d":"7.00"}]
["10004269","PICO SIN PALO","2021","SABANETA","UN",28,{"$f":"+H1224/F1224","v":0.01},0.28]
["10004269","PICO SIN PALO","2022","DOMINGO RODRIGUEZ","UN",8,{"$f":"+H1225/F1225","v":0},{"v":0,"d":"0.00"}]
["10004269","PICO SIN PALO","2028","BRAZO DERECHO","UN",2,{"$f":"+H1226/F1226","v":0},{"v":0,"d":"0.00"}]
["10004270","BARRA DE ACERO 3/4 x 6 CON TURERCA 32MM","2011","PINALITO","UN",3,{"$f":"+H1227/F1227","v":0},{"v":0,"d":"0.00"}]
["10004271","FAJA PARA JUNTA 4X28 MM","2007","RINCON","UN",4,{"$f":"+H1228/F1228","v":2700},{"v":10800,"d":"10,800.00"}]
["10004273","FILTRO DE AIRE 435212","2007","RINCON","UN",1,{"$f":"+H1229/F1229","v":700},{"v":700,"d":"700.00"}]
["10004274","FLOTA NR-S195D F83 S-8306 240-380U2-8A","2007","RINCON","UN",1,{"$f":"+H1230/F1230","v":589},{"v":589,"d":"589.00"}]
["10004277","IMPELLER C 105-214 PA E. 1.2","2007","RINCON","UN",1,{"$f":"+H1231/F1231","v":252.72},252.72]
["10004278","SEGMENTO DE JUNTAS DE CARBON DE LA TU","2007","RINCON","UN",23,{"$f":"+H1232/F1232","v":1950},{"v":44850,"d":"44,850.00"}]
["10004282","JUNTA CAUCHO SINTETICO 26 x 40 X 4 MM","2007","RINCON","UN",8,{"$f":"+H1233/F1233","v":93},{"v":744,"d":"744.00"}]
["10004286","JUNTA PERBUNAN DE 8/12 DIAMETRO X 1","2007","RINCON","UN",10,{"$f":"+H1234/F1234","v":68},{"v":680,"d":"680.00"}]
["10004287","JUNTA TWINSET 12/22 DIAMETRO X 11","2007","RINCON","UN",3,{"$f":"+H1235/F1235","v":82.5},{"v":247.5,"d":"247.50"}]
["10004289","JUNTAS METALOPLASTICAS 11116 DIAMETRO X2","2007","RINCON","UN",362,{"$f":"+H1236/F1236","v":51.2},{"v":18534.4,"d":"18,534.40"}]
["10004290","JUNTAS METALOPLASTICAS 17/23 DIAMETRO","2007","RINCON","UN",{"v":2906,"d":"2,906"},{"$f":"+H1237/F1237","v":198},{"v":575388,"d":"575,388.00"}]
["10004291","JUNTA PERDUNA P/TURBINA","2007","RINCON","UN",40,{"$f":"+H1238/F1238","v":190},{"v":7600,"d":"7,600.00"}]
["10004293","PAPEL D/LIJA NO. 100","2005","MONCION","UN",14,{"$f":"+H1239/F1239","v":0},{"v":0,"d":"0.00"}]
["10004293","PAPEL D/LIJA NO. 100","2008","HATILLO","UN",3,{"$f":"+H1240/F1240","v":0},{"v":0,"d":"0.00"}]
["10004294","PAPEL D/LIJA NO. 120","2005","MONCION","UN",3,{"$f":"+H1241/F1241","v":0},{"v":0,"d":"0.00"}]
["10004295","PAPEL D/LIJA NO. 80 DE MADERA","2005","MONCION","UN",12,{"$f":"+H1242/F1242","v":0},{"v":0,"d":"0.00"}]
["10004295","PAPEL D/LIJA NO. 80 DE MADERA","2020","SABANA YEGUA","UN",2,{"$f":"+H1243/F1243","v":1},{"v":2,"d":"2.00"}]
["10004297","PAPEL DE LIJA NO. 50","2021","SABANETA","UN",6,{"$f":"+H1244/F1244","v":0},{"v":0,"d":"0.00"}]
["10004302","NIPLE DE 3 X 10''","2002","TAVERA","UN",1,{"$f":"+H1245/F1245","v":0.01},0.01]
["10004303","ORING DIAMETRO 3.6 No.25 PARA SISTEMA","2007","RINCON","UN",2,{"$f":"+H1246/F1246","v":12},{"v":24,"d":"24.00"}]
["10004304","ORING DIAMETRO 5.3 No.29 PARA SISTEMA","2007","RINCON","UN",3,{"$f":"+H1247/F1247","v":165},{"v":495,"d":"495.00"}]
["10004305","O'RING DIAMETRO 5.3 NO.38","2007","RINCON","UN",19,{"$f":"+H1248/F1248","v":168},{"v":3192,"d":"3,192.00"}]
["10004307","O'RING DIAMETRO 5.3 NO.46","2007","RINCON","UN",2,{"$f":"+H1249/F1249","v":174},{"v":348,"d":"348.00"}]
["10004308","O'RING DIAMETRO 5.3 NO.49","2007","RINCON","UN",2,{"$f":"+H1250/F1250","v":178.9},{"v":357.8,"d":"357.80"}]
["10004310","ORING DIAMETRO 7 NO.68","2007","RINCON","UN",4,{"$f":"+H1251/F1251","v":225},{"v":900,"d":"900.00"}]
["10004311","PINZA MAQUINA DE SOLDAR (DE ATERRIZAJE)","2011","PINALITO","UN",1,{"$f":"+H1252/F1252","v":0},{"v":0,"d":"0.00"}]
["10004314","RETENEDORA TOYOTA TRASERA HILUX 2008-09","2007","RINCON","UN",4,{"$f":"+H1253/F1253","v":195},{"v":780,"d":"780.00"}]
["10004314","RETENEDORA TOYOTA TRASERA HILUX 2008-09","2031","REPUESTOS VEHICULOS","UN",5,{"$f":"+H1254/F1254","v":0},{"v":0,"d":"0.00"}]
["10004315","RUEDA PARA CARRETILLA","2002","TAVERA","UN",6,{"$f":"+H1255/F1255","v":1},{"v":6,"d":"6.00"}]
["10004315","RUEDA PARA CARRETILLA","2005","MONCION","UN",6,{"$f":"+H1256/F1256","v":0},{"v":0,"d":"0.00"}]
["10004315","RUEDA PARA CARRETILLA","2007","RINCON","UN",4,{"$f":"+H1257/F1257","v":450},{"v":1800,"d":"1,800.00"}]
["10004315","RUEDA PARA CARRETILLA","2008","HATILLO","UN",2,{"$f":"+H1258/F1258","v":1},{"v":2,"d":"2.00"}]
["10004315","RUEDA PARA CARRETILLA","2010","JIMENOA","UN",1,{"$f":"+H1259/F1259","v":0.01},0.01]
["10004315","RUEDA PARA CARRETILLA","2011","PINALITO","UN",2,{"$f":"+H1260/F1260","v":0},{"v":0,"d":"0.00"}]
["10004315","RUEDA PARA CARRETILLA","2016","AGUACATE","UN",3,{"$f":"+H1261/F1261","v":0},{"v":0,"d":"0.00"}]
["10004315","RUEDA PARA CARRETILLA","2020","SABANA YEGUA","UN",4,{"$f":"+H1262/F1262","v":0},{"v":0,"d":"0.00"}]
["10004315","RUEDA PARA CARRETILLA","2021","SABANETA","UN",9,{"$f":"+H1263/F1263","v":0},{"v":0,"d":"0.00"}]
["10004315","RUEDA PARA CARRETILLA","2022","DOMINGO RODRIGUEZ","UN",4,{"$f":"+H1264/F1264","v":0},{"v":0,"d":"0.00"}]
["10004315","RUEDA PARA CARRETILLA","2027","PALOMINO","UN",20,{"$f":"+H1265/F1265","v":1489.16},{"v":29783.2,"d":"29,783.20"}]
["10004315","RUEDA PARA CARRETILLA","2028","BRAZO DERECHO","UN",4,{"$f":"+H1266/F1266","v":1},{"v":4,"d":"4.00"}]
["10004315","RUEDA PARA CARRETILLA","2032","LAS DOS BOCAS","UN",2,{"$f":"+H1267/F1267","v":0.01},0.02]
["10004319","TEE DE 2'' SOLDABLE","2008","HATILLO","UN",1,{"$f":"+H1268/F1268","v":0.01},0.01]
["10004319","TEE DE 2'' SOLDABLE","2020","SABANA YEGUA","UN",7,{"$f":"+H1269/F1269","v":1},{"v":7,"d":"7.00"}]
["10004320","\"TEE DE 2\"\" REF.PHDR\"","2004","BAIGUAQUE","UN",200,{"$f":"+H1270/F1270","v":0},{"v":0,"d":"0.00"}]
["10004322","UNION PVC 1/2 PLG","2010","JIMENOA","UN",1,{"$f":"+H1271/F1271","v":0},{"v":0,"d":"0.00"}]
["10004323","UNION UNIVERSAL ACERO INOXI 1/2\"","2009","RIO BLANCO","UN",47,{"$f":"+H1272/F1272","v":23},{"v":1081,"d":"1,081.00"}]
["10004323","UNION UNIVERSAL ACERO INOXI 1/2\"","2020","SABANA YEGUA","UN",17,{"$f":"+H1273/F1273","v":0},{"v":0,"d":"0.00"}]
["10004324","MANGUERA D/PRESION METALICA FLEX 32x26","2005","MONCION","UN",1,{"$f":"+H1274/F1274","v":0},{"v":0,"d":"0.00"}]
["10004331","CONECTOR REF. R250-T8-250","2007","RINCON","UN",1,{"$f":"+H1275/F1275","v":1390},{"v":1390,"d":"1,390.00"}]
["10004333","CASQUILLO DE BRONCE DE 87X102X70MMS","2007","RINCON","UN",18,{"$f":"+H1276/F1276","v":193},{"v":3474,"d":"3,474.00"}]
["10004337","FUSIBLE DE 40 AMPS ARC-2TIPE A3","2007","RINCON","UN",3,{"$f":"+H1277/F1277","v":35},{"v":105,"d":"105.00"}]
["10004338","FUSIBLE MECANICO DE LA TURBINA","2007","RINCON","UN",15,{"$f":"+H1278/F1278","v":52},{"v":780,"d":"780.00"}]
["10004339","FUSIBLE SINAR 60A/ 25OV","2007","RINCON","UN",22,{"$f":"+H1279/F1279","v":221},{"v":4862,"d":"4,862.00"}]
["10004341","FUSIBLE TIPO CADENA 5.2 AMPS 12.5 KV","2007","RINCON","UN",2,{"$f":"+H1280/F1280","v":139.15},{"v":278.3,"d":"278.30"}]
["10004343","INDICADOR D/CIRCULACION AGUA Y ACEITE","2007","RINCON","UN",1,{"$f":"+H1281/F1281","v":118},{"v":118,"d":"118.00"}]
["10004345","POLO INTERRUPTOR 18081","2007","RINCON","UN",1,{"$f":"+H1282/F1282","v":6662},{"v":6662,"d":"6,662.00"}]
["10004346","CONTROL TERM. TELEMECANIQUE TIPO LRI","2007","RINCON","UN",1,{"$f":"+H1283/F1283","v":1400},{"v":1400,"d":"1,400.00"}]
["10004347","PROTECTOR TERMICO TIPO LR2D2353","2007","RINCON","UN",1,{"$f":"+H1284/F1284","v":450},{"v":450,"d":"450.00"}]
["10004347","PROTECTOR TERMICO TIPO LR2D2353","2016","AGUACATE","UN",1,{"$f":"+H1285/F1285","v":0},{"v":0,"d":"0.00"}]
["10004356","PERMATEX FORM.A GASKET NO.1","2007","RINCON","UN",1,{"$f":"+H1286/F1286","v":68.14},68.14]
["10004356","PERMATEX FORM.A GASKET NO.1","2021","SABANETA","UN",1,{"$f":"+H1287/F1287","v":0},{"v":0,"d":"0.00"}]
["10004357","FILTRO PARTMON AW-5137SP","2005","MONCION","UN",5,{"$f":"+H1288/F1288","v":0},{"v":0,"d":"0.00"}]
["10004361","RASCADORA DE RETENEDORA F5 PLACA 51495","2007","RINCON","UN",1,{"$f":"+H1289/F1289","v":26.88},26.88]
["10004364","CAJON DE CARRETILLA","2002","TAVERA","UN",6,{"$f":"+H1290/F1290","v":0},{"v":0,"d":"0.00"}]
["10004364","CAJON DE CARRETILLA","2003","ANGOSTURA","UN",3,{"$f":"+H1291/F1291","v":0},{"v":0,"d":"0.00"}]
["10004364","CAJON DE CARRETILLA","2004","BAIGUAQUE","UN",3,{"$f":"+H1292/F1292","v":0},{"v":0,"d":"0.00"}]
["10004364","CAJON DE CARRETILLA","2005","MONCION","UN",4,{"$f":"+H1293/F1293","v":0},{"v":0,"d":"0.00"}]
["10004364","CAJON DE CARRETILLA","2007","RINCON","UN",2,{"$f":"+H1294/F1294","v":205},{"v":410,"d":"410.00"}]
["10004364","CAJON DE CARRETILLA","2008","HATILLO","UN",2,{"$f":"+H1295/F1295","v":0},{"v":0,"d":"0.00"}]
["10004364","CAJON DE CARRETILLA","2010","JIMENOA","UN",1,{"$f":"+H1296/F1296","v":0},{"v":0,"d":"0.00"}]
["10004364","CAJON DE CARRETILLA","2011","PINALITO","UN",5,{"$f":"+H1297/F1297","v":0.01},0.05]
["10004364","CAJON DE CARRETILLA","2015","JIGüEY","UN",2,{"$f":"+H1298/F1298","v":0},{"v":0,"d":"0.00"}]
["10004364","CAJON DE CARRETILLA","2016","AGUACATE","UN",6,{"$f":"+H1299/F1299","v":0},{"v":0,"d":"0.00"}]
["10004364","CAJON DE CARRETILLA","2020","SABANA YEGUA","UN",9,{"$f":"+H1300/F1300","v":0},{"v":0,"d":"0.00"}]
["10004364","CAJON DE CARRETILLA","2021","SABANETA","UN",16,{"$f":"+H1301/F1301","v":0.01},0.16]
["10004364","CAJON DE CARRETILLA","2022","DOMINGO RODRIGUEZ","UN",2,{"$f":"+H1302/F1302","v":0},{"v":0,"d":"0.00"}]
["10004364","CAJON DE CARRETILLA","2024","MAGUEYAL","UN",7,{"$f":"+H1303/F1303","v":1},{"v":7,"d":"7.00"}]
["10004364","CAJON DE CARRETILLA","2025","LAS DAMAS","UN",5,{"$f":"+H1304/F1304","v":0},{"v":0,"d":"0.00"}]
["10004364","CAJON DE CARRETILLA","2027","PALOMINO","UN",7,{"$f":"+H1305/F1305","v":5420.92},{"v":37946.44,"d":"37,946.44"}]
["10004364","CAJON DE CARRETILLA","2028","BRAZO DERECHO","UN",3,{"$f":"+H1306/F1306","v":0},{"v":0,"d":"0.00"}]
["10004364","CAJON DE CARRETILLA","2032","LAS DOS BOCAS","UN",3,{"$f":"+H1307/F1307","v":0.01},0.03]
["10004365","CINTURON DE SEGURIDAD P/LINIERO","2024","MAGUEYAL","UN",5,{"$f":"+H1308/F1308","v":1},{"v":5,"d":"5.00"}]
["10004366","VIDRIO BLANCO P/CARETA D/SOLDAR","2007","RINCON","UN",2,{"$f":"+H1309/F1309","v":1757.44},{"v":3514.88,"d":"3,514.88"}]
["10004368","MACHETE 26\"","2008","HATILLO","UN",1,{"$f":"+H1310/F1310","v":1},{"v":1,"d":"1.00"}]
["10004368","MACHETE 26\"","2015","JIGüEY","UN",2,{"$f":"+H1311/F1311","v":0},{"v":0,"d":"0.00"}]
["10004369","GUANTES P/SOLDAR","2002","TAVERA","UN",5,{"$f":"+H1312/F1312","v":0},{"v":0,"d":"0.00"}]
["10004369","GUANTES P/SOLDAR","2005","MONCION","UN",6,{"$f":"+H1313/F1313","v":0},{"v":0,"d":"0.00"}]
["10004369","GUANTES P/SOLDAR","2007","RINCON","UN",1,{"$f":"+H1314/F1314","v":57.7},{"v":57.7,"d":"57.70"}]
["10004369","GUANTES P/SOLDAR","2011","PINALITO","UN",12,{"$f":"+H1315/F1315","v":0},{"v":0,"d":"0.00"}]
["10004369","GUANTES P/SOLDAR","2023","LOS TOROS","UN",14,{"$f":"+H1316/F1316","v":0},{"v":0,"d":"0.00"}]
["10004372","TONER P/FOTOCOPIADORA  AFICIO 150","2020","SABANA YEGUA","UN",6,{"$f":"+H1317/F1317","v":0},{"v":0,"d":"0.00"}]
["10004373","ARANDELA DE PRESION 1/2 PLG","2000","SUMINISTRO HIDRO","UN",328,{"$f":"+H1318/F1318","v":0},{"v":0,"d":"0.00"}]
["10004373","ARANDELA DE PRESION 1/2 PLG","2007","RINCON","UN",35,{"$f":"+H1319/F1319","v":98.08},{"v":3432.8,"d":"3,432.80"}]
["10004373","ARANDELA DE PRESION 1/2 PLG","2011","PINALITO","UN",4,{"$f":"+H1320/F1320","v":0},{"v":0,"d":"0.00"}]
["10004375","ARANDELA DE PRESION 5/8\"","2021","SABANETA","UN",58,{"$f":"+H1321/F1321","v":0},{"v":0,"d":"0.00"}]
["10004379","\"CABEZA ROJA PARA ANCLAJE DE1/2\"\"\"","2007","RINCON","UN",87,{"$f":"+H1322/F1322","v":1},{"v":87,"d":"87.00"}]
["10004381","COA TRAMONITONA","2020","SABANA YEGUA","UN",8,{"$f":"+H1323/F1323","v":1},{"v":8,"d":"8.00"}]
["10004381","COA TRAMONITONA","2025","LAS DAMAS","UN",1,{"$f":"+H1324/F1324","v":1},{"v":1,"d":"1.00"}]
["10004383","NO UTILIZARCOA TRAMONITONA","2007","RINCON","UN",5,{"$f":"+H1325/F1325","v":1},{"v":5,"d":"5.00"}]
["10004383","NO UTILIZARCOA TRAMONITONA","2021","SABANETA","UN",2,{"$f":"+H1326/F1326","v":0.01},0.02]
["10004384","FILTRO DE ACEITE PH8A","2007","RINCON","UN",1,{"$f":"+H1327/F1327","v":1},{"v":1,"d":"1.00"}]
["10004384","FILTRO DE ACEITE PH8A","2011","PINALITO","UN",1,{"$f":"+H1328/F1328","v":0},{"v":0,"d":"0.00"}]
["10004384","FILTRO DE ACEITE PH8A","2022","DOMINGO RODRIGUEZ","UN",2,{"$f":"+H1329/F1329","v":0.01},0.02]
["10004388","VASELINA NEUTRA","2007","RINCON","UN",2,{"$f":"+H1330/F1330","v":1},{"v":2,"d":"2.00"}]
["10004393","LIMA REDONDA GRANO GRUESO DE 12\"","2007","RINCON","UN",6,{"$f":"+H1331/F1331","v":1},{"v":6,"d":"6.00"}]
["10004397","ORING OV-11-110","2007","RINCON","UN",1,{"$f":"+H1332/F1332","v":1},{"v":1,"d":"1.00"}]
["10004401","PROTECTOR DE OIDOS","2003","ANGOSTURA","UN",15,{"$f":"+H1333/F1333","v":0},{"v":0,"d":"0.00"}]
["10004402","RACORD DE 75 MM","2007","RINCON","UN",4,{"$f":"+H1334/F1334","v":1},{"v":4,"d":"4.00"}]
["10004403","\"REDUCCION COPA DE 1 1/2\"\" A 1\"\"\"","2007","RINCON","UN",1,{"$f":"+H1335/F1335","v":1},{"v":1,"d":"1.00"}]
["10004405","REDUCCION DE ACERO INOXI 5/8 X 1 1/2''","2002","TAVERA","UN",2,{"$f":"+H1336/F1336","v":0},{"v":0,"d":"0.00"}]
["10004405","REDUCCION DE ACERO INOXI 5/8 X 1 1/2''","2007","RINCON","UN",2,{"$f":"+H1337/F1337","v":1},{"v":2,"d":"2.00"}]
["10004406","\"TEE DE ALTA PRES. DE 1 3/4\"\" C/REDUC.A","2001","C.CONTROL HIDRO","UN",2,{"$f":"+H1338/F1338","v":0},{"v":0,"d":"0.00"}]
["10004410","TUBERIA DE REFRIGERACION DE 1/4\"","2007","RINCON","UN",1,{"$f":"+H1339/F1339","v":1},{"v":1,"d":"1.00"}]
["10004410","TUBERIA DE REFRIGERACION DE 1/4\"","2016","AGUACATE","UN",1,{"$f":"+H1340/F1340","v":1},{"v":1,"d":"1.00"}]
["10004411","TUERCA HEXAGONAL DE COBRE DE 21 MM","2007","RINCON","UN",4,{"$f":"+H1341/F1341","v":1},{"v":4,"d":"4.00"}]
["10004412","UNION GALBANIZADA DE 3/4\"","2027","PALOMINO","UN",10,{"$f":"+H1342/F1342","v":1},{"v":10,"d":"10.00"}]
["10004417","VIDRIO REDONDO P/CORTE COLOR NEGRO","2007","RINCON","UN",4,{"$f":"+H1343/F1343","v":1},{"v":4,"d":"4.00"}]
["10004418","BOTONERA PARA GRUA","2023","LOS TOROS","UN",5,{"$f":"+H1344/F1344","v":0},{"v":0,"d":"0.00"}]
["10004419","CHEQUE DE BRONCE 3\"","2003","ANGOSTURA","UN",1,{"$f":"+H1345/F1345","v":0},{"v":0,"d":"0.00"}]
["10004422","FILTRO ALCO ADK 16.3 P/AIRE ACONDICION.","2007","RINCON","UN",2,{"$f":"+H1346/F1346","v":1},{"v":2,"d":"2.00"}]
["10004424","TORNILLO HG 1/2 x 5 1/2 PLG","2011","PINALITO","UN",4,{"$f":"+H1347/F1347","v":0},{"v":0,"d":"0.00"}]
["10004427","UNION UNIVERSAL ACERO INOXI 1 1/4 PLG","2002","TAVERA","UN",5,{"$f":"+H1348/F1348","v":0},{"v":0,"d":"0.00"}]
["10004427","UNION UNIVERSAL ACERO INOXI 1 1/4 PLG","2011","PINALITO","UN",2,{"$f":"+H1349/F1349","v":0},{"v":0,"d":"0.00"}]
["10004428","\"UNION UNIVER. ACERO ALTA PRESION DE 3/4","2002","TAVERA","UN",2,{"$f":"+H1350/F1350","v":0},{"v":0,"d":"0.00"}]
["10004434","DETECTOR DE FLUJO DE AGUA Y ACEITE ARA","2007","RINCON","UN",1,{"$f":"+H1351/F1351","v":1},{"v":1,"d":"1.00"}]
["10004436","RETINAX EPX-2","2007","RINCON","UN",8,{"$f":"+H1352/F1352","v":1},{"v":8,"d":"8.00"}]
["10004436","RETINAX EPX-2","2013","ROSA JULIA-BOBA","UN",5,{"$f":"+H1353/F1353","v":0.01},0.05]
["10004437","CODO 1 1/2","2032","LAS DOS BOCAS","UN",2,{"$f":"+H1354/F1354","v":0.01},0.02]
["10004442","ANILLO DE DESGASTE 115x125x12mm","2011","PINALITO","UN",2,{"$f":"+H1355/F1355","v":0},{"v":0,"d":"0.00"}]
["10004452","PRENSA JUNTA DE 50X14X4550","2007","RINCON","UN",20,{"$f":"+H1356/F1356","v":4200},{"v":84000,"d":"84,000.00"}]
["10004453","PRENSA JUNTA DE 60X16X4340","2007","RINCON","UN",20,{"$f":"+H1357/F1357","v":475.91999999999996},{"v":9518.4,"d":"9,518.40"}]
["10004457","PRESOSTATO DE 2 A 4 VAR","2007","RINCON","UN",2,{"$f":"+H1358/F1358","v":7599.74},{"v":15199.48,"d":"15,199.48"}]
["10004458","PRESOSTATO XMG BOO2 DE 0.2 A 1.4 VAR","2007","RINCON","UN",1,{"$f":"+H1359/F1359","v":8599.74},{"v":8599.74,"d":"8,599.74"}]
["10004459","RODAMIENTO 20312 RIV","2007","RINCON","UN",1,{"$f":"+H1360/F1360","v":8700},{"v":8700,"d":"8,700.00"}]
["10004462","RODAMIENTO 6202 2ZR FAG","2007","RINCON","UN",6,{"$f":"+H1361/F1361","v":108},{"v":648,"d":"648.00"}]
["10004462","RODAMIENTO 6202 2ZR FAG","2027","PALOMINO","UN",1,{"$f":"+H1362/F1362","v":0},{"v":0,"d":"0.00"}]
["10004464","RODAMIENTO 6206","2005","MONCION","UN",1,{"$f":"+H1363/F1363","v":0},{"v":0,"d":"0.00"}]
["10004464","RODAMIENTO 6206","2007","RINCON","UN",1,{"$f":"+H1364/F1364","v":145},{"v":145,"d":"145.00"}]
["10004464","RODAMIENTO 6206","2025","LAS DAMAS","UN",2,{"$f":"+H1365/F1365","v":1},{"v":2,"d":"2.00"}]
["10004464","RODAMIENTO 6206","2027","PALOMINO","UN",2,{"$f":"+H1366/F1366","v":0.01},0.02]
["10004465","RODAMIENTO 6212 NACHI","2007","RINCON","UN",2,{"$f":"+H1367/F1367","v":88.5},{"v":177,"d":"177.00"}]
["10004465","RODAMIENTO 6212 NACHI","2017","VALDESIA","UN",1,{"$f":"+H1368/F1368","v":0},{"v":0,"d":"0.00"}]
["10004466","RODAMIENTO 6217 NSR","2007","RINCON","UN",1,{"$f":"+H1369/F1369","v":145},{"v":145,"d":"145.00"}]
["10004468","RODAMIENTO 6308 2Z SKF","2007","RINCON","UN",2,{"$f":"+H1370/F1370","v":242.15},{"v":484.3,"d":"484.30"}]
["10004468","RODAMIENTO 6308 2Z SKF","2011","PINALITO","UN",2,{"$f":"+H1371/F1371","v":0},{"v":0,"d":"0.00"}]
["10004469","RODAMIENTO 6309 2NSR NACHI","2007","RINCON","UN",1,{"$f":"+H1372/F1372","v":135},{"v":135,"d":"135.00"}]
["10004471","RODAMIENTO 6200 2ZR","2007","RINCON","UN",4,{"$f":"+H1373/F1373","v":529},{"v":2116,"d":"2,116.00"}]
["10004472","VALVULA DE CHEQUE 2 1/2\"","2021","SABANETA","UN",1,{"$f":"+H1374/F1374","v":0},{"v":0,"d":"0.00"}]
["10004477","BOBINA GE P/RE/E DE 125 VCC","2007","RINCON","UN",2,{"$f":"+H1375/F1375","v":80},{"v":160,"d":"160.00"}]
["10004477","BOBINA GE P/RE/E DE 125 VCC","2013","ROSA JULIA-BOBA","UN",5,{"$f":"+H1376/F1376","v":0},{"v":0,"d":"0.00"}]
["10004479","DETECTOR D/FLUJO D/AGUA 150 PS1 300 F","2007","RINCON","UN",1,{"$f":"+H1377/F1377","v":1480},{"v":1480,"d":"1,480.00"}]
["10004481","DIODO D/BLOQUEO SENAL. 0.5A-600V","2007","RINCON","UN",4,{"$f":"+H1378/F1378","v":4150},{"v":16600,"d":"16,600.00"}]
["10004490","FINAL CARRERA TIPO ESHRLG 500V 5 AMPS","2007","RINCON","UN",1,{"$f":"+H1379/F1379","v":1423},{"v":1423,"d":"1,423.00"}]
["10004495","RELE GEE HGA-11J-52-125VCC","2007","RINCON","UN",1,{"$f":"+H1380/F1380","v":275},{"v":275,"d":"275.00"}]
["10004496","RELE GEE MOD. HFA-51A-42A TIPO HFA 125V","2007","RINCON","UN",2,{"$f":"+H1381/F1381","v":280},{"v":560,"d":"560.00"}]
["10004497","RELE ARTECHE RF4-24VCC","2005","MONCION","UN",4,{"$f":"+H1382/F1382","v":0},{"v":0,"d":"0.00"}]
["10004497","RELE ARTECHE RF4-24VCC","2007","RINCON","UN",4,{"$f":"+H1383/F1383","v":1600.14},{"v":6400.56,"d":"6,400.56"}]
["10004498","RELE TEMPORIZADO TELEMECANIQUE 600V MAX.","2007","RINCON","UN",1,{"$f":"+H1384/F1384","v":1690},{"v":1690,"d":"1,690.00"}]
["10004500","BREAKER STOTZ P/PROTECC. BBC 5AMP","2007","RINCON","UN",3,{"$f":"+H1385/F1385","v":2544.5},{"v":7633.5,"d":"7,633.50"}]
["10004505","VALVULA DE 1 1/4 IBS180","2007","RINCON","UN",2,{"$f":"+H1386/F1386","v":1200},{"v":2400,"d":"2,400.00"}]
["10004506","VALVULA DE BOLA 2\" MOD. DN 50","2005","MONCION","UN",2,{"$f":"+H1387/F1387","v":0},{"v":0,"d":"0.00"}]
["10004506","VALVULA DE BOLA 2\" MOD. DN 50","2007","RINCON","UN",1,{"$f":"+H1388/F1388","v":425},{"v":425,"d":"425.00"}]
["10004508","VALVULA DE 3/8 CRANE 125S 200WOG","2007","RINCON","UN",6,{"$f":"+H1389/F1389","v":718},{"v":4308,"d":"4,308.00"}]
["10004510","VALVULA DE 7/16 AHA NT-100","2007","RINCON","UN",2,{"$f":"+H1390/F1390","v":478},{"v":956,"d":"956.00"}]
["10004518","RODAMIENTO 6204 ZZR SNR","2025","LAS DAMAS","UN",1,{"$f":"+H1391/F1391","v":0},{"v":0,"d":"0.00"}]
["10004519","RODAMIENTO 6204-2RSR FAB","2015","JIGüEY","UN",1,{"$f":"+H1392/F1392","v":0},{"v":0,"d":"0.00"}]
["10004520","RODAMIENTO 6224 SNR","2007","RINCON","UN",1,{"$f":"+H1393/F1393","v":320},{"v":320,"d":"320.00"}]
["10004523","RODAMIENTO 6310 SNR","2007","RINCON","UN",1,{"$f":"+H1394/F1394","v":529},{"v":529,"d":"529.00"}]
["10004524","RODAMIENTO 6413 A FAG","2007","RINCON","UN",1,{"$f":"+H1395/F1395","v":3515},{"v":3515,"d":"3,515.00"}]
["10004525","RODAMIENTO 6410 SNR","2007","RINCON","UN",1,{"$f":"+H1396/F1396","v":2415},{"v":2415,"d":"2,415.00"}]
["10004526","RELAY TERMICO REGUL. 6.5-10.4AMP RIK 1-8","2007","RINCON","UN",1,{"$f":"+H1397/F1397","v":1950},{"v":1950,"d":"1,950.00"}]
["10004527","RELE AUXILIAR TIPO BJ8 92-124VCC AISE AR","2007","RINCON","UN",2,{"$f":"+H1398/F1398","v":1950},{"v":3900,"d":"3,900.00"}]
["10004528","RELE TEMP. TIPO TDJ-44 AISE ARLECHE 125","2007","RINCON","UN",1,{"$f":"+H1399/F1399","v":1915},{"v":1915,"d":"1,915.00"}]
["10004530","RELE PARPADEANTE TIP8 PAG-3 125VCC AISE","2007","RINCON","UN",1,{"$f":"+H1400/F1400","v":0},{"v":0,"d":"0.00"}]
["10004531","RELE TEMP. TIPO TEF-4 125VCC 0.5-30 S","2007","RINCON","UN",1,{"$f":"+H1401/F1401","v":1467},{"v":1467,"d":"1,467.00"}]
["10004533","ARANDELA PLANA37 X 19 MM","2007","RINCON","UN",76,{"$f":"+H1402/F1402","v":1.5},{"v":114,"d":"114.00"}]
["10004534","UNION GALVANIZADA DE 1 1/2\"","2027","PALOMINO","UN",14,{"$f":"+H1403/F1403","v":1},{"v":14,"d":"14.00"}]
["10004536","ALAMBRE #10","2000","SUMINISTRO HIDRO","UN",{"v":1000,"d":"1,000"},{"$f":"+H1404/F1404","v":78.2812},{"v":78281.2,"d":"78,281.20"}]
["10004537","MANOMETRO 0-600PSI (0-4000KPA) CONEC.","2008","HATILLO","UN",4,{"$f":"+H1405/F1405","v":0},{"v":0,"d":"0.00"}]
["10004539","CONTACTOR TELEMECANIQUE CA2-DN140","2007","RINCON","UN",3,{"$f":"+H1406/F1406","v":5000},{"v":15000,"d":"15,000.00"}]
["10004540","VALVULA DE 3\" CRANE STEEL WCB 150\"","2004","BAIGUAQUE","UN",46,{"$f":"+H1407/F1407","v":0},{"v":0,"d":"0.00"}]
["10004540","VALVULA DE 3\" CRANE STEEL WCB 150\"","2011","PINALITO","UN",3,{"$f":"+H1408/F1408","v":0},{"v":0,"d":"0.00"}]
["10004540","VALVULA DE 3\" CRANE STEEL WCB 150\"","2032","LAS DOS BOCAS","UN",140,{"$f":"+H1409/F1409","v":0.01},{"v":1.4,"d":"1.40"}]
["10004541","\"VALVULA DE 2\"\" CRANE 200 WOG 125S\"","2032","LAS DOS BOCAS","UN",7,{"$f":"+H1410/F1410","v":0.01},0.07]
["10004544","PORTA ESCOBILLA EXITADOR TIPO F G.EE","2007","RINCON","UN",23,{"$f":"+H1411/F1411","v":281.1},{"v":6465.3,"d":"6,465.30"}]
["10004550","\"DISCO DE CLOCHE DZ-003, 16MZ\"","2007","RINCON","UN",1,{"$f":"+H1412/F1412","v":1},{"v":1,"d":"1.00"}]
["10004551","ALAMBRE DE BOBINA #19","2007","RINCON","UN",12,{"$f":"+H1413/F1413","v":1},{"v":12,"d":"12.00"}]
["10004552","ALAMBRE DE BOBINA #22","2007","RINCON","UN",15,{"$f":"+H1414/F1414","v":1},{"v":15,"d":"15.00"}]
["10004553","ALAMBRE DE BOBINA #23","2007","RINCON","UN",13,{"$f":"+H1415/F1415","v":1},{"v":13,"d":"13.00"}]
["10004554","MOTOR TACOMETRO TIPO TDPO-2T-7","2007","RINCON","UN",3,{"$f":"+H1416/F1416","v":1},{"v":3,"d":"3.00"}]
["10004555","RESORTE Y TUERCA OE9786","2007","RINCON","UN",3,{"$f":"+H1417/F1417","v":0},{"v":0,"d":"0.00"}]
["10004556","\"TUERCA HEXAGONAL DE 1/2\"\"\"","2007","RINCON","UN",24,{"$f":"+H1418/F1418","v":1},{"v":24,"d":"24.00"}]
["10004561","ESCOBILLA 2 1/2 X 1 1/2 X 1 WEST.","2007","RINCON","UN",23,{"$f":"+H1419/F1419","v":1},{"v":23,"d":"23.00"}]
["10004598","SACA GRAPA","2029","SUMINISTRO MATERIAL","UN",1,{"$f":"+H1420/F1420","v":19.5},{"v":19.5,"d":"19.50"}]
["10004598","SACA GRAPA","2030","OFICINA Y LIMPIEZA","UN",77,{"$f":"+H1421/F1421","v":23.96883116883117},{"v":1845.6,"d":"1,845.60"}]
["10004608","CINTA IMPRESORA  IBM","2007","RINCON","UN",69,{"$f":"+H1422/F1422","v":0.009999999999999998},0.69]
["10004615","MINA 0.7 MM 2B","2030","OFICINA Y LIMPIEZA","UN",57,{"$f":"+H1423/F1423","v":40.239122807017544},{"v":2293.63,"d":"2,293.63"}]
["10004677","MASCARILLA PROTECCION DE POLVO (CAJA)","2015","JIGüEY","UN",1,{"$f":"+H1424/F1424","v":0},{"v":0,"d":"0.00"}]
["10004677","MASCARILLA PROTECCION DE POLVO (CAJA)","2022","DOMINGO RODRIGUEZ","UN",11,{"$f":"+H1425/F1425","v":0},{"v":0,"d":"0.00"}]
["10004678","CARTUCHO K19-D19-70 P/TENAZA DE PRESION","2017","VALDESIA","UN",1,{"$f":"+H1426/F1426","v":80},{"v":80,"d":"80.00"}]
["10004681","LAMPARA FLUORESCENT DE 230 VOLT  25W","2005","MONCION","UN",11,{"$f":"+H1427/F1427","v":263.90000000000003},{"v":2902.9,"d":"2,902.90"}]
["10004683","TERMINAL DE OJO 4 MM CON PROTECCION PLAS","2005","MONCION","UN",900,{"$f":"+H1428/F1428","v":1},{"v":900,"d":"900.00"}]
["10004685","TERMINAL DE OJO 6 MM METALICO","2005","MONCION","UN",295,{"$f":"+H1429/F1429","v":1},{"v":295,"d":"295.00"}]
["10004685","TERMINAL DE OJO 6 MM METALICO","2015","JIGüEY","UN",270,{"$f":"+H1430/F1430","v":0},{"v":0,"d":"0.00"}]
["10004689","BOMBILLA DE HALOGENO 110V/500W","2005","MONCION","UN",34,{"$f":"+H1431/F1431","v":0},{"v":0,"d":"0.00"}]
["10004691","RODAMIENTO 6022 NSK","2005","MONCION","LB",1,{"$f":"+H1432/F1432","v":1},{"v":1,"d":"1.00"}]
["10004695","\"RESISTENCIA SK 3107000, RITTAL, 110-240","2005","MONCION","UN",2,{"$f":"+H1433/F1433","v":1},{"v":2,"d":"2.00"}]
["10004696","\"RESISTENCIA ELECTROMECANICHE, SK150   1","2005","MONCION","UN",3,{"$f":"+H1434/F1434","v":1},{"v":3,"d":"3.00"}]
["10004700","CONECTOR CONEXEL C902420.6000","2011","PINALITO","UN",4,{"$f":"+H1435/F1435","v":0},{"v":0,"d":"0.00"}]
["10004708","CORREA P/VENTILADOR CUMMNINS 178509 RTGD","2005","MONCION","UN",2,{"$f":"+H1436/F1436","v":1},{"v":2,"d":"2.00"}]
["10004712","\"AISLADOR D/PORC NE216,012AX01 15/230V\"","2005","MONCION","UN",6,{"$f":"+H1437/F1437","v":1},{"v":6,"d":"6.00"}]
["10004721","\"TORNILLO HEXAGONAL INOXIDABLE M10 X 50,","2005","MONCION","UN",2,{"$f":"+H1438/F1438","v":1},{"v":2,"d":"2.00"}]
["10004725","TUERCA M6 GALVANIZADA","2005","MONCION","UN",40,{"$f":"+H1439/F1439","v":1},{"v":40,"d":"40.00"}]
["10004727","\"SOCALO MOELLER 130V, 2.6W\"","2005","MONCION","UN",4,{"$f":"+H1440/F1440","v":1},{"v":4,"d":"4.00"}]
["10004728","ACCIONADOR MANUALCONTRA INC. NBG-12LX","2005","MONCION","UN",3,{"$f":"+H1441/F1441","v":0},{"v":0,"d":"0.00"}]
["10004729","\"RESISTENCIA CALEFACCION DE GENERADOR, D","2016","AGUACATE","UN",1,{"$f":"+H1442/F1442","v":1},{"v":1,"d":"1.00"}]
["10004732","RODAMIENTO NSK 6409C3","2005","MONCION","UN",4,{"$f":"+H1443/F1443","v":0},{"v":0,"d":"0.00"}]
["10004735","RESISTENCIA ELECTRICA 127V / 150W 110V","2005","MONCION","UN",4,{"$f":"+H1444/F1444","v":1},{"v":4,"d":"4.00"}]
["10004735","RESISTENCIA ELECTRICA 127V / 150W 110V","2011","PINALITO","UN",2,{"$f":"+H1445/F1445","v":0},{"v":0,"d":"0.00"}]
["10004736","RODAMIENTO KOYO  6207-ZCMR","2005","MONCION","UN",2,{"$f":"+H1446/F1446","v":0},{"v":0,"d":"0.00"}]
["10004738","\"PORTAFUSIBLE SIEMEN 660V/630AMP, NH3\"","2005","MONCION","UN",4,{"$f":"+H1447/F1447","v":1},{"v":4,"d":"4.00"}]
["10004740","EXTRACTOR DE FUSIBLE SIEMENS MCM69806293","2005","MONCION","UN",3,{"$f":"+H1448/F1448","v":1},{"v":3,"d":"3.00"}]
["10004743","\"FUSIBLE 400V/32AMP LEGRAND, CARTUCHO 10","2005","MONCION","LB",10,{"$f":"+H1449/F1449","v":0},{"v":0,"d":"0.00"}]
["10004746","FUSIBLE 500V/10AMP, LEGRAND, CARTUCHO,","2005","MONCION","UN",32,{"$f":"+H1450/F1450","v":1},{"v":32,"d":"32.00"}]
["10004746","FUSIBLE 500V/10AMP, LEGRAND, CARTUCHO,","2008","HATILLO","UN",24,{"$f":"+H1451/F1451","v":0},{"v":0,"d":"0.00"}]
["10004754","MANGUERA CONTRA INCENDIO 1 1/2 x 100 FT","2016","AGUACATE","UN",1,{"$f":"+H1452/F1452","v":0},{"v":0,"d":"0.00"}]
["10004754","MANGUERA CONTRA INCENDIO 1 1/2 x 100 FT","2028","BRAZO DERECHO","UN",2,{"$f":"+H1453/F1453","v":1},{"v":2,"d":"2.00"}]
["10004755","\"DISYUNTOR 40AMP 1?, GENERAL ELECTRIC, C","2005","MONCION","UN",7,{"$f":"+H1454/F1454","v":1},{"v":7,"d":"7.00"}]
["10004756","\"TUERCA M6, INOXIDABLE\"","2005","MONCION","UN",1,{"$f":"+H1455/F1455","v":1},{"v":1,"d":"1.00"}]
["10004757","\"FILTRO ACEITE BT3393, BALDWIN+B913\"","2005","MONCION","UN",2,{"$f":"+H1456/F1456","v":1},{"v":2,"d":"2.00"}]
["10004758","CONTACTOR ISI  K1 125V / 225AMP K200","2005","MONCION","UN",2,{"$f":"+H1457/F1457","v":1},{"v":2,"d":"2.00"}]
["10004759","CONTACTOR ISI  K1 125V / 315AMP K300","2005","MONCION","UN",2,{"$f":"+H1458/F1458","v":1},{"v":2,"d":"2.00"}]
["10004762","\"ARANDELA PLANA M6, INOXIDABLE\"","2005","MONCION","UN",3,{"$f":"+H1459/F1459","v":1},{"v":3,"d":"3.00"}]
["10004771","ABRAZADERA INOX PARA MALLA DE 4","2025","LAS DAMAS","UN",8,{"$f":"+H1460/F1460","v":1},{"v":8,"d":"8.00"}]
["10004772","AURICULARES DE TELEFONO","2005","MONCION","UN",8,{"$f":"+H1461/F1461","v":0},{"v":0,"d":"0.00"}]
["10004775","TERMINAL DE OJO AMARILLO 6MM","2005","MONCION","UN",{"v":1075,"d":"1,075"},{"$f":"+H1462/F1462","v":1},{"v":1075,"d":"1,075.00"}]
["10004775","TERMINAL DE OJO AMARILLO 6MM","2015","JIGüEY","UN",23,{"$f":"+H1463/F1463","v":0},{"v":0,"d":"0.00"}]
["10004777","\"RESISTENCIA PALLEY, 120V, 150W\"","2015","JIGüEY","UN",9,{"$f":"+H1464/F1464","v":0},{"v":0,"d":"0.00"}]
["10004795","ELECTROIMAN DE CIERRE COD. TMA0385505900","2005","MONCION","UN",1,{"$f":"+H1465/F1465","v":1},{"v":1,"d":"1.00"}]
["10004796","PERNOS DE MOVIMIENTO COD.385328000","2005","MONCION","UN",1,{"$f":"+H1466/F1466","v":1},{"v":1,"d":"1.00"}]
["10004797","\"RODAMIENTO 6409.IBZ, SNR\"","2005","MONCION","UN",1,{"$f":"+H1467/F1467","v":1},{"v":1,"d":"1.00"}]
["10004798","\"CABEZA DE CANDADO ELECT. R27, 24V, 1.4A","2005","MONCION","UN",4,{"$f":"+H1468/F1468","v":1},{"v":4,"d":"4.00"}]
["10004799","\"TERMOSTATO ASCA KF10A4, 127°C, 125V, 1.","2005","MONCION","UN",1,{"$f":"+H1469/F1469","v":1},{"v":1,"d":"1.00"}]
["10004802","TORNILLO M 12X50","2005","MONCION","UN",6,{"$f":"+H1470/F1470","v":1},{"v":6,"d":"6.00"}]
["10004804","ARANDELA D/SEGURIDAD M24 METALICA","2005","MONCION","UN",8,{"$f":"+H1471/F1471","v":0},{"v":0,"d":"0.00"}]
["10004806","\"RODAMIENTO SKF 24128, CC/C4 DOBLE HILER","2005","MONCION","UN",20,{"$f":"+H1472/F1472","v":1},{"v":20,"d":"20.00"}]
["10004807","\"RODAMIENTO NU1017M1, FAG \"","2005","MONCION","UN",1,{"$f":"+H1473/F1473","v":1},{"v":1,"d":"1.00"}]
["10004808","\"RODAMIENTO 6204 UB, NSK\"","2005","MONCION","UN",1,{"$f":"+H1474/F1474","v":1},{"v":1,"d":"1.00"}]
["10004810","RODAMIENTO 1209 NSK","2005","MONCION","UN",1,{"$f":"+H1475/F1475","v":1},{"v":1,"d":"1.00"}]
["10004812","\"RODAMIENTO 6022 ZZ, NSK\"","2005","MONCION","UN",1,{"$f":"+H1476/F1476","v":1},{"v":1,"d":"1.00"}]
["10004814","\"ADAPTADOR UNIVERSAL 220-230 V, POLY POO","2005","MONCION","UN",1,{"$f":"+H1477/F1477","v":1},{"v":1,"d":"1.00"}]
["10004816","RODAMIENTO  6409 SKF","2005","MONCION","UN",1,{"$f":"+H1478/F1478","v":1},{"v":1,"d":"1.00"}]
["10004818","DISPOSITIVO D/FRENO SEW E. DFT 90/100 MG","2005","MONCION","UN",3,{"$f":"+H1479/F1479","v":1},{"v":3,"d":"3.00"}]
["10004820","\"RELE D/SINCRONISMO LENDIS & GYR, INEPAR","2005","MONCION","UN",2,{"$f":"+H1480/F1480","v":1},{"v":2,"d":"2.00"}]
["10004822","RODAMIENTO 6308U MARCA NSK","2005","MONCION","UN",1,{"$f":"+H1481/F1481","v":1},{"v":1,"d":"1.00"}]
["10004823","RODAMIENTO NU310ECP MARCA SKF","2005","MONCION","UN",6,{"$f":"+H1482/F1482","v":1},{"v":6,"d":"6.00"}]
["10004824","RODAMIENTO 6216-2RS1/C3 MARCA SKF","2005","MONCION","UN",4,{"$f":"+H1483/F1483","v":1},{"v":4,"d":"4.00"}]
["10004825","RODAMIENTO 22220CDE4S11 MARCA NSK","2005","MONCION","UN",1,{"$f":"+H1484/F1484","v":1},{"v":1,"d":"1.00"}]
["10004826","RODAMIENTO 32018X/Q MARCA SKF","2005","MONCION","UN",8,{"$f":"+H1485/F1485","v":1},{"v":8,"d":"8.00"}]
["10004827","RODAMIENTO 6010 MARCA KOYO","2005","MONCION","UN",1,{"$f":"+H1486/F1486","v":1},{"v":1,"d":"1.00"}]
["10004828","RODAMIENTO 6201 DDUC3 MARCA NSK","2005","MONCION","UN",1,{"$f":"+H1487/F1487","v":1},{"v":1,"d":"1.00"}]
["10004829","RODAMIENTO 7310 BECBJ MARCA SKF","2005","MONCION","UN",2,{"$f":"+H1488/F1488","v":1},{"v":2,"d":"2.00"}]
["10004832","RODAMIENTO 3212 WA MARCA NSK","2005","MONCION","UN",1,{"$f":"+H1489/F1489","v":1},{"v":1,"d":"1.00"}]
["10004833","RODAMIENTO 6309UC3 MARCA NSK","2005","MONCION","UN",2,{"$f":"+H1490/F1490","v":1},{"v":2,"d":"2.00"}]
["10004835","RODAMIENTO 6311 MARCA NSK","2005","MONCION","UN",1,{"$f":"+H1491/F1491","v":1},{"v":1,"d":"1.00"}]
["10004836","RODAMIENTO 6309 ZZ C3 MARCA NTN","2005","MONCION","UN",1,{"$f":"+H1492/F1492","v":1},{"v":1,"d":"1.00"}]
["10004837","RODAMIENTO 6012 DDU MARCA NSK","2005","MONCION","UN",1,{"$f":"+H1493/F1493","v":1},{"v":1,"d":"1.00"}]
["10004840","RODAMIENTO 6209 ZZC3 MARCA NTN","2005","MONCION","UN",11,{"$f":"+H1494/F1494","v":0},{"v":0,"d":"0.00"}]
["10004843","RODAMIENTO 1207 MARCA NSK","2005","MONCION","UN",6,{"$f":"+H1495/F1495","v":1},{"v":6,"d":"6.00"}]
["10004844","RODAMIENTO 6209 ZZC3 MARCA NSK","2005","MONCION","UN",1,{"$f":"+H1496/F1496","v":1},{"v":1,"d":"1.00"}]
["10004846","RODAMIENTO 6305DDU MARCA NSK","2005","MONCION","UN",10,{"$f":"+H1497/F1497","v":1},{"v":10,"d":"10.00"}]
["10004849","\"FINAL D/CURSO SCHMERSAL 10A, 250V, IP65","2005","MONCION","UN",1,{"$f":"+H1498/F1498","v":0},{"v":0,"d":"0.00"}]
["10004851","ARANDELA PLANA M16 METALICA","2005","MONCION","UN",337,{"$f":"+H1499/F1499","v":1},{"v":337,"d":"337.00"}]
["10004852","ANILLO ROZANTE D/GRUA D/MAG 09942084-AX","2005","MONCION","UN",1,{"$f":"+H1500/F1500","v":1},{"v":1,"d":"1.00"}]
["10004853","CONO DE ALIVIO 3M5601 CABLE 4/0 15KV","2005","MONCION","UN",2,{"$f":"+H1501/F1501","v":0},{"v":0,"d":"0.00"}]
["10004857","\"TORNILLO CAB ALLEN 24MMX60MM METALICO,","2005","MONCION","UN",10,{"$f":"+H1502/F1502","v":1},{"v":10,"d":"10.00"}]
["10004859","TORNILLO CAB HEXAGONAL 20MMX30MM METALIC","2005","MONCION","UN",2,{"$f":"+H1503/F1503","v":1},{"v":2,"d":"2.00"}]
["10004864","ARANDELA D/SEGURIDAD M36 METALICA","2005","MONCION","UN",1,{"$f":"+H1504/F1504","v":0},{"v":0,"d":"0.00"}]
["10004864","ARANDELA D/SEGURIDAD M36 METALICA","2028","BRAZO DERECHO","UN",7,{"$f":"+H1505/F1505","v":1},{"v":7,"d":"7.00"}]
["10004867","\"TUERCA M12, INOXIDABLE, A2-70\"","2005","MONCION","UN",69,{"$f":"+H1506/F1506","v":1},{"v":69,"d":"69.00"}]
["10004868","BASE P/VALVULA EN ALEACION 11.9 X 19 MM","2005","MONCION","UN",1,{"$f":"+H1507/F1507","v":1},{"v":1,"d":"1.00"}]
["10004869","\"FILTRO ACEITE BF896, BALDWIN\"","2005","MONCION","UN",1,{"$f":"+H1508/F1508","v":1},{"v":1,"d":"1.00"}]
["10004872","LIJA FINA NO.400","2020","SABANA YEGUA","UN",2,{"$f":"+H1509/F1509","v":1},{"v":2,"d":"2.00"}]
["10004875","TAPE DE GOMA 3M","2002","TAVERA","UN",7,{"$f":"+H1510/F1510","v":0},{"v":0,"d":"0.00"}]
["10004878","EMPAQUE D/GOMA SINTETICA P/COMPUERTA","2002","TAVERA","UN",1,{"$f":"+H1511/F1511","v":348.5},{"v":348.5,"d":"348.50"}]
["10004881","EMPAQUETADURA 145X165X13MM","2002","TAVERA","UN",2,{"$f":"+H1512/F1512","v":220},{"v":440,"d":"440.00"}]
["10004882","EMPAQUETADURA 330X360X50MM","2002","TAVERA","UN",2,{"$f":"+H1513/F1513","v":740},{"v":1480,"d":"1,480.00"}]
["10004884","EMPAQUETADURA 50X66X29MM","2002","TAVERA","UN",2,{"$f":"+H1514/F1514","v":341},{"v":682,"d":"682.00"}]
["10004886","EMPAQUETADURA 485X 525X60MM","2002","TAVERA","UN",1,{"$f":"+H1515/F1515","v":1280},{"v":1280,"d":"1,280.00"}]
["10004889","SELLO P/BOMBA DE AGUA","2002","TAVERA","UN",1,{"$f":"+H1516/F1516","v":0},{"v":0,"d":"0.00"}]
["10004892","JUNTA 525/485/60 MM TIPO 1170-B","2002","TAVERA","UN",3,{"$f":"+H1517/F1517","v":500},{"v":1500,"d":"1,500.00"}]
["10004893","EMPAQUETADURA P/SELLO COMPUERTA VAGON","2002","TAVERA","UN",1,{"$f":"+H1518/F1518","v":1459},{"v":1459,"d":"1,459.00"}]
["10004894","JUNTA CATERPILLAR 118026 (170 X 210)","2002","TAVERA","UN",5,{"$f":"+H1519/F1519","v":500},{"v":2500,"d":"2,500.00"}]
["10004895","ANILLO DE BAQUELITA 290 X 430 X 15 MM","2002","TAVERA","UN",8,{"$f":"+H1520/F1520","v":21},{"v":168,"d":"168.00"}]
["10004896","ANILLO D/ZINC 200X260X5MM","2002","TAVERA","UN",2,{"$f":"+H1521/F1521","v":66},{"v":132,"d":"132.00"}]
["10004903","ANILLO HG DE 4'' ROSCADO","2002","TAVERA","UN",7,{"$f":"+H1522/F1522","v":0},{"v":0,"d":"0.00"}]
["10004905","\"ANILLO GALV.DE 1 1/2 \"\"(ROSCADO]\"","2002","TAVERA","UN",34,{"$f":"+H1523/F1523","v":37.75},{"v":1283.5,"d":"1,283.50"}]
["10004907","\"ANILLO P/SOLDAR DMC CCTF 3/4\"\" GALV\"","2002","TAVERA","UN",33,{"$f":"+H1524/F1524","v":48.75},{"v":1608.75,"d":"1,608.75"}]
["10004909","ANILLO DE 1-1/4 P/ ROSCAR (ACERO]","2002","TAVERA","UN",2,{"$f":"+H1525/F1525","v":48.48},96.96]
["10004912","ANILLO 5.2 X149.8MM","2002","TAVERA","UN",3,{"$f":"+H1526/F1526","v":25},{"v":75,"d":"75.00"}]
["10004913","ANILLO 5X75MM","2002","TAVERA","UN",8,{"$f":"+H1527/F1527","v":36.8},{"v":294.4,"d":"294.40"}]
["10004914","CASQUILLO D/ACERO 17 X 27X44","2002","TAVERA","UN",1,{"$f":"+H1528/F1528","v":399.15},399.15]
["10004916","CASQUILLO D/BRONCE DE 20X25 X 30MM","2002","TAVERA","UN",3,{"$f":"+H1529/F1529","v":253.33},759.99]
["10004918","CASQUILLO 14X20X10 D/BRONCE SINTETIZADO","2002","TAVERA","UN",2,{"$f":"+H1530/F1530","v":125.25},{"v":250.5,"d":"250.50"}]
["10004919","CASQUILLO 80X95X70 D/BRONCE AUTO-LUBRICA","2002","TAVERA","UN",24,{"$f":"+H1531/F1531","v":78.95},{"v":1894.8,"d":"1,894.80"}]
["10004920","CASQUILLO DE 9X25X35","2002","TAVERA","UN",1,{"$f":"+H1532/F1532","v":110},{"v":110,"d":"110.00"}]
["10004921","CASQUILLO DE 18X 58 X38 PRENSA BRONCE","2002","TAVERA","UN",2,{"$f":"+H1533/F1533","v":305.4},{"v":610.8,"d":"610.80"}]
["10004923","CASQUILLO PRENSA BRONCE 22X76X45","2002","TAVERA","UN",2,{"$f":"+H1534/F1534","v":390.45},{"v":780.9,"d":"780.90"}]
["10004925","\"EMPALME MOVIL DE 2\"\"\"","2002","TAVERA","UN",4,{"$f":"+H1535/F1535","v":64.4},{"v":257.6,"d":"257.60"}]
["10004927","\"UNION D/BRONCE DE 5/8\"\"\"","2002","TAVERA","UN",5,{"$f":"+H1536/F1536","v":48.15},240.75]
["10004928","UNION CAJON /38 NPT","2002","TAVERA","UN",1,{"$f":"+H1537/F1537","v":41.3},{"v":41.3,"d":"41.30"}]
["10004929","UNION REDUCTORA 15-10 MM","2007","RINCON","UN",1,{"$f":"+H1538/F1538","v":0},{"v":0,"d":"0.00"}]
["10004930","UNION UNIVERSAL INOXI 1/4\"","2002","TAVERA","UN",63,{"$f":"+H1539/F1539","v":63.43},{"v":3996.09,"d":"3,996.09"}]
["10004930","UNION UNIVERSAL INOXI 1/4\"","2021","SABANETA","UN",10,{"$f":"+H1540/F1540","v":0.01},{"v":0.1,"d":"0.10"}]
["10004931","UNION TERMINAL 1/4 D/TUBERIA 8 MM","2002","TAVERA","UN",2,{"$f":"+H1541/F1541","v":62.08},124.16]
["10004934","UNION UNIVERSAL DE 1-1/2 GALV. P/ROSCAR","2002","TAVERA","UN",5,{"$f":"+H1542/F1542","v":41.4},{"v":207,"d":"207.00"}]
["10004935","\"UNION UNIVERSAL DE 3\"\" P/ROSCAR GALV\"","2002","TAVERA","UN",2,{"$f":"+H1543/F1543","v":80},{"v":160,"d":"160.00"}]
["10004938","UNION UNIVERSAL DE 3/4 ACERO NIQUEL P/RO","2002","TAVERA","UN",6,{"$f":"+H1544/F1544","v":0},{"v":0,"d":"0.00"}]
["10004938","UNION UNIVERSAL DE 3/4 ACERO NIQUEL P/RO","2015","JIGüEY","UN",10,{"$f":"+H1545/F1545","v":0.01},{"v":0.1,"d":"0.10"}]
["10004942","UNION ESPECIAL DE 5/8 P/TUBERIA","2002","TAVERA","UN",3,{"$f":"+H1546/F1546","v":21.400000000000002},{"v":64.2,"d":"64.20"}]
["10004945","UNION DE 3/8 DE BRONCE","2002","TAVERA","UN",1,{"$f":"+H1547/F1547","v":28.5},{"v":28.5,"d":"28.50"}]
["10004947","UNION DE 1-1/2 D/BRONCE","2002","TAVERA","UN",2,{"$f":"+H1548/F1548","v":41.05},{"v":82.1,"d":"82.10"}]
["10004948","UNION UNIVERSAL DE 1/2","2002","TAVERA","UN",2,{"$f":"+H1549/F1549","v":38.43},76.86]
["10004950","\"LINER DE 3/4\"\"\"","2002","TAVERA","UN",2,{"$f":"+H1550/F1550","v":18.75},{"v":37.5,"d":"37.50"}]
["10004953","LAYNER O 10MM ACERO INXIDABLE","2002","TAVERA","UN",2,{"$f":"+H1551/F1551","v":34.5},{"v":69,"d":"69.00"}]
["10004954","LAYNER D. 2 DMM ACERO INOXIDABLE","2002","TAVERA","UN",10,{"$f":"+H1552/F1552","v":11.2},{"v":112,"d":"112.00"}]
["10004955","LAYNER D 30MM ACERO INOXIDABLE","2002","TAVERA","UN",26,{"$f":"+H1553/F1553","v":9.2},{"v":239.2,"d":"239.20"}]
["10004956","LAYNER D. 50MM ACERO INOXIDABLE","2002","TAVERA","UN",33,{"$f":"+H1554/F1554","v":8.4},{"v":277.2,"d":"277.20"}]
["10004956","LAYNER D. 50MM ACERO INOXIDABLE","2015","JIGüEY","UN",16,{"$f":"+H1555/F1555","v":0},{"v":0,"d":"0.00"}]
["10004959","O'RING 5.9MM X56MM X215MM","2002","TAVERA","UN",4,{"$f":"+H1556/F1556","v":14},{"v":56,"d":"56.00"}]
["10004962","O'RING 5.4 X 230 MM","2002","TAVERA","UN",3,{"$f":"+H1557/F1557","v":21.3},{"v":63.9,"d":"63.90"}]
["10004966","O'RING 5.5 X 125 MM","2002","TAVERA","UN",3,{"$f":"+H1558/F1558","v":17.400000000000002},{"v":52.2,"d":"52.20"}]
["10004968","O'RING DE 7 X 495","2002","TAVERA","UN",5,{"$f":"+H1559/F1559","v":41.15},205.75]
["10004969","O'RING DE 330 MM","2002","TAVERA","UN",30,{"$f":"+H1560/F1560","v":0},{"v":0,"d":"0.00"}]
["10004971","O'RING DE 3 X 250 MM","2002","TAVERA","UN",2,{"$f":"+H1561/F1561","v":26},{"v":52,"d":"52.00"}]
["10004972","O'RING DE 3 X 150","2002","TAVERA","UN",1,{"$f":"+H1562/F1562","v":17.15},17.15]
["10004975","SELLO D/GOMA 13x95x169.5x5MM","2002","TAVERA","UN",22,{"$f":"+H1563/F1563","v":43.15},{"v":949.3,"d":"949.30"}]
["10004977","SELLO MECANICO INFERIOR D/6 PIEZAS","2002","TAVERA","UN",1,{"$f":"+H1564/F1564","v":0},{"v":0,"d":"0.00"}]
["10004978","SELLO D/GOMA REF. 40x60x10 MM","2002","TAVERA","UN",5,{"$f":"+H1565/F1565","v":151.6},{"v":758,"d":"758.00"}]
["10004980","SELLO DE GOMA DE 32 X 50 X 10 MM","2002","TAVERA","UN",18,{"$f":"+H1566/F1566","v":43.95},{"v":791.1,"d":"791.10"}]
["10004981","SELLO D/GOMA DE 37 X 168","2002","TAVERA","UN",23,{"$f":"+H1567/F1567","v":68.4},{"v":1573.2,"d":"1,573.20"}]
["10004982","SELLO D/GOMA DE 90 X 65 X 10 MM","2002","TAVERA","UN",8,{"$f":"+H1568/F1568","v":103},{"v":824,"d":"824.00"}]
["10004984","SELLO D/GOMA DE 75 X 100 X 13","2002","TAVERA","UN",3,{"$f":"+H1569/F1569","v":101.39999999999999},{"v":304.2,"d":"304.20"}]
["10004985","SELLO D/METAL 7.5 X 9.5 X 10","2002","TAVERA","UN",1,{"$f":"+H1570/F1570","v":708.4},{"v":708.4,"d":"708.40"}]
["10004988","SELLO D/GOMA DE 32 X 50 X 12","2002","TAVERA","UN",3,{"$f":"+H1571/F1571","v":101.05},303.15]
["10004990","SELLO D/GOMA DE 6.5 X 90 X 10","2002","TAVERA","UN",4,{"$f":"+H1572/F1572","v":74},{"v":296,"d":"296.00"}]
["10004992","SELLO D/METAL DE 140 X 165 X 10","2002","TAVERA","UN",2,{"$f":"+H1573/F1573","v":143},{"v":286,"d":"286.00"}]
["10004993","SELLO D/GOMA DE 140 X 155 X 16","2002","TAVERA","UN",8,{"$f":"+H1574/F1574","v":78.89},631.12]
["10004996","SELLO DE GOMA NB4-70","2027","PALOMINO","UN",2,{"$f":"+H1575/F1575","v":1},{"v":2,"d":"2.00"}]
["10005020","GANCHO DE 1/2","2002","TAVERA","UN",2,{"$f":"+H1576/F1576","v":0},{"v":0,"d":"0.00"}]
["10005022","CONTACTO CLAVIJA 30x165 MM","2002","TAVERA","UN",2,{"$f":"+H1577/F1577","v":128},{"v":256,"d":"256.00"}]
["10005023","CLAVIJA D/ACERO 29X210MM.","2002","TAVERA","UN",2,{"$f":"+H1578/F1578","v":125},{"v":250,"d":"250.00"}]
["10005028","DISCO DE PULIR METALICO 180X222MM","2007","RINCON","UN",1,{"$f":"+H1579/F1579","v":0},{"v":0,"d":"0.00"}]
["10005029","DISCO DE PULIR 7x1/4x7/8","2002","TAVERA","UN",18,{"$f":"+H1580/F1580","v":148},{"v":2664,"d":"2,664.00"}]
["10005029","DISCO DE PULIR 7x1/4x7/8","2003","ANGOSTURA","UN",3,{"$f":"+H1581/F1581","v":0},{"v":0,"d":"0.00"}]
["10005029","DISCO DE PULIR 7x1/4x7/8","2023","LOS TOROS","UN",5,{"$f":"+H1582/F1582","v":0},{"v":0,"d":"0.00"}]
["10005029","DISCO DE PULIR 7x1/4x7/8","2025","LAS DAMAS","UN",1,{"$f":"+H1583/F1583","v":1},{"v":1,"d":"1.00"}]
["10005029","DISCO DE PULIR 7x1/4x7/8","2027","PALOMINO","UN",9,{"$f":"+H1584/F1584","v":169.62444444444444},{"v":1526.62,"d":"1,526.62"}]
["10005035","RESORTE DE 10X13X57MM","2002","TAVERA","UN",3,{"$f":"+H1585/F1585","v":51.4},{"v":154.2,"d":"154.20"}]
["10005036","RESORTE DE 22.5X27.5X165MM","2002","TAVERA","UN",3,{"$f":"+H1586/F1586","v":235},{"v":705,"d":"705.00"}]
["10005037","RESORTE DE 15X18X38MM","2002","TAVERA","UN",2,{"$f":"+H1587/F1587","v":0},{"v":0,"d":"0.00"}]
["10005038","RESORTE DE 12X14X115MM","2002","TAVERA","UN",2,{"$f":"+H1588/F1588","v":200},{"v":400,"d":"400.00"}]
["10005040","RESORTE 60X78X205","2002","TAVERA","UN",6,{"$f":"+H1589/F1589","v":308},{"v":1848,"d":"1,848.00"}]
["10005041","RESORTE 49X63X202MM","2002","TAVERA","UN",2,{"$f":"+H1590/F1590","v":340},{"v":680,"d":"680.00"}]
["10005043","RESORTE DE 70 X 88 X 175","2002","TAVERA","UN",1,{"$f":"+H1591/F1591","v":395},{"v":395,"d":"395.00"}]
["10005044","EJE PISTON PENDULO D/ACTUADOR 15X185MM","2002","TAVERA","UN",2,{"$f":"+H1592/F1592","v":1340},{"v":2680,"d":"2,680.00"}]
["10005045","EJE DE SILLA DEL ACTUADOR","2002","TAVERA","UN",3,{"$f":"+H1593/F1593","v":1005},{"v":3015,"d":"3,015.00"}]
["10005046","EJE SPINOLE 28X 233 MM","2002","TAVERA","UN",3,{"$f":"+H1594/F1594","v":1120},{"v":3360,"d":"3,360.00"}]
["10005047","FILTRO REF. 10K50 EN Y","2002","TAVERA","UN",2,{"$f":"+H1595/F1595","v":608},{"v":1216,"d":"1,216.00"}]
["10005048","FILTRO COLADOR P/FREGADERO","2010","JIMENOA","UN",2,{"$f":"+H1596/F1596","v":1},{"v":2,"d":"2.00"}]
["10005049","GAFAS PARA SOLDAR 5.0","2025","LAS DAMAS","UN",1,{"$f":"+H1597/F1597","v":0.01},0.01]
["10005052","TAPA HIERRO FUNDIDO 40X205X38","2002","TAVERA","UN",4,{"$f":"+H1598/F1598","v":940},{"v":3760,"d":"3,760.00"}]
["10005054","GRILLETE 135KN F1230","2003","ANGOSTURA","UN",1,{"$f":"+H1599/F1599","v":0},{"v":0,"d":"0.00"}]
["10005054","GRILLETE 135KN F1230","2005","MONCION","UN",9,{"$f":"+H1600/F1600","v":0},{"v":0,"d":"0.00"}]
["10005057","CASCO 120X285X440","2002","TAVERA","UN",1,{"$f":"+H1601/F1601","v":245},{"v":245,"d":"245.00"}]
["10005058","MANGO P/RETORNO MECAN. ENGRANAJE M/CD839","2002","TAVERA","UN",1,{"$f":"+H1602/F1602","v":345},{"v":345,"d":"345.00"}]
["10005059","LEVA MODELO CB-0777 120 KG","2002","TAVERA","UN",2,{"$f":"+H1603/F1603","v":287.4},{"v":574.8,"d":"574.80"}]
["10005062","SISTEMA DE FLOTA DE NIVEL","2016","AGUACATE","UN",2,{"$f":"+H1604/F1604","v":0},{"v":0,"d":"0.00"}]
["10005063","BUSHING DE GOMA 22X35X30 MM","2002","TAVERA","UN",42,{"$f":"+H1605/F1605","v":0},{"v":0,"d":"0.00"}]
["10005064","COMPRESOR C3 110V/60HZ","2015","JIGüEY","UN",1,{"$f":"+H1606/F1606","v":0},{"v":0,"d":"0.00"}]
["10005066","FILTRO DE ACEITE CATERPILLAR 1P2299","2002","TAVERA","UN",5,{"$f":"+H1607/F1607","v":0},{"v":0,"d":"0.00"}]
["10005067","FILTRO BALDWIN DE COMBUSTIBLE PF-902 229","2002","TAVERA","UN",1,{"$f":"+H1608/F1608","v":276},{"v":276,"d":"276.00"}]
["10005070","BRIDA UNION DE 6'","2002","TAVERA","UN",1,{"$f":"+H1609/F1609","v":0},{"v":0,"d":"0.00"}]
["10005071","CODO GIRATORIA 1/4 D/COBRE D/TUBERIA 8MM","2002","TAVERA","UN",15,{"$f":"+H1610/F1610","v":21.4},{"v":321,"d":"321.00"}]
["10005072","CODO GALV. DE 1/4 A 90 GRADOS P/ROSCAR","2002","TAVERA","UN",5,{"$f":"+H1611/F1611","v":26.15},130.75]
["10005072","CODO GALV. DE 1/4 A 90 GRADOS P/ROSCAR","2017","VALDESIA","UN",4,{"$f":"+H1612/F1612","v":26.15},{"v":104.6,"d":"104.60"}]
["10005073","CODO DE 3/4 A 45 GALV. P/ROSCAR","2002","TAVERA","UN",2,{"$f":"+H1613/F1613","v":37.25},{"v":74.5,"d":"74.50"}]
["10005074","\"CODO DE 1\"\" A 45 GRADOS\"","2002","TAVERA","UN",5,{"$f":"+H1614/F1614","v":38.14},{"v":190.7,"d":"190.70"}]
["10005075","CODO DE 1-1/4 A 45 GALV. P/ROSCAR","2002","TAVERA","UN",2,{"$f":"+H1615/F1615","v":23.4},{"v":46.8,"d":"46.80"}]
["10005076","CODO DE 1-1/4 90` GALV.P/ROSCAR","2002","TAVERA","UN",1,{"$f":"+H1616/F1616","v":28.5},{"v":28.5,"d":"28.50"}]
["10005079","\"CODO DE 3\"\"A 90 GRADOS GALV.P/ROSCAR\"","2002","TAVERA","UN",5,{"$f":"+H1617/F1617","v":125},{"v":625,"d":"625.00"}]
["10005080","CODO DE 4 A 90 GRADOS GALV.P/ROSCAR","2002","TAVERA","UN",1,{"$f":"+H1618/F1618","v":143},{"v":143,"d":"143.00"}]
["10005081","\"CODO DE 4\"\"A 45 GRADOS GALV.P/ROSCAR\"","2002","TAVERA","UN",2,{"$f":"+H1619/F1619","v":138.45},{"v":276.9,"d":"276.90"}]
["10005082","CODO DE 3`A 45 GRADOS GALV P/ROSCAR","2002","TAVERA","UN",3,{"$f":"+H1620/F1620","v":120},{"v":360,"d":"360.00"}]
["10005083","CODO DE 2 1/2 A 90 GRADOS GALV.P/ROSCAR","2002","TAVERA","UN",6,{"$f":"+H1621/F1621","v":118.14},708.84]
["10005084","CODO D/ALTA PRESION DE 8` A 90`","2002","TAVERA","UN",1,{"$f":"+H1622/F1622","v":1100},{"v":1100,"d":"1,100.00"}]
["10005085","CODO D/ALTA PRESION DE 8`A 45 GRADOS","2002","TAVERA","UN",1,{"$f":"+H1623/F1623","v":1100},{"v":1100,"d":"1,100.00"}]
["10005086","\"CODO D/ALTA PRESION DE 4\"\"A 90 P/SOLDAR","2002","TAVERA","UN",1,{"$f":"+H1624/F1624","v":508},{"v":508,"d":"508.00"}]
["10005088","CODO D/ALTA PRESION DE 3`A 90 P/SOLDAR","2002","TAVERA","UN",1,{"$f":"+H1625/F1625","v":295.98},295.98]
["10005091","CODO D/ALTA PRESION DE 1 1/4 A 45 P/SOLD","2002","TAVERA","UN",1,{"$f":"+H1626/F1626","v":238},{"v":238,"d":"238.00"}]
["10005092","CODO DE 3/8 A 90 GALV.P/SOLDAR","2002","TAVERA","UN",2,{"$f":"+H1627/F1627","v":38.41},76.82]
["10005093","CODO DE 1/2 ACERO INOX.P/ROSCAR 45 GRADO","2025","LAS DAMAS","UN",37,{"$f":"+H1628/F1628","v":39.5},{"v":1461.5,"d":"1,461.50"}]
["10005095","CODO TERMINAL 5/8 A 90 D/BRONCE","2002","TAVERA","UN",1,{"$f":"+H1629/F1629","v":41.4},{"v":41.4,"d":"41.40"}]
["10005096","CODO 1/4 A 90° ACERO INOXIDABLE","2002","TAVERA","UN",10,{"$f":"+H1630/F1630","v":42.8},{"v":428,"d":"428.00"}]
["10005097","CODO DE 8` A 90 GRADOS","2032","LAS DOS BOCAS","UN",1,{"$f":"+H1631/F1631","v":0.01},0.01]
["10005098","CODO DE BRONCE DE 1/2 PLG","2008","HATILLO","UN",5,{"$f":"+H1632/F1632","v":0},{"v":0,"d":"0.00"}]
["10005100","CODO 1/4 BRONCE ROSCA INTERIOR","2002","TAVERA","UN",2,{"$f":"+H1633/F1633","v":60},{"v":120,"d":"120.00"}]
["10005103","CODO REDUCTOR DE 3/4 A 1/2 D/BRONCE","2002","TAVERA","UN",4,{"$f":"+H1634/F1634","v":340},{"v":1360,"d":"1,360.00"}]
["10005104","REDUCCION 1/2 A 3/8 D/BRONCE","2002","TAVERA","UN",1,{"$f":"+H1635/F1635","v":28.15},28.15]
["10005105","CODO REDUCTOR 1/2 A 3/8 D/BRONCE","2002","TAVERA","UN",4,{"$f":"+H1636/F1636","v":37.75},{"v":151,"d":"151.00"}]
["10005107","REDUCCION BUSHING DE 2 A 3/4 ROSCADA","2002","TAVERA","UN",1,{"$f":"+H1637/F1637","v":35},{"v":35,"d":"35.00"}]
["10005109","REDUCCION CAMPANA DE 1 1/2 A 1","2002","TAVERA","UN",4,{"$f":"+H1638/F1638","v":0},{"v":0,"d":"0.00"}]
["10005112","REDUCCION DE 1 A 3/4''","2002","TAVERA","UN",1,{"$f":"+H1639/F1639","v":48.15},48.15]
["10005112","REDUCCION DE 1 A 3/4''","2021","SABANETA","UN",2,{"$f":"+H1640/F1640","v":0.01},0.02]
["10005113","REDUCCION BUSHING DE 3/4 A 1/2 GALB","2002","TAVERA","UN",3,{"$f":"+H1641/F1641","v":28.7},{"v":86.1,"d":"86.10"}]
["10005115","FILTRO DE AIRE P/CUADRADO FRENADO MECANI","2002","TAVERA","UN",3,{"$f":"+H1642/F1642","v":0},{"v":0,"d":"0.00"}]
["10005118","TAPON D/GOMA 3/4X1 3/4","2002","TAVERA","UN",13,{"$f":"+H1643/F1643","v":41.5},{"v":539.5,"d":"539.50"}]
["10005121","TAPON DE REGISTRO PVC 2\"","2032","LAS DOS BOCAS","UN",13,{"$f":"+H1644/F1644","v":0.01},0.13]
["10005122","TAPON DE 3/4 GALV.P/ROSCAR","2023","LOS TOROS","UN",7,{"$f":"+H1645/F1645","v":0.01},0.07]
["10005122","TAPON DE 3/4 GALV.P/ROSCAR","2027","PALOMINO","UN",10,{"$f":"+H1646/F1646","v":1},{"v":10,"d":"10.00"}]
["10005124","PIÑON 165X231X10 D/TEFLON D/75 DIENTES","2002","TAVERA","UN",7,{"$f":"+H1647/F1647","v":478.15000000000003},{"v":3347.05,"d":"3,347.05"}]
["10005126","TEE DE 3` GALV","2002","TAVERA","UN",2,{"$f":"+H1648/F1648","v":65.5},{"v":131,"d":"131.00"}]
["10005127","TEE DE 2-1/2 GALV.","2002","TAVERA","UN",1,{"$f":"+H1649/F1649","v":51.25},51.25]
["10005128","TEE HG 2 PLG","2007","RINCON","UN",9,{"$f":"+H1650/F1650","v":0},{"v":0,"d":"0.00"}]
["10005128","TEE HG 2 PLG","2010","JIMENOA","UN",1,{"$f":"+H1651/F1651","v":0},{"v":0,"d":"0.00"}]
["10005129","TEE DE 1 1/4 GALV.","2002","TAVERA","UN",1,{"$f":"+H1652/F1652","v":38.49},38.49]
["10005130","TEE DE 1-1/2 GALV.","2002","TAVERA","UN",4,{"$f":"+H1653/F1653","v":40.3},{"v":161.2,"d":"161.20"}]
["10005132","TEE 3/4\" GALV","2020","SABANA YEGUA","UN",11,{"$f":"+H1654/F1654","v":1},{"v":11,"d":"11.00"}]
["10005134","TEE ALTA PRESION P/SOLDAR DE 1-1/2","2008","HATILLO","UN",3,{"$f":"+H1655/F1655","v":1},{"v":3,"d":"3.00"}]
["10005135","TEE DE 1''ALTA PRESION P/SOLDAR","2002","TAVERA","UN",2,{"$f":"+H1656/F1656","v":200.2},{"v":400.4,"d":"400.40"}]
["10005135","TEE DE 1''ALTA PRESION P/SOLDAR","2008","HATILLO","UN",3,{"$f":"+H1657/F1657","v":0.01},0.03]
["10005136","TEE DE 2`ALTA PRESION D/HIERRO P/ROSCAR","2002","TAVERA","UN",1,{"$f":"+H1658/F1658","v":204},{"v":204,"d":"204.00"}]
["10005137","TEE DE 1/2 ALTA PRESSION 300 PSI ROSCADA","2002","TAVERA","UN",1,{"$f":"+H1659/F1659","v":135},{"v":135,"d":"135.00"}]
["10005138","TEE DE 1/2 DE BRONCE","2002","TAVERA","UN",1,{"$f":"+H1660/F1660","v":48.5},{"v":48.5,"d":"48.50"}]
["10005144","ABRAZADERA TIPO V  2 ½''","2002","TAVERA","UN",82,{"$f":"+H1661/F1661","v":18},{"v":1476,"d":"1,476.00"}]
["10005149","\"ABRAZADERA P/TUBERIA DE 8\"\"\"","2002","TAVERA","UN",6,{"$f":"+H1662/F1662","v":20},{"v":120,"d":"120.00"}]
["10005150","\"ABRAZADERA P/TUBERIA DE 6\"\"\"","2009","RIO BLANCO","UN",1,{"$f":"+H1663/F1663","v":18},{"v":18,"d":"18.00"}]
["10005151","ABRAZADERA P/TUBERIA DE 4 PLG","2002","TAVERA","UN",17,{"$f":"+H1664/F1664","v":21.099999999999998},{"v":358.7,"d":"358.70"}]
["10005151","ABRAZADERA P/TUBERIA DE 4 PLG","2008","HATILLO","UN",4,{"$f":"+H1665/F1665","v":0},{"v":0,"d":"0.00"}]
["10005152","ABRAZADERA MT 1\"","2000","SUMINISTRO HIDRO","UN",60,{"$f":"+H1666/F1666","v":0.01},{"v":0.6,"d":"0.60"}]
["10005152","ABRAZADERA MT 1\"","2002","TAVERA","UN",75,{"$f":"+H1667/F1667","v":25},{"v":1875,"d":"1,875.00"}]
["10005153","CENTRO DIFUSOR REF.291014","2002","TAVERA","UN",2,{"$f":"+H1668/F1668","v":645},{"v":1290,"d":"1,290.00"}]
["10005155","ESPACIADOR REF.294040","2002","TAVERA","UN",2,{"$f":"+H1669/F1669","v":74.15},{"v":148.3,"d":"148.30"}]
["10005156","ESPACIADOR INOXIDABLE 92 X 8 X3MM","2002","TAVERA","UN",25,{"$f":"+H1670/F1670","v":68.15},{"v":1703.75,"d":"1,703.75"}]
["10005159","JUNTA D/EXPANSION DE 8'","2002","TAVERA","UN",1,{"$f":"+H1671/F1671","v":140},{"v":140,"d":"140.00"}]
["10005161","POLEA DE 3 CANALES R/B-769 1-1/8X4-15/16","2002","TAVERA","UN",1,{"$f":"+H1672/F1672","v":276},{"v":276,"d":"276.00"}]
["10005162","CORREA DONG IZ BELT B-86 P/D ESEL EMER","2002","TAVERA","UN",7,{"$f":"+H1673/F1673","v":0},{"v":0,"d":"0.00"}]
["10005164","CORREA REF. 7362 DIESEL EMREG.","2002","TAVERA","UN",2,{"$f":"+H1674/F1674","v":171},{"v":342,"d":"342.00"}]
["10005168","CORREA B75","2002","TAVERA","UN",2,{"$f":"+H1675/F1675","v":102},{"v":204,"d":"204.00"}]
["10005172","CONJUNTO DE PIEZAS X 1/8 X 1 5/8 X 316","2002","TAVERA","UN",1,{"$f":"+H1676/F1676","v":408},{"v":408,"d":"408.00"}]
["10005173","ESPIGA DE 3/8 P/PISTOLA NEUMATICA","2002","TAVERA","UN",12,{"$f":"+H1677/F1677","v":185},{"v":2220,"d":"2,220.00"}]
["10005178","BOQUILLA DE BRONCE 1 1/2 CONTRA INCENDIO","2002","TAVERA","UN",1,{"$f":"+H1678/F1678","v":0},{"v":0,"d":"0.00"}]
["10005178","BOQUILLA DE BRONCE 1 1/2 CONTRA INCENDIO","2005","MONCION","UN",8,{"$f":"+H1679/F1679","v":0},{"v":0,"d":"0.00"}]
["10005178","BOQUILLA DE BRONCE 1 1/2 CONTRA INCENDIO","2011","PINALITO","UN",2,{"$f":"+H1680/F1680","v":0},{"v":0,"d":"0.00"}]
["10005179","PROBETA DE 0.500 DML","2002","TAVERA","UN",1,{"$f":"+H1681/F1681","v":340},{"v":340,"d":"340.00"}]
["10005181","CEPILLO METALICO DE 6 1/4 X 5/8","2002","TAVERA","UN",1,{"$f":"+H1682/F1682","v":83},{"v":83,"d":"83.00"}]
["10005184","VIROLA CILINDRICA 1/2 DE BRONCE","2002","TAVERA","UN",21,{"$f":"+H1683/F1683","v":22},{"v":462,"d":"462.00"}]
["10005185","\"NIPLE DE 2\"\" P/ROSCA\"","2010","JIMENOA","UN",2,{"$f":"+H1684/F1684","v":0.01},0.02]
["10005188","CAJUELA TIMKEN REF. 30205J","2002","TAVERA","UN",1,{"$f":"+H1685/F1685","v":121.25},121.25]
["10005189","ASBESTO P/FRENO MOTORES DE LA GRUA","2002","TAVERA","UN",1,{"$f":"+H1686/F1686","v":85.41},85.41]
["10005191","FUSIBLES D/BOTELLA 100AMP 500V","2002","TAVERA","UN",13,{"$f":"+H1687/F1687","v":92.1},{"v":1197.3,"d":"1,197.30"}]
["10005192","FUSIBLE DE BOTELLA RSSC11 80A 500V","2002","TAVERA","UN",29,{"$f":"+H1688/F1688","v":38.15},{"v":1106.35,"d":"1,106.35"}]
["10005192","FUSIBLE DE BOTELLA RSSC11 80A 500V","2007","RINCON","UN",10,{"$f":"+H1689/F1689","v":0},{"v":0,"d":"0.00"}]
["10005196","FUSIBLE PROTISTOR FERRAZ 1000V 315A","2002","TAVERA","UN",1,{"$f":"+H1690/F1690","v":0},{"v":0,"d":"0.00"}]
["10005199","FUSIBLE PROTISTOR FERRAZ 600V 160A","2002","TAVERA","UN",4,{"$f":"+H1691/F1691","v":133.15},{"v":532.6,"d":"532.60"}]
["10005200","FUSIBLE PROTISTOR FERRAZ CC 1000 CPRB","2002","TAVERA","UN",4,{"$f":"+H1692/F1692","v":204},{"v":816,"d":"816.00"}]
["10005201","FUSIBLE P/RECTIFICADORES CARCA TRON","2002","TAVERA","UN",1,{"$f":"+H1693/F1693","v":143.08},143.08]
["10005206","TERMICO 4-6AMP. P/PROTECCION MOTOR CNF","2002","TAVERA","UN",4,{"$f":"+H1694/F1694","v":3480},{"v":13920,"d":"13,920.00"}]
["10005207","TERMICO 30 AMPS BENS. DLLKT","2002","TAVERA","UN",1,{"$f":"+H1695/F1695","v":2000},{"v":2000,"d":"2,000.00"}]
["10005209","TERMICO 2.5/4AMP P/PROTECCION MOTOR ENGR","2002","TAVERA","UN",2,{"$f":"+H1696/F1696","v":2340},{"v":4680,"d":"4,680.00"}]
["10005211","TERMICO 500V P/PROTECCION TERMICA FH24","2002","TAVERA","UN",3,{"$f":"+H1697/F1697","v":2454},{"v":7362,"d":"7,362.00"}]
["10005212","TERMICO FH37 P/CONTACTORES GRUA COM","2002","TAVERA","UN",5,{"$f":"+H1698/F1698","v":402},{"v":2010,"d":"2,010.00"}]
["10005213","TERMICO TRIFASICO D A 70AMPS SIEMENS","2002","TAVERA","UN",2,{"$f":"+H1699/F1699","v":0},{"v":0,"d":"0.00"}]
["10005214","FLOTA COBRE 4 X 16 P/MOOT-BOMBA DRENAJE","2002","TAVERA","UN",1,{"$f":"+H1700/F1700","v":4200},{"v":4200,"d":"4,200.00"}]
["10005216","BOTON DE EMPUJE 500V 10A R-5K-614-211-CA","2002","TAVERA","UN",1,{"$f":"+H1701/F1701","v":245},{"v":245,"d":"245.00"}]
["10005219","BOTONERA D/MANDO D/GRUA","2002","TAVERA","UN",1,{"$f":"+H1702/F1702","v":405},{"v":405,"d":"405.00"}]
["10005219","BOTONERA D/MANDO D/GRUA","2010","JIMENOA","UN",4,{"$f":"+H1703/F1703","v":26550.25},{"v":106201,"d":"106,201.00"}]
["10005219","BOTONERA D/MANDO D/GRUA","2028","BRAZO DERECHO","UN",1,{"$f":"+H1704/F1704","v":1},{"v":1,"d":"1.00"}]
["10005221","LIMIT SWITCH TIPO 35E3-100-0C","2002","TAVERA","UN",6,{"$f":"+H1705/F1705","v":2415},{"v":14490,"d":"14,490.00"}]
["10005222","LIMIT SWITCH HONEYWELL REF-902VBI","2002","TAVERA","UN",4,{"$f":"+H1706/F1706","v":861},{"v":3444,"d":"3,444.00"}]
["10005223","LIMIT SWITCH TELEMECANIQUE REF. XC2-MC2","2002","TAVERA","UN",1,{"$f":"+H1707/F1707","v":0},{"v":0,"d":"0.00"}]
["10005224","LIMIT SWITCH 300VAC IDA REF. 35E3 120-1E","2002","TAVERA","UN",1,{"$f":"+H1708/F1708","v":1840},{"v":1840,"d":"1,840.00"}]
["10005225","LIMIT SWITCH SIEMENS REF. KK244G","2002","TAVERA","UN",3,{"$f":"+H1709/F1709","v":2887.5},{"v":8662.5,"d":"8,662.50"}]
["10005226","LIMIT SWITCH HONEYWELL REF.BZV7-2RQ8-PG","2002","TAVERA","UN",1,{"$f":"+H1710/F1710","v":2945.09},{"v":2945.09,"d":"2,945.09"}]
["10005227","LIMIT SWITCH REF. BZE7-2RQ9-PG NC27","2002","TAVERA","UN",4,{"$f":"+H1711/F1711","v":1950},{"v":7800,"d":"7,800.00"}]
["10005228","LIMIT SWITCH HONEYWELL REF. BZV7-2RQ2-PG","2002","TAVERA","UN",8,{"$f":"+H1712/F1712","v":1459},{"v":11672,"d":"11,672.00"}]
["10005230","LIMIT SWITCH 500VAC 300VAC 10A REF. 35E3","2002","TAVERA","UN",2,{"$f":"+H1713/F1713","v":1995},{"v":3990,"d":"3,990.00"}]
["10005233","LIMIT SWITCH TIPO HNL P/COMPUERTA","2002","TAVERA","UN",1,{"$f":"+H1714/F1714","v":2895.04},{"v":2895.04,"d":"2,895.04"}]
["10005234","LIMIT SWITCH ETE P/USO DIVERSO","2002","TAVERA","UN",2,{"$f":"+H1715/F1715","v":2615},{"v":5230,"d":"5,230.00"}]
["10005235","BOMBILLO RIVA BIRME 26-B22 140V 7W","2002","TAVERA","UN",7,{"$f":"+H1716/F1716","v":28},{"v":196,"d":"196.00"}]
["10005239","RESISTENCIA AJUST. 1350 REF. VAN-17","2002","TAVERA","UN",14,{"$f":"+H1717/F1717","v":304},{"v":4256,"d":"4,256.00"}]
["10005240","RESISTENCIAS P/HORNOS ELECTRICOS","2002","TAVERA","UN",1,{"$f":"+H1718/F1718","v":1845},{"v":1845,"d":"1,845.00"}]
["10005241","POTENCIOMETRO ROSENTHAL 1000 10W","2002","TAVERA","UN",1,{"$f":"+H1719/F1719","v":2211},{"v":2211,"d":"2,211.00"}]
["10005242","POTENCIOMETRO DANOTHEN 1000 100W T-22/80","2002","TAVERA","UN",2,{"$f":"+H1720/F1720","v":2200},{"v":4400,"d":"4,400.00"}]
["10005243","POTENCIOMETRO DANOTHEN DE 10 A 1 W","2002","TAVERA","UN",1,{"$f":"+H1721/F1721","v":790},{"v":790,"d":"790.00"}]
["10005253","CABLE CONECTOR TIRISTOR 8.5 PIE","2002","TAVERA","UN",55,{"$f":"+H1722/F1722","v":21},{"v":1155,"d":"1,155.00"}]
["10005261","ANTIOXIDANTE P/CABLE DE ALUMINIO","2002","TAVERA","UN",8,{"$f":"+H1723/F1723","v":150},{"v":1200,"d":"1,200.00"}]
["10005263","MANUBRIO P/PUERTA PANEL ELECTRICO","2002","TAVERA","UN",2,{"$f":"+H1724/F1724","v":143},{"v":286,"d":"286.00"}]
["10005267","ZOCALO P/LAMPARA INDICADORA INTERRUPTOR","2002","TAVERA","UN",5,{"$f":"+H1725/F1725","v":38.1},{"v":190.5,"d":"190.50"}]
["10005268","ZOCALO D/LAMPARA D/SE¥ALIZACION TR/TM","2002","TAVERA","UN",1,{"$f":"+H1726/F1726","v":36.02},36.02]
["10005272","RECTIFICADOR P/CIRCUITO DE CONTROL","2002","TAVERA","UN",1,{"$f":"+H1727/F1727","v":7600},{"v":7600,"d":"7,600.00"}]
["10005274","SOPORTE P/LAMPARA REF. OF-5","2002","TAVERA","UN",74,{"$f":"+H1728/F1728","v":94.15},{"v":6967.1,"d":"6,967.10"}]
["10005274","SOPORTE P/LAMPARA REF. OF-5","2015","JIGüEY","UN",3,{"$f":"+H1729/F1729","v":0},{"v":0,"d":"0.00"}]
["10005280","COPA P/PROTECCION D/LAMP SEÑALIZACION","2002","TAVERA","UN",7,{"$f":"+H1730/F1730","v":68.95},482.65]
["10005281","COMELECTRIC LINOFORME 4","2002","TAVERA","UN",1,{"$f":"+H1731/F1731","v":2335},{"v":2335,"d":"2,335.00"}]
["10005284","CONMUTADOR D/FASE RS-ST TR","2002","TAVERA","UN",2,{"$f":"+H1732/F1732","v":2425},{"v":4850,"d":"4,850.00"}]
["10005285","CONMUTADOR FRM 10 2/3","2002","TAVERA","UN",2,{"$f":"+H1733/F1733","v":2335},{"v":4670,"d":"4,670.00"}]
["10005287","\"LAMPARA DE SEÑALIZACION US \"\"TOR\"\"\"","2002","TAVERA","UN",1,{"$f":"+H1734/F1734","v":41.4},{"v":41.4,"d":"41.40"}]
["10005288","TUBOS FLUORESCENTE 28W","2027","PALOMINO","UN",348,{"$f":"+H1735/F1735","v":0},{"v":0,"d":"0.00"}]
["10005292","TAPA PORTA FUSIBLE 63AMP","2002","TAVERA","UN",12,{"$f":"+H1736/F1736","v":109},{"v":1308,"d":"1,308.00"}]
["10005293","TAPA P/TOMACORRIENTE D/2 SALIDAS 120 VS","2002","TAVERA","UN",1,{"$f":"+H1737/F1737","v":20},{"v":20,"d":"20.00"}]
["10005293","TAPA P/TOMACORRIENTE D/2 SALIDAS 120 VS","2008","HATILLO","UN",13,{"$f":"+H1738/F1738","v":1},{"v":13,"d":"13.00"}]
["10005295","TAPA DE VIDRIO P/LAMPARA","2002","TAVERA","UN",2,{"$f":"+H1739/F1739","v":48.95},{"v":97.9,"d":"97.90"}]
["10005298","PASANTE DEL CONTACTO PRINCIPAL 100A","2002","TAVERA","UN",3,{"$f":"+H1740/F1740","v":675.11},{"v":2025.33,"d":"2,025.33"}]
["10005299","PASANTE DEL CONTACTO PRINCIPAL","2002","TAVERA","UN",3,{"$f":"+H1741/F1741","v":675.11},{"v":2025.33,"d":"2,025.33"}]
["10005300","BOLA AISLANTE DE PORCELANA","2002","TAVERA","UN",258,{"$f":"+H1742/F1742","v":93.98},{"v":24246.84,"d":"24,246.84"}]
["10005301","BOLA AISLANTE C/TORNILLO TIRAFONDO","2002","TAVERA","UN",11,{"$f":"+H1743/F1743","v":0},{"v":0,"d":"0.00"}]
["10005302","BOLA AISLANTE DE 1/4 DE PORCELANA","2002","TAVERA","UN",78,{"$f":"+H1744/F1744","v":86.39999999999999},{"v":6739.2,"d":"6,739.20"}]
["10005303","REACTOR P/LAMPARA FLOURESCENTE 118V","2002","TAVERA","UN",47,{"$f":"+H1745/F1745","v":93},{"v":4371,"d":"4,371.00"}]
["10005305","PROCTECTORES DE GOMA MAMEY","2002","TAVERA","UN",154,{"$f":"+H1746/F1746","v":9.45},{"v":1455.3,"d":"1,455.30"}]
["10005308","BASE P/LAMPARA DE ALUMBRADO","2022","DOMINGO RODRIGUEZ","UN",176,{"$f":"+H1747/F1747","v":1},{"v":176,"d":"176.00"}]
["10005309","BASE LAMPARA P/ALUMBRADO D/SOTANO Y GAL","2002","TAVERA","UN",5,{"$f":"+H1748/F1748","v":91.51},457.55]
["10005310","TOMACORRIENTE LEVITON SENCILLO 250V","2002","TAVERA","UN",7,{"$f":"+H1749/F1749","v":24.25},169.75]
["10005311","TOMACORRIENTE 4 PULO 600VS 60AMP","2002","TAVERA","UN",1,{"$f":"+H1750/F1750","v":345.9},{"v":345.9,"d":"345.90"}]
["10005313","ERNCHUFE PETERCO 4 POLOS 500V 40A","2002","TAVERA","UN",2,{"$f":"+H1751/F1751","v":320},{"v":640,"d":"640.00"}]
["10005314","ENCHUFE PERTECO 4 POLOS 500V 60A","2002","TAVERA","UN",2,{"$f":"+H1752/F1752","v":220},{"v":440,"d":"440.00"}]
["10005315","ENCHUFE PETERCO 3 POLOS 110-130V 16A","2002","TAVERA","UN",2,{"$f":"+H1753/F1753","v":238.5},{"v":477,"d":"477.00"}]
["10005315","ENCHUFE PETERCO 3 POLOS 110-130V 16A","2027","PALOMINO","UN",2,{"$f":"+H1754/F1754","v":1},{"v":2,"d":"2.00"}]
["10005316","ENCHUFE PETERCO 4 POLOS 380V","2002","TAVERA","UN",14,{"$f":"+H1755/F1755","v":180},{"v":2520,"d":"2,520.00"}]
["10005316","ENCHUFE PETERCO 4 POLOS 380V","2027","PALOMINO","UN",2,{"$f":"+H1756/F1756","v":1},{"v":2,"d":"2.00"}]
["10005317","ENCHUFE 600VS 60AMP","2002","TAVERA","UN",1,{"$f":"+H1757/F1757","v":228.9},{"v":228.9,"d":"228.90"}]
["10005318","ENCHUFE 4 POLO 60 AMPERES","2002","TAVERA","UN",1,{"$f":"+H1758/F1758","v":175},{"v":175,"d":"175.00"}]
["10005319","PLANCHA GALV. DE 1/4 X 1 1/4 X 6 3/4","2002","TAVERA","UN",10,{"$f":"+H1759/F1759","v":142},{"v":1420,"d":"1,420.00"}]
["10005320","\"PLANCHA GALVANIZADA 1/4 X 1 1/4 EN \"\"L\"","2002","TAVERA","UN",1,{"$f":"+H1760/F1760","v":141.95},141.95]
["10005321","PLANCHA SOP.TRIANGULAR GALV.1/4 X 1 1/4","2002","TAVERA","UN",9,{"$f":"+H1761/F1761","v":108.44999999999999},976.05]
["10005322","NIVELES TIPO  VISAGHRAS SIN AGUA","2002","TAVERA","UN",4,{"$f":"+H1762/F1762","v":208.4},{"v":833.6,"d":"833.60"}]
["10005323","THERMOFIT 20 X 3 P/REPARAR CABLE","2002","TAVERA","UN",10,{"$f":"+H1763/F1763","v":59.4},{"v":594,"d":"594.00"}]
["10005324","THERMOFIT 22 X 4 P/REPARAR CABLE","2002","TAVERA","UN",4,{"$f":"+H1764/F1764","v":63.4},{"v":253.6,"d":"253.60"}]
["10005325","THERMOFIT 4.8 X 2 P/REPARAR CABLE","2002","TAVERA","UN",7,{"$f":"+H1765/F1765","v":98.39999999999999},{"v":688.8,"d":"688.80"}]
["10005326","THERMOFIT 4.8 X 1 P/REPAR CABLE","2002","TAVERA","UN",7,{"$f":"+H1766/F1766","v":61.4},{"v":429.8,"d":"429.80"}]
["10005327","THERMOFIT 2 X 1/4 P/REPAR CABLE","2002","TAVERA","UN",4,{"$f":"+H1767/F1767","v":45.45},{"v":181.8,"d":"181.80"}]
["10005328","THERMOFIT P/CABLE 18 X 2","2002","TAVERA","UN",18,{"$f":"+H1768/F1768","v":39.75},{"v":715.5,"d":"715.50"}]
["10005329","THERMOFIT P/CABLE 9 X 1 1/2","2002","TAVERA","UN",6,{"$f":"+H1769/F1769","v":21.95},{"v":131.7,"d":"131.70"}]
["10005332","DESLIZADOR DE GOMA P/REPARAR CABLE","2002","TAVERA","UN",28,{"$f":"+H1770/F1770","v":92.14999999999999},{"v":2580.2,"d":"2,580.20"}]
["10005333","\"CONDULET 1\"\" EN L\"","2002","TAVERA","UN",1,{"$f":"+H1771/F1771","v":28.1},{"v":28.1,"d":"28.10"}]
["10005334","\"Y DE ALUMINIO DE 3/4\"\"\"","2002","TAVERA","UN",5,{"$f":"+H1772/F1772","v":25.9},{"v":129.5,"d":"129.50"}]
["10005335","\"Y DE ALUMINIO DE 1/2\"\"\"","2002","TAVERA","UN",3,{"$f":"+H1773/F1773","v":35.050000000000004},105.15]
["10005336","\"CONDULET 1\"\" EN Y\"\"\"","2002","TAVERA","UN",1,{"$f":"+H1774/F1774","v":28.1},{"v":28.1,"d":"28.10"}]
["10005337","\"CONDULET 1 1/4\"\" EN L\"\"\"","2002","TAVERA","UN",3,{"$f":"+H1775/F1775","v":33},{"v":99,"d":"99.00"}]
["10005338","\"DOBLE L (LL) D/2 1/2\"\" DE ALUMINIO\"","2002","TAVERA","UN",22,{"$f":"+H1776/F1776","v":43.25},{"v":951.5,"d":"951.50"}]
["10005339","\"DOBLE L (LL) P/ALUMINIO D/1 1/8\"\"\"","2002","TAVERA","UN",4,{"$f":"+H1777/F1777","v":36.2},{"v":144.8,"d":"144.80"}]
["10005340","\"DOBLE L (LL) DE 2 1/2\"\" DE ALUMINIO\"","2002","TAVERA","UN",29,{"$f":"+H1778/F1778","v":52.1},{"v":1510.9,"d":"1,510.90"}]
["10005341","\"CONDULET 2 1/2\"\" EN T\"\"\"","2002","TAVERA","UN",21,{"$f":"+H1779/F1779","v":45},{"v":945,"d":"945.00"}]
["10005342","CONDULET 3/4 P/CONEXION ELECTRICA","2002","TAVERA","UN",54,{"$f":"+H1780/F1780","v":28.1},{"v":1517.4,"d":"1,517.40"}]
["10005343","\"X DE ALUMINIO DE 1 1/2\"\"\"","2002","TAVERA","UN",1,{"$f":"+H1781/F1781","v":43.25},43.25]
["10005344","\"CONDULET 2\"\" EN T\"\"\"","2000","SUMINISTRO HIDRO","UN",1,{"$f":"+H1782/F1782","v":0.01},0.01]
["10005344","\"CONDULET 2\"\" EN T\"\"\"","2002","TAVERA","UN",5,{"$f":"+H1783/F1783","v":28.1},{"v":140.5,"d":"140.50"}]
["10005345","\"LB DE ALUMINIO DE 1 3/16\"\"\"","2002","TAVERA","UN",59,{"$f":"+H1784/F1784","v":37.5},{"v":2212.5,"d":"2,212.50"}]
["10005346","\"CONDULET 1 3/16\"\" TIPO LB\"\"\"","2002","TAVERA","UN",16,{"$f":"+H1785/F1785","v":37.6},{"v":601.6,"d":"601.60"}]
["10005347","\"CONDULET DE 1\"\" TIPO T\"\"\"","2002","TAVERA","UN",1,{"$f":"+H1786/F1786","v":29.15},29.15]
["10005350","GRAMPA P/AISLADOR TORNILLO 3/8","2002","TAVERA","UN",96,{"$f":"+H1787/F1787","v":28.83},{"v":2767.68,"d":"2,767.68"}]
["10005353","\"PORTA FLOTA DE 6\"\" DE ACERO\"","2002","TAVERA","UN",1,{"$f":"+H1788/F1788","v":0},{"v":0,"d":"0.00"}]
["10005354","PANTALLAS DE VIDRIO P/LAMPARAS MERCURIO","2002","TAVERA","UN",8,{"$f":"+H1789/F1789","v":71.45},{"v":571.6,"d":"571.60"}]
["10005355","AISLADOR 13.8KV P/AISLAMIENTO D/BARRAS","2002","TAVERA","UN",82,{"$f":"+H1790/F1790","v":168.39999999999998},{"v":13808.8,"d":"13,808.80"}]
["10005356","AISLADOR CONECTOR P/TRANSF. 50MVA","2002","TAVERA","UN",2,{"$f":"+H1791/F1791","v":3400},{"v":6800,"d":"6,800.00"}]
["10005357","AISLADOR TIPO TBI #224912 P/TRANSF.34.5K","2002","TAVERA","UN",2,{"$f":"+H1792/F1792","v":2037.45},{"v":4074.9,"d":"4,074.90"}]
["10005358","SUPLEMENTO P/ACOPLAMIENTO D/BARRA","2002","TAVERA","UN",1,{"$f":"+H1793/F1793","v":235},{"v":235,"d":"235.00"}]
["10005359","AISLADOR D/PORCELANA D/8 CAMPANA FIJAS","2002","TAVERA","UN",2,{"$f":"+H1794/F1794","v":1039.45},{"v":2078.9,"d":"2,078.90"}]
["10005361","AISLADOR D/PORCELANA BK-4 P/TRANSF.500KV","2002","TAVERA","UN",5,{"$f":"+H1795/F1795","v":1945},{"v":9725,"d":"9,725.00"}]
["10005363","RECEPTACULO PARA SENSOR TEMPERATURA","2002","TAVERA","UN",14,{"$f":"+H1796/F1796","v":0},{"v":0,"d":"0.00"}]
["10005371","JUNTA D/CARTON EN FORMA D/0.8 X 50MM","2002","TAVERA","UN",3,{"$f":"+H1797/F1797","v":88.95},266.85]
["10005374","JUNTA DE GOMA 1\"","2027","PALOMINO","UN",2,{"$f":"+H1798/F1798","v":1},{"v":2,"d":"2.00"}]
["10005375","\"JUNTA DE GOMA SINTETICA (NOTA MUSICAL 2","2002","TAVERA","UN",2,{"$f":"+H1799/F1799","v":28.9},{"v":57.8,"d":"57.80"}]
["10005376","\"JUNTA DE GOMA DE 8\"\"\"","2004","BAIGUAQUE","UN",4,{"$f":"+H1800/F1800","v":0},{"v":0,"d":"0.00"}]
["10005377","JUNTA DE GOMA 6\"","2004","BAIGUAQUE","UN",4,{"$f":"+H1801/F1801","v":0},{"v":0,"d":"0.00"}]
["10005377","JUNTA DE GOMA 6\"","2015","JIGüEY","UN",7,{"$f":"+H1802/F1802","v":0},{"v":0,"d":"0.00"}]
["10005377","JUNTA DE GOMA 6\"","2020","SABANA YEGUA","UN",4,{"$f":"+H1803/F1803","v":1},{"v":4,"d":"4.00"}]
["10005378","JUNTA DE GOMA 6 X 200 MM","2017","VALDESIA","UN",2,{"$f":"+H1804/F1804","v":0},{"v":0,"d":"0.00"}]
["10005378","JUNTA DE GOMA 6 X 200 MM","2023","LOS TOROS","UN",3,{"$f":"+H1805/F1805","v":0},{"v":0,"d":"0.00"}]
["10005380","JUNTA DE GOMA 103X87X2MM CARTEPILLAR","2002","TAVERA","UN",2,{"$f":"+H1806/F1806","v":0},{"v":0,"d":"0.00"}]
["10005384","CINTA D/COBRE TRENZADO 1X9X600 MM","2002","TAVERA","UN",4,{"$f":"+H1807/F1807","v":0},{"v":0,"d":"0.00"}]
["10005386","CINTA D/ALGODON D/1","2002","TAVERA","UN",2,{"$f":"+H1808/F1808","v":125.6},{"v":251.2,"d":"251.20"}]
["10005387","BUSHING AISLANTE D/BAQUELITA D/13X310 MM","2002","TAVERA","UN",11,{"$f":"+H1809/F1809","v":63.15},694.65]
["10005388","BUSHING AILANTE D/BAQUELITA D/26X55MM","2002","TAVERA","UN",22,{"$f":"+H1810/F1810","v":63},{"v":1386,"d":"1,386.00"}]
["10005389","BUSHING AISLANTE BAQUELITA 13X32MM","2002","TAVERA","UN",3,{"$f":"+H1811/F1811","v":71},{"v":213,"d":"213.00"}]
["10005390","BUSHING AISLANTE D/BAQUELINA D/13X104MM","2002","TAVERA","UN",4,{"$f":"+H1812/F1812","v":106},{"v":424,"d":"424.00"}]
["10005392","BUSHING REDUCTOR D/COBRE D/13X16 A 3/8","2002","TAVERA","UN",2,{"$f":"+H1813/F1813","v":1495},{"v":2990,"d":"2,990.00"}]
["10005396","\"BUSHING TERMINAL PRENSA CABLE D/1/2\"\"\"","2002","TAVERA","UN",25,{"$f":"+H1814/F1814","v":94.6},{"v":2365,"d":"2,365.00"}]
["10005397","BUSHING TERMINAL PRENSA D/2 1 1/2","2002","TAVERA","UN",3,{"$f":"+H1815/F1815","v":68.45},205.35]
["10005399","BUSHING TERMINAL PRENSA CABLE 5/8","2002","TAVERA","UN",12,{"$f":"+H1816/F1816","v":32.14},385.68]
["10005400","\"BUSHING TERMINAL PRENSA CABLE D/3/4\"\"\"","2002","TAVERA","UN",7,{"$f":"+H1817/F1817","v":145},{"v":1015,"d":"1,015.00"}]
["10005401","BARRA D/ACERO 5X50X265MM","2002","TAVERA","UN",1,{"$f":"+H1818/F1818","v":2345},{"v":2345,"d":"2,345.00"}]
["10005402","BARRA D/COBRE 10X28X280MM","2002","TAVERA","UN",1,{"$f":"+H1819/F1819","v":2340},{"v":2340,"d":"2,340.00"}]
["10005403","BARRA DE ACERO DE 16X39 X 100 MM","2002","TAVERA","UN",1,{"$f":"+H1820/F1820","v":2540},{"v":2540,"d":"2,540.00"}]
["10005404","BARRA CANDADO D/ACERO13X25X75MM","2002","TAVERA","UN",9,{"$f":"+H1821/F1821","v":2900},{"v":26100,"d":"26,100.00"}]
["10005405","BARRA CANDADO D/ACERO 13X26X58MM","2002","TAVERA","UN",3,{"$f":"+H1822/F1822","v":2990},{"v":8970,"d":"8,970.00"}]
["10005406","BARRA CANDADO P/CUÑA DEL ROTOR10X25X55MM","2002","TAVERA","UN",3,{"$f":"+H1823/F1823","v":2400.4500000000003},{"v":7201.35,"d":"7,201.35"}]
["10005407","BARRA CANDADO D/ACERO 13X45X 64MM","2002","TAVERA","UN",1,{"$f":"+H1824/F1824","v":2454},{"v":2454,"d":"2,454.00"}]
["10005408","BARRA D/ACERO 5X39X120MM","2002","TAVERA","UN",1,{"$f":"+H1825/F1825","v":994},{"v":994,"d":"994.00"}]
["10005411","\"BARRA DE COBRE 0 1\"\"\"","2002","TAVERA","UN",1,{"$f":"+H1826/F1826","v":549.51},549.51]
["10005412","BARRAS D/ACERO 13X26X205 MM","2002","TAVERA","UN",18,{"$f":"+H1827/F1827","v":141.04},{"v":2538.72,"d":"2,538.72"}]
["10005417","CONECTORES METALICO LONG 2 5/8X1","2002","TAVERA","UN",3,{"$f":"+H1828/F1828","v":38.5},{"v":115.5,"d":"115.50"}]
["10005418","CONECT.METALICO LONG 2 1/4X1 9/16X5 1/16","2002","TAVERA","UN",12,{"$f":"+H1829/F1829","v":45.330000000000005},543.96]
["10005419","CONECTOR METALICO DE 78 X 20 X 15 MM","2002","TAVERA","UN",8,{"$f":"+H1830/F1830","v":31.5},{"v":252,"d":"252.00"}]
["10005420","CONECTOR METALICO DE 78 X 15 MM","2002","TAVERA","UN",4,{"$f":"+H1831/F1831","v":31.5},{"v":126,"d":"126.00"}]
["10005422","CONECTOR NAR32A P/PARARRAYO 34.5KV","2002","TAVERA","UN",1,{"$f":"+H1832/F1832","v":50},{"v":50,"d":"50.00"}]
["10005424","CONECTOR NAR42A-2N P/PARARRAYO 13.8KV","2002","TAVERA","UN",4,{"$f":"+H1833/F1833","v":45.33},181.32]
["10005425","CONECTOR ALUMINIO 1 1/2 P/AISLADOR","2002","TAVERA","UN",4,{"$f":"+H1834/F1834","v":38.5},{"v":154,"d":"154.00"}]
["10005426","CONECTOR ALUMINIO NAR6642 AT P/SUBEST.","2002","TAVERA","UN",22,{"$f":"+H1835/F1835","v":38.5},{"v":847,"d":"847.00"}]
["10005427","CONECTOR 1 1/2 P/SUBEST. 138KV R-PDTAV","2002","TAVERA","UN",6,{"$f":"+H1836/F1836","v":38.5},{"v":231,"d":"231.00"}]
["10005428","CONECTOR NNT174 39A P/SUBESTACION 138KV","2002","TAVERA","UN",1,{"$f":"+H1837/F1837","v":51.15},51.15]
["10005429","CONECTOR REF. NNT17A17A 48MM","2002","TAVERA","UN",2,{"$f":"+H1838/F1838","v":20},{"v":40,"d":"40.00"}]
["10005430","CONECTOR D/13MM D/COBRE","2002","TAVERA","UN",5,{"$f":"+H1839/F1839","v":80},{"v":400,"d":"400.00"}]
["10005433","CONECTOR REF. NNT445A39A P/SUBESTACION","2002","TAVERA","UN",15,{"$f":"+H1840/F1840","v":63.4},{"v":951,"d":"951.00"}]
["10005434","CONECTOR TIPO T D/ALUMINIO P/CABLE 336","2002","TAVERA","UN",9,{"$f":"+H1841/F1841","v":38.5},{"v":346.5,"d":"346.50"}]
["10005443","CONECTOR 3/0 DE COBRE","2002","TAVERA","UN",9,{"$f":"+H1842/F1842","v":39.75},357.75]
["10005444","CONECTOR FD64TP/NU P/SISTEMA ALTA TENSIO","2002","TAVERA","UN",1,{"$f":"+H1843/F1843","v":40.2},{"v":40.2,"d":"40.20"}]
["10005445","CONECTOR #6 D/BRONCE","2002","TAVERA","UN",1,{"$f":"+H1844/F1844","v":53.35},53.35]
["10005446","CONECTOR TYB 350 P/CONEXION CABLE","2002","TAVERA","UN",4,{"$f":"+H1845/F1845","v":38.5},{"v":154,"d":"154.00"}]
["10005448","CONECTOR 87 PIE D/BRONCE","2002","TAVERA","UN",1,{"$f":"+H1846/F1846","v":80},{"v":80,"d":"80.00"}]
["10005449","CONECTOR 750 MCM D/ALUMNMIO","2002","TAVERA","UN",1,{"$f":"+H1847/F1847","v":61.3},{"v":61.3,"d":"61.30"}]
["10005454","CONECTOR 1/0 D/ALUMINIO P/TUBO FLEXIBLE","2002","TAVERA","UN",8,{"$f":"+H1848/F1848","v":70.4},{"v":563.2,"d":"563.20"}]
["10005457","CONECTOR TERMINAL P/CABLE TIERRA 2/0 VC8","2002","TAVERA","UN",2,{"$f":"+H1849/F1849","v":57.94},115.88]
["10005459","CONECTOR D/ALM P/TUBERIA BX 3/4 0 ELECT","2002","TAVERA","UN",8,{"$f":"+H1850/F1850","v":345},{"v":2760,"d":"2,760.00"}]
["10005460","CONECTORES BARRAS D/BRONCE","2002","TAVERA","UN",30,{"$f":"+H1851/F1851","v":89.4},{"v":2682,"d":"2,682.00"}]
["10005461","CONECTOR BURNDY 500 MCM PDT","2002","TAVERA","UN",2,{"$f":"+H1852/F1852","v":108.4},{"v":216.8,"d":"216.80"}]
["10005462","CONECTOR D/COBRE REF. CFC/NY 6-4/0 CB-22","2002","TAVERA","UN",1,{"$f":"+H1853/F1853","v":95},{"v":95,"d":"95.00"}]
["10005463","CONECTOR D/BRONCE MAGO DE 13 MM2","2002","TAVERA","UN",1,{"$f":"+H1854/F1854","v":98},{"v":98,"d":"98.00"}]
["10005464","CONECTOR PENN-UNION R/E-F 1/OSCL 300 MCM","2002","TAVERA","UN",1,{"$f":"+H1855/F1855","v":190},{"v":190,"d":"190.00"}]
["10005466","CONECTOR REF. ILSC0 D2264 DE 4-500 MCM","2002","TAVERA","UN",1,{"$f":"+H1856/F1856","v":106.94},106.94]
["10005467","CONECTOR P/INT DE EXC D/FRENAJE","2002","TAVERA","UN",2,{"$f":"+H1857/F1857","v":204},{"v":408,"d":"408.00"}]
["10005468","CONECTOR DE BARRA P/GRUA 70A 600V","2002","TAVERA","UN",7,{"$f":"+H1858/F1858","v":198},{"v":1386,"d":"1,386.00"}]
["10005471","PLANCHA D/CONEXION P/BANDEJA CABLE 1/8X4","2002","TAVERA","UN",415,{"$f":"+H1859/F1859","v":7.15},{"v":2967.25,"d":"2,967.25"}]
["10005472","PLANCHA D/CONEXION P/BAND CABLE 1/8X2X3","2002","TAVERA","UN",67,{"$f":"+H1860/F1860","v":93.5},{"v":6264.5,"d":"6,264.50"}]
["10005474","LAMINA CIRCUÑAR DE BRONCE DE 6 X 3","2002","TAVERA","UN",33,{"$f":"+H1861/F1861","v":40},{"v":1320,"d":"1,320.00"}]
["10005478","BRIDA ACOPLAMIENTO DE TUBERIA DE 4''","2002","TAVERA","UN",1,{"$f":"+H1862/F1862","v":0},{"v":0,"d":"0.00"}]
["10005479","ACOPLAM DE BRIDA 62X19MM P/TUBERIA 3/4''","2002","TAVERA","UN",1,{"$f":"+H1863/F1863","v":240},{"v":240,"d":"240.00"}]
["10005480","BRIDA D/ACOPLAMIENTO P/TURBINA D/2","2002","TAVERA","UN",6,{"$f":"+H1864/F1864","v":240},{"v":1440,"d":"1,440.00"}]
["10005481","SWITCH ABRAZADERA 5A 25DV P/72TTD 315","2002","TAVERA","UN",5,{"$f":"+H1865/F1865","v":25},{"v":125,"d":"125.00"}]
["10005488","RESISTOR SCG REF. 3221252 750V","2002","TAVERA","UN",2,{"$f":"+H1866/F1866","v":200},{"v":400,"d":"400.00"}]
["10005489","TIRISTOR SCR 6L 6500-7435","2002","TAVERA","UN",1,{"$f":"+H1867/F1867","v":940},{"v":940,"d":"940.00"}]
["10005491","DIODO REF. D5A 200-12L P/EXCITACION","2004","BAIGUAQUE","UN",12,{"$f":"+H1868/F1868","v":0},{"v":0,"d":"0.00"}]
["10005492","FUSIBLE PROTISTOR VOLL SCHUTE TIPO NH4TF","2002","TAVERA","UN",6,{"$f":"+H1869/F1869","v":1240},{"v":7440,"d":"7,440.00"}]
["10005496","PUENTE P/BATERIAS NIQUEL -CARMIO DE 125V","2002","TAVERA","UN",11,{"$f":"+H1870/F1870","v":78},{"v":858,"d":"858.00"}]
["10005497","TAPONES D/GOMA P/BANCO DE BATERRIA","2005","MONCION","UN",17,{"$f":"+H1871/F1871","v":0},{"v":0,"d":"0.00"}]
["10005502","ACOPLE D/RONCE P/AISLADOR TRANSF 50 MVA","2002","TAVERA","UN",3,{"$f":"+H1872/F1872","v":943},{"v":2829,"d":"2,829.00"}]
["10005503","CARILLA P/ARQUEO DE BUSHING","2002","TAVERA","UN",11,{"$f":"+H1873/F1873","v":1430},{"v":15730,"d":"15,730.00"}]
["10005504","CUCHILLO P/SECCIONADOR TIPO SR","2002","TAVERA","UN",3,{"$f":"+H1874/F1874","v":1495},{"v":4485,"d":"4,485.00"}]
["10005506","TERMINAL TUB. FLEXIBLE 0 2-1/2","2002","TAVERA","UN",4,{"$f":"+H1875/F1875","v":43.45},{"v":173.8,"d":"173.80"}]
["10005507","\"TERMINAL TUBERIA FLEXIBLE 0 2\"\"\"","2002","TAVERA","UN",4,{"$f":"+H1876/F1876","v":43.05},{"v":172.2,"d":"172.20"}]
["10005508","TERMINAL TUB.FLEXIBLE 0 1-1/2","2002","TAVERA","UN",4,{"$f":"+H1877/F1877","v":37.45},{"v":149.8,"d":"149.80"}]
["10005509","TERMINAL TUB.FLEXIBLE 0 1 1/4","2002","TAVERA","UN",4,{"$f":"+H1878/F1878","v":28.4},{"v":113.6,"d":"113.60"}]
["10005513","TERMINAL T/PRENSA P/ATERRIZAJE ELECTRICO","2002","TAVERA","UN",4,{"$f":"+H1879/F1879","v":71.1},{"v":284.4,"d":"284.40"}]
["10005514","ACOPLAMIENTO BRIDA Y ROSCA P/TUB.1 1/2A3","2002","TAVERA","UN",4,{"$f":"+H1880/F1880","v":104},{"v":416,"d":"416.00"}]
["10005518","CANDADO TIPO LAMINA 5X32X78","2002","TAVERA","UN",18,{"$f":"+H1881/F1881","v":24},{"v":432,"d":"432.00"}]
["10005519","CANDADO D/TORNILLO GENERADOR","2002","TAVERA","UN",6,{"$f":"+H1882/F1882","v":195},{"v":1170,"d":"1,170.00"}]
["10005520","\"ABRAZADERA P/TUBERIAS DE 5\"\"\"","2002","TAVERA","UN",11,{"$f":"+H1883/F1883","v":98.4},{"v":1082.4,"d":"1,082.40"}]
["10005521","ABRAZADERA P/TUBERIA 2''","2002","TAVERA","UN",4,{"$f":"+H1884/F1884","v":31.4},{"v":125.6,"d":"125.60"}]
["10005521","ABRAZADERA P/TUBERIA 2''","2005","MONCION","UN",1,{"$f":"+H1885/F1885","v":0},{"v":0,"d":"0.00"}]
["10005521","ABRAZADERA P/TUBERIA 2''","2008","HATILLO","UN",9,{"$f":"+H1886/F1886","v":0},{"v":0,"d":"0.00"}]
["10005521","ABRAZADERA P/TUBERIA 2''","2011","PINALITO","UN",4,{"$f":"+H1887/F1887","v":0},{"v":0,"d":"0.00"}]
["10005521","ABRAZADERA P/TUBERIA 2''","2025","LAS DAMAS","UN",33,{"$f":"+H1888/F1888","v":1},{"v":33,"d":"33.00"}]
["10005522","ABRAZADERA ROSCADA DE 2-1/2 X 4-1/2","2002","TAVERA","UN",6,{"$f":"+H1889/F1889","v":61.4},{"v":368.4,"d":"368.40"}]
["10005524","\"ABRAZADERA ROSCADA DE 3/4\"\"\"","2002","TAVERA","UN",1,{"$f":"+H1890/F1890","v":51.09},51.09]
["10005525","ABRAZADERA ROSCADA DE 5/8","2002","TAVERA","UN",1,{"$f":"+H1891/F1891","v":18.4},{"v":18.4,"d":"18.40"}]
["10005527","ABRAZADERA DE 1/2","2002","TAVERA","UN",10,{"$f":"+H1892/F1892","v":33},{"v":330,"d":"330.00"}]
["10005529","ABRAZADERA RET. 19/32 X 2-3/32","2002","TAVERA","UN",11,{"$f":"+H1893/F1893","v":0},{"v":0,"d":"0.00"}]
["10005531","ABRAZADERA D/HIERRO P/TUB. DE 1-1/4","2002","TAVERA","UN",109,{"$f":"+H1894/F1894","v":13.399999999999999},{"v":1460.6,"d":"1,460.60"}]
["10005532","\"ABRAZADERA DOBLE CONDUCTO DE 1\"\"\"","2002","TAVERA","UN",6,{"$f":"+H1895/F1895","v":9.4},{"v":56.4,"d":"56.40"}]
["10005533","ABRAZADERA RECTANGULAR 5/16X 2 1/2.","2002","TAVERA","UN",25,{"$f":"+H1896/F1896","v":21},{"v":525,"d":"525.00"}]
["10005535","ANILLO D/ACERO 260MM INTERIOR 280 EXT","2002","TAVERA","UN",2,{"$f":"+H1897/F1897","v":0},{"v":0,"d":"0.00"}]
["10005536","\"ANILLO ROSCA CORRIDA 0 2\"\"\"","2002","TAVERA","UN",18,{"$f":"+H1898/F1898","v":268.1},{"v":4825.8,"d":"4,825.80"}]
["10005540","ANILLO ROSCA CORRIDA 1-1/2","2002","TAVERA","UN",10,{"$f":"+H1899/F1899","v":106},{"v":1060,"d":"1,060.00"}]
["10005541","ANILLO D/ALUMINIO 0 1-1/4","2002","TAVERA","UN",3,{"$f":"+H1900/F1900","v":61.5},{"v":184.5,"d":"184.50"}]
["10005545","SUPLEMENTO D/ACERO D/075X50X80MM","2002","TAVERA","UN",6,{"$f":"+H1901/F1901","v":47.75},{"v":286.5,"d":"286.50"}]
["10005547","\"COUPLING ROSCA CORRIDA P/TUBERIAS DE 2\"","2002","TAVERA","UN",8,{"$f":"+H1902/F1902","v":49.52},396.16]
["10005548","\"COUPLING D/ACERO D/1/2\"\"\"","2002","TAVERA","UN",1,{"$f":"+H1903/F1903","v":98.45},98.45]
["10005549","\"COUPLING D/ACERO D/1 3/4\"\"\"","2002","TAVERA","UN",3,{"$f":"+H1904/F1904","v":80.39999999999999},{"v":241.2,"d":"241.20"}]
["10005549","\"COUPLING D/ACERO D/1 3/4\"\"\"","2015","JIGüEY","UN",27,{"$f":"+H1905/F1905","v":0},{"v":0,"d":"0.00"}]
["10005550","\"COUPLING D/BRONCE D/1 1/2\"\"\"","2002","TAVERA","UN",1,{"$f":"+H1906/F1906","v":93.45},93.45]
["10005551","COUPLING D/BRONCE DE 1 1/4X2 3/4 MACHO #","2002","TAVERA","UN",2,{"$f":"+H1907/F1907","v":71.4},{"v":142.8,"d":"142.80"}]
["10005552","\"COUPLING D/BRONCE D/1/4X1 1/4\"\"\"","2002","TAVERA","UN",1,{"$f":"+H1908/F1908","v":96.15},96.15]
["10005553","COUPLING DE BRONCE 1 1/4 X 2 1/4","2002","TAVERA","UN",1,{"$f":"+H1909/F1909","v":68.15},68.15]
["10005554","CONTACTO AUX. D/600V R/C 320KB S-A2","2002","TAVERA","UN",7,{"$f":"+H1910/F1910","v":1200},{"v":8400,"d":"8,400.00"}]
["10005556","PIEZAS D/ALINEAMIENTO","2002","TAVERA","UN",2,{"$f":"+H1911/F1911","v":30},{"v":60,"d":"60.00"}]
["10005561","MANGUERA DE PRESION PLASTICA 1/8\"","2005","MONCION","UN",1,{"$f":"+H1912/F1912","v":0},{"v":0,"d":"0.00"}]
["10005563","\"MANGUERA ALROQUIP D/1/2X24\"\" D/PRESION","2002","TAVERA","UN",1,{"$f":"+H1913/F1913","v":298.14},298.14]
["10005564","\"MANGUERA FLEXIBLE TIPO BX D/12\"\"X15\"\" P","2002","TAVERA","UN",1,{"$f":"+H1914/F1914","v":394.05},394.05]
["10005565","MANGUERA FLEXIBLE B4 CUBIERTA DEG 1/2X34","2002","TAVERA","UN",1,{"$f":"+H1915/F1915","v":425},{"v":425,"d":"425.00"}]
["10005567","JUNTA GOMA 92 X 8 X3MM CATERPILLA","2002","TAVERA","UN",1,{"$f":"+H1916/F1916","v":100},{"v":100,"d":"100.00"}]
["10005568","\"REDUCCION TIPO BUSCHING  3\" A 1\"","2002","TAVERA","UN",36,{"$f":"+H1917/F1917","v":36.09},{"v":1299.24,"d":"1,299.24"}]
["10005569","\"REDUCCION UNIVERSAAL 0 2\"\"-3/4\"","2002","TAVERA","UN",1,{"$f":"+H1918/F1918","v":47.6},{"v":47.6,"d":"47.60"}]
["10005569","\"REDUCCION UNIVERSAAL 0 2\"\"-3/4\"","2025","LAS DAMAS","UN",1,{"$f":"+H1919/F1919","v":1},{"v":1,"d":"1.00"}]
["10005570","\"REDUCCION UNIVERSAL 0 2\"\"-1\"\"\"","2002","TAVERA","UN",1,{"$f":"+H1920/F1920","v":28},{"v":28,"d":"28.00"}]
["10005571","REDUCCION UNIVERSAL DE  1 A 3/4''","2002","TAVERA","UN",4,{"$f":"+H1921/F1921","v":39.6},{"v":158.4,"d":"158.40"}]
["10005576","UNION ALTA PRESION 0 3/4","2002","TAVERA","UN",1,{"$f":"+H1922/F1922","v":84.95},84.95]
["10005578","UNION P/TUBERIA 0 1/4","2002","TAVERA","UN",41,{"$f":"+H1923/F1923","v":22.5},{"v":922.5,"d":"922.50"}]
["10005580","UNION UNIVERSAL HG 1 1/2\"","2008","HATILLO","UN",6,{"$f":"+H1924/F1924","v":1},{"v":6,"d":"6.00"}]
["10005581","\"UNION UNIVERSAL 3/8\"\" GALVANIZADA\"","2002","TAVERA","UN",13,{"$f":"+H1925/F1925","v":14.05},182.65]
["10005582","\"UNIONES GALVANIZADAS P/TUBERIA D/3\"\"\"","2002","TAVERA","UN",46,{"$f":"+H1926/F1926","v":45},{"v":2070,"d":"2,070.00"}]
["10005583","\"UNIONES GALVANIZADAS P/TUBERIA D/1 1/2\"","2002","TAVERA","UN",29,{"$f":"+H1927/F1927","v":12.4},{"v":359.6,"d":"359.60"}]
["10005586","TEE GALV. REDUCCION 0 1-1/2/1-1/4","2002","TAVERA","UN",2,{"$f":"+H1928/F1928","v":43.95},{"v":87.9,"d":"87.90"}]
["10005587","\"TEE GALV REDUCCION 0 1-1/4  1 1/4\"\"X1\"\"","2002","TAVERA","UN",4,{"$f":"+H1929/F1929","v":53},{"v":212,"d":"212.00"}]
["10005595","CODO GALV. D 1 1/2 90 GDO ELECTRICO","2002","TAVERA","UN",1,{"$f":"+H1930/F1930","v":23.15},23.15]
["10005597","\"CODO TIPO NIPLE 0 1\"\"45 GDO\"","2002","TAVERA","UN",9,{"$f":"+H1931/F1931","v":23},{"v":207,"d":"207.00"}]
["10005598","CODO GALVANIZADO 1 1/2 90 D PRESION","2001","C.CONTROL HIDRO","UN",1,{"$f":"+H1932/F1932","v":0},{"v":0,"d":"0.00"}]
["10005598","CODO GALVANIZADO 1 1/2 90 D PRESION","2002","TAVERA","UN",18,{"$f":"+H1933/F1933","v":23.15},{"v":416.7,"d":"416.70"}]
["10005599","\"CODO EXTRA HEAVY 6000 PSI 0 2\"\"\"","2002","TAVERA","UN",1,{"$f":"+H1934/F1934","v":109},{"v":109,"d":"109.00"}]
["10005600","\"CODO P/TUBERIA CONDUIT D/1 1/4\"\"\"","2002","TAVERA","UN",1,{"$f":"+H1935/F1935","v":12.12},12.12]
["10005602","\"CODO D/90 GDO D/TUBERIA D/3/8\"\"\"","2002","TAVERA","UN",11,{"$f":"+H1936/F1936","v":13.2},{"v":145.2,"d":"145.20"}]
["10005604","TAPON HG 2 PLG","2002","TAVERA","UN",4,{"$f":"+H1937/F1937","v":17.5},{"v":70,"d":"70.00"}]
["10005604","TAPON HG 2 PLG","2005","MONCION","UN",1,{"$f":"+H1938/F1938","v":0},{"v":0,"d":"0.00"}]
["10005604","TAPON HG 2 PLG","2011","PINALITO","UN",3,{"$f":"+H1939/F1939","v":0},{"v":0,"d":"0.00"}]
["10005604","TAPON HG 2 PLG","2025","LAS DAMAS","UN",4,{"$f":"+H1940/F1940","v":0},{"v":0,"d":"0.00"}]
["10005605","\"TAPON GALV. 1-1/2\"\"\"","2002","TAVERA","UN",1,{"$f":"+H1941/F1941","v":30},{"v":30,"d":"30.00"}]
["10005609","TAPON DE TEFLON P/TUBO RADIADORES","2002","TAVERA","UN",24,{"$f":"+H1942/F1942","v":22.099999999999998},{"v":530.4,"d":"530.40"}]
["10005610","TAPON P/DETECTOR DE TEMPERATURA","2002","TAVERA","UN",8,{"$f":"+H1943/F1943","v":93.43},747.44]
["10005611","CUÑA P/REP. P/ROTOR GEN.2-1/16 X 1-1/2","2002","TAVERA","UN",96,{"$f":"+H1944/F1944","v":12.13},{"v":1164.48,"d":"1,164.48"}]
["10005612","CUÑAS D/ACERO P/POLOS D/ROTOR","2002","TAVERA","UN",2,{"$f":"+H1945/F1945","v":12.09},24.18]
["10005614","CUÑA D/COBRE ESTA¥ADA 3X10X55 MM","2002","TAVERA","UN",140,{"$f":"+H1946/F1946","v":23},{"v":3220,"d":"3,220.00"}]
["10005615","CUÑA D/COBRE ESTA¥ADA 3X16X60MM","2002","TAVERA","UN",15,{"$f":"+H1947/F1947","v":74},{"v":1110,"d":"1,110.00"}]
["10005616","CUÑA DE BRONCE ESTA¥ADA 3 X 25 X 45","2002","TAVERA","UN",15,{"$f":"+H1948/F1948","v":35.9},{"v":538.5,"d":"538.50"}]
["10005617","CUÑA D/ACERO D/2X5X40MM","2002","TAVERA","UN",10,{"$f":"+H1949/F1949","v":42},{"v":420,"d":"420.00"}]
["10005618","CUÑAD/REPARACION ROTOR 2X1","2002","TAVERA","UN",3,{"$f":"+H1950/F1950","v":64},{"v":192,"d":"192.00"}]
["10005619","\"PRENSA CONDUIT D/42\"\"\"","2002","TAVERA","UN",8,{"$f":"+H1951/F1951","v":140},{"v":1120,"d":"1,120.00"}]
["10005620","PRENSA JUNTA D/JUNTA D/37MM","2002","TAVERA","UN",2,{"$f":"+H1952/F1952","v":975},{"v":1950,"d":"1,950.00"}]
["10005621","ESPACIADOR DE 6 X 25 EXAGONAL","2002","TAVERA","UN",9,{"$f":"+H1953/F1953","v":28.4},{"v":255.6,"d":"255.60"}]
["10005623","PIN CILINDRICO D/30MM X 100MM","2002","TAVERA","UN",28,{"$f":"+H1954/F1954","v":33},{"v":924,"d":"924.00"}]
["10005624","PIN CILINDRICO D/27MM X92MM","2002","TAVERA","UN",4,{"$f":"+H1955/F1955","v":28},{"v":112,"d":"112.00"}]
["10005625","PIN CILINDRICO D/20X60MM","2002","TAVERA","UN",4,{"$f":"+H1956/F1956","v":21.1},{"v":84.4,"d":"84.40"}]
["10005626","PIN CILINDRICO D/25X50 MM","2002","TAVERA","UN",2,{"$f":"+H1957/F1957","v":26.05},{"v":52.1,"d":"52.10"}]
["10005627","PIN CILINDRICO D/24 X 45MM","2002","TAVERA","UN",1,{"$f":"+H1958/F1958","v":22.08},22.08]
["10005628","PIN CILINDRICO D/16 X 45MM","2002","TAVERA","UN",4,{"$f":"+H1959/F1959","v":18.4},{"v":73.6,"d":"73.60"}]
["10005630","PIN CILINDRICO D/10MM X 40MM","2002","TAVERA","UN",2,{"$f":"+H1960/F1960","v":11.11},22.22]
["10005634","PIN HUECO D/ACERO INOXIDABLE D/1 X 2 3/4","2002","TAVERA","UN",2,{"$f":"+H1961/F1961","v":57.65},{"v":115.3,"d":"115.30"}]
["10005635","PASADOR D/GRILLETE D/13/4 X 10","2002","TAVERA","UN",1,{"$f":"+H1962/F1962","v":9.1},{"v":9.1,"d":"9.10"}]
["10005636","VALVULA D/3 X 8 300 LIBRAS","2002","TAVERA","UN",1,{"$f":"+H1963/F1963","v":325},{"v":325,"d":"325.00"}]
["10005638","ANGULARES C/SALIENTE D/1 3/4X1 3/4X 13","2002","TAVERA","UN",38,{"$f":"+H1964/F1964","v":48.15},{"v":1829.7,"d":"1,829.70"}]
["10005641","AISLANTE D/BARQUELITA D/40MM X 60MM LONG","2002","TAVERA","UN",48,{"$f":"+H1965/F1965","v":48},{"v":2304,"d":"2,304.00"}]
["10005642","CARTONES BELLEMON PARA JUNTA","2021","SABANETA","UN",55,{"$f":"+H1966/F1966","v":1},{"v":55,"d":"55.00"}]
["10005645","PARTE DE CONTACTO HE07","2002","TAVERA","UN",1,{"$f":"+H1967/F1967","v":104.4},{"v":104.4,"d":"104.40"}]
["10005648","BASE P/REGLETA","2015","JIGüEY","UN",{"v":1222,"d":"1,222"},{"$f":"+H1968/F1968","v":0},{"v":0,"d":"0.00"}]
["10005652","PLATO ADAPTACION P/CONT. 3TB-5017-00","2002","TAVERA","UN",6,{"$f":"+H1969/F1969","v":120},{"v":720,"d":"720.00"}]
["10005653","PLATO DE DIAFRAGMA 143 X266 X 10MM","2002","TAVERA","UN",1,{"$f":"+H1970/F1970","v":700},{"v":700,"d":"700.00"}]
["10005654","PLATO DE DIAFRAGMA 54 X 266 X10MM","2002","TAVERA","UN",1,{"$f":"+H1971/F1971","v":720},{"v":720,"d":"720.00"}]
["10005655","CONJUNTO D/CONTACT.AUX.P/CONTACTS TS YTD","2002","TAVERA","UN",14,{"$f":"+H1972/F1972","v":74.95},{"v":1049.3,"d":"1,049.30"}]
["10005656","MANGUERA PLASTICA DE 1/4 PIE","2002","TAVERA","UN",5,{"$f":"+H1973/F1973","v":0},{"v":0,"d":"0.00"}]
["10005657","TUBO D/VIDRIO P/IND. NIVEL D/ACEITE","2002","TAVERA","UN",20,{"$f":"+H1974/F1974","v":68.15},{"v":1363,"d":"1,363.00"}]
["10005658","PLACA ORIENTADORA P/LEVANTAMIENTO TRANSF","2002","TAVERA","UN",2,{"$f":"+H1975/F1975","v":235},{"v":470,"d":"470.00"}]
["10005668","ANILLO ELASTICO DIAMETRO 22","2002","TAVERA","UN",2,{"$f":"+H1976/F1976","v":0},{"v":0,"d":"0.00"}]
["10005669","JUNTA PLANA 85X65X2MMS","2002","TAVERA","UN",2,{"$f":"+H1977/F1977","v":128.51},257.02]
["10005671","JUNTA No.20 PARA GENERADOR","2002","TAVERA","UN",20,{"$f":"+H1978/F1978","v":20},{"v":400,"d":"400.00"}]
["10005672","JUNTA ORING No.27 PARA GENERADOR","2002","TAVERA","UN",1,{"$f":"+H1979/F1979","v":63.4},{"v":63.4,"d":"63.40"}]
["10005674","JUNTA ORING No.25 PARA GENERADOR","2002","TAVERA","UN",12,{"$f":"+H1980/F1980","v":24.150000000000002},{"v":289.8,"d":"289.80"}]
["10005675","JUNTA DE 45X52X2 REF.F27 PARA GENERADOR","2002","TAVERA","UN",6,{"$f":"+H1981/F1981","v":48.57},291.42]
["10005676","JUNTA DE 27X35X2 REF.F25 PARA GENERADOR","2002","TAVERA","UN",2,{"$f":"+H1982/F1982","v":22.9},{"v":45.8,"d":"45.80"}]
["10005678","JUNTA ORING DE 5.3 No.34 POSICION 26 P/C","2002","TAVERA","UN",2,{"$f":"+H1983/F1983","v":61},{"v":122,"d":"122.00"}]
["10005680","JUNTA ORING DE 3.6 No.25 REF. F13 P/C VA","2002","TAVERA","UN",3,{"$f":"+H1984/F1984","v":63.4},{"v":190.2,"d":"190.20"}]
["10005683","JUNTA DIAMETRO 22/30X2","2002","TAVERA","UN",3,{"$f":"+H1985/F1985","v":26},{"v":78,"d":"78.00"}]
["10005684","JUNTA ORING No.32 F10 PARA COMPUERTA","2002","TAVERA","UN",2,{"$f":"+H1986/F1986","v":27.4},{"v":54.8,"d":"54.80"}]
["10005685","CASQUILLO PISTON 43X160X115MMS POSICIO","2002","TAVERA","UN",2,{"$f":"+H1987/F1987","v":205},{"v":410,"d":"410.00"}]
["10005686","CASQUILLO DE 80X99X5 PARA REGULACION","2002","TAVERA","UN",2,{"$f":"+H1988/F1988","v":250},{"v":500,"d":"500.00"}]
["10005708","\"FUSIBLE WESTINGHOUSE TIPO CLE-1, 4.8KV,","2002","TAVERA","UN",2,{"$f":"+H1989/F1989","v":425},{"v":850,"d":"850.00"}]
["10005710","VARILLA PARA SOLDAR 6013 1/8''","2005","MONCION","UN",2,{"$f":"+H1990/F1990","v":1770},{"v":3540,"d":"3,540.00"}]
["10005711","ELECTRODO 7018-1/8\"","2007","RINCON","LB",22,{"$f":"+H1991/F1991","v":0},{"v":0,"d":"0.00"}]
["10005711","ELECTRODO 7018-1/8\"","2020","SABANA YEGUA","LB",22,{"$f":"+H1992/F1992","v":1},{"v":22,"d":"22.00"}]
["10005714","JUNTA PERBUNAN DE 48X58X2MMS","2002","TAVERA","UN",9,{"$f":"+H1993/F1993","v":34.95},314.55]
["10005717","JUNTA DE GOMA DE 5.3MMS No.32","2002","TAVERA","UN",24,{"$f":"+H1994/F1994","v":11.4},{"v":273.6,"d":"273.60"}]
["10005718","JUNTA DE GOMA DE 5.3MMS No.29","2002","TAVERA","UN",24,{"$f":"+H1995/F1995","v":11.4},{"v":273.6,"d":"273.60"}]
["10005719","JUNTA ESTANQUEIDAD PARA LA VALVULA","2002","TAVERA","UN",2,{"$f":"+H1996/F1996","v":129.65},{"v":259.3,"d":"259.30"}]
["10005720","JUNTA DE GOMA PARA VALVULA MARIPOSA","2002","TAVERA","UN",4,{"$f":"+H1997/F1997","v":190},{"v":760,"d":"760.00"}]
["10005723","JUNTA DE GOMA #7 P/TURBINA","2002","TAVERA","UN",4,{"$f":"+H1998/F1998","v":45.31},181.24]
["10005724","JUNTA DE GOMA No.10 PARA TURBINA","2002","TAVERA","UN",5,{"$f":"+H1999/F1999","v":22},{"v":110,"d":"110.00"}]
["10005727","JUNTA DE GOMA DE 18X24X1.5MMS PARA","2002","TAVERA","UN",2,{"$f":"+H2000/F2000","v":29.4},{"v":58.8,"d":"58.80"}]
["10005732","JUNTA DE 33X42X2MMS REF.26 PARA","2002","TAVERA","UN",2,{"$f":"+H2004/F2004","v":31.34},62.68]
["10005741","JUNTA ORING DE 7 No.69 POSICION 25 P/CV","2002","TAVERA","UN",3,{"$f":"+H2009/F2009","v":71.2},{"v":213.6,"d":"213.60"}]
["10005747","JUNTA DE 9-16/14.43X2.6 POSICION 29 P/C","2002","TAVERA","UN",3,{"$f":"+H2015/F2015","v":68.45},205.35]
["10005763","RETENEDORA PARA BOMBA DE ACHIQUE Y PARA","2002","TAVERA","UN",6,{"$f":"+H2021/F2021","v":298.40000000000003},{"v":1790.4,"d":"1,790.40"}]
["10005792","LAMINA AISLANTE DE 0.2X60MMS DE FIBRA","2002","TAVERA","UN",7,{"$f":"+H2032/F2032","v":2.5},{"v":17.5,"d":"17.50"}]
["10005796","CONTACTO TELE-MECANICO REF.F-2Z CK-D","2002","TAVERA","UN",4,{"$f":"+H2036/F2036","v":283.15},{"v":1132.6,"d":"1,132.60"}]
["10005820","ADAPTADOR TIPO PALOTE","2002","TAVERA","UN",1,{"$f":"+H2043/F2043","v":2584.39},{"v":2584.39,"d":"2,584.39"}]
["10005839","TERMINAL CONECTOR 12X21MMS","2002","TAVERA","UN",8,{"$f":"+H2048/F2048","v":14.9},{"v":119.2,"d":"119.20"}]
["10005849","CORRECTOR LIQUIDO TIPO LAPIZ","2030","OFICINA Y LIMPIEZA","UN",0,{"$f":"+H2054/F2054","v":{"$error":"#DIV/0!"}},{"v":0,"d":"0.00"}]
["10005873","BROCHA 4\"","2021","SABANETA","UN",3,{"$f":"+H2060/F2060","v":1},{"v":3,"d":"3.00"}]
["10005895","CINTA DE PELIGRO","2002","TAVERA","UN",5,{"$f":"+H2067/F2067","v":0},{"v":0,"d":"0.00"}]
["10005895","CINTA DE PELIGRO","2011","PINALITO","UN",3,{"$f":"+H2072/F2072","v":0},{"v":0,"d":"0.00"}]
["10005929","ELECTRODO DE 5/32''  6013","2020","SABANA YEGUA","LB",{"v":1.5,"d":"1.500"},{"$f":"+H2084/F2084","v":0},{"v":0,"d":"0.00"}]
["10005933","CLARIFICADOR PARA PISCINA","2002","TAVERA","UN",2,{"$f":"+H2087/F2087","v":0},{"v":0,"d":"0.00"}]
["10005946","ARANDELA RECT. METAL.8X5CM AGUJERO2.8CM","2002","TAVERA","UN",7,{"$f":"+H2092/F2092","v":1},{"v":7,"d":"7.00"}]
["10005958","\"ABRAZADERA P/CABLE CONDUCTORES 1\"\"\"","2002","TAVERA","UN",26,{"$f":"+H2099/F2099","v":1},{"v":26,"d":"26.00"}]
["10005977","BARRA DE COBRE 395 X 30 X 5 MM","2002","TAVERA","UN",1,{"$f":"+H2111/F2111","v":0},{"v":0,"d":"0.00"}]
["10005988","ORING CILINDRICO DE 155 X 144 X 5 MM","2002","TAVERA","UN",2,{"$f":"+H2116/F2116","v":1},{"v":2,"d":"2.00"}]
["10005991","ORING DE 94 X 83 X 7 X 5 MM","2002","TAVERA","UN",16,{"$f":"+H2119/F2119","v":1},{"v":16,"d":"16.00"}]
["10006002","CASQUILLO D/FIBRA DE VIDRIO 148X144X65MM","2002","TAVERA","UN",5,{"$f":"+H2127/F2127","v":1},{"v":5,"d":"5.00"}]
["10006011","ARANDELA DE ALUMINIO DE 42 X 38 X 1 MM","2002","TAVERA","UN",12,{"$f":"+H2131/F2131","v":1},{"v":12,"d":"12.00"}]
["10006025","ORING DE 260 X 254 X 3 MM","2002","TAVERA","UN",2,{"$f":"+H2138/F2138","v":1},{"v":2,"d":"2.00"}]
["10006048","BLOQUE DE SEÑALIZACION 3RV1921-1M","2011","PINALITO","UN",1,{"$f":"+H2150/F2150","v":0},{"v":0,"d":"0.00"}]
["10006048","BLOQUE DE SEÑALIZACION 3RV1921-1M","2023","LOS TOROS","UN",5,{"$f":"+H2151/F2151","v":0},{"v":0,"d":"0.00"}]
["10006073","RELE SERVICIO C4-A40X","2002","TAVERA","UN",17,{"$f":"+H2162/F2162","v":1},{"v":17,"d":"17.00"}]
["10006092","CANCAMO 1 1/2\"","2027","PALOMINO","UN",9,{"$f":"+H2168/F2168","v":1},{"v":9,"d":"9.00"}]
["10006099","TUBO ALUMINIO 75 X 775MM","2002","TAVERA","UN",4,{"$f":"+H2170/F2170","v":1},{"v":4,"d":"4.00"}]
["10006126","ORING CIRCULAR DE 481 X 471 X 7MM","2002","TAVERA","UN",12,{"$f":"+H2179/F2179","v":1},{"v":12,"d":"12.00"}]
["10006138","ARANDELA ANILLO D/RELLENO 72X120X1/64 ZI","2002","TAVERA","UN",37,{"$f":"+H2189/F2189","v":2.88},106.56]
["10006143","CHECK DE BRONCE DE 1/4","2002","TAVERA","UN",1,{"$f":"+H2194/F2194","v":39},{"v":39,"d":"39.00"}]
["10006150","RODAMIENTO D/RODILLO 2217A 85X150X36MM","2002","TAVERA","UN",2,{"$f":"+H2200/F2200","v":2570},{"v":5140,"d":"5,140.00"}]
["10006161","RODAMIENTO DE RODILLO 20238","2002","TAVERA","UN",2,{"$f":"+H2209/F2209","v":1506},{"v":3012,"d":"3,012.00"}]
["10006166","RODAMIENTO D/BOLA 6200 10X30X9MM","2002","TAVERA","UN",1,{"$f":"+H2211/F2211","v":206},{"v":206,"d":"206.00"}]
["10006180","\"RODAMIENTO TIMKEN 1 3/4\"\" X 3\"","2002","TAVERA","UN",1,{"$f":"+H2221/F2221","v":178.95},178.95]
["10006182","RODAMIENTO D/ROLOS NTN 30202 15X35X12","2002","TAVERA","UN",4,{"$f":"+H2224/F2224","v":209.95},{"v":839.8,"d":"839.80"}]
["10006190","RODAMIENTO 6204","2017","VALDESIA","UN",7,{"$f":"+H2233/F2233","v":0},{"v":0,"d":"0.00"}]
["10006203","RODAMIENTO D/BOLA 1311 DE 55X120X29","2002","TAVERA","UN",1,{"$f":"+H2241/F2241","v":320},{"v":320,"d":"320.00"}]
["10006208","RODAMIENTO DE BOLA 6205-ZZ","2005","MONCION","UN",1,{"$f":"+H2245/F2245","v":0},{"v":0,"d":"0.00"}]
["10006219","RODAMIENTO (BEARING) 6204-ZZ (NTN)","2005","MONCION","UN",5,{"$f":"+H2252/F2252","v":0},{"v":0,"d":"0.00"}]
["10006232","CASQUILLO DE BRONZE DE 200X230X250MM","2002","TAVERA","UN",1,{"$f":"+H2260/F2260","v":128},{"v":128,"d":"128.00"}]
["10006245","CASQUILLO DE BRONZE DE 210 X 230 X 220 M","2002","TAVERA","UN",1,{"$f":"+H2263/F2263","v":291},{"v":291,"d":"291.00"}]
["10006268","VALVULA DE SEGURIDAD DBDS 6 K12/50 PT","2002","TAVERA","UN",1,{"$f":"+H2272/F2272","v":1400},{"v":1400,"d":"1,400.00"}]
["10006278","SERPENTIN O SEA P369 2002 A-2100","2002","TAVERA","UN",2,{"$f":"+H2280/F2280","v":0},{"v":0,"d":"0.00"}]
["10006288","MANOMETRO DE 0-30 PS1 0-200PKA","2002","TAVERA","UN",3,{"$f":"+H2284/F2284","v":0},{"v":0,"d":"0.00"}]
["10006304","RELE SIEMENS REF. 3TH8354-IF C/BOBINA","2002","TAVERA","UN",6,{"$f":"+H2292/F2292","v":1504},{"v":9024,"d":"9,024.00"}]
["10006307","RELE TEMPORIZADO 260V 60HZ R-7PR3202-4ZK","2002","TAVERA","UN",2,{"$f":"+H2295/F2295","v":3490},{"v":6980,"d":"6,980.00"}]
["10006329","RELE BBC TEMP 125V DC P/CUADRO D/FRENAJE","2002","TAVERA","UN",3,{"$f":"+H2304/F2304","v":1620},{"v":4860,"d":"4,860.00"}]
["10006333","RELE BBC BROWN BOVERI REF.P5V6X 125V DC","2002","TAVERA","UN",1,{"$f":"+H2308/F2308","v":1940},{"v":1940,"d":"1,940.00"}]
["10006347","INTERRUPTOR D/POTENCIA 150A-3 POLOS","2011","PINALITO","UN",1,{"$f":"+H2316/F2316","v":0},{"v":0,"d":"0.00"}]
["10006360","BOBINAS SUCONIT 9980-2 #A 820129 R-9","2002","TAVERA","UN",1,{"$f":"+H2325/F2325","v":0},{"v":0,"d":"0.00"}]
["10006363","BOBINA 125VCC P/CIERRE DISY LINEA 138K2","2002","TAVERA","UN",3,{"$f":"+H2328/F2328","v":420},{"v":1260,"d":"1,260.00"}]
["10006372","CONTACTO ROMPE ARCO PARA INTERRUPTOR","2002","TAVERA","UN",5,{"$f":"+H2336/F2336","v":4100},{"v":20500,"d":"20,500.00"}]
["10006380","CONTACTO FIJO/MOVIL REF. 3TY1-260-0A","2002","TAVERA","UN",37,{"$f":"+H2343/F2343","v":1300},{"v":48100,"d":"48,100.00"}]
["10006389","CONTACTO FIJO DISYUNTOR P/CAMPO EXC","2002","TAVERA","UN",7,{"$f":"+H2347/F2347","v":0},{"v":0,"d":"0.00"}]
["10006400","CONTACTOR 500V 45AMPS P/CALE FACCION GEN","2002","TAVERA","UN",2,{"$f":"+H2355/F2355","v":2900},{"v":5800,"d":"5,800.00"}]
["10006415","INDICADOR D/NIVEL MAGNETICO T/S195-F83","2009","RIO BLANCO","UN",1,{"$f":"+H2364/F2364","v":0},{"v":0,"d":"0.00"}]
["10006419","INDICADOR D/NIVEL MAGNETICO 550AC/240DC","2002","TAVERA","UN",4,{"$f":"+H2367/F2367","v":0},{"v":0,"d":"0.00"}]
["10006440","CAJA 3 X 3 P/TOMACORRIENTE EXTERIORES","2002","TAVERA","UN",3,{"$f":"+H2377/F2377","v":26},{"v":78,"d":"78.00"}]
["10006446","CAJA P/TERMINALES REF. SB2C02","2002","TAVERA","UN",2,{"$f":"+H2379/F2379","v":66.25},{"v":132.5,"d":"132.50"}]
["10006473","CONTADOR POTENCIA REACTIVA P/34.5KV","2002","TAVERA","UN",2,{"$f":"+H2387/F2387","v":5840},{"v":11680,"d":"11,680.00"}]
["10006503","PORTA ESCOBILLAS SIMPLE","2002","TAVERA","UN",13,{"$f":"+H2398/F2398","v":0},{"v":0,"d":"0.00"}]
["10006506","COJINETE P/ GENERADOR ABB MOD.W159/67/28","2005","MONCION","UN",91,{"$f":"+H2399/F2399","v":0},{"v":0,"d":"0.00"}]
["10006544","TORNILLO 7/8 X 15/16 HEXAGONAL","2002","TAVERA","UN",4,{"$f":"+H2409/F2409","v":4.3},{"v":17.2,"d":"17.20"}]
["10006554","TORNILLO 24 X 120 X 30 HEXGONAL","2002","TAVERA","UN",1,{"$f":"+H2418/F2418","v":28.4},{"v":28.4,"d":"28.40"}]
["10006557","TORNILLO CAB. EXAG. 3/4 X 3 X 1 1/8","2002","TAVERA","UN",12,{"$f":"+H2420/F2420","v":6.25},{"v":75,"d":"75.00"}]
["10006566","TORNILLO CAB. EXAG. 5/8 X 3 1 1/8","2002","TAVERA","UN",5,{"$f":"+H2426/F2426","v":0},{"v":0,"d":"0.00"}]
["10006585","TORNILLO 3/4 X 1 3/4 X 9/16 ALLEN","2002","TAVERA","UN",1,{"$f":"+H2437/F2437","v":65.69},65.69]
["10006587","TORNILLO 12 X 51 X 19 HEXAGONAL P/COBRE","2002","TAVERA","UN",1,{"$f":"+H2438/F2438","v":48.5},{"v":48.5,"d":"48.50"}]
["10006607","TORNILLO 3/8 X 1/2 X 5/8 AVELLANA","2002","TAVERA","UN",450,{"$f":"+H2450/F2450","v":21.4},{"v":9630,"d":"9,630.00"}]
["10006616","TORNILLO CAB.HEX.20X60X30 MM","2002","TAVERA","UN",3,{"$f":"+H2457/F2457","v":11.4},{"v":34.2,"d":"34.20"}]
["10006631","TORNILLO.ACERO INOX 5/8X3\"","2021","SABANETA","UN",6,{"$f":"+H2461/F2461","v":0},{"v":0,"d":"0.00"}]
["10006650","TORNILLO CANCAMO SIN TUERCA 42X89X28","2002","TAVERA","UN",1,{"$f":"+H2469/F2469","v":5},{"v":5,"d":"5.00"}]
["10006654","\"TUERCA P/TERMINALES D 1/2\"\"\"","2002","TAVERA","UN",2,{"$f":"+H2472/F2472","v":28.15},{"v":56.3,"d":"56.30"}]
["10006660","TUERCA HEXAGONAL 1 X 5/8","2002","TAVERA","UN",13,{"$f":"+H2477/F2477","v":3.9099999999999997},50.83]
["10006680","TUERCA DE 3/4 P/ACOPLAMIENTO DE TUBERIA","2002","TAVERA","UN",5,{"$f":"+H2489/F2489","v":7.8},{"v":39,"d":"39.00"}]
["10006690","TUERCA CUADRADA DE 5/8 X 3/8","2002","TAVERA","UN",21,{"$f":"+H2493/F2493","v":4.11},86.31]
["10006700","TUERCA HEXAGONAL 12MM","2002","TAVERA","UN",255,{"$f":"+H2501/F2501","v":3.05},777.75]
["10006711","\"ARANDELA DE HIERRO DI= 5/16\"\" X 7/8 X 2","2002","TAVERA","UN",{"v":3232,"d":"3,232"},{"$f":"+H2504/F2504","v":1},{"v":3232,"d":"3,232.00"}]
["10006737","ARANDELA DE AGARRE 5MM X 10MM","2002","TAVERA","UN",307,{"$f":"+H2516/F2516","v":1.28},392.96]
["10006746","ARANDELA TIPO RESORTE DE 36 X 80 X 4MM","2002","TAVERA","UN",9,{"$f":"+H2521/F2521","v":2.75},24.75]
["10006757","ARANDELA TIPO CAND.P/TORNILLO OS DE 3/16","2002","TAVERA","UN",26,{"$f":"+H2528/F2528","v":14.95},{"v":388.7,"d":"388.70"}]
["10006763","ARANDELA O SUPLEMENTO DI=52X80X5MM","2002","TAVERA","UN",11,{"$f":"+H2534/F2534","v":71.39999999999999},{"v":785.4,"d":"785.40"}]
["10006778","ARANDELA D/PRESION DE 1X1-5/8X1/4","2002","TAVERA","UN",767,{"$f":"+H2540/F2540","v":2.15},{"v":1649.05,"d":"1,649.05"}]
["10006790","ESPARRAGO 48X210 DOBLE ROSCA","2002","TAVERA","UN",3,{"$f":"+H2545/F2545","v":38.92},116.76]
["10006806","ESPARRAGO INFERIOR DE 20X129 REF. U4","2002","TAVERA","UN",2,{"$f":"+H2552/F2552","v":21},{"v":42,"d":"42.00"}]
["10006813","TORNILLO HEXAGONAL 30X120X46","2002","TAVERA","UN",36,{"$f":"+H2556/F2556","v":0},{"v":0,"d":"0.00"}]
["10006841","TORNILLO HEXAGONAL 1-7/16X2-1/8X1-15/16","2002","TAVERA","UN",1,{"$f":"+H2567/F2567","v":31.4},{"v":31.4,"d":"31.40"}]
["10006861","TORNILLO HEXG 6.5 X 66 X 19 MM","2002","TAVERA","UN",2,{"$f":"+H2573/F2573","v":62.15},{"v":124.3,"d":"124.30"}]
["10006883","TORNILLO HEXG 16 X 71 X 19MM","2002","TAVERA","UN",2,{"$f":"+H2579/F2579","v":16.75},{"v":33.5,"d":"33.50"}]
["10006911","RELE TIPO MF3 DE 220V","2002","TAVERA","UN",2,{"$f":"+H2587/F2587","v":135.45},{"v":270.9,"d":"270.90"}]
["10006920","CONTACTOR AUXILIAR DE 440V","2016","AGUACATE","UN",2,{"$f":"+H2594/F2594","v":0},{"v":0,"d":"0.00"}]
["10006939","TORNILLO HEXAGONAL DE 10X30X14MMS","2002","TAVERA","UN",26,{"$f":"+H2599/F2599","v":18.4},{"v":478.4,"d":"478.40"}]
["10006947","\"DOBLE L (LL) DE 3/4\"\"\"","2002","TAVERA","UN",6,{"$f":"+H2605/F2605","v":51},{"v":306,"d":"306.00"}]
["10006961","\"VALVULA DE GALLETA REF-150D1650 4\"\"\"","2002","TAVERA","UN",1,{"$f":"+H2611/F2611","v":3940},{"v":3940,"d":"3,940.00"}]
["10006984","ELECTROVALVULA HYDRONORMA DE 125A 0.","2002","TAVERA","UN",2,{"$f":"+H2618/F2618","v":2990},{"v":5980,"d":"5,980.00"}]
["10006992","RELE ENCHUFABLE DE 125V PARA ALARMA","2011","PINALITO","UN",1,{"$f":"+H2623/F2623","v":0},{"v":0,"d":"0.00"}]
["10007009","ESPARRAGO DE 14X45MMS","2002","TAVERA","UN",2,{"$f":"+H2629/F2629","v":18.15},{"v":36.3,"d":"36.30"}]
["10007015","ESPARRAGO M 12 X 125 P/C VAGON","2002","TAVERA","UN",1,{"$f":"+H2635/F2635","v":19},{"v":19,"d":"19.00"}]
["10007054","TUERCA CIEGA HM 12 REF F8","2002","TAVERA","UN",2,{"$f":"+H2646/F2646","v":7.85},{"v":15.7,"d":"15.70"}]
["10007061","TUERCA HEXAGONAL M10 DE ACERONIQUEL","2002","TAVERA","UN",12,{"$f":"+H2650/F2650","v":29.400000000000002},{"v":352.8,"d":"352.80"}]
["10007073","TORNILLO HEXAGONAL DE 6X16MMS PARA","2002","TAVERA","UN",4,{"$f":"+H2657/F2657","v":18.75},{"v":75,"d":"75.00"}]
["10007088","TORNILLO ALLEN 12X25/21MMS REF. F7 P/C","2002","TAVERA","UN",2,{"$f":"+H2662/F2662","v":12.13},24.26]
["10007101","TORNILLO HEXAGONAL H10X25 25F1 PARA","2002","TAVERA","UN",5,{"$f":"+H2670/F2670","v":11.41},57.05]
["10007107","TORNILLO ALLEN HIERRO NEGRO 12 X 32 MM","2005","MONCION","UN",29,{"$f":"+H2674/F2674","v":0},{"v":0,"d":"0.00"}]
["10007118","TORNILLO CILINDRICO DE 12X35MMS","2002","TAVERA","UN",9,{"$f":"+H2682/F2682","v":4.21},37.89]
["10007140","TORNILLO ALLEN DE 8X20MMS","2002","TAVERA","UN",2,{"$f":"+H2689/F2689","v":37.4},{"v":74.8,"d":"74.80"}]
["10007159","TORNILLO HEXAGONAL DE 12X20MMS","2002","TAVERA","UN",1,{"$f":"+H2694/F2694","v":6.4},{"v":6.4,"d":"6.40"}]
["10007180","TORNILLO HEXAGONAL 12X30 REF. F1 PARA","2002","TAVERA","UN",2,{"$f":"+H2702/F2702","v":18.35},{"v":36.7,"d":"36.70"}]
["10007191","TORNILLO HEXAGONAL 6X40MMS REF. F2","2002","TAVERA","UN",5,{"$f":"+H2706/F2706","v":18.19},90.95]
["10007216","TERMOSTATO AMBIENTE TIPO","2002","TAVERA","UN",6,{"$f":"+H2713/F2713","v":1890},{"v":11340,"d":"11,340.00"}]
["10007259","FRENO PL 12 X 4 L 2S P/TURBINA","2002","TAVERA","UN",2,{"$f":"+H2725/F2725","v":1},{"v":2,"d":"2.00"}]
["10007270","TRANSFORMADOR REF. B2315B","2002","TAVERA","UN",1,{"$f":"+H2730/F2730","v":1},{"v":1,"d":"1.00"}]
["10007285","BASE PARA PULSADOR Y PILOTO ZB4B2101","2002","TAVERA","UN",4,{"$f":"+H2733/F2733","v":1},{"v":4,"d":"4.00"}]
["10007294","BASE PARA RELE JN-DE","2002","TAVERA","UN",4,{"$f":"+H2741/F2741","v":1},{"v":4,"d":"4.00"}]
["10007299","FOTOCELDA 1000W 105-285V","2004","BAIGUAQUE","UN",32,{"$f":"+H2745/F2745","v":0},{"v":0,"d":"0.00"}]
["10007314","JUNTA FLA REF.79X105X5","2009","RIO BLANCO","UN",13,{"$f":"+H2754/F2754","v":14},{"v":182,"d":"182.00"}]
["10007325","JUNTA P/VAL DM 200 DE 8","2009","RIO BLANCO","UN",1,{"$f":"+H2764/F2764","v":150},{"v":150,"d":"150.00"}]
["10007326","JUNTA P/VALV.DN-100 DE 4","2009","RIO BLANCO","UN",1,{"$f":"+H2765/F2765","v":110},{"v":110,"d":"110.00"}]
["10007348","JUNTA D/BRIDA 220X270MM","2009","RIO BLANCO","UN",3,{"$f":"+H2776/F2776","v":19},{"v":57,"d":"57.00"}]
["10007363","JUNTA REF.59/240306","2009","RIO BLANCO","UN",2,{"$f":"+H2784/F2784","v":6},{"v":12,"d":"12.00"}]
["10007365","JUNTA DE 180X70X3290","2009","RIO BLANCO","UN",2,{"$f":"+H2786/F2786","v":26},{"v":52,"d":"52.00"}]
["10007376","JUNTA ALTO REF.GGG0078520","2009","RIO BLANCO","UN",1,{"$f":"+H2796/F2796","v":92},{"v":92,"d":"92.00"}]
["10007385","JUNTA TORICA DE 113.7 X 5.3","2009","RIO BLANCO","UN",3,{"$f":"+H2803/F2803","v":90},{"v":270,"d":"270.00"}]
["10007386","JUNTA TORICA DE 18.3 X 6.3","2009","RIO BLANCO","UN",1,{"$f":"+H2804/F2804","v":80},{"v":80,"d":"80.00"}]
["10007397","SELLO TWIN SET DE 105MM","2007","RINCON","UN",14,{"$f":"+H2814/F2814","v":0},{"v":0,"d":"0.00"}]
["10007411","\"UNION PARA TURBINA UNIVERSAL DE 2\"\"\"","2009","RIO BLANCO","UN",50,{"$f":"+H2823/F2823","v":198.05},{"v":9902.5,"d":"9,902.50"}]
["10007414","UNION DE 38MM","2009","RIO BLANCO","UN",5,{"$f":"+H2825/F2825","v":63.9},{"v":319.5,"d":"319.50"}]
["10007428","CEBOLLA DE PRESION","2009","RIO BLANCO","UN",1,{"$f":"+H2835/F2835","v":90},{"v":90,"d":"90.00"}]
["10007431","CORDON REF.81528891","2009","RIO BLANCO","UN",1,{"$f":"+H2838/F2838","v":70},{"v":70,"d":"70.00"}]
["10007440","BRIDA INOX DE 30X80X190MM","2009","RIO BLANCO","UN",8,{"$f":"+H2847/F2847","v":290},{"v":2320,"d":"2,320.00"}]
["10007456","BRIDA 8 AGUJERO SW4-150 LIBRA RF B-16","2011","PINALITO","UN",3,{"$f":"+H2855/F2855","v":3000},{"v":9000,"d":"9,000.00"}]
["10007462","BRIDA ROSCADA DE 1\" X 4\" DE 4 AGUJEROS","2009","RIO BLANCO","UN",2,{"$f":"+H2859/F2859","v":135},{"v":270,"d":"270.00"}]
["10007469","JUNTA DEVALVULA DEAGUA DE 5X65MN","2009","RIO BLANCO","UN",4,{"$f":"+H2866/F2866","v":18},{"v":72,"d":"72.00"}]
["10007481","JUNTA PLASTICA D/48 X 42MM","2009","RIO BLANCO","UN",2,{"$f":"+H2874/F2874","v":18.16},36.32]
["10007490","JUNTA TORICA DE 32.5 X 3.6","2009","RIO BLANCO","UN",3,{"$f":"+H2879/F2879","v":31.45},94.35]
["10007498","JUNTA TORICA DE 5.3 X 62.9","2009","RIO BLANCO","UN",9,{"$f":"+H2887/F2887","v":5.25},47.25]
["10007508","JUNTA DE ESTANQUERIDAD 92426N","2009","RIO BLANCO","UN",2,{"$f":"+H2894/F2894","v":18},{"v":36,"d":"36.00"}]
["10007512","JUNTA DE 170 X 195 X 16","2009","RIO BLANCO","UN",2,{"$f":"+H2898/F2898","v":69},{"v":138,"d":"138.00"}]
["10007523","FILTRO DE ACEITE REF.50-00 686-589","2009","RIO BLANCO","UN",1,{"$f":"+H2906/F2906","v":250},{"v":250,"d":"250.00"}]
["10007530","FILTRO REF.P/SECADO R-ADK4175","2007","RINCON","UN",1,{"$f":"+H2909/F2909","v":0},{"v":0,"d":"0.00"}]
["10007545","CADENA MA2 100 D G1/2A DE OT25 BAR","2009","RIO BLANCO","UN",1,{"$f":"+H2918/F2918","v":45},{"v":45,"d":"45.00"}]
["10007555","RING DE 2X64MM","2009","RIO BLANCO","UN",1,{"$f":"+H2922/F2922","v":6.15},6.15]
["10007572","ORING DE GOMA 17X1","2009","RIO BLANCO","UN",6,{"$f":"+H2930/F2930","v":5},{"v":30,"d":"30.00"}]
["10007584","ORING DE 3X238 MM","2009","RIO BLANCO","UN",1,{"$f":"+H2939/F2939","v":2.53},2.53]
["10007587","ORING DE 3X60MM","2009","RIO BLANCO","UN",2,{"$f":"+H2942/F2942","v":3.2},{"v":6.4,"d":"6.40"}]
["10007596","BANDA P/3 TONELADA REF. CF-52233","2009","RIO BLANCO","UN",10,{"$f":"+H2950/F2950","v":700},{"v":7000,"d":"7,000.00"}]
["10007604","CONECTOR TERMINAL","2015","JIGüEY","UN",64,{"$f":"+H2957/F2957","v":0},{"v":0,"d":"0.00"}]
["10007609","CANCAMO DE 24 MM","2009","RIO BLANCO","UN",19,{"$f":"+H2961/F2961","v":87.75},{"v":1667.25,"d":"1,667.25"}]
["10007617","CANDADO 15X2 M","2009","RIO BLANCO","UN",4,{"$f":"+H2969/F2969","v":19.4},{"v":77.6,"d":"77.60"}]
["10007627","CANDADO 1X8 MM","2009","RIO BLANCO","UN",25,{"$f":"+H2977/F2977","v":6.14},{"v":153.5,"d":"153.50"}]
["10007632","CONECTOR DE COBRE DE 40 MM","2009","RIO BLANCO","UN",11,{"$f":"+H2982/F2982","v":5.5},{"v":60.5,"d":"60.50"}]
["10007643","TAPON ROSCADO DE 5X10","2009","RIO BLANCO","UN",2,{"$f":"+H2989/F2989","v":97},{"v":194,"d":"194.00"}]
["10007658","CINTA DE PROTECCION","2009","RIO BLANCO","UN",1,{"$f":"+H2999/F2999","v":70.4},{"v":70.4,"d":"70.40"}]
["10007660","AISLANTE D/GENERADOR TIPO REGLA","2009","RIO BLANCO","UN",3,{"$f":"+H3001/F3001","v":2.9},{"v":8.7,"d":"8.70"}]
["10007675","FUSIBLE FERROZ 2A 500V","2009","RIO BLANCO","UN",15,{"$f":"+H3012/F3012","v":2.65},39.75]
["10007677","FUSIBLE LEGRAND AM 2A","2009","RIO BLANCO","UN",22,{"$f":"+H3013/F3013","v":65},{"v":1430,"d":"1,430.00"}]
["10007691","FUSIBLE 5.2 X 20 MM DE 10A","2009","RIO BLANCO","UN",2,{"$f":"+H3023/F3023","v":405.4},{"v":810.8,"d":"810.80"}]
["10007696","FUSIBLE AUXILIAR GG 2A 500VS","2009","RIO BLANCO","UN",13,{"$f":"+H3028/F3028","v":21.41},278.33]
["10007702","FUSIBLE LEGRAND DE 100A A 500VS","2009","RIO BLANCO","UN",19,{"$f":"+H3034/F3034","v":63.15},{"v":1199.85,"d":"1,199.85"}]
["10007708","DIODO ZENER REF.5KAA 33.3VS","2009","RIO BLANCO","UN",12,{"$f":"+H3040/F3040","v":138},{"v":1656,"d":"1,656.00"}]
["10007732","AISLADOR P/SUB ESTACION 40457","2009","RIO BLANCO","UN",1,{"$f":"+H3051/F3051","v":1240},{"v":1240,"d":"1,240.00"}]
["10007733","AISLADOR DE 175 KV A 63 AMP","2009","RIO BLANCO","UN",2,{"$f":"+H3052/F3052","v":1200},{"v":2400,"d":"2,400.00"}]
["10007752","CABLE ELECTRICO PUESTA TIERRRA 125V","2002","TAVERA","UN",1,{"$f":"+H3064/F3064","v":0.01},0.01]
["10007756","ALAMBRE TRENZADO","2009","RIO BLANCO","UN",170,{"$f":"+H3071/F3071","v":61.4},{"v":10438,"d":"10,438.00"}]
["10007758","PIN DE 41X50MM","2009","RIO BLANCO","UN",3,{"$f":"+H3072/F3072","v":47.51},142.53]
["10007770","PROTECTOR P/TUBERIA D/48 P/EQ FRIO","2009","RIO BLANCO","UN",64,{"$f":"+H3083/F3083","v":54},{"v":3456,"d":"3,456.00"}]
["10007778","UNION UNIVERSAL DE 1/4","2009","RIO BLANCO","UN",2,{"$f":"+H3091/F3091","v":91.4},{"v":182.8,"d":"182.80"}]
["10007787","JUNTA DE GOMA 7 X 144 MM","2021","SABANETA","UN",3,{"$f":"+H3096/F3096","v":0},{"v":0,"d":"0.00"}]
["10007797","ORING GRUESO DE 7 X 111 MM","2009","RIO BLANCO","UN",2,{"$f":"+H3103/F3103","v":1},{"v":2,"d":"2.00"}]
["10007802","ORING DE 3 X 120 MM","2009","RIO BLANCO","UN",2,{"$f":"+H3107/F3107","v":1},{"v":2,"d":"2.00"}]
["10007807","ORING DE 3.5 X 30 MM","2009","RIO BLANCO","UN",3,{"$f":"+H3111/F3111","v":0},{"v":0,"d":"0.00"}]
["10007816","RETENEDORA DE 40 X 47 X 4 MM","2009","RIO BLANCO","UN",4,{"$f":"+H3118/F3118","v":1},{"v":4,"d":"4.00"}]
["10007830","\"DETECTOR DE CAUDAL  FS4-3, 115/230V FLO","2016","AGUACATE","UN",2,{"$f":"+H3130/F3130","v":1},{"v":2,"d":"2.00"}]
["10007837","RESISTENCI ZLSR 22X165-100 HONMIAT 10%","2009","RIO BLANCO","UN",1,{"$f":"+H3135/F3135","v":1},{"v":1,"d":"1.00"}]
["10007853","\"LAMPARA DE ENCEND. EMERG. 2X3/4, 120 V\"","2009","RIO BLANCO","UN",1,{"$f":"+H3142/F3142","v":1},{"v":1,"d":"1.00"}]
["10007862","TORNILLO CAB. HEX. DE HIERRO HM 20X90 MM","2009","RIO BLANCO","UN",1,{"$f":"+H3148/F3148","v":1},{"v":1,"d":"1.00"}]
["10007872","FUSIBLE SOCOMEC TIII 315A gG-gl 500V","2009","RIO BLANCO","UN",2,{"$f":"+H3154/F3154","v":1},{"v":2,"d":"2.00"}]
["10007875","RASTRILLO","2023","LOS TOROS","UN",2,{"$f":"+H3159/F3159","v":0},{"v":0,"d":"0.00"}]
["10007886","FUSIBLE 32 AMP CRADY/DYFUS","2009","RIO BLANCO","UN",4,{"$f":"+H3169/F3169","v":1},{"v":4,"d":"4.00"}]
["10007897","CANDADO 6 X 15 CM","2009","RIO BLANCO","UN",28,{"$f":"+H3174/F3174","v":1},{"v":28,"d":"28.00"}]
["10007909","RETENEDORA 100 X 56","2009","RIO BLANCO","UN",2,{"$f":"+H3180/F3180","v":1},{"v":2,"d":"2.00"}]
["10007914","VALVULA DE RETENCION R-068N1022","2009","RIO BLANCO","UN",1,{"$f":"+H3186/F3186","v":1400},{"v":1400,"d":"1,400.00"}]
["10007919","VALVULA DE ESCAPE REF.33152-153","2009","RIO BLANCO","UN",1,{"$f":"+H3191/F3191","v":200},{"v":200,"d":"200.00"}]
["10007930","\"CODO DE UNION 1\"\"\"","2009","RIO BLANCO","UN",1,{"$f":"+H3201/F3201","v":43.15},43.15]
["10007939","ARANDELA D/PRESION GALV.REF.PHRB","2009","RIO BLANCO","UN",2,{"$f":"+H3208/F3208","v":17.9},{"v":35.8,"d":"35.80"}]
["10007945","EJE DE BOMBA CONTRA INCENDIO 587X73MMS","2009","RIO BLANCO","UN",1,{"$f":"+H3213/F3213","v":1417.73},{"v":1417.73,"d":"1,417.73"}]
["10007952","BASE PARA RELE SIEMENS REF EMG-45","2009","RIO BLANCO","UN",1,{"$f":"+H3219/F3219","v":100},{"v":100,"d":"100.00"}]
["10007959","AISLADOR PORCELANA","2022","DOMINGO RODRIGUEZ","UN",3,{"$f":"+H3225/F3225","v":0.01},0.03]
["10007970","CARRO PORTA CABLE","2009","RIO BLANCO","UN",3,{"$f":"+H3232/F3232","v":1598.3999999999999},{"v":4795.2,"d":"4,795.20"}]
["10007978","CASQUILLO DE 130 X 40","2009","RIO BLANCO","UN",2,{"$f":"+H3237/F3237","v":50},{"v":100,"d":"100.00"}]
["10007987","CAJA DE EQUILIBRIO DE 35 X 60MM","2009","RIO BLANCO","UN",2,{"$f":"+H3243/F3243","v":400},{"v":800,"d":"800.00"}]
["10007997","RETENEDORA 175X5","2009","RIO BLANCO","UN",6,{"$f":"+H3252/F3252","v":91.39999999999999},{"v":548.4,"d":"548.40"}]
["10008009","DOLLA DE BROWCE DE 75MM","2009","RIO BLANCO","UN",2,{"$f":"+H3260/F3260","v":208.14},416.28]
["10008013","COLLARIN GC12010","2009","RIO BLANCO","UN",{"v":2212,"d":"2,212"},{"$f":"+H3264/F3264","v":110},{"v":243320,"d":"243,320.00"}]
["10008024","ACOPLAMIENTO P/BARRA 69 ITEMK-1876","2009","RIO BLANCO","UN",5,{"$f":"+H3269/F3269","v":4950},{"v":24750,"d":"24,750.00"}]
["10008033","CAMISA DE 21X33MM","2009","RIO BLANCO","UN",3,{"$f":"+H3275/F3275","v":52.4},{"v":157.2,"d":"157.20"}]
["10008046","CODO DE 1 1/4 REF.PHRB","2009","RIO BLANCO","UN",8,{"$f":"+H3284/F3284","v":28.7},{"v":229.6,"d":"229.60"}]
["10008064","CODO DE TUBERIA 90X75","2009","RIO BLANCO","UN",1,{"$f":"+H3292/F3292","v":38},{"v":38,"d":"38.00"}]
["10008073","CODO DE TUBERIA 140X115","2009","RIO BLANCO","UN",8,{"$f":"+H3296/F3296","v":31.5},{"v":252,"d":"252.00"}]
["10008088","TEE P/TUBERIA DE 50X130","2009","RIO BLANCO","UN",5,{"$f":"+H3303/F3303","v":205.1},{"v":1025.5,"d":"1,025.50"}]
["10008094","FLOTADOR D/NIVEL ACEITE COJINETE","2009","RIO BLANCO","UN",6,{"$f":"+H3308/F3308","v":2100},{"v":12600,"d":"12,600.00"}]
["10008113","RELE TEMPORIZADO CSTC-ET-O.2/45 48 VCC","2009","RIO BLANCO","UN",1,{"$f":"+H3316/F3316","v":636.4},{"v":636.4,"d":"636.40"}]
["10008119","RELE SIEMENS V23154","2009","RIO BLANCO","UN",1,{"$f":"+H3320/F3320","v":236.95},236.95]
["10008139","BOBINA D/FRENO MOTOR M0366","2009","RIO BLANCO","UN",1,{"$f":"+H3327/F3327","v":2940},{"v":2940,"d":"2,940.00"}]
["10008151","RESISTENCIA 3600 OHM S3W","2009","RIO BLANCO","UN",84,{"$f":"+H3335/F3335","v":218.25},{"v":18333,"d":"18,333.00"}]
["10008165","RESISTENCIA 1500 0HMS","2009","RIO BLANCO","UN",32,{"$f":"+H3344/F3344","v":390},{"v":12480,"d":"12,480.00"}]
["10008168","TIRISTOR REF.T5000899","2009","RIO BLANCO","UN",18,{"$f":"+H3347/F3347","v":61.400000000000006},{"v":1105.2,"d":"1,105.20"}]
["10008177","TARJETA ELECTRONICA D/REF.COMP.PBC","2009","RIO BLANCO","UN",1,{"$f":"+H3355/F3355","v":8000},{"v":8000,"d":"8,000.00"}]
["10008198","CONTACTOR P/INTERRUPTOR RELAY","2009","RIO BLANCO","UN",2,{"$f":"+H3359/F3359","v":13},{"v":26,"d":"26.00"}]
["10008218","TECLADO LUMINOSO DE 2 PULSADORES K47","2009","RIO BLANCO","UN",1,{"$f":"+H3367/F3367","v":2340},{"v":2340,"d":"2,340.00"}]
["10008228","CONMUTADOR DE SELECCION REF.K45003","2009","RIO BLANCO","UN",1,{"$f":"+H3376/F3376","v":4815},{"v":4815,"d":"4,815.00"}]
["10008231","CONMUTADOR SELECCIONADOR C","2009","RIO BLANCO","UN",1,{"$f":"+H3379/F3379","v":1985},{"v":1985,"d":"1,985.00"}]
["10008245","IMPULSOR REF.134 BEV-8056/031 EJE 1 3/4","2009","RIO BLANCO","UN",3,{"$f":"+H3389/F3389","v":2400},{"v":7200,"d":"7,200.00"}]
["10008256","CUADRADO D/INDICACION 125V","2009","RIO BLANCO","UN",1,{"$f":"+H3398/F3398","v":208.15},208.15]
["10008260","ARRANCADOR REF.S104-65W","2009","RIO BLANCO","UN",2,{"$f":"+H3400/F3400","v":100},{"v":200,"d":"200.00"}]
["10008274","ADAPTADOR HEMBRA DE 1/2 A 3/8","2009","RIO BLANCO","UN",1,{"$f":"+H3410/F3410","v":135},{"v":135,"d":"135.00"}]
["10008283","TORNILLO DE 24 X 61MM","2009","RIO BLANCO","UN",80,{"$f":"+H3417/F3417","v":15},{"v":1200,"d":"1,200.00"}]
["10008284","TORNILLO ALLEN 24 X 80 MM","2005","MONCION","UN",10,{"$f":"+H3418/F3418","v":0},{"v":0,"d":"0.00"}]
["10008301","TORNILLO DE 35 X 95MM","2009","RIO BLANCO","UN",1,{"$f":"+H3428/F3428","v":4.25},4.25]
["10008309","TORNILLO DE 10 X 20MM","2009","RIO BLANCO","UN",1,{"$f":"+H3437/F3437","v":2.81},2.81]
["10008310","TORNILLO HEXAGONAL 10 X 50MM","2009","RIO BLANCO","UN",2,{"$f":"+H3439/F3439","v":2.01},4.02]
["10008326","TORNILLO TIPO TRATOS 12X40","2009","RIO BLANCO","UN",1,{"$f":"+H3449/F3449","v":8.4},{"v":8.4,"d":"8.40"}]
["10008330","TORNILLO DE 36 X 146MM","2009","RIO BLANCO","UN",2,{"$f":"+H3452/F3452","v":41.15},{"v":82.3,"d":"82.30"}]
["10008343","TORNILLO 10 X 50MM P/SIST. ENFRIAMIENTO","2001","C.CONTROL HIDRO","UN",13,{"$f":"+H3461/F3461","v":4.538461538461538},{"v":59,"d":"59.00"}]
["10008356","TORNILLO CAB. HEX. 46 X 80 MM","2009","RIO BLANCO","UN",21,{"$f":"+H3469/F3469","v":0},{"v":0,"d":"0.00"}]
["10008365","TORNILLO 13X50MM","2009","RIO BLANCO","UN",8,{"$f":"+H3473/F3473","v":9.1},{"v":72.8,"d":"72.80"}]
["10008377","TORNILLO 24X80MM","2009","RIO BLANCO","UN",11,{"$f":"+H3481/F3481","v":18.400000000000002},{"v":202.4,"d":"202.40"}]
["10008381","TORNILLO 17X31MM","2009","RIO BLANCO","UN",5,{"$f":"+H3484/F3484","v":3.0300000000000002},15.15]
["10008393","TUERCA DE UNESON INOXIDABLE DE 41MM","2009","RIO BLANCO","UN",20,{"$f":"+H3493/F3493","v":2.04},{"v":40.8,"d":"40.80"}]
["10008403","ARANDELA PLANA DE FIJACION","2009","RIO BLANCO","UN",2,{"$f":"+H3501/F3501","v":4.15},{"v":8.3,"d":"8.30"}]
["10008412","ARANDELA EUROCADA DE 30X15MM","2009","RIO BLANCO","UN",6,{"$f":"+H3508/F3508","v":2.02},12.12]
["10008416","ARANDELA DE PRESION DE 6MM","2015","JIGüEY","UN",6,{"$f":"+H3512/F3512","v":0},{"v":0,"d":"0.00"}]
["10008424","ARANDELA M16","2005","MONCION","UN",12,{"$f":"+H3520/F3520","v":0},{"v":0,"d":"0.00"}]
["10008428","ARANDELA M6","2009","RIO BLANCO","UN",15,{"$f":"+H3525/F3525","v":3.8400000000000003},{"v":57.6,"d":"57.60"}]
["10008437","TORNILLO ALLEN 16 X 35MM","2002","TAVERA","UN",1,{"$f":"+H3532/F3532","v":0.01},0.01]
["10008441","TORNILLO ALLEN 3 X 7/16\"","2002","TAVERA","UN",17,{"$f":"+H3536/F3536","v":0},{"v":0,"d":"0.00"}]
["10008453","TORNILLO DE 75 X 24MM","2009","RIO BLANCO","UN",6,{"$f":"+H3544/F3544","v":16},{"v":96,"d":"96.00"}]
["10008465","TORNILLO DE UNION 24X38","2009","RIO BLANCO","UN",4,{"$f":"+H3553/F3553","v":51.25},{"v":205,"d":"205.00"}]
["10008474","TORNILLO GALV 23X50MM","2009","RIO BLANCO","UN",2,{"$f":"+H3559/F3559","v":203.05},{"v":406.1,"d":"406.10"}]
["10008484","PERNO DE 16 X 160MM","2009","RIO BLANCO","UN",2,{"$f":"+H3564/F3564","v":150},{"v":300,"d":"300.00"}]
["10008494","TORNILLO M 4 X 20","2009","RIO BLANCO","UN",3,{"$f":"+H3574/F3574","v":35.4},{"v":106.2,"d":"106.20"}]
["10008496","TORNILLO M 5 X 20","2009","RIO BLANCO","UN",2,{"$f":"+H3576/F3576","v":48.25},{"v":96.5,"d":"96.50"}]
["10008503","TORNILLO HM 20X70","2009","RIO BLANCO","UN",6,{"$f":"+H3585/F3585","v":9.6},{"v":57.6,"d":"57.60"}]
["10008510","TORNILLO DE 10 X 30MM","2009","RIO BLANCO","UN",3,{"$f":"+H3591/F3591","v":18.14},54.42]
["10008515","TORNILLO ALLEN 2 0X 65MM","2009","RIO BLANCO","UN",2,{"$f":"+H3596/F3596","v":20},{"v":40,"d":"40.00"}]
["10008530","PERNO DE 18.5 X 162MM","2009","RIO BLANCO","UN",2,{"$f":"+H3603/F3603","v":6.74},13.48]
["10008541","TUERCA DE 24MM","2009","RIO BLANCO","UN",76,{"$f":"+H3609/F3609","v":21.099999999999998},{"v":1603.6,"d":"1,603.60"}]
["10008556","TUERCA DE UNION INOX DE 27MM","2009","RIO BLANCO","UN",1,{"$f":"+H3615/F3615","v":16.75},16.75]
["10008570","TUERCA M 39 X 4","2009","RIO BLANCO","UN",4,{"$f":"+H3626/F3626","v":2.5},{"v":10,"d":"10.00"}]
["10008571","TUERCA M 70 DE UNION","2009","RIO BLANCO","UN",1,{"$f":"+H3627/F3627","v":14},{"v":14,"d":"14.00"}]
["10008590","VALVULA DE COMPUERTA DN-150 PN-16","2009","RIO BLANCO","UN",1,{"$f":"+H3637/F3637","v":4300},{"v":4300,"d":"4,300.00"}]
["10008596","TUERCA HEXAGONAL DE HIERRO DE 20X35 MM","2009","RIO BLANCO","UN",2,{"$f":"+H3642/F3642","v":1},{"v":2,"d":"2.00"}]
["10008606","ARANDELA ESTRELLADA REDONDA D/HIERRO M20","2009","RIO BLANCO","UN",2,{"$f":"+H3648/F3648","v":1},{"v":2,"d":"2.00"}]
["10008614","RODAMIENTO 222-18","2009","RIO BLANCO","UN",1,{"$f":"+H3654/F3654","v":1},{"v":1,"d":"1.00"}]
["10008636","\"POTENCIOMETRO INV 120,OUT 0-140 V 10 AM","2009","RIO BLANCO","UN",2,{"$f":"+H3666/F3666","v":1},{"v":2,"d":"2.00"}]
["10008639","PROTECCION D/SOBRE TENSION 84-211-10V","2009","RIO BLANCO","UN",1,{"$f":"+H3669/F3669","v":1},{"v":1,"d":"1.00"}]
["10008648","ARANDELA PLANA P/CRUCETA 2.5'' X 2.5''","2009","RIO BLANCO","UN",2,{"$f":"+H3674/F3674","v":1},{"v":2,"d":"2.00"}]
["10008658","PROTECCION D/SOBRE CORRIEN. 919-921","2009","RIO BLANCO","UN",1,{"$f":"+H3680/F3680","v":1},{"v":1,"d":"1.00"}]
["10008670","CABLE DE TIERRA 16 MMª","2009","RIO BLANCO","UN",13,{"$f":"+H3686/F3686","v":1},{"v":13,"d":"13.00"}]
["10008682","TORNILLO CAB.ALLEN INOX. M17 X 60","2015","JIGüEY","UN",2,{"$f":"+H3693/F3693","v":47.97},95.94]
["10008697","TARJETA FALTA VENTILACION FFA 48VCC","2015","JIGüEY","UN",1,{"$f":"+H3705/F3705","v":0},{"v":0,"d":"0.00"}]
["10008706","TORNILLO 32 x 15 MM","2007","RINCON","UN",10,{"$f":"+H3710/F3710","v":0},{"v":0,"d":"0.00"}]
["10008714","TORNILLO M20 X 275","2015","JIGüEY","UN",24,{"$f":"+H3717/F3717","v":43.4},{"v":1041.6,"d":"1,041.60"}]
["10008723","TORNILLO M15 X 40","2015","JIGüEY","UN",4,{"$f":"+H3721/F3721","v":42.14},168.56]
["10008728","TORNILLO M20 X 60","2015","JIGüEY","UN",15,{"$f":"+H3725/F3725","v":85.83999999999999},{"v":1287.6,"d":"1,287.60"}]
["10008743","TORNILLO M27 X 80","2015","JIGüEY","UN",2,{"$f":"+H3732/F3732","v":74.04},148.08]
["10008762","TORNILLO M5 X 50","2015","JIGüEY","UN",32,{"$f":"+H3744/F3744","v":7.88},252.16]
["10008763","TORNILLO M16 X 56","2015","JIGüEY","UN",5,{"$f":"+H3745/F3745","v":71.4},{"v":357,"d":"357.00"}]
["10008776","TORNILLO M6 X50MM","2015","JIGüEY","UN",2,{"$f":"+H3756/F3756","v":341},{"v":682,"d":"682.00"}]
["10008787","TORNILLO M20X50 CAB.HEXAG SIST LUBRICAC","2015","JIGüEY","UN",2,{"$f":"+H3764/F3764","v":0},{"v":0,"d":"0.00"}]
["10008800","TORNILLO M 36X3X315","2015","JIGüEY","UN",4,{"$f":"+H3770/F3770","v":184.03},736.12]
["10008808","TORNILLO M10X40 D/SIST.UDAD BOMBEO","2015","JIGüEY","UN",5,{"$f":"+H3776/F3776","v":503},{"v":2515,"d":"2,515.00"}]
["10008817","TORNILLO M16 X 16 P/DIST.","2015","JIGüEY","UN",2,{"$f":"+H3783/F3783","v":48.18},96.36]
["10008825","TORNILLO M12X25 P/TUBERIAS NO EMPOT","2015","JIGüEY","UN",3,{"$f":"+H3788/F3788","v":49.949999999999996},149.85]
["10008833","BASE P/PULSADOR ZB4-BVM1","2028","BRAZO DERECHO","UN",1,{"$f":"+H3794/F3794","v":1},{"v":1,"d":"1.00"}]
["10008841","TORNILLO M10X75 P/SIST.ENFRIAMIENTO","2015","JIGüEY","UN",4,{"$f":"+H3800/F3800","v":175},{"v":700,"d":"700.00"}]
["10008849","TORNILLO M21 X 50","2015","JIGüEY","UN",5,{"$f":"+H3805/F3805","v":212},{"v":1060,"d":"1,060.00"}]
["10008863","ESPARAGO D\\53X27MM","2015","JIGüEY","UN",1,{"$f":"+H3815/F3815","v":63.15},63.15]
["10008875","TARJETA ELECTRONICA ABB 50E525430","2015","JIGüEY","UN",1,{"$f":"+H3822/F3822","v":0},{"v":0,"d":"0.00"}]
["10008880","TORNILLO CAB HEX DE HIERRO M24X110 MM","2015","JIGüEY","UN",1,{"$f":"+H3827/F3827","v":1},{"v":1,"d":"1.00"}]
["10008893","VALVULA DE PRESION 3\" DN80","2032","LAS DOS BOCAS","UN",2,{"$f":"+H3835/F3835","v":0.01},0.02]
["10008904","VALVULA D/FLUJO RAPIDO P/SIST.LUB","2015","JIGüEY","UN",4,{"$f":"+H3839/F3839","v":3180},{"v":12720,"d":"12,720.00"}]
["10008914","VALVULA D/ADMISION P/SIST.REFRIGERACION","2015","JIGüEY","UN",1,{"$f":"+H3846/F3846","v":3975.9},{"v":3975.9,"d":"3,975.90"}]
["10008919","VALVULA REF. KHM 15LR-3314","2005","MONCION","UN",1,{"$f":"+H3851/F3851","v":0},{"v":0,"d":"0.00"}]
["10008935","RELE AW90329","2015","JIGüEY","UN",1,{"$f":"+H3859/F3859","v":636.04},636.04]
["10008950","RELE TERMICA DE 23/32A R=LRLD40353","2015","JIGüEY","UN",2,{"$f":"+H3867/F3867","v":2544.56},{"v":5089.12,"d":"5,089.12"}]
["10008957","RELE ATSO REF 51N","2015","JIGüEY","UN",1,{"$f":"+H3871/F3871","v":72.52},72.52]
["10008978","RELE AUX. REF. H924U-NK 80014-3","2015","JIGüEY","UN",1,{"$f":"+H3878/F3878","v":6200},{"v":6200,"d":"6,200.00"}]
["10008987","EMPAQUETADURA SOCO OR/8995","2015","JIGüEY","UN",6,{"$f":"+H3883/F3883","v":1662},{"v":9972,"d":"9,972.00"}]
["10008992","JUNTA Y ORING PARA VALV.MARIPOSA","2015","JIGüEY","UN",1,{"$f":"+H3889/F3889","v":1100.95},{"v":1100.95,"d":"1,100.95"}]
["10009015","VARILLA P\\S DE BRONCE","2015","JIGüEY","UN",11,{"$f":"+H3898/F3898","v":85.91},945.01]
["10009026","EMPAQUEDURA P/VALV.MARIPOSA  8 MM","2015","JIGüEY","UN",1,{"$f":"+H3906/F3906","v":2614},{"v":2614,"d":"2,614.00"}]
["10009030","EMPAQUETADURA RANE M22X26","2015","JIGüEY","UN",6,{"$f":"+H3910/F3910","v":2840},{"v":17040,"d":"17,040.00"}]
["10009043","EMPAQUETADURA PARTE ESTATICA POS 63","2015","JIGüEY","UN",1,{"$f":"+H3919/F3919","v":1662.75},{"v":1662.75,"d":"1,662.75"}]
["10009046","EMPAQUETADURA P/VALV.MARIP.REF-8NO.75","2015","JIGüEY","UN",4,{"$f":"+H3922/F3922","v":2315.9},{"v":9263.6,"d":"9,263.60"}]
["10009061","ACOPLE PARA MANGUERA","2020","SABANA YEGUA","UN",2,{"$f":"+H3930/F3930","v":1},{"v":2,"d":"2.00"}]
["10009065","ORING 7.5 MM","2027","PALOMINO","UN",4,{"$f":"+H3934/F3934","v":1},{"v":4,"d":"4.00"}]
["10009072","ORING DE GOMA 5 X 103 MM","2015","JIGüEY","UN",3,{"$f":"+H3941/F3941","v":69.95},209.85]
["10009081","CHUMACERA P/COMPRESOR D/AIRE","2015","JIGüEY","UN",2,{"$f":"+H3949/F3949","v":9400},{"v":18800,"d":"18,800.00"}]
["10009094","REDUCCION M 11X21 DE BRONCE","2015","JIGüEY","UN",6,{"$f":"+H3954/F3954","v":61.4},{"v":368.4,"d":"368.40"}]
["10009104","REGILLA PARA AIRE ACONDICIONADO","2015","JIGüEY","UN",2,{"$f":"+H3962/F3962","v":134},{"v":268,"d":"268.00"}]
["10009115","TEE PVC 1 PLG","2028","BRAZO DERECHO","UN",3,{"$f":"+H3969/F3969","v":1},{"v":3,"d":"3.00"}]
["10009148","CONECTOR RJ-45 FEMEA","2011","PINALITO","UN",11,{"$f":"+H3979/F3979","v":0},{"v":0,"d":"0.00"}]
["10009156","FUSIBLE BE 355A JMT","2015","JIGüEY","UN",8,{"$f":"+H3981/F3981","v":74.94},599.52]
["10009171","FUSIBLE 350 AMPS","2015","JIGüEY","UN",26,{"$f":"+H3990/F3990","v":105},{"v":2730,"d":"2,730.00"}]
["10009177","FUSIBLE 1A/500V","2015","JIGüEY","UN",3,{"$f":"+H3993/F3993","v":28.45},85.35]
["10009198","BOMBILLA 30V 20MA","2015","JIGüEY","UN",397,{"$f":"+H4003/F4003","v":9.5},{"v":3771.5,"d":"3,771.50"}]
["10009213","RESISTENCIA PUU-ZA 125 CCU","2015","JIGüEY","UN",1,{"$f":"+H4012/F4012","v":1595},{"v":1595,"d":"1,595.00"}]
["10009216","SOCALO P/BOMBILLO DE SEÑALIZACION 240V","2015","JIGüEY","UN",4,{"$f":"+H4014/F4014","v":28.5},{"v":114,"d":"114.00"}]
["10009226","INDICADOR LUMINOSO H924J-NK 800 X4.2","2015","JIGüEY","UN",2,{"$f":"+H4024/F4024","v":4815.09},{"v":9630.18,"d":"9,630.18"}]
["10009242","CAJA PROTECTORA P/CONTADORES","2015","JIGüEY","UN",2,{"$f":"+H4031/F4031","v":415},{"v":830,"d":"830.00"}]
["10009245","CAJA DE REGISTRO","2015","JIGüEY","UN",11,{"$f":"+H4032/F4032","v":190},{"v":2090,"d":"2,090.00"}]
["10009254","PRISIONERO M12X30","2015","JIGüEY","UN",8,{"$f":"+H4042/F4042","v":318},{"v":2544,"d":"2,544.00"}]
["10009268","TAPA ROJA P/SANAL","2015","JIGüEY","UN",2,{"$f":"+H4051/F4051","v":68.15},{"v":136.3,"d":"136.30"}]
["10009269","BOTON LUMINOSO VERDE","2015","JIGüEY","UN",2,{"$f":"+H4052/F4052","v":135},{"v":270,"d":"270.00"}]
["10009287","\"BRIDA DE 6\"\" PARA EL DISTRIBUIDOR\"","2015","JIGüEY","UN",1,{"$f":"+H4063/F4063","v":1},{"v":1,"d":"1.00"}]
["10009305","FILTRO DE COMBUSTIBLE","2015","JIGüEY","UN",4,{"$f":"+H4071/F4071","v":1},{"v":4,"d":"4.00"}]
["10009313","TAPA LEGRAND PARA BORNERA 6 MM","2015","JIGüEY","UN",68,{"$f":"+H4074/F4074","v":1},{"v":68,"d":"68.00"}]
["10009326","CONECTOR DE ALUMINIO C25-8","2015","JIGüEY","UN",48,{"$f":"+H4083/F4083","v":1},{"v":48,"d":"48.00"}]
["10009332","TERMINAL DE PROTEC. WEIDMULLER P29.16MM2","2015","JIGüEY","UN",43,{"$f":"+H4087/F4087","v":1},{"v":43,"d":"43.00"}]
["10009343","EXPANSION M 20","2015","JIGüEY","UN",1,{"$f":"+H4095/F4095","v":1},{"v":1,"d":"1.00"}]
["10009349","MANESILLA DE VALVULA ARGUS SW 17","2015","JIGüEY","UN",1,{"$f":"+H4098/F4098","v":1},{"v":1,"d":"1.00"}]
["10009376","\"CONECTOR MACHO D/ACERO 1/2\"\" INY. ACEIT","2015","JIGüEY","UN",1,{"$f":"+H4110/F4110","v":1},{"v":1,"d":"1.00"}]
["10009383","CUERPO P/LAMPARA ALTA PRESION MERCURIO","2015","JIGüEY","UN",9,{"$f":"+H4115/F4115","v":1},{"v":9,"d":"9.00"}]
["10009392","JUNTA ENERPAC RLC 1002-672","2015","JIGüEY","UN",2,{"$f":"+H4122/F4122","v":1},{"v":2,"d":"2.00"}]
["10009400","FILTRO LUBRICACION PH2808","2015","JIGüEY","UN",3,{"$f":"+H4126/F4126","v":1},{"v":3,"d":"3.00"}]
["10009410","MANOMETRO FACEN DE O A 400 BAR","2015","JIGüEY","UN",1,{"$f":"+H4134/F4134","v":2040},{"v":2040,"d":"2,040.00"}]
["10009416","BOMBA PR P/SIST.UDAD.D/BOMBEO","2015","JIGüEY","UN",1,{"$f":"+H4139/F4139","v":21778},{"v":21778,"d":"21,778.00"}]
["10009427","GRIFO DE 4 VIAS TN25 P/SIST. UDAD BOMBA","2015","JIGüEY","UN",1,{"$f":"+H4146/F4146","v":1840},{"v":1840,"d":"1,840.00"}]
["10009436","SOPORTE DE TRANSF","2015","JIGüEY","UN",2,{"$f":"+H4154/F4154","v":270},{"v":540,"d":"540.00"}]
["10009442","ARBOL PRINCIPAL P/COMPRESOR D/AIRE","2015","JIGüEY","UN",1,{"$f":"+H4158/F4158","v":7400},{"v":7400,"d":"7,400.00"}]
["10009459","CONVERTIDOR DE ANGULO DE FASE","2015","JIGüEY","UN",4,{"$f":"+H4166/F4166","v":11250},{"v":45000,"d":"45,000.00"}]
["10009463","PRESOSTATO TIPO PM 1/2","2016","AGUACATE","UN",1,{"$f":"+H4171/F4171","v":4800},{"v":4800,"d":"4,800.00"}]
["10009476","CONTACTO AUX CBA 2F11","2015","JIGüEY","UN",2,{"$f":"+H4178/F4178","v":328.54},657.08]
["10009495","INDICADOR DE SINCRONIZACION","2015","JIGüEY","UN",1,{"$f":"+H4188/F4188","v":3080},{"v":3080,"d":"3,080.00"}]
["10009501","PULSADOR ENETRELECO DE CARGA DE FREC.","2015","JIGüEY","UN",4,{"$f":"+H4193/F4193","v":95},{"v":380,"d":"380.00"}]
["10009510","BARRA ATERRIZAJE SECCIONADOR","2015","JIGüEY","UN",6,{"$f":"+H4199/F4199","v":1945},{"v":11670,"d":"11,670.00"}]
["10009519","BOBINA REF. 42943976540-B","2015","JIGüEY","UN",1,{"$f":"+H4205/F4205","v":140.15},140.15]
["10009533","MICRO TERMINAL TM 2500 DR-9000","2015","JIGüEY","UN",1,{"$f":"+H4210/F4210","v":640},{"v":640,"d":"640.00"}]
["10009545","FUENTE D/VOLTAJE 24 VS 10.9 AMPS","2015","JIGüEY","UN",1,{"$f":"+H4217/F4217","v":2955},{"v":2955,"d":"2,955.00"}]
["10009556","SELECTOR A LLAVE E07N","2015","JIGüEY","UN",1,{"$f":"+H4223/F4223","v":2873.04},{"v":2873.04,"d":"2,873.04"}]
["10009568","PULSADOR CEMA 080 TIPO 080 PRG","2015","JIGüEY","UN",2,{"$f":"+H4229/F4229","v":1600},{"v":3200,"d":"3,200.00"}]
["10009589","PANTALLA DE 4 SEGMENTO CON 01000","2015","JIGüEY","UN",1,{"$f":"+H4240/F4240","v":312},{"v":312,"d":"312.00"}]
["10009590","PANTALLA DE 7 SEGMENTO C/D1000","2015","JIGüEY","UN",1,{"$f":"+H4241/F4241","v":590},{"v":590,"d":"590.00"}]
["10009602","ENCHUFE DE 110V","2015","JIGüEY","UN",18,{"$f":"+H4249/F4249","v":34.150000000000006},{"v":614.7,"d":"614.70"}]
["10009607","TORNILLO M12X60 P/SIST.DE ENFRIAMIENTO","2015","JIGüEY","UN",7,{"$f":"+H4255/F4255","v":47.970000000000006},335.79]
["10009618","TORNILLO D/ACERO NEGRO DE 11.5 X 58MM","2015","JIGüEY","UN",84,{"$f":"+H4261/F4261","v":29.15},{"v":2448.6,"d":"2,448.60"}]
["10009630","TUERCA M16 P/SERVOMOTOR","2015","JIGüEY","UN",3,{"$f":"+H4272/F4272","v":69.48},208.44]
["10009638","TUERCA M24 P/DIST","2015","JIGüEY","UN",1,{"$f":"+H4276/F4276","v":20.14},20.14]
["10009650","TUERCA N5 P/SIST.ENFRIAMIENTO","2015","JIGüEY","UN",2,{"$f":"+H4283/F4283","v":5.4},{"v":10.8,"d":"10.80"}]
["10009655","TUERCA HEX.HG 1 7/8 PLG","2011","PINALITO","UN",87,{"$f":"+H4288/F4288","v":0},{"v":0,"d":"0.00"}]
["10009661","TUERCA M21 X 36","2015","JIGüEY","UN",2,{"$f":"+H4294/F4294","v":16.14},32.28]
["10009673","ARANDELA P/SERVOMOTORES A13 X24","2015","JIGüEY","UN",2,{"$f":"+H4300/F4300","v":40.13},80.26]
["10009689","ARANDELA PLANA 38 X 16 MM","2027","PALOMINO","UN",6,{"$f":"+H4307/F4307","v":1},{"v":6,"d":"6.00"}]
["10009711","ARANDELA PLASTICA PLANA M17","2015","JIGüEY","UN",173,{"$f":"+H4319/F4319","v":2.35},406.55]
["10009720","ARANDELA PLANA M8 X 18","2015","JIGüEY","UN",11,{"$f":"+H4324/F4324","v":14.25},156.75]
["10009730","ABRAZADERA DE CINTA METALICA","2015","JIGüEY","UN",6,{"$f":"+H4327/F4327","v":21.2},{"v":127.2,"d":"127.20"}]
["10009749","RODAMIENTO NV 2209 93-12","2015","JIGüEY","UN",2,{"$f":"+H4335/F4335","v":1},{"v":2,"d":"2.00"}]
["10009755","MANOMETRO PA 0  A 10 KG/CMQ","2015","JIGüEY","UN",2,{"$f":"+H4339/F4339","v":1},{"v":2,"d":"2.00"}]
["10009783","TORNILLO CAB HEX DE HIERRO M 43X14MM","2015","JIGüEY","UN",8,{"$f":"+H4351/F4351","v":1},{"v":8,"d":"8.00"}]
["10009789","TUERCA CAB HEX DE HIERRO M30","2015","JIGüEY","UN",3,{"$f":"+H4356/F4356","v":1},{"v":3,"d":"3.00"}]
["10009796","RELE NEUMATICO AK42309","2015","JIGüEY","UN",1,{"$f":"+H4359/F4359","v":14},{"v":14,"d":"14.00"}]
["10009811","TORNILLO M9 CON ARANDELA DE PRESION","2015","JIGüEY","UN",4,{"$f":"+H4367/F4367","v":1},{"v":4,"d":"4.00"}]
["10010004","CONTADOR D/RPM DIESEL D/EMERGENCIA","2016","AGUACATE","UN",1,{"$f":"+H4378/F4378","v":5940},{"v":5940,"d":"5,940.00"}]
["10010052","ENCHUFE MOVIL DE 16 A 4H-110","2001","C.CONTROL HIDRO","UN",2,{"$f":"+H4384/F4384","v":0},{"v":0,"d":"0.00"}]
["10010080","TORNILLO CAB. ALLEN M6X10 P/SIST.REG.","2011","PINALITO","UN",26,{"$f":"+H4390/F4390","v":0},{"v":0,"d":"0.00"}]
["10010219","TUERCA M24 P/SIST. DRENAJE","2015","JIGüEY","UN",10,{"$f":"+H4397/F4397","v":0.01},{"v":0.1,"d":"0.10"}]
["10010261","CAPA PARA AGUA","2003","ANGOSTURA","UN",18,{"$f":"+H4402/F4402","v":0},{"v":0,"d":"0.00"}]
["10010263","SOLDADURA ACERO INOX. E308-16 3/32''","2011","PINALITO","UN",18,{"$f":"+H4408/F4408","v":0},{"v":0,"d":"0.00"}]
["10010392","COJINETE GUIA INFERIOR P/TURBINA","2028","BRAZO DERECHO","UN",6,{"$f":"+H4417/F4417","v":1},{"v":6,"d":"6.00"}]
["10010408","BRAZO DE LOS ALABES DIRECTRICES","2010","JIMENOA","UN",27,{"$f":"+H4419/F4419","v":0.01},0.27]
["10010452","CONTACTO MACHO P/SECCIONADOR","2015","JIGüEY","UN",6,{"$f":"+H4429/F4429","v":0.01},0.06]
["10010514","PRESOSTATO MERCOID 0-100PSI TIPO DA","2015","JIGüEY","UN",1,{"$f":"+H4436/F4436","v":0},{"v":0,"d":"0.00"}]
["10010524","LIMA PLANA 8\"","2007","RINCON","UN",9,{"$f":"+H4441/F4441","v":362.26},{"v":3260.34,"d":"3,260.34"}]
["10010537","MANGUERA DE PRESION 3/4 PLG","2011","PINALITO","UN",1,{"$f":"+H4449/F4449","v":0},{"v":0,"d":"0.00"}]
["10010538","JUNTA KUKADOR WALKES 18 X 18","2017","VALDESIA","UN",4,{"$f":"+H4451/F4451","v":12.15},{"v":48.6,"d":"48.60"}]
["10010552","JUNTA DE GOMA PLANA 0103/119 X6 MMS","2017","VALDESIA","UN",9,{"$f":"+H4461/F4461","v":10.5},{"v":94.5,"d":"94.50"}]
["10010563","JUNTA DE GOMA PLANA 0126/150 X 6 MMS","2017","VALDESIA","UN",3,{"$f":"+H4468/F4468","v":20.14},60.42]
["10010568","JUNTA ORING 7MM","2005","MONCION","UN",8,{"$f":"+H4473/F4473","v":0},{"v":0,"d":"0.00"}]
["10010575","JUNTA DE GOMA PLANA 022/26 X 2 MMS","2017","VALDESIA","UN",5,{"$f":"+H4481/F4481","v":22.490000000000002},112.45]
["10010580","JUNTA TWINSET 410 X 450 X 47 P/VALVULA","2017","VALDESIA","UN",1,{"$f":"+H4485/F4485","v":20},{"v":20,"d":"20.00"}]
["10010596","JUNTA  PLANA 83 X 62 X 6","2017","VALDESIA","UN",6,{"$f":"+H4492/F4492","v":14},{"v":84,"d":"84.00"}]
["10010610","JUNTA  PLANA 26/16/235 MMS","2017","VALDESIA","UN",3,{"$f":"+H4500/F4500","v":36.5},{"v":109.5,"d":"109.50"}]
["10010614","JUNTA PLANA 84 X 30 X 3 MMS","2017","VALDESIA","UN",2,{"$f":"+H4503/F4503","v":24},{"v":48,"d":"48.00"}]
["10010633","BANDA D/GOMA 22 X 13 MMS","2017","VALDESIA","M",30,{"$f":"+H4512/F4512","v":69.7},{"v":2091,"d":"2,091.00"}]
["10010645","CORDON DE GOMA 05 MMS","2015","JIGüEY","M",24.384,{"$f":"+H4520/F4520","v":0},{"v":0,"d":"0.00"}]
["10010648","EMPAQUETADURA DE 1/4","2013","ROSA JULIA-BOBA","UN",2,{"$f":"+H4524/F4524","v":0},{"v":0,"d":"0.00"}]
["10010662","FILTRO SOFRANGE TIPO TEV HPP","2017","VALDESIA","UN",1,{"$f":"+H4533/F4533","v":1411},{"v":1411,"d":"1,411.00"}]
["10010667","SELLO 058/85/12 MMS","2017","VALDESIA","UN",11,{"$f":"+H4536/F4536","v":112.54},{"v":1237.94,"d":"1,237.94"}]
["10010675","ABRAZADERA MT  1/2\"","2002","TAVERA","UN",16,{"$f":"+H4544/F4544","v":0.01},0.16]
["10010686","CARTUCHO ASPIRACION SOFRANCE C-72","2017","VALDESIA","UN",2,{"$f":"+H4554/F4554","v":400},{"v":800,"d":"800.00"}]
["10010689","LAINER","2013","ROSA JULIA-BOBA","UN",8,{"$f":"+H4556/F4556","v":0},{"v":0,"d":"0.00"}]
["10010703","CODO GALV. DE 1 1/4 A 90 GRADOS","2017","VALDESIA","UN",1,{"$f":"+H4565/F4565","v":120},{"v":120,"d":"120.00"}]
["10010708","CODO GALV.DE 1 A 45 GRADOS","2017","VALDESIA","UN",1,{"$f":"+H4568/F4568","v":75},{"v":75,"d":"75.00"}]
["10010723","CURVA HIERRO NEGRO 1\"","2027","PALOMINO","UN",14,{"$f":"+H4576/F4576","v":1},{"v":14,"d":"14.00"}]
["10010727","REDUCCION BUSHING PVC 3\" A 2\" SCH-40","2017","VALDESIA","UN",4,{"$f":"+H4583/F4583","v":18},{"v":72,"d":"72.00"}]
["10010740","REDUCCION CAMPANA 1 1/4 X 1\"","2021","SABANETA","UN",3,{"$f":"+H4593/F4593","v":0},{"v":0,"d":"0.00"}]
["10010743","REDUCCION CAMPANA DE 2 X 1/2","2010","JIMENOA","UN",1,{"$f":"+H4595/F4595","v":0},{"v":0,"d":"0.00"}]
["10010751","ARANDELA PLANA GALVANIZADA 21MM","2017","VALDESIA","UN",1,{"$f":"+H4604/F4604","v":45},{"v":45,"d":"45.00"}]
["10010753","REDUCCION D/CAMPA D/3/4 X 1/4","2017","VALDESIA","UN",1,{"$f":"+H4607/F4607","v":41.5},{"v":41.5,"d":"41.50"}]
["10010768","COUPLING PVC 1\"","2028","BRAZO DERECHO","UN",1,{"$f":"+H4617/F4617","v":1},{"v":1,"d":"1.00"}]
["10010787","BOBINA DE RELEC NO.FH 125 VOLTS","2017","VALDESIA","UN",1,{"$f":"+H4626/F4626","v":1448},{"v":1448,"d":"1,448.00"}]
["10010789","BOBINA DE CIERRE GEE DB6G8","2017","VALDESIA","UN",9,{"$f":"+H4627/F4627","v":0},{"v":0,"d":"0.00"}]
["10010806","ESCOBILLA DEL EXCITADOR REF. EG34D","2017","VALDESIA","UN",5,{"$f":"+H4638/F4638","v":367.90999999999997},{"v":1839.55,"d":"1,839.55"}]
["10010816","RESISTENCIA VARIABLE RVA-20 X 100 3K","2017","VALDESIA","UN",4,{"$f":"+H4646/F4646","v":202},{"v":808,"d":"808.00"}]
["10010819","RESISTENCIA K-7 OMEGA T-25","2017","VALDESIA","UN",1,{"$f":"+H4649/F4649","v":454},{"v":454,"d":"454.00"}]
["10010841","FUSIBLE TARDOFUS 4 AMPS 500VS","2017","VALDESIA","UN",4,{"$f":"+H4658/F4658","v":83.12},332.48]
["10010843","FUSIBLE METRON 2ACR-40","2017","VALDESIA","UN",1,{"$f":"+H4660/F4660","v":44.25},44.25]
["10010849","FUSIBLE 1.6 AMP ESCHA","2017","VALDESIA","UN",20,{"$f":"+H4666/F4666","v":27.75},{"v":555,"d":"555.00"}]
["10010864","BASE P/LAMPARA SEÑALIZACION 2.6W-250V","2005","MONCION","UN",4,{"$f":"+H4677/F4677","v":0},{"v":0,"d":"0.00"}]
["10010877","CERRADURA HERPE","2017","VALDESIA","UN",2,{"$f":"+H4685/F4685","v":0},{"v":0,"d":"0.00"}]
["10010889","TRANSMISION ANGULO ROTATIVO 7W1-778 12","2017","VALDESIA","UN",2,{"$f":"+H4690/F4690","v":190},{"v":380,"d":"380.00"}]
["10010898","FILTRO METALICO P/ALCLIMATADORES","2017","VALDESIA","UN",2,{"$f":"+H4697/F4697","v":0},{"v":0,"d":"0.00"}]
["10010902","TORNILLO HEXAGONAL 1\"X 3 PLG","2017","VALDESIA","UN",1,{"$f":"+H4701/F4701","v":1248},{"v":1248,"d":"1,248.00"}]
["10010912","MUELLE DE DEDOS DE CONTATOS","2017","VALDESIA","UN",23,{"$f":"+H4709/F4709","v":43},{"v":989,"d":"989.00"}]
["10010916","DETECTOR DE FLUJO VM","2011","PINALITO","UN",1,{"$f":"+H4712/F4712","v":0},{"v":0,"d":"0.00"}]
["10010938","TORNILLO MECANICO DE 3/4 X 3 1/2","2017","VALDESIA","UN",10,{"$f":"+H4724/F4724","v":19},{"v":190,"d":"190.00"}]
["10010944","TORNILLO CABEZA EXAGONAL DE 1/2 X 1 EXT.","2017","VALDESIA","UN",67,{"$f":"+H4729/F4729","v":18},{"v":1206,"d":"1,206.00"}]
["10010954","TORNILLO CAB. EXAGONAL DE 1/2 X 3 1/4","2000","SUMINISTRO HIDRO","UN",35,{"$f":"+H4733/F4733","v":0.01},0.35]
["10010966","TORNILLO CABEZA REDONDA 4x45 MA","2017","VALDESIA","UN",34,{"$f":"+H4741/F4741","v":16},{"v":544,"d":"544.00"}]
["10010978","TORNILLO 12 X 30 MM","2017","VALDESIA","UN",18,{"$f":"+H4750/F4750","v":12},{"v":216,"d":"216.00"}]
["10010992","TORNILLO 3/8 X 3 5/8","2017","VALDESIA","UN",4,{"$f":"+H4756/F4756","v":28.5},{"v":114,"d":"114.00"}]
["10011002","TORNILLO 20X40CM TUERCAS","2017","VALDESIA","UN",1,{"$f":"+H4761/F4761","v":29.75},29.75]
["10011008","TORNILLO 8X8 GALVANIZADO ROCA GRUEZA","2017","VALDESIA","UN",73,{"$f":"+H4768/F4768","v":6.8999999999999995},{"v":503.7,"d":"503.70"}]
["10011017","ARANDELA PLANA 8 MMS","2017","VALDESIA","UN",41,{"$f":"+H4774/F4774","v":7.8999999999999995},{"v":323.9,"d":"323.90"}]
["10011028","ARANDELA DE 18 X30 MMS P/FIJAR JTAS COMP","2017","VALDESIA","UN",260,{"$f":"+H4780/F4780","v":1.9600000000000002},{"v":509.6,"d":"509.60"}]
["10011035","TUERCA 20 MM","2017","VALDESIA","UN",12,{"$f":"+H4785/F4785","v":12.15},{"v":145.8,"d":"145.80"}]
["10011046","PULSADOR PARA MANDO TIPO IV. 5 MODE","2017","VALDESIA","UN",1,{"$f":"+H4792/F4792","v":455},{"v":455,"d":"455.00"}]
["10011058","BANDA PARA FRENADO DEL GENERADOR","2015","JIGüEY","UN",8,{"$f":"+H4802/F4802","v":0},{"v":0,"d":"0.00"}]
["10011063","FUSIBLE TIPO BOTELLA 63A 500V EL 1624563","2017","VALDESIA","UN",20,{"$f":"+H4807/F4807","v":18},{"v":360,"d":"360.00"}]
["10011069","BANDEJA P/ROLO","2015","JIGüEY","UN",1,{"$f":"+H4813/F4813","v":0},{"v":0,"d":"0.00"}]
["10011092","ELEMENTO SEPARADOR  DE ACEITE COMPRESOR","2027","PALOMINO","UN",6,{"$f":"+H4819/F4819","v":1},{"v":6,"d":"6.00"}]
["10011100","ACOPLAMIENTO DE MOTOR 38 X 28 MM","2007","RINCON","UN",2,{"$f":"+H4824/F4824","v":0},{"v":0,"d":"0.00"}]
["10011113","VALVULA GALLETA 4 125 200WOG","2017","VALDESIA","UN",1,{"$f":"+H4834/F4834","v":1},{"v":1,"d":"1.00"}]
["10011122","ESPATULA DE 2\"","2017","VALDESIA","UN",2,{"$f":"+H4839/F4839","v":30},{"v":60,"d":"60.00"}]
["10011141","PORTA LAMPARA E14 MANGAL","2017","VALDESIA","UN",6,{"$f":"+H4845/F4845","v":0},{"v":0,"d":"0.00"}]
["10011148","TUERCA HG 1/2","2027","PALOMINO","UN",216,{"$f":"+H4851/F4851","v":0},{"v":0,"d":"0.00"}]
["10011181","ESCOBILLA ESITROTRIN PILOTO","2017","VALDESIA","UN",5,{"$f":"+H4858/F4858","v":1},{"v":5,"d":"5.00"}]
["10011193","INTERCEPTORES MAGNETOTERMICOS C60N","2011","PINALITO","UN",4,{"$f":"+H4863/F4863","v":0},{"v":0,"d":"0.00"}]
["10011204","FUSIBLE TIPO CARTUCHO DE 35 AMP. 500V.","2017","VALDESIA","UN",25,{"$f":"+H4869/F4869","v":23.4},{"v":585,"d":"585.00"}]
["10011213","RIEL PARA INTERRUPTOR","2017","VALDESIA","UN",2,{"$f":"+H4875/F4875","v":1},{"v":2,"d":"2.00"}]
["10011233","FUSIBLE DE 4 AMP. TIPO BOTELLA","2017","VALDESIA","UN",3,{"$f":"+H4886/F4886","v":1},{"v":3,"d":"3.00"}]
["10011238","ARANDELA DE PRESION NEGRA D/40 MM.","2017","VALDESIA","UN",23,{"$f":"+H4890/F4890","v":1},{"v":23,"d":"23.00"}]
["10011243","FILTRO COMPRESOR DE AIRE PA-2820","2011","PINALITO","UN",6,{"$f":"+H4897/F4897","v":0},{"v":0,"d":"0.00"}]
["10011250","RELE TEMP.  TIPO DIODO 120V/60HZ","2017","VALDESIA","UN",1,{"$f":"+H4902/F4902","v":0},{"v":0,"d":"0.00"}]
["10011265","JUNTA PLANA 100 X 3 MMS","2017","VALDESIA","UN",7,{"$f":"+H4910/F4910","v":9.47},66.29]
["10011269","TRANSFORMADOR DE TENSION MEDIA TIPO","2017","VALDESIA","UN",5,{"$f":"+H4914/F4914","v":1600},{"v":8000,"d":"8,000.00"}]
["10011280","RODAMIENTO  ADR A Y 6","2017","VALDESIA","UN",4,{"$f":"+H4922/F4922","v":95},{"v":380,"d":"380.00"}]
["10011293","RODAMIENTO 6308 ZC3","2011","PINALITO","UN",2,{"$f":"+H4929/F4929","v":0},{"v":0,"d":"0.00"}]
["10011298","RODAMIENTO DE BOLA 22220 PARA EL PUEN","2017","VALDESIA","UN",7,{"$f":"+H4934/F4934","v":380},{"v":2660,"d":"2,660.00"}]
["10011306","RODAMIENTO D/BOLAS 1309","2017","VALDESIA","UN",1,{"$f":"+H4942/F4942","v":450},{"v":450,"d":"450.00"}]
["10011317","RODAMIENTO D/BOLAS 6202","2002","TAVERA","UN",10,{"$f":"+H4953/F4953","v":0},{"v":0,"d":"0.00"}]
["10011322","RODAMIENTO 3310","2017","VALDESIA","UN",1,{"$f":"+H4959/F4959","v":215},{"v":215,"d":"215.00"}]
["10011327","RODAMIENTO 6308 ZN R3","2017","VALDESIA","UN",5,{"$f":"+H4965/F4965","v":228},{"v":1140,"d":"1,140.00"}]
["10011335","RODAMIENTO 6210 2ZR","2017","VALDESIA","UN",6,{"$f":"+H4970/F4970","v":130},{"v":780,"d":"780.00"}]
["10011337","RODAMIENTO NKF 6308","2008","HATILLO","UN",7,{"$f":"+H4973/F4973","v":1},{"v":7,"d":"7.00"}]
["10011343","RODAMIENTO 7307 B","2017","VALDESIA","UN",2,{"$f":"+H4981/F4981","v":519},{"v":1038,"d":"1,038.00"}]
["10011360","RODAMIENTO 6314","2017","VALDESIA","UN",1,{"$f":"+H4992/F4992","v":0},{"v":0,"d":"0.00"}]
["10011369","COJINETTE D/RODILLO REF.NOPL-50","2017","VALDESIA","UN",1,{"$f":"+H4994/F4994","v":1345},{"v":1345,"d":"1,345.00"}]
["10011394","VALVULA D/ASIENTO 0 100","2017","VALDESIA","UN",1,{"$f":"+H5004/F5004","v":1400},{"v":1400,"d":"1,400.00"}]
["10011402","ENGRASADOR DE CALEMIT","2017","VALDESIA","UN",57,{"$f":"+H5011/F5011","v":45},{"v":2565,"d":"2,565.00"}]
["10011411","CONTACTOR CVI-GL TELEMEC D/3 CONTACTOR","2017","VALDESIA","UN",1,{"$f":"+H5016/F5016","v":3916.37},{"v":3916.37,"d":"3,916.37"}]
["10011421","CONTACTO AUXILIAR ZC4-GM2","2017","VALDESIA","UN",2,{"$f":"+H5024/F5024","v":94},{"v":188,"d":"188.00"}]
["10011423","CONTACTO FIJO CON SU SHUNT .","2017","VALDESIA","UN",70,{"$f":"+H5026/F5026","v":123.9},{"v":8673,"d":"8,673.00"}]
["10011438","SELECTOR DISTANCIA  LOCAL DE 3 ETAPAS","2017","VALDESIA","UN",1,{"$f":"+H5036/F5036","v":4120},{"v":4120,"d":"4,120.00"}]
["10011445","RELE TIPO Q.B.V 702-KISZ ASETYC","2017","VALDESIA","UN",2,{"$f":"+H5043/F5043","v":3020},{"v":6040,"d":"6,040.00"}]
["10011456","RELE RJ8 24 VCC","2005","MONCION","UN",4,{"$f":"+H5051/F5051","v":0},{"v":0,"d":"0.00"}]
["10011459","DIFUSOR DE EMISION LENTA","2017","VALDESIA","UN",5,{"$f":"+H5054/F5054","v":2340},{"v":11700,"d":"11,700.00"}]
["10011468","AMPERIMETRO 500-5 ESCALA O-600","2017","VALDESIA","UN",1,{"$f":"+H5063/F5063","v":1972},{"v":1972,"d":"1,972.00"}]
["10011470","PROTECTOR 445476/2","2017","VALDESIA","UN",3,{"$f":"+H5065/F5065","v":241.70000000000002},{"v":725.1,"d":"725.10"}]
["10011482","MICROCONSULTING 49A 702 23 OR CBAD","2017","VALDESIA","UN",1,{"$f":"+H5075/F5075","v":65},{"v":65,"d":"65.00"}]
["10011487","DETECTOR DE CAUDAL DE AGUA PARA EL","2017","VALDESIA","UN",4,{"$f":"+H5078/F5078","v":0},{"v":0,"d":"0.00"}]
["10011503","LAMPARAS DE SEÑALIZACION 24C.","2017","VALDESIA","UN",28,{"$f":"+H5087/F5087","v":20},{"v":560,"d":"560.00"}]
["10011512","SELECTOR DE FASE DE VOLTAJE SB-1","2017","VALDESIA","UN",3,{"$f":"+H5095/F5095","v":1},{"v":3,"d":"3.00"}]
["10011518","BASE PARA RELE TH-22","2017","VALDESIA","UN",5,{"$f":"+H5099/F5099","v":1},{"v":5,"d":"5.00"}]
["10011532","BRIDA DE ACERO INOX. 4\" DE 8 AGUJEROS","2015","JIGüEY","UN",11,{"$f":"+H5106/F5106","v":0},{"v":0,"d":"0.00"}]
["10011548","GAFAS DE SEGURIDAD (TRANSPARENTE)","2007","RINCON","UN",30,{"$f":"+H5114/F5114","v":96.76},{"v":2902.8,"d":"2,902.80"}]
["10011548","GAFAS DE SEGURIDAD (TRANSPARENTE)","2029","SUMINISTRO MATERIAL","UN",2,{"$f":"+H5119/F5119","v":67.26},134.52]
["10011563","FUSIBLE CARGADOR D/BATERIA 5SD5 80A 500V","2021","SABANETA","UN",2,{"$f":"+H5127/F5127","v":16},{"v":32,"d":"32.00"}]
["10011572","BOMBILLO P/PILOTO A 24V MOD-ZB6-EB1B","2011","PINALITO","UN",9,{"$f":"+H5134/F5134","v":0},{"v":0,"d":"0.00"}]
["10011581","TARJETA PARA ARMARIOS D/CONTROL H 25-V","2021","SABANETA","UN",1,{"$f":"+H5138/F5138","v":340},{"v":340,"d":"340.00"}]
["10011600","RELE DE CLAXON TIPO RMF 42E 125V CC","2021","SABANETA","UN",5,{"$f":"+H5146/F5146","v":200.65},{"v":1003.25,"d":"1,003.25"}]
["10011617","ABRAZADERA P/TURB HG 1 1/2\"","2021","SABANETA","UN",43,{"$f":"+H5155/F5155","v":14},{"v":602,"d":"602.00"}]
["10011625","CODO HIERRO NEGRO 7/8\"","2021","SABANETA","UN",15,{"$f":"+H5158/F5158","v":1},{"v":15,"d":"15.00"}]
["10011643","TEMPORIZADOR P/BOMBA D/ACHIQUE LR1","2021","SABANETA","UN",1,{"$f":"+H5168/F5168","v":350},{"v":350,"d":"350.00"}]
["10011646","TAPA HG DE 1/2\"","2021","SABANETA","UN",1,{"$f":"+H5170/F5170","v":20},{"v":20,"d":"20.00"}]
["10011665","TUERCA D/LINIMETRO EMT P/TUB.DE 1 1/2\"","2021","SABANETA","UN",5,{"$f":"+H5179/F5179","v":16},{"v":80,"d":"80.00"}]
["10011673","DIODO DE LA EXCITATRIZ  BROWN BOVERI D","2021","SABANETA","UN",6,{"$f":"+H5182/F5182","v":1000},{"v":6000,"d":"6,000.00"}]
["10011688","RASTRILLO DE OBRERO","2005","MONCION","UN",5,{"$f":"+H5190/F5190","v":0},{"v":0,"d":"0.00"}]
["10011688","RASTRILLO DE OBRERO","2022","DOMINGO RODRIGUEZ","UN",11,{"$f":"+H5197/F5197","v":0},{"v":0,"d":"0.00"}]
["10011690","GOMAS DE MOTOCICLETA DELANTERA 275-21","2004","BAIGUAQUE","UN",3,{"$f":"+H5207/F5207","v":0},{"v":0,"d":"0.00"}]
["10011690","GOMAS DE MOTOCICLETA DELANTERA 275-21","2032","LAS DOS BOCAS","UN",3,{"$f":"+H5209/F5209","v":0},{"v":0,"d":"0.00"}]
["10011703","PRESSURE SWITH SQUARD PARA COMPRESORES","2021","SABANETA","UN",2,{"$f":"+H5217/F5217","v":0},{"v":0,"d":"0.00"}]
["10011716","SOBRE MANILA 9 X 12","2024","MAGUEYAL","CJ",{"v":0.1,"d":"0.100"},{"$f":"+H5222/F5222","v":2120.1},212.01]
["10011749","UNION PVC CON ROSCA 4","2027","PALOMINO","C/U",6,{"$f":"+H5229/F5229","v":1},{"v":6,"d":"6.00"}]
["10011781","MACHETE DE OBREROS","2027","PALOMINO","UN",41,{"$f":"+H5239/F5239","v":318.6},{"v":13062.6,"d":"13,062.60"}]
["10011786","INTERRUPTOR SELECTOR CB8-A223-600E","2027","PALOMINO","UN",1,{"$f":"+H5241/F5241","v":1},{"v":1,"d":"1.00"}]
["10011794","BOTAS DE GOMAS OBRERO  40","2023","LOS TOROS","UN",28,{"$f":"+H5252/F5252","v":359.59999999999997},{"v":10068.8,"d":"10,068.80"}]
["10011803","CARTUCHO HP 45 NEGRA","2029","SUMINISTRO MATERIAL","UN",16,{"$f":"+H5260/F5260","v":2363.096875},{"v":37809.55,"d":"37,809.55"}]
["10011806","ESTATOR SERIE 6.1512 P /GRUA BAUMA","2020","SABANA YEGUA","UN",14,{"$f":"+H5263/F5263","v":0},{"v":0,"d":"0.00"}]
["10011809","REDUCCION BUSHING PVC 4\" A 2\" SCH-40","2032","LAS DOS BOCAS","UN",131,{"$f":"+H5268/F5268","v":0.01},1.31]
["10011818","TORNILLO 17X31MM","2025","LAS DAMAS","UN",8,{"$f":"+H5274/F5274","v":1},{"v":8,"d":"8.00"}]
["10011826","FUSIBLE TIPO CARTUCHO 500V-6AMP","2016","AGUACATE","UN",10,{"$f":"+H5280/F5280","v":0},{"v":0,"d":"0.00"}]
["10011857","TARJETA DE RELEVADORES 150-ZRP","2016","AGUACATE","UN",1,{"$f":"+H5291/F5291","v":0},{"v":0,"d":"0.00"}]
["10011871","FUSIBLE DE CRISTAL 0.2A","2022","DOMINGO RODRIGUEZ","UN",28,{"$f":"+H5299/F5299","v":0},{"v":0,"d":"0.00"}]
["10011885","GOMA TRASERA P/ MOTOCICLETA 110/90-R18","2021","SABANETA","UN",1,{"$f":"+H5304/F5304","v":0},{"v":0,"d":"0.00"}]
["10011914","LIMIT SWITCH REF. XCM A152","2005","MONCION","UN",2,{"$f":"+H5311/F5311","v":0},{"v":0,"d":"0.00"}]
["10011937","GRATA  5/8 PLG","2007","RINCON","UN",3,{"$f":"+H5319/F5319","v":0},{"v":0,"d":"0.00"}]
["10011955","FILTRO BALDWIN BF957","2005","MONCION","UN",3,{"$f":"+H5323/F5323","v":0},{"v":0,"d":"0.00"}]
["10011964","PT100 DEL GENERADOR","2005","MONCION","UN",1,{"$f":"+H5331/F5331","v":0},{"v":0,"d":"0.00"}]
["10011969","MUFA GALVANIZADA IMC 2 PLG","2000","SUMINISTRO HIDRO","UN",2,{"$f":"+H5336/F5336","v":0},{"v":0,"d":"0.00"}]
["10011980","VALVULA CELENOIDE 24 V DE 2 VIAS","2016","AGUACATE","UN",1,{"$f":"+H5343/F5343","v":0},{"v":0,"d":"0.00"}]
["10011986","FUSIBLE TIPO CARTUCHO 500V-2AMP","2016","AGUACATE","UN",22,{"$f":"+H5347/F5347","v":0},{"v":0,"d":"0.00"}]
["10012013","FILTRO DE CABINA 87139-06070","2020","SABANA YEGUA","UN",2,{"$f":"+H5358/F5358","v":0},{"v":0,"d":"0.00"}]
["10012021","BARRA DE EMPARME D. TRANSFER 280x75x5","2005","MONCION","UN",5,{"$f":"+H5364/F5364","v":0},{"v":0,"d":"0.00"}]
["10012032","FILTRO CICLONICO DE POLIESTILENO 2\" X 23","2032","LAS DOS BOCAS","UN",1,{"$f":"+H5370/F5370","v":0.01},0.01]
["10012041","CONTACTOR ABB MOD-AL9-30-10","2027","PALOMINO","UN",1,{"$f":"+H5375/F5375","v":1},{"v":1,"d":"1.00"}]
["10012048","SENSOR DETECTOR DE CALOR HAND TIGHTEN","2027","PALOMINO","UN",1,{"$f":"+H5382/F5382","v":1},{"v":1,"d":"1.00"}]
["10012059","ORING 5800MM L/G","2022","DOMINGO RODRIGUEZ","UN",1,{"$f":"+H5388/F5388","v":0},{"v":0,"d":"0.00"}]
["10012071","TORNILLO DE 3 1/2 X 1 7/16","2002","TAVERA","UN",1,{"$f":"+H5394/F5394","v":0},{"v":0,"d":"0.00"}]
["10012078","TORNILLO CAB HEXA. M12 x 75 MM","2005","MONCION","UN",90,{"$f":"+H5399/F5399","v":0},{"v":0,"d":"0.00"}]
["10012092","FILTRO LFP805","2008","HATILLO","UN",2,{"$f":"+H5406/F5406","v":1},{"v":2,"d":"2.00"}]
["10012104","CONDUCTOR NOMINAL P/TERMINACION 15KV","2027","PALOMINO","UN",3,{"$f":"+H5414/F5414","v":1},{"v":3,"d":"3.00"}]
["10012114","SEMI CURVA ACERO INOXI 2 1/2\"","2027","PALOMINO","UN",3,{"$f":"+H5420/F5420","v":1},{"v":3,"d":"3.00"}]
["10012236","FUSIBLE TIPO K 2 AMP-15KV","2011","PINALITO","UN",14,{"$f":"+H5426/F5426","v":0},{"v":0,"d":"0.00"}]
["10012252","MASCARILLA ANTI-GAS","2007","RINCON","UN",11,{"$f":"+H5431/F5431","v":0},{"v":0,"d":"0.00"}]
["10012271","CABLE DE FIBRA OPTICA SIMPLE","2000","SUMINISTRO HIDRO","UN",4,{"$f":"+H5441/F5441","v":0.01},0.04]
["10012283","POLEA DE GRUA DE 25TONS","2027","PALOMINO","UN",2,{"$f":"+H5448/F5448","v":0},{"v":0,"d":"0.00"}]
["10012300","UNION UNIVERSAL EMT DE 4 PLG","2010","JIMENOA","UN",4,{"$f":"+H5453/F5453","v":1},{"v":4,"d":"4.00"}]
["10012322","RODAMIENTO SKF 6409/C3","2025","LAS DAMAS","UN",1,{"$f":"+H5459/F5459","v":1},{"v":1,"d":"1.00"}]
["10012343","TAPE W963","2011","PINALITO","UN",6,{"$f":"+H5465/F5465","v":0},{"v":0,"d":"0.00"}]
["10012881","ORING DE 4 MM","2015","JIGüEY","UN",5,{"$f":"+H5472/F5472","v":0},{"v":0,"d":"0.00"}]
["10012885","ORING 6.99 X 329.57 MM","2027","PALOMINO","UN",1,{"$f":"+H5477/F5477","v":0},{"v":0,"d":"0.00"}]
["10012899","VALVULA DE ALIVIO REF. 113","2005","MONCION","UN",1,{"$f":"+H5483/F5483","v":1},{"v":1,"d":"1.00"}]
["10012914","CORREA D/ALTERNADOR BRASIL 200549","2005","MONCION","UN",2,{"$f":"+H5492/F5492","v":1},{"v":2,"d":"2.00"}]
["10012929","FUSIBLE D/PORC SIEMENS 3NA3 132 500V 125","2005","MONCION","UN",10,{"$f":"+H5500/F5500","v":1},{"v":10,"d":"10.00"}]
["10012934","FUSIBLE D/PORC SIEMENS 3NE4 330-OB 800V","2005","MONCION","UN",3,{"$f":"+H5504/F5504","v":1},{"v":3,"d":"3.00"}]
["10012942","FILTRO P/ACEITE MAHLE P150010-047NBR","2005","MONCION","UN",2,{"$f":"+H5509/F5509","v":1},{"v":2,"d":"2.00"}]
["10012971","SINCRONOSCOPIO 120V","2005","MONCION","UN",1,{"$f":"+H5521/F5521","v":1},{"v":1,"d":"1.00"}]
["10012971","SINCRONOSCOPIO 120V","2023","LOS TOROS","UN",1,{"$f":"+H5524/F5524","v":0},{"v":0,"d":"0.00"}]
["10012979","VALVULA DE 1 PLG /200 WONG","2007","RINCON","UN",3,{"$f":"+H5532/F5532","v":0},{"v":0,"d":"0.00"}]
["10012984","VOLTIMETRO 0-200","2005","MONCION","UN",4,{"$f":"+H5536/F5536","v":1},{"v":4,"d":"4.00"}]
["10012997","PLACA DE MANDO KPF","2020","SABANA YEGUA","UN",1,{"$f":"+H5543/F5543","v":0},{"v":0,"d":"0.00"}]
["10013012","\"TERMINAL D EMPALME TUB. Y CABLE 1\"\"1/2\"","2005","MONCION","UN",1,{"$f":"+H5548/F5548","v":1},{"v":1,"d":"1.00"}]
["10013027","SHUNT PARA GENERADOR","2005","MONCION","UN",1,{"$f":"+H5556/F5556","v":1},{"v":1,"d":"1.00"}]
["10013037",".RELAY DE TIEMPO 125 VEC CTE2RC66","2005","MONCION","UN",2,{"$f":"+H5567/F5567","v":1},{"v":2,"d":"2.00"}]
["10013050","TEMOSTATO 90 C TIPO TR2","2005","MONCION","UN",3,{"$f":"+H5573/F5573","v":1},{"v":3,"d":"3.00"}]
["10013053","RODAMIENTO DE COMPUERTA","2005","MONCION","UN",2,{"$f":"+H5575/F5575","v":1},{"v":2,"d":"2.00"}]
["10013071","MESA DE MOVIMIENTO PARA LOS COJINETES","2005","MONCION","UN",1,{"$f":"+H5584/F5584","v":1},{"v":1,"d":"1.00"}]
["10013074","LAMPARA DE EMERGENCIA RECARGABLE 110V","2011","PINALITO","UN",3,{"$f":"+H5587/F5587","v":0},{"v":0,"d":"0.00"}]
["10013081","INTERCOMBINADOR DE CALOR 120X60X80 APV","2005","MONCION","UN",1,{"$f":"+H5595/F5595","v":1},{"v":1,"d":"1.00"}]
["10013101","DISYUNTOR 30AMP TERMOMAGNETICO (POLO 3)","2005","MONCION","UN",3,{"$f":"+H5606/F5606","v":1},{"v":3,"d":"3.00"}]
["10013102","DISYUNTOR 4AMP SIEMENS (POLO 3)","2005","MONCION","UN",1,{"$f":"+H5607/F5607","v":1},{"v":1,"d":"1.00"}]
["10013121","COJINETE DE EMPUJE DEL GENERADOR","2028","BRAZO DERECHO","UN",12,{"$f":"+H5616/F5616","v":1},{"v":12,"d":"12.00"}]
["10013134","COJINETE GENERADOR INFERIOR","2005","MONCION","UN",8,{"$f":"+H5626/F5626","v":1},{"v":8,"d":"8.00"}]
["10013139","BLOQUE DE PRUEBA  RELAY MMLG01","2005","MONCION","UN",2,{"$f":"+H5629/F5629","v":1},{"v":2,"d":"2.00"}]
["10013150","AISLADOR ELECTRONICO VWV3211","2005","MONCION","UN",46,{"$f":"+H5638/F5638","v":1},{"v":46,"d":"46.00"}]
["10013151","ANILLO ROZANTE DEL GENERADOR  (MONCION)","2005","MONCION","UN",1,{"$f":"+H5640/F5640","v":1},{"v":1,"d":"1.00"}]
["10013165","TARJ. D/DOBLE CANALES EXT 002/0 EUROCON","2005","MONCION","UN",1,{"$f":"+H5650/F5650","v":1},{"v":1,"d":"1.00"}]
["10013174","TARJ. REGULADORA D/TENSION ADELCO9180152","2005","MONCION","UN",2,{"$f":"+H5657/F5657","v":1},{"v":2,"d":"2.00"}]
["10013191","DISKET COMISIONAMIENTO COD 3ADTM0250M","2005","MONCION","UN",2,{"$f":"+H5665/F5665","v":1},{"v":2,"d":"2.00"}]
["10013196","RETENEDORA 130 105 12","2005","MONCION","UN",1,{"$f":"+H5668/F5668","v":1},{"v":1,"d":"1.00"}]
["10013208","DESHIDRATADOR DESILICA GEL S-199","2005","MONCION","UN",1,{"$f":"+H5677/F5677","v":1},{"v":1,"d":"1.00"}]
["10013212","FUENTE DE DIODO SEMRON SKN 2740/08","2005","MONCION","UN",1,{"$f":"+H5679/F5679","v":1},{"v":1,"d":"1.00"}]
["10013228","TARJETA ELECTRICA MF2-02 241 OP001747","2005","MONCION","UN",5,{"$f":"+H5689/F5689","v":1},{"v":5,"d":"5.00"}]
["10013231","TARJETA ELEC. DRS 121 ROA 600275 D2064","2005","MONCION","UN",1,{"$f":"+H5692/F5692","v":1},{"v":1,"d":"1.00"}]
["10013240","PLATILLO 110M ANCHO 14 ESPESOR 26 HUECO","2005","MONCION","UN",5,{"$f":"+H5701/F5701","v":1},{"v":5,"d":"5.00"}]
["10013257","BOBINA DE BLOQUEO 89MCX89MCX145UC","2005","MONCION","UN",2,{"$f":"+H5709/F5709","v":1},{"v":2,"d":"2.00"}]
["10013262","DIODO 007","2005","MONCION","UN",15,{"$f":"+H5713/F5713","v":1},{"v":15,"d":"15.00"}]
["10013275","DISYUNTOR TERMOMAGNETICO GE 70AMP POLO 2","2005","MONCION","UN",2,{"$f":"+H5721/F5721","v":1},{"v":2,"d":"2.00"}]
["10013285","COJINETE MB 40X40 DU 2.400.100 PO53","2005","MONCION","UN",37,{"$f":"+H5730/F5730","v":1},{"v":37,"d":"37.00"}]
["10013289","CONTACTOR TRIPOLAR ABB AE110-30 220-240V","2005","MONCION","UN",1,{"$f":"+H5733/F5733","v":1},{"v":1,"d":"1.00"}]
["10013307","\"MOTOR D/RECAR 110V-200W-3,2AMP KW163920","2005","MONCION","UN",1,{"$f":"+H5741/F5741","v":1},{"v":1,"d":"1.00"}]
["10013325","MANOMETRO D/PRESION 0-10 BAR WICA LC1111","2015","JIGüEY","UN",12,{"$f":"+H5748/F5748","v":0},{"v":0,"d":"0.00"}]
["10013331","MILIAMPERIMETRO DC BM 24VDC 96X96 ABB","2005","MONCION","UN",1,{"$f":"+H5752/F5752","v":1},{"v":1,"d":"1.00"}]
["10013339","SENSOR DE LOS PERNOS NJO.8-5GM25-E2","2005","MONCION","UN",11,{"$f":"+H5760/F5760","v":1},{"v":11,"d":"11.00"}]
["10013351","VALVULA MARIPOSA COEMSA AE 111239 REF.30","2005","MONCION","UN",1,{"$f":"+H5769/F5769","v":1},{"v":1,"d":"1.00"}]
["10013360","\"TEE P/TUBERIA GALVANIZADO 1 1/2\"\"\"","2005","MONCION","UN",5,{"$f":"+H5772/F5772","v":1},{"v":5,"d":"5.00"}]
["10013420","PORTA ROLO","2003","ANGOSTURA","UN",13,{"$f":"+H5782/F5782","v":0},{"v":0,"d":"0.00"}]
["10013420","PORTA ROLO","2013","ROSA JULIA-BOBA","UN",36,{"$f":"+H5784/F5784","v":0},{"v":0,"d":"0.00"}]
["10013428","Espray West-Master","2003","ANGOSTURA","UN",135,{"$f":"+H5793/F5793","v":840},{"v":113400,"d":"113,400.00"}]
["10013450","BROCHA  3\"","2020","SABANA YEGUA","UN",1,{"$f":"+H5799/F5799","v":1},{"v":1,"d":"1.00"}]
["10013490","TAZAS DE CAFE CON PLATOS","2000","SUMINISTRO HIDRO","CA",2,{"$f":"+H5804/F5804","v":1986.335},{"v":3972.67,"d":"3,972.67"}]
["10013540","TIJERAS GRANDE","2029","SUMINISTRO MATERIAL","UN",163,{"$f":"+H5814/F5814","v":80.47490797546013},{"v":13117.41,"d":"13,117.41"}]
["10013547","PINTURA TROPICAL  AZUL TURQUESA","2003","ANGOSTURA","UN",1,{"$f":"+H5816/F5816","v":0},{"v":0,"d":"0.00"}]
["10013560","CLAVO DE 2\"","2020","SABANA YEGUA","LB",{"v":5.6,"d":"5.600"},{"$f":"+H5825/F5825","v":0},{"v":0,"d":"0.00"}]
["10013613","CATALIZADOR PARA PINTURA TIPO EPOXICA","2003","ANGOSTURA","GAL",56,{"$f":"+H5831/F5831","v":4991.400000000001},{"v":279518.4,"d":"279,518.40"}]
["10013637","THERMO DE CAFE","2020","SABANA YEGUA","UN",1,{"$f":"+H5836/F5836","v":1},{"v":1,"d":"1.00"}]
["10013657","LLAVE AJUSTABLE NO. 10","2000","SUMINISTRO HIDRO","UN",3,{"$f":"+H5843/F5843","v":0.01},0.03]
["10013705","GOMAS 255-70 R15 AT","2000","SUMINISTRO HIDRO","UN",12,{"$f":"+H5849/F5849","v":8428.406666666668},{"v":101140.88,"d":"101,140.88"}]
["10013724","ACIDO MURIATICO","2022","DOMINGO RODRIGUEZ","GAL",6,{"$f":"+H5855/F5855","v":0},{"v":0,"d":"0.00"}]
["10013739","GRAPA PUESTA TIERRA AL16-120 TXJBL-1","2003","ANGOSTURA","UN",1,{"$f":"+H5866/F5866","v":0},{"v":0,"d":"0.00"}]
["10013769","COOLANT","2007","RINCON","GAL",3,{"$f":"+H5874/F5874","v":0},{"v":0,"d":"0.00"}]
["10013769","COOLANT","2028","BRAZO DERECHO","GAL",2,{"$f":"+H5877/F5877","v":1},{"v":2,"d":"2.00"}]
["10013794","GOMAS 255/60 R18","2000","SUMINISTRO HIDRO","UN",12,{"$f":"+H5882/F5882","v":9135.56},{"v":109626.72,"d":"109,626.72"}]
["10013863","MANGUERA DE ALTA PRESION DE 5/16\"","2016","AGUACATE","PUL",4,{"$f":"+H5888/F5888","v":0},{"v":0,"d":"0.00"}]
["10013891","VALVULA SELENOIDE PARKER","2005","MONCION","UN",4,{"$f":"+H5894/F5894","v":0},{"v":0,"d":"0.00"}]
["10013944","POST IT 3X5","2030","OFICINA Y LIMPIEZA","CJ",0.416,{"$f":"+H5906/F5906","v":0},{"v":0,"d":"0.00"}]
["10013945","GRAPAS","2029","SUMINISTRO MATERIAL","CJ",21,{"$f":"+H5909/F5909","v":47.2},{"v":991.2,"d":"991.20"}]
["10013952","RESALTADORES","2030","OFICINA Y LIMPIEZA","CJ",46.079,{"$f":"+H5914/F5914","v":227.6902710562295},{"v":10491.74,"d":"10,491.74"}]
["10013979","RASTRILLO PARA PIEDRA","2011","PINALITO","UN",6,{"$f":"+H5926/F5926","v":0},{"v":0,"d":"0.00"}]
["10013979","RASTRILLO PARA PIEDRA","2032","LAS DOS BOCAS","UN",3,{"$f":"+H5933/F5933","v":1},{"v":3,"d":"3.00"}]
["10013985","HACHA COMPLETA 3.5 LBS","2005","MONCION","UN",10,{"$f":"+H5939/F5939","v":0},{"v":0,"d":"0.00"}]
["10014021","GUANTE DE ALTA TENSION","2004","BAIGUAQUE","UN",1,{"$f":"+H5945/F5945","v":0},{"v":0,"d":"0.00"}]
["10014043","PINTURA VERDE CLARO 52","2021","SABANETA","GAL",5,{"$f":"+H5950/F5950","v":0},{"v":0,"d":"0.00"}]
["10014069","AGUA DE BATERIA","2027","PALOMINO","GAL",52,{"$f":"+H5957/F5957","v":0},{"v":0,"d":"0.00"}]
["10014072","LIMPIADOR DE CONTACTO WEST","2013","ROSA JULIA-BOBA","UN",30,{"$f":"+H5961/F5961","v":0.01},{"v":0.3,"d":"0.30"}]
["10014076","CUBETAS PLASTICAS","2000","SUMINISTRO HIDRO","UN",10,{"$f":"+H5972/F5972","v":188.8},{"v":1888,"d":"1,888.00"}]
["10014078","DESINFECTANTE LIQUIDO","2013","ROSA JULIA-BOBA","GAL",236,{"$f":"+H5978/F5978","v":0},{"v":0,"d":"0.00"}]
["10014078","DESINFECTANTE LIQUIDO","2024","MAGUEYAL","GAL",2,{"$f":"+H5984/F5984","v":235.245},470.49]
["10014081","JABON LIQUIDO","2010","JIMENOA","GAL",3,{"$f":"+H5991/F5991","v":0},{"v":0,"d":"0.00"}]
["10014081","JABON LIQUIDO","2025","LAS DAMAS","GAL",2,{"$f":"+H5996/F5996","v":211.465},422.93]
["10014105","BASE PARA PULSADOR ZB4/BZ105","2028","BRAZO DERECHO","UN",1,{"$f":"+H6004/F6004","v":1},{"v":1,"d":"1.00"}]
["10014118","FILTRO DE AIRE C-630","2005","MONCION","UN",1,{"$f":"+H6010/F6010","v":0},{"v":0,"d":"0.00"}]
["10014126","VARILLA DE CONTRUCCION 3/4\" X 20'","2005","MONCION","UN",2,{"$f":"+H6016/F6016","v":0},{"v":0,"d":"0.00"}]
["10014176","CODO PRESION PVC 1/2\" X 90º","2010","JIMENOA","UN",7,{"$f":"+H6023/F6023","v":0},{"v":0,"d":"0.00"}]
["10014195","BATERIA 27/12 VOLTIOS","2005","MONCION","UN",2,{"$f":"+H6028/F6028","v":0},{"v":0,"d":"0.00"}]
["10014212","GOMAS DE MOTOCICLETAS DELANTERA 90/90-19","2032","LAS DOS BOCAS","UN",2,{"$f":"+H6034/F6034","v":0.01},0.02]
["10014290","VALVULA REGU. DE PRESION REF. DVDS.6X18","2027","PALOMINO","UN",2,{"$f":"+H6040/F6040","v":0},{"v":0,"d":"0.00"}]
["10014336","LAMPARAS DE MERCURIO 175W 100V","2004","BAIGUAQUE","UN",2,{"$f":"+H6045/F6045","v":0},{"v":0,"d":"0.00"}]
["10014356","ELECTRODOS DE 1/8\" x 14\" E-6013","2025","LAS DAMAS","CJ",18,{"$f":"+H6055/F6055","v":1},{"v":18,"d":"18.00"}]
["10014378","DISPENSADOR DE CINTA ADHESIVA","2030","OFICINA Y LIMPIEZA","UN",35,{"$f":"+H6062/F6062","v":0},{"v":0,"d":"0.00"}]
["10014409","SOGA DE NYLON 3/4 AZUL","2025","LAS DAMAS","UN",1,{"$f":"+H6067/F6067","v":0},{"v":0,"d":"0.00"}]
["10014422","PALA DE CORTE","2020","SABANA YEGUA","UN",8,{"$f":"+H6075/F6075","v":0},{"v":0,"d":"0.00"}]
["10014424","MODULO DE SEÑAL MOD-6ES7432-1HF00","2005","MONCION","UN",2,{"$f":"+H6079/F6079","v":0},{"v":0,"d":"0.00"}]
["10014442","CARTUCHOS HP 27 NEGRO","2029","SUMINISTRO MATERIAL","UN",28,{"$f":"+H6086/F6086","v":1310.4792857142857},{"v":36693.42,"d":"36,693.42"}]
["10014522","AZUCAR CREMA","2004","BAIGUAQUE","LB",10,{"$f":"+H6091/F6091","v":32.223},322.23]
["10014522","AZUCAR CREMA","2030","OFICINA Y LIMPIEZA","LB",10,{"$f":"+H6099/F6099","v":33.518},335.18]
["10014596","CARPETAS DE 5\".","2029","SUMINISTRO MATERIAL","UN",57,{"$f":"+H6107/F6107","v":534.6615789473684},{"v":30475.71,"d":"30,475.71"}]
["10014622","ESCOBILLON PLASTICO","2008","HATILLO","UN",1,{"$f":"+H6111/F6111","v":0},{"v":0,"d":"0.00"}]
["10014652","Servilletas","2020","SABANA YEGUA","UN",{"v":1500,"d":"1,500"},{"$f":"+H6118/F6118","v":0},{"v":0,"d":"0.00"}]
["10014653","SUAPES DE ALGODON #32","2025","LAS DAMAS","UN",3,{"$f":"+H6123/F6123","v":1},{"v":3,"d":"3.00"}]
["10014823","BROCHAS ATLAS MARRON DE 2 1/2","2020","SABANA YEGUA","UN",2,{"$f":"+H6135/F6135","v":0},{"v":0,"d":"0.00"}]
["10014850","ARANDELA PLANA 2 3/4X1 1/2X1/4","2002","TAVERA","UN",82,{"$f":"+H6138/F6138","v":0},{"v":0,"d":"0.00"}]
["10014875","TAPE DE VINIL 3M/33","2008","HATILLO","UN",3,{"$f":"+H6146/F6146","v":1},{"v":3,"d":"3.00"}]
["10014878","WESTRON 100 LIMPIADOR DE CONTACTO","2008","HATILLO","UN",6,{"$f":"+H6150/F6150","v":0},{"v":0,"d":"0.00"}]
["10014953","Jabon Liquido Para Las Manos","2020","SABANA YEGUA","UN",4,{"$f":"+H6159/F6159","v":1},{"v":4,"d":"4.00"}]
["10014973","PLATO DE CLUTCH","2008","HATILLO","UN",1,{"$f":"+H6162/F6162","v":0},{"v":0,"d":"0.00"}]
["10014994","TOMAS CORRIENTES CDE","2001","C.CONTROL HIDRO","UN",3,{"$f":"+H6170/F6170","v":0},{"v":0,"d":"0.00"}]
["10015014","SUAPE DE ALGODON","2022","DOMINGO RODRIGUEZ","UN",1,{"$f":"+H6181/F6181","v":165.48},165.48]
["10015016","PICO CON PALO","2000","SUMINISTRO HIDRO","UN",8,{"$f":"+H6187/F6187","v":1121},{"v":8968,"d":"8,968.00"}]
["10015016","PICO CON PALO","2005","MONCION","UN",8,{"$f":"+H6189/F6189","v":0},{"v":0,"d":"0.00"}]
["10015071","BORRA DE LECHE","2029","SUMINISTRO MATERIAL","UN",48,{"$f":"+H6201/F6201","v":13.7725},661.08]
["10015087","PUSH BOTON FIJO DE 30 A 500V 3P","2027","PALOMINO","UN",1,{"$f":"+H6202/F6202","v":1},{"v":1,"d":"1.00"}]
["10015124","HACHA COMPLETAS","2013","ROSA JULIA-BOBA","UN",2,{"$f":"+H6209/F6209","v":0.01},0.02]
["10015175","PINTURA COLONIAL 66","2003","ANGOSTURA","UN",5,{"$f":"+H6219/F6219","v":0},{"v":0,"d":"0.00"}]
["10015181","Pintura Azul Acrilica Oscura Esmalte","2002","TAVERA","GAL",5,{"$f":"+H6221/F6221","v":0},{"v":0,"d":"0.00"}]
["10015324","INTERRUPTOR SENCILLO LEVITON","2020","SABANA YEGUA","UN",10,{"$f":"+H6230/F6230","v":0},{"v":0,"d":"0.00"}]
["10015348","LLAVE TIPO BOLA DE PASO PVC 1 1/2 PLG","2010","JIMENOA","UN",1,{"$f":"+H6240/F6240","v":0},{"v":0,"d":"0.00"}]
["10015353","UNION ACERO INOXI 1 PLG","2002","TAVERA","UN",7,{"$f":"+H6243/F6243","v":0},{"v":0,"d":"0.00"}]
["10015385","TUBO LED  22W-T8 LAMINA TRANSP.","2007","RINCON","UN",6,{"$f":"+H6252/F6252","v":0},{"v":0,"d":"0.00"}]
["10015419","sensor de velocidad m12x1mm","2008","HATILLO","UN",2,{"$f":"+H6254/F6254","v":0.01},0.02]
["10015479","CONVERTIDOR DE CORRIENTE AC/DC M350","2002","TAVERA","UN",1,{"$f":"+H6264/F6264","v":0},{"v":0,"d":"0.00"}]
["10015520","JUEGO DE SABANAS","2000","SUMINISTRO HIDRO","UN",50,{"$f":"+H6271/F6271","v":796.5},{"v":39825,"d":"39,825.00"}]
["10015560","AMORTIGUADOR GAS TRASERO IZUSU DMAX 4WD","2031","REPUESTOS VEHICULOS","UN",6,{"$f":"+H6279/F6279","v":0},{"v":0,"d":"0.00"}]
["10015585","GUANTES SUPERMAX  (MEDIUN)","2000","SUMINISTRO HIDRO","UN",440,{"$f":"+H6282/F6282","v":0},{"v":0,"d":"0.00"}]
["10015631","CAPA IMPERMEABLES (CAPOTE)","2000","SUMINISTRO HIDRO","UN",20,{"$f":"+H6291/F6291","v":0},{"v":0,"d":"0.00"}]
["10015637","TARJETA EXT 1000, GEC ALSTOM NEYRPIC","2002","TAVERA","UN",2,{"$f":"+H6299/F6299","v":0},{"v":0,"d":"0.00"}]
["10015679","AMPERIMETRO DE 0 A 1000 A /60MB","2002","TAVERA","UN",1,{"$f":"+H6303/F6303","v":0.01},0.01]
["10015696","MANGUERA TIPO BOMBERO","2004","BAIGUAQUE","UN",2,{"$f":"+H6311/F6311","v":0},{"v":0,"d":"0.00"}]
["10015700","PATA DE CABRA","2027","PALOMINO","UN",5,{"$f":"+H6314/F6314","v":1413.876},{"v":7069.38,"d":"7,069.38"}]
["10015712","EXTENSION ELECTRICA","2002","TAVERA","UN",3,{"$f":"+H6323/F6323","v":0},{"v":0,"d":"0.00"}]
["10015776","SILICON TRANSPARENTE","2002","TAVERA","UN",15,{"$f":"+H6327/F6327","v":0},{"v":0,"d":"0.00"}]
["10015795","REDUCCION PVC DE 2\" A 1\"","2027","PALOMINO","UN",1,{"$f":"+H6335/F6335","v":0},{"v":0,"d":"0.00"}]
["10015818","FILTRO PARA MASCARILLA ANTI GAS","2000","SUMINISTRO HIDRO","UN",9,{"$f":"+H6344/F6344","v":0.01},0.09]
["10015818","FILTRO PARA MASCARILLA ANTI GAS","2011","PINALITO","UN",14,{"$f":"+H6347/F6347","v":0},{"v":0,"d":"0.00"}]
["10015819","AISLANTE NOMEX","2011","PINALITO","UN",1,{"$f":"+H6355/F6355","v":0},{"v":0,"d":"0.00"}]
["10015853","BOBINA DE CIERRE DE INTERRUPTOR","2008","HATILLO","UN",2,{"$f":"+H6362/F6362","v":0.01},0.02]
["10015870","PILA ALCALINA TIPO D 1.5V","2010","JIMENOA","UN",2,{"$f":"+H6366/F6366","v":0},{"v":0,"d":"0.00"}]
["10015882","SOGA DE NYLON 3/8\" BLANCA","2025","LAS DAMAS","UN",2,{"$f":"+H6374/F6374","v":0},{"v":0,"d":"0.00"}]
["10015916","TRANSFORMADOR D/ MEDIA TENCION URC-34","2021","SABANETA","UN",2,{"$f":"+H6379/F6379","v":0},{"v":0,"d":"0.00"}]
["10015928","ROTULA DIRECCION NISSAN FRONTIER","2031","REPUESTOS VEHICULOS","UN",1,{"$f":"+H6386/F6386","v":0},{"v":0,"d":"0.00"}]
["10015977","CABLE OPTICO PR-6423","2002","TAVERA","UN",1,{"$f":"+H6394/F6394","v":0},{"v":0,"d":"0.00"}]
["10015983","FUSIBLE DE CRISTAL 2A","2022","DOMINGO RODRIGUEZ","UN",21,{"$f":"+H6398/F6398","v":0.01},0.21]
["10015993","CINTURON LINIERO","2020","SABANA YEGUA","UN",1,{"$f":"+H6406/F6406","v":0},{"v":0,"d":"0.00"}]
["10016003","TERMINAL P/ SUZUKI GRAN VITARA 08-11","2031","REPUESTOS VEHICULOS","UN",10,{"$f":"+H6411/F6411","v":0},{"v":0,"d":"0.00"}]
["10016026","CADENA HG DE 4MM","2002","TAVERA","UN",1,{"$f":"+H6418/F6418","v":0},{"v":0,"d":"0.00"}]
["10016027","CONO DE SEGURIDAD 28\"","2022","DOMINGO RODRIGUEZ","UN",9,{"$f":"+H6428/F6428","v":0},{"v":0,"d":"0.00"}]
["10016046","TARJETA DE SALIDA REF.AS-BDEP-211","2022","DOMINGO RODRIGUEZ","UN",3,{"$f":"+H6433/F6433","v":0},{"v":0,"d":"0.00"}]
["10016110","REGULADOR DE VELOCIDAD BOXIXIN","2011","PINALITO","UN",1,{"$f":"+H6439/F6439","v":0},{"v":0,"d":"0.00"}]
["10016132","UHU BARRA","2029","SUMINISTRO MATERIAL","UN",173,{"$f":"+H6445/F6445","v":73.18231213872834},{"v":12660.54,"d":"12,660.54"}]
["10016181","PENETRANTE WD-40","2007","RINCON","UN",1,{"$f":"+H6450/F6450","v":0.01},0.01]
["10016186","THINNER INDUSTRIAL","2008","HATILLO","GAL",8,{"$f":"+H6457/F6457","v":1},{"v":8,"d":"8.00"}]
["10016253","PINTURA AMARILLO SOL 88","2013","ROSA JULIA-BOBA","GAL",1,{"$f":"+H6463/F6463","v":0},{"v":0,"d":"0.00"}]
["10016284","BASE PARA RELE 10A-300V","2011","PINALITO","UN",1,{"$f":"+H6469/F6469","v":0},{"v":0,"d":"0.00"}]
["10016333","CAPACITOR O CONDENSADOR","2001","C.CONTROL HIDRO","UN",1,{"$f":"+H6480/F6480","v":0},{"v":0,"d":"0.00"}]
["10016361","NIPLE ACERO INOXI 3/4\"","2002","TAVERA","UN",34,{"$f":"+H6488/F6488","v":0},{"v":0,"d":"0.00"}]
["10016361","NIPLE ACERO INOXI 3/4\"","2021","SABANETA","UN",1,{"$f":"+H6489/F6489","v":0},{"v":0,"d":"0.00"}]
["10016441","RESORTE DE ALAMBRE 22 CM","2007","RINCON","UN",4,{"$f":"+H6501/F6501","v":0},{"v":0,"d":"0.00"}]
["10016452","BOLA ESFERICA INFERIOR NISSAN FRONTRIER","2031","REPUESTOS VEHICULOS","UN",6,{"$f":"+H6508/F6508","v":0},{"v":0,"d":"0.00"}]
["10016463","ACEITE CRISOL LIGERO","2000","SUMINISTRO HIDRO","CJ",11,{"$f":"+H6512/F6512","v":2630.9963636363636},{"v":28940.96,"d":"28,940.96"}]
["10016469","BARRA PARA EXCAVAR HEXAGONAL 1.55M","2027","PALOMINO","UN",3,{"$f":"+H6516/F6516","v":1755.8400000000001},{"v":5267.52,"d":"5,267.52"}]
["10016492","LAMPARA FLURESCENTE COMPACTA 13W","2003","ANGOSTURA","UN",17,{"$f":"+H6523/F6523","v":0},{"v":0,"d":"0.00"}]
["10016503","MEMORIA USB 32 GB 3.0","2029","SUMINISTRO MATERIAL","UN",3,{"$f":"+H6528/F6528","v":288},{"v":864,"d":"864.00"}]
["10016539","TRANSDUCTOR MOD. S4-20MA","2011","PINALITO","UN",6,{"$f":"+H6540/F6540","v":0.01},0.06]
["10016567","CRUCETA CARDAN TOYOTA HILUX 2017-2021","2031","REPUESTOS VEHICULOS","UN",4,{"$f":"+H6547/F6547","v":0},{"v":0,"d":"0.00"}]
["10016585","LOCTITE SELLADOR DE UNIONES","2023","LOS TOROS","UN",3,{"$f":"+H6553/F6553","v":0},{"v":0,"d":"0.00"}]
["10016643","MODULO R5232","2011","PINALITO","C/U",1,{"$f":"+H6559/F6559","v":0},{"v":0,"d":"0.00"}]
["10016646","SENSOR DE PROXIMIDAD REF:DH5NP18-4","2020","SABANA YEGUA","UN",7,{"$f":"+H6564/F6564","v":1},{"v":7,"d":"7.00"}]
["10016652","FILTRO DE AGUA FLW 4073","2005","MONCION","UN",2,{"$f":"+H6567/F6567","v":0},{"v":0,"d":"0.00"}]
["10016667","BATERIA","2017","VALDESIA","UN",4,{"$f":"+H6575/F6575","v":7982.7},{"v":31930.8,"d":"31,930.80"}]
["10016679","CONTACTOR RELE 220V","2023","LOS TOROS","UN",1,{"$f":"+H6586/F6586","v":0},{"v":0,"d":"0.00"}]
["10016685","LINTERNA","2013","ROSA JULIA-BOBA","UN",5,{"$f":"+H6591/F6591","v":2832},{"v":14160,"d":"14,160.00"}]
["10016688","MANGUERA CONTRA INCENDIO 2 1/2\" x 50 ft","2011","PINALITO","UN",8,{"$f":"+H6596/F6596","v":0.01},0.08]
["10016705","VENTILADOR 110V-0.23 A","2022","DOMINGO RODRIGUEZ","UN",1,{"$f":"+H6606/F6606","v":0},{"v":0,"d":"0.00"}]
["10016705","VENTILADOR 110V-0.23 A","2028","BRAZO DERECHO","UN",4,{"$f":"+H6607/F6607","v":1},{"v":4,"d":"4.00"}]
["10016710","MANGAS DE SOLDAR","2027","PALOMINO","UN",8,{"$f":"+H6618/F6618","v":0},{"v":0,"d":"0.00"}]
["10016715","ESTATOR SERIE 6.1561 P/ GRUA BAUMA","2027","PALOMINO","UN",1,{"$f":"+H6624/F6624","v":1},{"v":1,"d":"1.00"}]
["10016721","LIJAS","2020","SABANA YEGUA","UN",3,{"$f":"+H6630/F6630","v":1},{"v":3,"d":"3.00"}]
["10016737","LIMA","2023","LOS TOROS","UN",27,{"$f":"+H6637/F6637","v":0},{"v":0,"d":"0.00"}]
["10016750","AMPERIMETRO DE 0 A 300 AMP","2023","LOS TOROS","UN",22,{"$f":"+H6642/F6642","v":0},{"v":0,"d":"0.00"}]
["10016771","SWITCHS INALAMBRICOS","2025","LAS DAMAS","UN",1,{"$f":"+H6648/F6648","v":1},{"v":1,"d":"1.00"}]
["10016785","INDICADOR PISO MOJADO","2024","MAGUEYAL","UN",1,{"$f":"+H6657/F6657","v":0.01},0.01]
["10016786","GUANTE AISLANTE DE ELECTRICIDAD","2005","MONCION","UN",1,{"$f":"+H6659/F6659","v":0},{"v":0,"d":"0.00"}]
["10016828","ELECTRODO DE ACERO INOXI 3.0 MM X 14\"","2020","SABANA YEGUA","UN",{"v":5.5,"d":"5.500"},{"$f":"+H6669/F6669","v":1},{"v":5.5,"d":"5.50"}]
["10016879","CONTACTO AUXILIAR REF-CA4","2010","JIMENOA","UN",1,{"$f":"+H6676/F6676","v":0},{"v":0,"d":"0.00"}]
["10016887","BUSHING DE CATRE DT-125","2031","REPUESTOS VEHICULOS","UN",4,{"$f":"+H6681/F6681","v":0},{"v":0,"d":"0.00"}]
["10016907","CURVA PVC 4\"","2001","C.CONTROL HIDRO","UN",20,{"$f":"+H6689/F6689","v":0},{"v":0,"d":"0.00"}]
["10016918","FUENTE ALIMENTACION","2003","ANGOSTURA","UN",1,{"$f":"+H6697/F6697","v":0},{"v":0,"d":"0.00"}]
["10016937","BOMBA SUMERGIBLE 2HP/1.5KV","2022","DOMINGO RODRIGUEZ","UN",2,{"$f":"+H6701/F6701","v":0},{"v":0,"d":"0.00"}]
["10016955","CUT OUT","2009","RIO BLANCO","UN",10,{"$f":"+H6708/F6708","v":4472.2},{"v":44722,"d":"44,722.00"}]
["10016970","MASETA DE 6 LB","2002","TAVERA","UN",2,{"$f":"+H6713/F6713","v":0},{"v":0,"d":"0.00"}]
["10016990","BLOQUE CONTACTO AUX.. MCBH-11","2010","JIMENOA","UN",146,{"$f":"+H6721/F6721","v":0.01},1.46]
["10017007","TRANS. D/ POSIC CARREA ACTV. 230MM/24VCD","2004","BAIGUAQUE","UN",1,{"$f":"+H6725/F6725","v":0},{"v":0,"d":"0.00"}]
["10017025","DENCIMETRO 1.16-1.20 SGU","2007","RINCON","UN",1,{"$f":"+H6732/F6732","v":0},{"v":0,"d":"0.00"}]
["10017035","VENTILADOR P/TRANSF. MOD. A411NZ26 480V","2027","PALOMINO","UN",1,{"$f":"+H6740/F6740","v":6.57},6.57]
["10017105","CAMISA MANGAS CORTA","2020","SABANA YEGUA","UN",3,{"$f":"+H6749/F6749","v":1},{"v":3,"d":"3.00"}]
["10017128","TERMINALES SUZUKI VITARA","2031","REPUESTOS VEHICULOS","UN",1,{"$f":"+H6752/F6752","v":0},{"v":0,"d":"0.00"}]
["10017181","PANELSOLAR  925x530x40mm 50W","2011","PINALITO","UN",1,{"$f":"+H6760/F6760","v":0.01},0.01]
["10017189","ORING 4MM","2005","MONCION","UN",8,{"$f":"+H6764/F6764","v":0},{"v":0,"d":"0.00"}]
["10017237","RASTRILLO DE METAL 1FT","2013","ROSA JULIA-BOBA","UN",10,{"$f":"+H6773/F6773","v":413},{"v":4130,"d":"4,130.00"}]
["10017245","CINTA AISLANTE DE FIBRA DE VIDRIO 1 PLG","2015","JIGüEY","UN",4,{"$f":"+H6776/F6776","v":0},{"v":0,"d":"0.00"}]
["10017251","ADAPTADOR DOBLE ROSCA PVC 3\" SCH-40","2009","RIO BLANCO","UN",6,{"$f":"+H6784/F6784","v":1},{"v":6,"d":"6.00"}]
["10017272","CONECTOR LIQUID TIGH RECT 3/4 PLG","2010","JIMENOA","UN",24,{"$f":"+H6794/F6794","v":0.01},0.24]
["10017273","CODO PVC 24\" SCH-40","2032","LAS DOS BOCAS","UN",6,{"$f":"+H6796/F6796","v":0},{"v":0,"d":"0.00"}]
["10017284","ESCOBILLON 40 CM","2010","JIMENOA","UN",2,{"$f":"+H6805/F6805","v":0.01},0.02]
["10017293","TARJETA DE MODULO 327-1301","2011","PINALITO","UN",1,{"$f":"+H6815/F6815","v":0},{"v":0,"d":"0.00"}]
["10017295","GOBERNADOR PCB CUMMINGS MOD-300-4307","2011","PINALITO","UN",1,{"$f":"+H6816/F6816","v":0},{"v":0,"d":"0.00"}]
["10017301","RODAMIENTO SKF 5305-ZZ","2005","MONCION","UN",7,{"$f":"+H6823/F6823","v":0},{"v":0,"d":"0.00"}]
["10017317","CLORO","2003","ANGOSTURA","GAL",4,{"$f":"+H6833/F6833","v":101.62},406.48]
["10017317","CLORO","2010","JIMENOA","GAL",16,{"$f":"+H6835/F6835","v":0},{"v":0,"d":"0.00"}]
["10017317","CLORO","2030","OFICINA Y LIMPIEZA","GAL",12,{"$f":"+H6844/F6844","v":60.604166666666664},727.25]
["10017350","CORREA B56","2005","MONCION","UN",1,{"$f":"+H6854/F6854","v":0},{"v":0,"d":"0.00"}]
["10017353","CABLES","2000","SUMINISTRO HIDRO","UN",{"v":1500,"d":"1,500"},{"$f":"+H6857/F6857","v":110.4008},{"v":165601.2,"d":"165,601.20"}]
["10017422","CEPILLO DE LAMINA 60 X 20MM","2020","SABANA YEGUA","M3",2,{"$f":"+H6866/F6866","v":0},{"v":0,"d":"0.00"}]
["10017429","SERPENTIN ALSTON 1290X1290X0.51DM","2002","TAVERA","UN",2,{"$f":"+H6868/F6868","v":0},{"v":0,"d":"0.00"}]
["10017450","CINTA DE SEGURIDAD","2013","ROSA JULIA-BOBA","UN",2,{"$f":"+H6874/F6874","v":0.01},0.02]
["10017517","GOMAS 225/ 70 R16","2000","SUMINISTRO HIDRO","UN",4,{"$f":"+H6886/F6886","v":6969.2575},{"v":27877.03,"d":"27,877.03"}]
["10017546","BUSHING BARRA ESTABIL. ISUZU D-MAX06-12","2031","REPUESTOS VEHICULOS","UN",28,{"$f":"+H6889/F6889","v":0},{"v":0,"d":"0.00"}]
["10017556","MULTIPLICADOR DE SEÑAL","2010","JIMENOA","UN",2,{"$f":"+H6898/F6898","v":1},{"v":2,"d":"2.00"}]
["10017569","TARJETA ELECTRÓNICA","2005","MONCION","UN",2,{"$f":"+H6906/F6906","v":0},{"v":0,"d":"0.00"}]
["10017605","CONDUFLEX 3/4\"","2005","MONCION","ROL",2,{"$f":"+H6913/F6913","v":0},{"v":0,"d":"0.00"}]
["10017614","CAMARA COLOR SN:D375A022510052","2011","PINALITO","UN",1,{"$f":"+H6917/F6917","v":0},{"v":0,"d":"0.00"}]
["10017631","TEE HIERRO NEGRO 4 X 2","2027","PALOMINO","UN",2,{"$f":"+H6925/F6925","v":0},{"v":0,"d":"0.00"}]
["10017635","BOTELLA HIDRAULICA","2013","ROSA JULIA-BOBA","UN",2,{"$f":"+H6928/F6928","v":0.01},0.02]
["10017678","PALANCA","2020","SABANA YEGUA","UN",1,{"$f":"+H6937/F6937","v":1},{"v":1,"d":"1.00"}]
["10017692","CLAVO DE ACERO","2025","LAS DAMAS","UN",2,{"$f":"+H6941/F6941","v":0.01},0.02]
["10017744","MANITA LIMPIA GEL GL","2020","SABANA YEGUA","UN",1,{"$f":"+H6949/F6949","v":1},{"v":1,"d":"1.00"}]
["10017751","CAPACITOR 370V/44V-50/60HZ","2015","JIGüEY","UN",6,{"$f":"+H6958/F6958","v":0},{"v":0,"d":"0.00"}]
["10017787","FILTRO DE AIRE P/TURBINA","2002","TAVERA","UN",2,{"$f":"+H6964/F6964","v":0},{"v":0,"d":"0.00"}]
["10017801","ESPEJO PENDULO DIRECTO","2007","RINCON","UN",15,{"$f":"+H6969/F6969","v":0},{"v":0,"d":"0.00"}]
["10017860","FUENTE SISTEMA DE EXCITACIÓN 20VDC/10A","2007","RINCON","UN",3,{"$f":"+H6976/F6976","v":0},{"v":0,"d":"0.00"}]
["10017917","SPRAY REVELADOR DE GRIETA","2010","JIMENOA","UN",2,{"$f":"+H6981/F6981","v":0},{"v":0,"d":"0.00"}]
["10017943","ARNES DE SEGURIDAD","2008","HATILLO","UN",1,{"$f":"+H6990/F6990","v":0},{"v":0,"d":"0.00"}]
["10017943","ARNES DE SEGURIDAD","2020","SABANA YEGUA","UN",4,{"$f":"+H6996/F6996","v":0},{"v":0,"d":"0.00"}]
["10017943","ARNES DE SEGURIDAD","2027","PALOMINO","UN",22,{"$f":"+H7001/F7001","v":0},{"v":0,"d":"0.00"}]
["10017985","CONTACTOR TRIFASICO 6A 220V","2021","SABANETA","UN",4,{"$f":"+H7008/F7008","v":0},{"v":0,"d":"0.00"}]
["10018022","PROTECTOR DIELECTRICO","2022","DOMINGO RODRIGUEZ","UN",1,{"$f":"+H7014/F7014","v":0},{"v":0,"d":"0.00"}]
["10018039","ADAPTADOR HEMBRA PVC 3\" ROSCADO SCH-40","2001","C.CONTROL HIDRO","UN",5,{"$f":"+H7020/F7020","v":0},{"v":0,"d":"0.00"}]
["10018061","JUEGO DE CABLE DE ATERIZAJE","2007","RINCON","UN",2,{"$f":"+H7025/F7025","v":0},{"v":0,"d":"0.00"}]
["10018094","BOMBILLAS 24V/2W","2015","JIGüEY","UN",5,{"$f":"+H7032/F7032","v":0},{"v":0,"d":"0.00"}]
["10018176","TAPA INTERRUCTOR","2005","MONCION","UN",7,{"$f":"+H7042/F7042","v":0},{"v":0,"d":"0.00"}]
["10018203","MOTOBOMBA HIDRAULICA 60HZ","2010","JIMENOA","UN",1,{"$f":"+H7047/F7047","v":0.01},0.01]
["10018241","CERA PARA CONTAR DINERO","2025","LAS DAMAS","UN",1,{"$f":"+H7053/F7053","v":0.01},0.01]
["10018297","ACETONA","2005","MONCION","GAL",1,{"$f":"+H7059/F7059","v":0},{"v":0,"d":"0.00"}]
["10018316","TIRA AISLANTE 3x18x637mm","2011","PINALITO","UN",30,{"$f":"+H7064/F7064","v":0},{"v":0,"d":"0.00"}]
["10018343","LIQUID TIGHT","2003","ANGOSTURA","UN",15,{"$f":"+H7071/F7071","v":0},{"v":0,"d":"0.00"}]
["10018402","FILTRO CEPEL 1 1/2 EX-06/99","2011","PINALITO","CA",6,{"$f":"+H7079/F7079","v":0},{"v":0,"d":"0.00"}]
["10018405","LINEA DE VIDA PARA ARNES DE SEGURIDAD","2010","JIMENOA","UN",3,{"$f":"+H7085/F7085","v":1},{"v":3,"d":"3.00"}]
["10018405","LINEA DE VIDA PARA ARNES DE SEGURIDAD","2028","BRAZO DERECHO","UN",2,{"$f":"+H7091/F7091","v":0},{"v":0,"d":"0.00"}]
["10018412","CABLES","2003","ANGOSTURA","TF",1,{"$f":"+H7098/F7098","v":0},{"v":0,"d":"0.00"}]
["10018435","CABLE DE 4 X 0.20 HILOS","2022","DOMINGO RODRIGUEZ","TF",2,{"$f":"+H7103/F7103","v":0.01},0.02]
["10018527","PLOMADA","2010","JIMENOA","UN",2,{"$f":"+H7115/F7115","v":0.01},0.02]
["10018554","MOTOR ELECTRICO TRIFAC. 0.75KW 4POLO","2000","SUMINISTRO HIDRO","UN",1,{"$f":"+H7122/F7122","v":35400},{"v":35400,"d":"35,400.00"}]
["10018592","CILINDRO DE FRENO TRACERO TOYOTA","2020","SABANA YEGUA","UN",1,{"$f":"+H7126/F7126","v":0},{"v":0,"d":"0.00"}]
["10018606","TORNILLO 5/16\" X 2 1/2\"","2020","SABANA YEGUA","UN",8,{"$f":"+H7130/F7130","v":0},{"v":0,"d":"0.00"}]
["10018688","PILAS","2000","SUMINISTRO HIDRO","CJ",4,{"$f":"+H7137/F7137","v":0},{"v":0,"d":"0.00"}]
["10018716","CONECTOR P/MANGUERA LT 3/4\"","2015","JIGüEY","UN",1,{"$f":"+H7142/F7142","v":0},{"v":0,"d":"0.00"}]
["10018757","MANGA PARA EMPALMES DE FIBRA OPTICA","2010","JIMENOA","UN",2,{"$f":"+H7150/F7150","v":0},{"v":0,"d":"0.00"}]
["10018815","ESPUMA DE POLIURETANO","2011","PINALITO","UN",3,{"$f":"+H7161/F7161","v":0.01},0.03]
["10018896","COUPLING PVC 6\" SCH-40","2032","LAS DOS BOCAS","UN",15,{"$f":"+H7167/F7167","v":0.01},0.15]
["10018925","TONER 80A","2029","SUMINISTRO MATERIAL","UN",29,{"$f":"+H7173/F7173","v":6392.135517241379},{"v":185371.93,"d":"185,371.93"}]
["10018944","TONER 131A NEGRO","2029","SUMINISTRO MATERIAL","UN",3,{"$f":"+H7181/F7181","v":4167.923333333333},{"v":12503.77,"d":"12,503.77"}]
["10018945","CARTUCHO 932XL NEGRO","2029","SUMINISTRO MATERIAL","UN",66,{"$f":"+H7182/F7182","v":1923.7186363636363},{"v":126965.43,"d":"126,965.43"}]
["10018959","TONER 130A CYAN","2029","SUMINISTRO MATERIAL","UN",5,{"$f":"+H7193/F7193","v":3330.554},{"v":16652.77,"d":"16,652.77"}]
["10018965","CARTUCHO HP 920XL CYAN","2029","SUMINISTRO MATERIAL","UN",29,{"$f":"+H7199/F7199","v":888.3920689655172},{"v":25763.37,"d":"25,763.37"}]
["10018976","CARTUCHO HP 97 TRICOLOR","2029","SUMINISTRO MATERIAL","UN",16,{"$f":"+H7205/F7205","v":2812.614375},{"v":45001.83,"d":"45,001.83"}]
["10018982","TONER 304A CC530A NEGRO","2029","SUMINISTRO MATERIAL","UN",4,{"$f":"+H7210/F7210","v":8086.45},{"v":32345.8,"d":"32,345.80"}]
["10018987","PAPEL BOND 8 ½ X 11","2030","OFICINA Y LIMPIEZA","CA",0,{"$f":"+H7220/F7220","v":{"$error":"#DIV/0!"}},{"v":0,"d":"0.00"}]
["10018990","PAPEL DE CONSTRUCCION 8 ½ X 11","2029","SUMINISTRO MATERIAL","CA",{"v":0.4,"d":"0.400"},{"$f":"+H7221/F7221","v":987.65},395.06]
["10019002","POST-IT 3 X 3","2000","SUMINISTRO HIDRO","DOC",38.249,{"$f":"+H7232/F7232","v":115.54628879186383},{"v":4419.53,"d":"4,419.53"}]
["10019002","POST-IT 3 X 3","2030","OFICINA Y LIMPIEZA","DOC",0.166,{"$f":"+H7234/F7234","v":113.01204819277109},18.76]
["10019008","LAPICERO AZUL","2024","MAGUEYAL","CA",2,{"$f":"+H7244/F7244","v":64.8},{"v":129.6,"d":"129.60"}]
["10019011","MARCADORES INDELEBLES","2000","SUMINISTRO HIDRO","CA",170,{"$f":"+H7251/F7251","v":227.23170588235294},{"v":38629.39,"d":"38,629.39"}]
["10019012","CORRECTOR LIQUIDO","2029","SUMINISTRO MATERIAL","UN",1,{"$f":"+H7256/F7256","v":65.17},65.17]
["10019015","FOLDER AMARILLO 8 ½ X 11","2029","SUMINISTRO MATERIAL","CA",{"v":0.11,"d":"0.110"},{"$f":"+H7264/F7264","v":261.09090909090907},28.72]
["10019019","CLIPS PEQUEÑOS","2030","OFICINA Y LIMPIEZA","CA",15,{"$f":"+H7272/F7272","v":13.106666666666666},{"v":196.6,"d":"196.60"}]
["10019020","CLIPS GRANDES","2024","MAGUEYAL","CA",2,{"$f":"+H7276/F7276","v":32.84},65.68]
["10019022","CLIP BILLETERO GRANDE DE 51 MM","2030","OFICINA Y LIMPIEZA","CA",40,{"$f":"+H7283/F7283","v":115.73825},{"v":4629.53,"d":"4,629.53"}]
["10019027","BANDEJA DE ESCRITORIO","2030","OFICINA Y LIMPIEZA","UN",1,{"$f":"+H7288/F7288","v":423.5},{"v":423.5,"d":"423.50"}]
["10019035","DVD HP","2029","SUMINISTRO MATERIAL","UN",39,{"$f":"+H7294/F7294","v":626.88},{"v":24448.32,"d":"24,448.32"}]
["10019048","ACE","2010","JIMENOA","LB",60,{"$f":"+H7303/F7303","v":0.01},{"v":0.6,"d":"0.60"}]
["10019055","PALITA PLASTICA/RECOGEDOR DE BASURA","2000","SUMINISTRO HIDRO","UN",1,{"$f":"+H7311/F7311","v":101.23},101.23]
["10019055","PALITA PLASTICA/RECOGEDOR DE BASURA","2015","JIGüEY","UN",5,{"$f":"+H7315/F7315","v":0},{"v":0,"d":"0.00"}]
["10019101","ARANDELA DE ACOPLAMIENTO 3046200","2011","PINALITO","UN",1,{"$f":"+H7324/F7324","v":0},{"v":0,"d":"0.00"}]
["10019109","SELECTOR DE PLANTA DE EMERGRNCIA","2011","PINALITO","UN",6,{"$f":"+H7327/F7327","v":0},{"v":0,"d":"0.00"}]
["10019151","PUSH BOTON REF.2888 X 1","2004","BAIGUAQUE","UN",5,{"$f":"+H7335/F7335","v":0},{"v":0,"d":"0.00"}]
["10019163","CARTUCHO 933XL MAGENTA","2029","SUMINISTRO MATERIAL","UN",92,{"$f":"+H7339/F7339","v":898.6307608695652},{"v":82674.03,"d":"82,674.03"}]
["10019187","CEPILLO DE PARED","2010","JIMENOA","UN",1,{"$f":"+H7346/F7346","v":0},{"v":0,"d":"0.00"}]
["10019198","UNION UNIVERSAL POLIETILENO 1 PLG","2010","JIMENOA","UN",40,{"$f":"+H7354/F7354","v":1},{"v":40,"d":"40.00"}]
["10019233","ALUZINC 8''","2000","SUMINISTRO HIDRO","TF",24,{"$f":"+H7359/F7359","v":0},{"v":0,"d":"0.00"}]
["10019253","TEE 1 1/4 PLG SOLDABLE","2008","HATILLO","UN",7,{"$f":"+H7367/F7367","v":1},{"v":7,"d":"7.00"}]
["10019271","ARROZ","2000","SUMINISTRO HIDRO","SAC",57,{"$f":"+H7374/F7374","v":2345},{"v":133665,"d":"133,665.00"}]
["10019282","CINTA ADHESIVA ANCHAS DE 2 PULG.","2029","SUMINISTRO MATERIAL","UN",101,{"$f":"+H7378/F7378","v":57.34247524752475},{"v":5791.59,"d":"5,791.59"}]
["10019338","CARTUCHOS 954 XL NEGRO","2029","SUMINISTRO MATERIAL","UN",46,{"$f":"+H7386/F7386","v":3057.0026086956523},{"v":140622.12,"d":"140,622.12"}]
["10019361","PAPEL DE BAÑO JUMBO 2PLY (48/1)","2025","LAS DAMAS","FAR",3,{"$f":"+H7395/F7395","v":1511.6433333333334},{"v":4534.93,"d":"4,534.93"}]
["10019363","SERVILLETA DE MESA 10/1","2021","SABANETA","FAR",{"v":0.4,"d":"0.400"},{"$f":"+H7398/F7398","v":518.275},207.31]
["10019376","GUANTES DE OBRERO","2027","PALOMINO","PAA",27,{"$f":"+H7408/F7408","v":184.72222222222223},{"v":4987.5,"d":"4,987.50"}]
["10019376","GUANTES DE OBRERO","2030","OFICINA Y LIMPIEZA","PAA",1,{"$f":"+H7410/F7410","v":206.5},{"v":206.5,"d":"206.50"}]
["10019391","CAFE MOLIDO 20/1","2020","SABANA YEGUA","FAR",4,{"$f":"+H7419/F7419","v":4604.475},{"v":18417.9,"d":"18,417.90"}]
["10019393","DETERGENTE SUAVE","2024","MAGUEYAL","SAC",1,{"$f":"+H7429/F7429","v":1233.12},{"v":1233.12,"d":"1,233.12"}]
["10019393","DETERGENTE SUAVE","2025","LAS DAMAS","SAC",1,{"$f":"+H7430/F7430","v":1233.13},{"v":1233.13,"d":"1,233.13"}]
["10019395","BRILLO VERDE","2022","DOMINGO RODRIGUEZ","UN",8,{"$f":"+H7437/F7437","v":33.475},{"v":267.8,"d":"267.80"}]
["10019399","FUNDAS DE 55 GALONES NEGRA","2004","BAIGUAQUE","FAR",1,{"$f":"+H7447/F7447","v":608.18},608.18]
["10019399","FUNDAS DE 55 GALONES NEGRA","2020","SABANA YEGUA","FAR",3,{"$f":"+H7449/F7449","v":608.18},{"v":1824.54,"d":"1,824.54"}]
["10019400","FUNDAS DE 30 GALONES NEGRA","2021","SABANETA","FAR",180,{"$f":"+H7457/F7457","v":334.31666666666666},{"v":60177,"d":"60,177.00"}]
["10019412","TAPE DOBLE CARA","2024","MAGUEYAL","UN",12,{"$f":"+H7468/F7468","v":0.01},0.12]
["10019412","TAPE DOBLE CARA","2029","SUMINISTRO MATERIAL","UN",107,{"$f":"+H7469/F7469","v":119.11607476635514},{"v":12745.42,"d":"12,745.42"}]
["10019436","TONER 312 A AMARILLO","2029","SUMINISTRO MATERIAL","UN",1,{"$f":"+H7479/F7479","v":7491.95},{"v":7491.95,"d":"7,491.95"}]
["10019456","TUERCA 69MM","2015","JIGüEY","UN",2,{"$f":"+H7488/F7488","v":0},{"v":0,"d":"0.00"}]
["10019463","LENTE DE CAMARA TN2812","2011","PINALITO","UN",3,{"$f":"+H7492/F7492","v":0},{"v":0,"d":"0.00"}]
["10019485","FUNDAS DE 3 GALONES","2029","SUMINISTRO MATERIAL","FAR",1,{"$f":"+H7500/F7500","v":93.29},93.29]
["10019486","BRILLO GORDO (ALAMBRE)","2030","OFICINA Y LIMPIEZA","UN",144,{"$f":"+H7503/F7503","v":28.32},{"v":4078.08,"d":"4,078.08"}]
["10019505","BOTELLA GT52 CYAN","2029","SUMINISTRO MATERIAL","UN",6,{"$f":"+H7508/F7508","v":335.415},{"v":2012.49,"d":"2,012.49"}]
["10019569","MANGA TERMICA P/EMPARME DE ALAMBRE","2016","AGUACATE","TF",1,{"$f":"+H7520/F7520","v":0},{"v":0,"d":"0.00"}]
["10019589","TONER 126A CE310A NEGRO","2029","SUMINISTRO MATERIAL","UN",15,{"$f":"+H7527/F7527","v":2655.0513333333333},{"v":39825.77,"d":"39,825.77"}]
["10019600","CARTUCHO 952 XL LOR35A YELLOW","2029","SUMINISTRO MATERIAL","UN",13,{"$f":"+H7531/F7531","v":1455.4176923076923},{"v":18920.43,"d":"18,920.43"}]
["10019654","TARRAJA 1/4 X 7 PLG","2007","RINCON","UN",3,{"$f":"+H7539/F7539","v":0},{"v":0,"d":"0.00"}]
["10019694","RELLENO DE MATERIALES","2016","AGUACATE","M",1,{"$f":"+H7544/F7544","v":1},{"v":1,"d":"1.00"}]
["10019718","TARJETA PK2120 CNTRL HS","2022","DOMINGO RODRIGUEZ","UN",2,{"$f":"+H7551/F7551","v":0},{"v":0,"d":"0.00"}]
["10019760","CARETA PARA SOLDAR","2005","MONCION","UN",1,{"$f":"+H7559/F7559","v":0.01},0.01]
["10019767","FILTRO PA-5425","2011","PINALITO","CA",6,{"$f":"+H7563/F7563","v":0},{"v":0,"d":"0.00"}]
["10019859","CONTROLADOR AUTOMATICO DPA10 M 4-20","2021","SABANETA","QNT",{"v":1,"d":"1.00"},{"$f":"+H7571/F7571","v":1},{"v":1,"d":"1.00"}]
["10019867","TAPONES DE OIDOS DESECHABLES","2007","RINCON","UN",171,{"$f":"+H7576/F7576","v":0},{"v":0,"d":"0.00"}]
["10019867","TAPONES DE OIDOS DESECHABLES","2025","LAS DAMAS","UN",200,{"$f":"+H7583/F7583","v":0.01},{"v":2,"d":"2.00"}]
["10019921","AGUA PARA BATERIA","2008","HATILLO","UN",8,{"$f":"+H7587/F7587","v":1},{"v":8,"d":"8.00"}]
["10019982","TONER 410 CF410A NEGRO","2020","SABANA YEGUA","UN",1,{"$f":"+H7598/F7598","v":1},{"v":1,"d":"1.00"}]
["10020001","ESPUELAS PARA TREPAR POSTE","2020","SABANA YEGUA","UN",6,{"$f":"+H7604/F7604","v":0},{"v":0,"d":"0.00"}]
["10020012","ADITIVO ULTRA G TRANSMISION MECANICA","2031","REPUESTOS VEHICULOS","UN",24,{"$f":"+H7610/F7610","v":16.25},{"v":390,"d":"390.00"}]
["10020016","ALAMBRE ELECTRICO #12","2031","REPUESTOS VEHICULOS","UN",1,{"$f":"+H7615/F7615","v":1221.89},{"v":1221.89,"d":"1,221.89"}]
["10020026","JUEGO DE BANDA DELANTERA P/ NISSAN D22","2031","REPUESTOS VEHICULOS","UN",51,{"$f":"+H7622/F7622","v":1477.3070588235296},{"v":75342.66,"d":"75,342.66"}]
["10020030","BANDAS DELANTERAS MD8030","2031","REPUESTOS VEHICULOS","UN",5,{"$f":"+H7628/F7628","v":160},{"v":800,"d":"800.00"}]
["10020037","BANDAS TRASERAS ISUZU D-03 K4467/CS-8838","2031","REPUESTOS VEHICULOS","UN",34,{"$f":"+H7634/F7634","v":1999.0585294117648},{"v":67967.99,"d":"67,967.99"}]
["10020042","BOMBILLOS 9004 12V","2031","REPUESTOS VEHICULOS","UN",40,{"$f":"+H7639/F7639","v":41.10225},{"v":1644.09,"d":"1,644.09"}]
["10020051","BOMBILLOS HS 12V","2031","REPUESTOS VEHICULOS","UN",12,{"$f":"+H7646/F7646","v":5.834166666666667},70.01]
["10020063","CORREA 17315","2031","REPUESTOS VEHICULOS","UN",21,{"$f":"+H7654/F7654","v":280},{"v":5880,"d":"5,880.00"}]
["10020070","CORREA 5PK920","2031","REPUESTOS VEHICULOS","UN",4,{"$f":"+H7660/F7660","v":700},{"v":2800,"d":"2,800.00"}]
["10020077","CORREA BX-40","2031","REPUESTOS VEHICULOS","UN",2,{"$f":"+H7666/F7666","v":233.335},466.67]
["10020092","CORREAS DEL HIDRAULICO 17595","2031","REPUESTOS VEHICULOS","UN",4,{"$f":"+H7677/F7677","v":112.5},{"v":450,"d":"450.00"}]
["10020096","ESTAÑO 60/40x1MM","2011","PINALITO","UN",2,{"$f":"+H7681/F7681","v":0},{"v":0,"d":"0.00"}]
["10020105","FILTRO DE ACEITE BD-103","2028","BRAZO DERECHO","UN",3,{"$f":"+H7688/F7688","v":0},{"v":0,"d":"0.00"}]
["10020107","FILTRO DE ACEITE C-151","2008","HATILLO","UN",1,{"$f":"+H7693/F7693","v":0.01},0.01]
["10020112","FILTRO DE ACEITE C-351/MITSUBISHI ROSA.","2031","REPUESTOS VEHICULOS","UN",58,{"$f":"+H7699/F7699","v":540.5291379310345},{"v":31350.69,"d":"31,350.69"}]
["10020119","FILTRO DE ACEITE TOYOTA HILUX 2009","2031","REPUESTOS VEHICULOS","UN",29,{"$f":"+H7705/F7705","v":145.7448275862069},{"v":4226.6,"d":"4,226.60"}]
["10020126","FILTRO DE AIRE 16546-VWOOO","2031","REPUESTOS VEHICULOS","UN",3,{"$f":"+H7712/F7712","v":286.92},860.76]
["10020129","FILTRO DE AIRE 17801-56010","2031","REPUESTOS VEHICULOS","UN",25,{"$f":"+H7717/F7717","v":412.9304},{"v":10323.26,"d":"10,323.26"}]
["10020141","FILTRO DE AIRE PRIMARIO 206-5234","2031","REPUESTOS VEHICULOS","UN",9,{"$f":"+H7729/F7729","v":1218.4844444444445},{"v":10966.36,"d":"10,966.36"}]
["10020145","FILTRO DE AIRE RS-4634","2031","REPUESTOS VEHICULOS","UN",23,{"$f":"+H7732/F7732","v":1551.8156521739131},{"v":35691.76,"d":"35,691.76"}]
["10020156","FILTRO DE GASOIL 1R-1804","2031","REPUESTOS VEHICULOS","UN",6,{"$f":"+H7740/F7740","v":978.235},{"v":5869.41,"d":"5,869.41"}]
["10020158","FILTRO DE GASOIL 23390-51020","2025","LAS DAMAS","UN",1,{"$f":"+H7744/F7744","v":0.01},0.01]
["10020168","FILTRO DE GASOIL FC-1806","2028","BRAZO DERECHO","UN",1,{"$f":"+H7756/F7756","v":1},{"v":1,"d":"1.00"}]
["10020174","FILTRO DE GASOLINA F65574","2031","REPUESTOS VEHICULOS","UN",4,{"$f":"+H7761/F7761","v":22},{"v":88,"d":"88.00"}]
["10020178","FILTRO HIDRAULICO BT-287","2031","REPUESTOS VEHICULOS","UN",20,{"$f":"+H7764/F7764","v":18},{"v":360,"d":"360.00"}]
["10020186","FILTRO TRAMPA DE AGUA FC-1511","2020","SABANA YEGUA","UN",3,{"$f":"+H7772/F7772","v":0},{"v":0,"d":"0.00"}]
["10020189","FUSIBLE DE HOJA DE 10A","2031","REPUESTOS VEHICULOS","UN",33,{"$f":"+H7776/F7776","v":3.5024242424242424},115.58]
["10020197","FUSIBLES  25A","2031","REPUESTOS VEHICULOS","UN",19,{"$f":"+H7783/F7783","v":1.8610526315789473},35.36]
["10020216","FILTRO DE ACEITE B99","2005","MONCION","UN",9,{"$f":"+H7795/F7795","v":0},{"v":0,"d":"0.00"}]
["10020218","MANGUERA  PLASTICA 1/4","2010","JIMENOA","TF",35,{"$f":"+H7796/F7796","v":0},{"v":0,"d":"0.00"}]
["10020227","SENSORES DE TEMPERATURA TT-225","2031","REPUESTOS VEHICULOS","UN",16,{"$f":"+H7807/F7807","v":45.263125},724.21]
["10020237","TERMINALES BATERIA DE PLOMO NEGATIVO","2031","REPUESTOS VEHICULOS","UN",6,{"$f":"+H7813/F7813","v":97.35000000000001},{"v":584.1,"d":"584.10"}]
["10020239","TERMINALES DE OJO 14-12","2008","HATILLO","UN",108,{"$f":"+H7815/F7815","v":0.01},1.08]
["10020279","\"ABRAZADERA 1 1/4\"\"\"","2031","REPUESTOS VEHICULOS","UN",4,{"$f":"+H7824/F7824","v":254.24},{"v":1016.96,"d":"1,016.96"}]
["10020292","FILTRO DE AIRE PRIMARIO 227-7448","2031","REPUESTOS VEHICULOS","UN",8,{"$f":"+H7834/F7834","v":3699.99},{"v":29599.92,"d":"29,599.92"}]
["10020293","FILTRO DE AIRE SECUNDARIO 61-2504","2031","REPUESTOS VEHICULOS","UN",3,{"$f":"+H7835/F7835","v":2756.3633333333332},{"v":8269.09,"d":"8,269.09"}]
["10020353","ACEITE 80W-90","2012","SALTO DE CONSTANZA","UN",90,{"$f":"+H7846/F7846","v":0},{"v":0,"d":"0.00"}]
["10020383","VASOS #5","2004","BAIGUAQUE","CA",{"v":0.12,"d":"0.120"},{"$f":"+H7854/F7854","v":3711.916666666667},445.43]
["10020383","VASOS #5","2020","SABANA YEGUA","CA",{"v":499.7,"d":"499.700"},{"$f":"+H7856/F7856","v":3711.9499899939965},{"v":1854861.41,"d":"1,854,861.41"}]
["10020449","TRANS. DE INTENSIDAD AM122/12.5VA/200A","2005","MONCION","UN",2,{"$f":"+H7866/F7866","v":0},{"v":0,"d":"0.00"}]
["10020515","BOTON PULSADOR BLANCO ZB4/BV013","2028","BRAZO DERECHO","UN",1,{"$f":"+H7873/F7873","v":1},{"v":1,"d":"1.00"}]
["10020575","D4 - DESGRASANTE","2025","LAS DAMAS","UN",2,{"$f":"+H7878/F7878","v":1},{"v":2,"d":"2.00"}]
["10020587","FILTRO DE GASOIL 16403-VKV0A","2020","SABANA YEGUA","UN",5,{"$f":"+H7886/F7886","v":0},{"v":0,"d":"0.00"}]
["10020616","FILTRO ACEITE BD7159","2031","REPUESTOS VEHICULOS","UN",9,{"$f":"+H7890/F7890","v":600},{"v":5400,"d":"5,400.00"}]
["10020628","FILTRO DE AIRE RS3502","2031","REPUESTOS VEHICULOS","UN",7,{"$f":"+H7897/F7897","v":2000},{"v":14000,"d":"14,000.00"}]
["10020641","FILTRO DE AIRE TOYOTA HILUX 18","2007","RINCON","UN",1,{"$f":"+H7905/F7905","v":0},{"v":0,"d":"0.00"}]
["10020642","Filtro de cabina 87139-yzz20","2011","PINALITO","UN",2,{"$f":"+H7908/F7908","v":0},{"v":0,"d":"0.00"}]
["10020646","BANDAS TRASERAS TOYOTA HILUX 2018-2019","2005","MONCION","UN",1,{"$f":"+H7917/F7917","v":0},{"v":0,"d":"0.00"}]
["10020683","BOTELLA EPSON 504 Y","2029","SUMINISTRO MATERIAL","UN",23,{"$f":"+H7925/F7925","v":534.3243478260869},{"v":12289.46,"d":"12,289.46"}]
["10020687","TONER S2830","2029","SUMINISTRO MATERIAL","UN",2,{"$f":"+H7929/F7929","v":16695.995},{"v":33391.99,"d":"33,391.99"}]
["10020689","PAPEL DE BAÑO INSTITUCIONAL 12/1","2030","OFICINA Y LIMPIEZA","FAR",14.833,{"$f":"+H7938/F7938","v":808.282208588957},{"v":11989.25,"d":"11,989.25"}]
["10020702","Caja De Tornillo Diablito","2025","LAS DAMAS","CA",1,{"$f":"+H7941/F7941","v":0.01},0.01]
["10020737","METANOL","2031","REPUESTOS VEHICULOS","UN",2,{"$f":"+H7949/F7949","v":590},{"v":1180,"d":"1,180.00"}]
["10020783","VALVULA TIPO FLAPER","2027","PALOMINO","UN",2,{"$f":"+H7953/F7953","v":0},{"v":0,"d":"0.00"}]
["10020851","ACEITE HIDRAULICO PAR TURBNA 68","2013","ROSA JULIA-BOBA","GAL",55,{"$f":"+H7961/F7961","v":0},{"v":0,"d":"0.00"}]
["10020987","CONTACTOR ABB AF116-30-11-13","2010","JIMENOA","UN",2,{"$f":"+H7970/F7970","v":1},{"v":2,"d":"2.00"}]
["10020998","BREAKER ABB S-202M-K1 UC","2020","SABANA YEGUA","UN",9,{"$f":"+H7973/F7973","v":0},{"v":0,"d":"0.00"}]
["10021051","Aislador 53-2 tipo carrete","2000","SUMINISTRO HIDRO","UN",216,{"$f":"+H7981/F7981","v":1},{"v":216,"d":"216.00"}]
["10021059","Cuña 110-465 MCM","2000","SUMINISTRO HIDRO","UN",520,{"$f":"+H7988/F7988","v":1},{"v":520,"d":"520.00"}]
["10021072","Arandela plana 3x3\" para tornillo 5/8\"","2000","SUMINISTRO HIDRO","UN",273,{"$f":"+H7992/F7992","v":1},{"v":273,"d":"273.00"}]
["10021083","Grapa de retension #2 - 4/0 AWG","2011","PINALITO","UN",4,{"$f":"+H8000/F8000","v":0},{"v":0,"d":"0.00"}]
["10021110","Reflector Led 50W","2021","SABANETA","UN",5,{"$f":"+H8009/F8009","v":0.01},0.05]
["10021113","Tapon pvc 6\"","2024","MAGUEYAL","UN",1,{"$f":"+H8012/F8012","v":0},{"v":0,"d":"0.00"}]
["10021130","TUERCA DE OJO 5/8 PLG","2000","SUMINISTRO HIDRO","UN",13,{"$f":"+H8022/F8022","v":1},{"v":13,"d":"13.00"}]
["10021133","TORNILLO GUARDACABO INCLI 5/8 x 12 PLG","2000","SUMINISTRO HIDRO","UN",18,{"$f":"+H8024/F8024","v":1},{"v":18,"d":"18.00"}]
["10021148","TARJETA DE COMUNICACIÓN 643304002","2005","MONCION","UN",1,{"$f":"+H8033/F8033","v":0},{"v":0,"d":"0.00"}]
["10021160","FILTRO F-F 16405-01170","2011","PINALITO","UN",5,{"$f":"+H8039/F8039","v":0.01},0.05]
["10021166","FILTRO HYDRA RXH10A017-55 MB","2011","PINALITO","UN",3,{"$f":"+H8044/F8044","v":0.01},0.03]
["10021185","CONTACTOR SCHNEIDER LC1 D12M7C 3KW 220 V","2015","JIGüEY","UN",1,{"$f":"+H8054/F8054","v":0},{"v":0,"d":"0.00"}]
["10021196","CONTACTO AUXILIAR ABB CA4-22E","2027","PALOMINO","UN",6,{"$f":"+H8063/F8063","v":1},{"v":6,"d":"6.00"}]
["10021198","TRANS. D/CORRIENTE CT 24 KB 50-1-600/5","2010","JIMENOA","UN",1,{"$f":"+H8065/F8065","v":1},{"v":1,"d":"1.00"}]
["10021209","TUBERIA METALICA CONDULEX 5MM","2010","JIMENOA","TF",32,{"$f":"+H8071/F8071","v":1},{"v":32,"d":"32.00"}]
["10021230","CARGADOR ANSMAN AC 48V.","2010","JIMENOA","UN",1,{"$f":"+H8082/F8082","v":1},{"v":1,"d":"1.00"}]
["10021232","FUSIBLE  400 AMP./ 690V.","2010","JIMENOA","UN",6,{"$f":"+H8083/F8083","v":1},{"v":6,"d":"6.00"}]
["10021247","LLAVE DE INTERUPTOR DE ALTA TENSION AK3","2010","JIMENOA","UN",5,{"$f":"+H8095/F8095","v":1},{"v":5,"d":"5.00"}]
["10021265","ESCOBILLA E6340","2010","JIMENOA","UN",159,{"$f":"+H8102/F8102","v":1},{"v":159,"d":"159.00"}]
["10021271","TRANSFORMADOR DE POTENCIA 100/3","2004","BAIGUAQUE","UN",5,{"$f":"+H8106/F8106","v":0},{"v":0,"d":"0.00"}]
["10021281","TARJETA P/CARGADO DE BATE. MOD CCI-10143","2027","PALOMINO","UN",1,{"$f":"+H8114/F8114","v":1},{"v":1,"d":"1.00"}]
["10021284","ABRAZADERA PARA LIQUID TIGHT 3/4¨","2028","BRAZO DERECHO","UN",61,{"$f":"+H8117/F8117","v":1},{"v":61,"d":"61.00"}]
["10021287","TERMINAL CABLE 2/0","2028","BRAZO DERECHO","UN",21,{"$f":"+H8122/F8122","v":1},{"v":21,"d":"21.00"}]
["10021303","BREAKER TRIFAICO 43A","2004","BAIGUAQUE","UN",1,{"$f":"+H8134/F8134","v":0},{"v":0,"d":"0.00"}]
["10021309","CONTACTOR TRIFASICO 10A","2004","BAIGUAQUE","UN",1,{"$f":"+H8141/F8141","v":0},{"v":0,"d":"0.00"}]
["10021311","SENSOR POSICION DE TURBINA","2004","BAIGUAQUE","UN",1,{"$f":"+H8146/F8146","v":0},{"v":0,"d":"0.00"}]
["10021318","LIMITE DE CARRERA REF. XCM A 1103 TELEME","2005","MONCION","UN",1,{"$f":"+H8149/F8149","v":0},{"v":0,"d":"0.00"}]
["10021336","MODULO PLC WAGO 750-383","2004","BAIGUAQUE","UN",2,{"$f":"+H8161/F8161","v":0},{"v":0,"d":"0.00"}]
["10021340","RECTIFICADOR REC12-690TPC","2010","JIMENOA","UN",1,{"$f":"+H8166/F8166","v":1},{"v":1,"d":"1.00"}]
["10021346","BREAKER 20 AMP.","2015","JIGüEY","UN",18,{"$f":"+H8173/F8173","v":0},{"v":0,"d":"0.00"}]
["10021356","SWICHT FLOTA DE NIVEL SUMERGIBLE","2010","JIMENOA","UN",10,{"$f":"+H8179/F8179","v":1},{"v":10,"d":"10.00"}]
["10021366","ENCLAVAMIENTO MECANICO LA-D50978","2010","JIMENOA","UN",1,{"$f":"+H8185/F8185","v":1},{"v":1,"d":"1.00"}]
["10021375","RELE DE TENSION SIRIVS 17-275 VAC","2010","JIMENOA","UN",1,{"$f":"+H8190/F8190","v":1},{"v":1,"d":"1.00"}]
["10021388","MANGUERA DE 1/2'' X 0.375''","2027","PALOMINO","TF",2,{"$f":"+H8197/F8197","v":1},{"v":2,"d":"2.00"}]
["10021393","TUERCA 5/8 mm","2027","PALOMINO","UN",32,{"$f":"+H8201/F8201","v":1},{"v":32,"d":"32.00"}]
["10021403","DISCO DE CORTE 7 1/4 X 7/8 mm","2008","HATILLO","UN",6,{"$f":"+H8212/F8212","v":1},{"v":6,"d":"6.00"}]
["10021408","ARANDELA PLANA 3/4 PLG","2000","SUMINISTRO HIDRO","UN",500,{"$f":"+H8218/F8218","v":1},{"v":500,"d":"500.00"}]
["10021410","ARANDELA CUADRADA 3/8 PLG","2008","HATILLO","UN",24,{"$f":"+H8224/F8224","v":0.01},0.24]
["10021414","ARANDELA PLANA 11 X 20 MM","2027","PALOMINO","UN",{"v":1708,"d":"1,708"},{"$f":"+H8229/F8229","v":1},{"v":1708,"d":"1,708.00"}]
["10021425","MODULO SALIDA PLC E-STAND 05","2028","BRAZO DERECHO","UN",3,{"$f":"+H8236/F8236","v":1},{"v":3,"d":"3.00"}]
["10021430","CODO GALVANIZADO DE 3''","2005","MONCION","UN",1,{"$f":"+H8244/F8244","v":0},{"v":0,"d":"0.00"}]
["10021435","TORNILLO EXAGONAL 8 X 18 MM","2027","PALOMINO","UN",6,{"$f":"+H8250/F8250","v":1},{"v":6,"d":"6.00"}]
["10021441","TORNILLO 1/2 X 3 PLG CABEZA REDONDA","2000","SUMINISTRO HIDRO","UN",76,{"$f":"+H8256/F8256","v":1},{"v":76,"d":"76.00"}]
["10021448","TORNILLO HEXAGONAL INOXI 5/8 X 5 PULG","2027","PALOMINO","UN",3,{"$f":"+H8263/F8263","v":1},{"v":3,"d":"3.00"}]
["10021453","TORNILLO 7/16'' X 3/4''","2027","PALOMINO","UN",4,{"$f":"+H8268/F8268","v":1},{"v":4,"d":"4.00"}]
["10021460","GRILLETES DE 2.0 TONELADAS","2027","PALOMINO","UN",2,{"$f":"+H8274/F8274","v":1},{"v":2,"d":"2.00"}]
["10021469","REGLETA PARA MODULO PLC SIMATIC","2028","BRAZO DERECHO","UN",6,{"$f":"+H8280/F8280","v":1},{"v":6,"d":"6.00"}]
["10021480","ANILLO ORING PARA FLANCHE AT+NAT","2027","PALOMINO","UN",14,{"$f":"+H8291/F8291","v":1},{"v":14,"d":"14.00"}]
["10021483","ANILLO DE APOYO 121.4X127X1.5 MM","2027","PALOMINO","UN",2,{"$f":"+H8295/F8295","v":1},{"v":2,"d":"2.00"}]
["10021494","ANILLO ORING 3.53 MM X 20.22 MM","2027","PALOMINO","UN",1,{"$f":"+H8302/F8302","v":1},{"v":1,"d":"1.00"}]
["10021501","ORING 113.67 MM X 5.33 MM","2027","PALOMINO","UN",6,{"$f":"+H8307/F8307","v":1},{"v":6,"d":"6.00"}]
["10021514","MANOMETRO DE TABLERO A-30","2028","BRAZO DERECHO","UN",3,{"$f":"+H8315/F8315","v":1},{"v":3,"d":"3.00"}]
["10021532","CONECTOR RECTO 1¨ LIQUID TIHGT","2004","BAIGUAQUE","UN",20,{"$f":"+H8319/F8319","v":0},{"v":0,"d":"0.00"}]
["10021537","PANEL DE BOMBA 700 X 500 X 200","2010","JIMENOA","UN",1,{"$f":"+H8326/F8326","v":1},{"v":1,"d":"1.00"}]
["10021541","CONTACTO PARA PULSADORE EATON M22-K10","2010","JIMENOA","UN",28,{"$f":"+H8331/F8331","v":1},{"v":28,"d":"28.00"}]
["10021547","ADAPTADOR MACH MANGUERA 1/2¨ LIQUIDTIGHT","2004","BAIGUAQUE","UN",7,{"$f":"+H8339/F8339","v":0},{"v":0,"d":"0.00"}]
["10021552","CASCO DE SEGURIDAD AZUL","2015","JIGüEY","UN",11,{"$f":"+H8347/F8347","v":0},{"v":0,"d":"0.00"}]
["10021552","CASCO DE SEGURIDAD AZUL","2027","PALOMINO","UN",1,{"$f":"+H8351/F8351","v":1},{"v":1,"d":"1.00"}]
["10021555","CASCO DE SEGURIDAD BLANCO","2022","DOMINGO RODRIGUEZ","UN",2,{"$f":"+H8358/F8358","v":0.01},0.02]
["10021563","CINTA BLOQUEO PELIGRO AMARILLO","2004","BAIGUAQUE","UN",2,{"$f":"+H8370/F8370","v":0},{"v":0,"d":"0.00"}]
["10021569","PROTECTOR AUDITIVO NRR 23 Db","2004","BAIGUAQUE","UN",18,{"$f":"+H8375/F8375","v":0},{"v":0,"d":"0.00"}]
["10021571","ESLINGA CON TENSOR MATRACA 2¨X6MT 3000KG","2013","ROSA JULIA-BOBA","UN",2,{"$f":"+H8378/F8378","v":0},{"v":0,"d":"0.00"}]
["10021573","BOTAS DE GOMA NEGRAS #42","2028","BRAZO DERECHO","UN",2,{"$f":"+H8386/F8386","v":1},{"v":2,"d":"2.00"}]
["10021575","MACHETE 22¨","2008","HATILLO","UN",13,{"$f":"+H8390/F8390","v":1},{"v":13,"d":"13.00"}]
["10021581","CRUCETA H80'' 081263","2027","PALOMINO","UN",1,{"$f":"+H8399/F8399","v":1},{"v":1,"d":"1.00"}]
["10021589","RASTRILLO METALICO TIPO ARAÑA","2020","SABANA YEGUA","UN",1,{"$f":"+H8409/F8409","v":0},{"v":0,"d":"0.00"}]
["10021589","RASTRILLO METALICO TIPO ARAÑA","2022","DOMINGO RODRIGUEZ","UN",5,{"$f":"+H8410/F8410","v":0},{"v":0,"d":"0.00"}]
["10021604","JUNTA DRESER 4\"","2002","TAVERA","UN",2,{"$f":"+H8421/F8421","v":0},{"v":0,"d":"0.00"}]
["10021612","ANILLO ORING 450 MM","2027","PALOMINO","UN",1,{"$f":"+H8427/F8427","v":1},{"v":1,"d":"1.00"}]
["10021615","JUNTA DE GOMA PLANA 3.20 MM","2027","PALOMINO","UN",13,{"$f":"+H8429/F8429","v":1},{"v":13,"d":"13.00"}]
["10021628","TORNILLO ALLEN HACERO NEGRO 16x30 MM","2005","MONCION","UN",1,{"$f":"+H8441/F8441","v":0},{"v":0,"d":"0.00"}]
["10021638","ORING DE 3.49 MM","2027","PALOMINO","UN",1,{"$f":"+H8448/F8448","v":1},{"v":1,"d":"1.00"}]
["10021643","ORING DE 2.63 mm","2027","PALOMINO","UN",2,{"$f":"+H8453/F8453","v":1},{"v":2,"d":"2.00"}]
["10021649","ORING 1AP-28","2027","PALOMINO","UN",2,{"$f":"+H8459/F8459","v":1},{"v":2,"d":"2.00"}]
["10021660","TUBO PARA MOTOCICLETA 2.50 / 2.75.21","2027","PALOMINO","UN",2,{"$f":"+H8468/F8468","v":1},{"v":2,"d":"2.00"}]
["10021663","TORQUIMETRO GERODE CON RELOJ REF.R-150","2004","BAIGUAQUE","UN",1,{"$f":"+H8470/F8470","v":0},{"v":0,"d":"0.00"}]
["10021677","CORREA A44 1/2\"- X46","2027","PALOMINO","UN",6,{"$f":"+H8480/F8480","v":1},{"v":6,"d":"6.00"}]
["10021679","CORREA  A43","2027","PALOMINO","UN",3,{"$f":"+H8483/F8483","v":1},{"v":3,"d":"3.00"}]
["10021687","FILTRO DE  ACEITE C-1511","2027","PALOMINO","UN",9,{"$f":"+H8492/F8492","v":1},{"v":9,"d":"9.00"}]
["10021698","ZAPATO DE FRENADO","2027","PALOMINO","UN",2,{"$f":"+H8500/F8500","v":1},{"v":2,"d":"2.00"}]
["10021701","FILTRO 1250488BR W/BD-M","2004","BAIGUAQUE","UN",5,{"$f":"+H8504/F8504","v":0},{"v":0,"d":"0.00"}]
["10021708","VALVULA NO 5-4 WE 10 D33","2027","PALOMINO","UN",2,{"$f":"+H8511/F8511","v":1},{"v":2,"d":"2.00"}]
["10021718","POLEA DE 110 mm X 19 mm","2027","PALOMINO","UN",1,{"$f":"+H8519/F8519","v":1},{"v":1,"d":"1.00"}]
["10021722","BRIDA DE 2'' ADE 8 AGUJEROS ROSCADA","2027","PALOMINO","UN",2,{"$f":"+H8522/F8522","v":1},{"v":2,"d":"2.00"}]
["10021737","BRACKETS DE ARRANQUE MANUAL MS 132","2027","PALOMINO","UN",9,{"$f":"+H8531/F8531","v":1},{"v":9,"d":"9.00"}]
["10021743","ADHESIVO PARA ANCLAJES","2028","BRAZO DERECHO","UN",10,{"$f":"+H8539/F8539","v":1},{"v":10,"d":"10.00"}]
["10021748","ELECTRODO E-6013","2020","SABANA YEGUA","LB",8,{"$f":"+H8543/F8543","v":0},{"v":0,"d":"0.00"}]
["10021757","TARJETA CARGADOR D BATERIA MOD.CCI100061","2027","PALOMINO","UN",1,{"$f":"+H8551/F8551","v":1},{"v":1,"d":"1.00"}]
["10021759","CONVERTIDOR DE SEÑAL PHOENIX","2027","PALOMINO","UN",2,{"$f":"+H8554/F8554","v":1},{"v":2,"d":"2.00"}]
["10021773","BATERIA IB7A-12V","2027","PALOMINO","UN",5,{"$f":"+H8563/F8563","v":1},{"v":5,"d":"5.00"}]
["10021779","DIODO RECTIFICADOR SILICIO 6A/ 400V","2027","PALOMINO","UN",2,{"$f":"+H8567/F8567","v":1},{"v":2,"d":"2.00"}]
["10021790","TRANSFORMADOR 550V MOD.EI","2027","PALOMINO","UN",1,{"$f":"+H8575/F8575","v":1},{"v":1,"d":"1.00"}]
["10021799","DETECTOR DE HUMO REF. FSP- 851","2008","HATILLO","UN",4,{"$f":"+H8584/F8584","v":1},{"v":4,"d":"4.00"}]
["10021800","PULSADOR ALARMA CONTRA INCENDIO","2027","PALOMINO","UN",1,{"$f":"+H8587/F8587","v":1},{"v":1,"d":"1.00"}]
["10021809","MODULO INTERFACE DE COJINETE REF.AC 2516","2027","PALOMINO","UN",4,{"$f":"+H8595/F8595","v":1},{"v":4,"d":"4.00"}]
["10021815","CONTACTOR TRIPOLAR RE-AF40","2010","JIMENOA","UN",10,{"$f":"+H8602/F8602","v":0.01},{"v":0.1,"d":"0.10"}]
["10021826","CABLE DE CONEXIÓN F.17417","2027","PALOMINO","UN",10,{"$f":"+H8606/F8606","v":1},{"v":10,"d":"10.00"}]
["10021835","SENSOR DE PRESION  REF. PN7094","2027","PALOMINO","UN",2,{"$f":"+H8614/F8614","v":1},{"v":2,"d":"2.00"}]
["10021840","CONMUTADOR DE PALANCA 2CKE21","2027","PALOMINO","UN",12,{"$f":"+H8619/F8619","v":1},{"v":12,"d":"12.00"}]
["10021848","RELE FINDER 10AMP-120V/AC","2020","SABANA YEGUA","UN",1,{"$f":"+H8626/F8626","v":0},{"v":0,"d":"0.00"}]
["10021859","CONTACTOR AUXILIAR 10 AMP/600V AC","2027","PALOMINO","UN",1,{"$f":"+H8634/F8634","v":1},{"v":1,"d":"1.00"}]
["10021874","INDICADOR DE NIVEL 03 DE 250 M","2027","PALOMINO","UN",2,{"$f":"+H8644/F8644","v":1},{"v":2,"d":"2.00"}]
["10021876","SENSOR DE TEMPERATURA  PT-100","2010","JIMENOA","UN",2,{"$f":"+H8646/F8646","v":0},{"v":0,"d":"0.00"}]
["10021887","LUZ CENTELLA REF. V-001620","2027","PALOMINO","UN",2,{"$f":"+H8657/F8657","v":1},{"v":2,"d":"2.00"}]
["10021889","LAMPARA LED DE 30W","2010","JIMENOA","UN",1,{"$f":"+H8658/F8658","v":1},{"v":1,"d":"1.00"}]
["10021893","LINTERNA PARA CASCO","2015","JIGüEY","UN",1,{"$f":"+H8668/F8668","v":0},{"v":0,"d":"0.00"}]
["10021894","MARTILLO DE GOMA","2007","RINCON","UN",1,{"$f":"+H8673/F8673","v":0},{"v":0,"d":"0.00"}]
["10021899","CHEQUE DE 4''","2025","LAS DAMAS","UN",2,{"$f":"+H8679/F8679","v":0.01},0.02]
["10021906","MEDIDOR DE PRESION 0 A 60 BAR","2007","RINCON","UN",1,{"$f":"+H8685/F8685","v":0.01},0.01]
["10021915","FUSIBLE TIPO CARTUCHO 500V-25AMP","2015","JIGüEY","UN",2,{"$f":"+H8696/F8696","v":0},{"v":0,"d":"0.00"}]
["10021915","FUSIBLE TIPO CARTUCHO 500V-25AMP","2021","SABANETA","UN",26,{"$f":"+H8697/F8697","v":1},{"v":26,"d":"26.00"}]
["10021927","ORING 160 MM","2021","SABANETA","UN",3,{"$f":"+H8709/F8709","v":1},{"v":3,"d":"3.00"}]
["10021935","JUNTA TWINSET 180MM","2021","SABANETA","UN",2,{"$f":"+H8716/F8716","v":1},{"v":2,"d":"2.00"}]
["10021941","ELEMENTO TERMICO P/RELEBADOR SOBRECARGA","2021","SABANETA","UN",6,{"$f":"+H8720/F8720","v":1},{"v":6,"d":"6.00"}]
["10021959","PINTURA OXIDO VERDE 18","2021","SABANETA","GAL",4,{"$f":"+H8728/F8728","v":1},{"v":4,"d":"4.00"}]
["10021968","RASTRILLO PLASTICO TIPO ARAÑA","2021","SABANETA","UN",12,{"$f":"+H8736/F8736","v":0},{"v":0,"d":"0.00"}]
["10021975","CAPA IMPERMEABLE DOS PIEZAS","2010","JIMENOA","UN",2,{"$f":"+H8741/F8741","v":0.01},0.02]
["10021979","GAFAS PARA SOLDAR","2000","SUMINISTRO HIDRO","UN",73,{"$f":"+H8748/F8748","v":1},{"v":73,"d":"73.00"}]
["10021979","GAFAS PARA SOLDAR","2008","HATILLO","UN",5,{"$f":"+H8752/F8752","v":0.01},0.05]
["10021979","GAFAS PARA SOLDAR","2020","SABANA YEGUA","UN",4,{"$f":"+H8756/F8756","v":0},{"v":0,"d":"0.00"}]
["10021980","GOMA DE MOTOR 410 ARO 18","2016","AGUACATE","UN",2,{"$f":"+H8763/F8763","v":0},{"v":0,"d":"0.00"}]
["10021994","LONA AZULES 3.6M X 4.8M","2028","BRAZO DERECHO","UN",2,{"$f":"+H8775/F8775","v":1},{"v":2,"d":"2.00"}]
["10021998","MACHETE 18¨","2022","DOMINGO RODRIGUEZ","UN",5,{"$f":"+H8780/F8780","v":0},{"v":0,"d":"0.00"}]
["10022000","LINTERNA RECARGABLE LED","2008","HATILLO","UN",11,{"$f":"+H8787/F8787","v":0.01},0.11]
["10022000","LINTERNA RECARGABLE LED","2027","PALOMINO","UN",4,{"$f":"+H8793/F8793","v":1},{"v":4,"d":"4.00"}]
["10022010","BOBINA VALVULA CELENOIDE 127V DC","2028","BRAZO DERECHO","UN",2,{"$f":"+H8799/F8799","v":1},{"v":2,"d":"2.00"}]
["10022021","MODULO DIGITAL SIMATIC S7 6E57 323","2005","MONCION","UN",1,{"$f":"+H8804/F8804","v":0},{"v":0,"d":"0.00"}]
["10022030","VALVULA DE ACERO DE 3\"","2021","SABANETA","UN",1,{"$f":"+H8811/F8811","v":1},{"v":1,"d":"1.00"}]
["10022033","JUNTA DE BRIDA DE  4''","2009","RIO BLANCO","UN",2,{"$f":"+H8815/F8815","v":0},{"v":0,"d":"0.00"}]
["10022044","REDUCCIONCAMP. ACERO INOX 2\" A 1/4\"","2021","SABANETA","UN",4,{"$f":"+H8826/F8826","v":1},{"v":4,"d":"4.00"}]
["10022050","NIPLE ACERO INOXI 1 1/2 X 4 PLG","2021","SABANETA","UN",2,{"$f":"+H8831/F8831","v":1},{"v":2,"d":"2.00"}]
["10022054","LLAVE DE PASO ACERO 2\"","2032","LAS DOS BOCAS","UN",1,{"$f":"+H8836/F8836","v":0.01},0.01]
["10022067","CODO HG 3/4''","2005","MONCION","UN",1,{"$f":"+H8846/F8846","v":0},{"v":0,"d":"0.00"}]
["10022078","BRIDA ACERO INOXIDABLE 6\"-8 AGUJEROS","2021","SABANETA","UN",2,{"$f":"+H8853/F8853","v":1},{"v":2,"d":"2.00"}]
["10022083","UNION 3/4'' PVC","2010","JIMENOA","UN",5,{"$f":"+H8858/F8858","v":0},{"v":0,"d":"0.00"}]
["10022090","BRIDA ACERO INOXI 2'' A 4 AGUJEROS","2021","SABANETA","UN",6,{"$f":"+H8864/F8864","v":1},{"v":6,"d":"6.00"}]
["10022099","COUPLING MT DE 1/2''","2021","SABANETA","UN",2,{"$f":"+H8870/F8870","v":1},{"v":2,"d":"2.00"}]
["10022108","VALVULA HIERRO NEGRO 2\"","2021","SABANETA","UN",3,{"$f":"+H8877/F8877","v":1},{"v":3,"d":"3.00"}]
["10022115","DIFUSOR DE LAMPARA","2021","SABANETA","UN",1,{"$f":"+H8882/F8882","v":1},{"v":1,"d":"1.00"}]
["10022123","LIMPIADOR DE CONTACTO ELECTRICO","2021","SABANETA","UN",14,{"$f":"+H8888/F8888","v":0},{"v":0,"d":"0.00"}]
["10022130","GUANTES DE LIMPIEZA","2025","LAS DAMAS","UN",2,{"$f":"+H8897/F8897","v":1},{"v":2,"d":"2.00"}]
["10022153","TRANSMISOR TIPO PLACA ORIFICIO MOD DS","2027","PALOMINO","UN",1,{"$f":"+H8905/F8905","v":1},{"v":1,"d":"1.00"}]
["10022162","TIRISTOR SEMIPACK  SKND 42F10","2027","PALOMINO","UN",12,{"$f":"+H8909/F8909","v":1},{"v":12,"d":"12.00"}]
["10022177","MODULO DE CONTROL EXITACION TIPO PC D235","2012","SALTO DE CONSTANZA","UN",2,{"$f":"+H8916/F8916","v":0.01},0.02]
["10022184","TORNILLO HEXAGONAL HG 12 X 17 MM","2027","PALOMINO","UN",344,{"$f":"+H8921/F8921","v":1},{"v":344,"d":"344.00"}]
["10022208","PURIFICADOR DE AIRE DIESEL REF-105004","2021","SABANETA","UN",6,{"$f":"+H8929/F8929","v":1},{"v":6,"d":"6.00"}]
["10022214","RELE DE PROTECCION MAXIMA CORRIENTE J27C","2021","SABANETA","UN",1,{"$f":"+H8937/F8937","v":1},{"v":1,"d":"1.00"}]
["10022218","CONECTOR MACHO PARA CABLE REF. E 11506","2027","PALOMINO","UN",9,{"$f":"+H8941/F8941","v":1},{"v":9,"d":"9.00"}]
["10022225","DICIPADOR DE CALOR KPO. 4/100/01/2","2027","PALOMINO","UN",2,{"$f":"+H8948/F8948","v":1},{"v":2,"d":"2.00"}]
["10022231","SENSOR INDUCTIVO IG03448SMM","2027","PALOMINO","UN",1,{"$f":"+H8953/F8953","v":1},{"v":1,"d":"1.00"}]
["10022247","SENSOR DE TEMPERATURA TR40","2027","PALOMINO","UN",5,{"$f":"+H8961/F8961","v":1},{"v":5,"d":"5.00"}]
["10022255","BOBINA NF 77990 -130V","2020","SABANA YEGUA","UN",1,{"$f":"+H8965/F8965","v":1},{"v":1,"d":"1.00"}]
["10022261","TRANFORMADOR DE ENTRADA  A.163034/220V","2020","SABANA YEGUA","UN",1,{"$f":"+H8972/F8972","v":1},{"v":1,"d":"1.00"}]
["10022268","DIODO DE EXCITACIÓN RF.170M6162","2020","SABANA YEGUA","UN",6,{"$f":"+H8980/F8980","v":1},{"v":6,"d":"6.00"}]
["10022280","BUSHING T. HILUX C. INFER. TRASERO 06-15","2031","REPUESTOS VEHICULOS","UN",4,{"$f":"+H8989/F8989","v":0},{"v":0,"d":"0.00"}]
["10022289","BUSHING T. HILUX B. ESTABILIZADORA 06-15","2031","REPUESTOS VEHICULOS","UN",13,{"$f":"+H8992/F8992","v":1},{"v":13,"d":"13.00"}]
["10022301","Estator m. arranque Isuzu D-max 2006-12","2031","REPUESTOS VEHICULOS","UN",3,{"$f":"+H9000/F9000","v":1},{"v":3,"d":"3.00"}]
["10022307","TARJETA ELECTRONICA ADVANCED - HOPF 7020","2027","PALOMINO","UN",1,{"$f":"+H9004/F9004","v":1},{"v":1,"d":"1.00"}]
["10022324","VALVULA  MOTORIZADA AS100","2027","PALOMINO","UN",2,{"$f":"+H9013/F9013","v":1},{"v":2,"d":"2.00"}]
["10022334","LIMPIADOR DE TARJETA DESENG-820","2022","DOMINGO RODRIGUEZ","UN",10,{"$f":"+H9023/F9023","v":0},{"v":0,"d":"0.00"}]
["10022335","CABLE TRIPLE 15KV 133%","2027","PALOMINO","ROL",1,{"$f":"+H9024/F9024","v":1},{"v":1,"d":"1.00"}]
["10022347","MANGUERA 2\" 1150 PSI SAE 100R2AT","2027","PALOMINO","UN",1,{"$f":"+H9034/F9034","v":1},{"v":1,"d":"1.00"}]
["10022353","GOMA DE MOTOR DELANTERA 2.50/2.75-21","2022","DOMINGO RODRIGUEZ","UN",1,{"$f":"+H9043/F9043","v":0},{"v":0,"d":"0.00"}]
["10022357","BREAKER ABB 690V REF. K-11","2020","SABANA YEGUA","UN",4,{"$f":"+H9045/F9045","v":1},{"v":4,"d":"4.00"}]
["10022371","SWITCH SELECTOR 3 POSICIONES RE X4B-B053","2020","SABANA YEGUA","UN",1,{"$f":"+H9055/F9055","v":1},{"v":1,"d":"1.00"}]
["10022383","GRAPA ELECTRICA 12MM","2020","SABANA YEGUA","UN",40,{"$f":"+H9062/F9062","v":1},{"v":40,"d":"40.00"}]
["10022384","FUSIBLE RISESUN 120-16-12A","2020","SABANA YEGUA","UN",1,{"$f":"+H9063/F9063","v":1},{"v":1,"d":"1.00"}]
["10022398","CINTA AISLANTE DE MICAS REF.196106","2011","PINALITO","UN",1,{"$f":"+H9073/F9073","v":0},{"v":0,"d":"0.00"}]
["10022405","CAJA ELECTRICA METAL 2X4","2010","JIMENOA","UN",9,{"$f":"+H9082/F9082","v":0.01},0.09]
["10022405","CAJA ELECTRICA METAL 2X4","2025","LAS DAMAS","UN",1,{"$f":"+H9084/F9084","v":0.01},0.01]
["10022424","FILTRO DE ACEITE REF. 7W-2326","2027","PALOMINO","UN",7,{"$f":"+H9094/F9094","v":1},{"v":7,"d":"7.00"}]
["10022433","TORNILLO LINE POST 3/4 x 7 PLG.","2000","SUMINISTRO HIDRO","UN",21,{"$f":"+H9097/F9097","v":1},{"v":21,"d":"21.00"}]
["10022445","LINEA DE VIDA CON DOBLE ADSORBENDOR","2020","SABANA YEGUA","UN",4,{"$f":"+H9106/F9106","v":1},{"v":4,"d":"4.00"}]
["10022455","TARUGO DE PLOMO 1/2'' X 5/16 ''","2010","JIMENOA","UN",10,{"$f":"+H9114/F9114","v":0},{"v":0,"d":"0.00"}]
["10022462","TORNILLO DE 6 mm X 13 mm","2020","SABANA YEGUA","UN",12,{"$f":"+H9121/F9121","v":1},{"v":12,"d":"12.00"}]
["10022474","TEE DE COBRE 1 5/8''","2020","SABANA YEGUA","UN",8,{"$f":"+H9126/F9126","v":1},{"v":8,"d":"8.00"}]
["10022478","TORNILLO EXSAGONAL 11\"X1\"","2020","SABANA YEGUA","UN",11,{"$f":"+H9129/F9129","v":1},{"v":11,"d":"11.00"}]
["10022488","TORNILLO DE  ALUZINC 1 X 12 mm","2020","SABANA YEGUA","UN",199,{"$f":"+H9138/F9138","v":1},{"v":199,"d":"199.00"}]
["10022504","PLACA SOPORTE DE CUBIERTA  800MM X 400MM","2027","PALOMINO","UN",2,{"$f":"+H9146/F9146","v":1},{"v":2,"d":"2.00"}]
["10022517","NIVEL  DE CARPINTERO 48'' REF. 9848","2027","PALOMINO","UN",1,{"$f":"+H9153/F9153","v":1},{"v":1,"d":"1.00"}]
["10022524","FILTRO DE COMBUSTIBLE SCANIA REF.1518512","2027","PALOMINO","UN",6,{"$f":"+H9157/F9157","v":1},{"v":6,"d":"6.00"}]
["10022533","ORING 9 MM","2015","JIGüEY","UN",1,{"$f":"+H9165/F9165","v":0},{"v":0,"d":"0.00"}]
["10022534","SELLO DE GOMA ROBBERART  590 MM X 50MM","2027","PALOMINO","UN",3,{"$f":"+H9168/F9168","v":1},{"v":3,"d":"3.00"}]
["10022550","ARANDELA DE PRESION 3/4","2007","RINCON","UN",4,{"$f":"+H9177/F9177","v":0},{"v":0,"d":"0.00"}]
["10022556","CONECTOR TIPO CUÑA 10/15","2022","DOMINGO RODRIGUEZ","UN",260,{"$f":"+H9181/F9181","v":1},{"v":260,"d":"260.00"}]
["10022567","CURVA PVC 3/4","2002","TAVERA","UN",1,{"$f":"+H9189/F9189","v":0},{"v":0,"d":"0.00"}]
["10022581","VARILLA DE TIERRA 1/2 X 8''","2022","DOMINGO RODRIGUEZ","UN",{"v":1400,"d":"1,400"},{"$f":"+H9198/F9198","v":1},{"v":1400,"d":"1,400.00"}]
["10022589","ELECTRODO 1/8 x 350 mm","2025","LAS DAMAS","UN",5,{"$f":"+H9204/F9204","v":1},{"v":5,"d":"5.00"}]
["10022598","TORNILLO AISLADOR CARRETE 5/8¨-3/4¨X 14¨","2000","SUMINISTRO HIDRO","UN",140,{"$f":"+H9209/F9209","v":1},{"v":140,"d":"140.00"}]
["10022616","Disco de corte 14 x 3/2 x 1","2005","MONCION","UN",3,{"$f":"+H9216/F9216","v":0},{"v":0,"d":"0.00"}]
["10022623","Rodamiento  LM 300849","2025","LAS DAMAS","UN",2,{"$f":"+H9221/F9221","v":1},{"v":2,"d":"2.00"}]
["10022634","Codo HG de 3/4''","2025","LAS DAMAS","UN",6,{"$f":"+H9230/F9230","v":1},{"v":6,"d":"6.00"}]
["10022640","Codo 1/2'' a 90 acero inoxidable","2002","TAVERA","UN",3,{"$f":"+H9236/F9236","v":0},{"v":0,"d":"0.00"}]
["10022646","Casquillos de bronce 5 x 5 1/2''","2025","LAS DAMAS","UN",3,{"$f":"+H9241/F9241","v":1},{"v":3,"d":"3.00"}]
["10022652","ANILLO DE BRONCE DE LUB./ EL COJINETE","2025","LAS DAMAS","UN",10,{"$f":"+H9248/F9248","v":1},{"v":10,"d":"10.00"}]
["10022657","ADAPTADOR PVC HEMBRA 2''","2032","LAS DOS BOCAS","UN",8,{"$f":"+H9254/F9254","v":0.01},0.08]
["10022661","ADAPTADOR PVC 1/2'' MACHO","2032","LAS DOS BOCAS","UN",28,{"$f":"+H9260/F9260","v":0.01},0.28]
["10022666","CURVA PVC ELECTRICA 1/2''","2020","SABANA YEGUA","UN",{"v":1155,"d":"1,155"},{"$f":"+H9271/F9271","v":1},{"v":1155,"d":"1,155.00"}]
["10022667","LLAVE DE BOLA PVC 2''","2002","TAVERA","UN",4,{"$f":"+H9272/F9272","v":0},{"v":0,"d":"0.00"}]
["10022674","COPLIN PVC 3''","2005","MONCION","UN",3,{"$f":"+H9282/F9282","v":0},{"v":0,"d":"0.00"}]
["10022676","TEE PRESION PVC 3\"","2020","SABANA YEGUA","UN",1,{"$f":"+H9287/F9287","v":1},{"v":1,"d":"1.00"}]
["10022679","TEE PVC 2\" SCH-40","2023","LOS TOROS","UN",9,{"$f":"+H9293/F9293","v":0},{"v":0,"d":"0.00"}]
["10022681","TEE PRESION PVC 1\"","2032","LAS DOS BOCAS","UN",52,{"$f":"+H9299/F9299","v":0.01},0.52]
["10022698","TORNILLO ACERO INOXI 1/2\"X4\"","2020","SABANA YEGUA","UN",20,{"$f":"+H9310/F9310","v":1},{"v":20,"d":"20.00"}]
["10022699","TORNILLO CABEZA ALLEN 3/8\"X1\"","2020","SABANA YEGUA","UN",135,{"$f":"+H9311/F9311","v":1},{"v":135,"d":"135.00"}]
["10022709","BANDA TRASERA PARA MOTOR 160/180/200","2020","SABANA YEGUA","UN",4,{"$f":"+H9319/F9319","v":1},{"v":4,"d":"4.00"}]
["10022716","ABRAZADERA MT 1 1/2 PULG","2020","SABANA YEGUA","UN",207,{"$f":"+H9325/F9325","v":1},{"v":207,"d":"207.00"}]
["10022724","TERMINAL EN ALUMINIO  REF.350-2H","2020","SABANA YEGUA","UN",7,{"$f":"+H9331/F9331","v":1},{"v":7,"d":"7.00"}]
["10022735","RODAMIENTO NPC014RPC","2020","SABANA YEGUA","UN",3,{"$f":"+H9338/F9338","v":1},{"v":3,"d":"3.00"}]
["10022753","LETRA CONDULET OT 1 1/2''","2020","SABANA YEGUA","UN",6,{"$f":"+H9350/F9350","v":0.01},0.06]
["10022757","DISCO PULIR A. INOXI 7X 1/4'' X 7 7/8''","2020","SABANA YEGUA","UN",17,{"$f":"+H9355/F9355","v":0.01},0.17]
["10022766","LLAVE DE PASO HG 2''","2020","SABANA YEGUA","UN",2,{"$f":"+H9362/F9362","v":0.01},0.02]
["10022773","CURVA  ACERO INOXI 4\"","2020","SABANA YEGUA","UN",1,{"$f":"+H9366/F9366","v":0.01},0.01]
["10022776","TAPON 1/2'' HG","2020","SABANA YEGUA","UN",2,{"$f":"+H9370/F9370","v":1},{"v":2,"d":"2.00"}]
["10022779","TEE ACERO INOXI 3/4 PLG","2002","TAVERA","UN",2,{"$f":"+H9377/F9377","v":0},{"v":0,"d":"0.00"}]
["10022787","CURVA HG  1 1/2 PULG","2004","BAIGUAQUE","UN",1,{"$f":"+H9389/F9389","v":0},{"v":0,"d":"0.00"}]
["10022789","UNION UNIVERSAL DE 2''","2028","BRAZO DERECHO","UN",1,{"$f":"+H9394/F9394","v":1},{"v":1,"d":"1.00"}]
["10022798","JUEGO DE CONTACTO DE CUCHILLA","2022","DOMINGO RODRIGUEZ","UN",7,{"$f":"+H9401/F9401","v":1},{"v":7,"d":"7.00"}]
["10022808","CUADRO ELECTRICO P/ELECTROBOMBA 1,5HP","2000","SUMINISTRO HIDRO","UN",1,{"$f":"+H9407/F9407","v":0.01},0.01]
["10022817","RELE SEL-300G","2022","DOMINGO RODRIGUEZ","UN",1,{"$f":"+H9413/F9413","v":0.01},0.01]
["10022826","CONECTOR ELECTRICO DE 1/2''","2022","DOMINGO RODRIGUEZ","UN",11,{"$f":"+H9421/F9421","v":0.01},0.11]
["10022834","ACOPLE DE CUCHILLA O SECCIONADORA","2022","DOMINGO RODRIGUEZ","UN",23,{"$f":"+H9428/F9428","v":0.01},0.23]
["10022839","RECTIFICADOR DE VOLTAJE","2022","DOMINGO RODRIGUEZ","UN",3,{"$f":"+H9433/F9433","v":0.01},0.03]
["10022851","CURVA PVC  3''","2020","SABANA YEGUA","UN",9,{"$f":"+H9439/F9439","v":1},{"v":9,"d":"9.00"}]
["10022869","TERMINALES DE OJO 12-10","2031","REPUESTOS VEHICULOS","UN",56,{"$f":"+H9445/F9445","v":1},{"v":56,"d":"56.00"}]
["10022873","CURVA EMT 1¨","2015","JIGüEY","UN",9,{"$f":"+H9450/F9450","v":0},{"v":0,"d":"0.00"}]
["10022913","VALVULA DE 1 1/4 X 15''","2020","SABANA YEGUA","UN",5,{"$f":"+H9460/F9460","v":0.01},0.05]
["10022920","TEE ACERO INOXI 1 1/2 PLG","2020","SABANA YEGUA","UN",4,{"$f":"+H9467/F9467","v":0.01},0.04]
["10022924","TEE ACERO IINOXI 1/2\"","2025","LAS DAMAS","UN",2,{"$f":"+H9472/F9472","v":0.01},0.02]
["10022926","CURVA ACERO INOXI 1 1/4\"","2009","RIO BLANCO","UN",1,{"$f":"+H9480/F9480","v":0},{"v":0,"d":"0.00"}]
["10022927","REDUCION ACERO INOXI 1 3/4\"","2007","RINCON","UN",7,{"$f":"+H9484/F9484","v":0},{"v":0,"d":"0.00"}]
["10022937","JUEGO DE BANDA PARA MOTOR","2002","TAVERA","UN",5,{"$f":"+H9491/F9491","v":0},{"v":0,"d":"0.00"}]
["10022939","CABLE DE CLUTCH. DT 125","2020","SABANA YEGUA","UN",5,{"$f":"+H9496/F9496","v":0.01},0.05]
["10022944","FELTRO DE GASOIL REF BFC-243","2020","SABANA YEGUA","UN",1,{"$f":"+H9502/F9502","v":0.01},0.01]
["10022951","FILTRO DE GASOIL REF 1640501T70","2007","RINCON","UN",11,{"$f":"+H9511/F9511","v":0},{"v":0,"d":"0.00"}]
["10022955","FILTRO DE AIRE BA313","2020","SABANA YEGUA","UN",2,{"$f":"+H9516/F9516","v":0.01},0.02]
["10022958","TAPON AUDITIVO AUTO ESPADIBLE","2002","TAVERA","UN",380,{"$f":"+H9523/F9523","v":0.01},{"v":3.8,"d":"3.80"}]
["10022960","LIJA DE AGUA #360","2020","SABANA YEGUA","UN",1,{"$f":"+H9528/F9528","v":0.01},0.01]
["10022974","SENSOR DE TEMPERATURA HYDAC MOD. TZ4ST","2015","JIGüEY","UN",2,{"$f":"+H9534/F9534","v":0},{"v":0,"d":"0.00"}]
["10022985","TUBO LED 18W   T8","2020","SABANA YEGUA","UN",202,{"$f":"+H9543/F9543","v":0.01},2.02]
["10022998","CONECTOR ELECTRICO RECTO  MOD .B14F/05","2020","SABANA YEGUA","UN",1,{"$f":"+H9551/F9551","v":0.01},0.01]
["10023004","TUERCA HEX M-8","2020","SABANA YEGUA","UN",3,{"$f":"+H9555/F9555","v":0.01},0.03]
["10023015","TORNILLO EN HIERRO NEGRO 22x69 MM","2020","SABANA YEGUA","UN",6,{"$f":"+H9564/F9564","v":0.01},0.06]
["10023020","PIE DE MONTAJE AISLADO CON ARANDELA","2020","SABANA YEGUA","UN",2,{"$f":"+H9567/F9567","v":0.01},0.02]
["10023035","TOMO DE PRESION MINIMES  G 1/4","2020","SABANA YEGUA","UN",2,{"$f":"+H9575/F9575","v":0.01},0.02]
["10023038","PINTURA ACRILICA BLANCO COLONIAL 66","2022","DOMINGO RODRIGUEZ","GAL",4,{"$f":"+H9579/F9579","v":0.01},0.04]
["10023055","PINTURA BASE CLEAR","2008","HATILLO","GAL",5,{"$f":"+H9586/F9586","v":1},{"v":5,"d":"5.00"}]
["10023062","GOMA PARA MOTOCOCLETA 2.75-21","2021","SABANETA","UN",1,{"$f":"+H9594/F9594","v":0},{"v":0,"d":"0.00"}]
["10023075","UNION UNIVERSAL GARBANIZADA DE 1/2''","2028","BRAZO DERECHO","UN",1,{"$f":"+H9603/F9603","v":1},{"v":1,"d":"1.00"}]
["10023082","REC, DE CORRIRNTE ANALOGA MK21-122","2010","JIMENOA","UN",2,{"$f":"+H9606/F9606","v":0.01},0.02]
["10023138","ANTENA DE VIENTO","2000","SUMINISTRO HIDRO","UN",1,{"$f":"+H9614/F9614","v":0.01},0.01]
["10023208","ADAPTADOR HEMBRA POLIETILENO 3\"","2032","LAS DOS BOCAS","UN",168,{"$f":"+H9624/F9624","v":0.01},1.68]
["10023215","CABLE DE CLUTCH MOD-CG11C6-C","2011","PINALITO","UN",7,{"$f":"+H9626/F9626","v":0},{"v":0,"d":"0.00"}]
["10023234","JUEGO DE JUNTA DT 125 (4 TIEMPOS)","2031","REPUESTOS VEHICULOS","UN",1,{"$f":"+H9635/F9635","v":1},{"v":1,"d":"1.00"}]
["10023241","CAMPANA DEL CLUTCH HONDA 125","2031","REPUESTOS VEHICULOS","UN",1,{"$f":"+H9638/F9638","v":1},{"v":1,"d":"1.00"}]
["10023250","INTERRUPTOR TRIPLE","2007","RINCON","UN",1,{"$f":"+H9648/F9648","v":0},{"v":0,"d":"0.00"}]
["10023261","RIN 124797,79 X 5,33","2024","MAGUEYAL","UN",2,{"$f":"+H9657/F9657","v":0.01},0.02]
["10023263","JUNTA T WINTSFT 90110","2024","MAGUEYAL","UN",2,{"$f":"+H9659/F9659","v":0.01},0.02]
["10023281","COPLIN DE 3''","2024","MAGUEYAL","UN",8,{"$f":"+H9669/F9669","v":0.01},0.08]
["10023286","FILTRO DE GASOIL FC-1101","2002","TAVERA","UN",1,{"$f":"+H9676/F9676","v":0},{"v":0,"d":"0.00"}]
["10023286","FILTRO DE GASOIL FC-1101","2031","REPUESTOS VEHICULOS","UN",31,{"$f":"+H9677/F9677","v":0.01},0.31]
["10023298","MODULO PLC PCD-E160","2024","MAGUEYAL","UN",2,{"$f":"+H9687/F9687","v":0.01},0.02]
["10023304","UNION CON ROCA DE 4 PLG","2011","PINALITO","UN",1,{"$f":"+H9696/F9696","v":0},{"v":0,"d":"0.00"}]
["10023306","FILTRO DE AIRE 17801-38050","2005","MONCION","UN",1,{"$f":"+H9700/F9700","v":0},{"v":0,"d":"0.00"}]
["10023313","CURVA EN HIERRO NEGRO 4\"","2024","MAGUEYAL","UN",4,{"$f":"+H9708/F9708","v":0.01},0.04]
["10023317","PALA DE BOTE","2015","JIGüEY","UN",2,{"$f":"+H9716/F9716","v":0},{"v":0,"d":"0.00"}]
["10023317","PALA DE BOTE","2022","DOMINGO RODRIGUEZ","UN",3,{"$f":"+H9719/F9719","v":0.01},0.03]
["10023323","DELANTAR PARA SOLDAR","2020","SABANA YEGUA","UN",4,{"$f":"+H9728/F9728","v":0},{"v":0,"d":"0.00"}]
["10023323","DELANTAR PARA SOLDAR","2027","PALOMINO","UN",1,{"$f":"+H9732/F9732","v":1},{"v":1,"d":"1.00"}]
["10023325","10001954","2024","MAGUEYAL","UN",4,{"$f":"+H9740/F9740","v":0.01},0.04]
["10023330","CONTACTOR AUX,SIEMENS 3RH1122","2021","SABANETA","UN",7,{"$f":"+H9743/F9743","v":1},{"v":7,"d":"7.00"}]
["10023342","LLAVE  LAVAMANO 1/2\" X 3/8\"","2024","MAGUEYAL","UN",2,{"$f":"+H9752/F9752","v":0.01},0.02]
["10023349","BUSSING CATRE INTERIOR JEEP CHEROKE","2031","REPUESTOS VEHICULOS","UN",2,{"$f":"+H9760/F9760","v":0.01},0.02]
["10023364","VENTILADOR DE INFRI. P/ SIST. EXITACION","2015","JIGüEY","UN",3,{"$f":"+H9767/F9767","v":0.01},0.03]
["10023373","Convertidor de Tension","2015","JIGüEY","UN",1,{"$f":"+H9771/F9771","v":0.01},0.01]
["10023382","FILTRO DE ACEITE P9302","2031","REPUESTOS VEHICULOS","UN",1,{"$f":"+H9779/F9779","v":0.01},0.01]
["10023395","BOMBILLO 2 CONTACTO 24V","2031","REPUESTOS VEHICULOS","UN",37,{"$f":"+H9784/F9784","v":89.90513513513513},{"v":3326.49,"d":"3,326.49"}]
["10023411","MANOMETRO DE 0-68 BAR/ 0-1000 PSI","2008","HATILLO","UN",5,{"$f":"+H9791/F9791","v":1},{"v":5,"d":"5.00"}]
["10023422","Tarjeta VC","2015","JIGüEY","UN",1,{"$f":"+H9795/F9795","v":0.01},0.01]
["10023433","TARJETA PARA INVERSOR GFO","2015","JIGüEY","UN",1,{"$f":"+H9803/F9803","v":0.01},0.01]
["10023453","CONTACTOR G.ELECT-CL08D 300MWK","2015","JIGüEY","UN",1,{"$f":"+H9811/F9811","v":0.01},0.01]
["10023469","Fuente de Voltage Regulador 10V DC","2015","JIGüEY","UN",2,{"$f":"+H9816/F9816","v":0.01},0.02]
["10023491","SENSOR CAPACITOR DE NIVELIMETRO","2004","BAIGUAQUE","UN",1,{"$f":"+H9823/F9823","v":0},{"v":0,"d":"0.00"}]
["10023501","TORQUIMETRO DE 1/2\" 61-362mm","2004","BAIGUAQUE","UN",1,{"$f":"+H9833/F9833","v":0},{"v":0,"d":"0.00"}]
["10023508","CASQUILLO 50X45X30","2004","BAIGUAQUE","UN",14,{"$f":"+H9838/F9838","v":0},{"v":0,"d":"0.00"}]
["10023514","VALVULA DE BRIDA 3\"","2004","BAIGUAQUE","UN",1,{"$f":"+H9844/F9844","v":0},{"v":0,"d":"0.00"}]
["10023517","BOMBA HDR REG EATON 25004-RZQ","2004","BAIGUAQUE","UN",2,{"$f":"+H9850/F9850","v":0},{"v":0,"d":"0.00"}]
["10023520","DISCO DE CORTE 7 1/4 x 5/8 PLG","2023","LOS TOROS","UN",1,{"$f":"+H9855/F9855","v":0},{"v":0,"d":"0.00"}]
["10023525","SWICH TIPO MACHETE 100AMP","2004","BAIGUAQUE","UN",1,{"$f":"+H9862/F9862","v":0},{"v":0,"d":"0.00"}]
["10023551","TORNILLO GALVANIZADO 2 1/4 X 19mm","2004","BAIGUAQUE","UN",7,{"$f":"+H9868/F9868","v":0},{"v":0,"d":"0.00"}]
["10023557","TORNILLO GALVANIZADO 2 1/2 X 27mm","2004","BAIGUAQUE","UN",10,{"$f":"+H9874/F9874","v":0},{"v":0,"d":"0.00"}]
["10023565","UNION ACERO INOXI 5/8\" X 1/2\"","2015","JIGüEY","UN",25,{"$f":"+H9885/F9885","v":0.01},0.25]
["10023565","UNION ACERO INOXI 5/8\" X 1/2\"","2028","BRAZO DERECHO","UN",1,{"$f":"+H9886/F9886","v":0.01},0.01]
["10023572","ARANDELA SUBESTACION 1/2\"","2028","BRAZO DERECHO","UN",10,{"$f":"+H9894/F9894","v":0.01},{"v":0.1,"d":"0.10"}]
["10023577","ARANDELA DE PRESION 1\"","2009","RIO BLANCO","UN",78,{"$f":"+H9900/F9900","v":0},{"v":0,"d":"0.00"}]
["10023581","ARANDELA PLANA D/CARBON  1 1/4 X 5/8 PLG","2011","PINALITO","UN",125,{"$f":"+H9906/F9906","v":0},{"v":0,"d":"0.00"}]
["10023594","UNION UNIVERSAL 3\"","2004","BAIGUAQUE","UN",1,{"$f":"+H9917/F9917","v":0},{"v":0,"d":"0.00"}]
["10023596","TUERCA 50mm","2004","BAIGUAQUE","UN",2,{"$f":"+H9921/F9921","v":0},{"v":0,"d":"0.00"}]
["10023601","TORNILLO 3/4 X 1 1/4\"","2004","BAIGUAQUE","UN",14,{"$f":"+H9928/F9928","v":0},{"v":0,"d":"0.00"}]
["10023604","SET LLAVE DE BUJIA","2028","BRAZO DERECHO","UN",2,{"$f":"+H9933/F9933","v":0.01},0.02]
["10023615","Base Rele Nivel Aceite Cojinete","2015","JIGüEY","UN",2,{"$f":"+H9939/F9939","v":0.01},0.02]
["10023638","Breaker c6  monotasico","2002","TAVERA","UN",2,{"$f":"+H9945/F9945","v":0.01},0.02]
["10023658","Lampara de de 400wtipo ms9 en metal","2023","LOS TOROS","UN",1,{"$f":"+H9952/F9952","v":0.01},0.01]
["10023679","RECTIFICADOR DE PUENTE GRUA","2011","PINALITO","UN",1,{"$f":"+H9964/F9964","v":0},{"v":0,"d":"0.00"}]
["10023729","Rele finder. 24V DC","2015","JIGüEY","UN",100,{"$f":"+H9969/F9969","v":0.01},{"v":1,"d":"1.00"}]
["10023735","Electro-inset filix scacciatopic EL2000","2023","LOS TOROS","UN",1,{"$f":"+H9972/F9972","v":0.01},0.01]
["10023744","Vatimetro WC3C1 escala 2.4-0-24 MW 100 I","2023","LOS TOROS","UN",1,{"$f":"+H9980/F9980","v":0.01},0.01]
["10023748","Tornillo para volante de inercia 2x17 x","2023","LOS TOROS","UN",9,{"$f":"+H9984/F9984","v":0.01},0.09]
["10023810","BANDA DE FRENO MPK20","2031","REPUESTOS VEHICULOS","UN",4,{"$f":"+H9996/F9996","v":0.01},0.04]
["10023825","BARRA P/TIERRA PL 644","2015","JIGüEY","UN",150,{"$f":"+H10001/F10001","v":0.01},{"v":1.5,"d":"1.50"}]
["10023830","CT-RTB TIPO 1","2015","JIGüEY","UN",1,{"$f":"+H10004/F10004","v":0.01},0.01]
["10023842","PRESOSTATO 300 PSI","2010","JIMENOA","UN",1,{"$f":"+H10012/F10012","v":0.01},0.01]
["10023863","Acople Electrico de 1/2","2015","JIGüEY","UN",17,{"$f":"+H10023/F10023","v":0.01},0.17]
["10023880","MICRO SWITCH TIPO XCK-7","2015","JIGüEY","UN",6,{"$f":"+H10029/F10029","v":0.01},0.06]
["10023893","ABRAZADERA GALVANIZADO DE CABLE,REF.E575","2027","PALOMINO","UN",4,{"$f":"+H10035/F10035","v":0},{"v":0,"d":"0.00"}]
["10023903","TENSOR DE CABLE  9707","2032","LAS DOS BOCAS","UN",248,{"$f":"+H10042/F10042","v":1},{"v":248,"d":"248.00"}]
["10023912","CANANA  PORTA HERRAMIENTAS","2007","RINCON","UN",2,{"$f":"+H10047/F10047","v":0.01},0.02]
["10023918","ANILLO DE CORTE EN ACERO INOX REF: DPR15","2020","SABANA YEGUA","UN",36,{"$f":"+H10053/F10053","v":0.01},0.36]
["10023967","FILTRO GASOIL P551315","2031","REPUESTOS VEHICULOS","UN",12,{"$f":"+H10062/F10062","v":0.01},0.12]
["10023975","CONECTOR TIPO \"L\" P/ALTA TENSION","2015","JIGüEY","UN",2,{"$f":"+H10064/F10064","v":0},{"v":0,"d":"0.00"}]
["10023991","CARTUCHO HP 712 YELLOW","2029","SUMINISTRO MATERIAL","UN",2,{"$f":"+H10074/F10074","v":2483.19},{"v":4966.38,"d":"4,966.38"}]
["10024012","RETINAX WB-2","2007","RINCON","UN",8,{"$f":"+H10081/F10081","v":0.01},0.08]
["10024034","TUBO TRASERO P/ MOTOCICLETA 3.50/4.0 R18","2005","MONCION","UN",1,{"$f":"+H10086/F10086","v":0},{"v":0,"d":"0.00"}]
["10024047","GRASA EP-2","2007","RINCON","UN",8,{"$f":"+H10094/F10094","v":0.01},0.08]
["10024049","ACEITE 10W-30","2007","RINCON","UN",4,{"$f":"+H10096/F10096","v":0.01},0.04]
["10024053","CASCO DE SEGURIDAD ROJO","2022","DOMINGO RODRIGUEZ","UN",1,{"$f":"+H10106/F10106","v":0},{"v":0,"d":"0.00"}]
["10024061","TARRAJA DE 1/2 X 12''","2007","RINCON","UN",3,{"$f":"+H10113/F10113","v":0.01},0.03]
["10024068","CABLE TENSOR DE 4MM","2007","RINCON","UN",25,{"$f":"+H10118/F10118","v":0.01},0.25]
["10024083","AMPLIFICADOR SCR","2007","RINCON","UN",2,{"$f":"+H10126/F10126","v":0.01},0.02]
["10024084","PINTURA NARANJA 18","2021","SABANETA","GAL",2,{"$f":"+H10130/F10130","v":0},{"v":0,"d":"0.00"}]
["10024089","AMPLIFICADOR DE PULSOS PF-51017010","2007","RINCON","UN",1,{"$f":"+H10137/F10137","v":0.01},0.01]
["10024098","SWITCH DE PRESION CL 9012 TYGPG-2","2007","RINCON","UN",2,{"$f":"+H10145/F10145","v":0.01},0.02]
["10024102","ANILLO ORING VALVULA 2\"","2027","PALOMINO","UN",6,{"$f":"+H10148/F10148","v":1},{"v":6,"d":"6.00"}]
["10024109","FILTRO DE ACEITE FREETGUARTLF3481","2010","JIMENOA","UN",1,{"$f":"+H10157/F10157","v":0.01},0.01]
["10024117","FILTRO DE ACEITE MARCA BALDWIN BT351","2010","JIMENOA","UN",1,{"$f":"+H10165/F10165","v":0.01},0.01]
["10024135","AISLADORES ELCTRICOS M69","2007","RINCON","UN",5,{"$f":"+H10169/F10169","v":0.01},0.05]
["10024150","UNION UNIVERSAL PVC 1/2PLG","2010","JIMENOA","UN",1,{"$f":"+H10178/F10178","v":0.01},0.01]
["10024154","VENTILADOR DE REFRIGERACION NMB-MAT 3110","2007","RINCON","UN",2,{"$f":"+H10181/F10181","v":0.01},0.02]
["10024163","BOBINA 110V 50/60 HZ","2007","RINCON","UN",1,{"$f":"+H10189/F10189","v":0.01},0.01]
["10024176","TERMINALES DE OJO SC50-10","2007","RINCON","UN",9,{"$f":"+H10199/F10199","v":0.01},0.09]
["10024178","LETRAS EMT 3/4 LR","2007","RINCON","UN",1,{"$f":"+H10201/F10201","v":0.01},0.01]
["10024187","FUSIBLE 6A/500V","2025","LAS DAMAS","UN",9,{"$f":"+H10210/F10210","v":0.01},0.09]
["10024196","RODAMIENTO SKF 22230 CCK/C3W33","2010","JIMENOA","UN",2,{"$f":"+H10213/F10213","v":0},{"v":0,"d":"0.00"}]
["10024202","RODAMIENTO SKR 32230-J2","2012","SALTO DE CONSTANZA","UN",2,{"$f":"+H10221/F10221","v":0},{"v":0,"d":"0.00"}]
["10024214","MARTILLO DE GOMA MANGO DE 11\"*1 1/2","2007","RINCON","UN",4,{"$f":"+H10228/F10228","v":0.01},0.04]
["10024225","FILTRO DE ACEITE  1R-0740","2007","RINCON","UN",3,{"$f":"+H10238/F10238","v":0.01},0.03]
["10024234","BASE PARA LIMITE DE CARRERA","2010","JIMENOA","UN",3,{"$f":"+H10240/F10240","v":0},{"v":0,"d":"0.00"}]
["10024240","ORING 7MM NBR","2027","PALOMINO","UN",1,{"$f":"+H10249/F10249","v":0},{"v":0,"d":"0.00"}]
["10024245","ACOPLE DE ELECTROFUSION","2010","JIMENOA","UN",1,{"$f":"+H10252/F10252","v":0.01},0.01]
["10024261","MODULO DE SALIDA DIGITAL","2005","MONCION","UN",7,{"$f":"+H10262/F10262","v":0},{"v":0,"d":"0.00"}]
["10024271","VALVULA MECANICA REX","2008","HATILLO","UN",1,{"$f":"+H10271/F10271","v":0.01},0.01]
["10024273","SENSOR DE PROXIMIDAD 15/32 V DPALOM4-205","2007","RINCON","UN",1,{"$f":"+H10273/F10273","v":0.01},0.01]
["10024277","DISCO DE PULIR 80\"","2002","TAVERA","UN",9,{"$f":"+H10279/F10279","v":0},{"v":0,"d":"0.00"}]
["10024298","TARUGOS EXPANSIVOS 8MM","2007","RINCON","UN",45,{"$f":"+H10291/F10291","v":0.01},0.45]
["10024302","MANOMETRO REGULADOR OXIGENO","2011","PINALITO","UN",2,{"$f":"+H10294/F10294","v":0},{"v":0,"d":"0.00"}]
["10024313","BLOQUE DE CONTACTO LAD -N22","2016","AGUACATE","UN",3,{"$f":"+H10303/F10303","v":0},{"v":0,"d":"0.00"}]
["10024315","COUPLING HG ROSACADA 2''","2008","HATILLO","UN",9,{"$f":"+H10305/F10305","v":0.01},0.09]
["10024320","GUANTES AISLANTES USO MAXIMO 36,000V","2005","MONCION","UN",2,{"$f":"+H10311/F10311","v":0},{"v":0,"d":"0.00"}]
["10024321","GUANTES AISLAMIENTO ELECTRICO","2007","RINCON","UN",41,{"$f":"+H10322/F10322","v":149.65878048780488},{"v":6136.01,"d":"6,136.01"}]
["10024327","BARRA PARA MOTOSIERRA 355MM X 14\"","2010","JIMENOA","UN",1,{"$f":"+H10330/F10330","v":0.01},0.01]
["10024331","MANOMETRO DE GLICERINA 0-20 BAR","2010","JIMENOA","UN",2,{"$f":"+H10333/F10333","v":0.01},0.02]
["10024345","JUNTA VAQUELITA INFERIOR 672855","2010","JIMENOA","UN",1,{"$f":"+H10342/F10342","v":0.01},0.01]
["10024352","COUPLING HG 1/2\"","2024","MAGUEYAL","UN",1,{"$f":"+H10346/F10346","v":0.01},0.01]
["10024361","LETRA MT-VL D 1''","2008","HATILLO","UN",3,{"$f":"+H10354/F10354","v":0.01},0.03]
["10024365","CONECTOR A PRUEBA DE AGUA  2''","2008","HATILLO","UN",1,{"$f":"+H10357/F10357","v":0.01},0.01]
["10024373","CONECTOR PERNO 2''","2008","HATILLO","UN",3,{"$f":"+H10369/F10369","v":0.01},0.03]
["10024378","TERMINALES 10 MM","2008","HATILLO","UN",3,{"$f":"+H10374/F10374","v":0.01},0.03]
["10024387","CONECTOR GLANDULA 1''","2008","HATILLO","UN",9,{"$f":"+H10381/F10381","v":0.01},0.09]
["10024392","CODO EMT 1''","2008","HATILLO","UN",1,{"$f":"+H10386/F10386","v":0.01},0.01]
["10024397","RELE TERMICO RTA44-56A","2005","MONCION","UN",2,{"$f":"+H10395/F10395","v":0},{"v":0,"d":"0.00"}]
["10024408","FUENTE PH.CONTACT QUINT -PS/1AC/24VDC/20","2012","SALTO DE CONSTANZA","UN",2,{"$f":"+H10401/F10401","v":0},{"v":0,"d":"0.00"}]
["10024410","AISLADOR DE SEÑAL ANDRITZ SI1010L-XE","2007","RINCON","UN",1,{"$f":"+H10406/F10406","v":0},{"v":0,"d":"0.00"}]
["10024412","LIMIT SWHICH TELEMECANIQUE XCKM","2012","SALTO DE CONSTANZA","UN",5,{"$f":"+H10413/F10413","v":0},{"v":0,"d":"0.00"}]
["10024439","RODAMIENTO SKF NUP 207 ECP","2005","MONCION","UN",2,{"$f":"+H10419/F10419","v":0},{"v":0,"d":"0.00"}]
["10024442","CINTA DE PREC.  AMAR. 76.2MM X 304.8MTS","2007","RINCON","UN",2,{"$f":"+H10425/F10425","v":0.01},0.02]
["10024442","CINTA DE PREC.  AMAR. 76.2MM X 304.8MTS","2016","AGUACATE","UN",2,{"$f":"+H10430/F10430","v":0},{"v":0,"d":"0.00"}]
["10024445","SWITCH ABB POWERSUPLAY CP-C1.24/10.0","2012","SALTO DE CONSTANZA","UN",3,{"$f":"+H10437/F10437","v":0.01},0.03]
["10024453","CONTACTO CONMUTADO ABB 15D A05 4911 R1","2010","JIMENOA","UN",1,{"$f":"+H10447/F10447","v":0.01},0.01]
["10024460","ALAMBRE DE COBRE PARA BOBINA","2008","HATILLO","UN",1,{"$f":"+H10452/F10452","v":0.01},0.01]
["10024466","HACHA 3 LBS","2022","DOMINGO RODRIGUEZ","UN",3,{"$f":"+H10458/F10458","v":0},{"v":0,"d":"0.00"}]
["10024471","ORIN 5 MM","2008","HATILLO","UN",1,{"$f":"+H10464/F10464","v":0.01},0.01]
["10024477","VALVULA SOLENOIDE 34 VA SIZE 3/8","2008","HATILLO","UN",2,{"$f":"+H10469/F10469","v":0.01},0.02]
["10024485","JUNTA TWINSET PEQUENA","2008","HATILLO","UN",6,{"$f":"+H10476/F10476","v":0.01},0.06]
["10024497","PALOMETA 13/11","2008","HATILLO","UN",2,{"$f":"+H10484/F10484","v":0.01},0.02]
["10024505","ACEITE 5W-20","2007","RINCON","UN",10,{"$f":"+H10490/F10490","v":0},{"v":0,"d":"0.00"}]
["10024513","PARA RAYO 12 KV","2016","AGUACATE","UN",1,{"$f":"+H10496/F10496","v":0},{"v":0,"d":"0.00"}]
["10024520","ARANDELA DE PRESION 10*20 MM","2008","HATILLO","UN",38,{"$f":"+H10503/F10503","v":0.01},0.38]
["10024525","CERRADURA PARA PUERTA DE METAL","2008","HATILLO","UN",2,{"$f":"+H10508/F10508","v":0.01},0.02]
["10024529","TRANSFORMADOR DE LAMPARA","2005","MONCION","UN",69,{"$f":"+H10514/F10514","v":0},{"v":0,"d":"0.00"}]
["10024534","CABLE PARA CLOCHE 125 LONCIN","2032","LAS DOS BOCAS","UN",1,{"$f":"+H10520/F10520","v":0.01},0.01]
["10024554","PIÑON 120 PARA GRUA","2008","HATILLO","UN",2,{"$f":"+H10531/F10531","v":0.01},0.02]
["10024559","PIÑON 610 PARA GRUA","2008","HATILLO","UN",2,{"$f":"+H10535/F10535","v":0.01},0.02]
["10024567","FILTRO DE ACEITE PH13","2008","HATILLO","UN",1,{"$f":"+H10542/F10542","v":0.01},0.01]
["10024572","RELE 250VAC-280VDC","2008","HATILLO","UN",4,{"$f":"+H10547/F10547","v":0.01},0.04]
["10024578","COUPLING DE 4\" PVC","2022","DOMINGO RODRIGUEZ","UN",1,{"$f":"+H10555/F10555","v":0},{"v":0,"d":"0.00"}]
["10024579","CODO 1 1/2\" PVC","2028","BRAZO DERECHO","UN",1,{"$f":"+H10559/F10559","v":1},{"v":1,"d":"1.00"}]
["10024599","CODO HIERRO NEGRO 2 X 45","2015","JIGüEY","UN",5,{"$f":"+H10566/F10566","v":0},{"v":0,"d":"0.00"}]
["10024619","BRIDA DE 6 PLG DE 4 AGUJEROS INOXI","2011","PINALITO","UN",2,{"$f":"+H10578/F10578","v":0},{"v":0,"d":"0.00"}]
["10024620","BRIDA PLANA 5\" X 8 AGUJEROS","2002","TAVERA","UN",4,{"$f":"+H10579/F10579","v":0},{"v":0,"d":"0.00"}]
["10024631","TUBO HG DE 2\"","2005","MONCION","UN",12,{"$f":"+H10587/F10587","v":0},{"v":0,"d":"0.00"}]
["10024648","UNION HEMBRA 1\"","2010","JIMENOA","UN",1,{"$f":"+H10598/F10598","v":0.01},0.01]
["10024665","CONTACTOR  110V-LC1K0910F7","2008","HATILLO","UN",3,{"$f":"+H10604/F10604","v":0.01},0.03]
["10024671","LIMIT SWITCH 240V/3AMP","2007","RINCON","UN",2,{"$f":"+H10610/F10610","v":0.01},0.02]
["10024676","UNION PVC DE 3\"","2008","HATILLO","UN",2,{"$f":"+H10615/F10615","v":0.01},0.02]
["10024679","ABRAZADERA TIPO U DE 4''","2009","RIO BLANCO","UN",80,{"$f":"+H10618/F10618","v":0},{"v":0,"d":"0.00"}]
["10024696","JUEGO DE CONTACTO AB-194L-512","2010","JIMENOA","UN",3,{"$f":"+H10626/F10626","v":0.01},0.03]
["10024719","CORREA PARA CINTURON DE POSICIONAMIENTO","2020","SABANA YEGUA","UN",1,{"$f":"+H10637/F10637","v":0},{"v":0,"d":"0.00"}]
["10024725","TORNILLO ALLEN CILINDRICO M4 x 15","2008","HATILLO","UN",18,{"$f":"+H10639/F10639","v":0.01},0.18]
["10024745","CODO DE 4'' HN A 90º","2008","HATILLO","UN",7,{"$f":"+H10649/F10649","v":0.01},0.07]
["10024757","UNION DE COBRE 1 1/2''","2008","HATILLO","UN",4,{"$f":"+H10656/F10656","v":0.01},0.04]
["10024762","CODO 3/4 PVC","2010","JIMENOA","UN",5,{"$f":"+H10661/F10661","v":0.01},0.05]
["10024769","HILO PARA DESBROZADORA 3.3MM","2020","SABANA YEGUA","M",1,{"$f":"+H10667/F10667","v":0},{"v":0,"d":"0.00"}]
["10024778","PINTURA AZUL CLARO 05 ESMALTE","2005","MONCION","GAL",4,{"$f":"+H10676/F10676","v":0},{"v":0,"d":"0.00"}]
["10024782","LIMA TRIANGULAR 6¨","2007","RINCON","UN",3,{"$f":"+H10681/F10681","v":0},{"v":0,"d":"0.00"}]
["10024800","CURVA HIERRO NEGRO 3\"","2020","SABANA YEGUA","UN",2,{"$f":"+H10688/F10688","v":1},{"v":2,"d":"2.00"}]
["10024806","JUNTA UNION UNIVERSAL 60 X78 MM","2010","JIMENOA","UN",2,{"$f":"+H10693/F10693","v":0.01},0.02]
["10024814","RODAMIENTO PARA CARRETILLA 15.9MM X 5/8","2010","JIMENOA","UN",2,{"$f":"+H10699/F10699","v":0.01},0.02]
["10024825","TEE DE 1/2'' ROSCADA","2008","HATILLO","UN",2,{"$f":"+H10708/F10708","v":0.01},0.02]
["10024827","TEE DE HIERRO DE 1/2''","2008","HATILLO","UN",6,{"$f":"+H10710/F10710","v":0.01},0.06]
["10024838","COPILLA 3/8''","2002","TAVERA","UN",3,{"$f":"+H10720/F10720","v":0},{"v":0,"d":"0.00"}]
["10024841","FUSIBLE TIPO BOTELLA 500V- 35AMP","2008","HATILLO","UN",9,{"$f":"+H10723/F10723","v":0.01},0.09]
["10024848","TORNILLO M10X20MM","2015","JIGüEY","UN",3,{"$f":"+H10732/F10732","v":0},{"v":0,"d":"0.00"}]
["10024863","POWER TRANSVCER MODELO 1C693PTM101A","2007","RINCON","UN",1,{"$f":"+H10740/F10740","v":0.01},0.01]
["10024867","LAMPARA FLUORESCENTE L18W/765","2016","AGUACATE","UN",40,{"$f":"+H10744/F10744","v":0},{"v":0,"d":"0.00"}]
["10024881","DISCO DE PULIR 120''","2007","RINCON","UN",10,{"$f":"+H10751/F10751","v":0.01},{"v":0.1,"d":"0.10"}]
["10024884","JUAL SOCKET RELAY MY4","2007","RINCON","UN",1,{"$f":"+H10759/F10759","v":0.01},0.01]
["10024888","ADADAPTADOR MACHO 1/2\" SCH-40 PVC","2005","MONCION","UN",4,{"$f":"+H10762/F10762","v":0},{"v":0,"d":"0.00"}]
["10024894","PUNTA DE PIEDRA PARA TALADRO","2007","RINCON","UN",1,{"$f":"+H10771/F10771","v":0.01},0.01]
["10024906","FILTRO DE ACEITE C-1008","2007","RINCON","UN",1,{"$f":"+H10779/F10779","v":0.01},0.01]
["10024911","TORNILLO DE 1/2 X 3''","2007","RINCON","UN",29,{"$f":"+H10783/F10783","v":0.009999999999999998},0.29]
["10024924","ARANDELA PLANA DE 1/4\"","2025","LAS DAMAS","UN",8,{"$f":"+H10791/F10791","v":1},{"v":8,"d":"8.00"}]
["10024930","TEE ACERO INOXI 1 1/4\"","2021","SABANETA","UN",10,{"$f":"+H10800/F10800","v":0},{"v":0,"d":"0.00"}]
["10024937","PINTURA GRIS PERLA 56","2008","HATILLO","GAL",5,{"$f":"+H10803/F10803","v":1},{"v":5,"d":"5.00"}]
["10024966","REFLECTOR PORTATIL 110W","2010","JIMENOA","UN",2,{"$f":"+H10813/F10813","v":0.01},0.02]
["10024969","DISPLEY DE ALARMA ABB SACO16PM","2010","JIMENOA","UN",1,{"$f":"+H10815/F10815","v":0.01},0.01]
["10024980","JUNTA DEL RODETE","2024","MAGUEYAL","UN",3,{"$f":"+H10824/F10824","v":0.01},0.03]
["10024982","PINTURA GRIS PLATA 65","2020","SABANA YEGUA","GAL",6,{"$f":"+H10827/F10827","v":0},{"v":0,"d":"0.00"}]
["10024986","CANALETA PLASTICA 60\" X 40''","2024","MAGUEYAL","UN",24,{"$f":"+H10835/F10835","v":0.01},0.24]
["10024992","Fuente.ref 604001 24/10","2024","MAGUEYAL","UN",1,{"$f":"+H10842/F10842","v":0.01},0.01]
["10024999","RELE DE PROTECCION NO.219943C","2002","TAVERA","UN",1,{"$f":"+H10852/F10852","v":0.01},0.01]
["10025000","Mod MCR-5-10-50-U1","2024","MAGUEYAL","UN",1,{"$f":"+H10854/F10854","v":0.01},0.01]
["10025012","FILTRO DE ACEITE HYDAC REF.5.03.09 P03BN","2024","MAGUEYAL","UN",2,{"$f":"+H10865/F10865","v":0.01},0.02]
["10025012","FILTRO DE ACEITE HYDAC REF.5.03.09 P03BN","2028","BRAZO DERECHO","UN",5,{"$f":"+H10866/F10866","v":1},{"v":5,"d":"5.00"}]
["10025018","SENSOR DE PRESION EDS 3478-5-3000-4000","2024","MAGUEYAL","UN",1,{"$f":"+H10874/F10874","v":0.01},0.01]
["10025026","Oring 340 x 6mm","2024","MAGUEYAL","UN",2,{"$f":"+H10884/F10884","v":0.01},0.02]
["10025028","Oring 195 x 5mm","2024","MAGUEYAL","UN",3,{"$f":"+H10886/F10886","v":0.01},0.03]
["10025034","Oring 75 x 3mm","2024","MAGUEYAL","UN",1,{"$f":"+H10897/F10897","v":0.01},0.01]
["10025042","Curva PVC 1/2''","2024","MAGUEYAL","UN",11,{"$f":"+H10905/F10905","v":0.01},0.11]
["10025049","LETRA T 3/4 PVC","2005","MONCION","UN",1,{"$f":"+H10908/F10908","v":0},{"v":0,"d":"0.00"}]
["10025063","CONTACTOR LC1 D2510F/110V 50-60Hz","2010","JIMENOA","UN",1,{"$f":"+H10917/F10917","v":0.01},0.01]
["10025064","TRANSFORMADOR  INTENSIDAD INDUCTIVO 60Hz","2016","AGUACATE","UN",1,{"$f":"+H10919/F10919","v":0},{"v":0,"d":"0.00"}]
["10025073","COJINETE DEL GENERADOR","2022","DOMINGO RODRIGUEZ","UN",1,{"$f":"+H10925/F10925","v":0.01},0.01]
["10025088","SOPORTE PARA BOMBA DE ARCHIGUE","2022","DOMINGO RODRIGUEZ","UN",2,{"$f":"+H10936/F10936","v":0.01},0.02]
["10025101","JUNTA BAQUELINA RENK DE 4 CANALE 306","2022","DOMINGO RODRIGUEZ","UN",1,{"$f":"+H10944/F10944","v":0.01},0.01]
["10025109","FUSIBLE DE CARTUCHO 600V-25A","2022","DOMINGO RODRIGUEZ","UN",3,{"$f":"+H10949/F10949","v":0.01},0.03]
["10025120","TRANSF.DE CORRIENTE 110/120 V MONOFASICO","2022","DOMINGO RODRIGUEZ","UN",1,{"$f":"+H10956/F10956","v":0.01},0.01]
["10025126","DIODO SUMIKRON REF.5RR/130/12","2022","DOMINGO RODRIGUEZ","UN",6,{"$f":"+H10960/F10960","v":0.01},0.06]
["10025133","REDUCCION PVC  1'' x 3/4''","2010","JIMENOA","UN",3,{"$f":"+H10968/F10968","v":0.01},0.03]
["10025140","RELOJ PARA MEDIR KILOWATTS 0 A 3000","2022","DOMINGO RODRIGUEZ","UN",1,{"$f":"+H10976/F10976","v":0.01},0.01]
["10025148","ORING 2500 X 23.6 MM","2022","DOMINGO RODRIGUEZ","UN",1,{"$f":"+H10981/F10981","v":0.01},0.01]
["10025155","ORING 1.562 X 1.75 X 0.103 MM","2022","DOMINGO RODRIGUEZ","UN",19,{"$f":"+H10988/F10988","v":0.01},0.19]
["10025160","DIAFRAGMA REGU. HIDRAULI 9F400S 3/8 PLG","2010","JIMENOA","UN",1,{"$f":"+H10992/F10992","v":0.01},0.01]
["10025174","ARANDELA PLANA 2 PLG","2011","PINALITO","UN",31,{"$f":"+H11003/F11003","v":0},{"v":0,"d":"0.00"}]
["10025185","APARTARRAYOS METO ELECTRICO","2010","JIMENOA","UN",1,{"$f":"+H11009/F11009","v":0.01},0.01]
["10025193","CONTACTO AUXILIAR ABB 400V-230V","2010","JIMENOA","UN",48,{"$f":"+H11015/F11015","v":0.01},0.48]
["10025199","VALVULA REG. DE ACEITE C/RODAMIENTO","2005","MONCION","UN",1,{"$f":"+H11020/F11020","v":0},{"v":0,"d":"0.00"}]
["10025205","VALVULA CHECK 132-75-8061","2010","JIMENOA","UN",1,{"$f":"+H11027/F11027","v":0.01},0.01]
["10025211","MEDIDOR DE ENERGIA 90A","2010","JIMENOA","UN",1,{"$f":"+H11033/F11033","v":0.01},0.01]
["10025216","MOTOR ELECTRICO KW4N0 1640101","2012","SALTO DE CONSTANZA","UN",1,{"$f":"+H11039/F11039","v":0},{"v":0,"d":"0.00"}]
["10025226","FUSIBLE 10A-600V AC","2010","JIMENOA","UN",2,{"$f":"+H11044/F11044","v":0.01},0.02]
["10025231","Junta redonda 6 1/2''","2025","LAS DAMAS","UN",15,{"$f":"+H11051/F11051","v":0.01},0.15]
["10025251","MANOMETRO 0-160BAR","2002","TAVERA","UN",2,{"$f":"+H11061/F11061","v":0.01},0.02]
["10025255","FINAL DE CARRERA 3A-250V","2028","BRAZO DERECHO","UN",1,{"$f":"+H11066/F11066","v":0.01},0.01]
["10025262","RELE HV FA 250-6","2028","BRAZO DERECHO","UN",2,{"$f":"+H11071/F11071","v":0.01},0.02]
["10025267","CURVA EMT 2\"","2028","BRAZO DERECHO","UN",15,{"$f":"+H11076/F11076","v":0.01},0.15]
["10025285","FILTRO PF 10","2027","PALOMINO","UN",1,{"$f":"+H11086/F11086","v":1},{"v":1,"d":"1.00"}]
["10025301","FILTRO DE COMBUSTIBLE FC-227","2025","LAS DAMAS","UN",1,{"$f":"+H11093/F11093","v":0.01},0.01]
["10025311","ORING 50X5 MM","2028","BRAZO DERECHO","UN",1,{"$f":"+H11098/F11098","v":0.01},0.01]
["10025325","TRAMPA H2O 19797","2015","JIGüEY","UN",1,{"$f":"+H11104/F11104","v":0.01},0.01]
["10025336","FILTRO DE AIRE 17801-60040","2011","PINALITO","UN",2,{"$f":"+H11110/F11110","v":0},{"v":0,"d":"0.00"}]
["10025343","JUEGO DE PIEZAS PARA PUERTA CORREDIZA","2025","LAS DAMAS","UN",1,{"$f":"+H11117/F11117","v":0.01},0.01]
["10025355","CINTA AISLANTE 25.4*3.04*1.65MM","2010","JIMENOA","UN",18,{"$f":"+H11122/F11122","v":0.01},0.18]
["10025373","BOMBILLO HALOGENO 12V 100W","2025","LAS DAMAS","UN",1,{"$f":"+H11128/F11128","v":0.01},0.01]
["10025384","ESPARAGO DE 6 X 1/2\"","2009","RIO BLANCO","UN",2,{"$f":"+H11137/F11137","v":0.01},0.02]
["10025411","REDUCCION DE 3 A 2 1/2¨ PVC","2009","RIO BLANCO","UN",4,{"$f":"+H11145/F11145","v":0.01},0.04]
["10025415","push Button DE EMERGENCIA ABB 12.5KV","2025","LAS DAMAS","UN",1,{"$f":"+H11149/F11149","v":0.01},0.01]
["10025422","contactor 240V 6HZ","2025","LAS DAMAS","UN",1,{"$f":"+H11156/F11156","v":0.01},0.01]
["10025429","FUSIBLE WESTING HOUSE KV15, 130,000AMP","2025","LAS DAMAS","UN",6,{"$f":"+H11161/F11161","v":0.01},0.06]
["10025438","TERMINAL DE OJO ROJO KA 22-16","2025","LAS DAMAS","UN",68,{"$f":"+H11169/F11169","v":0.01},0.68]
["10025445","TERMINAL DE PUNTA PERFORADO","2015","JIGüEY","UN",90,{"$f":"+H11177/F11177","v":0},{"v":0,"d":"0.00"}]
["10025448","MARCADORES DE CABLE 500PCS 3.6 A 7.4MM","2008","HATILLO","UN",4,{"$f":"+H11181/F11181","v":1},{"v":4,"d":"4.00"}]
["10025460","PRENSA DE APOLLO DE CRUCETA DE ALTA TENS","2009","RIO BLANCO","UN",7,{"$f":"+H11188/F11188","v":0.01},0.07]
["10025475","DISCO DE CORTE 4 1/2 X 1/4 X 7/8''","2008","HATILLO","UN",20,{"$f":"+H11193/F11193","v":1},{"v":20,"d":"20.00"}]
["10025484","VALVULA DIRECCIONAL 32 VIAS AA301","2025","LAS DAMAS","UN",2,{"$f":"+H11201/F11201","v":0.01},0.02]
["10025500","VALVULA DE ALIVIO AA201","2025","LAS DAMAS","UN",1,{"$f":"+H11212/F11212","v":0.01},0.01]
["10025505","FILTRO DE AIRE 15600-41010","2009","RIO BLANCO","UN",1,{"$f":"+H11218/F11218","v":0.01},0.01]
["10025506","BOTON PULSADOR RAZANTE COLOR VERDE","2025","LAS DAMAS","UN",3,{"$f":"+H11220/F11220","v":0.01},0.03]
["10025515","CAJA OCTAGONAL METAL 4\" X 4\"","2008","HATILLO","UN",2,{"$f":"+H11229/F11229","v":1},{"v":2,"d":"2.00"}]
["10025516","caja octagonal Plastica","2025","LAS DAMAS","UN",1,{"$f":"+H11232/F11232","v":0.01},0.01]
["10025529","FILTRO DE ACEITE DE ACERRO INOXIDABLE 18","2009","RIO BLANCO","UN",1,{"$f":"+H11240/F11240","v":0.01},0.01]
["10025543","PINTURA OXIDO VERDE","2025","LAS DAMAS","GAL",2,{"$f":"+H11251/F11251","v":0.01},0.02]
["10025544","CODO IMC 63.5MM","2025","LAS DAMAS","UN",5,{"$f":"+H11253/F11253","v":0.01},0.05]
["10025548","PINTURA OXIDO ROJO ANTICORROSIVO","2016","AGUACATE","GAL",7,{"$f":"+H11263/F11263","v":1},{"v":7,"d":"7.00"}]
["10025553","INDICADOR DE SUCIEDAD 0.5 MN","2016","AGUACATE","UN",1,{"$f":"+H11271/F11271","v":0},{"v":0,"d":"0.00"}]
["10025553","INDICADOR DE SUCIEDAD 0.5 MN","2025","LAS DAMAS","UN",2,{"$f":"+H11272/F11272","v":0.01},0.02]
["10025566","FUSIBLE TIPO K 1 AMP -15KV","2011","PINALITO","UN",5,{"$f":"+H11283/F11283","v":0},{"v":0,"d":"0.00"}]
["10025568","SELECTOR DE 3 POSICIONES","2025","LAS DAMAS","UN",3,{"$f":"+H11285/F11285","v":0.01},0.03]
["10025577","FRECUENCIMETRO -10/10+ 600V/5A","2025","LAS DAMAS","UN",2,{"$f":"+H11295/F11295","v":0.01},0.02]
["10025587","CUBO MECANICO DE 70MM","2009","RIO BLANCO","UN",1,{"$f":"+H11302/F11302","v":0.01},0.01]
["10025596","UNION UNIVERSAL HG DE 1\"","2008","HATILLO","UN",18,{"$f":"+H11310/F11310","v":1},{"v":18,"d":"18.00"}]
["10025598","TAPON ROSCADO DE 3\"","2009","RIO BLANCO","UN",1,{"$f":"+H11313/F11313","v":0.01},0.01]
["10025620","BOBINA VALVULA SELENOIDE 24VDC 1.2 A","2027","PALOMINO","UN",3,{"$f":"+H11322/F11322","v":0.01},0.03]
["10025623","BOBINA VALVULA SELENOIDE 25VDC 35W","2027","PALOMINO","UN",2,{"$f":"+H11324/F11324","v":0.01},0.02]
["10025636","SELLO DE PERFIL ESPECIAL TIPO K08-D","2027","PALOMINO","UN",1,{"$f":"+H11334/F11334","v":0.01},0.01]
["10025640","SELLO DE GOMA RUHEORT 6 X 300MM","2027","PALOMINO","UN",6,{"$f":"+H11337/F11337","v":0.01},0.06]
["10025657","ESTATOR SERIE NO. 8.0122","2027","PALOMINO","UN",2,{"$f":"+H11346/F11346","v":0.01},0.02]
["10025676","EJE PARA GRUA 7.25KG DIM. 756MM","2027","PALOMINO","UN",2,{"$f":"+H11354/F11354","v":0.01},0.02]
["10025689","ARANDELA PLANA 29 X 17 MM","2027","PALOMINO","UN",14,{"$f":"+H11361/F11361","v":0.01},0.14]
["10025699","VARILLA M20 0.85KG X 340.00KG","2027","PALOMINO","UN",1,{"$f":"+H11366/F11366","v":0.01},0.01]
["10025712","CAMBIO DE COMBERTIDOR MINI MC, SVDC","2027","PALOMINO","UN",1,{"$f":"+H11375/F11375","v":0.01},0.01]
["10025717","FUSIBLE DCA 250A-500V","2027","PALOMINO","UN",2,{"$f":"+H11378/F11378","v":0.01},0.02]
["10025724","COMPONENTE PARA COMUNICACIÓN HAPF-4495","2027","PALOMINO","UN",1,{"$f":"+H11386/F11386","v":0.01},0.01]
["10025732","BREAKER E2C250N","2027","PALOMINO","UN",1,{"$f":"+H11393/F11393","v":0.01},0.01]
["10025735","SENSOR DE PROXIMIDAD 5-16-208-527-E","2027","PALOMINO","UN",1,{"$f":"+H11397/F11397","v":0.01},0.01]
["10025769","BOTON PULSADOR RAZANTE COLOR ROJO","2025","LAS DAMAS","UN",2,{"$f":"+H11405/F11405","v":1},{"v":2,"d":"2.00"}]
["10025855","LENTES DE SEGURIDAD INSDUSTRIAL OSCURO","2000","SUMINISTRO HIDRO","UN",38,{"$f":"+H11414/F11414","v":0.01},0.38]
["10025855","LENTES DE SEGURIDAD INSDUSTRIAL OSCURO","2031","REPUESTOS VEHICULOS","UN",29,{"$f":"+H11417/F11417","v":0},{"v":0,"d":"0.00"}]
["10025857","CASCO DE SEGURIDAD GRIS","2016","AGUACATE","UN",1,{"$f":"+H11427/F11427","v":0},{"v":0,"d":"0.00"}]
["10025857","CASCO DE SEGURIDAD GRIS","2027","PALOMINO","UN",5,{"$f":"+H11429/F11429","v":1},{"v":5,"d":"5.00"}]
["10025915","Lampara LED 100-277 VAC modular tipo UFO","2010","JIMENOA","UN",1,{"$f":"+H11438/F11438","v":1},{"v":1,"d":"1.00"}]
["10025938","TEE DE POLIETILENO 75MM","2032","LAS DOS BOCAS","UN",33,{"$f":"+H11444/F11444","v":0.01},0.33]
["10025955","Breaker 2 Polos ABB S-202M-B6","2020","SABANA YEGUA","UN",3,{"$f":"+H11449/F11449","v":0},{"v":0,"d":"0.00"}]
["10025959","CASCO PROTECTOR DE MOTOCICLETA","2025","LAS DAMAS","UN",5,{"$f":"+H11456/F11456","v":1},{"v":5,"d":"5.00"}]
["10025966","CONECTOR TERMICO DEL CONTACTOR LR2-D130","2022","DOMINGO RODRIGUEZ","UN",1,{"$f":"+H11461/F11461","v":0},{"v":0,"d":"0.00"}]
["10025977","FILTRO DE ACEITE REF.21515","2022","DOMINGO RODRIGUEZ","UN",1,{"$f":"+H11470/F11470","v":0},{"v":0,"d":"0.00"}]
["10025982","FUSIBLE 10 AMP-500V","2010","JIMENOA","UN",15,{"$f":"+H11476/F11476","v":0},{"v":0,"d":"0.00"}]
["10025993","INTERFACE P/PLC DE ENTRADA TE-6420","2012","SALTO DE CONSTANZA","UN",10,{"$f":"+H11481/F11481","v":0},{"v":0,"d":"0.00"}]
["10026002","MEDIDOR DE PUESTA A TIERRA 69KV","2022","DOMINGO RODRIGUEZ","UN",1,{"$f":"+H11488/F11488","v":0},{"v":0,"d":"0.00"}]
["10026018","Pitura Blanco Trafico","2000","SUMINISTRO HIDRO","UN",29,{"$f":"+H11494/F11494","v":3137.1110344827584},{"v":90976.22,"d":"90,976.22"}]
["10026036","TRANSFORMADOR 450-460","2010","JIMENOA","UN",2,{"$f":"+H11500/F11500","v":1},{"v":2,"d":"2.00"}]
["10026077","ARANDELA DE BRONCE 56 x 100 MM","2015","JIGüEY","UN",8,{"$f":"+H11511/F11511","v":0},{"v":0,"d":"0.00"}]
["10026084","CURVA PVC 2\"","2020","SABANA YEGUA","UN",7,{"$f":"+H11519/F11519","v":0},{"v":0,"d":"0.00"}]
["10026088","LIMA PLANA 12 plg","2000","SUMINISTRO HIDRO","UN",17,{"$f":"+H11522/F11522","v":319.64235294117645},{"v":5433.92,"d":"5,433.92"}]
["10026091","PINTURA AZUL POSITIVO","2021","SABANETA","GAL",8,{"$f":"+H11527/F11527","v":1},{"v":8,"d":"8.00"}]
["10026099","RODAMIENTO DE CONICO 6307","2002","TAVERA","UN",4,{"$f":"+H11533/F11533","v":0},{"v":0,"d":"0.00"}]
["10026135","PLC SIEMENS 6ES7/421-1BL01-0AA0","2010","JIMENOA","UN",1,{"$f":"+H11539/F11539","v":0},{"v":0,"d":"0.00"}]
["10026153","ABRAZADERA EN U 5/16","2015","JIGüEY","UN",6,{"$f":"+H11550/F11550","v":0},{"v":0,"d":"0.00"}]
["10026173","TRANSDUCTOR FT100","2002","TAVERA","UN",10,{"$f":"+H11558/F11558","v":0},{"v":0,"d":"0.00"}]
["10026174","TRANSDUCTOR ABB ETM-15 13/14/2/5","2005","MONCION","UN",2,{"$f":"+H11559/F11559","v":0},{"v":0,"d":"0.00"}]
["10026213","TORNILLO ALLEN 5/8 X 1 1/4","2002","TAVERA","UN",16,{"$f":"+H11571/F11571","v":0},{"v":0,"d":"0.00"}]
["10026226","ADAPTADOR DE FUSIBLE 80 AMP","2002","TAVERA","UN",30,{"$f":"+H11578/F11578","v":0},{"v":0,"d":"0.00"}]
["10026233","TERMINAL XA18A4N","2002","TAVERA","UN",28,{"$f":"+H11584/F11584","v":0},{"v":0,"d":"0.00"}]
["10026250","TEE 2\" ACERO INOXIDABLE ROCADA","2002","TAVERA","UN",3,{"$f":"+H11590/F11590","v":0},{"v":0,"d":"0.00"}]
["10026258","TARJETA ELECTRONICA TIPO RS91","2002","TAVERA","UN",3,{"$f":"+H11595/F11595","v":0},{"v":0,"d":"0.00"}]
["10026273","TAPA DE REGISTRO 3/4 X 3/4 X 1 3/4","2002","TAVERA","UN",3,{"$f":"+H11602/F11602","v":0},{"v":0,"d":"0.00"}]
["10026279","SPRING DE ACERO INOX 40X94X48MM","2002","TAVERA","UN",19,{"$f":"+H11606/F11606","v":0},{"v":0,"d":"0.00"}]
["10026293","SELLADOR AISLANTE 3M","2002","TAVERA","UN",2,{"$f":"+H11617/F11617","v":0},{"v":0,"d":"0.00"}]
["10026311","RODAMIENTO 6006","2002","TAVERA","UN",6,{"$f":"+H11623/F11623","v":0},{"v":0,"d":"0.00"}]
["10026325","RELE DE APERTURA POSICION ABB","2002","TAVERA","UN",2,{"$f":"+H11629/F11629","v":0},{"v":0,"d":"0.00"}]
["10026335","RELAY ABB RXMBVB2 REF-RK-206AP 125V","2020","SABANA YEGUA","UN",10,{"$f":"+H11634/F11634","v":0},{"v":0,"d":"0.00"}]
["10026348","PORTA FUSIBLE DE CARTUCHO DE 25 AMP","2002","TAVERA","UN",4,{"$f":"+H11641/F11641","v":0},{"v":0,"d":"0.00"}]
["10026353","PORTA FLOTA NIVEL ACEITE DE LA TURBINA","2002","TAVERA","UN",1,{"$f":"+H11647/F11647","v":0},{"v":0,"d":"0.00"}]
["10026367","ORNILLO DE ACERO INOX. EXAG. 3/8 X 1","2002","TAVERA","UN",22,{"$f":"+H11653/F11653","v":0},{"v":0,"d":"0.00"}]
["10026379","OBVER LOAD B45","2002","TAVERA","UN",4,{"$f":"+H11661/F11661","v":0},{"v":0,"d":"0.00"}]
["10026398","MODULO ABB PK723","2002","TAVERA","UN",2,{"$f":"+H11668/F11668","v":0},{"v":0,"d":"0.00"}]
["10026404","LIMPIADOR DE TARJETA ELECTRONICA","2022","DOMINGO RODRIGUEZ","UN",1,{"$f":"+H11673/F11673","v":0},{"v":0,"d":"0.00"}]
["10026412","KIT DE RETENEDORA DT 125","2002","TAVERA","UN",2,{"$f":"+H11679/F11679","v":0},{"v":0,"d":"0.00"}]
["10026427","JUNTA CIRCULAR DE 16 CM","2002","TAVERA","UN",6,{"$f":"+H11685/F11685","v":0},{"v":0,"d":"0.00"}]
["10026442","FUSIBLE WH4 800A 500A 120KA","2002","TAVERA","UN",3,{"$f":"+H11690/F11690","v":0},{"v":0,"d":"0.00"}]
["10026458","FUSIBLE TIPO K 50A-38KV","2010","JIMENOA","UN",3,{"$f":"+H11700/F11700","v":0.01},0.03]
["10026464","FLOTA DE NIVEL DE COGINTE SUSPERIOR","2002","TAVERA","UN",4,{"$f":"+H11707/F11707","v":0},{"v":0,"d":"0.00"}]
["10026471","FILTRO DE AIRE VOLVO REF:3827589","2002","TAVERA","UN",1,{"$f":"+H11712/F11712","v":0},{"v":0,"d":"0.00"}]
["10026487","ESPARRAGO 16X112MM","2002","TAVERA","UN",2,{"$f":"+H11720/F11720","v":0},{"v":0,"d":"0.00"}]
["10026495","EPOXY ADESIVO","2002","TAVERA","UN",4,{"$f":"+H11724/F11724","v":0},{"v":0,"d":"0.00"}]
["10026508","CURVA ACERO INOXI 1\" A 45º","2027","PALOMINO","UN",4,{"$f":"+H11731/F11731","v":1},{"v":4,"d":"4.00"}]
["10026519","CONVERTIDOR BBC VVX514-2","2002","TAVERA","UN",1,{"$f":"+H11736/F11736","v":0},{"v":0,"d":"0.00"}]
["10026530","CONECTOR RECTO LIQUID TIGHT ROJO DE 2\"","2002","TAVERA","UN",3,{"$f":"+H11742/F11742","v":0},{"v":0,"d":"0.00"}]
["10026541","CONECTOR DE COMUNICACIONES 800MHZ","2011","PINALITO","UN",2,{"$f":"+H11751/F11751","v":0},{"v":0,"d":"0.00"}]
["10026557","BASE DE PT","2002","TAVERA","UN",6,{"$f":"+H11756/F11756","v":0},{"v":0,"d":"0.00"}]
["10026569","CODO 1 1/4 X 90° ACERO INOXIBLE","2020","SABANA YEGUA","UN",10,{"$f":"+H11763/F11763","v":0},{"v":0,"d":"0.00"}]
["10026578","CASQUILLO SKF 3130","2002","TAVERA","UN",2,{"$f":"+H11768/F11768","v":0},{"v":0,"d":"0.00"}]
["10026610","BOBINA 35 HOM","2002","TAVERA","UN",9,{"$f":"+H11780/F11780","v":0},{"v":0,"d":"0.00"}]
["10026620","BOMBILLO DE MERCURIO 175W","2005","MONCION","UN",2,{"$f":"+H11783/F11783","v":0},{"v":0,"d":"0.00"}]
["10026634","TORNILLO EXAG 41X62MM P/GENB","2003","ANGOSTURA","UN",8,{"$f":"+H11791/F11791","v":0},{"v":0,"d":"0.00"}]
["10026639","SONDA TERMOMETRICA F-23","2003","ANGOSTURA","UN",1,{"$f":"+H11795/F11795","v":0},{"v":0,"d":"0.00"}]
["10026648","LETRA IMC TIPO T 1\"","2003","ANGOSTURA","UN",9,{"$f":"+H11804/F11804","v":0},{"v":0,"d":"0.00"}]
["10026651","JUNTA DE ASBESTO 9-554P-18","2003","ANGOSTURA","UN",4,{"$f":"+H11807/F11807","v":0},{"v":0,"d":"0.00"}]
["10026658","FILTRO DE ACEITE RXU1FD96","2003","ANGOSTURA","UN",8,{"$f":"+H11815/F11815","v":0},{"v":0,"d":"0.00"}]
["10026667","BOMBILLA 175 W","2028","BRAZO DERECHO","UN",2,{"$f":"+H11826/F11826","v":1},{"v":2,"d":"2.00"}]
["10026672","ACOPLE 1\"","2003","ANGOSTURA","UN",5,{"$f":"+H11832/F11832","v":0},{"v":0,"d":"0.00"}]
["10026674","VOLTIMETRO ZC9615A/MB","2005","MONCION","UN",2,{"$f":"+H11834/F11834","v":0},{"v":0,"d":"0.00"}]
["10026688","VALVULA REGULADORA MOD 5W-50","2005","MONCION","UN",1,{"$f":"+H11843/F11843","v":0},{"v":0,"d":"0.00"}]
["10026691","VALVULA MANUAL 1 1/2\" VOLMICO  REF. CF8","2005","MONCION","UN",1,{"$f":"+H11846/F11846","v":0},{"v":0,"d":"0.00"}]
["10026707","VALVULA DE BOLA HEMBRA Y MACHO DE 1 1/2","2005","MONCION","UN",1,{"$f":"+H11858/F11858","v":0},{"v":0,"d":"0.00"}]
["10026717","UNION PVC HEMBRA DE 4\"","2008","HATILLO","UN",2,{"$f":"+H11864/F11864","v":1},{"v":2,"d":"2.00"}]
["10026718","UNION MT DE 1/2\"","2008","HATILLO","UN",4,{"$f":"+H11866/F11866","v":1},{"v":4,"d":"4.00"}]
["10026728","TUERCA DE SEGURIDAD 12MM","2005","MONCION","UN",8,{"$f":"+H11875/F11875","v":0},{"v":0,"d":"0.00"}]
["10026742","TRANSFORMADOR MONOFASICO 2.5KV /60HZ","2005","MONCION","UN",1,{"$f":"+H11885/F11885","v":0},{"v":0,"d":"0.00"}]
["10026746","TRANSFORMADOR DE POTENCIA TIPO VL615","2005","MONCION","UN",1,{"$f":"+H11888/F11888","v":0},{"v":0,"d":"0.00"}]
["10026756","TRANSFORMADOR DE CORRIENTE LIMIT SWITCH","2005","MONCION","UN",1,{"$f":"+H11897/F11897","v":0},{"v":0,"d":"0.00"}]
["10026758","TRANSFORMADOR DE CORRIENTE KR-127 D/40","2005","MONCION","UN",3,{"$f":"+H11899/F11899","v":0},{"v":0,"d":"0.00"}]
["10026770","TRANSDUCTOR E913G1/220BAR","2005","MONCION","UN",35,{"$f":"+H11909/F11909","v":0},{"v":0,"d":"0.00"}]
["10026777","TORNILLO PRISIONERO 16 X 20","2005","MONCION","UN",9,{"$f":"+H11916/F11916","v":0},{"v":0,"d":"0.00"}]
["10026792","AISLADOR DE RESINA 130 X 58 X 55","2005","MONCION","UN",1,{"$f":"+H11924/F11924","v":0},{"v":0,"d":"0.00"}]
["10026795","AISLADOR DE RESINA 75X75X175","2005","MONCION","UN",4,{"$f":"+H11927/F11927","v":0},{"v":0,"d":"0.00"}]
["10026806","TORNILLO HEXAGONAL 19X52","2005","MONCION","UN",6,{"$f":"+H11936/F11936","v":0},{"v":0,"d":"0.00"}]
["10026816","TORNILLO CABEZA REDONDA DE M16 X 200MM","2005","MONCION","UN",970,{"$f":"+H11940/F11940","v":0},{"v":0,"d":"0.00"}]
["10026830","TIRISTORES SEMIXRON 5KT","2005","MONCION","UN",3,{"$f":"+H11948/F11948","v":0},{"v":0,"d":"0.00"}]
["10026844","TERMOSTATO 874183.10155CC","2005","MONCION","UN",1,{"$f":"+H11956/F11956","v":0},{"v":0,"d":"0.00"}]
["10026847","ANILLO DE DESGASTE 55 5X460X 25 ACERO I","2005","MONCION","UN",2,{"$f":"+H11959/F11959","v":0},{"v":0,"d":"0.00"}]
["10026859","TERMINAL PERNO PARTIDO METALICO 11MM","2005","MONCION","UN",10,{"$f":"+H11968/F11968","v":0},{"v":0,"d":"0.00"}]
["10026863","TERMINAL PARA CONO DE ALIVIO 4/0","2005","MONCION","UN",4,{"$f":"+H11972/F11972","v":0},{"v":0,"d":"0.00"}]
["10026873","TERMINAL DOBLE 4/D","2005","MONCION","UN",7,{"$f":"+H11980/F11980","v":0},{"v":0,"d":"0.00"}]
["10026883","TEE DE 3/8\"","2005","MONCION","UN",1,{"$f":"+H11989/F11989","v":0},{"v":0,"d":"0.00"}]
["10026887","TARJETA ELECTRONICA UPS-MCE M002/P","2005","MONCION","UN",1,{"$f":"+H11992/F11992","v":0},{"v":0,"d":"0.00"}]
["10026895","TARJETA ELECTRONICA ABB UN507","2005","MONCION","UN",1,{"$f":"+H12000/F12000","v":0},{"v":0,"d":"0.00"}]
["10026903","TARJETA CELTA REF 640504016-02001-50006","2005","MONCION","UN",1,{"$f":"+H12007/F12007","v":0},{"v":0,"d":"0.00"}]
["10026910","ARANDELA 2 x 2 GALV.","2022","DOMINGO RODRIGUEZ","UN",1,{"$f":"+H12011/F12011","v":1},{"v":1,"d":"1.00"}]
["10026923","SOPORTE DE MICA DE 4 SECCION PARA TRANS","2005","MONCION","UN",24,{"$f":"+H12019/F12019","v":0},{"v":0,"d":"0.00"}]
["10026929","SENSOR TIPO LM123004PB","2005","MONCION","UN",2,{"$f":"+H12024/F12024","v":0},{"v":0,"d":"0.00"}]
["10026937","ARANDELA DE PRESION 17 X 27","2005","MONCION","UN",5,{"$f":"+H12031/F12031","v":0},{"v":0,"d":"0.00"}]
["10026948","SELECTOR DE 6 POSICIONES C17-A007-600-E","2005","MONCION","UN",1,{"$f":"+H12041/F12041","v":0},{"v":0,"d":"0.00"}]
["10026950","SELECTOR DE POSICIONES 1-0-2","2005","MONCION","UN",3,{"$f":"+H12043/F12043","v":0},{"v":0,"d":"0.00"}]
["10026958","ARANDELA DE SEGURIDAD M20","2005","MONCION","UN",2,{"$f":"+H12051/F12051","v":0},{"v":0,"d":"0.00"}]
["10026963","SELECTOR DE APARTURA Y CIERRE REF C17BR","2005","MONCION","UN",1,{"$f":"+H12056/F12056","v":0},{"v":0,"d":"0.00"}]
["10026970","RODAMIENTO SKF6206-2Z/C3","2005","MONCION","UN",5,{"$f":"+H12063/F12063","v":0},{"v":0,"d":"0.00"}]
["10026984","RODAMIENTO NTN 6212 ZZ","2005","MONCION","UN",4,{"$f":"+H12073/F12073","v":0},{"v":0,"d":"0.00"}]
["10026992","ARANDELA TIPO CANDADO DE 12MM","2005","MONCION","UN",{"v":4000,"d":"4,000"},{"$f":"+H12078/F12078","v":0},{"v":0,"d":"0.00"}]
["10027000","RIEL 19 X 1","2005","MONCION","UN",2,{"$f":"+H12084/F12084","v":0},{"v":0,"d":"0.00"}]
["10027013","RESISTOR DRAWING NO 22682898G91","2005","MONCION","UN",1,{"$f":"+H12090/F12090","v":0},{"v":0,"d":"0.00"}]
["10027018","RESISTENCIA DE ATERRIZAJE LTL S. 00L48","2005","MONCION","UN",1,{"$f":"+H12095/F12095","v":0},{"v":0,"d":"0.00"}]
["10027028","RELE TEMPORARIZADOR 3RP1525-1AQ30","2005","MONCION","UN",1,{"$f":"+H12102/F12102","v":0},{"v":0,"d":"0.00"}]
["10027038","RELE IK ANALOGO SERIE 6600","2005","MONCION","UN",1,{"$f":"+H12108/F12108","v":0},{"v":0,"d":"0.00"}]
["10027043","RELE DE TRANSMISION Y DISTRIBUCION MOD","2005","MONCION","UN",1,{"$f":"+H12114/F12114","v":0},{"v":0,"d":"0.00"}]
["10027054","RELE DE CIERRE DE ALIMENTACION CC","2005","MONCION","UN",4,{"$f":"+H12125/F12125","v":0},{"v":0,"d":"0.00"}]
["10027066","RELE AUXILIAR REF 28","2005","MONCION","UN",2,{"$f":"+H12133/F12133","v":0},{"v":0,"d":"0.00"}]
["10027070","RELE 51 ALSTOM","2005","MONCION","UN",2,{"$f":"+H12136/F12136","v":0},{"v":0,"d":"0.00"}]
["10027079","BLOQUE AISLANTE 100 X 360MM","2005","MONCION","UN",8,{"$f":"+H12141/F12141","v":0},{"v":0,"d":"0.00"}]
["10027099","BOBINA DE MINIMA TESION UN845","2005","MONCION","UN",4,{"$f":"+H12153/F12153","v":0},{"v":0,"d":"0.00"}]
["10027103","BOBINA DE TRANSFORMADOR REF TCM901RES","2005","MONCION","UN",1,{"$f":"+H12157/F12157","v":0},{"v":0,"d":"0.00"}]
["10027109","PRESOSTATO DE 0 A 1000 PSI","2005","MONCION","UN",1,{"$f":"+H12161/F12161","v":0},{"v":0,"d":"0.00"}]
["10027115","POWER SUPPLY SIEMENS REF 6ES7307-1BA01","2005","MONCION","UN",2,{"$f":"+H12168/F12168","v":0},{"v":0,"d":"0.00"}]
["10027121","POWER SUPPLY REF IC693PWR330H","2005","MONCION","UN",6,{"$f":"+H12173/F12173","v":0},{"v":0,"d":"0.00"}]
["10027142","PLACA METALICA D 4 EDIFICIOS 100X120X15","2005","MONCION","UN",8,{"$f":"+H12185/F12185","v":0},{"v":0,"d":"0.00"}]
["10027160","PIN CONICO 22 X 100","2005","MONCION","UN",4,{"$f":"+H12192/F12192","v":0},{"v":0,"d":"0.00"}]
["10027168","BOMBINA REF 70399F","2005","MONCION","UN",9,{"$f":"+H12198/F12198","v":0},{"v":0,"d":"0.00"}]
["10027178","BORNERA DE 10 CONEXIONES REF PB10F16A","2005","MONCION","UN",3,{"$f":"+H12204/F12204","v":0},{"v":0,"d":"0.00"}]
["10027188","PARARAYO 18KV","2005","MONCION","UN",1,{"$f":"+H12209/F12209","v":0},{"v":0,"d":"0.00"}]
["10027197","PALOMETA PARA MALLA CICLONICA","2005","MONCION","UN",36,{"$f":"+H12216/F12216","v":0},{"v":0,"d":"0.00"}]
["10027207","OJO DE TENSOR ALTA TENSION REF F522304","2005","MONCION","UN",2,{"$f":"+H12220/F12220","v":0},{"v":0,"d":"0.00"}]
["10027228","MONITOR REGULADOR DE TURBINA SIEMENS C-","2005","MONCION","UN",2,{"$f":"+H12231/F12231","v":0},{"v":0,"d":"0.00"}]
["10027236","MODULO DE SEÑAL MOD 6ES7422-1BL00","2005","MONCION","UN",3,{"$f":"+H12237/F12237","v":0},{"v":0,"d":"0.00"}]
["10027241","MODULO DE SEÑAL MOD 6ES7431-1KF00","2011","PINALITO","UN",1,{"$f":"+H12243/F12243","v":0},{"v":0,"d":"0.00"}]
["10027255","MODULO DE ENTRADA DIGITAL ABB 457177702","2005","MONCION","UN",2,{"$f":"+H12251/F12251","v":0},{"v":0,"d":"0.00"}]
["10027256","MODULO DE ENTRADA ANALOGICO SIMATIC","2005","MONCION","UN",1,{"$f":"+H12252/F12252","v":0},{"v":0,"d":"0.00"}]
["10027282","LUZ PILOTO DE CONTROL ROJO","2007","RINCON","UN",1,{"$f":"+H12263/F12263","v":0.01},0.01]
["10027291","PAPEL D/LIJA NO. 1500","2005","MONCION","UN",5,{"$f":"+H12269/F12269","v":0},{"v":0,"d":"0.00"}]
["10027299","LETRA IMC LB 1 PLG","2010","JIMENOA","UN",22,{"$f":"+H12275/F12275","v":1},{"v":22,"d":"22.00"}]
["10027310","LAMPARA 10 X 28","2005","MONCION","UN",95,{"$f":"+H12282/F12282","v":0},{"v":0,"d":"0.00"}]
["10027317","JUNTA DE KLINGER REF C-4400","2005","MONCION","UN",10,{"$f":"+H12287/F12287","v":0},{"v":0,"d":"0.00"}]
["10027327","INTERRUPTOR PARA MOTOR GV3 M40","2005","MONCION","UN",1,{"$f":"+H12293/F12293","v":0},{"v":0,"d":"0.00"}]
["10027340","GANCHO DIFERENCIAL 1TON SIN CADENA","2005","MONCION","UN",8,{"$f":"+H12302/F12302","v":0},{"v":0,"d":"0.00"}]
["10027344","FUSIBLE DE PORCELANA DCA 500V 63AMP","2005","MONCION","UN",5,{"$f":"+H12304/F12304","v":0},{"v":0,"d":"0.00"}]
["10027357","FUENTE DE ALIMENTACION 44V 10AMP","2005","MONCION","UN",1,{"$f":"+H12314/F12314","v":0},{"v":0,"d":"0.00"}]
["10027364","FINAL DE CARRERA REF: FCR006-16A/690V","2005","MONCION","UN",1,{"$f":"+H12321/F12321","v":0},{"v":0,"d":"0.00"}]
["10027370","FILTRO DUPLEX DE 4\"","2005","MONCION","UN",{"v":3691,"d":"3,691"},{"$f":"+H12326/F12326","v":0},{"v":0,"d":"0.00"}]
["10027380","CASQUILLO DE BRONCE 205X180X165","2005","MONCION","UN",4,{"$f":"+H12334/F12334","v":0},{"v":0,"d":"0.00"}]
["10027386","FILTRO DMD- 0015B6OB","2005","MONCION","UN",1,{"$f":"+H12338/F12338","v":0},{"v":0,"d":"0.00"}]
["10027398","ESPARRAGO 22 X 195","2005","MONCION","UN",8,{"$f":"+H12346/F12346","v":0},{"v":0,"d":"0.00"}]
["10027406","CENTRAL D/ FRECUENCIA 640404004-02001457","2005","MONCION","UN",1,{"$f":"+H12353/F12353","v":0},{"v":0,"d":"0.00"}]
["10027417","ELECTROVALVULA WANLFLUH 24VDC 60V","2005","MONCION","UN",1,{"$f":"+H12358/F12358","v":0},{"v":0,"d":"0.00"}]
["10027426","ELECTROVALVULA BOSCH 0811024011250BAR","2005","MONCION","UN",1,{"$f":"+H12366/F12366","v":0},{"v":0,"d":"0.00"}]
["10027430","ELECTROVALVULA 24V 8W 0 A 10BAR","2005","MONCION","UN",1,{"$f":"+H12370/F12370","v":0},{"v":0,"d":"0.00"}]
["10027436","ELECTRO VALVULA DE 20MM DE BRONCE","2005","MONCION","UN",2,{"$f":"+H12377/F12377","v":0},{"v":0,"d":"0.00"}]
["10027446","DISYUNTOR SIR10","2005","MONCION","UN",1,{"$f":"+H12385/F12385","v":0},{"v":0,"d":"0.00"}]
["10027457","CODIFICADOR DE DESPLAZAMIENTO","2005","MONCION","UN",3,{"$f":"+H12394/F12394","v":0},{"v":0,"d":"0.00"}]
["10027460","DISPENSADOR DE CALOR P/INTERRUPTOR 1","2005","MONCION","UN",3,{"$f":"+H12397/F12397","v":0},{"v":0,"d":"0.00"}]
["10027471","CURVA CONDULET 1 1/2\"","2005","MONCION","UN",3,{"$f":"+H12405/F12405","v":0},{"v":0,"d":"0.00"}]
["10027476","CPU SIEMENS REF 6ES7413-1XG02","2005","MONCION","UN",1,{"$f":"+H12409/F12409","v":0},{"v":0,"d":"0.00"}]
["10027489","COUPLING DE 3/4\"","2008","HATILLO","UN",20,{"$f":"+H12418/F12418","v":1},{"v":20,"d":"20.00"}]
["10027493","CODO GALVANIZADO DE 1 1/2\" MACHO Y HEMB","2005","MONCION","UN",6,{"$f":"+H12421/F12421","v":0},{"v":0,"d":"0.00"}]
["10027504","CONTACTOR TERMICO RT1L","2015","JIGüEY","UN",1,{"$f":"+H12429/F12429","v":0},{"v":0,"d":"0.00"}]
["10027514","CONTACTOR REF. 3RT1046-1AK60","2005","MONCION","UN",2,{"$f":"+H12436/F12436","v":0},{"v":0,"d":"0.00"}]
["10027520","CONTACTOR REF, EL07A311M3","2005","MONCION","UN",1,{"$f":"+H12441/F12441","v":0},{"v":0,"d":"0.00"}]
["10027531","CONTACTOR AUXILIAR 125VDC CAD 32M7","2011","PINALITO","UN",7,{"$f":"+H12450/F12450","v":0},{"v":0,"d":"0.00"}]
["10027546","CONTACTO MOVIL REF. 385558400","2005","MONCION","UN",20,{"$f":"+H12460/F12460","v":0},{"v":0,"d":"0.00"}]
["10027547","CONECTOR BX 3/4","2005","MONCION","UN",1,{"$f":"+H12461/F12461","v":0},{"v":0,"d":"0.00"}]
["10027553","CONECTOR RECTO LIQUID TIGHT DE 4''","2002","TAVERA","UN",2,{"$f":"+H12468/F12468","v":0.01},0.02]
["10027570","CONECTORES ELECTRICO LVER-V10-5509 24V/","2005","MONCION","UN",24,{"$f":"+H12478/F12478","v":0},{"v":0,"d":"0.00"}]
["10027572","CONECTOR DE TRANSFORMADOR DE ALTA CONIC","2005","MONCION","UN",3,{"$f":"+H12480/F12480","v":0},{"v":0,"d":"0.00"}]
["10027582","CONECTOR RECTO LIQUID TIGHT DE 3/4 PLG","2005","MONCION","UN",2,{"$f":"+H12489/F12489","v":0},{"v":0,"d":"0.00"}]
["10027587","VALVULA DE RETENCION 2425","2009","RIO BLANCO","UN",1,{"$f":"+H12499/F12499","v":0},{"v":0,"d":"0.00"}]
["10027590","UNION UNIVERSAL CON ADAPTADOR 40MM","2009","RIO BLANCO","UN",2,{"$f":"+H12502/F12502","v":0},{"v":0,"d":"0.00"}]
["10027598","UNION P/TUBERIA /NOX MIXTAS","2009","RIO BLANCO","UN",1,{"$f":"+H12511/F12511","v":0},{"v":0,"d":"0.00"}]
["10027600","UNIDAD DE ALIMENTACION PLC-ATI-IE-02","2009","RIO BLANCO","UN",1,{"$f":"+H12513/F12513","v":0},{"v":0,"d":"0.00"}]
["10027605","TUERCA DE SEGURIDAD 60MM","2009","RIO BLANCO","UN",1,{"$f":"+H12519/F12519","v":0},{"v":0,"d":"0.00"}]
["10027616","TRANSFORMADOR 1.5KVA/440/110V","2002","TAVERA","UN",1,{"$f":"+H12531/F12531","v":0.01},0.01]
["10027618","TORNILLO ROSCADA 13X25MM","2009","RIO BLANCO","UN",22,{"$f":"+H12534/F12534","v":0},{"v":0,"d":"0.00"}]
["10027627","ABRAZADERA TIPO V 9\"","2009","RIO BLANCO","UN",12,{"$f":"+H12543/F12543","v":0},{"v":0,"d":"0.00"}]
["10027635","TORNILLO HEXAGONAL INOXI M20 X 90 MM","2009","RIO BLANCO","UN",1,{"$f":"+H12551/F12551","v":0},{"v":0,"d":"0.00"}]
["10027640","TORNILLO M18X100","2009","RIO BLANCO","UN",2,{"$f":"+H12558/F12558","v":0},{"v":0,"d":"0.00"}]
["10027643","TORNILLO M16 X 90MM","2009","RIO BLANCO","UN",2,{"$f":"+H12562/F12562","v":0},{"v":0,"d":"0.00"}]
["10027651","TORNILLO HM 16X60X38MM","2009","RIO BLANCO","UN",2,{"$f":"+H12570/F12570","v":0},{"v":0,"d":"0.00"}]
["10027654","TORNILLO HEZAGONAL 20X115MM","2009","RIO BLANCO","UN",23,{"$f":"+H12573/F12573","v":0},{"v":0,"d":"0.00"}]
["10027663","TORNILLO HEXAGONAL 60X10MM","2009","RIO BLANCO","UN",15,{"$f":"+H12582/F12582","v":0},{"v":0,"d":"0.00"}]
["10027667","TORNILLO HEXA. 21X30MM","2009","RIO BLANCO","UN",2,{"$f":"+H12586/F12586","v":0},{"v":0,"d":"0.00"}]
["10027675","TORNILLO EXAGONAL DE 45X138MM","2009","RIO BLANCO","UN",1,{"$f":"+H12594/F12594","v":0},{"v":0,"d":"0.00"}]
["10027684","TORNILLO EXA. 22X30MM","2009","RIO BLANCO","UN",2,{"$f":"+H12603/F12603","v":0},{"v":0,"d":"0.00"}]
["10027688","TORNILLO ESPARAGO 92 X 8","2009","RIO BLANCO","UN",1,{"$f":"+H12609/F12609","v":0},{"v":0,"d":"0.00"}]
["10027693","TORNILLO DE 18X34MM","2009","RIO BLANCO","UN",15,{"$f":"+H12614/F12614","v":0},{"v":0,"d":"0.00"}]
["10027700","ADAPTADOR PARA TUBERIA 8MM","2009","RIO BLANCO","UN",1,{"$f":"+H12621/F12621","v":0},{"v":0,"d":"0.00"}]
["10027705","TORNILLO ALLEN 12X62 MM","2009","RIO BLANCO","UN",1,{"$f":"+H12626/F12626","v":0},{"v":0,"d":"0.00"}]
["10027714","TORNILLO 24X39MM","2009","RIO BLANCO","UN",49,{"$f":"+H12635/F12635","v":0},{"v":0,"d":"0.00"}]
["10027720","TORNILLO 17X10MM","2009","RIO BLANCO","UN",110,{"$f":"+H12641/F12641","v":0},{"v":0,"d":"0.00"}]
["10027725","TORNILLO 13X82MM","2009","RIO BLANCO","UN",8,{"$f":"+H12646/F12646","v":0},{"v":0,"d":"0.00"}]
["10027731","TEE REDUCIDA GARVANIZADA DE 2 X 1/2","2009","RIO BLANCO","UN",5,{"$f":"+H12653/F12653","v":0},{"v":0,"d":"0.00"}]
["10027737","TARUGO DE METAL 16X42 MM","2009","RIO BLANCO","UN",56,{"$f":"+H12659/F12659","v":0},{"v":0,"d":"0.00"}]
["10027743","SOPORTE DE GOMA A 90°","2009","RIO BLANCO","UN",2,{"$f":"+H12665/F12665","v":0},{"v":0,"d":"0.00"}]
["10027747","RODAMIENTO NSK-6013B4","2009","RIO BLANCO","UN",1,{"$f":"+H12670/F12670","v":0},{"v":0,"d":"0.00"}]
["10027754","RESISTENCIA DE 1200 OHM","2009","RIO BLANCO","UN",100,{"$f":"+H12677/F12677","v":0},{"v":0,"d":"0.00"}]
["10027762","REDUCCION CAMPANA INOXI 2\" A 1\"","2009","RIO BLANCO","UN",2,{"$f":"+H12687/F12687","v":0},{"v":0,"d":"0.00"}]
["10027765","PORTA FUSIBLE D 320 AMP-690V","2009","RIO BLANCO","UN",1,{"$f":"+H12692/F12692","v":0},{"v":0,"d":"0.00"}]
["10027770","PINTURA VERDE OSCURO 57","2021","SABANETA","GAL",10,{"$f":"+H12698/F12698","v":0},{"v":0,"d":"0.00"}]
["10027773","PINTURA ACRILICA BLANCA 50","2009","RIO BLANCO","GAL",13,{"$f":"+H12704/F12704","v":0},{"v":0,"d":"0.00"}]
["10027778","PERNOS 1.6CM X 3 CM","2009","RIO BLANCO","UN",34,{"$f":"+H12709/F12709","v":0},{"v":0,"d":"0.00"}]
["10027785","ORING DE 3X80MM","2009","RIO BLANCO","UN",1,{"$f":"+H12716/F12716","v":0},{"v":0,"d":"0.00"}]
["10027789","OREJERA PARA CASCO DE SEGURIDAD","2021","SABANETA","UN",7,{"$f":"+H12724/F12724","v":0},{"v":0,"d":"0.00"}]
["10027793","MOTOR ELECTRICO TRIFASICO 254V /440V","2009","RIO BLANCO","UN",1,{"$f":"+H12730/F12730","v":0},{"v":0,"d":"0.00"}]
["10027805","JUNTA TONICA 3XA","2009","RIO BLANCO","UN",1,{"$f":"+H12736/F12736","v":0},{"v":0,"d":"0.00"}]
["10027812","JUNTA DE 3 PARA VALVULA","2009","RIO BLANCO","UN",1,{"$f":"+H12743/F12743","v":0},{"v":0,"d":"0.00"}]
["10027816","INTERCAMBIADOR DE CALOR MOD. AF15 LFDO","2009","RIO BLANCO","UN",1,{"$f":"+H12748/F12748","v":0},{"v":0,"d":"0.00"}]
["10027827","ESPARRAGO 24X121MM","2009","RIO BLANCO","UN",41,{"$f":"+H12760/F12760","v":0},{"v":0,"d":"0.00"}]
["10027834","ENCHUFE MACHO Y HEMBRA D 20A-125V","2009","RIO BLANCO","UN",1,{"$f":"+H12767/F12767","v":0},{"v":0,"d":"0.00"}]
["10027838","DIFUSOR DE AIRE P/ OXIGENACION","2009","RIO BLANCO","UN",26,{"$f":"+H12771/F12771","v":0},{"v":0,"d":"0.00"}]
["10027842","CUÑA MR6120","2009","RIO BLANCO","UN",3,{"$f":"+H12775/F12775","v":0},{"v":0,"d":"0.00"}]
["10027849","CONTRA VIENTO P/ POSTE DE LUZ","2009","RIO BLANCO","UN",3,{"$f":"+H12782/F12782","v":0},{"v":0,"d":"0.00"}]
["10027854","CONO DE TUBERIA 707X82","2009","RIO BLANCO","UN",1,{"$f":"+H12787/F12787","v":0},{"v":0,"d":"0.00"}]
["10027866","CONEC. PLANO D/COBRE 1/250-500 KCMIL","2002","TAVERA","UN",1,{"$f":"+H12799/F12799","v":0.01},0.01]
["10027869","CONECTOR DE 3/4 PARA TUBERIA","2009","RIO BLANCO","UN",3,{"$f":"+H12806/F12806","v":0},{"v":0,"d":"0.00"}]
["10027875","CODO PARA TUBERIA 3\"","2007","RINCON","UN",1,{"$f":"+H12812/F12812","v":0},{"v":0,"d":"0.00"}]
["10027879","CODO DE TUBERIA 8\" X 90","2009","RIO BLANCO","UN",4,{"$f":"+H12818/F12818","v":0},{"v":0,"d":"0.00"}]
["10027887","CEPILLO METALICO PARA PULIDORAS","2009","RIO BLANCO","UN",2,{"$f":"+H12826/F12826","v":0},{"v":0,"d":"0.00"}]
["10027888","CANDADO TOPE PARA RIEL","2009","RIO BLANCO","UN",25,{"$f":"+H12827/F12827","v":0},{"v":0,"d":"0.00"}]
["10027899","BRIDA DE 5\"","2009","RIO BLANCO","UN",1,{"$f":"+H12838/F12838","v":0},{"v":0,"d":"0.00"}]
["10027905","BRIDA 15X8X2","2009","RIO BLANCO","UN",2,{"$f":"+H12844/F12844","v":0},{"v":0,"d":"0.00"}]
["10027911","BOMBA 440 3X-44055/60 HZ","2009","RIO BLANCO","UN",1,{"$f":"+H12850/F12850","v":0},{"v":0,"d":"0.00"}]
["10027916","BARRA DE METAL DE 25MM","2009","RIO BLANCO","UN",1,{"$f":"+H12855/F12855","v":0},{"v":0,"d":"0.00"}]
["10027931","VECTOR R32/C","2011","PINALITO","UN",48,{"$f":"+H12865/F12865","v":0},{"v":0,"d":"0.00"}]
["10027933","ABRAZADERA 3/4 METAL","2008","HATILLO","UN",66,{"$f":"+H12866/F12866","v":1},{"v":66,"d":"66.00"}]
["10027988","TRADUCTOR ANALOGICO C-0-750-OHMS","2011","PINALITO","UN",1,{"$f":"+H12877/F12877","v":0},{"v":0,"d":"0.00"}]
["10027993","ACOPLADOR HIDRAULICO 66-80/018","2011","PINALITO","UN",1,{"$f":"+H12879/F12879","v":0},{"v":0,"d":"0.00"}]
["10028015","TIRA AISLANTE 0.25Y18 DE 30 MT","2011","PINALITO","UN",2,{"$f":"+H12889/F12889","v":0},{"v":0,"d":"0.00"}]
["10028028","TARJETA SIEMENS SIMATIC TIPO S7-400","2005","MONCION","UN",3,{"$f":"+H12896/F12896","v":0},{"v":0,"d":"0.00"}]
["10028040","ADAPTADOR ROSCADO PVC 3/4 PLG","2010","JIMENOA","UN",1,{"$f":"+H12901/F12901","v":0.01},0.01]
["10028051","TAIRA DE 400MM","2011","PINALITO","UN",9,{"$f":"+H12907/F12907","v":0},{"v":0,"d":"0.00"}]
["10028066","SOPORTE 56 X 127.5 X 175MM","2011","PINALITO","UN",1,{"$f":"+H12916/F12916","v":0},{"v":0,"d":"0.00"}]
["10028075","SENSORES BALLUFF","2025","LAS DAMAS","UN",2,{"$f":"+H12921/F12921","v":0.01},0.02]
["10028089","SENSOR DE NIVEL RE. 16148","2011","PINALITO","UN",9,{"$f":"+H12928/F12928","v":0},{"v":0,"d":"0.00"}]
["10028096","SEGMENTO DE GUIA P/ TURBINA","2011","PINALITO","UN",6,{"$f":"+H12933/F12933","v":0},{"v":0,"d":"0.00"}]
["10028108","RELAY FINDER F0008540","2011","PINALITO","UN",1,{"$f":"+H12939/F12939","v":0},{"v":0,"d":"0.00"}]
["10028135","REDUCCION DE 4\" A 2\" 1/2","2020","SABANA YEGUA","UN",1,{"$f":"+H12948/F12948","v":1},{"v":1,"d":"1.00"}]
["10028154","POSICIONADOR PLASTICO BAM013L","2011","PINALITO","UN",22,{"$f":"+H12956/F12956","v":0},{"v":0,"d":"0.00"}]
["10028167","PASADOR DE ACERO INOX. 3\"X 7 3/4","2011","PINALITO","UN",1,{"$f":"+H12960/F12960","v":0},{"v":0,"d":"0.00"}]
["10028195","MEDIDOR DE FLUJO DE COMBUSTIBLE","2011","PINALITO","UN",3,{"$f":"+H12969/F12969","v":0},{"v":0,"d":"0.00"}]
["10028201","MANG. HIDRAULICA ALFAGOMA  FLEXOR 3/4\"","2011","PINALITO","UN",1,{"$f":"+H12972/F12972","v":0},{"v":0,"d":"0.00"}]
["10028220","INTERRUPTOR LIMIT SWICH 240V/3A ZCP21","2011","PINALITO","UN",9,{"$f":"+H12980/F12980","v":0},{"v":0,"d":"0.00"}]
["10028226","LAMINA PLASTICA DE 2 PIES","2011","PINALITO","UN",{"v":6000,"d":"6,000"},{"$f":"+H12984/F12984","v":0},{"v":0,"d":"0.00"}]
["10028235","ISOLADOR OPTICO","2011","PINALITO","UN",2,{"$f":"+H12991/F12991","v":0},{"v":0,"d":"0.00"}]
["10028248","INTERRUPTOR DE POTENCIA MERLI EZC250N","2011","PINALITO","UN",1,{"$f":"+H12999/F12999","v":0},{"v":0,"d":"0.00"}]
["10028275","FILTRO SEPADR DE AIRE 250034-116","2011","PINALITO","UN",1,{"$f":"+H13008/F13008","v":0},{"v":0,"d":"0.00"}]
["10028279","FILTRO PA 1916","2011","PINALITO","UN",1,{"$f":"+H13011/F13011","v":0},{"v":0,"d":"0.00"}]
["10028302","FILTRO 16405-02N10","2011","PINALITO","UN",1,{"$f":"+H13019/F13019","v":0},{"v":0,"d":"0.00"}]
["10028317","BANDA DE FRENO PARA DT 125 TRASERA","2011","PINALITO","UN",5,{"$f":"+H13023/F13023","v":0},{"v":0,"d":"0.00"}]
["10028337","CURVA DE COBRE 90°","2011","PINALITO","UN",1,{"$f":"+H13031/F13031","v":0},{"v":0,"d":"0.00"}]
["10028356","COVERTIDOR ANALOGICO AISLADO RMCL55BD","2011","PINALITO","UN",9,{"$f":"+H13040/F13040","v":0},{"v":0,"d":"0.00"}]
["10028360","COUPLING GALVANIZADO DE 2\"","2005","MONCION","UN",2,{"$f":"+H13043/F13043","v":0},{"v":0,"d":"0.00"}]
["10028376","CONTACTOR SIEMENS 3RH1921","2011","PINALITO","UN",2,{"$f":"+H13053/F13053","v":0},{"v":0,"d":"0.00"}]
["10028378","CONTACTOR SIEMENS 3RH1131","2011","PINALITO","UN",1,{"$f":"+H13055/F13055","v":0},{"v":0,"d":"0.00"}]
["10028394","CONTACTO AUXILIAR TRH1122-1BG40","2011","PINALITO","UN",4,{"$f":"+H13064/F13064","v":0},{"v":0,"d":"0.00"}]
["10028420","CONECTOR DE CABLE PARA VIDEO HEMBRA","2011","PINALITO","C/U",19,{"$f":"+H13074/F13074","v":0},{"v":0,"d":"0.00"}]
["10028421","CONECTOR DE ALUMINIO DE 2 PLG","2011","PINALITO","UN",1,{"$f":"+H13075/F13075","v":0},{"v":0,"d":"0.00"}]
["10028434","COBERTOR DE RESISTENCIA","2011","PINALITO","UN",9,{"$f":"+H13082/F13082","v":0},{"v":0,"d":"0.00"}]
["10028449","CANDADO 1\" PARA LOCKER","2011","PINALITO","UN",121,{"$f":"+H13092/F13092","v":0},{"v":0,"d":"0.00"}]
["10028453","CAMARA ANALOGA DIA Y NOCHE","2011","PINALITO","UN",3,{"$f":"+H13094/F13094","v":0},{"v":0,"d":"0.00"}]
["10028481","BORNERA SAILA EA3077023","2011","PINALITO","UN",2,{"$f":"+H13105/F13105","v":0},{"v":0,"d":"0.00"}]
["10028493","TUBOS GALVANIZADO MT 1/2\"","2013","ROSA JULIA-BOBA","UN",1,{"$f":"+H13113/F13113","v":0},{"v":0,"d":"0.00"}]
["10028494","TUBO DE MOTOR 2.75/3.00-21","2007","RINCON","UN",3,{"$f":"+H13114/F13114","v":0},{"v":0,"d":"0.00"}]
["10028501","RODAMIENTO SPK6015","2013","ROSA JULIA-BOBA","UN",2,{"$f":"+H13124/F13124","v":0},{"v":0,"d":"0.00"}]
["10028510","PLAN DE 2\"","2013","ROSA JULIA-BOBA","UN",4,{"$f":"+H13133/F13133","v":0},{"v":0,"d":"0.00"}]
["10028514","PLACA DE 12 AGUJEROS DE COBRE 45X115X10","2013","ROSA JULIA-BOBA","UN",4,{"$f":"+H13137/F13137","v":0},{"v":0,"d":"0.00"}]
["10028520","ORING 2-258","2013","ROSA JULIA-BOBA","UN",8,{"$f":"+H13145/F13145","v":0},{"v":0,"d":"0.00"}]
["10028523","MODULO SPV REF 140CPS52400","2013","ROSA JULIA-BOBA","UN",2,{"$f":"+H13148/F13148","v":0},{"v":0,"d":"0.00"}]
["10028532","FUSIBLE DE LINEA 15A","2013","ROSA JULIA-BOBA","UN",3,{"$f":"+H13157/F13157","v":0},{"v":0,"d":"0.00"}]
["10028540","DISCO PARA BRILLAR DE ALAMBRE #6","2013","ROSA JULIA-BOBA","UN",1,{"$f":"+H13165/F13165","v":0},{"v":0,"d":"0.00"}]
["10028546","CONTROL DE TEMPERATURA MULTISENSOR","2010","JIMENOA","UN",2,{"$f":"+H13172/F13172","v":0.01},0.02]
["10028549","CHEQUE DE PRESION","2013","ROSA JULIA-BOBA","UN",18,{"$f":"+H13176/F13176","v":0},{"v":0,"d":"0.00"}]
["10028556","BOMBA SUMERGIBLE 45R","2013","ROSA JULIA-BOBA","UN",2,{"$f":"+H13184/F13184","v":0},{"v":0,"d":"0.00"}]
["10028561","AUTO SINCRONIZADOR BE3 25A","2013","ROSA JULIA-BOBA","UN",2,{"$f":"+H13189/F13189","v":0},{"v":0,"d":"0.00"}]
["10028568","01-DELEY SERIE LA3D22 DE 1 A 30SEG","2015","JIGüEY","UN",4,{"$f":"+H13196/F13196","v":0},{"v":0,"d":"0.00"}]
["10028573","VOLTIMETRO DE 0-100V","2021","SABANETA","UN",1,{"$f":"+H13200/F13200","v":0},{"v":0,"d":"0.00"}]
["10028582","VIBRADOR ITALIANO REF AA/50","2015","JIGüEY","UN",11,{"$f":"+H13208/F13208","v":0},{"v":0,"d":"0.00"}]
["10028594","VALVULA DE ACEITE 75A","2015","JIGüEY","UN",2,{"$f":"+H13216/F13216","v":0},{"v":0,"d":"0.00"}]
["10028602","VALVULA ARGUS REF. 4406","2015","JIGüEY","UN",2,{"$f":"+H13221/F13221","v":0},{"v":0,"d":"0.00"}]
["10028614","TUERCA HEXAGONAL M16","2027","PALOMINO","UN",10,{"$f":"+H13228/F13228","v":0},{"v":0,"d":"0.00"}]
["10028620","ACEITE AW68","2015","JIGüEY","UN",385,{"$f":"+H13232/F13232","v":0},{"v":0,"d":"0.00"}]
["10028648","TRANSFORMADOR PTA 125VCC","2015","JIGüEY","UN",1,{"$f":"+H13243/F13243","v":0},{"v":0,"d":"0.00"}]
["10028664","TORNILLO M60 X 25","2015","JIGüEY","UN",1,{"$f":"+H13249/F13249","v":0},{"v":0,"d":"0.00"}]
["10028671","TORNILLO M26 X 3MM","2015","JIGüEY","UN",2,{"$f":"+H13255/F13255","v":0},{"v":0,"d":"0.00"}]
["10028679","TORNILLO M16 X 55MM ACERO INOXIDABLE","2015","JIGüEY","UN",10,{"$f":"+H13260/F13260","v":0},{"v":0,"d":"0.00"}]
["10028692","TORNILLO M10 X 100 X 1.8","2015","JIGüEY","UN",12,{"$f":"+H13267/F13267","v":0},{"v":0,"d":"0.00"}]
["10028706","TORNILLO DE 1\" COBER MECANICO","2015","JIGüEY","UN",1,{"$f":"+H13273/F13273","v":0},{"v":0,"d":"0.00"}]
["10028721","TORNILLO CABEZA HEXAGONAL 16 X 290 MM","2027","PALOMINO","UN",2,{"$f":"+H13279/F13279","v":0},{"v":0,"d":"0.00"}]
["10028730","TORNILLO ALLEN M17X90","2015","JIGüEY","UN",2,{"$f":"+H13284/F13284","v":0},{"v":0,"d":"0.00"}]
["10028739","TORNILLO 27 X 80","2015","JIGüEY","UN",3,{"$f":"+H13291/F13291","v":0},{"v":0,"d":"0.00"}]
["10028765","ANILLO DE RODAMIENTO","2015","JIGüEY","UN",2,{"$f":"+H13301/F13301","v":0},{"v":0,"d":"0.00"}]
["10028773","TARJETA ELECTRONICA P/CONTROL TENSION R","2015","JIGüEY","UN",1,{"$f":"+H13306/F13306","v":0},{"v":0,"d":"0.00"}]
["10028780","TARJETA 21MCGF1","2015","JIGüEY","UN",6,{"$f":"+H13311/F13311","v":0},{"v":0,"d":"0.00"}]
["10028795","SWITCH DE PRESION D/3.30","2015","JIGüEY","UN",4,{"$f":"+H13322/F13322","v":0},{"v":0,"d":"0.00"}]
["10028801","SOPORTE SEPARADOR PARA CABLE","2015","JIGüEY","UN",198,{"$f":"+H13326/F13326","v":0},{"v":0,"d":"0.00"}]
["10028815","SERVOMOTOR PARA BILANCIA W3K.53","2015","JIGüEY","UN",1,{"$f":"+H13333/F13333","v":0},{"v":0,"d":"0.00"}]
["10028831","SELLO MECANICO INFERIOR MODELO S8A","2015","JIGüEY","UN",3,{"$f":"+H13338/F13338","v":0},{"v":0,"d":"0.00"}]
["10028841","RONDALLA M13 X 24","2015","JIGüEY","UN",2,{"$f":"+H13344/F13344","v":0},{"v":0,"d":"0.00"}]
["10028850","RODAMIENTO 6313 C3","2015","JIGüEY","UN",1,{"$f":"+H13350/F13350","v":0},{"v":0,"d":"0.00"}]
["10028862","RETENEDORA DE GOMA","2015","JIGüEY","UN",1,{"$f":"+H13357/F13357","v":0},{"v":0,"d":"0.00"}]
["10028869","RELE ELECTRONICO DIVISION","2015","JIGüEY","UN",1,{"$f":"+H13362/F13362","v":0},{"v":0,"d":"0.00"}]
["10028899","RACOORD V-1747","2015","JIGüEY","UN",2,{"$f":"+H13374/F13374","v":0},{"v":0,"d":"0.00"}]
["10028908","RACCORD RE 785","2015","JIGüEY","UN",1,{"$f":"+H13381/F13381","v":0},{"v":0,"d":"0.00"}]
["10028917","PULSADOR PILOTO TIPO D110","2015","JIGüEY","UN",1,{"$f":"+H13385/F13385","v":0},{"v":0,"d":"0.00"}]
["10028923","PUENTE DE BAJA TENSION","2015","JIGüEY","UN",1,{"$f":"+H13389/F13389","v":0},{"v":0,"d":"0.00"}]
["10028938","BASE PARA INDICADOR A LUMINOSO","2015","JIGüEY","UN",2,{"$f":"+H13396/F13396","v":0},{"v":0,"d":"0.00"}]
["10028945","PAPEL ALUMINIO AISLANTE DE ELECTRICIDAD","2015","JIGüEY","UN",6,{"$f":"+H13401/F13401","v":0},{"v":0,"d":"0.00"}]
["10028965","ORING 7MM X 7MTS","2005","MONCION","UN",2,{"$f":"+H13409/F13409","v":0},{"v":0,"d":"0.00"}]
["10028981","MOTOR TRIFASICO MODELO M2AA071A-2","2012","SALTO DE CONSTANZA","UN",1,{"$f":"+H13417/F13417","v":0.01},0.01]
["10028992","MOODULO TU812V1","2015","JIGüEY","UN",79,{"$f":"+H13421/F13421","v":0},{"v":0,"d":"0.00"}]
["10028999","MODULO DO810","2015","JIGüEY","UN",34,{"$f":"+H13428/F13428","v":0},{"v":0,"d":"0.00"}]
["10029050","LAMPARA LED 40W","2010","JIMENOA","UN",32,{"$f":"+H13440/F13440","v":0},{"v":0,"d":"0.00"}]
["10029050","LAMPARA LED 40W","2015","JIGüEY","UN",41,{"$f":"+H13441/F13441","v":0},{"v":0,"d":"0.00"}]
["10029072","JUEGO DE DISCO PARA FRENO B.V","2015","JIGüEY","UN",2,{"$f":"+H13452/F13452","v":0},{"v":0,"d":"0.00"}]
["10029080","INTERRUPTOR 3 40A 600V","2015","JIGüEY","UN",1,{"$f":"+H13458/F13458","v":0},{"v":0,"d":"0.00"}]
["10029084","IMPELLER D/BOMBA YO QUI","2015","JIGüEY","UN",1,{"$f":"+H13460/F13460","v":0},{"v":0,"d":"0.00"}]
["10029096","BRIDA 6F 221 209","2015","JIGüEY","UN",4,{"$f":"+H13469/F13469","v":0},{"v":0,"d":"0.00"}]
["10029111","FLUSOSTATO DE 0 A 4 MH2D","2015","JIGüEY","UN",3,{"$f":"+H13479/F13479","v":0},{"v":0,"d":"0.00"}]
["10029112","FLUSOSTATO DE 0 A 30 MH2D","2015","JIGüEY","UN",1,{"$f":"+H13480/F13480","v":0},{"v":0,"d":"0.00"}]
["10029130","FILTRO DE AIRE PUROLATOR AA43230","2015","JIGüEY","UN",2,{"$f":"+H13491/F13491","v":0},{"v":0,"d":"0.00"}]
["10029133","FILTRO DE AIRE MITSUBISHI REF. MD603800","2015","JIGüEY","UN",1,{"$f":"+H13493/F13493","v":0},{"v":0,"d":"0.00"}]
["10029147","FILTRO DE ACEITE GASOIL WK 719","2015","JIGüEY","UN",1,{"$f":"+H13503/F13503","v":0},{"v":0,"d":"0.00"}]
["10029159","ESPARRAGO M42 X 645MM","2015","JIGüEY","UN",3,{"$f":"+H13511/F13511","v":0},{"v":0,"d":"0.00"}]
["10029171","ESPARRAGO 120 X 32","2015","JIGüEY","UN",3,{"$f":"+H13518/F13518","v":0},{"v":0,"d":"0.00"}]
["10029172","ESCOBILLON 34CM","2010","JIMENOA","UN",4,{"$f":"+H13523/F13523","v":0.01},0.04]
["10029173","CABLE USB SINAMAC 350MHZ","2015","JIGüEY","UN",1,{"$f":"+H13531/F13531","v":0},{"v":0,"d":"0.00"}]
["10029182","EMPAQUETADURA 113,7 X 5,34","2015","JIGüEY","UN",5,{"$f":"+H13535/F13535","v":0},{"v":0,"d":"0.00"}]
["10029201","DISYUNTOR TRIPOLAR DE SORTIPO ML P 305D","2015","JIGüEY","UN",1,{"$f":"+H13542/F13542","v":0},{"v":0,"d":"0.00"}]
["10029217","CONVERTIDOR AC V.RPO ACV -3N","2015","JIGüEY","UN",1,{"$f":"+H13550/F13550","v":0},{"v":0,"d":"0.00"}]
["10029226","CONTACTOR REF. LC1D2CB7","2015","JIGüEY","UN",2,{"$f":"+H13553/F13553","v":0},{"v":0,"d":"0.00"}]
["10029244","CONTACTOR 2TN12223A 65AMP 48VDC","2015","JIGüEY","UN",1,{"$f":"+H13562/F13562","v":0},{"v":0,"d":"0.00"}]
["10029261","CERRADURA MECANICA","2015","JIGüEY","UN",6,{"$f":"+H13570/F13570","v":0},{"v":0,"d":"0.00"}]
["10029266","CHECK 1 1/2 ROSCA ACERO INOXI","2002","TAVERA","UN",1,{"$f":"+H13574/F13574","v":0},{"v":0,"d":"0.00"}]
["10029281","VALVULA NO RETORNO 3/8\" NPT","2016","AGUACATE","UN",1,{"$f":"+H13583/F13583","v":0},{"v":0,"d":"0.00"}]
["10029285","VALVULA DIRECCIONAL ACTUADA POR PALANCA","2016","AGUACATE","UN",1,{"$f":"+H13586/F13586","v":0},{"v":0,"d":"0.00"}]
["10029292","TUERCAS 18.81MM A062080","2016","AGUACATE","UN",24,{"$f":"+H13594/F13594","v":0},{"v":0,"d":"0.00"}]
["10029299","TRANSMISOR DE INDICADOR DE PRESION PN22","2016","AGUACATE","UN",3,{"$f":"+H13601/F13601","v":0},{"v":0,"d":"0.00"}]
["10029306","TERMOMETRO TEMP METAL DEL COJINETE EMPU","2016","AGUACATE","UN",1,{"$f":"+H13606/F13606","v":0},{"v":0,"d":"0.00"}]
["10029316","TARJETA DE CONTROL 150-1KO","2016","AGUACATE","UN",1,{"$f":"+H13615/F13615","v":0},{"v":0,"d":"0.00"}]
["10029319","SWITH MAGNETICO P/NIVEL DE CAJA ESPIRAL","2016","AGUACATE","UN",1,{"$f":"+H13618/F13618","v":0},{"v":0,"d":"0.00"}]
["10029326","SWITCH DE PRESION 9012GGW4","2016","AGUACATE","UN",2,{"$f":"+H13626/F13626","v":0},{"v":0,"d":"0.00"}]
["10029333","SINCRONIZADOR ATOMICO SEE01","2016","AGUACATE","UN",1,{"$f":"+H13633/F13633","v":0},{"v":0,"d":"0.00"}]
["10029337","CONTROLADOR PLC 6ES 341-1CH02","2016","AGUACATE","UN",2,{"$f":"+H13637/F13637","v":0},{"v":0,"d":"0.00"}]
["10029347","SENSORES TEMP GENERADOR PT100","2016","AGUACATE","UN",4,{"$f":"+H13645/F13645","v":0},{"v":0,"d":"0.00"}]
["10029357","RESISTORES E REOSTATOS MD- 0302854737","2016","AGUACATE","UN",1,{"$f":"+H13654/F13654","v":0},{"v":0,"d":"0.00"}]
["10029360","RELEVADOR MULTI FUNCIONAL 2021H","2016","AGUACATE","UN",1,{"$f":"+H13657/F13657","v":0},{"v":0,"d":"0.00"}]
["10029369","RELE FUNCION PROTEC. BJ8R 125VDC","2016","AGUACATE","UN",5,{"$f":"+H13667/F13667","v":0},{"v":0,"d":"0.00"}]
["10029372","PUENTE COMPLETO DIRITORES R8VRO","2016","AGUACATE","UN",1,{"$f":"+H13669/F13669","v":0},{"v":0,"d":"0.00"}]
["10029382","PANTALLA SICLOCK P/FILTRO AUTO L TC100","2016","AGUACATE","UN",1,{"$f":"+H13678/F13678","v":0},{"v":0,"d":"0.00"}]
["10029390","MODULO MULTICON 2.1","2016","AGUACATE","UN",1,{"$f":"+H13684/F13684","v":0},{"v":0,"d":"0.00"}]
["10029396","MICRO ALAMBRE ELECTRICO CONT EA861109A","2016","AGUACATE","UN",5,{"$f":"+H13689/F13689","v":0},{"v":0,"d":"0.00"}]
["10029408","INTERRUPTOR TERMOMAGNETICO TIPO FXD6381","2016","AGUACATE","UN",1,{"$f":"+H13696/F13696","v":0},{"v":0,"d":"0.00"}]
["10029421","FUSIBLE TIPO BOTELLA 500V 20A","2016","AGUACATE","UN",5,{"$f":"+H13708/F13708","v":0},{"v":0,"d":"0.00"}]
["10029423","FUSIBLE LIMITADOR DE CORRIENTE ALTA TEN","2016","AGUACATE","UN",1,{"$f":"+H13710/F13710","v":0},{"v":0,"d":"0.00"}]
["10029430","FRONT CONECTOR 40- POLE","2016","AGUACATE","UN",2,{"$f":"+H13716/F13716","v":0},{"v":0,"d":"0.00"}]
["10029443","DIODO SKR 320/08","2005","MONCION","UN",3,{"$f":"+H13727/F13727","v":0},{"v":0,"d":"0.00"}]
["10029443","DIODO SKR 320/08","2016","AGUACATE","UN",1,{"$f":"+H13728/F13728","v":0},{"v":0,"d":"0.00"}]
["10029455","CONTROL DE TEMPERATURA BOMBA CURVA DE R","2016","AGUACATE","UN",1,{"$f":"+H13738/F13738","v":0},{"v":0,"d":"0.00"}]
["10029467","CONECTOR DE SENSORES DE PROXI V1-G-03","2016","AGUACATE","UN",9,{"$f":"+H13747/F13747","v":0},{"v":0,"d":"0.00"}]
["10029472","CAJA DE BRAKER 200AMP 16/32 CIRCUITOS","2015","JIGüEY","UN",1,{"$f":"+H13751/F13751","v":0},{"v":0,"d":"0.00"}]
["10029482","BRAKER REGULADOR DE 32AMP","2016","AGUACATE","UN",2,{"$f":"+H13759/F13759","v":0},{"v":0,"d":"0.00"}]
["10029486","BOMBILLO INCANDESCENTE 60 WATS-125V","2016","AGUACATE","UN",1,{"$f":"+H13762/F13762","v":0},{"v":0,"d":"0.00"}]
["10029494","ADAPTADOR USB PC SIMATIC S7","2005","MONCION","UN",1,{"$f":"+H13767/F13767","v":0},{"v":0,"d":"0.00"}]
["10029507","TORNILLO HEXAGONAL 5/8 X 1/4\"","2017","VALDESIA","UN",4,{"$f":"+H13779/F13779","v":0},{"v":0,"d":"0.00"}]
["10029513","TORNILLO CON ROSCA CONTINUA 8 X 2 1/2\"","2017","VALDESIA","UN",3,{"$f":"+H13786/F13786","v":0},{"v":0,"d":"0.00"}]
["10029516","SELLO DE GOMA 3.5 X 41 MM","2017","VALDESIA","UN",2,{"$f":"+H13790/F13790","v":0},{"v":0,"d":"0.00"}]
["10029524","RODAMIENTO DE BOLA 6310/KE6","2017","VALDESIA","UN",1,{"$f":"+H13798/F13798","v":0},{"v":0,"d":"0.00"}]
["10029532","RETENEDORA 20 X 3/308","2017","VALDESIA","UN",5,{"$f":"+H13806/F13806","v":0},{"v":0,"d":"0.00"}]
["10029537","PASADOR 25 X115 MM","2017","VALDESIA","UN",2,{"$f":"+H13811/F13811","v":0},{"v":0,"d":"0.00"}]
["10029543","JUNTA DE ORING 05-376/66","2017","VALDESIA","UN",1,{"$f":"+H13818/F13818","v":0},{"v":0,"d":"0.00"}]
["10029549","EJE 31MM X 820 ROSCA ESCALONADA","2017","VALDESIA","UN",2,{"$f":"+H13824/F13824","v":0},{"v":0,"d":"0.00"}]
["10029561","TORNILLO ACERRO INOXI 3/8\" X 2 1/2\"","2020","SABANA YEGUA","UN",138,{"$f":"+H13830/F13830","v":0},{"v":0,"d":"0.00"}]
["10029576","GRAPA DE ANCLAJE 3 1/2\"","2020","SABANA YEGUA","CJ",20,{"$f":"+H13835/F13835","v":0},{"v":0,"d":"0.00"}]
["10029584","ABRAZADERA DE PRESION DE METAL 6\"","2020","SABANA YEGUA","UN",1,{"$f":"+H13842/F13842","v":0},{"v":0,"d":"0.00"}]
["10029590","TIMER TEMPORIZADO 120V","2021","SABANETA","UN",2,{"$f":"+H13846/F13846","v":0},{"v":0,"d":"0.00"}]
["10029621","CABLE ELECTRICO 4 HILO 42.64MM","2021","SABANETA","UN",1,{"$f":"+H13857/F13857","v":0},{"v":0,"d":"0.00"}]
["10029634","CUBETA DE 2 GALONES","2022","DOMINGO RODRIGUEZ","UN",1,{"$f":"+H13863/F13863","v":0},{"v":0,"d":"0.00"}]
["10029639","VATIMETRO WC3CIIE 100/5","2023","LOS TOROS","UN",1,{"$f":"+H13869/F13869","v":0},{"v":0,"d":"0.00"}]
["10029644","VALVULA DE ALIVIO DGMC3PT6W41","2023","LOS TOROS","UN",3,{"$f":"+H13874/F13874","v":0},{"v":0,"d":"0.00"}]
["10029651","TORNILLOS 5/16 X 2\"","2023","LOS TOROS","C/U",4,{"$f":"+H13881/F13881","v":0},{"v":0,"d":"0.00"}]
["10029657","TORNILLO DE 5 X 5/8","2023","LOS TOROS","UN",8,{"$f":"+H13887/F13887","v":0},{"v":0,"d":"0.00"}]
["10029663","TORNILLO DE 1/2 X 5","2023","LOS TOROS","UN",8,{"$f":"+H13893/F13893","v":0},{"v":0,"d":"0.00"}]
["10029671","TORNILLO 4 x 1/2\"","2023","LOS TOROS","UN",2,{"$f":"+H13901/F13901","v":0},{"v":0,"d":"0.00"}]
["10029678","TOMACORRIENTE 220V","2023","LOS TOROS","UN",1,{"$f":"+H13908/F13908","v":0},{"v":0,"d":"0.00"}]
["10029683","TERMINALES PARA CABLE 9-12","2023","LOS TOROS","UN",51,{"$f":"+H13913/F13913","v":0},{"v":0,"d":"0.00"}]
["10029688","TAPON HG NIK 3 PLG","2023","LOS TOROS","UN",1,{"$f":"+H13919/F13919","v":0},{"v":0,"d":"0.00"}]
["10029691","SOGA DE NYLON 14MM","2022","DOMINGO RODRIGUEZ","UN",{"v":1400,"d":"1,400"},{"$f":"+H13925/F13925","v":0},{"v":0,"d":"0.00"}]
["10029700","SENSOR CONTRA INCENDIO","2023","LOS TOROS","UN",2,{"$f":"+H13936/F13936","v":0},{"v":0,"d":"0.00"}]
["10029703","INTERRUPTOR CB8-WAA011-603-E","2027","PALOMINO","UN",3,{"$f":"+H13940/F13940","v":0},{"v":0,"d":"0.00"}]
["10029709","REDUCCION BUSCHING DE 2 X 3/4","2023","LOS TOROS","C/U",7,{"$f":"+H13947/F13947","v":0},{"v":0,"d":"0.00"}]
["10029714","PUNTERAS AISLADA T-4 MAMEY","2023","LOS TOROS","UN",185,{"$f":"+H13952/F13952","v":0},{"v":0,"d":"0.00"}]
["10029721","PUNTERA AISLADA T-1 ROJA","2023","LOS TOROS","UN",242,{"$f":"+H13960/F13960","v":0},{"v":0,"d":"0.00"}]
["10029725","PLACA DE SEÑALIZACION 10MM X 20MM","2023","LOS TOROS","UN",88,{"$f":"+H13964/F13964","v":0},{"v":0,"d":"0.00"}]
["10029731","LLAVE 46 ESPAÑOLA","2023","LOS TOROS","UN",3,{"$f":"+H13971/F13971","v":0},{"v":0,"d":"0.00"}]
["10029736","LLAVE 22 ESPAÑOLA","2023","LOS TOROS","UN",1,{"$f":"+H13976/F13976","v":0},{"v":0,"d":"0.00"}]
["10029747","ESPARAGO 5 1/2 X 3/4","2023","LOS TOROS","UN",25,{"$f":"+H13988/F13988","v":0},{"v":0,"d":"0.00"}]
["10029750","DIODO SCR UNF5698P","2023","LOS TOROS","UN",2,{"$f":"+H13991/F13991","v":0},{"v":0,"d":"0.00"}]
["10029754","CURVA PVC 1 1/2 PLG","2010","JIMENOA","UN",1,{"$f":"+H13996/F13996","v":1},{"v":1,"d":"1.00"}]
["10029759","COUPLING DE 1 3/8","2023","LOS TOROS","UN",8,{"$f":"+H14003/F14003","v":0},{"v":0,"d":"0.00"}]
["10029770","CONECTOR PUESTA TIERRA 3/4\" DE COBRE","2002","TAVERA","UN",23,{"$f":"+H14015/F14015","v":0},{"v":0,"d":"0.00"}]
["10029774","CAUDALIMETRO MOD. E1543A","2023","LOS TOROS","UN",1,{"$f":"+H14020/F14020","v":0},{"v":0,"d":"0.00"}]
["10029777","CASQUILLO SEPARADOR 20X22","2023","LOS TOROS","UN",6,{"$f":"+H14023/F14023","v":0},{"v":0,"d":"0.00"}]
["10029785","BOMBILLO DE PANEL","2023","LOS TOROS","UN",8,{"$f":"+H14031/F14031","v":0},{"v":0,"d":"0.00"}]
["10029789","BASE DE RELE XS1 M12 MA230","2023","LOS TOROS","UN",2,{"$f":"+H14035/F14035","v":0},{"v":0,"d":"0.00"}]
["10029798","RELE FINDER 7A- 250V REF. 55.34.9.024.0","2011","PINALITO","UN",28,{"$f":"+H14044/F14044","v":0},{"v":0,"d":"0.00"}]
["10029805","ABRAZADERA DE METAL 130-152MM","2024","MAGUEYAL","UN",2,{"$f":"+H14054/F14054","v":0},{"v":0,"d":"0.00"}]
["10029806","COUPLING ROSCADO HG 1\"","2020","SABANA YEGUA","UN",41,{"$f":"+H14055/F14055","v":1},{"v":41,"d":"41.00"}]
["10029814","VALVULA PN500 PSI - 7250","2027","PALOMINO","UN",3,{"$f":"+H14066/F14066","v":0},{"v":0,"d":"0.00"}]
["10029832","ORING 7.23 MM","2027","PALOMINO","UN",2,{"$f":"+H14072/F14072","v":0},{"v":0,"d":"0.00"}]
["10029836","MEAD BREAKER 3POLO- 250AMP","2027","PALOMINO","UN",1,{"$f":"+H14074/F14074","v":0},{"v":0,"d":"0.00"}]
["10029849","JUNTA PARA VALVULA DE 2\"","2027","PALOMINO","UN",6,{"$f":"+H14083/F14083","v":0},{"v":0,"d":"0.00"}]
["10029875","CAMCAMO 3/4\"","2027","PALOMINO","UN",7,{"$f":"+H14093/F14093","v":0},{"v":0,"d":"0.00"}]
["10029896","ANILLO ORING PARA CODO","2027","PALOMINO","UN",2,{"$f":"+H14098/F14098","v":0},{"v":0,"d":"0.00"}]
["10029908","ANILLO ORING 5.33 X 126.37 MM","2027","PALOMINO","UN",2,{"$f":"+H14104/F14104","v":0},{"v":0,"d":"0.00"}]
["10029922","ANILLO ORING 151.77 X 6.99 NBR 1361","2027","PALOMINO","UN",3,{"$f":"+H14113/F14113","v":0},{"v":0,"d":"0.00"}]
["10029925","AMORTIGUADOR DE VIBRACIONES 14.32 A 19.","2027","PALOMINO","UN",130,{"$f":"+H14115/F14115","v":0},{"v":0,"d":"0.00"}]
["10029937","ADAPTADOR HEMBRA 3/4\" X 1/2\"","2004","BAIGUAQUE","UN",2,{"$f":"+H14125/F14125","v":0},{"v":0,"d":"0.00"}]
["10029938","ADAPTADOR PVC 3\"","2032","LAS DOS BOCAS","UN",200,{"$f":"+H14128/F14128","v":0},{"v":0,"d":"0.00"}]
["10029944","CODO 4\" X 45 PVC SCH40","2004","BAIGUAQUE","UN",9,{"$f":"+H14137/F14137","v":0},{"v":0,"d":"0.00"}]
["10029950","CODO POLIETILENO 63 MM X 2\"","2004","BAIGUAQUE","UN",102,{"$f":"+H14145/F14145","v":0},{"v":0,"d":"0.00"}]
["10029952","CODO DE 75\" POLIETILENO","2004","BAIGUAQUE","UN",39,{"$f":"+H14149/F14149","v":0},{"v":0,"d":"0.00"}]
["10029956","GOMA DE MOTOR TRASERA 110/90-17","2011","PINALITO","UN",8,{"$f":"+H14156/F14156","v":0},{"v":0,"d":"0.00"}]
["10029963","MANOMETRO DE GLICERINA D-0-150 PC1","2004","BAIGUAQUE","UN",97,{"$f":"+H14164/F14164","v":0},{"v":0,"d":"0.00"}]
["10029966","REDUCCION DE 4\" A 2\" PVC","2004","BAIGUAQUE","UN",87,{"$f":"+H14167/F14167","v":0},{"v":0,"d":"0.00"}]
["10029972","TEE DE 8\" PVC","2032","LAS DOS BOCAS","UN",2,{"$f":"+H14176/F14176","v":0},{"v":0,"d":"0.00"}]
["10029976","TUBO PVC 2\" X 19 SDR 21","2004","BAIGUAQUE","UN",17,{"$f":"+H14180/F14180","v":0},{"v":0,"d":"0.00"}]
["10029981","UNION DADO 90 X 90 POLIETILENO","2032","LAS DOS BOCAS","UN",254,{"$f":"+H14188/F14188","v":0},{"v":0,"d":"0.00"}]
["10029987","UNION DRESSER 18\" COLOR AZUL","2004","BAIGUAQUE","UN",4,{"$f":"+H14196/F14196","v":0},{"v":0,"d":"0.00"}]
["10029990","UNION DRESSER 24\" AZUL","2004","BAIGUAQUE","UN",2,{"$f":"+H14199/F14199","v":0},{"v":0,"d":"0.00"}]
["10029997","CRUZETA DE CALDAN P/ TOYOTA HILUX","2003","ANGOSTURA","UN",1,{"$f":"+H14208/F14208","v":0},{"v":0,"d":"0.00"}]
["10030009","MANGUERA HIDRAULICA 5 X 3/8","2009","RIO BLANCO","TF",2,{"$f":"+H14212/F14212","v":0},{"v":0,"d":"0.00"}]
["10030019","ENCHUFE DE RELE 700-HN101","2011","PINALITO","UN",1,{"$f":"+H14220/F14220","v":0},{"v":0,"d":"0.00"}]
["10030061","CAJA DE BREAKER 200 AMP - 240V","2015","JIGüEY","UN",1,{"$f":"+H14229/F14229","v":0},{"v":0,"d":"0.00"}]
["10030065","CAJA P/FUSIBLES TRIFASICOS 100AMP","2025","LAS DAMAS","UN",1,{"$f":"+H14232/F14232","v":0.01},0.01]
["10030107","RELE ALTRONIC 50/60 HZ - 240VCC","2005","MONCION","UN",4,{"$f":"+H14240/F14240","v":0},{"v":0,"d":"0.00"}]
["10030125","Reflector Led 50 watts","2020","SABANA YEGUA","UN",1,{"$f":"+H14247/F14247","v":1},{"v":1,"d":"1.00"}]
["10030141","TARUGO EXPANSIVO 3 1/4\" X 3\"","2020","SABANA YEGUA","UN",7,{"$f":"+H14251/F14251","v":0},{"v":0,"d":"0.00"}]
["10030185","CODO PVC 1/2¨","2028","BRAZO DERECHO","UN",1,{"$f":"+H14259/F14259","v":1},{"v":1,"d":"1.00"}]
["10030193","INTERRUPTOR DE FLUJO MOD-LKB-01","2011","PINALITO","UN",4,{"$f":"+H14264/F14264","v":0},{"v":0,"d":"0.00"}]
["10030214","TRANS. DE INTENSIDAD AM122/12.5VA","2005","MONCION","UN",4,{"$f":"+H14271/F14271","v":0},{"v":0,"d":"0.00"}]
["10030233","SOPORTE DOBLE ALTA TENSION","2000","SUMINISTRO HIDRO","UN",12,{"$f":"+H14281/F14281","v":0},{"v":0,"d":"0.00"}]
["10030240","DISCO DE FRENO DELANTERO PRADO 2011","2031","REPUESTOS VEHICULOS","UN",5,{"$f":"+H14283/F14283","v":0},{"v":0,"d":"0.00"}]
["10030253","BUSHING BARRA ESTABILIZADORA NISSAN D-22","2031","REPUESTOS VEHICULOS","UN",14,{"$f":"+H14291/F14291","v":0},{"v":0,"d":"0.00"}]
["10030274","AMORTIGUADOR DELANTEROS MITSUBISHI ROSA","2031","REPUESTOS VEHICULOS","UN",8,{"$f":"+H14302/F14302","v":0},{"v":0,"d":"0.00"}]
["10030276","AMORTIGUADOR  DELANTEROS PRADO 2011","2031","REPUESTOS VEHICULOS","UN",4,{"$f":"+H14303/F14303","v":0},{"v":0,"d":"0.00"}]
["10030288","TERMINAL DE GUIA NISSAN D-22","2031","REPUESTOS VEHICULOS","UN",10,{"$f":"+H14313/F14313","v":0},{"v":0,"d":"0.00"}]
["10030305","UNION ESFERICA CATRE INF. D-MAX 2006-12","2031","REPUESTOS VEHICULOS","UN",5,{"$f":"+H14322/F14322","v":0},{"v":0,"d":"0.00"}]
["10030309","UNION ESFERICA CATRE SUP.  HILUX 2009","2031","REPUESTOS VEHICULOS","UN",12,{"$f":"+H14324/F14324","v":0},{"v":0,"d":"0.00"}]
["10030325","TERMINAL PARA GUIA MITSUBISHI PAJERO","2031","REPUESTOS VEHICULOS","UN",8,{"$f":"+H14330/F14330","v":0},{"v":0,"d":"0.00"}]
["10030369","ACEITE 5W-20","2031","REPUESTOS VEHICULOS","GAL",{"v":15.25,"d":"15.250"},{"$f":"+H14341/F14341","v":0},{"v":0,"d":"0.00"}]
["10030372","BASE RELE 12 PINES","2010","JIMENOA","UN",20,{"$f":"+H14342/F14342","v":0},{"v":0,"d":"0.00"}]
["10030587","PANTALLA IZQ. P/ LAND CRUISER PRADO 2011","2031","REPUESTOS VEHICULOS","UN",1,{"$f":"+H14354/F14354","v":0},{"v":0,"d":"0.00"}]
["10030611","CENTELLA No. PARTE 371-2241","2031","REPUESTOS VEHICULOS","UN",1,{"$f":"+H14361/F14361","v":0},{"v":0,"d":"0.00"}]
["10030615","NO. PARTE 130-3880 RETROPALA CAT","2031","REPUESTOS VEHICULOS","UN",1,{"$f":"+H14365/F14365","v":0},{"v":0,"d":"0.00"}]
["10030627","NO. PARTE 9X-7169","2031","REPUESTOS VEHICULOS","UN",2,{"$f":"+H14373/F14373","v":0},{"v":0,"d":"0.00"}]
["10030635","NO. PARTE 266-2235","2031","REPUESTOS VEHICULOS","UN",1,{"$f":"+H14376/F14376","v":0},{"v":0,"d":"0.00"}]
["10030641","EVAPORADOR AC NISSAN FRONTIER","2031","REPUESTOS VEHICULOS","UN",1,{"$f":"+H14381/F14381","v":0},{"v":0,"d":"0.00"}]
["10030856","KIT DE CLUCTH MITSUBISHI ROSA 2009","2031","REPUESTOS VEHICULOS","UN",1,{"$f":"+H14393/F14393","v":28910},{"v":28910,"d":"28,910.00"}]
["10030941","DISCO DE FRENO DELANTERO HILUX 2018","2031","REPUESTOS VEHICULOS","UN",1,{"$f":"+H14397/F14397","v":6530.46},{"v":6530.46,"d":"6,530.46"}]
["10031060","RODAMIENTO 63320C3","2002","TAVERA","UN",2,{"$f":"+H14401/F14401","v":0.01},0.02]
["10031091","DIPOSITIVO VIGILANCIA ISOMETER IRDH275","2010","JIMENOA","UN",1,{"$f":"+H14408/F14408","v":0},{"v":0,"d":"0.00"}]
["10031234","PALO P/ ESCOBILLON #34","2010","JIMENOA","UN",2,{"$f":"+H14420/F14420","v":1},{"v":2,"d":"2.00"}]
["10031262","COUPLIN MACHO/HEMBRA PVC 1 1/2\"","2027","PALOMINO","UN",2,{"$f":"+H14425/F14425","v":1},{"v":2,"d":"2.00"}]
["10031269","CODO HG PRESION 1/2\"","2027","PALOMINO","UN",3,{"$f":"+H14432/F14432","v":1},{"v":3,"d":"3.00"}]
["10031275","REDUCCION EMT ROSCACA 1 1/2\" A 1 1/4\"","2027","PALOMINO","UN",1,{"$f":"+H14438/F14438","v":1},{"v":1,"d":"1.00"}]
["10031280","CARRITO ACELERADOR PARA MOTOCICLETA","2027","PALOMINO","UN",2,{"$f":"+H14444/F14444","v":1},{"v":2,"d":"2.00"}]
["10031286","SENSOR DE NIVEL 30V DE 4 A 42MA","2027","PALOMINO","UN",2,{"$f":"+H14449/F14449","v":1},{"v":2,"d":"2.00"}]
["10031293","BREAKER SCHNNEIDER ELECTRIC IE 4-6, 3A","2027","PALOMINO","UN",1,{"$f":"+H14456/F14456","v":1},{"v":1,"d":"1.00"}]
["10031298","CANCAMO M36 5.1 TONALADAS","2027","PALOMINO","UN",4,{"$f":"+H14460/F14460","v":1},{"v":4,"d":"4.00"}]
["10031308","ARANDELA PLANA 17 X 30 MM","2005","MONCION","UN",89,{"$f":"+H14471/F14471","v":0},{"v":0,"d":"0.00"}]
["10031312","RODAMIENTO SKF- NU 2228ECML","2012","SALTO DE CONSTANZA","UN",2,{"$f":"+H14477/F14477","v":0},{"v":0,"d":"0.00"}]
["10031317","TENSOR DE ARGOLLA Y GANCHO M16","2027","PALOMINO","UN",20,{"$f":"+H14483/F14483","v":1},{"v":20,"d":"20.00"}]
["10031326","ARANDELA PLANA DE 8MM X 18MM X 30MM","2027","PALOMINO","UN",{"v":1682,"d":"1,682"},{"$f":"+H14491/F14491","v":1},{"v":1682,"d":"1,682.00"}]
["10031332","ARANDELA PLANA DE 14MM X 22MM","2027","PALOMINO","UN",143,{"$f":"+H14498/F14498","v":1},{"v":143,"d":"143.00"}]
["10031337","TORNILLO CAB. HEXAGONAL DE 15MM X 34MM","2027","PALOMINO","UN",131,{"$f":"+H14503/F14503","v":1},{"v":131,"d":"131.00"}]
["10031343","TORNILLO CAB. CUADRADA No. 14MMX306MM","2027","PALOMINO","UN",76,{"$f":"+H14509/F14509","v":1},{"v":76,"d":"76.00"}]
["10031349","TORNILLO CAB. HEXAGONAL DE 15MM X 44MM","2027","PALOMINO","UN",120,{"$f":"+H14515/F14515","v":1},{"v":120,"d":"120.00"}]
["10031356","TORNILLO CAB. HEXAGONAL DE 12.6MM X 37MM","2027","PALOMINO","UN",{"v":3068,"d":"3,068"},{"$f":"+H14522/F14522","v":1},{"v":3068,"d":"3,068.00"}]
["10031361","Cruceta 6 pies","2027","PALOMINO","UN",45,{"$f":"+H14527/F14527","v":1},{"v":45,"d":"45.00"}]
["10031367","LONA REFORZADA 6M X 6M","2027","PALOMINO","UN",1,{"$f":"+H14533/F14533","v":1},{"v":1,"d":"1.00"}]
["10031377","JUNTA PARA TUBERIA DE 5\"","2027","PALOMINO","UN",1,{"$f":"+H14542/F14542","v":1},{"v":1,"d":"1.00"}]
["10031385","TUBO DE ALUMINIO DE 2'' X 19","2022","DOMINGO RODRIGUEZ","UN",10,{"$f":"+H14550/F14550","v":1},{"v":10,"d":"10.00"}]
["10031389","TUBO ELECTRICO PVC DE 1 1/2\" X 19'","2022","DOMINGO RODRIGUEZ","UN",1,{"$f":"+H14554/F14554","v":1},{"v":1,"d":"1.00"}]
["10031396","CONECTOR P167","2022","DOMINGO RODRIGUEZ","UN",200,{"$f":"+H14561/F14561","v":1},{"v":200,"d":"200.00"}]
["10031401","COUPLING PVC GRIS DE 10\"","2022","DOMINGO RODRIGUEZ","UN",1,{"$f":"+H14566/F14566","v":1},{"v":1,"d":"1.00"}]
["10031414","KIT DE ORING DE 3 MM / 7 MM","2015","JIGüEY","UN",7,{"$f":"+H14574/F14574","v":1},{"v":7,"d":"7.00"}]
["10031420","KIT DE SELLO DE 170 MM A 280 MM","2015","JIGüEY","UN",10,{"$f":"+H14578/F14578","v":1},{"v":10,"d":"10.00"}]
["10031427","SEGURIDAD P/TUERCA TIPO CANCAMO 37 MM","2015","JIGüEY","UN",6,{"$f":"+H14586/F14586","v":1},{"v":6,"d":"6.00"}]
["10031435","KIT JUNTA NEUMATICA","2015","JIGüEY","UN",8,{"$f":"+H14593/F14593","v":1},{"v":8,"d":"8.00"}]
["10031452","JUNTA PARA VALVULA DE 6\"","2032","LAS DOS BOCAS","UN",12,{"$f":"+H14598/F14598","v":1},{"v":12,"d":"12.00"}]
["10031462","VALVULA VENTOSA 1\"","2032","LAS DOS BOCAS","UN",4,{"$f":"+H14606/F14606","v":1},{"v":4,"d":"4.00"}]
["10031466","MANIBELA P/ VALV. RETENEDORA DE PRESION","2005","MONCION","UN",9,{"$f":"+H14610/F14610","v":0},{"v":0,"d":"0.00"}]
["10031474","FUSIBLE PARA BARRA 12.5KV","2025","LAS DAMAS","UN",2,{"$f":"+H14617/F14617","v":1},{"v":2,"d":"2.00"}]
["10031482","FILTRO GASOIL  ELEMENTO DIESEL PERKINS","2025","LAS DAMAS","UN",1,{"$f":"+H14625/F14625","v":1},{"v":1,"d":"1.00"}]
["10031491","ACEITE 32","2025","LAS DAMAS","GAL",440,{"$f":"+H14634/F14634","v":1},{"v":440,"d":"440.00"}]
["10031494","BUSHING DE ACOPLE 116.5MM X 9.5MM","2025","LAS DAMAS","UN",2,{"$f":"+H14637/F14637","v":1},{"v":2,"d":"2.00"}]
["10031504","CAUDALIMETRO","2022","DOMINGO RODRIGUEZ","UN",7,{"$f":"+H14645/F14645","v":1},{"v":7,"d":"7.00"}]
["10031560","BOMBA DE ACEITE DE ENGRANAJE HIDRAULICO","2016","AGUACATE","UN",2,{"$f":"+H14649/F14649","v":1},{"v":2,"d":"2.00"}]
["10031589","Cable triplex 4-0 aluminio","2010","JIMENOA","TF",155,{"$f":"+H14658/F14658","v":1},{"v":155,"d":"155.00"}]
["10031596","CORDON ORING 11MM","2010","JIMENOA","TF",8,{"$f":"+H14668/F14668","v":1},{"v":8,"d":"8.00"}]
["10031615","TUBO DE MOTOR 2.75/3.00-19","2011","PINALITO","UN",7,{"$f":"+H14669/F14669","v":1},{"v":7,"d":"7.00"}]
["10031625","TIRA ISOLANTE 0.16x24MM","2011","PINALITO","UN",2,{"$f":"+H14680/F14680","v":1},{"v":2,"d":"2.00"}]
["10031633","JUNTA HIDRAULICA OV-15215/6 PLG","2011","PINALITO","UN",9,{"$f":"+H14688/F14688","v":1},{"v":9,"d":"9.00"}]
["10031635","MODULO ELECTRONICO NR-46","2011","PINALITO","UN",1,{"$f":"+H14690/F14690","v":1},{"v":1,"d":"1.00"}]
["10031645","MODULO PCD2-K521","2011","PINALITO","UN",5,{"$f":"+H14700/F14700","v":1},{"v":5,"d":"5.00"}]
["10031652","CONECTORES HEXAGONAL DE 1 1/2 PLG","2011","PINALITO","UN",28,{"$f":"+H14707/F14707","v":1},{"v":28,"d":"28.00"}]
["10031654","MANGUITO DE 4 PLG","2011","PINALITO","UN",11,{"$f":"+H14708/F14708","v":1},{"v":11,"d":"11.00"}]
["10031665","ARANDELA DISCOS TENSOR 12.0.12","2011","PINALITO","UN",90,{"$f":"+H14718/F14718","v":1},{"v":90,"d":"90.00"}]
["10031680","TORNILLO CABEZA HEXAGONAL DE 17MM","2011","PINALITO","UN",350,{"$f":"+H14727/F14727","v":1},{"v":350,"d":"350.00"}]
["10031682","TORNILLO DE 15.9X44R3","2011","PINALITO","UN",15,{"$f":"+H14729/F14729","v":1},{"v":15,"d":"15.00"}]
["10031692","ABRAZADERA DE 16X70 CM.M2","2011","PINALITO","UN",23,{"$f":"+H14739/F14739","v":1},{"v":23,"d":"23.00"}]
["10031695","TORNILLO CABEZA REDONDA DE 1/2X2”1/2","2011","PINALITO","UN",271,{"$f":"+H14742/F14742","v":1},{"v":271,"d":"271.00"}]
["10031714","FUSIBLE DE 40A","2031","REPUESTOS VEHICULOS","UN",17,{"$f":"+H14751/F14751","v":1},{"v":17,"d":"17.00"}]
["10031722","TUERCA HEXAGONAL HG 2 PLG","2011","PINALITO","UN",23,{"$f":"+H14759/F14759","v":1},{"v":23,"d":"23.00"}]
["10031730","UNION ACERO INOXI 2 PLG","2002","TAVERA","UN",1,{"$f":"+H14766/F14766","v":0},{"v":0,"d":"0.00"}]
["10031745","MODULO DE COMUNICACIÓN 1756CNB","2011","PINALITO","UN",1,{"$f":"+H14770/F14770","v":1},{"v":1,"d":"1.00"}]
["10031754","CABLE DE CLOUTH LONCIN CY200","2011","PINALITO","UN",4,{"$f":"+H14778/F14778","v":1},{"v":4,"d":"4.00"}]
["10031759","TERMOMETRO MOD-50EL42E","2011","PINALITO","UN",1,{"$f":"+H14783/F14783","v":1},{"v":1,"d":"1.00"}]
["10031792","BANDAS DE FRENO MITSUBISHI L200","2031","REPUESTOS VEHICULOS","UN",10,{"$f":"+H14791/F14791","v":1},{"v":10,"d":"10.00"}]
["10031836","BOTAS DE GOMAS DE OBRERO #43","2028","BRAZO DERECHO","PAA",1,{"$f":"+H14798/F14798","v":0},{"v":0,"d":"0.00"}]
["10031859","PIÑON 95 PARA GRUA","2008","HATILLO","UN",2,{"$f":"+H14802/F14802","v":0},{"v":0,"d":"0.00"}]
["10031971","PANTALON JEAN REFLECTOR P/ DAMAS 15/16","2000","SUMINISTRO HIDRO","UN",7,{"$f":"+H14810/F14810","v":0},{"v":0,"d":"0.00"}]
["10031974","PANTALON JEAN REFLECTOR P/ DAMAS 9/10","2000","SUMINISTRO HIDRO","UN",2,{"$f":"+H14813/F14813","v":0},{"v":0,"d":"0.00"}]
["10031985","ELIMINADOR DE MOHO Y HONGOS","2000","SUMINISTRO HIDRO","GAL",10,{"$f":"+H14822/F14822","v":0},{"v":0,"d":"0.00"}]
["10031990","CAMISA AZUL REFLECTORA 3XL (HOM) M.LARGA","2000","SUMINISTRO HIDRO","UN",7,{"$f":"+H14826/F14826","v":0},{"v":0,"d":"0.00"}]
["10031999","POLOSHIRT 3XL BLANCO P/ HOMBRES","2000","SUMINISTRO HIDRO","UN",60,{"$f":"+H14834/F14834","v":0},{"v":0,"d":"0.00"}]
["10032008","CAMISA KAKI S REFLECTORA P/ HOMBRES","2000","SUMINISTRO HIDRO","UN",33,{"$f":"+H14843/F14843","v":0},{"v":0,"d":"0.00"}]
["10032044","ELECTRODO R309L-XE 3.20x300MM","2011","PINALITO","LB",19,{"$f":"+H14849/F14849","v":1},{"v":19,"d":"19.00"}]
["10032049","CONECTOR PLASTICO AMARILLO","2011","PINALITO","UN",312,{"$f":"+H14854/F14854","v":200},{"v":62400,"d":"62,400.00"}]
["10032058","GOMAS 7.00R16 LT","2000","SUMINISTRO HIDRO","UN",6,{"$f":"+H14861/F14861","v":11025.92},{"v":66155.52,"d":"66,155.52"}]
["10032061","CUCHARA ACERO INOXIDABLE 16 CM DE LARGO","2000","SUMINISTRO HIDRO","UN",44,{"$f":"+H14865/F14865","v":104.28772727272727},{"v":4588.66,"d":"4,588.66"}]
["10032072","PLATO LLANO COLOR BLANCO 25 CM","2000","SUMINISTRO HIDRO","UN",51,{"$f":"+H14873/F14873","v":324.5},{"v":16549.5,"d":"16,549.50"}]
["10032095","ESLINGA DE TELA PARA AMARRAR CARGA 4 TN","2000","SUMINISTRO HIDRO","UN",4,{"$f":"+H14881/F14881","v":14160},{"v":56640,"d":"56,640.00"}]
["10032099","ESLINGA DE ACERO TRENZADO TIPO 4 5.5 TON","2000","SUMINISTRO HIDRO","UN",10,{"$f":"+H14886/F14886","v":3540},{"v":35400,"d":"35,400.00"}]
["10032107","SOGA DE NYLON ½¨ 12 MM GRADO A (PIES)","2000","SUMINISTRO HIDRO","UN",300,{"$f":"+H14893/F14893","v":147.5},{"v":44250,"d":"44,250.00"}]
["10032224","TARJETA SELTA REF.643104000-03","2005","MONCION","UN",2,{"$f":"+H14903/F14903","v":1},{"v":2,"d":"2.00"}]
["10032228","DISCO DE INSTALACION 1D1","2005","MONCION","UN",1,{"$f":"+H14905/F14905","v":1},{"v":1,"d":"1.00"}]
["10032240","FUSIBLE SIBA CON BASE 3/7.2KV 6.3A","2005","MONCION","UN",3,{"$f":"+H14916/F14916","v":1},{"v":3,"d":"3.00"}]
["10032241","DISYUNTOR NC100H 415V MOD. C80A","2005","MONCION","UN",1,{"$f":"+H14917/F14917","v":1},{"v":1,"d":"1.00"}]
["10032251","VENTILADOR DE VELOCIDAD 806464 TELEMC","2005","MONCION","UN",2,{"$f":"+H14927/F14927","v":1},{"v":2,"d":"2.00"}]
["10032256","TERMINAL MACHO ROJO","2005","MONCION","UN",115,{"$f":"+H14932/F14932","v":1},{"v":115,"d":"115.00"}]
["10032262","CONJUNTO FILTRO DE ACEITE HYDAC","2005","MONCION","UN",1,{"$f":"+H14938/F14938","v":1},{"v":1,"d":"1.00"}]
["10032268","TORNILLO TIPO FUSIBLE M16","2005","MONCION","UN",9,{"$f":"+H14944/F14944","v":1},{"v":9,"d":"9.00"}]
["10032280","JUNTA DE GOMA P/ DUCTOS DE BARRA","2005","MONCION","UN",1,{"$f":"+H14955/F14955","v":1},{"v":1,"d":"1.00"}]
["10032281","PARARAYO  94KV 50/60HZ SERIE 2989","2005","MONCION","UN",3,{"$f":"+H14956/F14956","v":1},{"v":3,"d":"3.00"}]
["10032295","LETRA IMC LB 4 PLG","2007","RINCON","UN",7,{"$f":"+H14968/F14968","v":0.01},0.07]
["10032307","SELLO PLASTICO 87MM x 107MM","2007","RINCON","UN",40,{"$f":"+H14975/F14975","v":0.01},{"v":0.4,"d":"0.40"}]
["10032308","SELECTOR ELECTRICO 4/6.3 AMP","2007","RINCON","UN",1,{"$f":"+H14976/F14976","v":0.01},0.01]
["10032315","RESISTENCIA D/PORCELANA 199OHM-1000W","2007","RINCON","UN",1,{"$f":"+H14983/F14983","v":0.01},0.01]
["10032327","JUNTA DE TURBINA 54MM X 18MM","2007","RINCON","TF",28,{"$f":"+H14995/F14995","v":0.01},0.28]
["10032392","FILTRO DE ACEITE P/ EQUIP. AMARILLO BW50","2031","REPUESTOS VEHICULOS","UN",1,{"$f":"+H15000/F15000","v":1},{"v":1,"d":"1.00"}]
["10032399","VARILLA DE ACEITE RETROPALA","2031","REPUESTOS VEHICULOS","UN",1,{"$f":"+H15007/F15007","v":1},{"v":1,"d":"1.00"}]
["10032405","CAMISA P/ NISSAN FRONTIER QD32","2031","REPUESTOS VEHICULOS","UN",2,{"$f":"+H15011/F15011","v":1},{"v":2,"d":"2.00"}]
["10032409","FILTRO DE COMBUSTIBLE P/ FORD RANGER 02","2031","REPUESTOS VEHICULOS","UN",5,{"$f":"+H15015/F15015","v":1},{"v":5,"d":"5.00"}]
["10032416","PLATO DE FRICCION T. HILUX","2031","REPUESTOS VEHICULOS","UN",1,{"$f":"+H15022/F15022","v":1},{"v":1,"d":"1.00"}]
["10032447","CAMISA DE ISUZU D-MAX 2006","2031","REPUESTOS VEHICULOS","UN",4,{"$f":"+H15034/F15034","v":0},{"v":0,"d":"0.00"}]
["10032453","BOTA DE OBRERO SIZE 41","2005","MONCION","PAA",6,{"$f":"+H15039/F15039","v":0},{"v":0,"d":"0.00"}]
["10032580","FILTRO D AGUA Y ACEITE SUPER TRIPLEX P31","2005","MONCION","UN",4,{"$f":"+H15046/F15046","v":1},{"v":4,"d":"4.00"}]
["10032586","JUNTA D/ AMIANTO DIAM INTERIOR 4 1/2\"","2005","MONCION","UN",15,{"$f":"+H15052/F15052","v":1},{"v":15,"d":"15.00"}]
["10032592","VALVULA DIRECCIONAL BSC 40MM","2005","MONCION","UN",1,{"$f":"+H15058/F15058","v":1},{"v":1,"d":"1.00"}]
["10032600","ORING DE 5MM","2005","MONCION","UN",28,{"$f":"+H15066/F15066","v":1},{"v":28,"d":"28.00"}]
["10032602","CABLE #2 600V VERDE","2005","MONCION","TF",328,{"$f":"+H15068/F15068","v":1},{"v":328,"d":"328.00"}]
["10032603","ALAMBRE ELECTRICO 4 HILOS","2005","MONCION","TF",500,{"$f":"+H15069/F15069","v":1},{"v":500,"d":"500.00"}]
["10032604","JUNTA DE GOMA DE 4MM","2005","MONCION","UN",5,{"$f":"+H15070/F15070","v":1},{"v":5,"d":"5.00"}]
["10032605","JUNTA DE GOMA DE M3","2005","MONCION","UN",2,{"$f":"+H15071/F15071","v":1},{"v":2,"d":"2.00"}]
["10032606","JUNTA DE GOMA DE M2","2005","MONCION","UN",2,{"$f":"+H15072/F15072","v":1},{"v":2,"d":"2.00"}]
["10032607","JUNTA DE GOMA DE M1","2005","MONCION","UN",2,{"$f":"+H15073/F15073","v":1},{"v":2,"d":"2.00"}]
["10032608","JUNTA DE GOMA DE 46MM","2005","MONCION","UN",1,{"$f":"+H15074/F15074","v":1},{"v":1,"d":"1.00"}]
["10032609","ANILLO 95 X 180","2005","MONCION","UN",2,{"$f":"+H15075/F15075","v":1},{"v":2,"d":"2.00"}]
["10032610","ANILLO DE 65 X 30","2005","MONCION","UN",2,{"$f":"+H15076/F15076","v":1},{"v":2,"d":"2.00"}]
["10032611","TIEWRAP 4\"","2005","MONCION","UN",500,{"$f":"+H15077/F15077","v":1},{"v":500,"d":"500.00"}]
["10032612","VARIADOR DE VELOCIDAD 806464 71","2005","MONCION","UN",2,{"$f":"+H15078/F15078","v":1},{"v":2,"d":"2.00"}]
["10032613","FILTRO DE ELEMENTO 0160D050W","2005","MONCION","UN",1,{"$f":"+H15079/F15079","v":1},{"v":1,"d":"1.00"}]
["10032614","PLC SIMATIC S7-1500","2005","MONCION","UN",1,{"$f":"+H15080/F15080","v":1},{"v":1,"d":"1.00"}]
["10032615","ALAMBRE CORRIENTE VERDE #14","2005","MONCION","TF",500,{"$f":"+H15081/F15081","v":1},{"v":500,"d":"500.00"}]
["10032616","MONITOR DE VOLTAJE TRIFASICO","2005","MONCION","UN",4,{"$f":"+H15082/F15082","v":1},{"v":4,"d":"4.00"}]
["10032617","MOTOR ELECTRICO P/ INTERRUPTORES 24V","2005","MONCION","UN",1,{"$f":"+H15083/F15083","v":1},{"v":1,"d":"1.00"}]
["10032618","ORING MEDIA LUNA RADIO 15MM","2005","MONCION","UN",1,{"$f":"+H15084/F15084","v":1},{"v":1,"d":"1.00"}]
["10032619","CURVA 2\" X 18\"","2005","MONCION","UN",8,{"$f":"+H15085/F15085","v":1},{"v":8,"d":"8.00"}]
["10032620","TORNILLO HEXAGONAL 19 X 179MM","2005","MONCION","UN",40,{"$f":"+H15086/F15086","v":1},{"v":40,"d":"40.00"}]
["10032621","ESPARRAGO CON TUERCA 49 X 400MM","2005","MONCION","UN",52,{"$f":"+H15087/F15087","v":1},{"v":52,"d":"52.00"}]
["10032622","SULFATO DE ALUMINIO","2005","MONCION","KG",275,{"$f":"+H15088/F15088","v":1},{"v":275,"d":"275.00"}]
["10032623","POLO TRANSFORMADOR 136KV","2005","MONCION","UN",1,{"$f":"+H15089/F15089","v":1},{"v":1,"d":"1.00"}]
["10032624","CABLE DE CORRIENTE 4/0","2005","MONCION","UN",500,{"$f":"+H15090/F15090","v":1},{"v":500,"d":"500.00"}]
["10032625","ALAMBRE DE 8 HILOS","2005","MONCION","TF",500,{"$f":"+H15091/F15091","v":1},{"v":500,"d":"500.00"}]
["10032626","CAMARA DE VACIO DEL INTERRUPTOR","2005","MONCION","UN",1,{"$f":"+H15092/F15092","v":1},{"v":1,"d":"1.00"}]
["10032627","ANILLO DE PRESTINA","2005","MONCION","UN",2,{"$f":"+H15093/F15093","v":1},{"v":2,"d":"2.00"}]
["10032628","TRANSFORMADOR 500KVA 13.8/0.48KV","2005","MONCION","UN",3,{"$f":"+H15094/F15094","v":1},{"v":3,"d":"3.00"}]
["10032629","PAPOR CHUBO SINPLAY","2005","MONCION","UN",130,{"$f":"+H15095/F15095","v":1},{"v":130,"d":"130.00"}]
["10032630","ACEITE RP HYDROFLUX EP 100","2005","MONCION","UN",55,{"$f":"+H15096/F15096","v":1},{"v":55,"d":"55.00"}]
["10032631","ACEITE RP TELEX 32","2005","MONCION","UN",55,{"$f":"+H15097/F15097","v":1},{"v":55,"d":"55.00"}]
["10032632","IMPERMEABILIZANTE DE TECHO","2005","MONCION","GAL",20,{"$f":"+H15098/F15098","v":0},{"v":0,"d":"0.00"}]
["10032633","RETENEDORA DE TEFLON 123 X 110 X 2","2005","MONCION","UN",4,{"$f":"+H15099/F15099","v":0},{"v":0,"d":"0.00"}]
["10032634","ALAMBRE ELECTRICO #10 BLANCO","2005","MONCION","TF",500,{"$f":"+H15100/F15100","v":0},{"v":0,"d":"0.00"}]
["10032635","TARJETA ELECTR. DE REGULADOR VOLTAJE KKB","2005","MONCION","UN",2,{"$f":"+H15101/F15101","v":0},{"v":0,"d":"0.00"}]
["10032636","ALAMBRE ELECTRICO #10 NEGRO","2005","MONCION","TF",500,{"$f":"+H15102/F15102","v":0},{"v":0,"d":"0.00"}]
["10032637","BRIDA DE HIERRO NEGRO 2\" DE 4 AGUJEROS","2005","MONCION","UN",4,{"$f":"+H15103/F15103","v":0},{"v":0,"d":"0.00"}]
["10032638","BRIDA CIEGA DE 62 MM HIERRO NEG 4 AGUJER","2005","MONCION","UN",3,{"$f":"+H15104/F15104","v":0},{"v":0,"d":"0.00"}]
["10032639","BRIDA HIERRO NEGRO 1\" DE 4 AGUJEROS","2005","MONCION","UN",4,{"$f":"+H15105/F15105","v":0},{"v":0,"d":"0.00"}]
["10032640","BRIDA DE HIERRO NEGRO 120 MM","2005","MONCION","UN",24,{"$f":"+H15106/F15106","v":0},{"v":0,"d":"0.00"}]
["10032685","FILTRO DE COMBUSTIBLE MB220900","2002","TAVERA","UN",1,{"$f":"+H15107/F15107","v":0},{"v":0,"d":"0.00"}]
["10032730","BRIDA DE HIERRO NEGRO 12 DE 16 AGUJERERO","2005","MONCION","UN",1,{"$f":"+H15108/F15108","v":0},{"v":0,"d":"0.00"}]
["10032732","COUPLING HEMBRA 3\"","2005","MONCION","UN",1,{"$f":"+H15109/F15109","v":0},{"v":0,"d":"0.00"}]
["10032733","CANCAMO DE OJO M8","2005","MONCION","UN",1,{"$f":"+H15110/F15110","v":0},{"v":0,"d":"0.00"}]
["10032734","VALVULA MANUAL DE BRONCE 1 1/2\"CON BRIDA","2005","MONCION","UN",1,{"$f":"+H15111/F15111","v":0},{"v":0,"d":"0.00"}]
["10032735","TORNILLO M10 x 15 MM","2005","MONCION","UN",7,{"$f":"+H15112/F15112","v":0},{"v":0,"d":"0.00"}]
["10032736","VALVULA DE REDUCCION 1\"","2005","MONCION","UN",6,{"$f":"+H15113/F15113","v":0},{"v":0,"d":"0.00"}]
["10032737","CABLE CREMA 12 HILOS 0.75MM","2005","MONCION","TF",500,{"$f":"+H15114/F15114","v":0},{"v":0,"d":"0.00"}]
["10032739","RODAMIENTO DE TAMBORES MITSUBISHI ROSA","2031","REPUESTOS VEHICULOS","UN",3,{"$f":"+H15115/F15115","v":5000},{"v":15000,"d":"15,000.00"}]
["10032751","BUSHINGS CATRE SUPERIOR NISSAN FRONTIER","2031","REPUESTOS VEHICULOS","UN",8,{"$f":"+H15116/F15116","v":0},{"v":0,"d":"0.00"}]
["10032778","ASIENTO P/BOMBA SUMERGIBLE 6 PLG","2015","JIGüEY","UN",3,{"$f":"+H15117/F15117","v":0},{"v":0,"d":"0.00"}]
["10032802","VALVULA ALSTON NEYRPIC ED-12DE","2002","TAVERA","UN",2,{"$f":"+H15118/F15118","v":0.01},0.02]
["10032808","TRASMISIÓN AUTOMÁTICA TOYOTA HILUX 2008","2031","REPUESTOS VEHICULOS","UN",1,{"$f":"+H15119/F15119","v":177499.99},{"v":177499.99,"d":"177,499.99"}]
["10032809","TRANSMISIÓN AUTOMÁTICA ISUZU D-MAX 2011","2031","REPUESTOS VEHICULOS","UN",1,{"$f":"+H15120/F15120","v":177499.99},{"v":177499.99,"d":"177,499.99"}]
["10032810","TRANSMISIÓN AUTOMÁTICA ISUZU D-MAX 2005","2031","REPUESTOS VEHICULOS","UN",2,{"$f":"+H15121/F15121","v":177499.99},{"v":354999.98,"d":"354,999.98"}]
["10032813","COUPLING ROSCADO HG 4 PLG","2007","RINCON","UN",1,{"$f":"+H15122/F15122","v":0},{"v":0,"d":"0.00"}]
["10032814","CURVA HIERRO NEGRO 3/4 PLG","2007","RINCON","UN",1,{"$f":"+H15123/F15123","v":0},{"v":0,"d":"0.00"}]
["10032817","MOTOR TIPO FRAME 112M","2000","SUMINISTRO HIDRO","UN",3,{"$f":"+H15124/F15124","v":61360},{"v":184080,"d":"184,080.00"}]
["10032819","TORNILLO ALLEN 12MM X 90MM","2015","JIGüEY","UN",12,{"$f":"+H15125/F15125","v":1},{"v":12,"d":"12.00"}]
["10032820","KIT DRIVER SVE60/4 POS- 1,2,3","2015","JIGüEY","UN",2,{"$f":"+H15126/F15126","v":1},{"v":2,"d":"2.00"}]
["10032821","DIODO DE COMPUERTA REF. SSR","2015","JIGüEY","UN",11,{"$f":"+H15127/F15127","v":1},{"v":11,"d":"11.00"}]
["10032822","TAPON DE BLOQUEO 36 x 35 MM","2015","JIGüEY","UN",2,{"$f":"+H15128/F15128","v":1},{"v":2,"d":"2.00"}]
["10032823","ACOPLE P/MANGUERA DE PRESION 1/4\"","2015","JIGüEY","UN",36,{"$f":"+H15129/F15129","v":1},{"v":36,"d":"36.00"}]
["10032824","VALVULA DE COMPUERTA 6\" P/SIST ENFRIAMIT","2015","JIGüEY","UN",1,{"$f":"+H15130/F15130","v":1},{"v":1,"d":"1.00"}]
["10032825","EMPAQUETADURA 380x610x620.50-50IP","2015","JIGüEY","UN",8,{"$f":"+H15131/F15131","v":1},{"v":8,"d":"8.00"}]
["10032826","TRANSMISOR DE TEMP.PT100 -TEO20","2015","JIGüEY","UN",2,{"$f":"+H15132/F15132","v":1},{"v":2,"d":"2.00"}]
["10032827","TRANSMISOR DE TEMP.PT100 -TEO60","2015","JIGüEY","UN",2,{"$f":"+H15133/F15133","v":1},{"v":2,"d":"2.00"}]
["10032828","CONVERTIDOR D CORRIENTE ALTERNA 48V-4-20","2015","JIGüEY","UN",1,{"$f":"+H15134/F15134","v":1},{"v":1,"d":"1.00"}]
["10032829","INDICADOR DE PRESION PD-138F","2015","JIGüEY","UN",1,{"$f":"+H15135/F15135","v":1},{"v":1,"d":"1.00"}]
["10032830","REDUCCION ACERO INOXI 4\" X 1 \"1/2\"","2015","JIGüEY","UN",6,{"$f":"+H15136/F15136","v":1},{"v":6,"d":"6.00"}]
["10032831","CODO ACERO INOXI 4\"","2015","JIGüEY","UN",16,{"$f":"+H15137/F15137","v":1},{"v":16,"d":"16.00"}]
["10032832","TARJETA SR","2015","JIGüEY","UN",1,{"$f":"+H15138/F15138","v":1},{"v":1,"d":"1.00"}]
["10032833","CABEZA TEMP. ON DELAY LA2DT4","2015","JIGüEY","UN",1,{"$f":"+H15139/F15139","v":1},{"v":1,"d":"1.00"}]
["10032834","SWITCH DE PRESION 9012-HFW 25-180 BAR","2015","JIGüEY","UN",3,{"$f":"+H15140/F15140","v":1},{"v":3,"d":"3.00"}]
["10032835","CONTADOR VUELTAS UPMX100-RPM","2015","JIGüEY","UN",1,{"$f":"+H15141/F15141","v":1},{"v":1,"d":"1.00"}]
["10032836","CONTACTOR DE OJO NEGRO","2015","JIGüEY","UN",67,{"$f":"+H15142/F15142","v":1},{"v":67,"d":"67.00"}]
["10032837","TRANSMISOR DE TEMP.PT100 -TEO10","2015","JIGüEY","UN",4,{"$f":"+H15143/F15143","v":1},{"v":4,"d":"4.00"}]
["10032838","TERMINAL DE OJO C16-A8","2015","JIGüEY","UN",9,{"$f":"+H15144/F15144","v":1},{"v":9,"d":"9.00"}]
["10032839","TERMINAL DE OJO C16-A10","2015","JIGüEY","UN",10,{"$f":"+H15145/F15145","v":1},{"v":10,"d":"10.00"}]
["10032840","VATIMETRO 0-400 KW MOD.AWZ","2015","JIGüEY","UN",2,{"$f":"+H15146/F15146","v":1},{"v":2,"d":"2.00"}]
["10032841","RELE SOBRECARGA REF. RW117-1D3","2015","JIGüEY","UN",6,{"$f":"+H15147/F15147","v":1},{"v":6,"d":"6.00"}]
["10032842","RELE SOBRECARGA REF. RW67-2D3","2015","JIGüEY","UN",8,{"$f":"+H15148/F15148","v":1},{"v":8,"d":"8.00"}]
["10032843","AMPERIMETRO 0-25 AMP NP-ZN40","2015","JIGüEY","UN",2,{"$f":"+H15149/F15149","v":1},{"v":2,"d":"2.00"}]
["10032844","TERMOSTATO DETECTOR TEMP. 116C.CRB","2015","JIGüEY","UN",4,{"$f":"+H15150/F15150","v":1},{"v":4,"d":"4.00"}]
["10032845","ESPACIADORES P/ BAJO BLOQUE REF.372-37","2015","JIGüEY","UN",8,{"$f":"+H15151/F15151","v":1},{"v":8,"d":"8.00"}]
["10032846","ESPACIADORES P/ BAJO BLOQUE REF.372-39","2015","JIGüEY","UN",10,{"$f":"+H15152/F15152","v":1},{"v":10,"d":"10.00"}]
["10032847","BORNERA 5MM/600V","2015","JIGüEY","UN",106,{"$f":"+H15153/F15153","v":1},{"v":106,"d":"106.00"}]
["10032848","LIGADOR CONECTOR ELECT 450V","2015","JIGüEY","UN",113,{"$f":"+H15154/F15154","v":1},{"v":113,"d":"113.00"}]
["10032849","LIGADOR CONECTOR ELECT 500V","2015","JIGüEY","UN",66,{"$f":"+H15155/F15155","v":1},{"v":66,"d":"66.00"}]
["10032850","PUENTE ELECTRICO CHUN","2015","JIGüEY","UN",1,{"$f":"+H15156/F15156","v":1},{"v":1,"d":"1.00"}]
["10032851","FINAL DE CARRERA IZADO 50A","2015","JIGüEY","UN",3,{"$f":"+H15157/F15157","v":1},{"v":3,"d":"3.00"}]
["10032852","FUSIBLE SIST. EXITC. 14X51 0.5A","2015","JIGüEY","UN",1,{"$f":"+H15158/F15158","v":1},{"v":1,"d":"1.00"}]
["10032853","TARJETA BACK PLANE 9-SLOT","2015","JIGüEY","UN",1,{"$f":"+H15159/F15159","v":1},{"v":1,"d":"1.00"}]
["10032854","DISYUNTOR MOD. GV2ME05","2015","JIGüEY","UN",1,{"$f":"+H15160/F15160","v":1},{"v":1,"d":"1.00"}]
["10032855","FUSIBLE TIPO CARTUCHO 63A-700V","2015","JIGüEY","UN",2,{"$f":"+H15161/F15161","v":1},{"v":2,"d":"2.00"}]
["10032856","FUSIBLE SIST. EXITC. 14X51 1.A","2015","JIGüEY","UN",2,{"$f":"+H15162/F15162","v":1},{"v":2,"d":"2.00"}]
["10032857","FUSIBLE SIST. EXITC. 14X51 6A/ PERCUCION","2015","JIGüEY","UN",2,{"$f":"+H15163/F15163","v":1},{"v":2,"d":"2.00"}]
["10032858","BARISTORES EPCOS- B60 K440","2015","JIGüEY","UN",3,{"$f":"+H15164/F15164","v":1},{"v":3,"d":"3.00"}]
["10032859","FUSIBLE SIST. EXITC. 14X51 10A","2015","JIGüEY","UN",2,{"$f":"+H15165/F15165","v":1},{"v":2,"d":"2.00"}]
["10032860","FUSIBLE 14X15 6A","2015","JIGüEY","UN",5,{"$f":"+H15166/F15166","v":1},{"v":5,"d":"5.00"}]
["10032861","FUSIBLE SIST. EXITC. 14X51 1A/ PERCUCION","2015","JIGüEY","UN",7,{"$f":"+H15167/F15167","v":1},{"v":7,"d":"7.00"}]
["10032862","RESISTENCIA SIR/SRS 30.265","2015","JIGüEY","UN",3,{"$f":"+H15168/F15168","v":1},{"v":3,"d":"3.00"}]
["10032863","TRANSF. MONOFASICO 127V","2015","JIGüEY","UN",1,{"$f":"+H15169/F15169","v":1},{"v":1,"d":"1.00"}]
["10032864","TRANSDUCTOR DE FASE PROGRAMABLE","2015","JIGüEY","UN",3,{"$f":"+H15170/F15170","v":1},{"v":3,"d":"3.00"}]
["10032865","CONVERTIDOR DC1-110V/5V","2015","JIGüEY","UN",2,{"$f":"+H15171/F15171","v":1},{"v":2,"d":"2.00"}]
["10032866","JUEGO DE RESPUETO P/ REGULADOR","2015","JIGüEY","UN",2,{"$f":"+H15172/F15172","v":1},{"v":2,"d":"2.00"}]
["10032867","CONVERTIDOR DC2 T-PCB DCW2-5V","2015","JIGüEY","UN",1,{"$f":"+H15173/F15173","v":1},{"v":1,"d":"1.00"}]
["10032868","FILTRO DE AIRE P181123","2015","JIGüEY","UN",1,{"$f":"+H15174/F15174","v":1},{"v":1,"d":"1.00"}]
["10032869","FILTRO DE REFRIGERACION W54452","2015","JIGüEY","UN",1,{"$f":"+H15175/F15175","v":1},{"v":1,"d":"1.00"}]
["10032870","FILTRO DE AGUA REF. 83977315","2015","JIGüEY","UN",1,{"$f":"+H15176/F15176","v":1},{"v":1,"d":"1.00"}]
["10032871","FILTRO DE AIRE  REF. CA3770","2015","JIGüEY","UN",1,{"$f":"+H15177/F15177","v":1},{"v":1,"d":"1.00"}]
["10032872","FILTRO DIESEL  WF2059","2015","JIGüEY","UN",1,{"$f":"+H15178/F15178","v":1},{"v":1,"d":"1.00"}]
["10032873","FILTRO FUEL  FF105C","2015","JIGüEY","UN",1,{"$f":"+H15179/F15179","v":1},{"v":1,"d":"1.00"}]
["10032874","FILTRO DE DISEL WF 2060","2015","JIGüEY","UN",2,{"$f":"+H15180/F15180","v":1},{"v":2,"d":"2.00"}]
["10032875","VALVULA CONTROL DE FLUJO 400 BAR","2015","JIGüEY","UN",2,{"$f":"+H15181/F15181","v":1},{"v":2,"d":"2.00"}]
["10032876","ACOPLE P/ TUBO FLEXIBLE 3/4\"","2015","JIGüEY","UN",6,{"$f":"+H15182/F15182","v":1},{"v":6,"d":"6.00"}]
["10032877","MANOMETRO D/INTERRUPTOR FREON 12","2015","JIGüEY","UN",1,{"$f":"+H15183/F15183","v":1},{"v":1,"d":"1.00"}]
["10032878","TEE PARA RACORD 18X45 MM","2015","JIGüEY","UN",2,{"$f":"+H15184/F15184","v":1},{"v":2,"d":"2.00"}]
["10032879","ELECTRODO REF. 7018 X 1/4\"","2015","JIGüEY","LB",11,{"$f":"+H15185/F15185","v":1},{"v":11,"d":"11.00"}]
["10032880","CASQUILLO DE BRONCE 460X400X400MM","2015","JIGüEY","UN",4,{"$f":"+H15186/F15186","v":1},{"v":4,"d":"4.00"}]
["10032881","TORNILLO M50 X 46MM","2015","JIGüEY","UN",6,{"$f":"+H15187/F15187","v":1},{"v":6,"d":"6.00"}]
["10032882","TORNILLO CAB. ALLEN 8 X 75MM","2015","JIGüEY","UN",5,{"$f":"+H15188/F15188","v":1},{"v":5,"d":"5.00"}]
["10032883","ESPARRAGO TIPO ALLEN 10 X 30MM","2015","JIGüEY","UN",1,{"$f":"+H15189/F15189","v":1},{"v":1,"d":"1.00"}]
["10032884","BOQUILLA P/AC0PLE RAPIDO 55 X 22MM","2015","JIGüEY","UN",81,{"$f":"+H15190/F15190","v":1},{"v":81,"d":"81.00"}]
["10032885","TUERCA 30 X 18MMM","2015","JIGüEY","UN",2,{"$f":"+H15191/F15191","v":1},{"v":2,"d":"2.00"}]
["10032886","ANILLO JUNTA INOX, 250MM","2015","JIGüEY","UN",1,{"$f":"+H15192/F15192","v":1},{"v":1,"d":"1.00"}]
["10032887","ANILLO STOGLIABILI 170MM","2015","JIGüEY","UN",1,{"$f":"+H15193/F15193","v":1},{"v":1,"d":"1.00"}]
["10032888","TORNILLO CAB. HEXAG. M19 X 90MM","2015","JIGüEY","UN",64,{"$f":"+H15194/F15194","v":1},{"v":64,"d":"64.00"}]
["10032889","ESPARRAGO 250 X 20MM","2015","JIGüEY","UN",27,{"$f":"+H15195/F15195","v":1},{"v":27,"d":"27.00"}]
["10032890","UNION STRAIGHT 8ASU 1/2\"","2015","JIGüEY","UN",45,{"$f":"+H15196/F15196","v":1},{"v":45,"d":"45.00"}]
["10032891","RELE DE TEMPERATURA PC100","2015","JIGüEY","UN",1,{"$f":"+H15197/F15197","v":1},{"v":1,"d":"1.00"}]
["10032892","TRANSFORMADOR DE TENSION URFA","2015","JIGüEY","UN",2,{"$f":"+H15198/F15198","v":1},{"v":2,"d":"2.00"}]
["10032893","ENCHUFE 415V/32A","2015","JIGüEY","UN",2,{"$f":"+H15199/F15199","v":1},{"v":2,"d":"2.00"}]
["10032894","LAMPARA DE EXTERIOR DE 250W","2015","JIGüEY","UN",3,{"$f":"+H15200/F15200","v":1},{"v":3,"d":"3.00"}]
["10032895","RTD-PT100 P/ CUVA DEL COJINETE SUPERIOR","2015","JIGüEY","UN",2,{"$f":"+H15201/F15201","v":1},{"v":2,"d":"2.00"}]
["10032896","BARRA DE EXTRACTOR DEL GENERADOR","2015","JIGüEY","UN",10,{"$f":"+H15202/F15202","v":1},{"v":10,"d":"10.00"}]
["10032897","TARJETA ELECTRONICA TVM751/RV","2015","JIGüEY","UN",1,{"$f":"+H15203/F15203","v":1},{"v":1,"d":"1.00"}]
["10032898","CASQUILLO INOX 40MM X 85MM","2015","JIGüEY","UN",1,{"$f":"+H15204/F15204","v":1},{"v":1,"d":"1.00"}]
["10032899","TORNILLO HEX. TUERCA /ARANDELA 20MMX89MM","2015","JIGüEY","UN",8,{"$f":"+H15205/F15205","v":1},{"v":8,"d":"8.00"}]
["10032900","RACOR M45 X 85MM","2015","JIGüEY","UN",59,{"$f":"+H15206/F15206","v":1},{"v":59,"d":"59.00"}]
["10032901","SELLO MECANICO SUPERIOR MOD S8A","2015","JIGüEY","UN",5,{"$f":"+H15207/F15207","v":1},{"v":5,"d":"5.00"}]
["10032902","SOPORTE DE ATAGUIA","2015","JIGüEY","UN",3,{"$f":"+H15208/F15208","v":1},{"v":3,"d":"3.00"}]
["10032903","ORING DE GOMA 3.5MM X 30MM","2015","JIGüEY","UN",9,{"$f":"+H15209/F15209","v":1},{"v":9,"d":"9.00"}]
["10032904","SEGMENTO PATIN DEL COJINETE","2015","JIGüEY","UN",6,{"$f":"+H15210/F15210","v":1},{"v":6,"d":"6.00"}]
["10032905","TORNILLO CAB. HEXAGONAL 14MM X 28MM","2015","JIGüEY","UN",50,{"$f":"+H15211/F15211","v":1},{"v":50,"d":"50.00"}]
["10032906","ARANDELA PLANA 21.4MM X 50MM","2015","JIGüEY","UN",2,{"$f":"+H15212/F15212","v":1},{"v":2,"d":"2.00"}]
["10032907","TORNILLO CAB. ALLEN 18MM X 60MM","2015","JIGüEY","UN",60,{"$f":"+H15213/F15213","v":1},{"v":60,"d":"60.00"}]
["10032908","PATINES DEL GENERADOR 3380","2015","JIGüEY","UN",4,{"$f":"+H15214/F15214","v":1},{"v":4,"d":"4.00"}]
["10032911","SOPORTE CABINET H90 x L100 x W60","2015","JIGüEY","UN",4,{"$f":"+H15215/F15215","v":1},{"v":4,"d":"4.00"}]
["10032912","TRANSDUCTORES CON VITI FISSAGGIO X2","2015","JIGüEY","UN",2,{"$f":"+H15216/F15216","v":1},{"v":2,"d":"2.00"}]
["10032913","UNION MACHO 3/4\" X 1/2\"","2015","JIGüEY","UN",33,{"$f":"+H15217/F15217","v":1},{"v":33,"d":"33.00"}]
["10032914","UNION STRAIGHT  3/4\"","2015","JIGüEY","UN",117,{"$f":"+H15218/F15218","v":1},{"v":117,"d":"117.00"}]
["10032915","UNION HEMBRA 3/4\" X 1/2\"","2015","JIGüEY","UN",10,{"$f":"+H15219/F15219","v":1},{"v":10,"d":"10.00"}]
["10032916","ESPARRAGO 1/2\" X 3/4\"","2015","JIGüEY","UN",212,{"$f":"+H15220/F15220","v":1},{"v":212,"d":"212.00"}]
["10032917","UNION MACHO ACERO INOX 1\"","2015","JIGüEY","UN",31,{"$f":"+H15221/F15221","v":1},{"v":31,"d":"31.00"}]
["10032918","UNION COUPLING EMT 2 PLG","2015","JIGüEY","UN",2,{"$f":"+H15222/F15222","v":1},{"v":2,"d":"2.00"}]
["10032919","SENSOR- PT 100 MOD.TR 10-B/50 A 250ÂºC","2015","JIGüEY","UN",2,{"$f":"+H15223/F15223","v":1},{"v":2,"d":"2.00"}]
["10032920","CONTADOR DE CARGA REF-ATMO-3X05-01","2015","JIGüEY","UN",2,{"$f":"+H15224/F15224","v":1},{"v":2,"d":"2.00"}]
["10032921","CABLE D/CONTROL C/CONDUCTOR LQT 3/4PLG","2015","JIGüEY","UN",1,{"$f":"+H15225/F15225","v":1},{"v":1,"d":"1.00"}]
["10032922","CONECTOR EN BRONCE BPD2 P/TIERRA","2015","JIGüEY","UN",196,{"$f":"+H15226/F15226","v":1},{"v":196,"d":"196.00"}]
["10032923","TIRISTOR DEL SISTM. DE EXITACION EAA40T1","2015","JIGüEY","UN",2,{"$f":"+H15227/F15227","v":1},{"v":2,"d":"2.00"}]
["10032924","MICROSWITCH MS3V15","2015","JIGüEY","UN",4,{"$f":"+H15228/F15228","v":1},{"v":4,"d":"4.00"}]
["10032925","TARJETA ELECTRONICA ABB 50E525417","2015","JIGüEY","UN",1,{"$f":"+H15229/F15229","v":1},{"v":1,"d":"1.00"}]
["10032926","MODULO ADAPTADOR DE CABLE ABB TB805","2015","JIGüEY","UN",2,{"$f":"+H15230/F15230","v":1},{"v":2,"d":"2.00"}]
["10032927","ARANDELA DE PRESION 8 MM","2015","JIGüEY","UN",30,{"$f":"+H15231/F15231","v":1},{"v":30,"d":"30.00"}]
["10032928","RETENEDORA P/BOMBA SENTRIFUGA 10-9-34","2015","JIGüEY","UN",3,{"$f":"+H15232/F15232","v":1},{"v":3,"d":"3.00"}]
["10032929","KIT DE RETENEDORA HERMETICA","2015","JIGüEY","UN",2,{"$f":"+H15233/F15233","v":1},{"v":2,"d":"2.00"}]
["10032930","ORING DE 2.5mm","2015","JIGüEY","UN",7,{"$f":"+H15234/F15234","v":1},{"v":7,"d":"7.00"}]
["10032931","CAJA DE REGISTRO ELECTRICO 200A","2015","JIGüEY","UN",1,{"$f":"+H15235/F15235","v":1},{"v":1,"d":"1.00"}]
["10032932","CAJA DE DISTRIBUCION IP40","2015","JIGüEY","UN",3,{"$f":"+H15236/F15236","v":1},{"v":3,"d":"3.00"}]
["10032933","EMPAQUETADURA ORIN 1250","2015","JIGüEY","UN",1,{"$f":"+H15237/F15237","v":1},{"v":1,"d":"1.00"}]
["10032934","PINTURA EPOXICA ROJO LADRILLO","2015","JIGüEY","GAL",15,{"$f":"+H15238/F15238","v":1},{"v":15,"d":"15.00"}]
["10032935","JUEGO DE JUNTA MOTOCICLETA DT-125","2015","JIGüEY","UN",2,{"$f":"+H15239/F15239","v":1},{"v":2,"d":"2.00"}]
["10032936","TORNILLO CON TARUGO EXPANSIVO M6","2015","JIGüEY","UN",120,{"$f":"+H15240/F15240","v":1},{"v":120,"d":"120.00"}]
["10032937","CATALIZADOR EPOXICO","2002","TAVERA","GAL",7,{"$f":"+H15241/F15241","v":0},{"v":0,"d":"0.00"}]
["10032937","CATALIZADOR EPOXICO","2015","JIGüEY","GAL",6,{"$f":"+H15242/F15242","v":1},{"v":6,"d":"6.00"}]
["10032938","ALAMBRE 6MM 2 HILOS","2015","JIGüEY","TF",400,{"$f":"+H15243/F15243","v":0},{"v":0,"d":"0.00"}]
["10032939","ALAMBRE 3.64MM 3 HILOS","2015","JIGüEY","TF",200,{"$f":"+H15244/F15244","v":0},{"v":0,"d":"0.00"}]
["10032940","BORNERA 2MM/600V/2.5A","2015","JIGüEY","UN",29,{"$f":"+H15245/F15245","v":0},{"v":0,"d":"0.00"}]
["10032941","ELECTRODO 5 X 16/12","2015","JIGüEY","LB",10,{"$f":"+H15246/F15246","v":0},{"v":0,"d":"0.00"}]
["10032942","ELECTRODO 2X4","2015","JIGüEY","LB",16,{"$f":"+H15247/F15247","v":0},{"v":0,"d":"0.00"}]
["10032943","CLORO GRANULADO (KG)","2000","SUMINISTRO HIDRO","KG",75,{"$f":"+H15248/F15248","v":437.37880000000007},{"v":32803.41,"d":"32,803.41"}]
["10032945","TARJETA DE PROXIMIDAD 26 BIT IMPRIMIBLE","2000","SUMINISTRO HIDRO","UN",{"v":4000,"d":"4,000"},{"$f":"+H15249/F15249","v":112.985},{"v":451940,"d":"451,940.00"}]
["10032946","PORTA CARNET VINYL VERTICAL","2000","SUMINISTRO HIDRO","UN",{"v":4000,"d":"4,000"},{"$f":"+H15250/F15250","v":28.39375},{"v":113575,"d":"113,575.00"}]
["10032947","PORTA CARNET TIPO CORDÓN PERSONALIZADO","2000","SUMINISTRO HIDRO","UN",{"v":3000,"d":"3,000"},{"$f":"+H15251/F15251","v":212.4},{"v":637200,"d":"637,200.00"}]
["10032948","ARRANCADOR SUAVE ELECTRONIC PSR45-600-70","2005","MONCION","UN",6,{"$f":"+H15252/F15252","v":79060},{"v":474360,"d":"474,360.00"}]
["10032951","ORING 14MM X 9MTS","2015","JIGüEY","TF",220,{"$f":"+H15253/F15253","v":0},{"v":0,"d":"0.00"}]
["10032952","ORING DE GOMA 14MM X 7MTS","2015","JIGüEY","TF",72,{"$f":"+H15254/F15254","v":0},{"v":0,"d":"0.00"}]
["10032953","CABLE D/25 MM NO.8","2015","JIGüEY","TF",110,{"$f":"+H15255/F15255","v":0},{"v":0,"d":"0.00"}]
["10032954","TUBERIA PLASTICA 8MM","2015","JIGüEY","TF",45,{"$f":"+H15256/F15256","v":0},{"v":0,"d":"0.00"}]
["10032955","CABLE 35 MM CUADRADO NO. 6","2015","JIGüEY","TF",{"v":1800,"d":"1,800"},{"$f":"+H15257/F15257","v":0},{"v":0,"d":"0.00"}]
["10032956","ALAMBRE ELECTRICO CALIBRE 12/6.0MM NEG.","2015","JIGüEY","TF",520,{"$f":"+H15258/F15258","v":0},{"v":0,"d":"0.00"}]
["10032961","CABLE CONTROL MULTIHILO, 12 HILO X1.5M","2015","JIGüEY","TF",174,{"$f":"+H15259/F15259","v":0},{"v":0,"d":"0.00"}]
["10032971","CABLE DE COBRE 2/0 AWG","2000","SUMINISTRO HIDRO","TF",40,{"$f":"+H15260/F15260","v":254.86825},{"v":10194.73,"d":"10,194.73"}]
["10032982","MOTOR ELECTRICO TRIFAC. 0.75KW 6 POLOS","2000","SUMINISTRO HIDRO","UN",1,{"$f":"+H15261/F15261","v":42480},{"v":42480,"d":"42,480.00"}]
["10032983","MOTOR ELECTRICO TRIFAC. 5.5KW 6 POLOS","2000","SUMINISTRO HIDRO","UN",1,{"$f":"+H15262/F15262","v":119180},{"v":119180,"d":"119,180.00"}]
["10032984","MOTOR ELECTRICO TRIFAC. 15KW 4 POLOS","2000","SUMINISTRO HIDRO","UN",1,{"$f":"+H15263/F15263","v":129800},{"v":129800,"d":"129,800.00"}]
["10033122","ABRAZADERA POLIESTILENO D 6\" PARA FILTRO","2032","LAS DOS BOCAS","UN",5,{"$f":"+H15264/F15264","v":1},{"v":5,"d":"5.00"}]
["10033123","CONECTOR DE MANGUERA DE ALUMINIO 6\"","2032","LAS DOS BOCAS","UN",2,{"$f":"+H15265/F15265","v":1},{"v":2,"d":"2.00"}]
["10033124","FLUJOMETRO DN80 80MM","2032","LAS DOS BOCAS","UN",1,{"$f":"+H15266/F15266","v":1},{"v":1,"d":"1.00"}]
["10033125","ABRAZADERA  POLIETILENO 90MM X 1/2\"","2032","LAS DOS BOCAS","UN",32,{"$f":"+H15267/F15267","v":1},{"v":32,"d":"32.00"}]
["10033126","TUBO PVC 16\" SDR-21","2032","LAS DOS BOCAS","UN",10,{"$f":"+H15268/F15268","v":1},{"v":10,"d":"10.00"}]
["10033127","CODO POLIETILENO 63 MM X 2\"","2032","LAS DOS BOCAS","UN",2,{"$f":"+H15269/F15269","v":1},{"v":2,"d":"2.00"}]
["10033128","UNION POLIETILENO 6MM","2032","LAS DOS BOCAS","UN",32,{"$f":"+H15270/F15270","v":1},{"v":32,"d":"32.00"}]
["10033129","TAPON REGISTRO PVC 4\"","2032","LAS DOS BOCAS","UN",3,{"$f":"+H15271/F15271","v":1},{"v":3,"d":"3.00"}]
["10033130","TEE PVC 6\" SCH-40","2032","LAS DOS BOCAS","UN",52,{"$f":"+H15272/F15272","v":1},{"v":52,"d":"52.00"}]
["10033131","TAPON POLIETILENO 75 MM","2032","LAS DOS BOCAS","UN",18,{"$f":"+H15273/F15273","v":1},{"v":18,"d":"18.00"}]
["10033132","TUBO PVC 10\" SDR-21","2032","LAS DOS BOCAS","UN",22,{"$f":"+H15274/F15274","v":1},{"v":22,"d":"22.00"}]
["10033133","FILTRO POLIETILENO 1\"","2032","LAS DOS BOCAS","UN",47,{"$f":"+H15275/F15275","v":1},{"v":47,"d":"47.00"}]
["10033134","ABRAZADERA POLIETILENO 63 MM X 1/2\"","2032","LAS DOS BOCAS","UN",113,{"$f":"+H15276/F15276","v":1},{"v":113,"d":"113.00"}]
["10033135","CONECTOR INICIAL POLIETILENO 20 MM","2032","LAS DOS BOCAS","UN",{"v":2475,"d":"2,475"},{"$f":"+H15277/F15277","v":1},{"v":2475,"d":"2,475.00"}]
["10033136","VALVULA MARIPOSA DE 10\"","2032","LAS DOS BOCAS","UN",2,{"$f":"+H15278/F15278","v":1},{"v":2,"d":"2.00"}]
["10033137","TEE POLIETILENO 3/4\"","2032","LAS DOS BOCAS","UN",4,{"$f":"+H15279/F15279","v":1},{"v":4,"d":"4.00"}]
["10033138","UNION DRESSER 16\" AZUL","2032","LAS DOS BOCAS","UN",6,{"$f":"+H15280/F15280","v":1},{"v":6,"d":"6.00"}]
["10033139","ABRAZADERA POLIETILENO 75 MM X 2\"","2032","LAS DOS BOCAS","UN",6,{"$f":"+H15281/F15281","v":1},{"v":6,"d":"6.00"}]
["10033140","REDUCCION POLIETILENO 90MM A 63MM","2032","LAS DOS BOCAS","UN",23,{"$f":"+H15282/F15282","v":1},{"v":23,"d":"23.00"}]
["10033141","TEE POLIETILENO 63 MM","2032","LAS DOS BOCAS","UN",2,{"$f":"+H15283/F15283","v":1},{"v":2,"d":"2.00"}]
["10033142","FILTRO 2\" POLIETILENO","2032","LAS DOS BOCAS","UN",27,{"$f":"+H15284/F15284","v":1},{"v":27,"d":"27.00"}]
["10033143","BASTON PARA FILTRO HIDROCICLONICO","2032","LAS DOS BOCAS","UN",8,{"$f":"+H15285/F15285","v":1},{"v":8,"d":"8.00"}]
["10033144","ADAPTADOR HEMBRA PVC 4\"","2032","LAS DOS BOCAS","UN",3,{"$f":"+H15286/F15286","v":1},{"v":3,"d":"3.00"}]
["10033145","T-Y PVC 4\"","2032","LAS DOS BOCAS","UN",8,{"$f":"+H15287/F15287","v":1},{"v":8,"d":"8.00"}]
["10033146","CONECTOR INICIAL POLIETILENO 16 MM","2032","LAS DOS BOCAS","UN",775,{"$f":"+H15288/F15288","v":1},{"v":775,"d":"775.00"}]
["10033147","CONECTOR POLIETILENO MACHO 1/2\" A 3/4\"","2032","LAS DOS BOCAS","UN",290,{"$f":"+H15289/F15289","v":1},{"v":290,"d":"290.00"}]
["10033148","REDUCCION TIPO CAMPANA DE 12 X 17","2032","LAS DOS BOCAS","UN",2,{"$f":"+H15290/F15290","v":1},{"v":2,"d":"2.00"}]
["10033149","VALVULA CHEQUE 8\" REF. A126B","2032","LAS DOS BOCAS","UN",2,{"$f":"+H15291/F15291","v":1},{"v":2,"d":"2.00"}]
["10033150","VALVULA PLATILLADA MECANISADA 8\"","2032","LAS DOS BOCAS","UN",1,{"$f":"+H15292/F15292","v":1},{"v":1,"d":"1.00"}]
["10033151","UNION DRESSER 4\" GRIS","2032","LAS DOS BOCAS","UN",1,{"$f":"+H15293/F15293","v":1},{"v":1,"d":"1.00"}]
["10033152","VALVULA REGULADORA PRESION DE AGUA 6\"","2032","LAS DOS BOCAS","UN",4,{"$f":"+H15294/F15294","v":1},{"v":4,"d":"4.00"}]
["10033153","TUBO PVC 1 1/2\" X 19' SDR-26","2032","LAS DOS BOCAS","UN",11,{"$f":"+H15295/F15295","v":1},{"v":11,"d":"11.00"}]
["10033154","REDUCCION TIPO CAMPANA DE 12 X 23","2032","LAS DOS BOCAS","UN",2,{"$f":"+H15296/F15296","v":1},{"v":2,"d":"2.00"}]
["10033155","TEE POLIETILENO 20 MM X 16 MM","2032","LAS DOS BOCAS","UN",379,{"$f":"+H15297/F15297","v":1},{"v":379,"d":"379.00"}]
["10033156","TUBO PVC 12\" SDR-26","2032","LAS DOS BOCAS","UN",20,{"$f":"+H15298/F15298","v":1},{"v":20,"d":"20.00"}]
["10033157","TUBO PVC 1\" X 19' SDR-26","2032","LAS DOS BOCAS","UN",63,{"$f":"+H15299/F15299","v":1},{"v":63,"d":"63.00"}]
["10033158","OBTURADOR DE GOTEO DOBLE 16 MM","2032","LAS DOS BOCAS","UN",{"v":13800,"d":"13,800"},{"$f":"+H15300/F15300","v":1},{"v":13800,"d":"13,800.00"}]
["10033159","CODO DE POLIESTILENO DE 50MM","2032","LAS DOS BOCAS","UN",41,{"$f":"+H15301/F15301","v":1},{"v":41,"d":"41.00"}]
["10033160","FILTRO DE POLIESTILENO DE 3/4\"","2032","LAS DOS BOCAS","UN",242,{"$f":"+H15302/F15302","v":1},{"v":242,"d":"242.00"}]
["10033161","TUBO PVC 12\" SDR-21","2032","LAS DOS BOCAS","UN",37,{"$f":"+H15303/F15303","v":1},{"v":37,"d":"37.00"}]
["10033162","UNION DADO DE POLIESTILENO 63MM X 2","2032","LAS DOS BOCAS","UN",124,{"$f":"+H15304/F15304","v":1},{"v":124,"d":"124.00"}]
["10033163","VALVULA REG. POLIETILENO DOBLE ROSCA 3\"","2032","LAS DOS BOCAS","UN",2,{"$f":"+H15305/F15305","v":1},{"v":2,"d":"2.00"}]
["10033164","TUBO PVC 24\" SDR-26","2032","LAS DOS BOCAS","UN",2,{"$f":"+H15306/F15306","v":1},{"v":2,"d":"2.00"}]
["10033165","MANGUERA FLEXIBLE 6\" X 100'","2032","LAS DOS BOCAS","UN",3,{"$f":"+H15307/F15307","v":1},{"v":3,"d":"3.00"}]
["10033166","TUBO PVC 20\" SDR-26","2032","LAS DOS BOCAS","UN",2,{"$f":"+H15308/F15308","v":1},{"v":2,"d":"2.00"}]
["10033167","MANGERA DE POLIETILENO 50MM X 100 MT","2032","LAS DOS BOCAS","UN",3,{"$f":"+H15309/F15309","v":1},{"v":3,"d":"3.00"}]
["10033168","ARNES DE CINTA A CINTA","2032","LAS DOS BOCAS","UN",498,{"$f":"+H15310/F15310","v":1},{"v":498,"d":"498.00"}]
["10033169","TUBO PVC 6\" SDR-32.5","2032","LAS DOS BOCAS","UN",10,{"$f":"+H15311/F15311","v":1},{"v":10,"d":"10.00"}]
["10033170","CODO DE POLIETILENO 90 MM A 90º","2032","LAS DOS BOCAS","UN",45,{"$f":"+H15312/F15312","v":1},{"v":45,"d":"45.00"}]
["10033171","ABRAZADERA POLIETILENO 63 MM X 1\"","2032","LAS DOS BOCAS","UN",55,{"$f":"+H15313/F15313","v":1},{"v":55,"d":"55.00"}]
["10033181","TEE PVC 10\" SCH-40","2032","LAS DOS BOCAS","UN",1,{"$f":"+H15314/F15314","v":0},{"v":0,"d":"0.00"}]
["10033182","REDUCCION PVC 12\" A 8\"","2032","LAS DOS BOCAS","UN",1,{"$f":"+H15315/F15315","v":0},{"v":0,"d":"0.00"}]
["10033183","ADAPTADOR HEMBRA PVC 1/2\"","2032","LAS DOS BOCAS","UN",124,{"$f":"+H15316/F15316","v":0},{"v":0,"d":"0.00"}]
["10033184","MINI ASPERSORES DE AGUA","2032","LAS DOS BOCAS","UN",78,{"$f":"+H15317/F15317","v":0},{"v":0,"d":"0.00"}]
["10033190","ARO NEUMATICO DE REPUESTA HILUX 2018.","2000","SUMINISTRO HIDRO","UN",14,{"$f":"+H15318/F15318","v":18989.739999999998},{"v":265856.36,"d":"265,856.36"}]
["10033191","ARO NEUMATICO DE REPUESTA RANGER 2023.","2000","SUMINISTRO HIDRO","UN",6,{"$f":"+H15319/F15319","v":23732.16},{"v":142392.96,"d":"142,392.96"}]
["10033192","BED LINER PARA FORD RANGER 2023.","2000","SUMINISTRO HIDRO","UN",19,{"$f":"+H15320/F15320","v":42714.82},{"v":811581.58,"d":"811,581.58"}]
["10033221","MANDARRIA MANGO CORTO 4 LBS","2000","SUMINISTRO HIDRO","UN",5,{"$f":"+H15321/F15321","v":1744.0400000000002},{"v":8720.2,"d":"8,720.20"}]
["10033222","MANDARRIA MANGO LARGO 10 LBS","2000","SUMINISTRO HIDRO","UN",2,{"$f":"+H15322/F15322","v":1852.6},{"v":3705.2,"d":"3,705.20"}]
["10033270","T-SHIRTS AMARILLO","2000","SUMINISTRO HIDRO","UN",140,{"$f":"+H15323/F15323","v":466.1},{"v":65254,"d":"65,254.00"}]
["10033271","T-SHIRTS VERDE","2000","SUMINISTRO HIDRO","UN",30,{"$f":"+H15324/F15324","v":466.1},{"v":13983,"d":"13,983.00"}]
["10033277","TRANSF.D / CORRIENTE MOD-ARF-13 15VA/0.5","2002","TAVERA","UN",1,{"$f":"+H15325/F15325","v":1},{"v":1,"d":"1.00"}]
["10033278","TRANSF.D / CORRIENTE MOD-ARF-13 10VA/0.5","2002","TAVERA","UN",1,{"$f":"+H15326/F15326","v":1},{"v":1,"d":"1.00"}]
["10033279","TRANSF. REF.NK1-1000-04.2/2H26","2002","TAVERA","UN",1,{"$f":"+H15327/F15327","v":1},{"v":1,"d":"1.00"}]
["10033281","TRANSF. DE CONTROL TM-60VA","2002","TAVERA","UN",1,{"$f":"+H15328/F15328","v":1},{"v":1,"d":"1.00"}]
["10033282","TRANSF. DE CORRIENTE NTE .TYP-JKO 0.6KV","2002","TAVERA","UN",1,{"$f":"+H15329/F15329","v":1},{"v":1,"d":"1.00"}]
["10033283","TRANSF. TIPO M74.132/50va,220","2002","TAVERA","UN",1,{"$f":"+H15330/F15330","v":1},{"v":1,"d":"1.00"}]
["10033284","TRANSF.30-10KVA / 380 + -5% , 152A","2002","TAVERA","UN",1,{"$f":"+H15331/F15331","v":1},{"v":1,"d":"1.00"}]
["10033285","SOPORTE DE GOMA CIRCULAR 20 x 45 MM","2002","TAVERA","UN",2,{"$f":"+H15332/F15332","v":1},{"v":2,"d":"2.00"}]
["10033286","TAPA ELECTRICA 4 x 4","2002","TAVERA","UN",5,{"$f":"+H15333/F15333","v":1},{"v":5,"d":"5.00"}]
["10033287","TAPA ELECTRICA 5 x 5","2002","TAVERA","UN",2,{"$f":"+H15334/F15334","v":1},{"v":2,"d":"2.00"}]
["10033288","TORNILLO TIRAFONDO 5/16 x 1 1/4\"","2002","TAVERA","UN",340,{"$f":"+H15335/F15335","v":1},{"v":340,"d":"340.00"}]
["10033289","CONECTOR ELECT. MACHO 220-250V/32AMP","2002","TAVERA","UN",5,{"$f":"+H15336/F15336","v":1},{"v":5,"d":"5.00"}]
["10033290","FUSIBLE CATERPILLAR PLANTA DE EMERG","2002","TAVERA","UN",2,{"$f":"+H15337/F15337","v":1},{"v":2,"d":"2.00"}]
["10033291","FUSIBLE BUSSMAN B26- 70A/600V","2002","TAVERA","UN",6,{"$f":"+H15338/F15338","v":1},{"v":6,"d":"6.00"}]
["10033292","ADAPTADOR FUSIBLE 20 AMP","2002","TAVERA","UN",60,{"$f":"+H15339/F15339","v":1},{"v":60,"d":"60.00"}]
["10033293","FUSIBLE SIEMENS 100A/500VAC/400VDC","2002","TAVERA","UN",33,{"$f":"+H15340/F15340","v":1},{"v":33,"d":"33.00"}]
["10033294","ADAPTADOR FUSIBLE 63 AMP","2002","TAVERA","UN",22,{"$f":"+H15341/F15341","v":1},{"v":22,"d":"22.00"}]
["10033295","LAMPARA SEÃ‘ALIZACION 16x35/70V-4W","2002","TAVERA","UN",100,{"$f":"+H15342/F15342","v":1},{"v":100,"d":"100.00"}]
["10033296","LAMPARA SEÃ‘ALIZACION 10x28/80V-40MA","2002","TAVERA","UN",150,{"$f":"+H15343/F15343","v":1},{"v":150,"d":"150.00"}]
["10033297","LAMPARA SEÃ‘ALIZACION 15x51/130V-5W","2002","TAVERA","UN",13,{"$f":"+H15344/F15344","v":1},{"v":13,"d":"13.00"}]
["10033298","FUSIBLE T/BOTELLA 5SB111- 2 AMP","2002","TAVERA","UN",30,{"$f":"+H15345/F15345","v":1},{"v":30,"d":"30.00"}]
["10033299","FUSIBLE T/BOTELLA 5SB4010-35 AMP","2002","TAVERA","UN",55,{"$f":"+H15346/F15346","v":1},{"v":55,"d":"55.00"}]
["10033300","FUSIBLE T/BOTELLA 5SB221- 4 AMP","2002","TAVERA","UN",32,{"$f":"+H15347/F15347","v":1},{"v":32,"d":"32.00"}]
["10033302","FUSIBLE T/BOTELLA 5SB421- 50 AMP/500V","2002","TAVERA","UN",61,{"$f":"+H15348/F15348","v":1},{"v":61,"d":"61.00"}]
["10033303","FUSIBLE T/BOTELLA 5SB271-25 AMP/500V","2002","TAVERA","UN",56,{"$f":"+H15349/F15349","v":1},{"v":56,"d":"56.00"}]
["10033304","FUSIBLE T/BOTELLA 5SB231- 6 AMP/500V","2002","TAVERA","UN",75,{"$f":"+H15350/F15350","v":1},{"v":75,"d":"75.00"}]
["10033305","FUSIBLE T/BOTELLA 5SB131- 6 AMP/500V","2002","TAVERA","UN",46,{"$f":"+H15351/F15351","v":1},{"v":46,"d":"46.00"}]
["10033306","FUSIBLE T/CARTUCHO HRT18-63 6 AMP/500V","2002","TAVERA","UN",38,{"$f":"+H15352/F15352","v":1},{"v":38,"d":"38.00"}]
["10033307","FUSIBLE T/CARTUCHO RT18-63 40 AMP/500V","2002","TAVERA","UN",48,{"$f":"+H15353/F15353","v":1},{"v":48,"d":"48.00"}]
["10033308","FUSIBLE T/CARTUCHO RT14-32 10 AMP/500V","2002","TAVERA","UN",5,{"$f":"+H15354/F15354","v":1},{"v":5,"d":"5.00"}]
["10033309","FUSIBLE T/CARTUCHO 5SB321- 50 AMP/500V","2002","TAVERA","UN",34,{"$f":"+H15355/F15355","v":1},{"v":34,"d":"34.00"}]
["10033311","FUSIBLE T/BOTELLA 5SB211- 2 AMP/500V","2002","TAVERA","UN",40,{"$f":"+H15356/F15356","v":1},{"v":40,"d":"40.00"}]
["10033313","TRANSF. D/CORRIENTE MOD-12 6VA/0.5","2002","TAVERA","UN",2,{"$f":"+H15357/F15357","v":1},{"v":2,"d":"2.00"}]
["10033314","TRANSF. D/ CORRIENTE BROWN BOVERI","2002","TAVERA","UN",1,{"$f":"+H15358/F15358","v":1},{"v":1,"d":"1.00"}]
["10033315","BOBINA MOTO BOMBA 480V-50/60 HZ","2002","TAVERA","UN",1,{"$f":"+H15359/F15359","v":1},{"v":1,"d":"1.00"}]
["10033316","BOBINA MOD-H696615","2002","TAVERA","UN",1,{"$f":"+H15360/F15360","v":1},{"v":1,"d":"1.00"}]
["10033317","BOBINA BOMBA ACUEDUCTO 440-480V/50-60HZ","2002","TAVERA","UN",1,{"$f":"+H15361/F15361","v":1},{"v":1,"d":"1.00"}]
["10033318","FUENTE ADAPT.UNIVERSAL AC/DC 110-220V","2002","TAVERA","UN",1,{"$f":"+H15362/F15362","v":1},{"v":1,"d":"1.00"}]
["10033319","CONECTORES CURBO LIQUID TIPE 1/2 ROJO","2002","TAVERA","UN",5,{"$f":"+H15363/F15363","v":1},{"v":5,"d":"5.00"}]
["10033320","CONECTORES CURBO LIQUID TIPE 2\" AZUL","2002","TAVERA","UN",3,{"$f":"+H15364/F15364","v":1},{"v":3,"d":"3.00"}]
["10033321","CONECTORES CURBO LIQUID TIPE 1 1/2 ROJO","2002","TAVERA","UN",15,{"$f":"+H15365/F15365","v":1},{"v":15,"d":"15.00"}]
["10033322","CONECTORES CURBO LIQUID TIPE 3\" AZUL","2002","TAVERA","UN",8,{"$f":"+H15366/F15366","v":1},{"v":8,"d":"8.00"}]
["10033323","TERMINALES DE OJO 4/0 X 1/2\"","2002","TAVERA","UN",5,{"$f":"+H15367/F15367","v":1},{"v":5,"d":"5.00"}]
["10033324","REGISTRO ELECTRICO SQUARE","2002","TAVERA","UN",7,{"$f":"+H15368/F15368","v":1},{"v":7,"d":"7.00"}]
["10033325","FUSIBLE AEG 25AMP/24KV/26KA","2002","TAVERA","UN",3,{"$f":"+H15369/F15369","v":1},{"v":3,"d":"3.00"}]
["10033326","TAPA  DE FUSIBLE TIPO BOTELLA 2/25AMP","2002","TAVERA","UN",39,{"$f":"+H15370/F15370","v":1},{"v":39,"d":"39.00"}]
["10033327","ANILLO PORCELANA 5SH3-341","2002","TAVERA","UN",45,{"$f":"+H15371/F15371","v":1},{"v":45,"d":"45.00"}]
["10033328","BOMBILLAS DE SEÃ‘ALIZACION 60V","2002","TAVERA","UN",72,{"$f":"+H15372/F15372","v":1},{"v":72,"d":"72.00"}]
["10033329","MODULO DE SALIDA BINARIA INNRKOOO614-AB","2002","TAVERA","UN",4,{"$f":"+H15373/F15373","v":1},{"v":4,"d":"4.00"}]
["10033331","RELE ABB RXMD1-INNRK 001604-AP/125V","2002","TAVERA","UN",4,{"$f":"+H15374/F15374","v":1},{"v":4,"d":"4.00"}]
["10033332","RELE ABB RXMA1-RK211063-AN/110-125V","2002","TAVERA","UN",3,{"$f":"+H15375/F15375","v":1},{"v":3,"d":"3.00"}]
["10033333","CONMUTADOR ABB RK795001-AD","2002","TAVERA","UN",2,{"$f":"+H15376/F15376","v":1},{"v":2,"d":"2.00"}]
["10033334","DISIPADOR DE CALOR TRACTOR CATERPILAR","2002","TAVERA","UN",2,{"$f":"+H15377/F15377","v":1},{"v":2,"d":"2.00"}]
["10033335","CONTROL UNIDAD PILOTO 800T-Q10","2002","TAVERA","UN",1,{"$f":"+H15378/F15378","v":1},{"v":1,"d":"1.00"}]
["10033336","INTERRUPTOR ABB AUTOM. S202M-K2UC","2002","TAVERA","UN",20,{"$f":"+H15379/F15379","v":1},{"v":20,"d":"20.00"}]
["10033337","INTERRUPTOR ABB AUTOM. S203-Z1","2002","TAVERA","UN",3,{"$f":"+H15380/F15380","v":1},{"v":3,"d":"3.00"}]
["10033338","RELE DE CONTROL ABB NF22E-13","2002","TAVERA","UN",13,{"$f":"+H15381/F15381","v":1},{"v":13,"d":"13.00"}]
["10033339","CONTACTO AUXILIAR ABB S2C-H6-11R","2002","TAVERA","UN",10,{"$f":"+H15382/F15382","v":1},{"v":10,"d":"10.00"}]
["10033340","RELE DE CONTACTO NF31E-13","2002","TAVERA","UN",6,{"$f":"+H15383/F15383","v":1},{"v":6,"d":"6.00"}]
["10033341","LIMIT SWITCH XCM 300V-6A","2002","TAVERA","UN",1,{"$f":"+H15384/F15384","v":1},{"v":1,"d":"1.00"}]
["10033343","CONTACTOR SIEMENS 55KW/400V","2002","TAVERA","UN",2,{"$f":"+H15385/F15385","v":1},{"v":2,"d":"2.00"}]
["10033344","CONTACTOR SIEMENS 37KW/400V","2002","TAVERA","UN",10,{"$f":"+H15386/F15386","v":1},{"v":10,"d":"10.00"}]
["10033346","CONTADOR TRIFASICO P/TRANS DE MEDIA","2002","TAVERA","UN",1,{"$f":"+H15387/F15387","v":1},{"v":1,"d":"1.00"}]
["10033347","JUEGO D/CONTACTO C/PALANCA REF.9.102","2002","TAVERA","UN",6,{"$f":"+H15388/F15388","v":1},{"v":6,"d":"6.00"}]
["10033348","CONTACTOR 480.575 BOOBINA 230V","2002","TAVERA","UN",1,{"$f":"+H15389/F15389","v":1},{"v":1,"d":"1.00"}]
["10033349","CONECTOR RECTO ALUMUNIO 48.3-11-21 LPS","2002","TAVERA","UN",3,{"$f":"+H15390/F15390","v":1},{"v":3,"d":"3.00"}]
["10033350","JUNTA CIRCULAR D/8MM","2002","TAVERA","UN",3,{"$f":"+H15391/F15391","v":1},{"v":3,"d":"3.00"}]
["10033351","JUNTA DE GOMA 7 1/4 x 2 1/2","2002","TAVERA","UN",8,{"$f":"+H15392/F15392","v":1},{"v":8,"d":"8.00"}]
["10033352","JUNTA DE GOMA 1 3/4 x 5 1/4","2002","TAVERA","UN",10,{"$f":"+H15393/F15393","v":1},{"v":10,"d":"10.00"}]
["10033353","JUNTA DE GOMA 1 1/2 x 4 1/2","2002","TAVERA","UN",6,{"$f":"+H15394/F15394","v":1},{"v":6,"d":"6.00"}]
["10033354","JUNTA DE GOMA 1 1/4 x 3/4","2002","TAVERA","UN",4,{"$f":"+H15395/F15395","v":1},{"v":4,"d":"4.00"}]
["10033359","TORNILLO CAB. HEXAGO 18.7 x 59 MM","2002","TAVERA","UN",5,{"$f":"+H15396/F15396","v":1},{"v":5,"d":"5.00"}]
["10033360","TORNILLO CAB. HEXAGO 15.6 x 43.5 MM","2002","TAVERA","UN",4,{"$f":"+H15397/F15397","v":1},{"v":4,"d":"4.00"}]
["10033361","TORNILLO CAB. HEXAGO 5/8 x 2 7/8","2002","TAVERA","UN",7,{"$f":"+H15398/F15398","v":1},{"v":7,"d":"7.00"}]
["10033378","OVERLOAD B32","2002","TAVERA","UN",2,{"$f":"+H15399/F15399","v":1},{"v":2,"d":"2.00"}]
["10033392","POLIURETANO MASTERS COAT","2002","TAVERA","UN",2,{"$f":"+H15400/F15400","v":1},{"v":2,"d":"2.00"}]
["10033400","PRESOSTATO SQUARE 1500 PSI/50A","2002","TAVERA","UN",2,{"$f":"+H15401/F15401","v":1},{"v":2,"d":"2.00"}]
["10033401","REG. D/PRESION 17000 PAS-250 PSI","2002","TAVERA","UN",2,{"$f":"+H15402/F15402","v":1},{"v":2,"d":"2.00"}]
["10033402","BASE RELE 125 DC","2002","TAVERA","UN",91,{"$f":"+H15403/F15403","v":1},{"v":91,"d":"91.00"}]
["10033403","FRECUENCIMETRO PANEL 100-240V","2002","TAVERA","UN",2,{"$f":"+H15404/F15404","v":1},{"v":2,"d":"2.00"}]
["10033404","FUSIBLE NT-40 AMP","2002","TAVERA","UN",6,{"$f":"+H15405/F15405","v":1},{"v":6,"d":"6.00"}]
["10033405","FUSIBLE 5SC2 -11-80 AMP","2002","TAVERA","UN",120,{"$f":"+H15406/F15406","v":1},{"v":120,"d":"120.00"}]
["10033406","TERMINAL D/CABLE 5C-70-12","2002","TAVERA","UN",9,{"$f":"+H15407/F15407","v":1},{"v":9,"d":"9.00"}]
["10033407","TERMINAL D/CABLE S10S-350HCM","2002","TAVERA","UN",10,{"$f":"+H15408/F15408","v":1},{"v":10,"d":"10.00"}]
["10033408","TERMINAL D/CABLE 31036/2/0 AWG","2002","TAVERA","UN",17,{"$f":"+H15409/F15409","v":1},{"v":17,"d":"17.00"}]
["10033410","CONTACTO MOVIL FIJO 6 AMP","2002","TAVERA","UN",4,{"$f":"+H15410/F15410","v":1},{"v":4,"d":"4.00"}]
["10033411","CONTACTO 7.5-20 HP","2002","TAVERA","UN",1,{"$f":"+H15411/F15411","v":1},{"v":1,"d":"1.00"}]
["10033412","CONTACTO AUX. MOD.1-JA11","2002","TAVERA","UN",3,{"$f":"+H15412/F15412","v":1},{"v":3,"d":"3.00"}]
["10033413","CONTACTOR CHUSCHUTZ 440","2002","TAVERA","UN",2,{"$f":"+H15413/F15413","v":1},{"v":2,"d":"2.00"}]
["10033414","BOBINA SIEMENS 110-127V","2002","TAVERA","UN",4,{"$f":"+H15414/F15414","v":1},{"v":4,"d":"4.00"}]
["10033415","CORTA CHISPA P/CONTC. SIEMENS","2002","TAVERA","UN",3,{"$f":"+H15415/F15415","v":1},{"v":3,"d":"3.00"}]
["10033419","FILTRO D/GASOIL FC-1022","2002","TAVERA","UN",1,{"$f":"+H15416/F15416","v":1},{"v":1,"d":"1.00"}]
["10033420","FILTRO D/GASOIL HF-6704","2002","TAVERA","UN",1,{"$f":"+H15417/F15417","v":1},{"v":1,"d":"1.00"}]
["10033421","FILTRO D/GASOIL C-1812","2002","TAVERA","UN",1,{"$f":"+H15418/F15418","v":1},{"v":1,"d":"1.00"}]
["10033422","TAIRAP D/20 PLG","2002","TAVERA","UN",600,{"$f":"+H15419/F15419","v":1},{"v":600,"d":"600.00"}]
["10033423","TAIRAP D/22 PLG","2002","TAVERA","UN",43,{"$f":"+H15420/F15420","v":1},{"v":43,"d":"43.00"}]
["10033424","TAIRAP D/36.5 PLG","2002","TAVERA","UN",70,{"$f":"+H15421/F15421","v":1},{"v":70,"d":"70.00"}]
["10033425","JUNTA DRESSER 8 PLG","2002","TAVERA","UN",12,{"$f":"+H15422/F15422","v":1},{"v":12,"d":"12.00"}]
["10033426","VALVULA D/GALLETA 5 PLG","2002","TAVERA","UN",1,{"$f":"+H15423/F15423","v":1},{"v":1,"d":"1.00"}]
["10033427","CODO 12\" A 45Âº","2002","TAVERA","UN",1,{"$f":"+H15424/F15424","v":1},{"v":1,"d":"1.00"}]
["10033428","SELLO DE BRIDA 5\" DE 8 AGUJEROS","2002","TAVERA","UN",1,{"$f":"+H15425/F15425","v":1},{"v":1,"d":"1.00"}]
["10033429","SELLO DE BRIDA 9\" DE 8 AGUJEROS","2002","TAVERA","UN",2,{"$f":"+H15426/F15426","v":1},{"v":2,"d":"2.00"}]
["10033430","CONTROL D/COMUNIC MOD.6E57","2002","TAVERA","UN",2,{"$f":"+H15427/F15427","v":1},{"v":2,"d":"2.00"}]
["10033431","ELECTROVALVULA REF.BV-5763D","2002","TAVERA","UN",4,{"$f":"+H15428/F15428","v":1},{"v":4,"d":"4.00"}]
["10033432","FILTRO D/ ACEITE ME013307","2002","TAVERA","UN",1,{"$f":"+H15429/F15429","v":1},{"v":1,"d":"1.00"}]
["10033434","FILTRO D/ ACEITE P550425","2002","TAVERA","UN",1,{"$f":"+H15430/F15430","v":1},{"v":1,"d":"1.00"}]
["10033435","FILTRO D/ COMBUSTIBLE WK731","2002","TAVERA","UN",2,{"$f":"+H15431/F15431","v":1},{"v":2,"d":"2.00"}]
["10033436","FILTRO D/AIRE ME017242","2002","TAVERA","UN",1,{"$f":"+H15432/F15432","v":1},{"v":1,"d":"1.00"}]
["10033442","FILTRO P/PARTICULAS 5N11-N95","2002","TAVERA","UN",460,{"$f":"+H15433/F15433","v":1},{"v":460,"d":"460.00"}]
["10033443","BOTIQUIN PRIMEROS AUXILIOS","2002","TAVERA","UN",4,{"$f":"+H15434/F15434","v":1},{"v":4,"d":"4.00"}]
["10033445","THINER AMERCOAT 21/25","2002","TAVERA","GAL",6,{"$f":"+H15435/F15435","v":0},{"v":0,"d":"0.00"}]
["10033452","AMERCOAT 450H CURE","2002","TAVERA","GAL",3,{"$f":"+H15436/F15436","v":0},{"v":0,"d":"0.00"}]
["10033521","BURON MECANICO 30 X 60 MM","2002","TAVERA","UN",2,{"$f":"+H15437/F15437","v":0},{"v":0,"d":"0.00"}]
["10033522","TRANSFORMADOR DE CONTROL TM 250VA","2002","TAVERA","UN",1,{"$f":"+H15438/F15438","v":0},{"v":0,"d":"0.00"}]
["10033523","TORNILLO CAB. HEXAGONAL DE 1/2 X 6''","2002","TAVERA","UN",1,{"$f":"+H15439/F15439","v":0},{"v":0,"d":"0.00"}]
["10033524","SEMI CURVA HIERRO NEGRO DE 6''","2002","TAVERA","UN",2,{"$f":"+H15440/F15440","v":0},{"v":0,"d":"0.00"}]
["10033525","PIEDRA PARA ACENTAR","2002","TAVERA","UN",2,{"$f":"+H15441/F15441","v":0},{"v":0,"d":"0.00"}]
["10033526","TORNILLO CAB. HEXAGONAL DE 1 3/4' X 5''","2002","TAVERA","UN",3,{"$f":"+H15442/F15442","v":0},{"v":0,"d":"0.00"}]
["10033527","DISCO DE PULIR 7 X 3/16X7/8","2002","TAVERA","UN",30,{"$f":"+H15443/F15443","v":0},{"v":0,"d":"0.00"}]
["10033528","BRIDA DE 115 X 325 DE 8 AGUJEROS","2002","TAVERA","UN",2,{"$f":"+H15444/F15444","v":0},{"v":0,"d":"0.00"}]
["10033529","BRIDA DE 2 1/2''X12X3/4'' D/ 8 AGUJEROS","2002","TAVERA","UN",1,{"$f":"+H15445/F15445","v":0},{"v":0,"d":"0.00"}]
["10033530","BRIDA SOLDABLE DE 5 1/2 DE 8 AGUJEROS","2002","TAVERA","UN",4,{"$f":"+H15446/F15446","v":0},{"v":0,"d":"0.00"}]
["10033531","JUNTA D/GOMA DE 4''","2002","TAVERA","UN",6,{"$f":"+H15447/F15447","v":0},{"v":0,"d":"0.00"}]
["10033532","EMPAQUETADURA 26X266X44MM","2002","TAVERA","UN",20,{"$f":"+H15448/F15448","v":0},{"v":0,"d":"0.00"}]
["10033533","TEE PVC DE 1/4''","2002","TAVERA","UN",1,{"$f":"+H15449/F15449","v":0},{"v":0,"d":"0.00"}]
["10033534","TARJETA ULS1860B-PV1","2002","TAVERA","UN",1,{"$f":"+H15450/F15450","v":0},{"v":0,"d":"0.00"}]
["10033539","BRIDA PLANA 5\" X 5 AGUJEROS","2002","TAVERA","UN",1,{"$f":"+H15451/F15451","v":0},{"v":0,"d":"0.00"}]
["10033540","SELLO D/GOMA REF. 67309-S","2002","TAVERA","TF",19,{"$f":"+H15452/F15452","v":0},{"v":0,"d":"0.00"}]
["10033541","JUNTA TIPO V 1/2X4 DE GOMA","2002","TAVERA","TF",669,{"$f":"+H15453/F15453","v":0},{"v":0,"d":"0.00"}]
["10033543","ORING DE 8 MM","2002","TAVERA","TF",{"v":1325,"d":"1,325"},{"$f":"+H15454/F15454","v":0},{"v":0,"d":"0.00"}]
["10033544","ORING 5.5 X 160","2002","TAVERA","TF",853,{"$f":"+H15455/F15455","v":0},{"v":0,"d":"0.00"}]
["10033545","ORING 7 MM","2002","TAVERA","TF",656,{"$f":"+H15456/F15456","v":0},{"v":0,"d":"0.00"}]
["10033564","CORDON ORING 6MM","2002","TAVERA","TF",200,{"$f":"+H15457/F15457","v":0},{"v":0,"d":"0.00"}]
["10033618","CINTA 525100-004 IMPRESORA SERIE DS1/DS2","2000","SUMINISTRO HIDRO","UN",12,{"$f":"+H15458/F15458","v":8431.808333333332},{"v":101181.7,"d":"101,181.70"}]
["11000012","GRAPADORA","2028","BRAZO DERECHO","UN",1,{"$f":"+H15459/F15459","v":0},{"v":0,"d":"0.00"}]
["11000012","GRAPADORA","2030","OFICINA Y LIMPIEZA","UN",7,{"$f":"+H15460/F15460","v":155.4},{"v":1087.8,"d":"1,087.80"}]
["11000028","CARPETAS DE 4\"","2000","SUMINISTRO HIDRO","UN",42,{"$f":"+H15461/F15461","v":238.00595238095238},{"v":9996.25,"d":"9,996.25"}]
["11000028","CARPETAS DE 4\"","2029","SUMINISTRO MATERIAL","UN",1,{"$f":"+H15462/F15462","v":250.22},250.22]
["11000030","LIBRETA RAYADA 8  ½  x 11","2025","LAS DAMAS","UN",6,{"$f":"+H15463/F15463","v":35.615},213.69]
["11000030","LIBRETA RAYADA 8  ½  x 11","2029","SUMINISTRO MATERIAL","UN",5,{"$f":"+H15464/F15464","v":45.15},225.75]
["11000030","LIBRETA RAYADA 8  ½  x 11","2030","OFICINA Y LIMPIEZA","UN",2,{"$f":"+H15465/F15465","v":35.615},71.23]
["11000047","MODULO CALEFATOR 110V-100W 50/60HZ","2027","PALOMINO","UN",1,{"$f":"+H15466/F15466","v":1},{"v":1,"d":"1.00"}]
["11000048","CAJA METALICA 2X4 DE ½","2000","SUMINISTRO HIDRO","UN",24,{"$f":"+H15467/F15467","v":0},{"v":0,"d":"0.00"}]
["11000048","CAJA METALICA 2X4 DE ½","2028","BRAZO DERECHO","UN",1,{"$f":"+H15468/F15468","v":0},{"v":0,"d":"0.00"}]
["11000049","TOMA CORRIENTE VIMAL","2001","C.CONTROL HIDRO","UN",11,{"$f":"+H15469/F15469","v":0},{"v":0,"d":"0.00"}]
["11000050","TORNILLO TIRAFONDO 14 x 1 1/2 \"","2002","TAVERA","UN",360,{"$f":"+H15470/F15470","v":0},{"v":0,"d":"0.00"}]
["11000050","TORNILLO TIRAFONDO 14 x 1 1/2 \"","2015","JIGüEY","UN",247,{"$f":"+H15471/F15471","v":0},{"v":0,"d":"0.00"}]
["11000052","AISLADOR DE CAMPANA DOBLE","2027","PALOMINO","UN",7,{"$f":"+H15472/F15472","v":0},{"v":0,"d":"0.00"}]
["11000053","TOALLA PARA COCINA","2000","SUMINISTRO HIDRO","UN",83,{"$f":"+H15473/F15473","v":42.16433734939759},{"v":3499.64,"d":"3,499.64"}]
["11000053","TOALLA PARA COCINA","2029","SUMINISTRO MATERIAL","UN",4,{"$f":"+H15474/F15474","v":48.9},{"v":195.6,"d":"195.60"}]
["11000053","TOALLA PARA COCINA","2030","OFICINA Y LIMPIEZA","UN",4,{"$f":"+H15475/F15475","v":42.1775},168.71]
["11000054","PAPEL DE BAÑO DE 6/1","2025","LAS DAMAS","CA",32,{"$f":"+H15476/F15476","v":1},{"v":32,"d":"32.00"}]
["11000057","JABON LIQUIDO","2020","SABANA YEGUA","CA",1,{"$f":"+H15477/F15477","v":0},{"v":0,"d":"0.00"}]
["11000064","CONTRA PESO PARA GRUA INDUSTRIAL D 3 1/2","2027","PALOMINO","UN",6,{"$f":"+H15478/F15478","v":0},{"v":0,"d":"0.00"}]
["11000066","CURVA DE COBRE A 30°","2022","DOMINGO RODRIGUEZ","DOC",1,{"$f":"+H15479/F15479","v":0},{"v":0,"d":"0.00"}]
["11000068","AMBIENTADORES AROMATICOS","2000","SUMINISTRO HIDRO","CA",25,{"$f":"+H15480/F15480","v":2076.4424},{"v":51911.06,"d":"51,911.06"}]
["11000068","AMBIENTADORES AROMATICOS","2022","DOMINGO RODRIGUEZ","CA",{"v":0.25,"d":"0.250"},{"$f":"+H15481/F15481","v":1323.72},330.93]
["11000068","AMBIENTADORES AROMATICOS","2023","LOS TOROS","CA",0.167,{"$f":"+H15482/F15482","v":1323.7125748502992},221.06]
["11000068","AMBIENTADORES AROMATICOS","2029","SUMINISTRO MATERIAL","CA",10.083,{"$f":"+H15483/F15483","v":1963.1230784488741},{"v":19794.17,"d":"19,794.17"}]
["11000068","AMBIENTADORES AROMATICOS","2030","OFICINA Y LIMPIEZA","CA",0.234,{"$f":"+H15484/F15484","v":2055.7264957264956},481.04]
["11000069","SUAPE DE ALGODON #36","2021","SABANETA","UN",3,{"$f":"+H15485/F15485","v":0},{"v":0,"d":"0.00"}]
["11000069","SUAPE DE ALGODON #36","2022","DOMINGO RODRIGUEZ","UN",1,{"$f":"+H15486/F15486","v":0.01},0.01]
["11000073","FILTRO DE COMBUSTIBLE 21348","2005","MONCION","UN",2,{"$f":"+H15487/F15487","v":1},{"v":2,"d":"2.00"}]
["11000073","FILTRO DE COMBUSTIBLE 21348","2007","RINCON","UN",1,{"$f":"+H15488/F15488","v":1},{"v":1,"d":"1.00"}]
["11000073","FILTRO DE COMBUSTIBLE 21348","2025","LAS DAMAS","UN",2,{"$f":"+H15489/F15489","v":812.205},{"v":1624.41,"d":"1,624.41"}]
["11000073","FILTRO DE COMBUSTIBLE 21348","2029","SUMINISTRO MATERIAL","UN",9,{"$f":"+H15490/F15490","v":859.4699999999999},{"v":7735.23,"d":"7,735.23"}]
["11000078","DISYUNTOR MAGNETICO B16","2005","MONCION","UN",1,{"$f":"+H15491/F15491","v":0},{"v":0,"d":"0.00"}]
["11000085","CORREA CORDON B50","2020","SABANA YEGUA","UN",4,{"$f":"+H15492/F15492","v":1},{"v":4,"d":"4.00"}]
["11000109","GUANTE PARA LIMPIEZA","2013","ROSA JULIA-BOBA","UN",2,{"$f":"+H15493/F15493","v":0.01},0.02]
["11000109","GUANTE PARA LIMPIEZA","2027","PALOMINO","UN",6,{"$f":"+H15494/F15494","v":0},{"v":0,"d":"0.00"}]
["11000116","INTERRUPTOR DE VALVULA MOD-OSYSU-1","2011","PINALITO","CA",2,{"$f":"+H15495/F15495","v":1},{"v":2,"d":"2.00"}]
["11000117","LIMPIA CRISTALES","2007","RINCON","UN",1,{"$f":"+H15496/F15496","v":0.01},0.01]
["11000118","CERA PARA PISO","2022","DOMINGO RODRIGUEZ","UN",1,{"$f":"+H15497/F15497","v":0},{"v":0,"d":"0.00"}]
["11000119","JABON LIMPIOL","2000","SUMINISTRO HIDRO","CA",46,{"$f":"+H15498/F15498","v":182.46413043478262},{"v":8393.35,"d":"8,393.35"}]
["11000119","JABON LIMPIOL","2003","ANGOSTURA","CA",{"v":0.2,"d":"0.200"},{"$f":"+H15499/F15499","v":1340.6499999999999},268.13]
["11000119","JABON LIMPIOL","2020","SABANA YEGUA","CA",{"v":4.8,"d":"4.800"},{"$f":"+H15500/F15500","v":1340.7},{"v":6435.36,"d":"6,435.36"}]
["11000119","JABON LIMPIOL","2021","SABANETA","CA",9,{"$f":"+H15501/F15501","v":1340.65},{"v":12065.85,"d":"12,065.85"}]
["11000119","JABON LIMPIOL","2022","DOMINGO RODRIGUEZ","CA",{"v":0.2,"d":"0.200"},{"$f":"+H15502/F15502","v":1340.6999999999998},268.14]
["11000119","JABON LIMPIOL","2023","LOS TOROS","CA",{"v":0.1,"d":"0.100"},{"$f":"+H15503/F15503","v":1340.6999999999998},134.07]
["11000119","JABON LIMPIOL","2024","MAGUEYAL","CA",{"v":0.2,"d":"0.200"},{"$f":"+H15504/F15504","v":1340.6499999999999},268.13]
["11000119","JABON LIMPIOL","2025","LAS DAMAS","CA",{"v":0.1,"d":"0.100"},{"$f":"+H15505/F15505","v":1340.6999999999998},134.07]
["11000119","JABON LIMPIOL","2027","PALOMINO","CA",{"v":0.4,"d":"0.400"},{"$f":"+H15506/F15506","v":1340.6499999999999},536.26]
["11000119","JABON LIMPIOL","2029","SUMINISTRO MATERIAL","CA",{"v":0.8,"d":"0.800"},{"$f":"+H15507/F15507","v":1340.675},{"v":1072.54,"d":"1,072.54"}]
["11000119","JABON LIMPIOL","2030","OFICINA Y LIMPIEZA","CA",0.024,{"$f":"+H15508/F15508","v":234.16666666666666},5.62]
["11000120","RECOGEDOR DE BASURA","2025","LAS DAMAS","UN",2,{"$f":"+H15509/F15509","v":1},{"v":2,"d":"2.00"}]
["11000120","RECOGEDOR DE BASURA","2027","PALOMINO","UN",2,{"$f":"+H15510/F15510","v":0},{"v":0,"d":"0.00"}]
["11000121","ESCOBILLA PARA LIMPIAR INODOROS","2000","SUMINISTRO HIDRO","UN",133,{"$f":"+H15511/F15511","v":155.71203007518798},{"v":20709.7,"d":"20,709.70"}]
["11000121","ESCOBILLA PARA LIMPIAR INODOROS","2003","ANGOSTURA","UN",2,{"$f":"+H15512/F15512","v":127.01},254.02]
["11000121","ESCOBILLA PARA LIMPIAR INODOROS","2030","OFICINA Y LIMPIEZA","UN",1,{"$f":"+H15513/F15513","v":154.11},154.11]
["11000125","INODORO COMPLETO","2000","SUMINISTRO HIDRO","UN",19,{"$f":"+H15514/F15514","v":6649.984736842106},{"v":126349.71,"d":"126,349.71"}]
["11000129","VASOS #7","2000","SUMINISTRO HIDRO","CJ",154,{"$f":"+H15515/F15515","v":2955.3235064935066},{"v":455119.82,"d":"455,119.82"}]
["11000129","VASOS #7","2003","ANGOSTURA","CJ",{"v":0.4,"d":"0.400"},{"$f":"+H15516/F15516","v":3397.9},{"v":1359.16,"d":"1,359.16"}]
["11000129","VASOS #7","2004","BAIGUAQUE","CJ",{"v":0.2,"d":"0.200"},{"$f":"+H15517/F15517","v":3397.9},679.58]
["11000129","VASOS #7","2017","VALDESIA","CJ",{"v":0.4,"d":"0.400"},{"$f":"+H15518/F15518","v":3397.9},{"v":1359.16,"d":"1,359.16"}]
["11000129","VASOS #7","2020","SABANA YEGUA","CJ",{"v":0.2,"d":"0.200"},{"$f":"+H15519/F15519","v":3397.9},679.58]
["11000129","VASOS #7","2021","SABANETA","CJ",{"v":0.4,"d":"0.400"},{"$f":"+H15520/F15520","v":3397.9},{"v":1359.16,"d":"1,359.16"}]
["11000129","VASOS #7","2022","DOMINGO RODRIGUEZ","CJ",350,{"$f":"+H15521/F15521","v":3397.9},{"v":1189265,"d":"1,189,265.00"}]
["11000129","VASOS #7","2023","LOS TOROS","CJ",{"v":0.3,"d":"0.300"},{"$f":"+H15522/F15522","v":3486.2666666666673},{"v":1045.88,"d":"1,045.88"}]
["11000129","VASOS #7","2024","MAGUEYAL","CJ",{"v":0.3,"d":"0.300"},{"$f":"+H15523/F15523","v":3397.9},{"v":1019.37,"d":"1,019.37"}]
["11000129","VASOS #7","2027","PALOMINO","CJ",{"v":1.14,"d":"1.140"},{"$f":"+H15524/F15524","v":3397.9035087719303},{"v":3873.61,"d":"3,873.61"}]
["11000129","VASOS #7","2029","SUMINISTRO MATERIAL","CJ",2,{"$f":"+H15525/F15525","v":3137.32},{"v":6274.64,"d":"6,274.64"}]
["11000129","VASOS #7","2030","OFICINA Y LIMPIEZA","CJ",{"v":11.48,"d":"11.480"},{"$f":"+H15526/F15526","v":2957.9869337979094},{"v":33957.69,"d":"33,957.69"}]
["11000181","BORNERA 1534-800V/AC DC","2007","RINCON","UN",40,{"$f":"+H15527/F15527","v":0},{"v":0,"d":"0.00"}]
["11000181","BORNERA 1534-800V/AC DC","2013","ROSA JULIA-BOBA","UN",3,{"$f":"+H15528/F15528","v":0.01},0.03]
["11000181","BORNERA 1534-800V/AC DC","2015","JIGüEY","UN",56,{"$f":"+H15529/F15529","v":0.01},0.56]
["20000138","EXTRACTOR","2000","SUMINISTRO HIDRO","UN",2,{"$f":"+H15530/F15530","v":2495.7},{"v":4991.4,"d":"4,991.40"}]
["20000138","EXTRACTOR","2007","RINCON","UN",1,{"$f":"+H15531/F15531","v":0},{"v":0,"d":"0.00"}]
["20000424","TRANSDUCTOR ETF-30 ENT 55-65Hz (110V)","2005","MONCION","UN",9,{"$f":"+H15532/F15532","v":0},{"v":0,"d":"0.00"}]
["20000461","CPU DELL OPTIPLEX 760","2020","SABANA YEGUA","UN",8,{"$f":"+H15533/F15533","v":0},{"v":0,"d":"0.00"}]
["20000657","Escalera Tipo A 10 Fibra De Vidrio","2020","SABANA YEGUA","UN",27,{"$f":"+H15534/F15534","v":0},{"v":0,"d":"0.00"}]
["20000749","TRANSFORMADOR DE CORRIENTE  ALTA TENSION","2003","ANGOSTURA","UN",1,{"$f":"+H15535/F15535","v":0},{"v":0,"d":"0.00"}]
["20000750","TRANSFORMADOR DE CORRIENTE","2002","TAVERA","UN",12,{"$f":"+H15536/F15536","v":0},{"v":0,"d":"0.00"}]
["20000774","MODULO","2002","TAVERA","UN",2,{"$f":"+H15537/F15537","v":0},{"v":0,"d":"0.00"}]
["20000774","MODULO","2003","ANGOSTURA","UN",1,{"$f":"+H15538/F15538","v":0},{"v":0,"d":"0.00"}]
["20000774","MODULO","2005","MONCION","UN",1,{"$f":"+H15539/F15539","v":0},{"v":0,"d":"0.00"}]
["20000774","MODULO","2023","LOS TOROS","UN",2,{"$f":"+H15540/F15540","v":0},{"v":0,"d":"0.00"}]
["20000845","DEPOSITO HOMOLOGADO","2003","ANGOSTURA","UN",11,{"$f":"+H15541/F15541","v":0},{"v":0,"d":"0.00"}]
["20000875","BOMBA 3HP FRECUENCIA 60Hz","2002","TAVERA","UN",1,{"$f":"+H15542/F15542","v":0},{"v":0,"d":"0.00"}]
["20000875","BOMBA 3HP FRECUENCIA 60Hz","2021","SABANETA","UN",1,{"$f":"+H15543/F15543","v":0},{"v":0,"d":"0.00"}]
["20000968","LAPTOP","2020","SABANA YEGUA","UN",7,{"$f":"+H15544/F15544","v":0},{"v":0,"d":"0.00"}]
["20000969","CPU","2000","SUMINISTRO HIDRO","UN",2,{"$f":"+H15545/F15545","v":65136},{"v":130272,"d":"130,272.00"}]
["20000969","CPU","2020","SABANA YEGUA","UN",28,{"$f":"+H15546/F15546","v":0},{"v":0,"d":"0.00"}]
["20000970","Monitor","2000","SUMINISTRO HIDRO","UN",2,{"$f":"+H15547/F15547","v":7434},{"v":14868,"d":"14,868.00"}]
["20000970","Monitor","2005","MONCION","UN",2,{"$f":"+H15548/F15548","v":0},{"v":0,"d":"0.00"}]
["20000982","AMPERIMETRO","2005","MONCION","UN",4,{"$f":"+H15549/F15549","v":0},{"v":0,"d":"0.00"}]
["20000982","AMPERIMETRO","2007","RINCON","UN",1,{"$f":"+H15550/F15550","v":0},{"v":0,"d":"0.00"}]
["20001031","COMPUTADORA PORTATIL","2020","SABANA YEGUA","UN",22,{"$f":"+H15551/F15551","v":0},{"v":0,"d":"0.00"}]
["20001050","TRANSFORMADOR DE CORRIENTE","2002","TAVERA","UN",2,{"$f":"+H15552/F15552","v":0},{"v":0,"d":"0.00"}]
["20001050","TRANSFORMADOR DE CORRIENTE","2003","ANGOSTURA","UN",1,{"$f":"+H15553/F15553","v":0},{"v":0,"d":"0.00"}]
["20001050","TRANSFORMADOR DE CORRIENTE","2025","LAS DAMAS","UN",4,{"$f":"+H15554/F15554","v":0},{"v":0,"d":"0.00"}]
["20001053","RACK DE 42\"","2008","HATILLO","UN",3,{"$f":"+H15555/F15555","v":0},{"v":0,"d":"0.00"}]
["20001077","MOTO BOMBA","2002","TAVERA","UN",1,{"$f":"+H15556/F15556","v":0},{"v":0,"d":"0.00"}]
["20001077","MOTO BOMBA","2005","MONCION","UN",3,{"$f":"+H15557/F15557","v":0},{"v":0,"d":"0.00"}]
["20001115","VENTILADOR","2002","TAVERA","UN",1,{"$f":"+H15558/F15558","v":0},{"v":0,"d":"0.00"}]
["20001123","TRANSFORMADOR","2002","TAVERA","UN",1,{"$f":"+H15559/F15559","v":0},{"v":0,"d":"0.00"}]
["20001358","MEDIDOR DE RESISTENCIA","2007","RINCON","UN",3,{"$f":"+H15560/F15560","v":0},{"v":0,"d":"0.00"}]
["20001371","BALANZA DE PLATAFORMA","2007","RINCON","UN",1,{"$f":"+H15561/F15561","v":0},{"v":0,"d":"0.00"}]
["20001435","MOTOR ELECTRICO","2007","RINCON","UN",1,{"$f":"+H15562/F15562","v":0},{"v":0,"d":"0.00"}]
["20001518","ENGRASADORA HIDRAULICA","2020","SABANA YEGUA","UN",4,{"$f":"+H15563/F15563","v":0},{"v":0,"d":"0.00"}]
["20001534","SIERRA ELECTRICA","2002","TAVERA","UN",1,{"$f":"+H15564/F15564","v":1},{"v":1,"d":"1.00"}]
["20001544","CAFETERA ELECTRICA INDUSTRIAL","2000","SUMINISTRO HIDRO","UN",4,{"$f":"+H15565/F15565","v":2301},{"v":9204,"d":"9,204.00"}]
["20001887","PUNTA DE PRUEBA DE TENSIÓN","2000","SUMINISTRO HIDRO","UN",6,{"$f":"+H15566/F15566","v":657.26},{"v":3943.56,"d":"3,943.56"}]
["","","","","",null,null,{"$f":"SUM(H8:H15566)","v":{"v":50769630.19999987,"d":"50,769,630.20"}}]